{"text_format":"3","workbook":"xlsx","n_sheets":1,"sheets":["Sheet1"],"read":"whole","date_system":"1900"}

{"sheet":"Sheet1","index":0,"n_rows":901,"n_cols":121,"rows_kept":901}
["Sample","MLPA_pre_screening","MLPA_aberrant_probes","MLPA_aberrant_regions","MLPA_classification","lcWGS","lcWGS_cellularity","lcWGS_FGA","lcWGS_segments","lcWGS_called_segments","lcWGS_classification","Targeted_sequencing","Target_cellularity","Target_ploidy","Target_FGA","Target_CNAs","Target_CNApwr80","Target_muts","Target_mutpwr80","Target_conclusion","Target_notes","Final_classification","FGA","Cellularity","Called_segments","TP53_mut","CASP8_mut","HRAS_mut","PIK3CA_mut","CDKN2A_mut","TERT_mut","RAC1_mut","FBXW7_mut","B2M_mut","NOTCH1_mut","ZNF750_mut","NOTCH2_mut","FAT1_mut","EPHA2_mut","KMT2D_mut","ASXL1_mut","AJUBA_mut","PTEN_mut","DDX3X_mut","RB1_mut","FGFR3_mut","KDM6A_mut","KEAP1_mut","KRAS_mut","NFE2L2_mut","NSD1_mut","RHOA_mut","TGFBR2_mut","TP63_mut","Hugo_Symbol","mIHC","Year_of_diag","Age","Sex","Tobacco_use","Tobacco_type","Cig_day","Smoking_year","Packyears","Alcohol_use","AlcUseDay","Drinking_year","Unityears","Dental_status","Tumor_subsiteICD10","Location","T_lateral","cT_stage8","cN_stage8","cDisease_stage8","cDisease_stage8_cat","Side_of_MLN","Levels_MLN_right","Levels_MLN_left","Clinical_ENE","Treat_type","Treat_type2","Treat_intent","RT_type","RT_setting","Best_respose","Tumor_diam","Invasion_depth","Tissue_invasion","Invasion_pattern","LymphoVasc_inv","Perineur_inv","Differentiation_grade","pT_stage8","T_stage8","pT_or_cT_used","pN_stage8","N_stage8","pN_or_cN_used","pM_stage8","pDisease_stage8","Disease_stage8","Disease_stage8_cat","pDisease_or_cDisease_used","No_MLN_right","No_MLN_left","Extracaps_spread","Surg_margins","Resec_marg","Patient_status","OS_time","OS5_event","OS5_time","Cohesive","Classic_dysplasia","Differentiated_dysplasia","Any_dysplasia","Ontstekingsinfiltraat","Ontstekingsinfiltraat_cat","Desmoplasie","Desmoplasie_bin"]
[2,"Yes",3,0,"CNA_quiet_candidate","Yes",0.15,0.303,51,22,"CNA_other",{"$nulls":10},"CNA_other",0.303,0.15,22,{"$nulls":30},"Yes",2008,71,"Female","Former","Cigarettes",20,30,30,"Current",3,53,159,null,"C06.0 cheek mucosa","Cheek mucosa","Right","T1","N0","Stage I","Stage I-II","n.a.","                                                                                                                                                                                                                                                               ","                                                                                                                                                                                                                                                               ","No","Surgery","Surgery","Curative","None","n.a.","Complete response",1.6,0.9,"Lamina propria","Non-cohesive","No","No","Moderately differentiated","T2","T2","pT_stage","N0","N0","pN_stage",null,"Stage II","Stage II","Stage I-II","pDisease",null,null,"No","Close (1-5 mm)","        ","Dead",35,1,35,"Non-cohesive",null,"No",null,"Little","Little to none","Severe","Moderate to severe"]
["3","Yes",22,5,"CNA_other","No",{"$nulls":15},"CNA_other",{"$nulls":33},"Yes",2008,61,"Male","Never","n.a.",0,0,0,"Current",10,43,430,null,"C04.1 lateral floor of mouth","Floor of mouth","Right","T1","N0","Stage I","Stage I-II","n.a.","                                                                                                                                                                                                                                                               ","                                                                                                                                                                                                                                                               ","No","Surgery","Surgery","Curative","None","n.a.","Complete response",1,0.6,"Lamina propria","Non-cohesive","No","No","Moderately differentiated","T2","T2","pT_stage","N0","N0","pN_stage",null,"Stage II","Stage II","Stage I-II","pDisease",0,null,"No","Clear (>5 mm)","        ","Alive",63,0,60,"Non-cohesive","Mild","No","Yes","Little","Little to none","Severe","Moderate to severe"]
["4","Yes",9,1,"CNA_quiet_candidate","Yes",0.23,0.262,45,17,"CNA_other","Yes",0.23,2,0.273,17,0.993,3,0.9,"CNA_other",null,"CNA_other",0.273,0.23,17,"WT","Mutated","WT","WT","WT","WT","WT","WT","WT","WT","WT","WT","WT","Mutated","WT","WT","WT","WT","WT","WT","WT","WT","WT","WT","WT","Mutated","WT","WT","WT","EPHA2,CASP8,NSD1","Yes",2008,43,"Male","Current","Cigars/pipe",10,10,5,"Never",0,0,0,"Dentate","C04.0 anterior floor of mouth","Floor of mouth","Left","T2","N0","Stage II","Stage I-II","n.a.","                                                                                                                                                                                                                                                               ","                                                                                                                                                                                                                                                               ","No","Surgery","Surgery","Curative","None","n.a.","Complete response",1.7,0.5,"Lamina propria","Non-cohesive","No","No","Well differentiated","T1","T1","pT_stage","N0","N0","pN_stage",null,"Stage I","Stage I","Stage I-II","pDisease",0,0,"No","Clear (>5 mm)","        ","Alive",121,0,60,"Non-cohesive","Severe","No","Yes","Moderate","Moderate to severe","Moderate","Moderate to severe"]
["5","Yes",21,5,"CNA_other","No",{"$nulls":15},"CNA_other",{"$nulls":34},2008,65,"Male","Current","Cigarettes",15,50,38,"Current",2,50,100,null,"C06.0 cheek mucosa","Cheek mucosa","Right","T2","N0","Stage II","Stage I-II","n.a.","                                                                                                                                                                                                                                                               ","                                                                                                                                                                                                                                                               ","No","Surgery","Surgery","Curative","None","n.a.","Complete response",0.7,0.4,"Lamina propria","Cohesive","No","No","Moderately differentiated","T1","T1","pT_stage","N0","N0","pN_stage",null,"Stage I","Stage I","Stage I-II","pDisease",0,null,"No","Clear (>5 mm)","6       ","Dead",64,0,60,null,"Severe","No","Yes","Moderate","Moderate to severe","Severe","Moderate to severe"]
["7","Yes",19,3,"CNA_other","No",{"$nulls":15},"CNA_other",{"$nulls":33},"Yes",2008,76,"Male","Current","Cigarettes",15,63,47,"Current",4,58,232,"Dentate","C04.0 anterior floor of mouth","Floor of mouth","Left","T2","N0","Stage II","Stage I-II","n.a.","                                                                                                                                                                                                                                                               ","                                                                                                                                                                                                                                                               ","No","Surgery + RT","Surgery + RT","Curative","IMRT","Postoperative","Complete response",2.5,0.8,"Bone","Cohesive","No","No","Moderately differentiated","T2","T2","pT_stage","n.a. (no neck dissection)","N0","cN_stage",null,"Stage II","Stage II","Stage I-II","pDisease",null,null,"n.a. (no neck dissection)","Close (1-5 mm)","        ","Dead",36,1,36,"Cohesive","Severe","No","Yes","Moderate","Moderate to severe","Moderate","Moderate to severe"]
["8","Yes",14,0,"CNA_quiet_candidate","Yes",0.37,0.445,50,27,"CNA_other",{"$nulls":10},"CNA_other",0.445,0.37,27,{"$nulls":31},2008,67,"Male","Current","Cigarettes",20,56,56,"Current",2,49,70,null,"C04.9 floor of mouth, NOS","Floor of mouth","Right","T2","N0","Stage II","Stage I-II","n.a.","                                                                                                                                                                                                                                                               ","                                                                                                                                                                                                                                                               ","No","Surgery + RT","Surgery + RT","Curative","IMRT","Postoperative","Complete response",2.5,1.2,"Muscle","Non-cohesive","No","Yes","Poorly differentiated","T3","T3","pT_stage","N1","N1","pN_stage",null,"Stage III","Stage III","Stage III-IV","pDisease",1,null,"No","Clear (>5 mm)","5       ","Dead",63,0,60,null,"None","No","No","Severe","Moderate to severe","Moderate","Moderate to severe"]
["9","Yes",2,1,"CNA_quiet_candidate","Yes",0.05,0.133,32,7,"CNA_other",{"$nulls":10},"CNA_other",0.133,0.05,7,{"$nulls":31},2008,84,"Female","Never","n.a.",0,0,0,"Never",0,0,0,null,"C06.0 cheek mucosa","Cheek mucosa","Right","T1","N0","Stage I","Stage I-II","n.a.","                                                                                                                                                                                                                                                               ","                                                                                                                                                                                                                                                               ","No","Radiotherapy","Radiotherapy","Curative","IMRT","Definitive","Not applicable",null,null,"Lamina propria","Cohesive","Unknown","Unknown","Moderately differentiated","n.a. (no surgery)","T1","cT_stage","n.a. (no neck dissection)","N0","cN_stage","77",77,"Stage I","Stage I-II","cDisease",null,null,"n.a. (no neck dissection)","n.a. (no surgery)","        ","Alive",45,0,45]
["10","Yes",19,5,"CNA_other","No",{"$nulls":15},"CNA_other",{"$nulls":34},2008,22,"Male","Never","n.a.",0,0,0,"Current",4,7,28,null,"C02.0 dorsal surface of tongue","Mobile tongue","Left","T3","N0","Stage III","Stage III-IV","n.a.","                                                                                                                                                                                                                                                               ","                                                                                                                                                                                                                                                               ","No","Surgery + RT","Surgery + RT","Curative","IMRT","Postoperative","Complete response",2.8,null,"Lamina propria","Non-cohesive","Yes","No","Poorly differentiated","T2","T2","pT_stage","N1","N1","pN_stage",null,"Stage III","Stage III","Stage III-IV","pDisease",0,1,"No","Close (1-5 mm)","3       ","Alive",123,0,60,"Non-cohesive","None","No","No","Little","Little to none","Moderate","Moderate to severe"]
["11","Yes",18,4,"CNA_other","No",{"$nulls":15},"CNA_other",{"$nulls":34},2008,70,"Male","Former","Cigarettes",20,15,15,"Current",2,52,104,"Edendate ","C06.2 retromolar area","Retromolar trigone","Right","T4b","N0","Stage IVB","Stage III-IV","n.a.","                                                                                                                                                                                                                                                               ","                                                                                                                                                                                                                                                               ","No","Radiotherapy","Radiotherapy","Curative","IMRT","Definitive","Partial response",null,null,"Lamina propria","Cohesive","Unknown","Unknown","Moderately differentiated","n.a. (no surgery)","T4b","cT_stage","n.a. (no neck dissection)","N0","cN_stage","77",77,"Stage IVB","Stage III-IV","cDisease",null,null,"n.a. (no neck dissection)","n.a. (no surgery)","        ","Dead",116,0,60]
["12","Yes",18,4,"CNA_other","No",{"$nulls":15},"CNA_other",{"$nulls":34},2008,59,"Female","Former","Cigarettes",20,41,41,"Never",0,0,0,null,"C03.1 lower gum","Vestibule of the mouth ","Right","T2","N0","Stage II","Stage I-II","n.a.","                                                                                                                                                                                                                                                               ","                                                                                                                                                                                                                                                               ","No","Surgery","Surgery","Curative","None","n.a.","Complete response",0.8,0.3,"Lamina propria","Non-cohesive","No","No","Moderately differentiated","T1","T1","pT_stage","N1","N1","pN_stage",null,"Stage III","Stage III","Stage III-IV","pDisease",1,null,"No","Close (1-5 mm)","3       ","Dead",26,1,26,"Non-cohesive","Severe","No","Yes","Severe","Moderate to severe","Moderate","Moderate to severe"]
["13","Yes",9,1,"CNA_quiet_candidate","Yes",0.53,0.093,23,2,"CNA_quiet_candidate","Yes",0.53,2.01,0.095,2,1,2,0.997,"CNA_quiet",null,"CNA_quiet",0.095,0.53,2,"WT","WT","WT","WT","WT","Mutated","WT","WT","WT","Mutated","WT","WT","WT","WT","WT","WT","WT","WT","WT","WT","WT","WT","WT","WT","WT","WT","WT","WT","WT","TERT,NOTCH1",null,2008,76,"Female","Never","n.a.",0,0,0,"Never",0,0,0,null,"C02.0 dorsal surface of tongue","Mobile tongue","Right","T3","N0","Stage III","Stage III-IV","n.a.","                                                                                                                                                                                                                                                               ","                                                                                                                                                                                                                                                               ","No","Radiotherapy","Radiotherapy","Curative","IMRT","Definitive","Complete response",null,null,"Lamina propria","Cohesive","Unknown","Unknown","Moderately differentiated","n.a. (no surgery)","T3","cT_stage","n.a. (no neck dissection)","N0","cN_stage","77",77,"Stage III","Stage III-IV","cDisease",null,null,"n.a. (no neck dissection)","n.a. (no surgery)","        ","Alive",119,0,60]
["14","Yes",24,7,"CNA_other","No",{"$nulls":15},"CNA_other",{"$nulls":34},2008,60,"Male","Former","Cigarettes",8,35,14,"Former",10,41,410,"Edendate ","C04.0 anterior floor of mouth","Floor of mouth","Right","T2","N0","Stage II","Stage I-II","n.a.","                                                                                                                                                                                                                                                               ","                                                                                                                                                                                                                                                               ","No","Surgery","Surgery","Curative","None","n.a.","Complete response",2,1.8,"Lamina propria","Non-cohesive","No","No","Poorly differentiated","T3","T3","pT_stage","N0","N0","pN_stage",null,"Stage III","Stage III","Stage III-IV","pDisease",0,null,"No","Clear (>5 mm)","        ","Dead",73,0,60,"Non-cohesive","Severe","No","Yes","Moderate","Moderate to severe","Mild","Little to none"]
["16","Yes",13,2,"CNA_quiet_candidate","Yes",0.36,0.354,36,17,"CNA_other","Yes",0.36,2.02,0.351,17,1,3,0.998,"CNA_other",null,"CNA_other",0.351,0.36,17,"Mutated","WT","WT","WT","WT","WT","WT","WT","WT","Mutated","WT","WT","Mutated","WT","WT","WT","WT","WT","WT","WT","WT","WT","WT","WT","WT","WT","WT","WT","WT","FAT1,NOTCH1,TP53","Yes",2008,56,"Female","Current","Cigarettes",20,45,45,"Current",5,38,190,"Edendate ","C04.9 floor of mouth, NOS","Floor of mouth","Right","T2","N0","Stage II","Stage I-II","n.a.","                                                                                                                                                                                                                                                               ","                                                                                                                                                                                                                                                               ","No","Surgery","Surgery","Curative","None","n.a.","Partial response",2.5,0.2,"Lamina propria","Cohesive","No","Yes","Moderately differentiated","T2","T2","pT_stage","N0","N0","pN_stage",null,"Stage II","Stage II","Stage I-II","pDisease",0,null,"No","Involved (<1 mm)","0,9     ","Dead",81,0,60,"Cohesive","None","No","No","Moderate","Moderate to severe","Moderate","Moderate to severe"]
["17","Yes",12,3,"CNA_other","No",{"$nulls":15},"CNA_other",{"$nulls":33},"Yes",2008,52,"Female","Current","Cigarettes",25,37,46,"Current",3,34,102,null,"C02.2 ventral surface of tongue","Mobile tongue","Left","T2","N0","Stage II","Stage I-II","n.a.","                                                                                                                                                                                                                                                               ","                                                                                                                                                                                                                                                               ","No","Surgery + RT","Surgery + RT","Curative","IMRT","Postoperative","Complete response",2,0.5,"Muscle","Non-cohesive","No","No","Poorly differentiated","T1","T1","pT_stage","N1","N1","pN_stage",null,"Stage III","Stage III","Stage III-IV","pDisease",null,1,"No","Involved (<1 mm)","0,9     ","Alive",121,0,60,"Non-cohesive","None","No","No","Severe","Moderate to severe","Mild","Little to none"]
["18","Yes",20,4,"CNA_other","No",{"$nulls":15},"CNA_other",{"$nulls":34},2008,63,"Male","Former","Cigarettes",20,40,40,"Current",4,45,180,"Edendate ","C04.0 anterior floor of mouth","Floor of mouth","Right","T4a","N0","Stage IVA","Stage III-IV","n.a.","                                                                                                                                                                                                                                                               ","                                                                                                                                                                                                                                                               ","No","Surgery","Surgery","Curative","None","n.a.","Complete response",2,0.6,"Lamina propria","Non-cohesive","No","No","Moderately differentiated","T2","T2","pT_stage","N0","N0","pN_stage",null,"Stage II","Stage II","Stage I-II","pDisease",0,0,"No","Clear (>5 mm)","        ","Dead",73,0,60,null,"Severe","No","Yes","Moderate","Moderate to severe","Severe","Moderate to severe"]
["20","Yes",24,6,"CNA_other","No",{"$nulls":15},"CNA_other",{"$nulls":34},2008,77,"Female","Former","Cigarettes",20,50,50,"Current",1,59,59,"Dentate","C03.1 lower gum","Vestibule of the mouth ","Right","T2","N2b","Stage IVA","Stage III-IV","Ipsilateral","1;2                                                                                                                                                                                                                                                            ","                                                                                                                                                                                                                                                               ","No","Surgery","Surgery","Curative","None","n.a.","Complete response",3,1.1,"Bone","Non-cohesive","No","No","Moderately differentiated","T4a","T4a","pT_stage","N3b","N3b","pN_stage",null,"Stage IVB","Stage IVB","Stage III-IV","pDisease",7,null,"Yes","Close (1-5 mm)","3       ","Dead",7,1,7,null,"None","No","No","Severe","Moderate to severe","Mild","Little to none"]
["21","Yes",31,7,"CNA_other","No",{"$nulls":15},"CNA_other",{"$nulls":34},2008,65,"Male","Former","Cigarettes",20,33,33,"Current",1,48,48,"Dentate","C04.0 anterior floor of mouth","Floor of mouth","Left","T2","N1","Stage III","Stage III-IV","Ipsilateral","                                                                                                                                                                                                                                                               ","2                                                                                                                                                                                                                                                              ","No","Surgery + CRT","Surgery + CRT","Curative","IMRT","Postoperative","Complete response",4,1.2,"Muscle","Non-cohesive","No","Yes","Moderately differentiated","T3","T3","pT_stage","N3b","N3b","pN_stage",null,"Stage IVB","Stage IVB","Stage III-IV","pDisease",null,4,"Yes","Close (1-5 mm)","1,2     ","Dead",17,1,17,"Non-cohesive","None","No","No","Moderate","Moderate to severe","Moderate","Moderate to severe"]
["23","Yes",22,4,"Unclear","Yes",0.05,0.335,35,13,"CNA_other",{"$nulls":10},"CNA_other",0.335,0.05,13,{"$nulls":31},2008,60,"Male","Never","n.a.",0,0,0,"Current",2,42,84,"Dentate","C02.1 border of tongue","Mobile tongue","Right","T1","N0","Stage I","Stage I-II","n.a.","                                                                                                                                                                                                                                                               ","                                                                                                                                                                                                                                                               ","No","Surgery","Surgery","Curative","None","n.a.","Complete response",1.2,null,"Lamina propria","Cohesive","Unknown","No","Moderately differentiated","T1","T1","pT_stage","n.a. (no neck dissection)","N0","cN_stage",null,"Stage I","Stage I","Stage I-II","pDisease",null,null,"n.a. (no neck dissection)","Clear (>5 mm)","5       ","Alive",125,0,60,null,"None","Yes","No","Severe","Moderate to severe","None","Little to none"]
["24","Yes",15,3,"CNA_other","No",{"$nulls":15},"CNA_other",{"$nulls":33},"Yes",2008,62,"Female","Never","n.a.",0,0,0,"Current",4,44,176,null,"C02.1 border of tongue","Mobile tongue","Left","T1","N0","Stage I","Stage I-II","n.a.","                                                                                                                                                                                                                                                               ","                                                                                                                                                                                                                                                               ","No","Surgery","Surgery","Curative","None","n.a.","Complete response",null,null,"Lamina propria","Non-cohesive","Unknown","Unknown","Unknown","T1","T1","pT_stage","n.a. (no neck dissection)","N0","cN_stage","Mx","Stage I","Stage I","Stage I-II","pDisease",null,null,"n.a. (no neck dissection)","Clear (>5 mm)","        ","Dead",50,1,50,"Non-cohesive","None","No","No","Little","Little to none","None","Little to none"]
["26","Yes",27,5,"Unclear","Yes",0.37,0.323,38,16,"CNA_other",{"$nulls":10},"CNA_other",0.323,0.37,16,{"$nulls":31},2008,81,"Female","Never","n.a.",0,0,0,"Current",2,63,126,null,"C06.0 cheek mucosa","Cheek mucosa","Left","T1","N0","Stage I","Stage I-II","n.a.","                                                                                                                                                                                                                                                               ","                                                                                                                                                                                                                                                               ","No","Surgery","Surgery","Curative","None","n.a.","Complete response",1.4,0.35,"Lamina propria","Non-cohesive","Unknown","Unknown","Poorly differentiated","T1","T1","pT_stage","n.a. (no neck dissection)","N0","cN_stage",null,"Stage I","Stage I","Stage I-II","pDisease",null,null,"n.a. (no neck dissection)","Clear (>5 mm)","        ","Dead",48,1,48,null,null,"No",null,"Little","Little to none","Moderate","Moderate to severe"]
["27","Yes",13,3,"CNA_other","No",{"$nulls":15},"CNA_other",{"$nulls":34},2008,73,"Female","Current","Cigarettes",15,56,42,"Current",2,55,110,null,"C02.1 border of tongue","Mobile tongue","Left","T1","N0","Stage I","Stage I-II","n.a.","                                                                                                                                                                                                                                                               ","                                                                                                                                                                                                                                                               ","No","Surgery","Surgery","Curative","None","n.a.","Partial response",2,null,"Muscle","Cohesive","Unknown","Unknown","Well differentiated","T1","T1","pT_stage","n.a. (no neck dissection)","N0","cN_stage","Mx","Stage I","Stage I","Stage I-II","pDisease",null,null,"n.a. (no neck dissection)","Close (1-5 mm)","        ","Dead",14,1,14,null,"Severe",null,"Yes"]
["28","Yes",22,7,"CNA_other","No",{"$nulls":15},"CNA_other",{"$nulls":34},2008,62,"Male","Former","Cigarettes",{"$nulls":3},"Former",{"$nulls":3},"Edendate ","C02.1 border of tongue","Mobile tongue","Left","T2","N0","Stage II","Stage I-II","n.a.","                                                                                                                                                                                                                                                               ","                                                                                                                                                                                                                                                               ","No","Surgery + RT","Surgery + RT","Curative","IMRT","Postoperative","Complete response",3,0.9,"Lamina propria","Cohesive","No","No","Moderately differentiated","T2","T2","pT_stage","n.a. (no neck dissection)","N0","cN_stage","Mx","Stage II","Stage II","Stage I-II","pDisease",null,null,"n.a. (no neck dissection)","Close (1-5 mm)","        ","Alive",124,0,60,"Cohesive","Severe","No","Yes","Little","Little to none","Mild","Little to none"]
["29","Yes",0,0,"CNA_quiet_candidate","Yes",0.05,0.357,28,10,"CNA_other",{"$nulls":10},"CNA_other",0.357,0.05,10,{"$nulls":31},2008,65,"Male","Never","n.a.",0,0,0,"Current",3,47,141,"Dentate","C02.1 border of tongue","Mobile tongue","Left","T1","N0","Stage I","Stage I-II","n.a.","                                                                                                                                                                                                                                                               ","                                                                                                                                                                                                                                                               ","No","Surgery","Surgery","Curative","None","n.a.","Complete response",null,null,"Lamina propria","Unknown","Unknown","Unknown","Unknown","T1","T1","pT_stage","N0","N0","pN_stage","Mx","Stage I","Stage I","Stage I-II","pDisease",null,0,"No","Clear (>5 mm)","        ","Alive",122,0,60,null,"None",null,"No"]
["30","Yes",8,1,"CNA_quiet_candidate","Yes",0.08,0.243,26,6,"CNA_other",{"$nulls":10},"CNA_other",0.243,0.08,6,{"$nulls":30},"Yes",2008,46,"Female","Current","Cigarettes",6,30,9,"Current",5,28,140,null,"C04.0 anterior floor of mouth","Floor of mouth","Left","T2","N0","Stage II","Stage I-II","n.a.","                                                                                                                                                                                                                                                               ","                                                                                                                                                                                                                                                               ","No","Surgery","Surgery","Curative","None","n.a.","Complete response",2.1,0.7,"Lamina propria","Non-cohesive","No","No","Moderately differentiated","T2","T2","pT_stage","N0","N0","pN_stage",null,"Stage II","Stage II","Stage I-II","pDisease",null,0,"No","Clear (>5 mm)","        ","Alive",120,0,60,"Non-cohesive","None","No","No","Moderate","Moderate to severe","Moderate","Moderate to severe"]
["31","Yes",7,2,"CNA_quiet_candidate","Yes",0.09,0.473,37,17,"CNA_other",{"$nulls":10},"CNA_other",0.473,0.09,17,{"$nulls":31},2008,61,"Male","Never","n.a.",0,0,0,"Current",0.14285714285714,43,6,null,"C02.1 border of tongue","Mobile tongue","Left","T1","N0","Stage I","Stage I-II","n.a.","                                                                                                                                                                                                                                                               ","                                                                                                                                                                                                                                                               ","No","Surgery","Surgery","Curative","None","n.a.","Complete response",null,null,"Lamina propria","Non-cohesive","No","No","Moderately differentiated","T1","T1","pT_stage","n.a. (no neck dissection)","N0","cN_stage","Mx","Stage I","Stage I","Stage I-II","pDisease",null,null,"n.a. (no neck dissection)","Clear (>5 mm)","        ","Alive",64,0,60,null,"None",null,"No"]
["32","Yes",3,1,"CNA_quiet_candidate","Yes",0.06,0.042,31,3,"Exclude",{"$nulls":10},"Exclude",0.042,0.06,3,{"$nulls":31},2008,68,"Male","Current","Cigarettes",24,50,60,"Current",10,50,500,"Edendate ","C02.1 border of tongue","Mobile tongue","Left","T3","N3b","Stage IVB","Stage III-IV","Bilateral","1                                                                                                                                                                                                                                                              ","1;2                                                                                                                                                                                                                                                            ","Yes","Chemoradiation","Chemoradiotherapy","Curative","IMRT","Definitive","Partial response",null,null,"Unknown","Non-cohesive","Yes","Yes","Poorly differentiated","n.a. (no surgery)","T3","cT_stage","n.a. (no neck dissection)","N3b","cN_stage","77",77,"Stage IVB","Stage III-IV","cDisease",null,null,"n.a. (no neck dissection)","n.a. (no surgery)","        ","Alive",95,0,60]
["33","Yes",1,0,"CNA_quiet_candidate","Yes",0.52,0.183,25,4,"CNA_quiet_candidate","Yes",0.52,2.01,0.183,4,1,2,1,"CNA_quiet",null,"CNA_quiet",0.183,0.52,4,"WT","WT","Mutated","Mutated","WT","WT","WT","WT","WT","WT","WT","WT","WT","WT","WT","WT","WT","WT","WT","WT","WT","WT","WT","WT","WT","WT","WT","WT","WT","PIK3CA,HRAS",null,2009,68,"Female","Never","n.a.",0,0,0,"Current",0.14285714285714,50,7,"Edendate ","C06.0 cheek mucosa","Cheek mucosa","Right","T2","N0","Stage II","Stage I-II","n.a.","                                                                                                                                                                                                                                                               ","                                                                                                                                                                                                                                                               ","No","Chemotherapy","Other","Palliative","None","n.a.","Partial response",null,null,"Unknown","Unknown","Unknown","Unknown","Unknown","n.a. (no surgery)","T2","cT_stage","n.a. (no neck dissection)","N0","cN_stage","77",77,"Stage II","Stage I-II","cDisease",null,null,"n.a. (no neck dissection)","n.a. (no surgery)","        ","Alive",35,0,35]
["34","Yes",15,3,"Unclear","Yes",0.06,0.17,31,6,"CNA_other",{"$nulls":10},"CNA_other",0.17,0.06,6,{"$nulls":30},"Yes",2008,62,"Female","Former","Cigarettes",20,40,40,"Current",2,44,88,null,"C04.1 lateral floor of mouth","Floor of mouth","Right","T3","N1","Stage III","Stage III-IV","Ipsilateral","2                                                                                                                                                                                                                                                              ","                                                                                                                                                                                                                                                               ","No","Surgery + CRT","Surgery + CRT","Curative","IMRT","Postoperative","Complete response",2.8,1.6,null,"Non-cohesive","Yes","Yes","Moderately differentiated","T3","T3","pT_stage","N3b","N3b","pN_stage",null,"Stage IVB","Stage IVB","Stage III-IV","pDisease",2,null,"Yes","Clear (>5 mm)","        ","Alive",77,0,60,"Non-cohesive","Severe","Yes","Yes","Little","Little to none","Mild","Little to none"]
["35","Yes",8,0,"CNA_quiet_candidate","Yes",0.32,0.156,24,4,"CNA_quiet_candidate","Yes",0.38,2,0.162,4,1,5,0.994,"CNA_quiet",null,"CNA_quiet",0.162,0.38,4,"WT","WT","WT","Mutated","WT","Mutated","WT","WT","WT","Mutated","WT","WT","Mutated","WT","Mutated","WT","WT","WT","WT","WT","WT","WT","WT","WT","WT","WT","WT","WT","WT","PIK3CA,FAT1,TERT,NOTCH1,KMT2D","Yes",2008,61,"Male","Current","Cigarettes",15,48,36,"Never",0,0,0,null,"C03.1 lower gum","Vestibule of the mouth ","Right","T1","N0","Stage I","Stage I-II","n.a.","                                                                                                                                                                                                                                                               ","                                                                                                                                                                                                                                                               ","No","Surgery","Surgery","Curative","None","n.a.","Partial response",null,null,"Lamina propria","Cohesive","Unknown","Unknown","Moderately differentiated","T1","T1","pT_stage","n.a. (no neck dissection)","N0","cN_stage","Mx","Stage I","Stage I","Stage I-II","pDisease",null,null,"n.a. (no neck dissection)","Involved (<1 mm)","0       ","Dead",11,1,11,null,"Severe","No","Yes","Little","Little to none","None","Little to none"]
["36","Yes",18,2,"CNA_quiet_candidate","Yes",0.06,0.086,23,2,"CNA_quiet_candidate","Yes",0.38,2,0.08,2,1,7,0.997,"CNA_quiet",null,"CNA_quiet",0.08,0.38,2,"Mutated","WT","Mutated","Mutated","WT","Mutated","WT","WT","WT","WT","Mutated","WT","Mutated","WT","WT","WT","WT","WT","WT","WT","WT","WT","WT","WT","WT","WT","WT","WT","WT","PIK3CA,FAT1,TERT,HRAS,TP53,ZNF750","Yes",2008,81,"Female","Never","n.a.",0,0,0,"Current",3,63,189,null,"C06.2 retromolar area","Retromolar trigone","Right","T1","N0","Stage I","Stage I-II","n.a.","                                                                                                                                                                                                                                                               ","                                                                                                                                                                                                                                                               ","No","Surgery","Surgery","Curative","None","n.a.","Complete response",1.2,0.8,null,"Cohesive","Unknown","Unknown","Well differentiated","T2","T2","pT_stage","n.a. (no neck dissection)","N0","cN_stage",null,"Stage II","Stage II","Stage I-II","pDisease",null,null,"n.a. (no neck dissection)","Clear (>5 mm)","        ","Dead",78,0,60,null,"Moderate","Yes","Yes","Severe","Moderate to severe","None","Little to none"]
["38","Yes",10,1,"CNA_quiet_candidate","Yes",0.17,0.316,41,16,"CNA_other",{"$nulls":10},"CNA_other",0.316,0.17,16,{"$nulls":30},"Yes",2008,60,"Female","Current","Cigarettes",15,45,34,"Current",4,42,168,null,"C02.0 dorsal surface of tongue","Mobile tongue","Left","T1","N0","Stage I","Stage I-II","n.a.","                                                                                                                                                                                                                                                               ","                                                                                                                                                                                                                                                               ","No","Surgery","Surgery","Curative","None","n.a.",null,0.8,0.4,"Muscle","Cohesive","No","No","Well differentiated","T1","T1","pT_stage","N0","N0","pN_stage",null,"Stage I","Stage I","Stage I-II","pDisease",null,null,"No","Close (1-5 mm)","4       ","Alive",136,0,60,"Cohesive","None","No","No","Moderate","Moderate to severe","Moderate","Moderate to severe"]
["39","Yes",7,1,"CNA_quiet_candidate","Yes",0.11,0.209,29,9,"CNA_other",{"$nulls":10},"CNA_other",0.209,0.11,9,{"$nulls":31},2008,57,"Male","Current","Cigarettes",10,32,16,"Current",2,39,78,"Edendate ","C02.0 dorsal surface of tongue","Mobile tongue","Right","T2","N0","Stage II","Stage I-II","n.a.","                                                                                                                                                                                                                                                               ","                                                                                                                                                                                                                                                               ","No","Surgery","Surgery","Curative","None","n.a.","Complete response",1.4,0.6,"Muscle","Cohesive","No","No","Poorly differentiated","T2","T2","pT_stage","N0","N0","pN_stage",null,"Stage II","Stage II","Stage I-II","pDisease",null,null,"No","Involved (<1 mm)","        ","Alive",26,0,26,"Cohesive",null,"Yes","Yes","Little","Little to none","Severe","Moderate to severe"]
["40","Yes",11,3,"CNA_other","No",{"$nulls":15},"CNA_other",{"$nulls":33},"Yes",2008,51,"Male","Current","Cigarettes",30,51,77,"Current",12,33,396,null,"C04.0 anterior floor of mouth","Floor of mouth","Right","T4a","N1","Stage IVA","Stage III-IV","Ipsilateral","1                                                                                                                                                                                                                                                              ","                                                                                                                                                                                                                                                               ","No","Surgery + RT","Surgery + RT","Curative","IMRT","Postoperative","Complete response",1.8,0.9,"Bone","Non-cohesive","No","No","Moderately differentiated","T4a","T4a","pT_stage","N2c","N2c","pN_stage",null,"Stage IVA","Stage IVA","Stage III-IV","pDisease",3,1,"No","Close (1-5 mm)","2       ","Dead",15,1,15,"Non-cohesive","None","No","No","Moderate","Moderate to severe","Moderate","Moderate to severe"]
["41","Yes",16,3,"Unclear","Yes",1,0,22,0,"CNA_quiet_candidate","Yes",0.17,2,0,0,1,4,0.981,"CNA_quiet",null,"CNA_quiet",0,0.17,0,"WT","Mutated","WT","WT","WT","Mutated","WT","WT","WT","WT","WT","WT","Mutated","WT","Mutated","WT","WT","WT","WT","WT","WT","WT","WT","WT","WT","WT","WT","WT","WT","CASP8,FAT1,TERT,KMT2D",null,2008,61,"Male","Current","Cigars/pipe",5,40,10,"Current",1,43,43,null,"C03.0 upper gum","Vestibule of the mouth ","Right","T1","N0","Stage I","Stage I-II","n.a.","                                                                                                                                                                                                                                                               ","                                                                                                                                                                                                                                                               ","No","Surgery","Surgery","Curative","None","n.a.","Complete response",1.6,0.4,"Bone","Cohesive","No","No","Moderately differentiated","T4a","T4a","pT_stage","n.a. (no neck dissection)","N0","cN_stage",null,"Stage IVA","Stage IVA","Stage III-IV","pDisease",null,null,"n.a. (no neck dissection)","Clear (>5 mm)","        ","Alive",94,0,60,null,"None","Yes","No","Severe","Moderate to severe","None","Little to none"]
["42","Yes",20,4,"CNA_other","No",{"$nulls":15},"CNA_other",{"$nulls":33},"Yes",2008,83,"Female","Never","n.a.",0,0,0,"Never",0,0,0,"Edendate ","C02.1 border of tongue","Mobile tongue","Right","T1","N0","Stage I","Stage I-II","n.a.","                                                                                                                                                                                                                                                               ","                                                                                                                                                                                                                                                               ","No","Surgery","Surgery","Curative","None","n.a.","Complete response",1.5,1.09,"Lamina propria","Cohesive","No","No","Well differentiated","T3","T3","pT_stage","n.a. (no neck dissection)","N0","cN_stage",null,"Stage III","Stage III","Stage III-IV","pDisease",null,null,"n.a. (no neck dissection)","Clear (>5 mm)","6       ","Dead",56,1,56,"Cohesive","None","Yes","No","Severe","Moderate to severe","Moderate","Moderate to severe"]
["43","Yes",14,2,"CNA_quiet_candidate","Yes",0.18,0.68,45,32,"CNA_other",{"$nulls":10},"CNA_other",0.68,0.18,32,{"$nulls":31},2008,59,"Male","Current","Cigarettes",20,43,43,"Current",5,41,205,null,"C04.1 lateral floor of mouth","Floor of mouth","Left","T2","N0","Stage II","Stage I-II","n.a.","                                                                                                                                                                                                                                                               ","                                                                                                                                                                                                                                                               ","No","Surgery","Surgery","Curative","None","n.a.",null,2.5,0.7,null,"Non-cohesive","No","No","Moderately differentiated","T2","T2","pT_stage","N0","N0","pN_stage",null,"Stage II","Stage II","Stage I-II","pDisease",null,null,"No","Clear (>5 mm)","        ","Dead",60,1,60,null,"None","Yes","No","Moderate","Moderate to severe","Moderate","Moderate to severe"]
["44","Yes",23,4,"CNA_other","No",{"$nulls":15},"CNA_other",{"$nulls":34},2008,62,"Male","Current","Cigarettes",8,44,18,"Current",3,44,132,"Dentate","C04.0 anterior floor of mouth","Floor of mouth","Midline","T2","N0","Stage II","Stage I-II","n.a.","                                                                                                                                                                                                                                                               ","                                                                                                                                                                                                                                                               ","No","Chemotherapy","Other","Palliative","None","n.a.","Disease progression",null,null,"Submucosa","Non-cohesive","Unknown","Unknown","Poorly differentiated","n.a. (no surgery)","T2","cT_stage","n.a. (no neck dissection)","N0","cN_stage","77",77,"Stage II","Stage I-II","cDisease",null,null,"n.a. (no neck dissection)","n.a. (no surgery)","        ","Dead",9,1,9]
["45","Yes",19,4,"CNA_other","No",{"$nulls":15},"CNA_other",{"$nulls":34},2008,59,"Male","Current","Cigarettes",15,41,31,"Current",2,41,82,"Edendate ","C02.1 border of tongue","Mobile tongue","Right","T3","N1","Stage III","Stage III-IV","Ipsilateral","5                                                                                                                                                                                                                                                              ","                                                                                                                                                                                                                                                               ","No","Surgery + RT","Surgery + RT","Curative","IMRT","Postoperative","Complete response",2.4,1.3,"Muscle","Cohesive","No","Yes","Moderately differentiated","T3","T3","pT_stage","N2b","N2b","pN_stage",null,"Stage IVA","Stage IVA","Stage III-IV","pDisease",1,null,"No","Clear (>5 mm)","        ","Alive",103,0,60,null,"None","No","No","Moderate","Moderate to severe","Moderate","Moderate to severe"]
["47","Yes",20,4,"Unclear","Yes",0.17,0.566,39,27,"CNA_other",{"$nulls":10},"CNA_other",0.566,0.17,27,{"$nulls":31},2008,46,"Male","Current","Cigarettes",15,30,22,"Current",10,28,280,null,"C02.1 border of tongue","Mobile tongue","Right","T3","N1","Stage III","Stage III-IV","Ipsilateral","2                                                                                                                                                                                                                                                              ","                                                                                                                                                                                                                                                               ","No","Surgery + CRT","Surgery + CRT","Curative","IMRT","Postoperative","Partial response",3,1.5,null,"Non-cohesive","No","No","Moderately differentiated","T3","T3","pT_stage","N2a","N2a","pN_stage",null,"Stage IVA","Stage IVA","Stage III-IV","pDisease",1,null,"Yes","Clear (>5 mm)","        ","Dead",47,1,47,"Non-cohesive","None","No","No","Little","Little to none","Moderate","Moderate to severe"]
["48","Yes",3,0,"CNA_quiet_candidate","Yes",0.49,0.038,26,3,"CNA_quiet_candidate","Yes",0.7,2.01,0.041,5,1,9,0.999,"CNA_quiet",null,"CNA_quiet",0.041,0.7,3,"Mutated","Mutated","WT","Mutated","WT","Mutated","WT","WT","WT","Mutated","WT","WT","WT","WT","WT","WT","Mutated","WT","WT","WT","Mutated","WT","WT","WT","Mutated","WT","WT","WT","WT","NFE2L2,CASP8,PIK3CA,FGFR3,TERT,NOTCH1,AJUBA,TP53",null,2008,75,"Female","Never","n.a.",0,0,0,"Current",0.28571428571429,57,16,"Dentate","C04.0 anterior floor of mouth","Floor of mouth","Left","T4a","N1","Stage IVA","Stage III-IV","Ipsilateral","                                                                                                                                                                                                                                                               ","1                                                                                                                                                                                                                                                              ","No","Surgery","Surgery","Curative","None","n.a.","Complete response",4,2.5,"Bone","Cohesive","No","No","Moderately differentiated","T4a","T4a","pT_stage","N2a","N2a","pN_stage",null,"Stage IVA","Stage IVA","Stage III-IV","pDisease",null,1,"Yes","Clear (>5 mm)","5       ","Alive",103,0,60,null,"Mild","Yes","Yes","Moderate","Moderate to severe","None","Little to none"]
["50","Yes",20,3,"CNA_other","No",{"$nulls":15},"CNA_other",{"$nulls":34},2008,70,"Female","Former","Cigarettes",20,30,30,"Never",0,0,0,"Edendate ","C02.1 border of tongue","Mobile tongue","Left","T1","N0","Stage I","Stage I-II","n.a.","                                                                                                                                                                                                                                                               ","                                                                                                                                                                                                                                                               ","No","Surgery","Surgery","Curative","None","n.a.",null,1.2,7,"Muscle","Non-cohesive","Yes","No","Moderately differentiated","T3","T3","pT_stage","N0","N0","pN_stage",null,"Stage III","Stage III","Stage III-IV","pDisease",null,null,"No","Involved (<1 mm)","0,8     ","Alive",105,0,60,"Non-cohesive","None","No","No","Little","Little to none","Severe","Moderate to severe"]
["51","Yes",12,2,"CNA_quiet_candidate","Yes",0.27,0.381,31,15,"CNA_other",{"$nulls":10},"CNA_other",0.381,0.27,15,{"$nulls":31},2008,50,"Male","Current","Cigarettes",1,25,1,"Current",1,32,32,null,"C05.0 hard palate","Hard palate","Right","T4b","N0","Stage IVB","Stage III-IV","n.a.","                                                                                                                                                                                                                                                               ","                                                                                                                                                                                                                                                               ","No","Chemoradiation","Chemoradiotherapy","Curative","IMRT","Definitive","Partial response",null,null,"Unknown","Cohesive","Unknown","Unknown","Unknown","n.a. (no surgery)","T4b","cT_stage","n.a. (no neck dissection)","N0","cN_stage","77",77,"Stage IVB","Stage III-IV","cDisease",null,null,"n.a. (no neck dissection)","n.a. (no surgery)","        ","Alive",87,0,60]
["54","Yes",11,3,"CNA_other","No",{"$nulls":15},"CNA_other",{"$nulls":34},2009,61,"Male","Current","Cigarettes",20,50,50,"Current",4,43,172,null,"C04.0 anterior floor of mouth","Floor of mouth","Midline","T2","N0","Stage II","Stage I-II","n.a.","                                                                                                                                                                                                                                                               ","                                                                                                                                                                                                                                                               ","No","Surgery","Surgery","Curative","None","n.a.",null,2,null,null,"Cohesive","Unknown","Unknown","Moderately differentiated","T2","T2","pT_stage","N0","N0","pN_stage",null,"Stage II","Stage II","Stage I-II","pDisease",null,null,"No","Clear (>5 mm)","        ","Alive",102,0,60,null,null,"No",null,"Little","Little to none","Moderate","Moderate to severe"]
["55","Yes",14,3,"CNA_other","No",{"$nulls":15},"CNA_other",{"$nulls":34},2009,71,"Female","Current","Cigarettes",15,53,40,"Current",0.28571428571429,53,15,"Dentate","C02.1 border of tongue","Mobile tongue","Right","T2","N0","Stage II","Stage I-II","n.a.","                                                                                                                                                                                                                                                               ","                                                                                                                                                                                                                                                               ","No","Surgery","Surgery","Curative","None","n.a.",null,1.8,2.47,null,"Non-cohesive","No","Unknown","Moderately differentiated","T3","T3","pT_stage","N0","N0","pN_stage",null,"Stage III","Stage III","Stage III-IV","pDisease",null,null,"No","Clear (>5 mm)","        ","Dead",76,0,60,null,"Severe","No","Yes","Moderate","Moderate to severe","Moderate","Moderate to severe"]
[58,"Yes",21,4,"CNA_other","No",{"$nulls":15},"CNA_other",{"$nulls":34},2009,76,"Male","Current","Cigars/pipe",5,58,15,"Current",2,58,116,null,"C06.0 cheek mucosa","Cheek mucosa","Right","T4b","N2c","Stage IVB","Stage III-IV","Bilateral","2                                                                                                                                                                                                                                                              ","2                                                                                                                                                                                                                                                              ","No","Bioradiation","Other","Curative","IMRT","Definitive","Partial response",null,null,"Unknown","Cohesive","Unknown","Unknown","Moderately differentiated","n.a. (no surgery)","T4b","cT_stage","n.a. (no neck dissection)","N2c","cN_stage","77",77,"Stage IVB","Stage III-IV","cDisease",null,null,"n.a. (no neck dissection)","n.a. (no surgery)","        ","Dead",17,1,17]
["59","Yes",22,3,"CNA_other","No",{"$nulls":15},"CNA_other",{"$nulls":34},2009,58,"Male","Current","Cigars/pipe",10,37,18,"Never",0,0,0,"Dentate","C04.0 anterior floor of mouth","Floor of mouth","Left","T1","N0","Stage I","Stage I-II","n.a.","                                                                                                                                                                                                                                                               ","                                                                                                                                                                                                                                                               ","No","Surgery + RT","Surgery + RT","Curative","IMRT","Postoperative","Complete response",1.5,0.3,"Lamina propria","Cohesive","No","No","Moderately differentiated","T1","T1","pT_stage","N0","N0","pN_stage",null,"Stage I","Stage I","Stage I-II","pDisease",null,null,"No","Clear (>5 mm)","        ","Dead",55,1,55,null,"None","Yes","No","Little","Little to none","Moderate","Moderate to severe"]
["60","Yes",7,0,"CNA_quiet_candidate","Yes",0.11,0.515,36,20,"CNA_other",{"$nulls":10},"CNA_other",0.515,0.11,20,{"$nulls":31},2009,75,"Female","Former","Cigarettes",20,45,45,"Current",4,57,228,"Edendate ","C06.2 retromolar area","Retromolar trigone","Left","T2","N1","Stage III","Stage III-IV","Ipsilateral","                                                                                                                                                                                                                                                               ","2                                                                                                                                                                                                                                                              ","No","Radiotherapy","Radiotherapy","Curative","IMRT","Definitive","Complete response",null,null,"Unknown","Cohesive","Unknown","Unknown","Moderately differentiated","n.a. (no surgery)","T2","cT_stage","n.a. (no neck dissection)","N1","cN_stage","77",77,"Stage III","Stage III-IV","cDisease",null,null,"n.a. (no neck dissection)","n.a. (no surgery)","        ","Dead",86,0,60]
["61","Yes",11,2,"CNA_quiet_candidate","Yes",0.08,0.316,35,13,"CNA_other",{"$nulls":10},"CNA_other",0.316,0.08,13,{"$nulls":30},"Yes",2009,58,"Female","Current","Cigarettes",20,40,40,"Current",4,40,160,"Dentate","C04.0 anterior floor of mouth","Floor of mouth","Left","T1","N0","Stage I","Stage I-II","n.a.","                                                                                                                                                                                                                                                               ","                                                                                                                                                                                                                                                               ","No","Surgery","Surgery","Curative","None","n.a.",null,0.5,0.3,"Unknown","Cohesive","No","No","Moderately differentiated","T1","T1","pT_stage","N0","N0","pN_stage",null,"Stage I","Stage I","Stage I-II","pDisease",null,null,"No","Close (1-5 mm)","        ","Dead",42,1,42,"Cohesive","None","Yes","No","Little","Little to none","None","Little to none"]
["62","Yes",13,2,"CNA_quiet_candidate","Yes",0.25,0.521,43,24,"CNA_other","Yes",0.25,2.98,0.527,24,1,2,0.994,"CNA_other",null,"CNA_other",0.527,0.25,24,"WT","WT","Mutated","WT","Mutated","WT","WT","WT","WT","WT","WT","WT","WT","WT","WT","WT","WT","WT","WT","WT","WT","WT","WT","WT","WT","WT","WT","WT","WT","CDKN2A,HRAS","Yes",2009,50,"Male","Never","n.a.",0,0,0,"Current",0.14285714285714,32,5,null,"C02.1 border of tongue","Mobile tongue","Left","T1","N2b","Stage IVA","Stage III-IV","Ipsilateral","                                                                                                                                                                                                                                                               ","1;3                                                                                                                                                                                                                                                            ","No","Surgery + CRT","Surgery + CRT","Curative","IMRT","Postoperative","Complete response",1.4,0.2,"Muscle","Non-cohesive","Yes","Yes","Poorly differentiated","T1","T1","pT_stage","N3b","N3b","pN_stage",null,"Stage IVB","Stage IVB","Stage III-IV","pDisease",null,2,"Yes","Clear (>5 mm)","        ","Alive",100,0,60,"Non-cohesive","Mild","No","Yes","Moderate","Moderate to severe","Moderate","Moderate to severe"]
["66","Yes",16,4,"CNA_other","No",{"$nulls":15},"CNA_other",{"$nulls":34},2009,62,"Male","Never","n.a.",0,0,0,"Current",5,45,225,"Dentate","C06.2 retromolar area","Retromolar trigone","Right","T2","N1","Stage III","Stage III-IV","Ipsilateral","2                                                                                                                                                                                                                                                              ","                                                                                                                                                                                                                                                               ","No","Surgery + RT","Surgery + RT","Curative","IMRT","Postoperative","Not applicable",3,0.8,null,"Non-cohesive","No","No","Moderately differentiated","T2","T2","pT_stage","N3b","N3b","pN_stage",null,"Stage IVB","Stage IVB","Stage III-IV","pDisease",6,null,"Yes","Clear (>5 mm)","        ","Dead",9,1,9,"Non-cohesive","Moderate","No","Yes","Moderate","Moderate to severe","Severe","Moderate to severe"]
["67","Yes",11,2,"CNA_quiet_candidate","Yes",0.1,0.489,48,26,"CNA_other",{"$nulls":10},"CNA_other",0.489,0.1,26,{"$nulls":30},"Yes",2009,46,"Male","Current","Cigarettes",30,24,36,"Current",14,28,392,null,"C02.1 border of tongue","Mobile tongue","Left","T2","N0","Stage II","Stage I-II","n.a.","                                                                                                                                                                                                                                                               ","                                                                                                                                                                                                                                                               ","No","Surgery","Surgery","Curative","None","n.a.","Not applicable",1.4,0.5,null,"Non-cohesive","No","Yes","Well differentiated","T1","T1","pT_stage","N0","N0","pN_stage",null,"Stage I","Stage I","Stage I-II","pDisease",0,0,"No","Clear (>5 mm)","        ","Alive",10,0,10,"Non-cohesive","Mild","Yes","Yes","Moderate","Moderate to severe","Moderate","Moderate to severe"]
["68","Yes",2,0,"CNA_quiet_candidate","Yes",0.23,0.455,38,25,"CNA_other",{"$nulls":10},"CNA_other",0.455,0.23,25,{"$nulls":31},2009,33,"Male","Never","n.a.",0,0,0,"Former",{"$nulls":3},"Dentate","C05.0 hard palate","Hard palate","Right","T4a","N2c","Stage IVA","Stage III-IV","Bilateral","2                                                                                                                                                                                                                                                              ","2                                                                                                                                                                                                                                                              ","No","Chemoradiation","Chemoradiotherapy","Curative","IMRT","Definitive","Disease progression",null,null,"Unknown","Cohesive","Unknown","Unknown","Unknown","n.a. (no surgery)","T4a","cT_stage","n.a. (no neck dissection)","N2c","cN_stage","77",77,"Stage IVA","Stage III-IV","cDisease",null,null,"n.a. (no neck dissection)","n.a. (no surgery)","        ","Dead",7,1,7]
["69","Yes",15,3,"Unclear","Yes",0.27,0.253,30,11,"CNA_other",{"$nulls":10},"CNA_other",0.253,0.27,11,{"$nulls":31},2009,82,"Female","Never","n.a.",0,0,0,"Never",0,0,0,"Dentate","C06.0 cheek mucosa","Cheek mucosa","Right","T2","N0","Stage II","Stage I-II","n.a.","                                                                                                                                                                                                                                                               ","                                                                                                                                                                                                                                                               ","No","Surgery","Surgery","Curative","None","n.a.",null,2.8,0.5,"Muscle","Non-cohesive","No","No","Moderately differentiated","T2","T2","pT_stage","n.a. (no neck dissection)","N0","cN_stage","Mx","Stage II","Stage II","Stage I-II","pDisease",null,null,"n.a. (no neck dissection)","Close (1-5 mm)","3       ","Dead",64,0,60,null,"Moderate","No","Yes","Moderate","Moderate to severe","None","Little to none"]
["70","Yes",6,1,"CNA_quiet_candidate","Yes",0.08,0.192,31,8,"CNA_other",{"$nulls":10},"CNA_other",0.192,0.08,8,{"$nulls":31},2009,69,"Female","Never","n.a.",0,0,0,"Never",0,0,0,null,"C02.1 border of tongue","Mobile tongue","Right","T1","N0","Stage I","Stage I-II","n.a.","                                                                                                                                                                                                                                                               ","                                                                                                                                                                                                                                                               ","No","Surgery","Surgery","Curative","None","n.a.",null,0.7,0.67,null,"Cohesive","No","No","Moderately differentiated","T2","T2","pT_stage","N0","N0","pN_stage",null,"Stage II","Stage II","Stage I-II","pDisease",0,null,"No","Clear (>5 mm)","        ","Alive",44,0,44,null,"None","Yes","No","Moderate","Moderate to severe","None","Little to none"]
["73","Yes",5,0,"CNA_quiet_candidate","Yes",0.14,0.125,28,5,"CNA_quiet_candidate","Yes",0.35,2,0.123,5,1,3,0.999,"CNA_quiet",null,"CNA_quiet",0.123,0.35,5,"Mutated","WT","WT","WT","WT","WT","WT","WT","WT","Mutated","WT","WT","WT","WT","WT","WT","WT","WT","WT","WT","WT","WT","WT","WT","WT","WT","WT","WT","WT","NOTCH1,TP53",null,2009,82,"Female","Former","Cigarettes",15,46,35,"Never",0,0,0,"Edendate ","C02.1 border of tongue","Mobile tongue","Right","T1","N0","Stage I","Stage I-II","n.a.","                                                                                                                                                                                                                                                               ","                                                                                                                                                                                                                                                               ","No","Surgery","Surgery","Curative","None","n.a.",null,1.5,0.9,"Muscle","Cohesive","No","No","Moderately differentiated","T2","T2","pT_stage","N0","N0","pN_stage",null,"Stage II","Stage II","Stage I-II","pDisease",null,null,"No","Clear (>5 mm)","        ","Alive",36,0,36,"Cohesive","Severe","Yes","Yes","Severe","Moderate to severe","None","Little to none"]
["74","Yes",11,2,"CNA_quiet_candidate","Yes",0.31,0.051,22,1,"CNA_quiet_candidate","Yes",0.28,2,0.042,1,1,3,0.398,"Exclude","Power_too_low_muts","Exclude",0.042,0.28,1,{"$nulls":31},2009,69,"Female","Never","n.a.",0,0,0,"Current",2,51,102,"Edendate ","C02.1 border of tongue","Mobile tongue","Left","T1","N0","Stage I","Stage I-II","n.a.","                                                                                                                                                                                                                                                               ","                                                                                                                                                                                                                                                               ","No","Surgery","Surgery","Curative","None","n.a.","Complete response",0.6,0.4,"Muscle","Cohesive","No","No","Moderately differentiated","T1","T1","pT_stage","n.a. (no neck dissection)","N0","cN_stage","Mx","Stage I","Stage I","Stage I-II","pDisease",null,null,"n.a. (no neck dissection)","Close (1-5 mm)","4       ","Alive",71,0,60]
["75","Yes",6,1,"CNA_quiet_candidate","Yes",0.1,0.427,45,22,"CNA_other",{"$nulls":10},"CNA_other",0.427,0.1,22,{"$nulls":31},2009,84,"Female","Current","Cigarettes",5,66,17,"Current",2,66,132,"Dentate","C02.1 border of tongue","Mobile tongue","Right","T1","N0","Stage I","Stage I-II","n.a.","                                                                                                                                                                                                                                                               ","                                                                                                                                                                                                                                                               ","No","Surgery","Surgery","Curative","None","n.a.",null,1.8,0.5,"Muscle","Non-cohesive","Unknown","Unknown","Poorly differentiated","T1","T1","pT_stage","N0","N0","pN_stage",null,"Stage I","Stage I","Stage I-II","pDisease",null,null,"No","Clear (>5 mm)","        ","Dead",52,1,52,null,"None","Yes","No","Moderate","Moderate to severe","Mild","Little to none"]
["76","Yes",9,2,"CNA_quiet_candidate","Yes",0.72,0.182,22,4,"CNA_quiet_candidate","Yes",0.72,2,0.179,4,1,3,0.995,"CNA_quiet",null,"CNA_quiet",0.179,0.72,4,"WT","WT","WT","WT","WT","Mutated","WT","WT","WT","WT","WT","WT","WT","WT","WT","WT","Mutated","WT","WT","WT","WT","WT","WT","WT","WT","WT","WT","WT","WT","TERT,AJUBA","Yes",2009,65,"Female","Never","n.a.",0,0,0,"Current",1,47,47,null,"C02.1 border of tongue","Mobile tongue","Left","T1","N2b","Stage IVA","Stage III-IV","Ipsilateral","                                                                                                                                                                                                                                                               ","2                                                                                                                                                                                                                                                              ","No","Surgery","Surgery","Curative","None","n.a.","Complete response",null,null,"Lamina propria","Cohesive","Unknown","Unknown","Well differentiated","T1","T1","pT_stage","N2b","N2b","pN_stage","Mx","Stage IVA","Stage IVA","Stage III-IV","pDisease",null,2,"No","Clear (>5 mm)","        ","Alive",98,0,60,null,"Moderate","Yes","Yes","Severe","Moderate to severe","None","Little to none"]
["77","Yes",15,1,"CNA_quiet_candidate","Yes",0.05,0.075,26,3,"CNA_quiet_candidate","Yes",0.09,2,0.079,3,0.942,0,0.007,"Exclude","Too_low_cellularity","Exclude",0.079,0.09,3,{"$nulls":31},2009,63,"Male","Former","Cigarettes",20,42,42,"Current",6,40,240,"Dentate","C04.0 anterior floor of mouth","Floor of mouth","Midline","T4a","N0","Stage IVA","Stage III-IV","n.a.","                                                                                                                                                                                                                                                               ","                                                                                                                                                                                                                                                               ","No","Surgery + RT","Surgery + RT","Curative","IMRT","Postoperative","Not applicable",5,2.5,"Bone","Non-cohesive","No","Yes","Poorly differentiated","T4a","T4a","pT_stage","N0","N0","pN_stage",null,"Stage IVA","Stage IVA","Stage III-IV","pDisease",0,0,"No","Close (1-5 mm)","        ","Dead",18,1,18,"Non-cohesive","Moderate","No","Yes","None","Little to none","Moderate","Moderate to severe"]
["80","Yes",4,0,"CNA_quiet_candidate","Yes",0.16,0.421,46,23,"CNA_other",{"$nulls":10},"CNA_other",0.421,0.16,23,{"$nulls":31},2009,21,"Male","Never","n.a.",0,0,0,"Current",4,3,12,"Dentate","C02.1 border of tongue","Mobile tongue","Right","T3","N0","Stage III","Stage III-IV","n.a.","                                                                                                                                                                                                                                                               ","                                                                                                                                                                                                                                                               ","No","Surgery","Surgery","Curative","None","n.a.","Complete response",3.5,1.2,"Muscle","Non-cohesive","No","Yes","Poorly differentiated","T3","T3","pT_stage","N1","N1","pN_stage",null,"Stage III","Stage III","Stage III-IV","pDisease",1,null,"No","Clear (>5 mm)","4       ","Alive",76,0,60,"Non-cohesive","None","No","No","Severe","Moderate to severe","Mild","Little to none"]
["81","Yes",1,0,"CNA_quiet_candidate","Yes",0.15,0.488,37,22,"CNA_other",{"$nulls":10},"CNA_other",0.488,0.15,22,{"$nulls":31},2009,69,"Female","Never","n.a.",0,0,0,"Current",2,51,102,"Dentate","C02.1 border of tongue","Mobile tongue","Right","T1","N0","Stage I","Stage I-II","n.a.","                                                                                                                                                                                                                                                               ","                                                                                                                                                                                                                                                               ","No","Surgery","Surgery","Curative","None","n.a.","Complete response",1.4,null,"Lamina propria","Cohesive","Unknown","Unknown","Moderately differentiated","T1","T1","pT_stage","n.a. (no neck dissection)","N0","cN_stage","Mx","Stage I","Stage I","Stage I-II","pDisease",null,null,"n.a. (no neck dissection)","Unknown (not assessable)","        ","Alive",95,0,60,null,"Moderate","Yes","Yes","Moderate","Moderate to severe","None","Little to none"]
["82","Yes",6,0,"CNA_quiet_candidate","Yes",0.05,0.101,24,3,"CNA_quiet_candidate","Yes",0.12,2.02,0.103,3,0.976,2,0.661,"Exclude","Power_too_low_muts","Exclude",0.103,0.12,3,{"$nulls":31},2009,59,"Male","Never","n.a.",0,0,0,"Current",2,40,80,null,"C02.1 border of tongue","Mobile tongue","Right","T1","N0","Stage I","Stage I-II","n.a.","                                                                                                                                                                                                                                                               ","                                                                                                                                                                                                                                                               ","No","Surgery","Surgery","Curative","None","n.a.","Complete response",null,0.2,"Submucosa","Cohesive","No","No","Well differentiated","T1","T1","pT_stage","N0","N0","pN_stage","Mx","Stage I","Stage I","Stage I-II","pDisease",0,0,"No","Clear (>5 mm)","        ","Alive",63,0,60,null,null,"Yes","Yes","Little","Little to none","Mild","Little to none"]
["83","Yes",15,2,"CNA_quiet_candidate","Yes",0.11,0.83,44,36,"CNA_other",{"$nulls":10},"CNA_other",0.83,0.11,36,{"$nulls":31},2009,61,"Female","Current","Cigarettes",10,42,21,"Current",4,43,172,"Dentate","C02.1 border of tongue","Mobile tongue","Right","T1","N0","Stage I","Stage I-II","n.a.","                                                                                                                                                                                                                                                               ","                                                                                                                                                                                                                                                               ","No","Surgery","Surgery","Curative","None","n.a.",null,1.6,0.7,"Muscle","Non-cohesive","No","Yes","Moderately differentiated","T2","T2","pT_stage","N1","N1","pN_stage",null,"Stage III","Stage III","Stage III-IV","pDisease",1,null,"No","Clear (>5 mm)","4       ","Alive",46,0,46,"Non-cohesive","None","No","No","Severe","Moderate to severe","Mild","Little to none"]
["84","Yes",4,1,"CNA_quiet_candidate","Yes",0.05,0.058,25,2,"Exclude",{"$nulls":10},"Exclude",0.058,0.05,2,{"$nulls":31},2009,66,"Female","Never","n.a.",0,0,0,"Current",1,40,40,"Dentate","C02.1 border of tongue","Mobile tongue","Left","T3","N0","Stage III","Stage III-IV","n.a.","                                                                                                                                                                                                                                                               ","                                                                                                                                                                                                                                                               ","No","Surgery","Surgery","Curative","None","n.a.",null,4.5,0.8,null,"Cohesive","No","No","Well differentiated","T3","T3","pT_stage","N0","N0","pN_stage",null,"Stage III","Stage III","Stage III-IV","pDisease",null,0,"No","Clear (>5 mm)","5       ","Alive",95,0,60,"Cohesive","None","No","No","Severe","Moderate to severe","None","Little to none"]
["85","Yes",0,0,"CNA_quiet_candidate","Yes",0.27,0.014,24,1,"CNA_quiet_candidate","Yes",0.23,2,0.015,1,1,4,1,"CNA_quiet",null,"CNA_quiet",0.015,0.23,1,"WT","Mutated","WT","WT","WT","Mutated","WT","WT","WT","WT","WT","WT","WT","WT","WT","Mutated","WT","WT","WT","WT","Mutated","WT","WT","WT","WT","WT","WT","WT","WT","CASP8,FGFR3,TERT,ASXL1","Yes",2009,77,"Female","Never","n.a.",0,0,0,"Never",0,0,0,null,"C06.2 retromolar area","Retromolar trigone","Right","T1","N0","Stage I","Stage I-II","n.a.","                                                                                                                                                                                                                                                               ","                                                                                                                                                                                                                                                               ","No","Surgery","Surgery","Curative","None","n.a.",null,2,0.6,"Muscle","Cohesive","No","No","Moderately differentiated","T2","T2","pT_stage","N0","N0","pN_stage",null,"Stage II","Stage II","Stage I-II","pDisease",0,null,"No","Close (1-5 mm)","        ","Alive",96,0,60,"Cohesive","Mild","Yes","Yes","Severe","Moderate to severe","None","Little to none"]
["86","Yes",12,1,"CNA_quiet_candidate","Yes",0.15,0.583,62,37,"CNA_other",{"$nulls":10},"CNA_other",0.583,0.15,37,{"$nulls":31},2009,61,"Male","Current","Cigarettes",20,46,46,"Current",6,40,240,null,"C04.0 anterior floor of mouth","Floor of mouth","Left","T2","N0","Stage II","Stage I-II","n.a.","                                                                                                                                                                                                                                                               ","                                                                                                                                                                                                                                                               ","No","Surgery","Surgery","Curative","None","n.a.",null,2.5,0.4,null,"Non-cohesive","No","No","Moderately differentiated","T2","T2","pT_stage","N1","N1","pN_stage",null,"Stage III","Stage III","Stage III-IV","pDisease",null,1,"No","Close (1-5 mm)","        ","Alive",94,0,60,"Non-cohesive","Severe","No","Yes","Severe","Moderate to severe","Mild","Little to none"]
["88","Yes",27,5,"CNA_other","No",{"$nulls":15},"CNA_other",{"$nulls":34},2009,58,"Male","Former","Cigarettes",20,20,20,"Current",1,40,40,null,"C02.1 border of tongue","Mobile tongue","Left","T3","N0","Stage III","Stage III-IV","n.a.","                                                                                                                                                                                                                                                               ","                                                                                                                                                                                                                                                               ","No","Radiotherapy","Radiotherapy","Curative","IMRT","Definitive","Partial response",null,null,"Unknown","Non-cohesive","Unknown","Unknown","Moderately differentiated","n.a. (no surgery)","T3","cT_stage","n.a. (no neck dissection)","N0","cN_stage","77",77,"Stage III","Stage III-IV","cDisease",null,null,"n.a. (no neck dissection)","n.a. (no surgery)","        ","Dead",16,1,16]
["90","Yes",6,2,"CNA_quiet_candidate","Yes",0.32,0.667,54,39,"CNA_other",{"$nulls":10},"CNA_other",0.667,0.32,39,{"$nulls":31},2009,63,"Female","Former","Cigarettes",20,10,10,"Current",1,45,45,"Dentate","C06.2 retromolar area","Retromolar trigone","Left","T4a","N0","Stage IVA","Stage III-IV","n.a.","                                                                                                                                                                                                                                                               ","                                                                                                                                                                                                                                                               ","No","Surgery + RT","Surgery + RT","Curative","IMRT","Postoperative","Complete response",2.1,0.9,"Bone","Non-cohesive","No","Yes","Moderately differentiated","T4a","T4a","pT_stage","N0","N0","pN_stage",null,"Stage IVA","Stage IVA","Stage III-IV","pDisease",null,0,"No","Clear (>5 mm)","        ","Alive",96,0,60,"Non-cohesive","Severe","No","Yes","Severe","Moderate to severe","Mild","Little to none"]
["92","Yes",2,0,"CNA_quiet_candidate","Yes",0.05,0.215,27,6,"CNA_other",{"$nulls":10},"CNA_other",0.215,0.05,6,{"$nulls":31},2009,34,"Female","Never","n.a.",0,0,0,"Never",0,0,0,null,"C02.1 border of tongue","Mobile tongue","Left","T1","N0","Stage I","Stage I-II","n.a.","                                                                                                                                                                                                                                                               ","                                                                                                                                                                                                                                                               ","No","Surgery + RT","Surgery + RT","Curative","IMRT","Postoperative","Complete response",2.5,1.5,"Muscle","Cohesive","Yes","Yes","Well differentiated","T3","T3","pT_stage","N0","N0","pN_stage",null,"Stage III","Stage III","Stage III-IV","pDisease",null,0,"No","Involved (<1 mm)","0,9     ","Alive",84,0,60,"Cohesive",null,"No",null,"Moderate","Moderate to severe","Mild","Little to none"]
["93","Yes",6,0,"CNA_quiet_candidate","Yes",1,0,23,0,"CNA_quiet_candidate","Yes",1,2,0,0,1,0,0.998,"Exclude","No_evidence_of_tumor","Exclude",0,1,0,{"$nulls":31},2009,74,"Male","Current","Cigarettes",10,54,27,"Current",2,56,112,"Edendate ","C02.1 border of tongue","Mobile tongue","Left","T2","N0","Stage II","Stage I-II","n.a.","                                                                                                                                                                                                                                                               ","                                                                                                                                                                                                                                                               ","No","Surgery + RT","Surgery + RT","Curative","IMRT","Postoperative","Complete response",null,null,"Lamina propria","Unknown","Unknown","Unknown","Unknown","T1","T1","pT_stage","N0","N0","pN_stage","Mx","Stage I","Stage I","Stage I-II","pDisease",null,0,"No","Clear (>5 mm)","        ","Dead",106,0,60]
["95","Yes",0,0,"CNA_quiet_candidate","Yes",0.1,0.485,28,12,"CNA_other",{"$nulls":10},"CNA_other",0.485,0.1,12,{"$nulls":31},2009,48,"Female","Former","Cigarettes",10,15,8,"Current",0.42857142857143,35,15,null,"C02.1 border of tongue","Mobile tongue","Right","T1","N0","Stage I","Stage I-II","n.a.","                                                                                                                                                                                                                                                               ","                                                                                                                                                                                                                                                               ","No","Surgery","Surgery","Curative","None","n.a.",{"$nulls":3},"Unknown","Unknown","Unknown","Unknown","Unknown","T1","T1","pT_stage","n.a. (no neck dissection)","N0","cN_stage","Mx","Stage I","Stage I","Stage I-II","pDisease",null,null,"n.a. (no neck dissection)","Clear (>5 mm)","        ","Alive",80,0,60,null,"Mild",null,"Yes"]
["97","Yes",19,5,"Unclear","Yes",0.8,0.145,30,8,"CNA_other",{"$nulls":10},"CNA_other",0.145,0.8,8,{"$nulls":31},2009,76,"Female","Current","Cigarettes",4,60,12,"Never",0,0,0,null,"C03.0 upper gum","Vestibule of the mouth ","Right","T4b","N2b","Stage IVB","Stage III-IV","Ipsilateral","1;2                                                                                                                                                                                                                                                            ","                                                                                                                                                                                                                                                               ","No","Bioradiation","Other","Curative","IMRT","Definitive","Not applicable",null,null,"Unknown","Cohesive","Unknown","Unknown","Unknown","n.a. (no surgery)","T4b","cT_stage","n.a. (no neck dissection)","N2b","cN_stage","77",77,"Stage IVB","Stage III-IV","cDisease",null,null,"n.a. (no neck dissection)","n.a. (no surgery)","        ","Dead",5,1,5,null,null,"Yes","Yes","Little","Little to none","None","Little to none"]
["100","Yes",24,4,"CNA_other","No",{"$nulls":15},"CNA_other",{"$nulls":34},2010,76,"Female","Current","Cigarettes",10,40,20,"Never",0,0,0,null,"C02.1 border of tongue","Mobile tongue","Right","T1","N0","Stage I","Stage I-II","n.a.","                                                                                                                                                                                                                                                               ","                                                                                                                                                                                                                                                               ","No","Surgery","Surgery","Curative","None","n.a.","Complete response",2.1,0.6,"Muscle","Cohesive","No","No","Well differentiated","T2","T2","pT_stage","N1","N1","pN_stage",null,"Stage III","Stage III","Stage III-IV","pDisease",1,null,"No","Clear (>5 mm)","        ","Dead",70,0,60,"Cohesive","None","Yes","No","Moderate","Moderate to severe","None","Little to none"]
["101","Yes",17,3,"CNA_other","No",{"$nulls":15},"CNA_other",{"$nulls":33},"Yes",2009,54,"Female","Former","Cigarettes",10,17,8,"Current",0.42857142857143,38,16,null,"C03.1 lower gum","Vestibule of the mouth ","Left","T4a","N0","Stage IVA","Stage III-IV","n.a.","                                                                                                                                                                                                                                                               ","                                                                                                                                                                                                                                                               ","No","Surgery + CRT","Surgery + CRT","Curative","IMRT","Postoperative","Complete response",4,0.6,"Bone","Non-cohesive","Yes","Yes","Moderately differentiated","T4a","T4a","pT_stage","N2b","N2b","pN_stage",null,"Stage IVA","Stage IVA","Stage III-IV","pDisease",null,2,"No","Clear (>5 mm)","        ","Alive",81,0,60,"Non-cohesive","None","Yes","No","Severe","Moderate to severe","None","Little to none"]
["103","Yes",7,2,"CNA_quiet_candidate","Yes",0.15,0.68,43,29,"CNA_other",{"$nulls":10},"CNA_other",0.68,0.15,29,{"$nulls":30},"Yes",2010,81,"Male","Former","Cigarettes",20,40,40,"Former",3,45,135,"Edendate ","C02.1 border of tongue","Mobile tongue","Right","T1","N0","Stage I","Stage I-II","n.a.","                                                                                                                                                                                                                                                               ","                                                                                                                                                                                                                                                               ","No","Surgery","Surgery","Curative","None","n.a.",null,0.3,0.1,"Muscle","Cohesive","Unknown","Unknown","Poorly differentiated","T1","T1","pT_stage","N0","N0","pN_stage",null,"Stage I","Stage I","Stage I-II","pDisease",null,null,"No","Clear (>5 mm)","        ","Alive",27,0,27,"Cohesive","None",null,"No"]
["104","Yes",32,6,"CNA_other","No",{"$nulls":15},"CNA_other",{"$nulls":34},2010,67,"Male","Former","Cigarettes",20,40,40,"Former",{"$nulls":3},"Edendate ","C02.1 border of tongue","Mobile tongue","Right","T1","N0","Stage I","Stage I-II","n.a.","                                                                                                                                                                                                                                                               ","                                                                                                                                                                                                                                                               ","No","Surgery","Surgery","Curative","None","n.a.",null,0.3,0.4,"Submucosa","Cohesive","Unknown","Yes","Unknown","T1","T1","pT_stage","N0","N0","pN_stage",null,"Stage I","Stage I","Stage I-II","pDisease",null,null,"No","Close (1-5 mm)","        ","Dead",50,1,50,"Cohesive","Severe","Yes","Yes","Little","Little to none","None","Little to none"]
["105","Yes",19,6,"CNA_other","No",{"$nulls":15},"CNA_other",{"$nulls":34},2010,81,"Female","Former","Cigarettes",25,49,61,"Former",5,49,245,"Edendate ","C02.1 border of tongue","Mobile tongue","Right","T2","N0","Stage II","Stage I-II","n.a.","                                                                                                                                                                                                                                                               ","                                                                                                                                                                                                                                                               ","No","Surgery","Surgery","Curative","None","n.a.","Partial response",2.9,1,"Muscle","Non-cohesive","Yes","Yes","Moderately differentiated","T2","T2","pT_stage","n.a. (no neck dissection)","N0","cN_stage",null,"Stage II","Stage II","Stage I-II","pDisease",null,null,"n.a. (no neck dissection)","Involved (<1 mm)","0,82    ","Dead",0,1,0,"Non-cohesive","Severe","Yes","Yes","Severe","Moderate to severe","None","Little to none"]
["106","Yes",8,1,"CNA_quiet_candidate","Yes",0.05,0.131,28,3,"Exclude",{"$nulls":10},"Exclude",0.131,0.05,3,{"$nulls":31},2010,48,"Female","Current","Cigarettes",25,31,39,"Current",8,18,144,null,"C02.1 border of tongue","Mobile tongue","Left","T2","N0","Stage II","Stage I-II","n.a.","                                                                                                                                                                                                                                                               ","                                                                                                                                                                                                                                                               ","No","Surgery","Surgery","Curative","None","n.a.",null,2.5,0.9,"Muscle","Non-cohesive","No","No","Moderately differentiated","T2","T2","pT_stage","N1","N1","pN_stage",null,"Stage III","Stage III","Stage III-IV","pDisease",null,1,"No","Clear (>5 mm)","        ","Alive",84,0,60,"Non-cohesive","None","Yes","No","Moderate","Moderate to severe","Mild","Little to none"]
["107","Yes",18,6,"CNA_other","No",{"$nulls":15},"CNA_other",{"$nulls":34},2010,63,"Male","Current","Cigarettes",25,49,61,"Current",8,33,264,null,"C02.1 border of tongue","Mobile tongue","Right","T2","N1","Stage III","Stage III-IV","Ipsilateral","4                                                                                                                                                                                                                                                              ","                                                                                                                                                                                                                                                               ","No","Surgery + CRT","Surgery + CRT","Curative","IMRT","Postoperative","Not applicable",5.4,1.1,null,"Non-cohesive","Yes","No","Unknown","T3","T3","pT_stage","N3b","N3b","pN_stage",null,"Stage IVB","Stage IVB","Stage III-IV","pDisease",2,null,"Yes","Clear (>5 mm)","3       ","Dead",14,1,14,"Non-cohesive","None","Yes","No","Little","Little to none","None","Little to none"]
["108","Yes",9,1,"CNA_quiet_candidate","Yes",0.29,0.439,35,16,"CNA_other",{"$nulls":10},"CNA_other",0.439,0.29,16,{"$nulls":31},2010,69,"Male","Former","Cigarettes",20,20,20,"Current",3,51,153,null,"C02.1 border of tongue","Mobile tongue","Right","T2","N0","Stage II","Stage I-II","n.a.","                                                                                                                                                                                                                                                               ","                                                                                                                                                                                                                                                               ","No","Surgery","Surgery","Curative","None","n.a.","Complete response",2.5,1.2,null,"Cohesive","No","No","Well differentiated","T3","T3","pT_stage","N1","N1","pN_stage",null,"Stage III","Stage III","Stage III-IV","pDisease",1,0,"No","Clear (>5 mm)","        ","Dead",10,1,10,"Cohesive","None","No","No","Severe","Moderate to severe","None","Little to none"]
["109","Yes",11,3,"CNA_other","No",{"$nulls":15},"CNA_other",{"$nulls":34},2010,59,"Male","Current","Cigars/pipe",5,41,10,"Current",2,41,82,"Dentate","C04.0 anterior floor of mouth","Floor of mouth","Right","T1","N0","Stage I","Stage I-II","n.a.","                                                                                                                                                                                                                                                               ","                                                                                                                                                                                                                                                               ","No","Surgery","Surgery","Curative","None","n.a.",null,0.8,0.2,null,"Cohesive","No","No","Moderately differentiated","T1","T1","pT_stage","N0","N0","pN_stage",null,"Stage I","Stage I","Stage I-II","pDisease",null,null,"No","Clear (>5 mm)","        ","Alive",60,0,60,"Cohesive","None","No","No","Severe","Moderate to severe","Mild","Little to none"]
["112","Yes",11,3,"CNA_other","No",{"$nulls":15},"CNA_other",{"$nulls":34},2010,76,"Male","Former","Cigarettes",20,52,52,"Current",10,58,580,null,"C04.0 anterior floor of mouth","Floor of mouth","Right","T4a","N1","Stage IVA","Stage III-IV","Ipsilateral","2                                                                                                                                                                                                                                                              ","                                                                                                                                                                                                                                                               ","No","Radiotherapy","Radiotherapy","Palliative","IMRT","Definitive","Partial response",null,null,"Unknown","Non-cohesive","Unknown","Unknown","Unknown","n.a. (no surgery)","T4a","cT_stage","n.a. (no neck dissection)","N1","cN_stage","77",77,"Stage IVA","Stage III-IV","cDisease",null,null,"n.a. (no neck dissection)","n.a. (no surgery)","        ","Dead",13,1,13,"Non-cohesive"]
["113","Yes",4,0,"CNA_quiet_candidate","Yes",0.09,0.493,25,12,"CNA_other",{"$nulls":10},"CNA_other",0.493,0.09,12,{"$nulls":31},2010,50,"Male","Current","Cigarettes",16,28,22,"Current",3,15,45,"Dentate","C02.1 border of tongue","Mobile tongue","Right","T1","N0","Stage I","Stage I-II","n.a.","                                                                                                                                                                                                                                                               ","                                                                                                                                                                                                                                                               ","No","Surgery","Surgery","Curative","None","n.a.",null,1.2,0.4,"Muscle","Non-cohesive","No","Yes","Moderately differentiated","T1","T1","pT_stage","N0","N0","pN_stage",null,"Stage I","Stage I","Stage I-II","pDisease",0,0,"No","Clear (>5 mm)","        ","Alive",91,0,60,"Non-cohesive","Severe","Yes","Yes","Moderate","Moderate to severe","None","Little to none"]
["114","Yes",13,4,"CNA_other","No",{"$nulls":15},"CNA_other",{"$nulls":34},2010,73,"Male","Current","Cigarettes",20,55,55,"Current",4,55,220,"Edendate ","C04.0 anterior floor of mouth","Floor of mouth","Left","T2","N0","Stage II","Stage I-II","n.a.","                                                                                                                                                                                                                                                               ","                                                                                                                                                                                                                                                               ","No","Surgery","Surgery","Curative","None","n.a.",null,3.4,1.2,"Muscle","Cohesive","No","No","Moderately differentiated","T3","T3","pT_stage","N0","N0","pN_stage",null,"Stage III","Stage III","Stage III-IV","pDisease",0,0,"No","Clear (>5 mm)","        ","Alive",28,0,28,null,"None","Yes","No","None","Little to none","None","Little to none"]
["116","Yes",15,3,"Unclear","Yes",0.22,0.276,40,19,"CNA_other","Yes",0.35,2,0.27,19,1,3,1,"CNA_other",null,"CNA_other",0.27,0.35,19,"Mutated","WT","WT","WT","Mutated","WT","WT","WT","WT","WT","WT","Mutated","WT","WT","WT","WT","WT","WT","WT","WT","WT","WT","WT","WT","WT","WT","WT","WT","WT","NOTCH2,CDKN2A,TP53","Yes",2010,51,"Male","Current","Cigarettes",20,33,33,"Current",5,33,165,"Dentate","C04.0 anterior floor of mouth","Floor of mouth","Right","T4a","N1","Stage IVA","Stage III-IV","Ipsilateral","4                                                                                                                                                                                                                                                              ","                                                                                                                                                                                                                                                               ","No","Surgery + CRT","Surgery + CRT","Curative","IMRT","Postoperative","Complete response",3,1.5,null,"Non-cohesive","No","Yes","Poorly differentiated","T3","T3","pT_stage","N2a","N2a","pN_stage",null,"Stage IVA","Stage IVA","Stage III-IV","pDisease",1,0,"Yes","Clear (>5 mm)","        ","Dead",26,1,26,"Non-cohesive","None","Yes","No","Little","Little to none","None","Little to none"]
["117","Yes",4,0,"CNA_quiet_candidate","Yes",0.05,0.159,30,5,"Exclude",{"$nulls":10},"Exclude",0.159,0.05,5,{"$nulls":31},2010,69,"Female","Current","Cigarettes",20,51,51,"Current",4,51,204,"Edendate ","C04.0 anterior floor of mouth","Floor of mouth","Right","T1","N0","Stage I","Stage I-II","n.a.","                                                                                                                                                                                                                                                               ","                                                                                                                                                                                                                                                               ","No","Surgery","Surgery","Curative","None","n.a.",null,1.4,null,null,"Non-cohesive","No","No","Moderately differentiated","T1","T1","pT_stage","N0","N0","pN_stage",null,"Stage I","Stage I","Stage I-II","pDisease",0,0,"No","Clear (>5 mm)","        ","Dead",26,1,26,"Non-cohesive",null,"Yes","Yes","Little","Little to none","None","Little to none"]
["118","Yes",13,3,"Unclear","Yes",0.15,0.579,34,22,"CNA_other",{"$nulls":10},"CNA_other",0.579,0.15,22,{"$nulls":31},2010,56,"Female","Current","Cigarettes",19,37,35,"Former",6,38,228,null,"C04.0 anterior floor of mouth","Floor of mouth","Right","T4a","N0","Stage IVA","Stage III-IV","n.a.","                                                                                                                                                                                                                                                               ","                                                                                                                                                                                                                                                               ","No","Surgery + RT","Surgery + RT","Curative","IMRT","Postoperative","Complete response",3,1.3,"Bone","Cohesive","No","No","Moderately differentiated","T4a","T4a","pT_stage","N0","N0","pN_stage",null,"Stage IVA","Stage IVA","Stage III-IV","pDisease",0,0,"No","Clear (>5 mm)","        ","Dead",80,0,60,"Cohesive","None","No","No","Severe","Moderate to severe","Mild","Little to none"]
["119","Yes",0,0,"CNA_quiet_candidate","Yes",0.05,0.331,36,13,"CNA_other",{"$nulls":10},"CNA_other",0.331,0.05,13,{"$nulls":31},2010,61,"Male","Current","Cigarettes",30,43,65,"Current",4,43,172,"Edendate ","C02.1 border of tongue","Mobile tongue","Left","T4a","N2c","Stage IVA","Stage III-IV","Ipsilateral","2                                                                                                                                                                                                                                                              ","2;3;4                                                                                                                                                                                                                                                          ","No","Chemoradiation","Chemoradiotherapy","Curative","IMRT","Definitive","Partial response",null,null,"Unknown","Cohesive","Unknown","Unknown","Moderately differentiated","n.a. (no surgery)","T4a","cT_stage","n.a. (no neck dissection)","N2c","cN_stage","77",77,"Stage IVA","Stage III-IV","cDisease",null,null,"n.a. (no neck dissection)","n.a. (no surgery)","        ","Dead",16,1,16]
["120","Yes",17,3,"CNA_other","No",{"$nulls":15},"CNA_other",{"$nulls":34},2010,65,"Female","Current","Cigarettes",25,20,25,"Former",4,30,120,"Dentate","C04.0 anterior floor of mouth","Floor of mouth","Right","T1","N0","Stage I","Stage I-II","n.a.","                                                                                                                                                                                                                                                               ","                                                                                                                                                                                                                                                               ","No","PDT","Other","Curative","None","n.a.","Not applicable",null,null,"Unknown","Cohesive","Unknown","Unknown","Moderately differentiated","n.a. (no surgery)","T1","cT_stage","n.a. (no neck dissection)","N0","cN_stage","77",77,"Stage I","Stage I-II","cDisease",null,null,"n.a. (no neck dissection)","n.a. (no surgery)","        ","Dead",11,1,11,null,null,"No",null,"Severe","Moderate to severe","Mild","Little to none"]
["121","Yes",16,3,"Unclear","Yes",0.05,0.037,24,1,"Exclude",{"$nulls":10},"Exclude",0.037,0.05,1,{"$nulls":31},2010,77,"Female","Never","n.a.",0,0,0,"Never",0,0,0,"Dentate","C02.1 border of tongue","Mobile tongue","Right","T2","N0","Stage II","Stage I-II","n.a.","                                                                                                                                                                                                                                                               ","                                                                                                                                                                                                                                                               ","No","Surgery + RT","Surgery + RT","Curative","IMRT","Postoperative","Complete response",2.4,1.5,"Unknown","Non-cohesive","No","No","Moderately differentiated","T3","T3","pT_stage","N0","N0","pN_stage",null,"Stage III","Stage III","Stage III-IV","pDisease",0,null,"No","Close (1-5 mm)","1       ","Alive",89,0,60,"Non-cohesive","Mild","No","Yes","Severe","Moderate to severe","None","Little to none"]
["123","Yes",6,1,"CNA_quiet_candidate","Yes",0.32,0.154,25,4,"CNA_quiet_candidate","Yes",0.32,2,0.162,4,1,4,0.991,"CNA_quiet",null,"CNA_quiet",0.162,0.32,4,"WT","Mutated","WT","WT","Mutated","Mutated","WT","WT","WT","WT","WT","WT","WT","WT","WT","WT","WT","WT","WT","WT","WT","WT","WT","WT","WT","WT","WT","WT","WT","CASP8,TERT,CDKN2A",null,2009,54,"Male","Former","Cigarettes",20,10,10,"Current",1,36,36,"Dentate","C06.0 cheek mucosa","Cheek mucosa","Right","T1","N0","Stage I","Stage I-II","n.a.","                                                                                                                                                                                                                                                               ","                                                                                                                                                                                                                                                               ","No","Surgery","Surgery","Curative","None","n.a.","Complete response",2,null,"Unknown","Cohesive","Unknown","Unknown","Well differentiated","T1","T1","pT_stage","N0","N0","pN_stage",null,"Stage I","Stage I","Stage I-II","pDisease",null,null,"n.a. (no neck dissection)","Clear (>5 mm)","        ","Alive",56,0,56]
["124","Yes",15,2,"CNA_quiet_candidate","Yes",0.1,0.492,57,31,"CNA_other",{"$nulls":10},"CNA_other",0.492,0.1,31,{"$nulls":30},"Yes",2010,66,"Female","Current","Cigarettes",10,53,26,"Current",3,49,147,"Edendate ","C03.0 upper gum","Vestibule of the mouth ","Left","T4a","N0","Stage IVA","Stage III-IV","n.a.","                                                                                                                                                                                                                                                               ","                                                                                                                                                                                                                                                               ","No","Surgery + RT","Surgery + RT","Curative","IMRT","Postoperative","Disease progression",5,1.4,"Bone","Non-cohesive","No","Yes","Moderately differentiated","T4a","T4a","pT_stage","N0","N0","pN_stage","Mx","Stage IVA","Stage IVA","Stage III-IV","pDisease",null,0,"No","Close (1-5 mm)","1,5     ","Dead",10,1,10,"Non-cohesive","Mild","Yes","Yes","Little","Little to none","None","Little to none"]
["126","Yes",18,3,"CNA_other","No",{"$nulls":15},"CNA_other",{"$nulls":34},2010,89,"Female","Never","n.a.",0,0,0,"Never",0,0,0,"Edendate ","C03.1 lower gum","Vestibule of the mouth ","Right","T3","N0","Stage III","Stage III-IV","n.a.","                                                                                                                                                                                                                                                               ","                                                                                                                                                                                                                                                               ","No","Radiotherapy","Radiotherapy","Curative","IMRT","Definitive","Not applicable",null,null,"Unknown","Cohesive","Unknown","Unknown","Moderately differentiated","n.a. (no surgery)","T3","cT_stage","n.a. (no neck dissection)","N0","cN_stage","77",77,"Stage III","Stage III-IV","cDisease",null,null,"n.a. (no neck dissection)","n.a. (no surgery)","        ","Dead",3,1,3,null,null,"Yes","Yes"]
["128","Yes",16,3,"CNA_other","No",{"$nulls":15},"CNA_other",{"$nulls":34},2010,76,"Male","Current","Cigars/pipe",1,35,2,"Current",1,58,58,null,"C06.2 retromolar area","Retromolar trigone","Right","T1","N0","Stage I","Stage I-II","n.a.","                                                                                                                                                                                                                                                               ","                                                                                                                                                                                                                                                               ","No","Surgery","Surgery","Curative","None","n.a.","Complete response",0.5,0.2,null,"Cohesive","No","No","Moderately differentiated","T1","T1","pT_stage","N1","N1","pN_stage",null,"Stage III","Stage III","Stage III-IV","pDisease",1,null,"No","Clear (>5 mm)","        ","Alive",83,0,60,"Cohesive","None","No","No","Moderate","Moderate to severe","Mild","Little to none"]
["130","Yes",12,3,"CNA_other","No",{"$nulls":15},"CNA_other",{"$nulls":34},2010,78,"Female","Current","Cigarettes",25,64,80,"Never",0,0,0,"Edendate ","C04.0 anterior floor of mouth","Floor of mouth","Right","T2","N0","Stage II","Stage I-II","n.a.","                                                                                                                                                                                                                                                               ","                                                                                                                                                                                                                                                               ","No","Surgery + RT","Surgery + RT","Curative","IMRT","Postoperative","Not applicable",2.5,0.7,"Bone","Non-cohesive","No","Yes","Moderately differentiated","T4a","T4a","pT_stage","N0","N0","pN_stage",null,"Stage IVA","Stage IVA","Stage III-IV","pDisease",0,0,"No","Close (1-5 mm)","        ","Dead",7,1,7,"Non-cohesive"]
["131","Yes",18,3,"CNA_other","No",{"$nulls":15},"CNA_other",{"$nulls":34},2010,39,"Male","Former","Cigarettes",8,21,8,"Current",0.14285714285714,21,3,null,"C02.1 border of tongue","Mobile tongue","Left","T2","N0","Stage II","Stage I-II","n.a.","                                                                                                                                                                                                                                                               ","                                                                                                                                                                                                                                                               ","No","Surgery","Surgery","Curative","None","n.a.",null,1.2,0.7,"Muscle","Cohesive","No","No","Moderately differentiated","T2","T2","pT_stage","N0","N0","pN_stage",null,"Stage II","Stage II","Stage I-II","pDisease",0,null,"No","Clear (>5 mm)","        ","Alive",59,0,59,"Cohesive","Moderate","No","Yes","Severe","Moderate to severe","None","Little to none"]
["132","Yes",12,2,"CNA_quiet_candidate","Yes",1,0,22,0,"CNA_quiet_candidate","Yes",0.16,2,0,0,1,7,0.994,"CNA_quiet",null,"CNA_quiet",0,0.16,0,"WT","WT","Mutated","WT","WT","Mutated","WT","WT","WT","Mutated","WT","WT","Mutated","WT","WT","WT","WT","WT","WT","WT","WT","WT","WT","WT","WT","WT","WT","WT","WT","FAT1,TERT,NOTCH1,HRAS",null,2010,62,"Female","Former","Cigarettes",20,14,14,"Current",1.42857142857143,44,63,"Dentate","C06.0 cheek mucosa","Cheek mucosa","Right","T2","N0","Stage II","Stage I-II","n.a.","                                                                                                                                                                                                                                                               ","                                                                                                                                                                                                                                                               ","No","Surgery","Surgery","Curative","None","n.a.","Not applicable",1.1,0.1,"Unknown","Cohesive","No","No","Well differentiated","T2","T2","pT_stage","N0","N0","pN_stage",null,"Stage II","Stage II","Stage I-II","pDisease",0,null,"No","Clear (>5 mm)","        ","Alive",22,0,22,null,null,"Yes","Yes","Moderate","Moderate to severe","Moderate","Moderate to severe"]
["133","Yes",8,1,"CNA_quiet_candidate","Yes",1,0,22,0,"CNA_quiet_candidate","Yes",0.06,2,0,0,0.879,3,0,"Exclude","Too_low_cellularity","Exclude",0,0.06,0,{"$nulls":31},2010,60,"Female","Former","Cigarettes",20,5,5,"Current",0.42857142857143,40,17,null,"C02.1 border of tongue","Mobile tongue","Left","T2","N0","Stage II","Stage I-II","n.a.","                                                                                                                                                                                                                                                               ","                                                                                                                                                                                                                                                               ","No","Surgery","Surgery","Curative","None","n.a.","Complete response",1,0.5,null,"Cohesive","No","No","Moderately differentiated","T1","T1","pT_stage","N2a","N2a","pN_stage",null,"Stage IVA","Stage IVA","Stage III-IV","pDisease",null,1,"Yes","Clear (>5 mm)","        ","Alive",73,0,60,"Cohesive","Mild","No","Yes","Severe","Moderate to severe","None","Little to none"]
["136","Yes",3,1,"CNA_quiet_candidate","Yes",0.08,0.171,30,6,"CNA_other",{"$nulls":10},"CNA_other",0.171,0.08,6,{"$nulls":31},2010,56,"Female","Current","Cigarettes",2,38,4,"Current",2,38,76,"Dentate","C02.1 border of tongue","Mobile tongue","Left","T1","N0","Stage I","Stage I-II","n.a.","                                                                                                                                                                                                                                                               ","                                                                                                                                                                                                                                                               ","No","Surgery","Surgery","Curative","None","n.a.",{"$nulls":3},"Lamina propria","Cohesive","No","No","Well differentiated","T1","T1","pT_stage","N0","N0","pN_stage","Mx","Stage I","Stage I","Stage I-II","pDisease",null,0,"No","Clear (>5 mm)","        ","Alive",85,0,60,null,"None","No","No","Severe","Moderate to severe","Mild","Little to none"]
["137","Yes",9,2,"CNA_quiet_candidate","Yes",0.25,0.629,47,28,"CNA_other","Yes",0.25,2.92,0.64,28,0.997,3,0.996,"CNA_other",null,"CNA_other",0.64,0.25,28,"Mutated","WT","WT","WT","WT","Mutated","WT","WT","WT","Mutated","WT","WT","WT","WT","WT","WT","WT","WT","WT","WT","WT","WT","WT","WT","WT","WT","WT","WT","WT","TERT,NOTCH1,TP53",null,2010,81,"Male","Former","Cigarettes",7,19,7,"Former",0.28571428571429,40,11,null,"C02.0 dorsal surface of tongue","Mobile tongue","Left","T2","N3b","Stage IVB","Stage III-IV","Ipsilateral","                                                                                                                                                                                                                                                               ","1;4                                                                                                                                                                                                                                                            ","Yes","Surgery","Surgery","Curative","None","n.a.","Partial response",3.5,1.5,"Muscle","Non-cohesive","No","Yes","Poorly differentiated","T3","T3","pT_stage","N3b","N3b","pN_stage",null,"Stage IVB","Stage IVB","Stage III-IV","pDisease",null,13,"Yes","Close (1-5 mm)","        ","Dead",2,1,2,"Non-cohesive","None","No","No","Little","Little to none","Severe","Moderate to severe"]
["138","Yes",20,4,"CNA_other","No",{"$nulls":15},"CNA_other",{"$nulls":34},2010,70,"Male","Current","Cigarettes",20,40,40,"Current",6,53,318,null,"C06.0 cheek mucosa","Cheek mucosa","Left","T2","N1","Stage III","Stage III-IV","Ipsilateral","                                                                                                                                                                                                                                                               ","2                                                                                                                                                                                                                                                              ","No","Surgery + RT","Surgery + RT","Curative","IMRT","Postoperative","Disease progression",2.5,0.3,"Lamina propria","Non-cohesive","No","No","Moderately differentiated","T2","T2","pT_stage","N2a","N2a","pN_stage","Mx","Stage IVA","Stage IVA","Stage III-IV","pDisease",null,1,"Yes","Clear (>5 mm)","        ","Dead",7,1,7,"Non-cohesive","None","No","No","Moderate","Moderate to severe","Moderate","Moderate to severe"]
["140","Yes",10,2,"CNA_quiet_candidate","Yes",0.32,0.631,42,28,"CNA_other",{"$nulls":10},"CNA_other",0.631,0.32,28,{"$nulls":31},2010,82,"Male","Former","Cigarettes",20,60,60,"Current",3,64,192,null,"C06.2 retromolar area","Retromolar trigone","Right","T1","N0","Stage I","Stage I-II","n.a.","                                                                                                                                                                                                                                                               ","                                                                                                                                                                                                                                                               ","No","Radiotherapy","Radiotherapy","Curative","IMRT","Definitive",{"$nulls":3},"Unknown","Unknown","Unknown","Unknown","Unknown","n.a. (no surgery)","T1","cT_stage","n.a. (no neck dissection)","N0","cN_stage","77",77,"Stage I","Stage I-II","cDisease",null,null,"n.a. (no neck dissection)","n.a. (no surgery)","        ","Dead",40,1,40,null,null,"No"]
["141","Yes",12,2,"CNA_quiet_candidate","Yes",0.2,0.316,48,23,"CNA_other",{"$nulls":10},"CNA_other",0.316,0.2,23,{"$nulls":31},2010,53,"Female","Former","Cigarettes",4,17,3,"Current",0.28571428571429,35,10,"Dentate","C02.1 border of tongue","Mobile tongue","Right","T1","N0","Stage I","Stage I-II","n.a.","                                                                                                                                                                                                                                                               ","                                                                                                                                                                                                                                                               ","No","Surgery","Surgery","Curative","None","n.a.",null,8,4.5,"Muscle","Non-cohesive","No","No","Moderately differentiated","T3","T3","pT_stage","N0","N0","pN_stage",null,"Stage III","Stage III","Stage III-IV","pDisease",0,0,"No","Clear (>5 mm)","        ","Alive",55,0,55,"Non-cohesive","None","No","No","Moderate","Moderate to severe","Moderate","Moderate to severe"]
["144","Yes",5,1,"CNA_quiet_candidate","Yes",0.16,0.584,86,48,"CNA_other",{"$nulls":10},"CNA_other",0.584,0.16,48,{"$nulls":31},2010,63,"Male","Current","Cigarettes",20,47,47,"Current",7,47,329,null,"C02.1 border of tongue","Mobile tongue","Left","T2","N3b","Stage IVB","Stage III-IV","Ipsilateral","                                                                                                                                                                                                                                                               ","2                                                                                                                                                                                                                                                              ","Yes","Surgery + CRT","Surgery + CRT","Curative","IMRT","Postoperative","Complete response",3.4,1.5,null,"Cohesive","No","No","Moderately differentiated","T3","T3","pT_stage","N3b","N3b","pN_stage",null,"Stage IVB","Stage IVB","Stage III-IV","pDisease",1,null,"Yes","Clear (>5 mm)","        ","Dead",30,1,30,"Cohesive","None","No","No","Moderate","Moderate to severe","Moderate","Moderate to severe"]
["146","Yes",8,0,"CNA_quiet_candidate","Yes",0.15,0.222,30,8,"CNA_other",{"$nulls":10},"CNA_other",0.222,0.15,8,{"$nulls":31},2010,76,"Male","Current","Cigarettes",20,58,58,"Current",2,58,116,"Dentate","C04.0 anterior floor of mouth","Floor of mouth","Midline","T1","N0","Stage I","Stage I-II","n.a.","                                                                                                                                                                                                                                                               ","                                                                                                                                                                                                                                                               ","No","Surgery","Surgery","Curative","None","n.a.","Complete response",null,null,"Submucosa","Cohesive","Unknown","Unknown","Unknown","T1","T1","pT_stage","n.a. (no neck dissection)","N0","cN_stage","Mx","Stage I","Stage I","Stage I-II","pDisease",null,null,"n.a. (no neck dissection)","Involved (<1 mm)","0       ","Alive",57,0,57,null,"Severe","No","Yes","Moderate","Moderate to severe","Moderate","Moderate to severe"]
["148","Yes",18,4,"Unclear","Yes",0.51,0.306,35,15,"CNA_other","Yes",0.51,2.02,0.309,16,1,4,0.999,"CNA_other",null,"CNA_other",0.309,0.51,15,"WT","Mutated","WT","WT","WT","Mutated","WT","WT","WT","WT","WT","WT","Mutated","WT","WT","WT","WT","WT","WT","WT","WT","WT","Mutated","WT","WT","WT","WT","WT","WT","CASP8,FAT1,TERT,KEAP1",null,2010,58,"Female","Current","Cigarettes",10,44,22,"Current",2,41,82,null,"C02.1 border of tongue","Mobile tongue","Left","T2","N0","Stage II","Stage I-II","n.a.","                                                                                                                                                                                                                                                               ","                                                                                                                                                                                                                                                               ","No","Surgery","Surgery","Curative","None","n.a.","Complete response",2.1,0.6,"Muscle","Non-cohesive","No","No","Moderately differentiated","T2","T2","pT_stage","N2b","N2b","pN_stage","Mx","Stage IVA","Stage IVA","Stage III-IV","pDisease",null,2,"No","Clear (>5 mm)","        ","Dead",13,1,13,"Non-cohesive","None",null,"No","Little","Little to none","Mild","Little to none"]
["149","Yes",10,1,"CNA_quiet_candidate","Yes",0.17,0.288,29,12,"CNA_other",{"$nulls":10},"CNA_other",0.288,0.17,12,{"$nulls":31},2010,88,"Male","Former","Cigarettes",20,24,24,"Former",{"$nulls":3},"Edendate ","C02.1 border of tongue","Mobile tongue","Left","T3","N2b","Stage IVA","Stage III-IV","Ipsilateral","                                                                                                                                                                                                                                                               ","2                                                                                                                                                                                                                                                              ","No","Surgery","Surgery","Curative","None","n.a.","Complete response",4,0.5,null,"Cohesive","No","No","Well differentiated","T2","T2","pT_stage","N3b","N3b","pN_stage",null,"Stage IVB","Stage IVB","Stage III-IV","pDisease",null,4,"Yes","Clear (>5 mm)","        ","Dead",1,1,1,"Cohesive","Severe","No","Yes","Moderate","Moderate to severe","Mild","Little to none"]
["152","Yes",9,0,"CNA_quiet_candidate","Yes",0.19,0.554,36,21,"CNA_other",{"$nulls":10},"CNA_other",0.554,0.19,21,{"$nulls":31},2010,64,"Male","Current","Cigarettes",20,46,46,"Current",10,46,460,"Dentate","C04.0 anterior floor of mouth","Floor of mouth","Right","T2","N0","Stage II","Stage I-II","n.a.","                                                                                                                                                                                                                                                               ","                                                                                                                                                                                                                                                               ","No","Surgery","Surgery","Curative","None","n.a.","Complete response",0.8,0.2,"Lamina propria","Non-cohesive","No","No","Poorly differentiated","T1","T1","pT_stage","n.a. (no neck dissection)","N0","cN_stage","Mx","Stage I","Stage I","Stage I-II","pDisease",null,null,"n.a. (no neck dissection)","Close (1-5 mm)","4       ","Dead",51,1,51,null,"Severe","No","Yes","Little","Little to none","Moderate","Moderate to severe"]
["153","Yes",2,0,"CNA_quiet_candidate","Yes",1,0,22,0,"CNA_quiet_candidate","Yes",1,2,0,0,1,0,0.999,"Exclude","No_evidence_of_tumor","Exclude",0,1,0,{"$nulls":31},2010,62,"Female","Current","Cigarettes",10,30,15,"Current",3,44,132,"Dentate","C04.0 anterior floor of mouth","Floor of mouth","Left","T1","N0","Stage I","Stage I-II","n.a.","                                                                                                                                                                                                                                                               ","                                                                                                                                                                                                                                                               ","No","Surgery","Surgery","Curative","None","n.a.","Complete response",0.6,0.1,"Lamina propria","Unknown","No","No","Unknown","T1","T1","pT_stage","N0","N0","pN_stage",null,"Stage I","Stage I","Stage I-II","pDisease",1,0,"No","Close (1-5 mm)","        ","Alive",84,0,60,null,"Moderate","No","Yes","Severe","Moderate to severe","None","Little to none"]
["157","Yes",10,2,"CNA_quiet_candidate","Yes",0.37,0.203,32,11,"CNA_other",{"$nulls":10},"CNA_other",0.203,0.37,11,{"$nulls":31},2010,60,"Male","Current","Cigarettes",30,20,30,"Current",7,10,70,"Dentate","C04.0 anterior floor of mouth","Floor of mouth","Left","T1","N0","Stage I","Stage I-II","n.a.","                                                                                                                                                                                                                                                               ","                                                                                                                                                                                                                                                               ","No","Surgery","Surgery","Curative","None","n.a.","Complete response",0.6,null,"Lamina propria","Cohesive","Unknown","Unknown","Moderately differentiated","T1","T1","pT_stage","N0","N0","pN_stage","Mx","Stage I","Stage I","Stage I-II","pDisease",null,0,"No","Clear (>5 mm)","        ","Dead",66,0,60,null,"None","No","No","Moderate","Moderate to severe","None","Little to none"]
["160","Yes",20,3,"CNA_other","No",{"$nulls":15},"CNA_other",{"$nulls":34},2010,70,"Male","Current","Cigarettes",40,50,100,"Current",6,52,312,"Dentate","C03.1 lower gum","Vestibule of the mouth ","Midline","T2","N0","Stage II","Stage I-II","n.a.","                                                                                                                                                                                                                                                               ","                                                                                                                                                                                                                                                               ","No","Surgery","Surgery","Curative","None","n.a.","Complete response",1.9,0.5,null,"Cohesive","No","No","Moderately differentiated","T2","T2","pT_stage","N0","N0","pN_stage",null,"Stage II","Stage II","Stage I-II","pDisease",0,0,"No","Clear (>5 mm)","        ","Dead",65,0,60,"Cohesive","Severe","No","Yes","None","Little to none","Moderate","Moderate to severe"]
["162","Yes",5,1,"CNA_quiet_candidate","Yes",0.23,0.494,39,23,"CNA_other","Yes",0.39,2.12,0.489,23,0.999,3,0.999,"CNA_other",null,"CNA_other",0.489,0.39,23,"Mutated","WT","WT","WT","WT","Mutated","WT","WT","WT","Mutated","WT","WT","WT","WT","WT","WT","WT","WT","WT","WT","WT","WT","WT","WT","WT","WT","WT","WT","WT","TERT,NOTCH1,TP53",null,2010,79,"Male","Former","Cigarettes",20,26,26,"Former",2,61,122,"Edendate ","C06.0 cheek mucosa","Cheek mucosa","Left","T3","N0","Stage III","Stage III-IV","n.a.","                                                                                                                                                                                                                                                               ","                                                                                                                                                                                                                                                               ","No","Radiotherapy","Radiotherapy","Curative","IMRT","Definitive","Not applicable",null,null,"Unknown","Cohesive","Unknown","Unknown","Well differentiated","n.a. (no surgery)","T3","cT_stage","n.a. (no neck dissection)","N0","cN_stage","77",77,"Stage III","Stage III-IV","cDisease",null,null,"n.a. (no neck dissection)","n.a. (no surgery)","        ","Dead",38,1,38]
["163","Yes",10,2,"CNA_quiet_candidate","Yes",0.24,0.638,39,31,"CNA_other",{"$nulls":10},"CNA_other",0.638,0.24,31,{"$nulls":31},2010,70,"Male","Current","Cigarettes",20,40,40,"Current",0.14285714285714,52,7,null,"C04.0 anterior floor of mouth","Floor of mouth","Right","T1","N0","Stage I","Stage I-II","n.a.","                                                                                                                                                                                                                                                               ","                                                                                                                                                                                                                                                               ","No","Surgery","Surgery","Curative","None","n.a.","Complete response",null,null,"Unknown","Cohesive","Unknown","Unknown","Moderately differentiated","T1","T1","pT_stage","N0","N0","pN_stage","Mx","Stage I","Stage I","Stage I-II","pDisease",0,null,"No","Clear (>5 mm)","        ","Alive",71,0,60,null,"None","No","No","Little","Little to none","Mild","Little to none"]
["164","Yes",20,2,"CNA_quiet_candidate","Yes",0.29,0.688,64,44,"CNA_other",{"$nulls":10},"CNA_other",0.688,0.29,44,{"$nulls":30},"Yes",2010,67,"Male","Current","Cigarettes",20,49,49,"Current",3,49,147,"Edendate ","C04.0 anterior floor of mouth","Floor of mouth","Right","T4a","N1","Stage IVA","Stage III-IV","Ipsilateral","1                                                                                                                                                                                                                                                              ","                                                                                                                                                                                                                                                               ","No","Surgery + RT","Surgery + RT","Curative","IMRT","Postoperative","Complete response",5,2.2,"Muscle","Cohesive","No","No","Moderately differentiated","T4a","T4a","pT_stage","N3b","N3b","pN_stage",null,"Stage IVB","Stage IVB","Stage III-IV","pDisease",2,0,"Yes","Clear (>5 mm)","5       ","Alive",71,0,60,"Cohesive","Mild","Yes","Yes","None","Little to none","Moderate","Moderate to severe"]
["167","Yes",17,4,"CNA_other","No",{"$nulls":15},"CNA_other",{"$nulls":34},2010,62,"Male","Former","Cigarettes",20,29,29,"Current",0.14285714285714,44,6,"Dentate","C02.1 border of tongue","Mobile tongue","Right","T2","N0","Stage II","Stage I-II","n.a.","                                                                                                                                                                                                                                                               ","                                                                                                                                                                                                                                                               ","No","Surgery","Surgery","Curative","None","n.a.","Complete response",3,0.5,"Submucosa","Cohesive","No","Yes","Well differentiated","T2","T2","pT_stage","N0","N0","pN_stage",null,"Stage II","Stage II","Stage I-II","pDisease",0,null,"No","Clear (>5 mm)","        ","Dead",63,0,60,"Cohesive","None","No","No","Severe","Moderate to severe","Mild","Little to none"]
["168","Yes",26,7,"CNA_other","No",{"$nulls":15},"CNA_other",{"$nulls":34},2010,29,"Male","Current","Cigarettes",7,15,5,"Current",3,11,33,null,"C02.1 border of tongue","Mobile tongue","Right","T1","N0","Stage I","Stage I-II","n.a.","                                                                                                                                                                                                                                                               ","                                                                                                                                                                                                                                                               ","No","Surgery","Surgery","Curative","None","n.a.","Complete response",1.4,0.5,null,"Non-cohesive","No","Yes","Moderately differentiated","T1","T1","pT_stage","N1","N1","pN_stage",null,"Stage III","Stage III","Stage III-IV","pDisease",1,null,"No","Clear (>5 mm)","        ","Dead",96,0,60,"Non-cohesive",null,"No",null,"Moderate","Moderate to severe","None","Little to none"]
["170","Yes",0,0,"CNA_quiet_candidate","Yes",1,0,24,0,"CNA_quiet_candidate","Yes",1,2,0,0,1,0,1,"Exclude","No_evidence_of_tumor","Exclude",0,1,0,{"$nulls":31},2011,69,"Male","Never","n.a.",0,0,0,"Current",0.42857142857143,51,22,null,"C02.2 ventral surface of tongue","Mobile tongue","Right","T1","N0","Stage I","Stage I-II","n.a.","                                                                                                                                                                                                                                                               ","                                                                                                                                                                                                                                                               ","No","Surgery","Surgery","Curative","None","n.a.","Complete response",null,null,"Unknown","Unknown","Unknown","Unknown","Well differentiated","T1","T1","pT_stage","n.a. (no neck dissection)","N0","cN_stage","Mx","Stage I","Stage I","Stage I-II","pDisease",null,null,"n.a. (no neck dissection)","Clear (>5 mm)","        ","Alive",66,0,60,null,"Severe","No","Yes","Moderate","Moderate to severe","None","Little to none"]
["171","Yes",24,4,"CNA_other","No",{"$nulls":15},"CNA_other",{"$nulls":34},2011,76,"Male","Current","Cigarettes",20,60,60,"Current",2,58,116,"Edendate ","C04.0 anterior floor of mouth","Floor of mouth","Left","T2","N0","Stage II","Stage I-II","n.a.","                                                                                                                                                                                                                                                               ","                                                                                                                                                                                                                                                               ","No","Surgery + RT","Surgery + RT","Curative","IMRT","Postoperative","Complete response",3.2,1.3,null,"Non-cohesive","No","Yes","Moderately differentiated","T3","T3","pT_stage","N0","N0","pN_stage",null,"Stage III","Stage III","Stage III-IV","pDisease",null,0,"No","Close (1-5 mm)","1       ","Dead",42,1,42,"Non-cohesive","None","No","No","Moderate","Moderate to severe","Moderate","Moderate to severe"]
["172","Yes",11,3,"CNA_other","No",{"$nulls":15},"CNA_other",{"$nulls":34},2011,40,"Male","Current","Cigarettes",10,12,6,"Current",0.14285714285714,22,3,"Dentate","C02.1 border of tongue","Mobile tongue","Right","T1","N0","Stage I","Stage I-II","n.a.","                                                                                                                                                                                                                                                               ","                                                                                                                                                                                                                                                               ","No","Surgery","Surgery","Curative","None","n.a.","Complete response",1,0.4,"Muscle","Cohesive","No","No","Moderately differentiated","T1","T1","pT_stage","N0","N0","pN_stage",null,"Stage I","Stage I","Stage I-II","pDisease",0,null,"No","Clear (>5 mm)","        ","Alive",62,0,60,"Cohesive","Severe","Yes","Yes","Little","Little to none","Mild","Little to none"]
["174","Yes",14,3,"CNA_other","No",{"$nulls":15},"CNA_other",{"$nulls":34},2011,62,"Male","Former","Cigarettes",10,42,21,"Current",3,44,132,null,"C02.1 border of tongue","Mobile tongue","Right","T1","N0","Stage I","Stage I-II","n.a.","                                                                                                                                                                                                                                                               ","                                                                                                                                                                                                                                                               ","No","Surgery","Surgery","Curative","None","n.a.","Complete response",1.5,0.4,null,"Non-cohesive","No","No","Poorly differentiated","T1","T1","pT_stage","N0","N0","pN_stage",null,"Stage I","Stage I","Stage I-II","pDisease",0,0,"No","Clear (>5 mm)","5       ","Alive",63,0,60,"Non-cohesive","Mild","No","Yes","Severe","Moderate to severe","Moderate","Moderate to severe"]
["175","Yes",24,6,"CNA_other","No",{"$nulls":15},"CNA_other",{"$nulls":34},2011,55,"Male","Current","Cigarettes",25,56,70,"Current",10,30,300,null,"C04.0 anterior floor of mouth","Floor of mouth","Left","T2","N1","Stage III","Stage III-IV","Ipsilateral","                                                                                                                                                                                                                                                               ","3                                                                                                                                                                                                                                                              ","No","Surgery","Surgery","Curative","None","n.a.","Complete response",2.1,0.8,"Muscle","Non-cohesive","Yes","No","Moderately differentiated","T2","T2","pT_stage","N1","N1","pN_stage","Mx","Stage III","Stage III","Stage III-IV","pDisease",0,1,"No","Clear (>5 mm)","5       ","Dead",31,1,31,null,"None","No","No","Little","Little to none","Severe","Moderate to severe"]
["176","Yes",14,2,"CNA_quiet_candidate","Yes",0.36,0.522,48,32,"CNA_other",{"$nulls":10},"CNA_other",0.522,0.36,32,{"$nulls":31},2011,29,"Female","Former","Cigarettes",8,14,6,"Never",0,0,0,null,"C02.1 border of tongue","Mobile tongue","Left","T2","N0","Stage II","Stage I-II","n.a.","                                                                                                                                                                                                                                                               ","                                                                                                                                                                                                                                                               ","No","Surgery","Surgery","Curative","None","n.a.","Complete response",2.1,1.3,null,"Non-cohesive","No","No","Moderately differentiated","T3","T3","pT_stage","N0","N0","pN_stage",null,"Stage III","Stage III","Stage III-IV","pDisease",null,0,"No","Clear (>5 mm)","6       ","Alive",66,0,60,"Non-cohesive","None","Yes","No","Little","Little to none","None","Little to none"]
["177","Yes",10,2,"CNA_quiet_candidate","Yes",0.77,0.048,24,1,"CNA_quiet_candidate","Yes",0.8,2,0.049,1,1,5,0.997,"CNA_quiet",null,"CNA_quiet",0.049,0.8,1,"WT","Mutated","Mutated","Mutated","WT","Mutated","WT","WT","WT","Mutated","WT","WT","WT","WT","WT","WT","WT","WT","WT","WT","WT","WT","WT","WT","WT","WT","WT","WT","WT","CASP8,PIK3CA,TERT,NOTCH1,HRAS","Yes",2011,58,"Female","Current","Cigarettes",5,40,10,"Current",1,40,40,null,"C02.1 border of tongue","Mobile tongue","Left","T2","N0","Stage II","Stage I-II","n.a.","                                                                                                                                                                                                                                                               ","                                                                                                                                                                                                                                                               ","No","Surgery","Surgery","Curative","None","n.a.","Complete response",2.7,0.4,null,"Cohesive","No","No","Well differentiated","T2","T2","pT_stage","N0","N0","pN_stage",null,"Stage II","Stage II","Stage I-II","pDisease",null,0,"No","Clear (>5 mm)","        ","Alive",65,0,60,null,"Mild","Yes","Yes","Severe","Moderate to severe","None","Little to none"]
["180","Yes",15,4,"CNA_other","No",{"$nulls":15},"CNA_other",{"$nulls":34},2011,81,"Male","Former","Cigarettes",10,30,15,"Current",1,60,60,null,"C02.1 border of tongue","Mobile tongue","Right","T2","N0","Stage II","Stage I-II","n.a.","                                                                                                                                                                                                                                                               ","                                                                                                                                                                                                                                                               ","No","Surgery","Surgery","Curative","None","n.a.","Complete response",2.5,0.8,"Muscle","Cohesive","No","No","Moderately differentiated","T2","T2","pT_stage","N0","N0","pN_stage",null,"Stage II","Stage II","Stage I-II","pDisease",0,null,"No","Close (1-5 mm)","        ","Alive",9,0,9,null,"None","No","No","Severe","Moderate to severe","Mild","Little to none"]
["181","Yes",3,0,"CNA_quiet_candidate","Yes",0.15,0.503,29,12,"CNA_other",{"$nulls":10},"CNA_other",0.503,0.15,12,{"$nulls":31},2011,77,"Female","Former","Cigarettes",15,30,22,"Current",0.42857142857143,59,25,null,"C06.0 cheek mucosa","Cheek mucosa","Right","T1","N0","Stage I","Stage I-II","n.a.","                                                                                                                                                                                                                                                               ","                                                                                                                                                                                                                                                               ","No","Surgery","Surgery","Curative","None","n.a.","Complete response",1.3,0.6,null,"Non-cohesive","No","Yes","Moderately differentiated","T2","T2","pT_stage","N0","N0","pN_stage",null,"Stage II","Stage II","Stage I-II","pDisease",0,null,"No","Clear (>5 mm)","1,5     ","Alive",64,0,60,"Non-cohesive","None","No","No","Little","Little to none","Severe","Moderate to severe"]
["183","Yes",5,1,"CNA_quiet_candidate","Yes",0.1,0.295,34,14,"CNA_other",{"$nulls":10},"CNA_other",0.295,0.1,14,{"$nulls":31},2011,77,"Male","Never","n.a.",0,0,0,"Never",0,0,0,"Edendate ","C02.1 border of tongue","Mobile tongue","Left","T2","N0","Stage II","Stage I-II","n.a.","                                                                                                                                                                                                                                                               ","                                                                                                                                                                                                                                                               ","No","Surgery + RT","Surgery + RT","Curative","IMRT","Postoperative","Complete response",2.9,1.4,null,"Non-cohesive","No","Yes","Moderately differentiated","T3","T3","pT_stage","N0","N0","pN_stage",null,"Stage III","Stage III","Stage III-IV","pDisease",null,0,"No","Clear (>5 mm)","        ","Dead",22,1,22,"Non-cohesive","None","No","No","Severe","Moderate to severe","Severe","Moderate to severe"]
["184","Yes",12,2,"CNA_quiet_candidate","Yes",0.23,0.383,29,13,"CNA_other",{"$nulls":10},"CNA_other",0.383,0.23,13,{"$nulls":31},2011,47,"Male","Never","n.a.",0,0,0,"Current",0.033,29,1,null,"C02.1 border of tongue","Mobile tongue","Right","T2","N0","Stage II","Stage I-II","n.a.","                                                                                                                                                                                                                                                               ","                                                                                                                                                                                                                                                               ","No","Surgery","Surgery","Curative","None","n.a.","Complete response",3.5,0.7,null,"Non-cohesive","No","No","Moderately differentiated","T2","T2","pT_stage","N1","N1","pN_stage",null,"Stage III","Stage III","Stage III-IV","pDisease",1,null,"No","Clear (>5 mm)","        ","Alive",60,0,60,null,"None","No","No","Little","Little to none","Severe","Moderate to severe"]
["185","Yes",2,0,"CNA_quiet_candidate","Yes",0.11,0.397,33,15,"CNA_other",{"$nulls":10},"CNA_other",0.397,0.11,15,{"$nulls":30},"Yes",2011,40,"Female","Former","Cigarettes",12,30,18,"Current",0.57142857142857,25,14,null,"C02.1 border of tongue","Mobile tongue","Right","T1","N0","Stage I","Stage I-II","n.a.","                                                                                                                                                                                                                                                               ","                                                                                                                                                                                                                                                               ","No","Surgery","Surgery","Curative","None","n.a.","Complete response",1.7,0.4,null,"Non-cohesive","No","No","Moderately differentiated","T1","T1","pT_stage","N1","N1","pN_stage",null,"Stage III","Stage III","Stage III-IV","pDisease",1,null,"No","Clear (>5 mm)","        ","Dead",30,1,30,"Non-cohesive","Severe","No","Yes","Severe","Moderate to severe","None","Little to none"]
["186","Yes",15,4,"CNA_other","No",{"$nulls":15},"CNA_other",{"$nulls":34},2011,40,"Male","Never","n.a.",0,0,0,"Former",{"$nulls":4},"C02.1 border of tongue","Mobile tongue","Left","T3","N1","Stage III","Stage III-IV","Ipsilateral","                                                                                                                                                                                                                                                               ","1                                                                                                                                                                                                                                                              ","No","Chemoradiation","Chemoradiotherapy","Curative","IMRT","Definitive","Complete response",null,null,"Lamina propria","Cohesive","Unknown","Unknown","Unknown","n.a. (no surgery)","T3","cT_stage","n.a. (no neck dissection)","N1","cN_stage","77",77,"Stage III","Stage III-IV","cDisease",null,null,"n.a. (no neck dissection)","n.a. (no surgery)","        ","Dead",26,1,26,null,null,"No",null,"Severe","Moderate to severe","Mild","Little to none"]
["187","Yes",27,7,"CNA_other","No",{"$nulls":15},"CNA_other",{"$nulls":34},2011,89,"Male","Former","Cigarettes",20,60,60,"Current",0.14285714285714,71,10,"Dentate","C02.1 border of tongue","Mobile tongue","Left","T3","N0","Stage III","Stage III-IV","n.a.","                                                                                                                                                                                                                                                               ","                                                                                                                                                                                                                                                               ","No","Surgery","Surgery","Curative","None","n.a.","Complete response",3,1.2,null,"Non-cohesive","No","No","Poorly differentiated","T3","T3","pT_stage","N2a","N2a","pN_stage",null,"Stage IVA","Stage IVA","Stage III-IV","pDisease",null,1,"Yes","Clear (>5 mm)","        ","Dead",17,1,17,"Non-cohesive",null,"Yes","Yes","Little","Little to none","Severe","Moderate to severe"]
["190","Yes",18,4,"CNA_other","No",{"$nulls":15},"CNA_other",{"$nulls":34},2013,66,"Female","Former","Cigarettes",20,1,1,"Current",0.42857142857143,40,17,null,"C02.1 border of tongue","Mobile tongue","Left","T1","N0","Stage I","Stage I-II","n.a.","                                                                                                                                                                                                                                                               ","                                                                                                                                                                                                                                                               ","No","Surgery","Surgery","Curative","None","n.a.","Complete response",1.2,0.6,null,"Non-cohesive","No","No","Poorly differentiated","T2","T2","pT_stage","N0","N0","pN_stage",null,"Stage II","Stage II","Stage I-II","pDisease",null,0,"No","Clear (>5 mm)","        ","Alive",43,0,43,"Non-cohesive",null,"No",null,"Severe","Moderate to severe","None","Little to none"]
["193","Yes",15,4,"CNA_other","No",{"$nulls":15},"CNA_other",{"$nulls":34},2011,46,"Male","Current","Cigarettes",20,30,30,"Current",2,28,56,"Dentate","C04.0 anterior floor of mouth","Floor of mouth","Right","T1","N0","Stage I","Stage I-II","n.a.","                                                                                                                                                                                                                                                               ","                                                                                                                                                                                                                                                               ","No","Surgery","Surgery","Curative","None","n.a.","Complete response",0.9,0.5,null,"Non-cohesive","No","No","Well differentiated","T1","T1","pT_stage","N0","N0","pN_stage",null,"Stage I","Stage I","Stage I-II","pDisease",0,0,"No","Clear (>5 mm)","        ","Alive",56,0,56,"Non-cohesive","Moderate","No","Yes","Little","Little to none","Moderate","Moderate to severe"]
["195","Yes",7,2,"CNA_quiet_candidate","Yes",0.35,0.268,46,25,"CNA_other",{"$nulls":10},"CNA_other",0.268,0.35,25,{"$nulls":31},2011,60,"Male","Current","Cigarettes",20,45,45,"Current",4,42,168,"Edendate ","C06.0 cheek mucosa","Cheek mucosa","Right","T4a","N1","Stage IVA","Stage III-IV","Ipsilateral","1                                                                                                                                                                                                                                                              ","                                                                                                                                                                                                                                                               ","No","Radiotherapy","Radiotherapy","Palliative","IMRT","Definitive","Not applicable",null,null,"Unknown","Cohesive","Unknown","Unknown","Moderately differentiated","n.a. (no surgery)","T4a","cT_stage","n.a. (no neck dissection)","N1","cN_stage","77",77,"Stage IVA","Stage III-IV","cDisease",null,null,"n.a. (no neck dissection)","n.a. (no surgery)","        ","Dead",3,1,3]
["196","Yes",24,6,"CNA_other","No",{"$nulls":15},"CNA_other",{"$nulls":34},2011,50,"Male","Former","Cigarettes",20,20,20,"Current",5,32,160,"Dentate","C02.1 border of tongue","Mobile tongue","Left","T3","N0","Stage III","Stage III-IV","n.a.","                                                                                                                                                                                                                                                               ","                                                                                                                                                                                                                                                               ","No","Chemoradiation","Chemoradiotherapy","Curative","IMRT","Definitive","Partial response",null,null,"Unknown","Cohesive","No","No","Moderately differentiated","n.a. (no surgery)","T3","cT_stage","n.a. (no neck dissection)","N0","cN_stage","77",77,"Stage III","Stage III-IV","cDisease",null,null,"n.a. (no neck dissection)","n.a. (no surgery)","        ","Dead",12,1,12,"Cohesive",null,"Yes","Yes"]
["197","Yes",5,1,"CNA_quiet_candidate","Yes",0.06,0.36,37,14,"CNA_other",{"$nulls":10},"CNA_other",0.36,0.06,14,{"$nulls":31},2011,46,"Male","Never","n.a.",0,0,0,"Current",4,28,112,null,"C02.1 border of tongue","Mobile tongue","Right","T1","N0","Stage I","Stage I-II","n.a.","                                                                                                                                                                                                                                                               ","                                                                                                                                                                                                                                                               ","No","Surgery","Surgery","Curative","None","n.a.","Complete response",1.5,0.7,null,"Cohesive","No","No","Moderately differentiated","T2","T2","pT_stage","N0","N0","pN_stage",null,"Stage II","Stage II","Stage I-II","pDisease",null,null,"No","Clear (>5 mm)","        ","Alive",62,0,60,"Cohesive",null,"Yes","Yes","Little","Little to none","None","Little to none"]
["198","Yes",0,0,"CNA_quiet_candidate","Yes",0.38,0.318,28,11,"CNA_other","Yes",0.62,3.99,0.327,11,1,5,0.999,"CNA_other",null,"CNA_other",0.327,0.62,11,"Mutated","WT","WT","WT","Mutated","Mutated","WT","WT","WT","WT","WT","WT","WT","WT","WT","WT","WT","Mutated","WT","WT","WT","WT","WT","WT","WT","WT","WT","WT","WT","TERT,CDKN2A,PTEN,TP53",null,2011,51,"Male","Current","Cigarettes",20,26,26,"Current",4,33,132,null,"C02.1 border of tongue","Mobile tongue","Left","T1","N0","Stage I","Stage I-II","n.a.","                                                                                                                                                                                                                                                               ","                                                                                                                                                                                                                                                               ","No","Surgery","Surgery","Curative","None","n.a.","Complete response",null,null,"Lamina propria","Cohesive","No","No","Well differentiated","T1","T1","pT_stage","N0","N0","pN_stage","Mx","Stage I","Stage I","Stage I-II","pDisease",null,0,"No","Clear (>5 mm)","        ","Alive",61,0,60,"Cohesive","None","No","No","Little","Little to none","Moderate","Moderate to severe"]
["199","Yes",11,2,"CNA_quiet_candidate","Yes",0.13,0.408,43,21,"CNA_other",{"$nulls":10},"CNA_other",0.408,0.13,21,{"$nulls":31},2011,63,"Male","Current","Cigarettes",15,49,37,"Current",8,45,360,null,"C04.0 anterior floor of mouth","Floor of mouth","Left","T4a","N2c","Stage IVA","Stage III-IV","Bilateral","1                                                                                                                                                                                                                                                              ","1                                                                                                                                                                                                                                                              ","No","Surgery + CRT","Surgery + CRT","Curative","IMRT","Postoperative","Complete response",4.5,2.7,"Bone","Non-cohesive","Yes","Yes","Moderately differentiated","T4a","T4a","pT_stage","N3b","N3b","pN_stage",null,"Stage IVB","Stage IVB","Stage III-IV","pDisease",7,5,"Yes","Clear (>5 mm)","        ","Alive",58,0,58,"Non-cohesive",null,"No",null,"Moderate","Moderate to severe","Moderate","Moderate to severe"]
["200","Yes",8,2,"CNA_quiet_candidate","Yes",0.29,0.257,31,13,"CNA_other",{"$nulls":10},"CNA_other",0.257,0.29,13,{"$nulls":31},2011,78,"Female","Current","Cigarettes",10,60,30,"Never",0,0,0,null,"C03.1 lower gum","Vestibule of the mouth ","Right","T1","N0","Stage I","Stage I-II","n.a.","                                                                                                                                                                                                                                                               ","                                                                                                                                                                                                                                                               ","No","Surgery","Surgery","Curative","None","n.a.","Complete response",1,0.2,null,"Cohesive","No","No","Well differentiated","T1","T1","pT_stage","N0","N0","pN_stage",null,"Stage I","Stage I","Stage I-II","pDisease",0,null,"No","Clear (>5 mm)","        ","Dead",38,1,38,"Cohesive","None","Yes","No","Moderate","Moderate to severe","Mild","Little to none"]
["202","Yes",6,0,"CNA_quiet_candidate","Yes",1,0,22,0,"CNA_quiet_candidate","Yes",1,2,0,0,1,0,0.999,"Exclude","No_evidence_of_tumor","Exclude",0,1,0,{"$nulls":31},2011,64,"Male","Current","Cigarettes",20,50,50,"Current",3,46,138,"Edendate ","C04.0 anterior floor of mouth","Floor of mouth","Right","T2","N2a","Stage IVA","Stage III-IV","Ipsilateral","1                                                                                                                                                                                                                                                              ","                                                                                                                                                                                                                                                               ","No","Surgery + CRT","Surgery + CRT","Curative","IMRT","Postoperative","Disease progression",4.2,0.9,null,"Non-cohesive","Yes","No","Poorly differentiated","T3","T3","pT_stage","N3b","N3b","pN_stage",null,"Stage IVB","Stage IVB","Stage III-IV","pDisease",9,1,"Yes","Close (1-5 mm)","        ","Dead",3,1,3,"Non-cohesive",null,"No",null,"Moderate","Moderate to severe","Moderate","Moderate to severe"]
["205","Yes",19,3,"CNA_other","No",{"$nulls":15},"CNA_other",{"$nulls":34},2011,58,"Male","Never","n.a.",0,0,0,"Current",1,30,30,"Dentate","C02.1 border of tongue","Mobile tongue","Right","T2","N0","Stage II","Stage I-II","n.a.","                                                                                                                                                                                                                                                               ","                                                                                                                                                                                                                                                               ","No","Surgery","Surgery","Curative","None","n.a.","Complete response",3.2,1.3,"Muscle","Cohesive","No","No","Moderately differentiated","T3","T3","pT_stage","N1","N1","pN_stage","Mx","Stage III","Stage III","Stage III-IV","pDisease",1,0,"No","Clear (>5 mm)","        ","Dead",14,1,14,"Cohesive","Mild","No","Yes","Severe","Moderate to severe","None","Little to none"]
["206","Yes",24,5,"CNA_other","No",{"$nulls":15},"CNA_other",{"$nulls":34},2011,60,"Male","Former","Cigarettes",5,31,8,"Former",2,40,80,"Dentate","C02.1 border of tongue","Mobile tongue","Right","T1","N0","Stage I","Stage I-II","n.a.","                                                                                                                                                                                                                                                               ","                                                                                                                                                                                                                                                               ","No","Surgery","Surgery","Curative","None","n.a.","Complete response",0.1,0.1,null,"Cohesive","No","No","Moderately differentiated","T1","T1","pT_stage","N0","N0","pN_stage",null,"Stage I","Stage I","Stage I-II","pDisease",0,0,"No","Clear (>5 mm)","        ","Alive",54,0,54,"Cohesive","Severe","No","Yes","Moderate","Moderate to severe","Moderate","Moderate to severe"]
["207","Yes",24,6,"CNA_other","No",{"$nulls":15},"CNA_other",{"$nulls":34},2011,63,"Male","Current","Cigarettes",15,16,12,"Current",5,45,225,"Dentate","C02.1 border of tongue","Mobile tongue","Right","T2","N0","Stage II","Stage I-II","n.a.","                                                                                                                                                                                                                                                               ","                                                                                                                                                                                                                                                               ","No","None","None","Palliative","None","n.a.","Disease progression",null,null,"Unknown","Cohesive","Unknown","Unknown","Moderately differentiated","n.a. (no surgery)","T2","cT_stage","n.a. (no neck dissection)","N0","cN_stage","77",77,"Stage II","Stage I-II","cDisease",null,null,"n.a. (no neck dissection)","n.a. (no surgery)","        ","Alive",17,0,17]
["208","Yes",8,1,"CNA_quiet_candidate","Yes",0.07,0,24,0,"CNA_quiet_candidate","Yes",0.2,2.02,0,0,1,1,0.836,"CNA_quiet",null,"CNA_quiet",0,0.2,0,"WT","WT","Mutated","WT","WT","WT","WT","WT","WT","WT","WT","WT","WT","WT","WT","WT","WT","WT","WT","WT","WT","WT","WT","WT","WT","WT","WT","WT","WT","HRAS",null,2011,41,"Male","Former","Cigarettes",20,25,25,"Never",0,0,0,null,"C04.0 anterior floor of mouth","Floor of mouth","Left","T2","N0","Stage II","Stage I-II","n.a.","                                                                                                                                                                                                                                                               ","                                                                                                                                                                                                                                                               ","No","Surgery","Surgery","Curative","None","n.a.","Complete response",1.7,0.3,null,"Cohesive","No","Yes","Poorly differentiated","T1","T1","pT_stage","N0","N0","pN_stage",null,"Stage I","Stage I","Stage I-II","pDisease",0,0,"No","Clear (>5 mm)","        ","Alive",58,0,58,"Cohesive","None","No","No","Severe","Moderate to severe","Mild","Little to none"]
["209","Yes",15,3,"CNA_other","No",{"$nulls":15},"CNA_other",{"$nulls":34},2011,75,"Male","Former","Cigarettes",10,40,20,"Never",0,0,0,null,"C02.1 border of tongue","Mobile tongue","Right","T3","N0","Stage III","Stage III-IV","n.a.","                                                                                                                                                                                                                                                               ","                                                                                                                                                                                                                                                               ","No","Surgery","Surgery","Curative","None","n.a.","Complete response",5.6,1.8,null,"Cohesive","No","No","Well differentiated","T3","T3","pT_stage","N0","N0","pN_stage",null,"Stage III","Stage III","Stage III-IV","pDisease",0,null,"No","Clear (>5 mm)","        ","Alive",56,0,56,"Cohesive","None","Yes","No","Moderate","Moderate to severe","Moderate","Moderate to severe"]
["211","Yes",7,2,"CNA_quiet_candidate","Yes",0.89,0.129,33,10,"CNA_other",{"$nulls":10},"CNA_other",0.129,0.89,10,{"$nulls":31},2011,78,"Female","Never","n.a.",0,0,0,"Never",0,0,0,"Edendate ","C06.0 cheek mucosa","Cheek mucosa","Left","T2","N1","Stage III","Stage III-IV","Ipsilateral","                                                                                                                                                                                                                                                               ","1                                                                                                                                                                                                                                                              ","No","Surgery + RT","Surgery + RT","Curative","IMRT","Postoperative","Not applicable",2,0.8,null,"Non-cohesive","No","Yes","Moderately differentiated","T2","T2","pT_stage","N2a","N2a","pN_stage",null,"Stage IVA","Stage IVA","Stage III-IV","pDisease",null,1,"Yes","Clear (>5 mm)","        ","Dead",7,1,7,"Non-cohesive","Mild","Yes","Yes","Moderate","Moderate to severe","Mild","Little to none"]
["212","Yes",12,2,"CNA_quiet_candidate","Yes",0.1,0.269,36,12,"CNA_other",{"$nulls":10},"CNA_other",0.269,0.1,12,{"$nulls":31},2011,50,"Male","Current","Cigarettes",30,39,58,"Current",3,30,90,null,"C04.0 anterior floor of mouth","Floor of mouth","Right","T3","N0","Stage III","Stage III-IV","n.a.","                                                                                                                                                                                                                                                               ","                                                                                                                                                                                                                                                               ","No","Surgery + RT","Surgery + RT","Curative","IMRT","Postoperative","Complete response",null,0.5,"Lamina propria","Non-cohesive","No","Yes","Moderately differentiated","T2","T2","pT_stage","N0","N0","pN_stage","77","Stage II","Stage II","Stage I-II","pDisease",0,0,"No","Clear (>5 mm)","        ","Alive",54,0,54,"Non-cohesive","Severe","No","Yes","Moderate","Moderate to severe","Moderate","Moderate to severe"]
["213","Yes",6,0,"CNA_quiet_candidate","Yes",0.05,0.302,26,8,"CNA_other",{"$nulls":10},"CNA_other",0.302,0.05,8,{"$nulls":31},2011,81,"Male","Former","Cigarettes",20,38,38,"Current",1,63,63,"Dentate","C02.1 border of tongue","Mobile tongue","Left","T1","N0","Stage I","Stage I-II","n.a.","                                                                                                                                                                                                                                                               ","                                                                                                                                                                                                                                                               ","No","Surgery","Surgery","Curative","None","n.a.","Complete response",2.1,0.7,null,"Cohesive","No","No","Well differentiated","T2","T2","pT_stage","N0","N0","pN_stage",null,"Stage II","Stage II","Stage I-II","pDisease",null,0,"No","Clear (>5 mm)","        ","Alive",52,0,52,"Cohesive","None","Yes","No","Moderate","Moderate to severe","Moderate","Moderate to severe"]
["214","Yes",4,0,"CNA_quiet_candidate","Yes",0.23,0.392,38,17,"CNA_other",{"$nulls":10},"CNA_other",0.392,0.23,17,{"$nulls":31},2011,64,"Male","Current","Cigarettes",20,44,44,"Current",6,46,276,null,"C04.0 anterior floor of mouth","Floor of mouth","Midline","T2","N0","Stage II","Stage I-II","n.a.","                                                                                                                                                                                                                                                               ","                                                                                                                                                                                                                                                               ","No","Surgery","Surgery","Curative","None","n.a.","Complete response",1.6,0.2,null,"Cohesive","No","No","Well differentiated","T1","T1","pT_stage","N0","N0","pN_stage",null,"Stage I","Stage I","Stage I-II","pDisease",0,0,"No","Clear (>5 mm)","        ","Alive",53,0,53,"Cohesive","Moderate","No","Yes","Moderate","Moderate to severe","Moderate","Moderate to severe"]
["215","Yes",1,0,"CNA_quiet_candidate","Yes",0.79,0.053,23,1,"CNA_quiet_candidate","Yes",0.79,2,0.055,1,1,4,1,"CNA_quiet",null,"CNA_quiet",0.055,0.79,1,"WT","Mutated","WT","WT","WT","WT","Mutated","Mutated","WT","WT","WT","WT","WT","WT","WT","WT","WT","WT","WT","WT","WT","WT","WT","WT","WT","WT","WT","WT","WT","CASP8,FBXW7,RAC1",null,2011,79,"Female","Former","Cigarettes",10,40,20,"Current",3,61,183,"Edendate ","C03.1 lower gum","Vestibule of the mouth ","Right","T1","N0","Stage I","Stage I-II","n.a.","                                                                                                                                                                                                                                                               ","                                                                                                                                                                                                                                                               ","No","Surgery","Surgery","Curative","None","n.a.","Complete response",0.1,0.1,null,"Cohesive","No","No","Moderately differentiated","T1","T1","pT_stage","N0","N0","pN_stage",null,"Stage I","Stage I","Stage I-II","pDisease",0,null,"No","Clear (>5 mm)","        ","Alive",27,0,27,"Cohesive","Moderate","Yes","Yes","Moderate","Moderate to severe","None","Little to none"]
["217","Yes",8,1,"CNA_quiet_candidate","Yes",0.24,0.227,31,12,"CNA_other","Yes",0.29,1.98,0.239,12,0.996,2,0.893,"CNA_other",null,"CNA_other",0.239,0.29,12,"Mutated","WT","WT","Mutated","WT","WT","WT","WT","WT","WT","WT","WT","WT","WT","WT","WT","WT","WT","WT","WT","WT","WT","WT","WT","WT","WT","WT","WT","WT","PIK3CA,TP53","Yes",2011,63,"Female","Current","Cigarettes",40,45,90,"Current",4,20,80,"Edendate ","C04.0 anterior floor of mouth","Floor of mouth","Left","T2","N0","Stage II","Stage I-II","n.a.","                                                                                                                                                                                                                                                               ","                                                                                                                                                                                                                                                               ","No","Surgery","Surgery","Curative","None","n.a.","Complete response",0.8,0.1,null,"Non-cohesive","No","No","Moderately differentiated","T1","T1","pT_stage","N0","N0","pN_stage",null,"Stage I","Stage I","Stage I-II","pDisease",0,0,"No","Clear (>5 mm)","        ","Alive",57,0,57,"Cohesive","None","Yes","No","Moderate","Moderate to severe","None","Little to none"]
["219","Yes",11,3,"CNA_other","No",{"$nulls":15},"CNA_other",{"$nulls":33},"Yes",2011,61,"Female","Current","Cigarettes",19,46,44,"Former",0,null,null,"Edendate ","C02.1 border of tongue","Mobile tongue","Left","T1","N0","Stage I","Stage I-II","n.a.","                                                                                                                                                                                                                                                               ","                                                                                                                                                                                                                                                               ","No","Surgery + RT","Surgery + RT","Curative","IMRT","Postoperative","Complete response",1.6,0.4,null,"Non-cohesive","No","No","Moderately differentiated","T1","T1","pT_stage","N0","N0","pN_stage",null,"Stage I","Stage I","Stage I-II","pDisease",null,0,"No","Clear (>5 mm)","        ","Alive",55,0,55,"Non-cohesive","None","Yes","No","Moderate","Moderate to severe","Moderate","Moderate to severe"]
["220","Yes",6,2,"CNA_quiet_candidate","Yes",0.82,0.11,23,2,"CNA_quiet_candidate","Yes",0.82,2,0.112,2,1,2,1,"CNA_quiet",null,"CNA_quiet",0.112,0.82,2,"WT","WT","WT","Mutated","WT","Mutated","WT","WT","WT","WT","WT","WT","WT","WT","WT","WT","WT","WT","WT","WT","WT","WT","WT","WT","WT","WT","WT","WT","WT","PIK3CA,TERT",null,2011,80,"Male","Former","Cigarettes",8,40,16,"Current",1,60,60,"Edendate ","C03.1 lower gum","Vestibule of the mouth ","Left","T3","N0","Stage III","Stage III-IV","n.a.","                                                                                                                                                                                                                                                               ","                                                                                                                                                                                                                                                               ","No","Surgery","Surgery","Curative","None","n.a.","Complete response",3,0.6,null,"Cohesive","No","No","Moderately differentiated","T2","T2","pT_stage","N0","N0","pN_stage",null,"Stage II","Stage II","Stage I-II","pDisease",null,0,"No","Clear (>5 mm)","        ","Alive",52,0,52,"Cohesive","None","No","No","Little","Little to none","Moderate","Moderate to severe"]
["221","Yes",9,1,"CNA_quiet_candidate","Yes",0.14,0.283,40,18,"CNA_other",{"$nulls":10},"CNA_other",0.283,0.14,18,{"$nulls":31},2011,59,"Male","Current","Cigarettes",25,45,56,"Current",7,41,287,"Edendate ","C04.1 lateral floor of mouth","Floor of mouth","Right","T4a","N2b","Stage IVA","Stage III-IV","Ipsilateral","1;3                                                                                                                                                                                                                                                            ","                                                                                                                                                                                                                                                               ","No","Chemoradiation","Chemoradiotherapy","Curative","IMRT","Definitive","Partial response",null,null,"Unknown","Cohesive","Unknown","Unknown","Poorly differentiated","n.a. (no surgery)","T4a","cT_stage","n.a. (no neck dissection)","N2b","cN_stage","77",77,"Stage IVA","Stage III-IV","cDisease",null,null,"n.a. (no neck dissection)","n.a. (no surgery)","        ","Alive",58,0,58,null,null,"No",null,"Severe","Moderate to severe","None","Little to none"]
["222","Yes",3,0,"CNA_quiet_candidate","Yes",1,0,25,0,"CNA_quiet_candidate","Yes",0.35,2,0,0,1,1,0.909,"CNA_quiet",null,"CNA_quiet",0,0.35,0,"Mutated","WT","WT","WT","WT","WT","WT","WT","WT","WT","WT","WT","WT","WT","WT","WT","WT","WT","WT","WT","WT","WT","WT","WT","WT","WT","WT","WT","WT","TP53",null,2011,34,"Male","Never","n.a.",0,0,0,"Current",1,16,16,null,"C02.1 border of tongue","Mobile tongue","Left","T1","N0","Stage I","Stage I-II","n.a.","                                                                                                                                                                                                                                                               ","                                                                                                                                                                                                                                                               ","No","Surgery","Surgery","Curative","None","n.a.","Complete response",null,null,"Lamina propria","Cohesive","No","No","Unknown","T1","T1","pT_stage","N0","N0","pN_stage","77","Stage I","Stage I","Stage I-II","pDisease",null,0,"No","Clear (>5 mm)","        ","Alive",57,0,57,null,"None","Yes","No","Moderate","Moderate to severe","None","Little to none"]
["223","Yes",17,5,"CNA_other","No",{"$nulls":15},"CNA_other",{"$nulls":34},2011,86,"Female","Former","Cigarettes",20,35,35,"Former",1,16,16,null,"C02.1 border of tongue","Mobile tongue","Right","T2","N0","Stage II","Stage I-II","n.a.","                                                                                                                                                                                                                                                               ","                                                                                                                                                                                                                                                               ","No","Surgery + RT","Surgery + RT","Curative","IMRT","Postoperative","Complete response",3,0.7,"Muscle","Non-cohesive","Yes","Yes","Poorly differentiated","T2","T2","pT_stage","N3b","N3b","pN_stage",null,"Stage IVB","Stage IVB","Stage III-IV","pDisease",4,null,"Yes","Clear (>5 mm)","        ","Alive",39,0,39,"Non-cohesive","None","No","No","Moderate","Moderate to severe","Moderate","Moderate to severe"]
["224","Yes",17,3,"CNA_other","No",{"$nulls":15},"CNA_other",{"$nulls":34},2011,64,"Female","Current","Cigarettes",20,40,40,"Current",5,46,230,null,"C04.1 lateral floor of mouth","Floor of mouth","Left","T3","N0","Stage III","Stage III-IV","n.a.","                                                                                                                                                                                                                                                               ","                                                                                                                                                                                                                                                               ","No","Surgery","Surgery","Curative","None","n.a.","Partial response",3,1.3,"Bone","Cohesive","No","No","Moderately differentiated","T4a","T4a","pT_stage","N0","N0","pN_stage",null,"Stage IVA","Stage IVA","Stage III-IV","pDisease",null,0,"No","Close (1-5 mm)","        ","Dead",2,1,2,"Cohesive",{"$nulls":3},"Moderate","Moderate to severe","None","Little to none"]
["225","Yes",15,4,"CNA_other","No",{"$nulls":15},"CNA_other",{"$nulls":34},2011,32,"Male","Current","Cigarettes",10,1,0,"Current",1,14,14,"Dentate","C02.1 border of tongue","Mobile tongue","Left","T1","N0","Stage I","Stage I-II","n.a.","                                                                                                                                                                                                                                                               ","                                                                                                                                                                                                                                                               ","No","Surgery","Surgery","Curative","None","n.a.","Complete response",0.8,0.4,null,"Cohesive","No","No","Well differentiated","T1","T1","pT_stage","N0","N0","pN_stage",null,"Stage I","Stage I","Stage I-II","pDisease",null,0,"No","Clear (>5 mm)","        ","Alive",57,0,57,"Cohesive","None","No","No","Severe","Moderate to severe","Moderate","Moderate to severe"]
["226","Yes",15,3,"CNA_other","No",{"$nulls":15},"CNA_other",{"$nulls":34},2012,71,"Male","Former","Cigarettes",3,20,3,"Never",0,0,0,null,"C02.1 border of tongue","Mobile tongue","Left","T1","N0","Stage I","Stage I-II","n.a.","                                                                                                                                                                                                                                                               ","                                                                                                                                                                                                                                                               ","No","Surgery","Surgery","Curative","None","n.a.","Complete response",1.6,0.6,null,"Non-cohesive","No","No","Moderately differentiated","T2","T2","pT_stage","N0","N0","pN_stage",null,"Stage II","Stage II","Stage I-II","pDisease",null,0,"No","Clear (>5 mm)","        ","Alive",51,0,51,"Non-cohesive",null,"Yes","Yes","Severe","Moderate to severe","Mild","Little to none"]
["227","Yes",11,2,"CNA_quiet_candidate","Yes",0.7,0.206,36,13,"CNA_other",{"$nulls":10},"CNA_other",0.206,0.7,13,{"$nulls":31},2011,55,"Male","Never","n.a.",0,0,0,"Never",0,0,0,"Dentate","C02.1 border of tongue","Mobile tongue","Left","T1","N0","Stage I","Stage I-II","n.a.","                                                                                                                                                                                                                                                               ","                                                                                                                                                                                                                                                               ","No","Surgery","Surgery","Curative","None","n.a.","Complete response",1.2,0.2,null,"Cohesive","No","No","Well differentiated","T1","T1","pT_stage","N0","N0","pN_stage",null,"Stage I","Stage I","Stage I-II","pDisease",null,0,"No","Clear (>5 mm)","        ","Alive",54,0,54,"Cohesive","Mild","Yes","Yes","Moderate","Moderate to severe","None","Little to none"]
["229","Yes",10,2,"CNA_quiet_candidate","Yes",0.21,0.272,42,16,"CNA_other","Yes",0.21,2.01,0.268,14,0.997,4,0.998,"CNA_other",null,"CNA_other",0.268,0.21,16,"Mutated","WT","WT","WT","WT","Mutated","WT","WT","WT","Mutated","WT","WT","WT","WT","Mutated","WT","WT","WT","WT","WT","WT","WT","WT","WT","WT","WT","WT","WT","WT","TERT,NOTCH1,KMT2D,TP53",null,2012,65,"Female","Current","Cigarettes",17,50,42,"Former",{"$nulls":4},"C04.0 anterior floor of mouth","Floor of mouth","Left","T1","N0","Stage I","Stage I-II","n.a.","                                                                                                                                                                                                                                                               ","                                                                                                                                                                                                                                                               ","No","Surgery","Surgery","Curative","None","n.a.","Complete response",0.2,0.1,null,"Cohesive","No","No","Moderately differentiated","T1","T1","pT_stage","N0","N0","pN_stage",null,"Stage I","Stage I","Stage I-II","pDisease",null,0,"No","Clear (>5 mm)","        ","Alive",55,0,55,"Cohesive","None","No","No","Moderate","Moderate to severe","Mild","Little to none"]
["232","Yes",3,0,"CNA_quiet_candidate","Yes",1,0.004,24,1,"CNA_quiet_candidate","Yes",1,2.01,0.005,1,1,0,1,"Exclude","No_evidence_of_tumor","Exclude",0.005,1,1,{"$nulls":31},2012,61,"Female","Current","Cigarettes",20,40,40,"Current",5,43,215,"Edendate ","C04.0 anterior floor of mouth","Floor of mouth","Left","T1","N1","Stage III","Stage III-IV","Ipsilateral","                                                                                                                                                                                                                                                               ","2                                                                                                                                                                                                                                                              ","No","Surgery + CRT","Surgery + CRT","Curative","IMRT","Postoperative","Complete response",0.8,null,null,"Cohesive","No","No","Moderately differentiated","T1","T1","pT_stage","N2a","N2a","pN_stage",null,"Stage IVA","Stage IVA","Stage III-IV","pDisease",null,1,"Yes","Clear (>5 mm)","        ","Alive",52,0,52,"Cohesive","None","No","No","Little","Little to none","Moderate","Moderate to severe"]
["236","Yes",5,1,"CNA_quiet_candidate","Yes",0.05,0.394,37,17,"CNA_other",{"$nulls":10},"CNA_other",0.394,0.05,17,{"$nulls":31},2012,72,"Male","Current","Cigarettes",40,58,116,"Current",30,56,1680,"Edendate ","C04.0 anterior floor of mouth","Floor of mouth","Midline","T1","N0","Stage I","Stage I-II","n.a.","                                                                                                                                                                                                                                                               ","                                                                                                                                                                                                                                                               ","No","Surgery","Surgery","Curative","None","n.a.","Complete response",0.6,0.8,null,"Cohesive","No","No","Moderately differentiated","T2","T2","pT_stage","N0","N0","pN_stage",null,"Stage II","Stage II","Stage I-II","pDisease",0,null,"No","Clear (>5 mm)","        ","Alive",56,0,56,"Cohesive","None","Yes","No","Moderate","Moderate to severe","Moderate","Moderate to severe"]
["237","Yes",7,2,"CNA_quiet_candidate","Yes",0.15,0.346,40,18,"CNA_other",{"$nulls":10},"CNA_other",0.346,0.15,18,{"$nulls":31},2012,55,"Male","Former","Cigarettes",10,19,10,"Current",4,35,140,null,"C02.1 border of tongue","Mobile tongue","Left","T2","N0","Stage II","Stage I-II","n.a.","                                                                                                                                                                                                                                                               ","                                                                                                                                                                                                                                                               ","No","Surgery + RT","Surgery + RT","Curative","IMRT","Postoperative","Complete response",2.2,0.8,null,"Non-cohesive","No","Yes","Moderately differentiated","T2","T2","pT_stage","N2b","N2b","pN_stage",null,"Stage IVA","Stage IVA","Stage III-IV","pDisease",null,3,"No","Clear (>5 mm)","        ","Alive",53,0,53,"Non-cohesive","None","Yes","No","Moderate","Moderate to severe","Moderate","Moderate to severe"]
["239","Yes",14,2,"CNA_quiet_candidate","Yes",0.09,0.459,41,21,"CNA_other",{"$nulls":10},"CNA_other",0.459,0.09,21,{"$nulls":30},"Yes",2012,62,"Female","Never","n.a.",0,0,0,"Never",0,0,0,null,"C02.1 border of tongue","Mobile tongue","Left","T1","N0","Stage I","Stage I-II","n.a.","                                                                                                                                                                                                                                                               ","                                                                                                                                                                                                                                                               ","No","Surgery","Surgery","Curative","None","n.a.","Complete response",1.1,0.3,null,"Non-cohesive","No","No","Moderately differentiated","T1","T1","pT_stage","N0","N0","pN_stage",null,"Stage I","Stage I","Stage I-II","pDisease",0,0,"No","Clear (>5 mm)","        ","Alive",53,0,53,"Non-cohesive","None","No","No","Moderate","Moderate to severe","Mild","Little to none"]
["241","Yes",15,3,"Unclear","Yes",0.57,0.204,29,9,"CNA_other","Yes",0.57,2,0.208,8,1,5,0.999,"CNA_other",null,"CNA_other",0.208,0.57,9,"WT","WT","WT","WT","Mutated","Mutated","WT","WT","WT","WT","WT","WT","Mutated","WT","WT","WT","Mutated","WT","WT","WT","WT","Mutated","WT","WT","WT","WT","WT","WT","WT","FAT1,TERT,CDKN2A,AJUBA,KDM6A",null,2012,58,"Male","Never","n.a.",0,0,0,"Never",0,0,0,null,"C02.1 border of tongue","Mobile tongue","Left","T1","N0","Stage I","Stage I-II","n.a.","                                                                                                                                                                                                                                                               ","                                                                                                                                                                                                                                                               ","No","Surgery","Surgery","Curative","None","n.a.","Complete response",0.4,0.2,null,"Cohesive","No","No","Moderately differentiated","T1","T1","pT_stage","N0","N0","pN_stage",null,"Stage I","Stage I","Stage I-II","pDisease",null,0,"No","Clear (>5 mm)","        ","Alive",26,0,26,"Cohesive","None","Yes","No","Moderate","Moderate to severe","Moderate","Moderate to severe"]
["242","Yes",7,1,"CNA_quiet_candidate","Yes",0.09,0.408,31,15,"CNA_other",{"$nulls":10},"CNA_other",0.408,0.09,15,{"$nulls":30},"Yes",2012,46,"Female","Current","Cigarettes",25,31,39,"Current",6,28,168,null,"C02.1 border of tongue","Mobile tongue","Right","T1","N0","Stage I","Stage I-II","n.a.","                                                                                                                                                                                                                                                               ","                                                                                                                                                                                                                                                               ","No","Surgery","Surgery","Curative","None","n.a.","Complete response",0.8,0.1,null,"Cohesive","No","No","Well differentiated","T1","T1","pT_stage","N0","N0","pN_stage",null,"Stage I","Stage I","Stage I-II","pDisease",0,0,"No","Clear (>5 mm)","        ","Alive",51,0,51,"Cohesive","Severe","No","Yes","Moderate","Moderate to severe","Moderate","Moderate to severe"]
["246","Yes",8,1,"CNA_quiet_candidate","Yes",0.13,0.151,27,6,"CNA_other",{"$nulls":10},"CNA_other",0.151,0.13,6,{"$nulls":31},2012,62,"Female","Current","Cigarettes",20,44,44,"Current",4,44,176,"Dentate","C04.0 anterior floor of mouth","Floor of mouth","Left","T1","N0","Stage I","Stage I-II","n.a.","                                                                                                                                                                                                                                                               ","                                                                                                                                                                                                                                                               ","No","Surgery","Surgery","Curative","None","n.a.","Complete response",0.4,0.21,null,"Cohesive","No","No","Moderately differentiated","T1","T1","pT_stage","N0","N0","pN_stage",null,"Stage I","Stage I","Stage I-II","pDisease",null,0,"No","Clear (>5 mm)","        ","Alive",54,0,54,"Cohesive","Severe","No","Yes","Severe","Moderate to severe","Mild","Little to none"]
["248","Yes",8,1,"CNA_quiet_candidate","Yes",0.05,0,24,0,"Exclude",{"$nulls":10},"Exclude",0,0.05,0,{"$nulls":31},2012,39,"Male","Never","n.a.",0,0,0,"Current",0.71428571428571,21,15,"Dentate","C02.1 border of tongue","Mobile tongue","Left","T1","N0","Stage I","Stage I-II","n.a.","                                                                                                                                                                                                                                                               ","                                                                                                                                                                                                                                                               ","No","Surgery","Surgery","Curative","None","n.a.","Complete response",1,0.4,null,"Cohesive","No","No","Well differentiated","T1","T1","pT_stage","N0","N0","pN_stage",null,"Stage I","Stage I","Stage I-II","pDisease",null,0,"No","Clear (>5 mm)","        ","Alive",51,0,51,"Cohesive","None","Yes","No","Moderate","Moderate to severe","None","Little to none"]
["249","Yes",27,6,"CNA_other","No",{"$nulls":15},"CNA_other",{"$nulls":34},2012,60,"Female","Former","Cigarettes",20,30,30,"Current",3,42,126,null,"C04.0 anterior floor of mouth","Floor of mouth","Left","T4a","N2c","Stage IVA","Stage III-IV","Bilateral","2;4                                                                                                                                                                                                                                                            ","1;4                                                                                                                                                                                                                                                            ","No","Chemoradiation","Chemoradiotherapy","Curative","IMRT","Definitive","Partial response",null,null,"Unknown","Cohesive","Unknown","Unknown","Moderately differentiated","n.a. (no surgery)","T4a","cT_stage","n.a. (no neck dissection)","N2c","cN_stage","77",77,"Stage IVA","Stage III-IV","cDisease",null,null,"n.a. (no neck dissection)","n.a. (no surgery)","        ","Dead",12,1,12,null,null,"No",null,"Moderate","Moderate to severe","Moderate","Moderate to severe"]
["250","Yes",18,3,"CNA_other","No",{"$nulls":15},"CNA_other",{"$nulls":34},2012,70,"Male","Current","Cigarettes",20,55,55,"Current",3,52,156,"Edendate ","C04.0 anterior floor of mouth","Floor of mouth","Right","T2","N0","Stage II","Stage I-II","n.a.","                                                                                                                                                                                                                                                               ","                                                                                                                                                                                                                                                               ","No","Surgery","Surgery","Curative","None","n.a.","Complete response",1.6,0.7,"Muscle","Cohesive","Yes","No","Moderately differentiated","T2","T2","pT_stage","N0","N0","pN_stage",null,"Stage II","Stage II","Stage I-II","pDisease",0,0,"No","Clear (>5 mm)","        ","Dead",3,1,3,"Cohesive","None","No","No","Moderate","Moderate to severe","Moderate","Moderate to severe"]
["251","Yes",7,1,"CNA_quiet_candidate","Yes",0.12,0.097,27,4,"CNA_quiet_candidate","Yes",0.12,2.02,0.103,4,0.971,2,0.889,"CNA_quiet",null,"CNA_quiet",0.103,0.12,4,"Mutated","WT","WT","WT","WT","Mutated","WT","WT","WT","WT","WT","WT","WT","WT","WT","WT","WT","WT","WT","WT","WT","WT","WT","WT","WT","WT","WT","WT","WT","TERT,TP53",null,2012,67,"Female","Never","n.a.",0,0,0,"Never",0,0,0,null,"C02.1 border of tongue","Mobile tongue","Right","T1","N0","Stage I","Stage I-II","n.a.","                                                                                                                                                                                                                                                               ","                                                                                                                                                                                                                                                               ","No","Surgery + RT","Surgery + RT","Curative","IMRT","Postoperative","Complete response",1.7,0.3,null,"Non-cohesive","No","No","Moderately differentiated","T1","T1","pT_stage","N2b","N2b","pN_stage",null,"Stage IVA","Stage IVA","Stage III-IV","pDisease",2,null,"No","Clear (>5 mm)","        ","Alive",51,0,51,"Non-cohesive","Moderate","Yes","Yes","Moderate","Moderate to severe","Moderate","Moderate to severe"]
["252","Yes",23,3,"CNA_other","No",{"$nulls":15},"CNA_other",{"$nulls":34},2012,59,"Male","Current","Cigarettes",40,29,58,"Former",5,32,160,"Dentate","C04.0 anterior floor of mouth","Floor of mouth","Right","T2","N0","Stage II","Stage I-II","n.a.","                                                                                                                                                                                                                                                               ","                                                                                                                                                                                                                                                               ","No","Surgery","Surgery","Curative","None","n.a.","Complete response",0.6,0.3,null,"Cohesive","No","No","Poorly differentiated","T1","T1","pT_stage","N1","N1","pN_stage",null,"Stage III","Stage III","Stage III-IV","pDisease",1,0,"No","Clear (>5 mm)","        ","Alive",51,0,51,"Cohesive","None","Yes","No","Severe","Moderate to severe","Moderate","Moderate to severe"]
["253","Yes",0,0,"CNA_quiet_candidate","Yes",0.13,0.501,43,24,"CNA_other",{"$nulls":10},"CNA_other",0.501,0.13,24,{"$nulls":31},2012,62,"Male","Former","Cigarettes",20,34,34,"Former",16,44,704,null,"C04.0 anterior floor of mouth","Floor of mouth","Right","T1","N0","Stage I","Stage I-II","n.a.","                                                                                                                                                                                                                                                               ","                                                                                                                                                                                                                                                               ","No","Surgery","Surgery","Curative","None","n.a.","Complete response",0.3,0.3,null,"Cohesive","No","No","Moderately differentiated","T1","T1","pT_stage","N0","N0","pN_stage",null,"Stage I","Stage I","Stage I-II","pDisease",0,null,"No","Clear (>5 mm)","        ","Alive",54,0,54,"Cohesive","None","No","No","Little","Little to none","Mild","Little to none"]
["254","Yes",9,3,"CNA_other","No",{"$nulls":15},"CNA_other",{"$nulls":34},2013,80,"Female","Former","Cigarettes",15,40,30,"Current",2,62,124,"Dentate","C02.1 border of tongue","Mobile tongue","Right","T2","N0","Stage II","Stage I-II","n.a.","                                                                                                                                                                                                                                                               ","                                                                                                                                                                                                                                                               ","No","Surgery","Surgery","Curative","None","n.a.","Complete response",null,null,"Unknown","Cohesive","No","No","Well differentiated","Tx (unknown)","T2","cT_stage","n.a. (no neck dissection)","N0","cN_stage","Mx",null,"Stage II","Stage I-II","cDisease",null,null,"n.a. (no neck dissection)","Clear (>5 mm)","        ","Dead",38,1,38,null,null,"Yes","Yes","Little","Little to none","None","Little to none"]
["255","Yes",14,3,"CNA_other","No",{"$nulls":15},"CNA_other",{"$nulls":34},2012,62,"Male","Current","Cigarettes",50,50,125,"Current",4,44,176,"Edendate ","C02.2 ventral surface of tongue","Mobile tongue","Right","T1","N0","Stage I","Stage I-II","n.a.","                                                                                                                                                                                                                                                               ","                                                                                                                                                                                                                                                               ","No","Surgery","Surgery","Curative","None","n.a.","Complete response",0.9,0.1,null,"Cohesive","No","No","Moderately differentiated","T1","T1","pT_stage","N1","N1","pN_stage",null,"Stage III","Stage III","Stage III-IV","pDisease",0,1,"No","Clear (>5 mm)","        ","Dead",9,1,9,"Cohesive",null,"No",null,"Moderate","Moderate to severe","Moderate","Moderate to severe"]
["257","Yes",14,4,"CNA_other","No",{"$nulls":15},"CNA_other",{"$nulls":34},2012,68,"Male","Former","Cigarettes",5,40,10,"Current",2,50,100,null,"C02.1 border of tongue","Mobile tongue","Right","T1","N1","Stage III","Stage III-IV","Ipsilateral","2                                                                                                                                                                                                                                                              ","                                                                                                                                                                                                                                                               ","No","Surgery + RT","Surgery + RT","Curative","IMRT","Postoperative","Complete response",2.1,1.1,null,"Non-cohesive","No","Yes","Moderately differentiated","T3","T3","pT_stage","N3b","N3b","pN_stage",null,"Stage IVB","Stage IVB","Stage III-IV","pDisease",2,null,"Yes","Clear (>5 mm)","        ","Dead",26,1,26,"Non-cohesive",null,"No",null,"Moderate","Moderate to severe","Moderate","Moderate to severe"]
["258","Yes",17,5,"CNA_other","No",{"$nulls":15},"CNA_other",{"$nulls":34},2012,56,"Male","Former","Cigarettes",10,17,8,"Current",1,38,38,null,"C02.1 border of tongue","Mobile tongue","Right","T1","N0","Stage I","Stage I-II","n.a.","                                                                                                                                                                                                                                                               ","                                                                                                                                                                                                                                                               ","No","Surgery","Surgery","Curative","None","n.a.","Complete response",1.2,0.7,null,"Non-cohesive","No","No","Moderately differentiated","T2","T2","pT_stage","N1","N1","pN_stage",null,"Stage III","Stage III","Stage III-IV","pDisease",1,null,"No","Clear (>5 mm)","        ","Alive",48,0,48,"Non-cohesive","None","No","No","Moderate","Moderate to severe","Moderate","Moderate to severe"]
["259","Yes",14,4,"CNA_other","No",{"$nulls":15},"CNA_other",{"$nulls":33},"Yes",2012,61,"Male","Current","Cigarettes",20,45,45,"Current",10,45,450,null,"C04.0 anterior floor of mouth","Floor of mouth","Right","T1","N0","Stage I","Stage I-II","n.a.","                                                                                                                                                                                                                                                               ","                                                                                                                                                                                                                                                               ","No","Surgery","Surgery","Curative","None","n.a.","Complete response",1,0.5,null,"Non-cohesive","No","Yes","Poorly differentiated","T1","T1","pT_stage","N0","N0","pN_stage",null,"Stage I","Stage I","Stage I-II","pDisease",null,0,"No","Clear (>5 mm)","        ","Dead",20,1,20,"Non-cohesive","None","No","No","Moderate","Moderate to severe","Moderate","Moderate to severe"]
["260","Yes",4,1,"CNA_quiet_candidate","Yes",0.33,0.483,60,30,"CNA_other","Yes",0.35,1.85,0.499,32,0.997,3,1,"CNA_other",null,"CNA_other",0.499,0.35,30,"Mutated","WT","WT","WT","WT","Mutated","WT","WT","WT","WT","WT","WT","WT","WT","Mutated","WT","WT","WT","WT","WT","WT","WT","WT","WT","WT","WT","WT","WT","WT","TERT,KMT2D,TP53",null,2012,62,"Female","Former","Cigarettes",4,35,7,"Current",1,40,40,"Dentate","C02.1 border of tongue","Mobile tongue","Right","T1","N0","Stage I","Stage I-II","n.a.","                                                                                                                                                                                                                                                               ","                                                                                                                                                                                                                                                               ","No","Surgery","Surgery","Curative","None","n.a.","Complete response",1.3,0.5,null,"Cohesive","No","No","Poorly differentiated","T1","T1","pT_stage","N0","N0","pN_stage",null,"Stage I","Stage I","Stage I-II","pDisease",0,null,"No","Clear (>5 mm)","        ","Alive",49,0,49,"Cohesive","None","No","No","Moderate","Moderate to severe","None","Little to none"]
["262","Yes",17,4,"CNA_other","No",{"$nulls":15},"CNA_other",{"$nulls":34},2012,53,"Male","Former","Cigarettes",75,40,150,"Former",5,34,170,null,"C04.0 anterior floor of mouth","Floor of mouth","Right","T4a","N3b","Stage IVB","Stage III-IV","Bilateral","1;4                                                                                                                                                                                                                                                            ","1                                                                                                                                                                                                                                                              ","Yes","Bioradiation","Other","Curative","IMRT","Definitive","Not applicable",{"$nulls":3},"Cohesive","Unknown","Unknown","Moderately differentiated","n.a. (no surgery)","T4a","cT_stage","n.a. (no neck dissection)","N3b","cN_stage","77",77,"Stage IVB","Stage III-IV","cDisease",null,null,"n.a. (no neck dissection)","n.a. (no surgery)","        ","Dead",2,1,2]
["264","Yes",16,3,"CNA_other","No",{"$nulls":15},"CNA_other",{"$nulls":34},2012,75,"Male","Current","Cigarettes",30,57,86,"Current",4,57,228,"Edendate ","C04.0 anterior floor of mouth","Floor of mouth","Right","T1","N2c","Stage IVA","Stage III-IV","Ipsilateral","2                                                                                                                                                                                                                                                              ","                                                                                                                                                                                                                                                               ","No","Surgery + RT","Surgery + RT","Curative","IMRT","Postoperative","Complete response",1.7,0.5,null,"Non-cohesive","No","Yes","Moderately differentiated","T1","T1","pT_stage","N3b","N3b","pN_stage",null,"Stage IVB","Stage IVB","Stage III-IV","pDisease",3,1,"Yes","Involved (<1 mm)","        ","Dead",13,1,13,"Non-cohesive",null,"No",null,"Severe","Moderate to severe","Moderate","Moderate to severe"]
["266","Yes",10,2,"CNA_quiet_candidate","Yes",0.57,0.287,34,16,"CNA_other",{"$nulls":10},"CNA_other",0.287,0.57,16,{"$nulls":31},2012,61,"Male","Current","Cigarettes",20,44,44,"Current",8,40,320,"Edendate ","C04.0 anterior floor of mouth","Floor of mouth","Right","T1","N0","Stage I","Stage I-II","n.a.","                                                                                                                                                                                                                                                               ","                                                                                                                                                                                                                                                               ","No","Surgery","Surgery","Curative","None","n.a.","Complete response",0.9,0.3,null,"Cohesive","No","No","Moderately differentiated","T1","T1","pT_stage","N0","N0","pN_stage",null,"Stage I","Stage I","Stage I-II","pDisease",0,0,"No","Clear (>5 mm)","        ","Alive",50,0,50,"Cohesive",null,"Yes","Yes","Severe","Moderate to severe","None","Little to none"]
["267","Yes",6,2,"CNA_quiet_candidate","Yes",0.1,0.278,32,11,"CNA_other",{"$nulls":10},"CNA_other",0.278,0.1,11,{"$nulls":31},2012,56,"Male","Current","Cigarettes",15,42,32,"Current",11,40,440,"Dentate","C02.1 border of tongue","Mobile tongue","Left","T1","N0","Stage I","Stage I-II","n.a.","                                                                                                                                                                                                                                                               ","                                                                                                                                                                                                                                                               ","No","Surgery","Surgery","Curative","None","n.a.","Complete response",2.7,0.9,null,"Non-cohesive","No","No","Moderately differentiated","T2","T2","pT_stage","N1","N1","pN_stage",null,"Stage III","Stage III","Stage III-IV","pDisease",0,1,"No","Clear (>5 mm)","        ","Alive",49,0,49,"Non-cohesive","None","Yes","No","Moderate","Moderate to severe","Moderate","Moderate to severe"]
["268","Yes",15,4,"CNA_other","No",{"$nulls":15},"CNA_other",{"$nulls":34},2012,53,"Male","Current","Cigarettes",15,41,31,"Never",0,0,0,"Edendate ","C02.1 border of tongue","Mobile tongue","Left","T1","N0","Stage I","Stage I-II","n.a.","                                                                                                                                                                                                                                                               ","                                                                                                                                                                                                                                                               ","No","Surgery","Surgery","Curative","None","n.a.","Complete response",0.9,0.5,"Muscle","Non-cohesive","No","Yes","Moderately differentiated","T1","T1","pT_stage","N0","N0","pN_stage",null,"Stage I","Stage I","Stage I-II","pDisease",0,0,"No","Clear (>5 mm)","        ","Alive",50,0,50,"Non-cohesive",null,"Yes","Yes","Moderate","Moderate to severe","Moderate","Moderate to severe"]
["271","Yes",16,4,"CNA_other","No",{"$nulls":15},"CNA_other",{"$nulls":34},2012,60,"Female","Never","n.a.",0,0,0,"Current",1,42,42,"Dentate","C03.0 upper gum","Vestibule of the mouth ","Right","T4a","N0","Stage IVA","Stage III-IV","n.a.","                                                                                                                                                                                                                                                               ","                                                                                                                                                                                                                                                               ","No","Surgery + RT","Surgery + RT","Curative","IMRT","Postoperative","Complete response",2.4,1.5,null,"Cohesive","No","No","Moderately differentiated","T4a","T4a","pT_stage","N0","N0","pN_stage",null,"Stage IVA","Stage IVA","Stage III-IV","pDisease",null,null,"No","Unknown (not assessable)","        ","Alive",50,0,50,"Cohesive",null,"No",null,"Moderate","Moderate to severe","Moderate","Moderate to severe"]
["272","Yes",12,2,"CNA_quiet_candidate","Yes",1,0,22,0,"CNA_quiet_candidate","Yes",1,2,0,0,1,1,0.996,"Exclude","No_evidence_of_tumor","Exclude",0,1,0,{"$nulls":31},2012,55,"Female","Current","Cigarettes",10,40,20,"Current",1,37,37,null,"C04.0 anterior floor of mouth","Floor of mouth","Left","T1","N0","Stage I","Stage I-II","n.a.","                                                                                                                                                                                                                                                               ","                                                                                                                                                                                                                                                               ","No","Surgery","Surgery","Curative","None","n.a.","Complete response",0.2,0.25,null,"Cohesive","No","No","Moderately differentiated","T1","T1","pT_stage","N0","N0","pN_stage",null,"Stage I","Stage I","Stage I-II","pDisease",null,null,"No","Clear (>5 mm)","        ","Alive",50,0,50,"Cohesive",null,"No",null,"Moderate","Moderate to severe","Moderate","Moderate to severe"]
["280","Yes",3,0,"CNA_quiet_candidate","Yes",0.34,0.294,37,18,"CNA_other",{"$nulls":10},"CNA_other",0.294,0.34,18,{"$nulls":31},2012,62,"Male","Current","Cigars/pipe",8,47,19,"Current",10,45,450,"Edendate ","C04.0 anterior floor of mouth","Floor of mouth","Left","T2","N2c","Stage IVA","Stage III-IV","Bilateral","1;2                                                                                                                                                                                                                                                            ","1;2;3                                                                                                                                                                                                                                                          ","No","Surgery","Surgery","Curative","None","n.a.","Disease progression",2.5,1,"Skin","Non-cohesive","No","No","Poorly differentiated","T4a","T4a","pT_stage","N3b","N3b","pN_stage","Mx","Stage IVB","Stage IVB","Stage III-IV","pDisease",6,20,"Yes","Clear (>5 mm)","        ","Dead",4,1,4,"Non-cohesive",null,"No",null,"Severe","Moderate to severe","Moderate","Moderate to severe"]
["281","Yes",15,3,"CNA_other","No",{"$nulls":15},"CNA_other",{"$nulls":34},2012,73,"Male","Current","Cigarettes",20,60,60,"Former",4,45,180,"Edendate ","C04.0 anterior floor of mouth","Floor of mouth","Right","T1","N0","Stage I","Stage I-II","n.a.","                                                                                                                                                                                                                                                               ","                                                                                                                                                                                                                                                               ","No","Surgery","Surgery","Curative","None","n.a.","Complete response",1.6,0.4,null,"Cohesive","No","No","Moderately differentiated","T1","T1","pT_stage","N0","N0","pN_stage",null,"Stage I","Stage I","Stage I-II","pDisease",null,null,"No","Clear (>5 mm)","        ","Alive",45,0,45,"Cohesive"]
["282","Yes",26,5,"CNA_other","No",{"$nulls":15},"CNA_other",{"$nulls":34},2012,78,"Male","Current","Cigarettes",20,63,63,"Current",3,20,60,"Edendate ","C04.0 anterior floor of mouth","Floor of mouth","Left","T1","N1","Stage III","Stage III-IV","Ipsilateral","                                                                                                                                                                                                                                                               ","1                                                                                                                                                                                                                                                              ","No","Surgery","Surgery","Curative","None","n.a.","Complete response",1.7,1.1,null,"Cohesive","No","No","Poorly differentiated","T3","T3","pT_stage","N1","N1","pN_stage",null,"Stage III","Stage III","Stage III-IV","pDisease",null,1,"No","Clear (>5 mm)","        ","Alive",46,0,46,"Cohesive","None","No","No","None","Little to none","Moderate","Moderate to severe"]
["283","Yes",16,4,"CNA_other","No",{"$nulls":15},"CNA_other",{"$nulls":34},2012,68,"Male","Former","Cigarettes",20,19,19,"Current",4,50,200,"Dentate","C02.1 border of tongue","Mobile tongue","Right","T3","N1","Stage III","Stage III-IV","Ipsilateral","1                                                                                                                                                                                                                                                              ","                                                                                                                                                                                                                                                               ","No",null,"None","Palliative","None","n.a.","Not applicable",null,null,"Unknown","Non-cohesive","Unknown","Unknown","Poorly differentiated","Tx (unknown)","T3","cT_stage","n.a. (no neck dissection)","N1","cN_stage","Mx",null,"Stage III","Stage III-IV","cDisease",null,null,"n.a. (no neck dissection)","Unknown (not assessable)","        ","Dead",27,1,27]
["286","Yes",5,2,"CNA_quiet_candidate","Yes",0.66,0.145,34,10,"CNA_other",{"$nulls":10},"CNA_other",0.145,0.66,10,{"$nulls":31},2012,59,"Male","Former","Cigarettes",15,40,30,"Current",0.28571428571429,41,12,"Dentate","C04.0 anterior floor of mouth","Floor of mouth","Midline","T2","N2b","Stage IVA","Stage III-IV","Ipsilateral","2;3                                                                                                                                                                                                                                                            ","                                                                                                                                                                                                                                                               ","No","Surgery + CRT","Surgery + CRT","Curative","IMRT","Postoperative","Disease progression",3,0.4,null,"Cohesive","No","No","Moderately differentiated","T2","T2","pT_stage","n.a. (no neck dissection)","N2b","cN_stage","Mx","Stage II","Stage II","Stage I-II","pDisease",null,null,"n.a. (no neck dissection)","Involved (<1 mm)","0       ","Dead",14,1,14,"Cohesive","Moderate","No","Yes","Severe","Moderate to severe","Mild","Little to none"]
["287","Yes",11,2,"CNA_quiet_candidate","Yes",0.41,0.525,35,19,"CNA_other",{"$nulls":10},"CNA_other",0.525,0.41,19,{"$nulls":31},2012,88,"Male","Current","Cigars/pipe",4,65,33,"Current",2,70,140,"Edendate ","C03.0 upper gum","Vestibule of the mouth ","Left","T4b","N1","Stage IVB","Stage III-IV","Ipsilateral","                                                                                                                                                                                                                                                               ","2                                                                                                                                                                                                                                                              ","No","Radiotherapy","Radiotherapy","Curative","IMRT","Definitive","Complete response",null,null,"Unknown","Cohesive","Unknown","Unknown","Unknown","n.a. (no surgery)","T4b","cT_stage","n.a. (no neck dissection)","N1","cN_stage","77",77,"Stage IVB","Stage III-IV","cDisease",null,null,"n.a. (no neck dissection)","n.a. (no surgery)","        ","Dead",35,1,35,{"$nulls":4},"Little","Little to none","Mild","Little to none"]
["289","Yes",11,3,"CNA_other","No",{"$nulls":15},"CNA_other",{"$nulls":34},2012,76,"Female","Never","n.a.",0,0,0,"Never",0,0,0,null,"C06.0 cheek mucosa","Cheek mucosa","Left","T1","N0","Stage I","Stage I-II","n.a.","                                                                                                                                                                                                                                                               ","                                                                                                                                                                                                                                                               ","No","Surgery","Surgery","Curative","None","n.a.","Complete response",3,0.6,null,"Cohesive","No","No","Moderately differentiated","T2","T2","pT_stage","N0","N0","pN_stage",null,"Stage II","Stage II","Stage I-II","pDisease",null,null,"No","Unknown (not assessable)","        ","Alive",48,0,48,"Cohesive","None","No","No","Moderate","Moderate to severe","Moderate","Moderate to severe"]
["290","Yes",12,2,"CNA_quiet_candidate","Yes",0.32,0.527,31,18,"CNA_other",{"$nulls":10},"CNA_other",0.527,0.32,18,{"$nulls":31},2012,83,"Female","Former","Cigarettes",20,36,36,"Never",0,0,0,"Edendate ","C06.2 retromolar area","Retromolar trigone","Left","T3","N0","Stage III","Stage III-IV","n.a.","                                                                                                                                                                                                                                                               ","                                                                                                                                                                                                                                                               ","No","Surgery","Surgery","Curative","None","n.a.","Partial response",3,1.2,null,"Cohesive","No","No","Moderately differentiated","T4a","T4a","pT_stage","N0","N0","pN_stage","Mx","Stage IVA","Stage IVA","Stage III-IV","pDisease",null,0,"No","Clear (>5 mm)","        ","Dead",7,1,7,"Cohesive","Severe","No","Yes","Moderate","Moderate to severe","Moderate","Moderate to severe"]
["291","Yes",15,5,"CNA_other","No",{"$nulls":15},"CNA_other",{"$nulls":34},2012,85,"Female","Former","Cigarettes",10,16,8,"Never",0,0,0,null,"C02.1 border of tongue","Mobile tongue","Right","T2","N0","Stage II","Stage I-II","n.a.","                                                                                                                                                                                                                                                               ","                                                                                                                                                                                                                                                               ","No","Surgery","Surgery","Curative","None","n.a.","Complete response",1.8,0.6,"Lamina propria","Cohesive","No","No","Moderately differentiated","T2","T2","pT_stage","N0","N0","pN_stage","Mx","Stage II","Stage II","Stage I-II","pDisease",0,0,"No","Clear (>5 mm)","5       ","Alive",63,0,60,"Cohesive","Mild","No","Yes","Severe","Moderate to severe","Moderate","Moderate to severe"]
["296","Yes",6,1,"CNA_quiet_candidate","Yes",0.31,0.566,36,25,"CNA_other",{"$nulls":10},"CNA_other",0.566,0.31,25,{"$nulls":31},2012,59,"Female","Former","Cigarettes",20,30,30,"Current",4,41,164,null,"C03.1 lower gum","Vestibule of the mouth ","Left","T4a","N3b","Stage IVB","Stage III-IV","Bilateral","1;2                                                                                                                                                                                                                                                            ","1;2;3;4                                                                                                                                                                                                                                                        ","Yes","Chemoradiation","Chemoradiotherapy","Curative","IMRT","Definitive","Partial response",null,null,"Unknown","Cohesive","Unknown","Unknown","Moderately differentiated","n.a. (no surgery)","T4a","cT_stage","n.a. (no neck dissection)","N3b","cN_stage","77",77,"Stage IVB","Stage III-IV","cDisease",null,null,"n.a. (no neck dissection)","n.a. (no surgery)","        ","Dead",6,1,6,{"$nulls":4},"Moderate","Moderate to severe","Mild","Little to none"]
["299","Yes",4,1,"CNA_quiet_candidate","Yes",0.24,0.236,35,12,"CNA_other","Yes",0.28,2,0.245,12,1,8,0.997,"CNA_other",null,"CNA_other",0.245,0.28,12,"Mutated","WT","WT","WT","WT","Mutated","WT","WT","WT","Mutated","WT","WT","Mutated","WT","Mutated","WT","WT","WT","WT","WT","WT","WT","WT","WT","WT","WT","WT","WT","Mutated","TP63,FAT1,TERT,NOTCH1,KMT2D,TP53",null,2012,56,"Male","Current","Cigarettes",20,28,28,"Current",2,38,76,null,"C03.0 upper gum","Vestibule of the mouth ","Right","T4a","N0","Stage IVA","Stage III-IV","n.a.","                                                                                                                                                                                                                                                               ","                                                                                                                                                                                                                                                               ","No","Surgery + RT","Surgery + RT","Curative","IMRT","Postoperative","Complete response",3,2,"Bone","Cohesive","No","No","Moderately differentiated","T4a","T4a","pT_stage","n.a. (no neck dissection)","N0","cN_stage",null,"Stage IVA","Stage IVA","Stage III-IV","pDisease",null,null,"n.a. (no neck dissection)","Clear (>5 mm)","        ","Alive",46,0,46,"Cohesive",null,"Yes","Yes","Severe","Moderate to severe","Mild","Little to none"]
["301","Yes",9,2,"CNA_quiet_candidate","Yes",0.11,0.423,34,14,"CNA_other",{"$nulls":10},"CNA_other",0.423,0.11,14,{"$nulls":31},2012,60,"Male","Current","Cigarettes",9,42,19,"Current",4,42,168,null,"C02.1 border of tongue","Mobile tongue","Right","T2","N2b","Stage IVA","Stage III-IV","Ipsilateral","2;3                                                                                                                                                                                                                                                            ","                                                                                                                                                                                                                                                               ","No","Surgery + CRT","Surgery + CRT","Curative","IMRT","Postoperative","Complete response",3,1.5,"Lamina propria","Non-cohesive","No","No","Moderately differentiated","T3","T3","pT_stage","N3b","N3b","pN_stage","Mx","Stage IVB","Stage IVB","Stage III-IV","pDisease",11,null,"Yes","Clear (>5 mm)","5       ","Dead",16,1,16,"Non-cohesive",null,"No",null,"Moderate","Moderate to severe","Moderate","Moderate to severe"]
["302","Yes",7,2,"CNA_quiet_candidate","Yes",0.32,0.698,45,33,"CNA_other","Yes",0.32,3.32,0.704,33,0.999,3,0.988,"CNA_other",null,"CNA_other",0.704,0.32,33,"Mutated","WT","WT","WT","WT","Mutated","WT","WT","WT","WT","WT","WT","WT","WT","WT","WT","WT","WT","WT","WT","WT","WT","WT","WT","WT","WT","WT","WT","WT","TERT,TP53",null,2012,63,"Male","Never","n.a.",0,0,0,"Current",0.14285714285714,45,6,null,"C02.1 border of tongue","Mobile tongue","Right","T2","N0","Stage II","Stage I-II","n.a.","                                                                                                                                                                                                                                                               ","                                                                                                                                                                                                                                                               ","No","Surgery + CRT","Surgery + CRT","Curative","IMRT","Postoperative","Complete response",2,0.9,null,"Non-cohesive","No","Yes","Moderately differentiated","T2","T2","pT_stage","N3b","N3b","pN_stage",null,"Stage IVB","Stage IVB","Stage III-IV","pDisease",2,0,"Yes","Clear (>5 mm)","        ","Alive",44,0,44,"Non-cohesive","None","No","No","Moderate","Moderate to severe","Moderate","Moderate to severe"]
["303","Yes",11,2,"CNA_quiet_candidate","Yes",0.63,0.215,31,10,"CNA_other",{"$nulls":10},"CNA_other",0.215,0.63,10,{"$nulls":31},2012,77,"Male","Former","Cigarettes",5,40,10,"Current",1,60,60,null,"C03.0 upper gum","Vestibule of the mouth ","Right","T4a","N0","Stage IVA","Stage III-IV","n.a.","                                                                                                                                                                                                                                                               ","                                                                                                                                                                                                                                                               ","No","Surgery + RT","Surgery + RT","Curative","IMRT","Postoperative","Complete response",null,null,"Bone","Cohesive","Unknown","Unknown","Moderately differentiated","T4a","T4a","pT_stage","n.a. (no neck dissection)","N0","cN_stage","Mx","Stage IVA","Stage IVA","Stage III-IV","pDisease",null,null,"n.a. (no neck dissection)","Clear (>5 mm)","        ","Alive",6,0,6]
["304","Yes",17,4,"CNA_other","No",{"$nulls":15},"CNA_other",{"$nulls":34},2012,62,"Female","Former","Cigarettes",7,24,9,"Never",0,0,0,null,"C06.0 cheek mucosa","Cheek mucosa","Left","T2","N1","Stage III","Stage III-IV","Ipsilateral","                                                                                                                                                                                                                                                               ","1                                                                                                                                                                                                                                                              ","No","Surgery","Surgery","Curative","None","n.a.","Complete response",null,null,"Lamina propria","Cohesive","Unknown","Unknown","Well differentiated","Tx (unknown)","T2","cT_stage","Nx (unknown)","N1","cN_stage","Mx",null,"Stage III","Stage III-IV","cDisease",null,null,"Unknown","Unknown (not assessable)","        ","Alive",0,0,0,null,null,"No",null,"Little","Little to none","Mild","Little to none"]
["307","Yes",5,0,"CNA_quiet_candidate","Yes",1,0,22,0,"CNA_quiet_candidate","Yes",1,2,0,0,1,0,0.999,"Exclude","No_evidence_of_tumor","Exclude",0,1,0,{"$nulls":31},2012,62,"Male","Never","n.a.",0,0,0,"Current",1,40,40,null,"C02.1 border of tongue","Mobile tongue","Right","T1","N0","Stage I","Stage I-II","n.a.","                                                                                                                                                                                                                                                               ","                                                                                                                                                                                                                                                               ","No","Surgery","Surgery","Curative","None","n.a.","Complete response",0,0.2,null,"Cohesive","No","No","Moderately differentiated","T1","T1","pT_stage","N0","N0","pN_stage",null,"Stage I","Stage I","Stage I-II","pDisease",0,null,"No","Clear (>5 mm)","        ","Alive",45,0,45,"Cohesive","None","No","No","Moderate","Moderate to severe","None","Little to none"]
["308","Yes",12,3,"CNA_other","No",{"$nulls":15},"CNA_other",{"$nulls":34},2012,63,"Male","Current","Cigarettes",15,40,30,"Current",5,45,225,"Dentate","C04.0 anterior floor of mouth","Floor of mouth","Midline","T2","N3b","Stage IVB","Stage III-IV","Bilateral","2;3;4                                                                                                                                                                                                                                                          ","3                                                                                                                                                                                                                                                              ","Yes","Surgery + CRT","Surgery + CRT","Curative","IMRT","Postoperative","Complete response",3,0.8,"Lamina propria","Non-cohesive","No","Yes","Moderately differentiated","T2","T2","pT_stage","n.a. (no neck dissection)","N3b","cN_stage","Mx","Stage II","Stage II","Stage I-II","pDisease",null,null,"n.a. (no neck dissection)","Clear (>5 mm)","5       ","Dead",34,1,34,"Non-cohesive","Mild","No","Yes","Moderate","Moderate to severe","Moderate","Moderate to severe"]
["309","Yes",10,2,"CNA_quiet_candidate","Yes",0.08,0.302,36,11,"CNA_other",{"$nulls":10},"CNA_other",0.302,0.08,11,{"$nulls":31},2012,52,"Male","Never","n.a.",0,0,0,"Current",0.57142857142857,30,17,null,"C02.1 border of tongue","Mobile tongue","Left","T1","N0","Stage I","Stage I-II","n.a.","                                                                                                                                                                                                                                                               ","                                                                                                                                                                                                                                                               ","No","Surgery","Surgery","Curative","None","n.a.","Complete response",0,0.7,null,"Non-cohesive","No","No","Moderately differentiated","T2","T2","pT_stage","N0","N0","pN_stage",null,"Stage II","Stage II","Stage I-II","pDisease",null,0,"No","Clear (>5 mm)","        ","Alive",43,0,43,"Non-cohesive","Mild","No","Yes","Little","Little to none","None","Little to none"]
["310","Yes",0,0,"CNA_quiet_candidate","Yes",0.1,0.058,29,3,"CNA_quiet_candidate","Yes",0.1,2.01,0.062,3,0.946,1,0.222,"Exclude","Power_too_low_muts","Exclude",0.062,0.1,3,{"$nulls":31},2012,57,"Female","Never","n.a.",0,0,0,"Current",2,39,78,null,"C02.1 border of tongue","Mobile tongue","Left","T1","N0","Stage I","Stage I-II","n.a.","                                                                                                                                                                                                                                                               ","                                                                                                                                                                                                                                                               ","No","Surgery","Surgery","Curative","None","n.a.","Complete response",0,0.4,null,"Non-cohesive","No","No","Moderately differentiated","T1","T1","pT_stage","N1","N1","pN_stage",null,"Stage III","Stage III","Stage III-IV","pDisease",null,1,"No","Clear (>5 mm)","        ","Alive",43,0,43,"Non-cohesive","None","No","No","Moderate","Moderate to severe","None","Little to none"]
["311","Yes",18,5,"Unclear","Yes",0.28,0.545,43,27,"CNA_other",{"$nulls":10},"CNA_other",0.545,0.28,27,{"$nulls":31},2013,66,"Female","Never","n.a.",0,0,0,"Never",0,0,0,null,"C03.1 lower gum","Vestibule of the mouth ","Left","T4a","N1","Stage IVA","Stage III-IV","Ipsilateral","                                                                                                                                                                                                                                                               ","1                                                                                                                                                                                                                                                              ","No","Surgery + CRT","Surgery + CRT","Curative","IMRT","Postoperative","Complete response",2.5,1,"Bone","Non-cohesive","No","No","Moderately differentiated","T4a","T4a","pT_stage","N3b","N3b","pN_stage","Mx","Stage IVB","Stage IVB","Stage III-IV","pDisease",null,6,"Yes","Unknown (not assessable)","        ","Dead",11,1,11,"Non-cohesive","None","No","No","Moderate","Moderate to severe","Moderate","Moderate to severe"]
["312","Yes",11,2,"CNA_quiet_candidate","Yes",0.51,0.203,35,12,"CNA_other","Yes",0.51,2.02,0.211,12,0.999,3,0.999,"CNA_other",null,"CNA_other",0.211,0.51,12,"Mutated","WT","WT","WT","WT","WT","WT","WT","WT","WT","WT","WT","Mutated","WT","Mutated","WT","WT","WT","WT","WT","WT","WT","WT","WT","WT","WT","WT","WT","WT","FAT1,KMT2D,TP53",null,2012,66,"Male","Current","Cigarettes",20,50,50,"Former",{"$nulls":4},"C04.0 anterior floor of mouth","Floor of mouth","Midline","T2","N2b","Stage IVA","Stage III-IV","Ipsilateral","                                                                                                                                                                                                                                                               ","2;3                                                                                                                                                                                                                                                            ","No","Surgery + RT","Surgery + RT","Curative","IMRT","Postoperative","Complete response",2.6,1.1,"Submucosa","Cohesive","Yes","Yes","Poorly differentiated","T3","T3","pT_stage","N2c","N2c","pN_stage","Mx","Stage IVA","Stage IVA","Stage III-IV","pDisease",1,7,"No","Close (1-5 mm)","2       ","Dead",12,1,12,"Cohesive","None","No","No","Moderate","Moderate to severe","None","Little to none"]
["313","Yes",25,6,"CNA_other","No",{"$nulls":15},"CNA_other",{"$nulls":34},2012,66,"Male","Current","Cigarettes",15,30,22,"Current",4,48,192,"Dentate","C04.0 anterior floor of mouth","Floor of mouth","Midline","T4a","N2c","Stage IVA","Stage III-IV","Bilateral","1;2;3                                                                                                                                                                                                                                                          ","2                                                                                                                                                                                                                                                              ","No","Chemoradiation","Chemoradiotherapy","Curative","IMRT","Definitive","Partial response",null,null,"Muscle","Cohesive","Unknown","Unknown","Poorly differentiated","n.a. (no surgery)","T4a","cT_stage","n.a. (no neck dissection)","N2c","cN_stage","77",77,"Stage IVA","Stage III-IV","cDisease",null,null,"n.a. (no neck dissection)","n.a. (no surgery)","        ","Dead",10,1,10,{"$nulls":4},"Moderate","Moderate to severe","Moderate","Moderate to severe"]
["314","Yes",0,0,"CNA_quiet_candidate","Yes",1,0,22,0,"CNA_quiet_candidate","Yes",1,2,0,0,1,0,0.999,"Exclude","No_evidence_of_tumor","Exclude",0,1,0,{"$nulls":31},2013,63,"Male","Former","Cigarettes",25,33,41,"Current",7,45,315,null,"C04.0 anterior floor of mouth","Floor of mouth","Right","T1","N0","Stage I","Stage I-II","n.a.","                                                                                                                                                                                                                                                               ","                                                                                                                                                                                                                                                               ","No","Surgery","Surgery","Curative","None","n.a.","Complete response",0,0.1,null,"Unknown","No","No","Moderately differentiated","T1","T1","pT_stage","N0","N0","pN_stage",null,"Stage I","Stage I","Stage I-II","pDisease",0,0,"No","Clear (>5 mm)","        ","Alive",44,0,44,null,"None","No","No","Moderate","Moderate to severe","None","Little to none"]
["315","Yes",7,1,"CNA_quiet_candidate","Yes",0.17,0.206,23,5,"CNA_other",{"$nulls":10},"CNA_other",0.206,0.17,5,{"$nulls":31},2012,76,"Female","Never","n.a.",0,0,0,"Never",0,0,0,null,"C04.0 anterior floor of mouth","Floor of mouth","Midline","T2","N0","Stage II","Stage I-II","n.a.","                                                                                                                                                                                                                                                               ","                                                                                                                                                                                                                                                               ","No","Surgery","Surgery","Curative","None","n.a.","Complete response",0,0.2,null,"Cohesive","No","No","Well differentiated","T1","T1","pT_stage","N0","N0","pN_stage",null,"Stage I","Stage I","Stage I-II","pDisease",0,0,"No","Clear (>5 mm)","        ","Alive",40,0,40,"Cohesive","Severe","Yes","Yes","Moderate","Moderate to severe","None","Little to none"]
["317","Yes",15,3,"CNA_other","No",{"$nulls":15},"CNA_other",{"$nulls":34},2013,47,"Male","Never","n.a.",0,0,0,"Current",2,29,58,"Dentate","C02.1 border of tongue","Mobile tongue","Left","T1","N0","Stage I","Stage I-II","n.a.","                                                                                                                                                                                                                                                               ","                                                                                                                                                                                                                                                               ","No","Surgery","Surgery","Curative","None","n.a.","Complete response",1,0.5,"Submucosa","Non-cohesive","No","No","Well differentiated","T1","T1","pT_stage","N0","N0","pN_stage",null,"Stage I","Stage I","Stage I-II","pDisease",null,0,"No","Clear (>5 mm)","        ","Alive",41,0,41,"Non-cohesive","None","No","No","Moderate","Moderate to severe","None","Little to none"]
["319","Yes",10,2,"CNA_quiet_candidate","Yes",0.1,0.607,39,23,"CNA_other",{"$nulls":10},"CNA_other",0.607,0.1,23,{"$nulls":31},2013,67,"Male","Former","Cigarettes",20,45,45,"Former",20,45,900,"Edendate ","C02.1 border of tongue","Mobile tongue","Left","T2","N2b","Stage IVA","Stage III-IV","Ipsilateral","                                                                                                                                                                                                                                                               ","2                                                                                                                                                                                                                                                              ","No","Surgery + CRT","Surgery + CRT","Curative","IMRT","Postoperative","Complete response",1,0.8,"Muscle","Cohesive","No","No","Poorly differentiated","T2","T2","pT_stage","N3b","N3b","pN_stage",null,"Stage IVB","Stage IVB","Stage III-IV","pDisease",null,2,"Yes","Clear (>5 mm)","        ","Alive",9,0,9,"Cohesive","Severe","No","Yes","Severe","Moderate to severe","None","Little to none"]
["320","Yes",6,2,"CNA_quiet_candidate","Yes",1,0,22,0,"CNA_quiet_candidate","Yes",0.074,2,0,0,0.931,3,0.038,"Exclude","Power_too_low_muts","Exclude",0,0.074,0,{"$nulls":31},2013,65,"Male","Former","Cigars/pipe",5,40,10,"Current",2,47,94,"Dentate","C04.0 anterior floor of mouth","Floor of mouth","Right","T2","N1","Stage III","Stage III-IV","Ipsilateral","2                                                                                                                                                                                                                                                              ","                                                                                                                                                                                                                                                               ","No","Surgery + CRT","Surgery + CRT","Curative","IMRT","Postoperative","Complete response",4,1.9,"Muscle","Non-cohesive","No","Yes","Poorly differentiated","T4a","T4a","pT_stage","N3b","N3b","pN_stage",null,"Stage IVB","Stage IVB","Stage III-IV","pDisease",3,0,"Yes","Clear (>5 mm)","        ","Dead",16,1,16,"Non-cohesive","None","No","No","Moderate","Moderate to severe","None","Little to none"]
["321","Yes",7,2,"CNA_quiet_candidate","Yes",0.09,0.049,24,2,"CNA_quiet_candidate","Yes",0.22,2.01,0.042,1,1,6,0.992,"CNA_quiet",null,"CNA_quiet",0.042,0.22,2,"WT","Mutated","Mutated","WT","WT","WT","WT","WT","WT","Mutated","WT","WT","Mutated","WT","WT","WT","WT","WT","WT","WT","WT","WT","WT","WT","WT","WT","WT","WT","WT","CASP8,FAT1,NOTCH1,HRAS","Yes",2013,74,"Female","Former","Cigarettes",10,26,13,"Current",2,56,112,"Dentate","C05.0 hard palate","Hard palate","Right","T1","N0","Stage I","Stage I-II","n.a.","                                                                                                                                                                                                                                                               ","                                                                                                                                                                                                                                                               ","No","Surgery","Surgery","Curative","None","n.a.","Complete response",2,0.2,null,"Cohesive","No","No","Moderately differentiated","T1","T1","pT_stage","N0","N0","pN_stage",null,"Stage I","Stage I","Stage I-II","pDisease",null,null,"No","Clear (>5 mm)","        ","Alive",40,0,40,"Cohesive",null,"Yes","Yes","Severe","Moderate to severe","None","Little to none"]
["322","Yes",1,0,"CNA_quiet_candidate","Yes",0.11,0.472,32,17,"CNA_other",{"$nulls":10},"CNA_other",0.472,0.11,17,{"$nulls":31},2013,48,"Male","Never","n.a.",0,0,0,"Current",3,30,90,"Dentate","C02.1 border of tongue","Mobile tongue","Left","T2","N2b","Stage IVA","Stage III-IV","Ipsilateral","                                                                                                                                                                                                                                                               ","2;3                                                                                                                                                                                                                                                            ","No","Surgery + CRT","Surgery + CRT","Curative","IMRT","Postoperative","Complete response",2,1.1,null,"Non-cohesive","No","No","Moderately differentiated","T3","T3","pT_stage","N3b","N3b","pN_stage",null,"Stage IVB","Stage IVB","Stage III-IV","pDisease",null,4,"Yes","Clear (>5 mm)","        ","Alive",41,0,41,"Non-cohesive","None","No","No","None","Little to none","Severe","Moderate to severe"]
["323","Yes",12,2,"CNA_quiet_candidate","Yes",0.12,0.41,37,18,"CNA_other",{"$nulls":10},"CNA_other",0.41,0.12,18,{"$nulls":31},2013,68,"Female","Former","Cigarettes",20,28,28,"Current",2,51,102,"Dentate","C02.1 border of tongue","Mobile tongue","Right","T1","N0","Stage I","Stage I-II","n.a.","                                                                                                                                                                                                                                                               ","                                                                                                                                                                                                                                                               ","No","Surgery","Surgery","Curative","None","n.a.","Complete response",null,null,"Lamina propria","Cohesive","Unknown","Unknown","Unknown","T1","T1","pT_stage","N0","N0","pN_stage","Mx","Stage I","Stage I","Stage I-II","pDisease",0,null,"No","Clear (>5 mm)","        ","Alive",61,0,60,null,"None","No","No","Moderate","Moderate to severe","None","Little to none"]
["324","Yes",22,4,"CNA_other","No",{"$nulls":15},"CNA_other",{"$nulls":34},2013,62,"Female","Current","Cigarettes",10,40,20,"Current",1,44,44,"Dentate","C04.0 anterior floor of mouth","Floor of mouth","Left","T1","N0","Stage I","Stage I-II","n.a.","                                                                                                                                                                                                                                                               ","                                                                                                                                                                                                                                                               ","No","Surgery + RT","Surgery + RT","Curative","IMRT","Postoperative","Complete response",1.5,0.8,"Lamina propria","Non-cohesive","No","Yes","Moderately differentiated","T2","T2","pT_stage","N0","N0","pN_stage","Mx","Stage II","Stage II","Stage I-II","pDisease",null,0,"No","Close (1-5 mm)","3       ","Alive",80,0,60,null,"Mild","No","Yes","Little","Little to none","Moderate","Moderate to severe"]
["325","Yes",0,0,"CNA_quiet_candidate","Yes",0.07,0,27,0,"Exclude",{"$nulls":10},"Exclude",0,0.07,0,{"$nulls":31},2013,63,"Male","Current","Cigarettes",25,45,56,"Current",4,45,180,"Dentate","C04.0 anterior floor of mouth","Floor of mouth","Left","T1","N0","Stage I","Stage I-II","n.a.","                                                                                                                                                                                                                                                               ","                                                                                                                                                                                                                                                               ","No","Surgery","Surgery","Curative","None","n.a.","Complete response",1,null,null,"Cohesive","Unknown","Unknown","Well differentiated","T1","T1","pT_stage","N0","N0","pN_stage",null,"Stage I","Stage I","Stage I-II","pDisease",0,0,"No","Clear (>5 mm)","        ","Alive",42,0,42,null,"None","No","No","None","Little to none","Moderate","Moderate to severe"]
["326","Yes",23,6,"CNA_other","No",{"$nulls":15},"CNA_other",{"$nulls":34},2013,58,"Male","Current","Cigarettes",20,41,41,"Current",16,40,640,"Dentate","C04.0 anterior floor of mouth","Floor of mouth","Left","T4a","N2b","Stage IVA","Stage III-IV","Ipsilateral","                                                                                                                                                                                                                                                               ","2                                                                                                                                                                                                                                                              ","No","Surgery + RT","Surgery + RT","Curative","IMRT","Postoperative","Complete response",1.7,1.2,"Muscle","Non-cohesive","Yes","Yes","Poorly differentiated","T4a","T4a","pT_stage","N3b","N3b","pN_stage","Mx","Stage IVB","Stage IVB","Stage III-IV","pDisease",2,11,"Yes","Unknown (not assessable)","        ","Dead",9,1,9,"Non-cohesive","None","No","No","Moderate","Moderate to severe","Moderate","Moderate to severe"]
["328","Yes",18,4,"CNA_other","No",{"$nulls":15},"CNA_other",{"$nulls":34},2013,88,"Female","Never","n.a.",0,0,0,"Current",1,88,88,"Edendate ","C03.0 upper gum","Vestibule of the mouth ","Left","T3","N2b","Stage IVA","Stage III-IV","Ipsilateral","                                                                                                                                                                                                                                                               ","1                                                                                                                                                                                                                                                              ","No","Radiotherapy","Radiotherapy","Curative","IMRT","Definitive","Not applicable",null,null,"Unknown","Cohesive","Unknown","Unknown","Unknown","n.a. (no surgery)","T3","cT_stage","n.a. (no neck dissection)","N2b","cN_stage","77",77,"Stage IVA","Stage III-IV","cDisease",null,null,"n.a. (no neck dissection)","n.a. (no surgery)","        ","Dead",11,1,11,"Cohesive",{"$nulls":3},"Little","Little to none","None","Little to none"]
["331","Yes",8,1,"CNA_quiet_candidate","Yes",0.19,0.457,24,10,"CNA_other",{"$nulls":10},"CNA_other",0.457,0.19,10,{"$nulls":31},2013,74,"Male","Current","Cigars/pipe",3,30,14,"Current",2,57,114,null,"C06.0 cheek mucosa","Cheek mucosa","Right","T1","N0","Stage I","Stage I-II","n.a.","                                                                                                                                                                                                                                                               ","                                                                                                                                                                                                                                                               ","No","Surgery","Surgery","Curative","None","n.a.","Complete response",null,0.3,"Lamina propria","Cohesive","No","No","Unknown","T1","T1","pT_stage","n.a. (no neck dissection)","N0","cN_stage","Mx","Stage I","Stage I","Stage I-II","pDisease",null,null,"n.a. (no neck dissection)","Clear (>5 mm)","        ","Alive",60,0,60,null,"None","No","No","Moderate","Moderate to severe","None","Little to none"]
["332","Yes",6,1,"CNA_quiet_candidate","Yes",0.24,0.051,25,4,"CNA_quiet_candidate","Yes",0.24,2.03,0.055,4,1,2,0.926,"CNA_quiet",null,"CNA_quiet",0.055,0.24,4,"WT","Mutated","WT","WT","WT","WT","WT","WT","WT","WT","WT","WT","Mutated","WT","WT","WT","WT","WT","WT","WT","WT","WT","WT","WT","WT","WT","WT","WT","WT","CASP8,FAT1","Yes",2013,71,"Female","Current","Cigarettes",10,40,20,"Current",2,53,106,"Edendate ","C03.1 lower gum","Vestibule of the mouth ","Left","T4a","N0","Stage IVA","Stage III-IV","n.a.","                                                                                                                                                                                                                                                               ","                                                                                                                                                                                                                                                               ","No","Surgery","Surgery","Curative","None","n.a.","Complete response",2.1,3.6,"Bone","Cohesive","No","No","Moderately differentiated","T4a","T4a","pT_stage","N0","N0","pN_stage","Mx","Stage IVA","Stage IVA","Stage III-IV","pDisease",null,0,"No","Close (1-5 mm)","4       ","Alive",58,0,58,"Cohesive","None","No","No","Severe","Moderate to severe","Mild","Little to none"]
["334","Yes",3,0,"CNA_quiet_candidate","Yes",1,0,22,0,"CNA_quiet_candidate",{"$nulls":8},"Exclude","Not_enough_material_for_target_sequencing","Exclude",0,1,0,{"$nulls":31},2013,62,"Male","Former","Cigarettes",20,30,30,"Current",7,44,308,"Dentate","C04.0 anterior floor of mouth","Floor of mouth","Right","T4a","N0","Stage IVA","Stage III-IV","n.a.","                                                                                                                                                                                                                                                               ","                                                                                                                                                                                                                                                               ","No","Surgery + RT","Surgery + RT","Curative","IMRT","Postoperative","Complete response",3,1.5,"Bone","Non-cohesive","No","No","Moderately differentiated","T4a","T4a","pT_stage","N0","N0","pN_stage","Mx","Stage IVA","Stage IVA","Stage III-IV","pDisease",0,0,"No","Close (1-5 mm)","4       ","Alive",76,0,60,"Non-cohesive","Mild","No","Yes","Little","Little to none","None","Little to none"]
["337","Yes",22,5,"CNA_other","No",{"$nulls":15},"CNA_other",{"$nulls":34},2013,55,"Male","Former","Cigarettes",20,35,35,"Former",7,37,259,"Dentate","C04.0 anterior floor of mouth","Floor of mouth","Left","T4a","N2b","Stage IVA","Stage III-IV","Ipsilateral","                                                                                                                                                                                                                                                               ","1;2                                                                                                                                                                                                                                                            ","No","Chemoradiation","Chemoradiotherapy","Curative","IMRT","Definitive","Partial response",null,null,"Unknown","Cohesive","No","No","Poorly differentiated","n.a. (no surgery)","T4a","cT_stage","n.a. (no neck dissection)","N2b","cN_stage","77",77,"Stage IVA","Stage III-IV","cDisease",null,null,"n.a. (no neck dissection)","n.a. (no surgery)","        ","Alive",3,0,3,{"$nulls":4},"None","Little to none","Moderate","Moderate to severe"]
["338","Yes",19,3,"CNA_other","No",{"$nulls":15},"CNA_other",{"$nulls":34},2013,66,"Male","Current","Cigarettes",20,54,54,"Current",4,48,192,"Edendate ","C02.1 border of tongue","Mobile tongue","Left","T1","N0","Stage I","Stage I-II","n.a.","                                                                                                                                                                                                                                                               ","                                                                                                                                                                                                                                                               ","No","Surgery","Surgery","Curative","None","n.a.","Complete response",1,0.5,null,"Non-cohesive","No","No","Moderately differentiated","T1","T1","pT_stage","N0","N0","pN_stage",null,"Stage I","Stage I","Stage I-II","pDisease",null,0,"No","Clear (>5 mm)","        ","Dead",19,1,19,"Non-cohesive","None","No","No","None","Little to none","Severe","Moderate to severe"]
["342","Yes",23,5,"CNA_other","No",{"$nulls":15},"CNA_other",{"$nulls":34},2013,55,"Male","Current","Cigarettes",20,19,19,"Current",15,37,555,"Dentate","C02.1 border of tongue","Mobile tongue","Left","T4a","N0","Stage IVA","Stage III-IV","n.a.","                                                                                                                                                                                                                                                               ","                                                                                                                                                                                                                                                               ","No","Surgery + RT","Surgery + RT","Curative","IMRT","Postoperative","Complete response",3,2.7,"Muscle","Non-cohesive","Yes","Yes","Poorly differentiated","T3","T3","pT_stage","N2b","N2b","pN_stage","Mx","Stage IVA","Stage IVA","Stage III-IV","pDisease",null,2,"No","Clear (>5 mm)","5       ","Dead",14,1,14,"Non-cohesive",null,"No",null,"Little","Little to none","Mild","Little to none"]
["344","Yes",3,0,"CNA_quiet_candidate","Yes",0.15,0.337,40,21,"CNA_other",{"$nulls":10},"CNA_other",0.337,0.15,21,{"$nulls":31},2013,71,"Female","Former","Cigarettes",15,35,26,"Current",2,50,100,"Edendate ","C02.1 border of tongue","Mobile tongue","Left","T2","N2c","Stage IVA","Stage III-IV","Bilateral","2                                                                                                                                                                                                                                                              ","1;2;3;4;6                                                                                                                                                                                                                                                      ","No","Surgery + RT","Surgery + RT","Curative","IMRT","Postoperative","Complete response",5,5,"Bone","Non-cohesive","Yes","Yes","Poorly differentiated","T4a","T4a","pT_stage","N3b","N3b","pN_stage","Mx","Stage IVB","Stage IVB","Stage III-IV","pDisease",5,16,"Yes","Involved (<1 mm)","0       ","Dead",34,1,34,"Non-cohesive",null,"No"]
["345","Yes",9,2,"CNA_quiet_candidate","Yes",0.15,0.227,42,17,"CNA_other",{"$nulls":10},"CNA_other",0.227,0.15,17,{"$nulls":31},2013,75,"Female","Never","n.a.",0,0,0,"Current",0.28571428571429,30,9,"Edendate ","C06.0 cheek mucosa","Cheek mucosa","Right","T4b","N0","Stage IVB","Stage III-IV","n.a.","                                                                                                                                                                                                                                                               ","                                                                                                                                                                                                                                                               ","No","Radiotherapy","Radiotherapy","Curative","IMRT","Definitive","Complete response",null,null,"Lamina propria","Cohesive","Unknown","Unknown","Well differentiated","n.a. (no surgery)","T4b","cT_stage","n.a. (no neck dissection)","N0","cN_stage","77",77,"Stage IVB","Stage III-IV","cDisease",null,null,"n.a. (no neck dissection)","n.a. (no surgery)","        ","Alive",39,0,39,null,null,"No",null,"Little","Little to none","Severe","Moderate to severe"]
["347","Yes",18,4,"CNA_other","No",{"$nulls":15},"CNA_other",{"$nulls":34},2013,63,"Male","Former","Cigarettes",40,40,80,"Current",4,45,180,null,"C04.0 anterior floor of mouth","Floor of mouth","Midline","T1","N0","Stage I","Stage I-II","n.a.","                                                                                                                                                                                                                                                               ","                                                                                                                                                                                                                                                               ","No","Surgery","Surgery","Curative","None","n.a.","Complete response",1,0.1,"Submucosa","Cohesive","Unknown","Unknown","Moderately differentiated","T1","T1","pT_stage","N0","N0","pN_stage","Mx","Stage I","Stage I","Stage I-II","pDisease",null,0,"No","Clear (>5 mm)","        ","Alive",63,0,60,null,"Moderate","No","Yes","None","Little to none","Moderate","Moderate to severe"]
["348","Yes",18,3,"CNA_other","No",{"$nulls":15},"CNA_other",{"$nulls":34},2013,44,"Female","Never","n.a.",0,0,0,"Current",2,26,52,null,"C03.0 upper gum","Vestibule of the mouth ","Left","T4b","N0","Stage IVB","Stage III-IV","n.a.","                                                                                                                                                                                                                                                               ","                                                                                                                                                                                                                                                               ","No","Chemoradiation","Chemoradiotherapy","Curative","IMRT","Definitive","Complete response",null,null,"Unknown","Cohesive","Unknown","Unknown","Moderately differentiated","n.a. (no surgery)","T4b","cT_stage","n.a. (no neck dissection)","N0","cN_stage","77",77,"Stage IVB","Stage III-IV","cDisease",null,null,"n.a. (no neck dissection)","n.a. (no surgery)","        ","Alive",62,0,60,null,null,"No",null,"Little","Little to none","Severe","Moderate to severe"]
["349","Yes",0,0,"CNA_quiet_candidate","Yes",0.07,0.077,22,2,"CNA_quiet_candidate","Yes",0.14,2.04,0.08,2,1,0,0.998,"CNA_quiet",null,"CNA_quiet",0.08,0.14,2,"WT","WT","WT","WT","WT","WT","WT","WT","WT","WT","WT","WT","WT","WT","WT","WT","WT","WT","WT","WT","WT","WT","WT","WT","WT","WT","WT","WT","WT","NA",null,2013,76,"Female","Never","n.a.",0,0,0,"Never",0,0,0,"Edendate ","C02.1 border of tongue","Mobile tongue","Right","T1","N0","Stage I","Stage I-II","n.a.","                                                                                                                                                                                                                                                               ","                                                                                                                                                                                                                                                               ","No","Surgery","Surgery","Curative","None","n.a.","Complete response",null,null,"Submucosa","Cohesive","Unknown","Unknown","Moderately differentiated","T1","T1","pT_stage","N0","N0","pN_stage","Mx","Stage I","Stage I","Stage I-II","pDisease",null,0,"No","Clear (>5 mm)","        ","Alive",74,0,60,null,"None","Yes","No","Moderate","Moderate to severe","None","Little to none"]
["350","Yes",27,4,"CNA_other","No",{"$nulls":15},"CNA_other",{"$nulls":34},2013,66,"Male","Former","Cigarettes",20,40,40,"Current",3,48,144,"Edendate ","C03.1 lower gum","Vestibule of the mouth ","Right","T2","N1","Stage III","Stage III-IV","Ipsilateral","1                                                                                                                                                                                                                                                              ","                                                                                                                                                                                                                                                               ","No","Surgery + RT","Surgery + RT","Curative","IMRT","Postoperative","Complete response",2,0.7,"Submucosa","Cohesive","No","No","Moderately differentiated","T2","T2","pT_stage","N1","N1","pN_stage","Mx","Stage III","Stage III","Stage III-IV","pDisease",1,null,"No","Close (1-5 mm)","3       ","Alive",75,0,60,"Cohesive",null,"No",null,"Moderate","Moderate to severe","Moderate","Moderate to severe"]
["352","Yes",26,6,"CNA_other","No",{"$nulls":15},"CNA_other",{"$nulls":34},2013,55,"Male","Former","Cigarettes",20,35,35,"Current",1,37,37,"Dentate","C03.0 upper gum","Vestibule of the mouth ","Midline","T4a","N0","Stage IVA","Stage III-IV","n.a.","                                                                                                                                                                                                                                                               ","                                                                                                                                                                                                                                                               ","No","Surgery + RT","Surgery + RT","Curative","IMRT","Postoperative","Complete response",3,1.5,null,"Non-cohesive","No","No","Moderately differentiated","T4a","T4a","pT_stage","N0","N0","pN_stage",null,"Stage IVA","Stage IVA","Stage III-IV","pDisease",null,null,"No","Clear (>5 mm)","        ","Alive",39,0,39,"Non-cohesive",null,"No",null,"Severe","Moderate to severe","Moderate","Moderate to severe"]
["353","Yes",11,1,"CNA_quiet_candidate","Yes",0.12,0.164,35,12,"CNA_other",{"$nulls":10},"CNA_other",0.164,0.12,12,{"$nulls":31},2013,68,"Female","Current","Cigarettes",25,54,68,"Current",7,50,350,"Edendate ","C04.0 anterior floor of mouth","Floor of mouth","Right","T2","N0","Stage II","Stage I-II","n.a.","                                                                                                                                                                                                                                                               ","                                                                                                                                                                                                                                                               ","No","Surgery","Surgery","Curative","None","n.a.","Complete response",1,0.3,null,"Non-cohesive","No","No","Unknown","T1","T1","pT_stage","N0","N0","pN_stage",null,"Stage I","Stage I","Stage I-II","pDisease",0,0,"No","Clear (>5 mm)","        ","Alive",36,0,36,"Non-cohesive",null,"No",null,"Moderate","Moderate to severe","Moderate","Moderate to severe"]
["354","Yes",17,4,"CNA_other","No",{"$nulls":15},"CNA_other",{"$nulls":34},2013,78,"Female","Never","n.a.",0,0,0,"Never",0,0,0,null,"C02.1 border of tongue","Mobile tongue","Right","T1","N0","Stage I","Stage I-II","n.a.","                                                                                                                                                                                                                                                               ","                                                                                                                                                                                                                                                               ","No","Surgery","Surgery","Curative","None","n.a.","Complete response",1,0.6,"Lamina propria","Non-cohesive","Yes","No","Moderately differentiated","T2","T2","pT_stage","N1","N1","pN_stage","Mx","Stage III","Stage III","Stage III-IV","pDisease",1,0,"No","Close (1-5 mm)","4       ","Dead",9,1,9,"Non-cohesive","Mild","No","Yes","Moderate","Moderate to severe","Moderate","Moderate to severe"]
["356","Yes",12,2,"CNA_quiet_candidate","Yes",0.15,0.445,47,23,"CNA_other",{"$nulls":10},"CNA_other",0.445,0.15,23,{"$nulls":31},2013,62,"Female","Former","Cigarettes",20,40,40,"Former",{"$nulls":3},"Edendate ","C04.0 anterior floor of mouth","Floor of mouth","Right","T1","N0","Stage I","Stage I-II","n.a.","                                                                                                                                                                                                                                                               ","                                                                                                                                                                                                                                                               ","No","Surgery","Surgery","Curative","None","n.a.","Complete response",null,null,"Unknown","Cohesive","Unknown","Unknown","Moderately differentiated","T1","T1","pT_stage","N0","N0","pN_stage","Mx","Stage I","Stage I","Stage I-II","pDisease",0,null,"No","Clear (>5 mm)","        ","Alive",64,0,60,null,"None","No","No","Severe","Moderate to severe","None","Little to none"]
["357","Yes",8,1,"CNA_quiet_candidate","Yes",0.17,0.643,50,31,"CNA_other",{"$nulls":10},"CNA_other",0.643,0.17,31,{"$nulls":31},2013,42,"Male","Current","Cigarettes",25,29,36,"Current",3,24,72,"Edendate ","C02.1 border of tongue","Mobile tongue","Left","T2","N0","Stage II","Stage I-II","n.a.","                                                                                                                                                                                                                                                               ","                                                                                                                                                                                                                                                               ","No","Surgery","Surgery","Curative","None","n.a.","Complete response",0.5,0.15,"Lamina propria","Cohesive","No","No","Unknown","T1","T1","pT_stage","N0","N0","pN_stage",null,"Stage I","Stage I","Stage I-II","pDisease",null,null,"No","Clear (>5 mm)","        ","Alive",17,0,17,null,"None","No","No","Severe","Moderate to severe","None","Little to none"]
["358","Yes",14,4,"CNA_other","No",{"$nulls":15},"CNA_other",{"$nulls":34},2013,76,"Female","Former","Cigarettes",15,30,22,"Current",3,60,180,"Dentate","C02.1 border of tongue","Mobile tongue","Left","T1","N0","Stage I","Stage I-II","n.a.","                                                                                                                                                                                                                                                               ","                                                                                                                                                                                                                                                               ","No","Surgery","Surgery","Curative","None","n.a.","Complete response",1.5,0.7,"Muscle","Non-cohesive","No","No","Poorly differentiated","T2","T2","pT_stage","N1","N1","pN_stage","Mx","Stage III","Stage III","Stage III-IV","pDisease",0,1,"No","Clear (>5 mm)","5       ","Alive",50,0,50,"Non-cohesive",null,"No",null,"Moderate","Moderate to severe","Moderate","Moderate to severe"]
["360","Yes",4,1,"CNA_quiet_candidate","Yes",0.52,0.098,28,6,"CNA_other","Yes",0.52,2,0.089,6,1,4,1,"CNA_other",null,"CNA_other",0.089,0.52,6,"WT","Mutated","WT","Mutated","WT","Mutated","WT","WT","WT","WT","WT","WT","WT","WT","WT","WT","Mutated","WT","WT","WT","WT","WT","WT","WT","WT","WT","WT","WT","WT","CASP8,PIK3CA,TERT,AJUBA","Yes",2013,69,"Male","Former","Cigars/pipe",0.28571428571429,2,0,"Current",1,49,49,"Dentate","C03.1 lower gum","Vestibule of the mouth ","Right","T2","N0","Stage II","Stage I-II","n.a.","                                                                                                                                                                                                                                                               ","                                                                                                                                                                                                                                                               ","No","Surgery + RT","Surgery + RT","Curative","IMRT","Postoperative","Complete response",3,1.1,null,"Non-cohesive","No","No","Moderately differentiated","T4a","T4a","pT_stage","N0","N0","pN_stage",null,"Stage IVA","Stage IVA","Stage III-IV","pDisease",0,0,"No","Clear (>5 mm)","        ","Alive",36,0,36,"Non-cohesive","None","No","No","Moderate","Moderate to severe","Severe","Moderate to severe"]
["362","Yes",4,0,"CNA_quiet_candidate","Yes",0.08,0.477,33,16,"CNA_other",{"$nulls":10},"CNA_other",0.477,0.08,16,{"$nulls":31},2013,60,"Male","Current","Cigars/pipe",10,40,20,"Former",25,20,500,"Edendate ","C02.1 border of tongue","Mobile tongue","Left","T1","N0","Stage I","Stage I-II","n.a.","                                                                                                                                                                                                                                                               ","                                                                                                                                                                                                                                                               ","No","Surgery","Surgery","Curative","None","n.a.","Complete response",null,null,"Lamina propria","Cohesive","Unknown","Unknown","Unknown","T1","T1","pT_stage","N0","N0","pN_stage","Mx","Stage I","Stage I","Stage I-II","pDisease",null,0,"No","Clear (>5 mm)","        ","Alive",35,0,35,null,"None",null,"No"]
["364","Yes",5,1,"CNA_quiet_candidate","Yes",1,0,22,0,"CNA_quiet_candidate","Yes",0.5,2,0,0,1,10,0.994,"CNA_quiet",null,"CNA_quiet",0,0.5,0,"Mutated","Mutated","WT","Mutated","Mutated","Mutated","WT","Mutated","WT","WT","WT","WT","WT","WT","WT","WT","WT","WT","WT","WT","WT","WT","Mutated","WT","Mutated","WT","WT","WT","WT","NFE2L2,CASP8,PIK3CA,FBXW7,TERT,CDKN2A,TP53,KEAP1",null,2013,85,"Female","Former","Cigarettes",20,30,30,"Current",1,25,25,"Edendate ","C06.0 cheek mucosa","Cheek mucosa","Left","T2","N0","Stage II","Stage I-II","n.a.","                                                                                                                                                                                                                                                               ","                                                                                                                                                                                                                                                               ","No","Surgery","Surgery","Curative","None","n.a.","Complete response",3,0.3,"Lamina propria","Cohesive","No","No","Well differentiated","T2","T2","pT_stage","n.a. (no neck dissection)","N0","cN_stage","Mx","Stage II","Stage II","Stage I-II","pDisease",null,null,"n.a. (no neck dissection)","Close (1-5 mm)","3       ","Dead",37,1,37,null,"Severe","No","Yes","Moderate","Moderate to severe","None","Little to none"]
["365","Yes",19,5,"CNA_other","No",{"$nulls":15},"CNA_other",{"$nulls":34},2013,69,"Male","Former","Cigarettes",30,50,75,"Current",2,51,102,"Edendate ","C02.1 border of tongue","Mobile tongue","Left","T1","N0","Stage I","Stage I-II","n.a.","                                                                                                                                                                                                                                                               ","                                                                                                                                                                                                                                                               ","No","Surgery","Surgery","Curative","None","n.a.","Complete response",0,0.3,null,"Cohesive","No","No","Moderately differentiated","T1","T1","pT_stage","N0","N0","pN_stage",null,"Stage I","Stage I","Stage I-II","pDisease",null,null,"No","Clear (>5 mm)","        ","Alive",35,0,35,"Cohesive",null,"No",null,"Severe","Moderate to severe","Mild","Little to none"]
["369","Yes",17,3,"Unclear","Yes",0.05,0.057,24,2,"Exclude",{"$nulls":10},"Exclude",0.057,0.05,2,{"$nulls":31},2013,66,"Male","Current","Cigarettes",40,50,100,"Current",8,48,384,"Edendate ","C04.0 anterior floor of mouth","Floor of mouth","Left","T3","N2b","Stage IVA","Stage III-IV","Ipsilateral","                                                                                                                                                                                                                                                               ","1;2                                                                                                                                                                                                                                                            ","No","Surgery + RT","Surgery + RT","Curative","IMRT","Postoperative","Complete response",3.5,1,"Bone","Cohesive","No","No","Moderately differentiated","T4a","T4a","pT_stage","N0","N0","pN_stage","Mx","Stage IVA","Stage IVA","Stage III-IV","pDisease",0,0,"No","Close (1-5 mm)","3       ","Alive",69,0,60,"Cohesive","None","No","No","Moderate","Moderate to severe","Moderate","Moderate to severe"]
["370","Yes",1,0,"CNA_quiet_candidate","Yes",0.18,0.25,37,14,"CNA_other",{"$nulls":10},"CNA_other",0.25,0.18,14,{"$nulls":31},2013,67,"Female","Never","n.a.",0,0,0,"Current",1,49,49,"Dentate","C02.1 border of tongue","Mobile tongue","Right","T1","N0","Stage I","Stage I-II","n.a.","                                                                                                                                                                                                                                                               ","                                                                                                                                                                                                                                                               ","No","Surgery + RT","Surgery + RT","Curative","IMRT","Postoperative","Complete response",1,0.8,null,"Cohesive","No","No","Moderately differentiated","T2","T2","pT_stage","N3b","N3b","pN_stage",null,"Stage IVB","Stage IVB","Stage III-IV","pDisease",2,null,"Yes","Clear (>5 mm)","        ","Alive",4,0,4,"Cohesive","None","Yes","No","Moderate","Moderate to severe","Moderate","Moderate to severe"]
["371","Yes",20,6,"CNA_other","No",{"$nulls":15},"CNA_other",{"$nulls":34},2013,64,"Male","Never","n.a.",0,0,0,"Current",0.42857142857143,40,17,"Dentate","C06.0 cheek mucosa","Cheek mucosa","Left","T1","N0","Stage I","Stage I-II","n.a.","                                                                                                                                                                                                                                                               ","                                                                                                                                                                                                                                                               ","No","Surgery","Surgery","Curative","None","n.a.","Complete response",1.4,0.7,null,"Cohesive","No","No","Moderately differentiated","T2","T2","pT_stage","N0","N0","pN_stage",null,"Stage II","Stage II","Stage I-II","pDisease",null,0,"No","Clear (>5 mm)","        ","Alive",31,0,31,"Cohesive","None","No","No","Little","Little to none","Moderate","Moderate to severe"]
["373","Yes",26,6,"CNA_other","No",{"$nulls":15},"CNA_other",{"$nulls":34},2013,58,"Female","Current","Cigarettes",20,40,40,"Current",4,40,160,"Dentate","C04.0 anterior floor of mouth","Floor of mouth","Left","T2","N0","Stage II","Stage I-II","n.a.","                                                                                                                                                                                                                                                               ","                                                                                                                                                                                                                                                               ","No","Surgery","Surgery","Curative","None","n.a.","Complete response",1.5,0.6,"Lamina propria","Non-cohesive","No","No","Moderately differentiated","T2","T2","pT_stage","N0","N0","pN_stage","Mx","Stage II","Stage II","Stage I-II","pDisease",0,0,"No","Close (1-5 mm)","2       ","Dead",27,1,27,"Non-cohesive","Moderate","No","Yes","Moderate","Moderate to severe","Moderate","Moderate to severe"]
["376","Yes",4,1,"CNA_quiet_candidate","Yes",0.16,0.597,43,25,"CNA_other",{"$nulls":10},"CNA_other",0.597,0.16,25,{"$nulls":31},2013,71,"Female","Former","Cigarettes",10,15,8,"Current",3,50,150,null,"C02.1 border of tongue","Mobile tongue","Left","T1","N0","Stage I","Stage I-II","n.a.","                                                                                                                                                                                                                                                               ","                                                                                                                                                                                                                                                               ","No","Surgery","Surgery","Curative","None","n.a.","Complete response",0.5,0.2,"Lamina propria","Cohesive","No","No","Poorly differentiated","T1","T1","pT_stage","N0","N0","pN_stage","Mx","Stage I","Stage I","Stage I-II","pDisease",null,0,"No","Clear (>5 mm)","5       ","Dead",38,1,38,null,"None","Yes","No","Moderate","Moderate to severe","None","Little to none"]
["377","Yes",10,2,"CNA_quiet_candidate","Yes",0.34,0.114,31,7,"CNA_other",{"$nulls":10},"CNA_other",0.114,0.34,7,{"$nulls":31},2013,41,"Female","Never","n.a.",0,0,0,"Current",1,23,23,null,"C02.1 border of tongue","Mobile tongue","Right","T1","N0","Stage I","Stage I-II","n.a.","                                                                                                                                                                                                                                                               ","                                                                                                                                                                                                                                                               ","No","Surgery","Surgery","Curative","None","n.a.","Complete response",0.4,0.5,"Lamina propria","Cohesive","No","No","Well differentiated","T1","T1","pT_stage","N0","N0","pN_stage","Mx","Stage I","Stage I","Stage I-II","pDisease",0,null,"No","Close (1-5 mm)","3       ","Alive",32,0,32,null,"None","Yes","No","Moderate","Moderate to severe","None","Little to none"]
["378","Yes",11,3,"CNA_other","No",{"$nulls":15},"CNA_other",{"$nulls":34},2013,52,"Female","Never","n.a.",0,0,0,"Never",0,0,0,"Dentate","C02.1 border of tongue","Mobile tongue","Left","T1","N0","Stage I","Stage I-II","n.a.","                                                                                                                                                                                                                                                               ","                                                                                                                                                                                                                                                               ","No","Surgery","Surgery","Curative","None","n.a.","Complete response",0.8,0.6,"Lamina propria","Cohesive","No","No","Well differentiated","T2","T2","pT_stage","N0","N0","pN_stage","Mx","Stage II","Stage II","Stage I-II","pDisease",null,0,"No","Clear (>5 mm)","5       ","Alive",63,0,60,null,null,"No",null,"Moderate","Moderate to severe","Moderate","Moderate to severe"]
["379","Yes",20,3,"CNA_other","No",{"$nulls":15},"CNA_other",{"$nulls":34},2013,50,"Female","Never","n.a.",0,0,0,"Current",0.14285714285714,32,5,"Dentate","C03.1 lower gum","Vestibule of the mouth ","Right","T4a","N0","Stage IVA","Stage III-IV","n.a.","                                                                                                                                                                                                                                                               ","                                                                                                                                                                                                                                                               ","No","Surgery + CRT","Surgery + CRT","Curative","IMRT","Postoperative","Complete response",2,1.6,null,"Cohesive","No","No","Moderately differentiated","T4a","T4a","pT_stage","N2a","N2a","pN_stage",null,"Stage IVA","Stage IVA","Stage III-IV","pDisease",0,1,"Yes","Clear (>5 mm)","        ","Alive",33,0,33,"Cohesive","None","No","No","Moderate","Moderate to severe","Moderate","Moderate to severe"]
["381","Yes",3,1,"CNA_quiet_candidate","Yes",0.18,0.628,39,23,"CNA_other",{"$nulls":10},"CNA_other",0.628,0.18,23,{"$nulls":31},2013,77,"Female","Never","n.a.",0,0,0,"Never",0,0,0,null,"C03.0 upper gum","Vestibule of the mouth ","Midline","T1","N0","Stage I","Stage I-II","n.a.","                                                                                                                                                                                                                                                               ","                                                                                                                                                                                                                                                               ","No","Surgery","Surgery","Curative","None","n.a.","Complete response",1.2,0.5,"Lamina propria","Cohesive","No","No","Well differentiated","T1","T1","pT_stage","n.a. (no neck dissection)","N0","cN_stage","Mx","Stage I","Stage I","Stage I-II","pDisease",null,null,"n.a. (no neck dissection)","Clear (>5 mm)","7       ","Alive",69,0,60,"Cohesive","None","Yes","No","Moderate","Moderate to severe","None","Little to none"]
["383","Yes",6,1,"CNA_quiet_candidate","Yes",1,1E-3,24,1,"CNA_quiet_candidate","Yes",0.65,2,1E-3,1,1,3,0.997,"CNA_quiet",null,"CNA_quiet",1E-3,0.65,1,"WT","Mutated","WT","Mutated","WT","WT","WT","WT","WT","WT","WT","WT","WT","WT","WT","WT","WT","WT","WT","WT","WT","WT","WT","WT","Mutated","WT","WT","WT","WT","NFE2L2,CASP8,PIK3CA","Yes",2013,67,"Female","Former",{"$nulls":4},"Never",0,0,0,null,"C03.1 lower gum","Vestibule of the mouth ","Left","T1","N0","Stage I","Stage I-II","n.a.","                                                                                                                                                                                                                                                               ","                                                                                                                                                                                                                                                               ","No","Surgery","Surgery","Curative","None","n.a.","Complete response",1.5,0.1,"Lamina propria","Cohesive","No","No","Poorly differentiated","T1","T1","pT_stage","n.a. (no neck dissection)","N0","cN_stage","Mx","Stage I","Stage I","Stage I-II","pDisease",null,null,"n.a. (no neck dissection)","Clear (>5 mm)","        ","Dead",12,1,12,"Cohesive","Mild","No","Yes","Moderate","Moderate to severe","None","Little to none"]
["384","Yes",20,5,"CNA_other","No",{"$nulls":15},"CNA_other",{"$nulls":34},2013,64,"Female","Former","Cigarettes",20,40,40,"Current",6,46,276,"Dentate","C02.1 border of tongue","Mobile tongue","Left","T1","N2b","Stage IVA","Stage III-IV","Ipsilateral","                                                                                                                                                                                                                                                               ","2                                                                                                                                                                                                                                                              ","No","Surgery + CRT","Surgery + CRT","Curative","IMRT","Postoperative","Complete response",2,1.4,null,"Non-cohesive","No","No","Moderately differentiated","T3","T3","pT_stage","N2b","N2b","pN_stage",null,"Stage IVA","Stage IVA","Stage III-IV","pDisease",null,2,"No","Clear (>5 mm)","        ","Dead",21,1,21,"Non-cohesive","None",null,"No"]
["385","Yes",7,1,"CNA_quiet_candidate","Yes",0.18,0.239,30,10,"CNA_other",{"$nulls":10},"CNA_other",0.239,0.18,10,{"$nulls":31},2013,67,"Female","Never","n.a.",0,0,0,"Never",0,0,0,"Dentate","C02.1 border of tongue","Mobile tongue","Left","T1","N0","Stage I","Stage I-II","n.a.","                                                                                                                                                                                                                                                               ","                                                                                                                                                                                                                                                               ","No","Surgery","Surgery","Curative","None","n.a.","Complete response",1.1,0.5,"Lamina propria","Non-cohesive","No","No","Moderately differentiated","T1","T1","pT_stage","N0","N0","pN_stage","Mx","Stage I","Stage I","Stage I-II","pDisease",null,0,"No","Clear (>5 mm)","5       ","Alive",61,0,60,"Non-cohesive","None","No","No","Moderate","Moderate to severe","Moderate","Moderate to severe"]
["388","Yes",0,0,"CNA_quiet_candidate","Yes",0.2,0.51,61,35,"CNA_other",{"$nulls":10},"CNA_other",0.51,0.2,35,{"$nulls":31},2013,64,"Male","Current","Cigarettes",15,51,38,"Current",4,46,184,"Edendate ","C02.2 ventral surface of tongue","Mobile tongue","Left","T1","N0","Stage I","Stage I-II","n.a.","                                                                                                                                                                                                                                                               ","                                                                                                                                                                                                                                                               ","No","Surgery","Surgery","Curative","None","n.a.","Complete response",1.4,0.6,"Muscle","Non-cohesive","No","Yes","Moderately differentiated","T2","T2","pT_stage","N0","N0","pN_stage","Mx","Stage II","Stage II","Stage I-II","pDisease",0,0,"No","Close (1-5 mm)","2       ","Alive",40,0,40,"Non-cohesive","None","No","No","Moderate","Moderate to severe","Moderate","Moderate to severe"]
["391","Yes",18,5,"CNA_other","No",{"$nulls":15},"CNA_other",{"$nulls":34},2013,27,"Female","Never","n.a.",0,0,0,"Former",1,9,9,null,"C02.1 border of tongue","Mobile tongue","Left","T1","N0","Stage I","Stage I-II","n.a.","                                                                                                                                                                                                                                                               ","                                                                                                                                                                                                                                                               ","No","Surgery","Surgery","Curative","None","n.a.","Complete response",0.7,0.2,null,"Cohesive","No","No","Poorly differentiated","T1","T1","pT_stage","n.a. (no neck dissection)","N0","cN_stage",null,"Stage I","Stage I","Stage I-II","pDisease",null,null,"n.a. (no neck dissection)","Clear (>5 mm)","        ","Alive",19,0,19,"Cohesive","None","No","No","Moderate","Moderate to severe","Moderate","Moderate to severe"]
["393","Yes",25,5,"CNA_other","No",{"$nulls":15},"CNA_other",{"$nulls":34},2013,72,"Male","Current","Cigarettes",25,56,70,"Current",6,54,324,"Edendate ","C04.8 overlapping lesion of floor of mouth","Floor of mouth","Left","T2","N3b","Stage IVB","Stage III-IV","Bilateral","3                                                                                                                                                                                                                                                              ","2;3;4                                                                                                                                                                                                                                                          ","Yes","Radiotherapy","Radiotherapy","Curative","IMRT","Definitive","Complete response",null,null,"Unknown","Non-cohesive","Unknown","Unknown","Unknown","n.a. (no surgery)","T2","cT_stage","n.a. (no neck dissection)","N3b","cN_stage","77",77,"Stage IVB","Stage III-IV","cDisease",null,null,"n.a. (no neck dissection)","n.a. (no surgery)","        ","Alive",64,0,60,null,null,"No",null,"Moderate","Moderate to severe","Mild","Little to none"]
["394","Yes",10,2,"CNA_quiet_candidate","Yes",0.3,0.698,67,51,"CNA_other","Yes",0.38,3.67,0.707,54,1,1,0.995,"CNA_other",null,"CNA_other",0.707,0.38,51,"Mutated","WT","WT","WT","WT","WT","WT","WT","WT","WT","WT","WT","WT","WT","WT","WT","WT","WT","WT","WT","WT","WT","WT","WT","WT","WT","WT","WT","WT","TP53",null,2013,58,"Male","Former","Cigarettes",30,38,57,"Current",5,40,200,"Edendate ","C02.1 border of tongue","Mobile tongue","Right","T1","N0","Stage I","Stage I-II","n.a.","                                                                                                                                                                                                                                                               ","                                                                                                                                                                                                                                                               ","No","Surgery","Surgery","Curative","None","n.a.","Complete response",0.2,0.3,"Muscle","Non-cohesive","No","Yes","Poorly differentiated","T1","T1","pT_stage","n.a. (no neck dissection)","N0","cN_stage","Mx","Stage I","Stage I","Stage I-II","pDisease",null,null,"n.a. (no neck dissection)","Close (1-5 mm)","3       ","Dead",41,1,41,"Non-cohesive",null,"No",null,"None","Little to none","Moderate","Moderate to severe"]
["395","Yes",12,2,"CNA_quiet_candidate","Yes",0.29,0.494,67,42,"CNA_other",{"$nulls":10},"CNA_other",0.494,0.29,42,{"$nulls":31},2013,71,"Female","Current","Cigarettes",20,50,50,"Current",2,53,106,"Edendate ","C02.1 border of tongue","Mobile tongue","Left","T3","N0","Stage III","Stage III-IV","n.a.","                                                                                                                                                                                                                                                               ","                                                                                                                                                                                                                                                               ","No","Surgery","Surgery","Curative","None","n.a.","Complete response",6,2.5,null,"Non-cohesive","No","Yes","Moderately differentiated","T3","T3","pT_stage","N0","N0","pN_stage",null,"Stage III","Stage III","Stage III-IV","pDisease",0,0,"No","Clear (>5 mm)","        ","Dead",9,1,9,"Non-cohesive",null,"No",null,"Moderate","Moderate to severe","Moderate","Moderate to severe"]
["396","Yes",33,6,"CNA_other","No",{"$nulls":15},"CNA_other",{"$nulls":34},2013,68,"Male","Current","Cigarettes",12,53,32,"Current",4,50,200,"Edendate ","C04.0 anterior floor of mouth","Floor of mouth","Left","T1","N0","Stage I","Stage I-II","n.a.","                                                                                                                                                                                                                                                               ","                                                                                                                                                                                                                                                               ","No","Surgery + RT","Surgery + RT","Curative","IMRT","Postoperative","Complete response",1.7,0.3,"Lamina propria","Cohesive","No","No","Moderately differentiated","T1","T1","pT_stage","N1","N1","pN_stage","Mx","Stage III","Stage III","Stage III-IV","pDisease",0,1,"No","Close (1-5 mm)","3       ","Dead",37,1,37,"Cohesive","Severe","No","Yes","Moderate","Moderate to severe","Moderate","Moderate to severe"]
["399","Yes",18,5,"CNA_other","No",{"$nulls":15},"CNA_other",{"$nulls":34},2013,78,"Male","Current","Cigarettes",20,62,62,"Current",2,60,120,"Edendate ","C02.1 border of tongue","Mobile tongue","Right","T3","N0","Stage III","Stage III-IV","n.a.","                                                                                                                                                                                                                                                               ","                                                                                                                                                                                                                                                               ","No","Radiotherapy","Radiotherapy","Curative","IMRT","Definitive","Complete response",null,null,"Lamina propria","Cohesive","Unknown","Unknown","Unknown","n.a. (no surgery)","T3","cT_stage","n.a. (no neck dissection)","N0","cN_stage","77",77,"Stage III","Stage III-IV","cDisease",null,null,"n.a. (no neck dissection)","n.a. (no surgery)","        ","Alive",69,0,60,{"$nulls":4},"Little","Little to none","Mild","Little to none"]
["401","Yes",23,7,"CNA_other","No",{"$nulls":15},"CNA_other",{"$nulls":34},2013,61,"Male","Former","Cigarettes",20,30,30,"Current",5,43,215,"Dentate","C02.0 dorsal surface of tongue","Mobile tongue","Left","T1","N3b","Stage IVB","Stage III-IV","Ipsilateral","1;2;3                                                                                                                                                                                                                                                          ","                                                                                                                                                                                                                                                               ","Yes","Surgery","Surgery","Curative","None","n.a.","Partial response",1.8,0.8,"Lamina propria","Cohesive","Yes","No","Poorly differentiated","T2","T2","pT_stage","N3b","N3b","pN_stage","Mx","Stage IVB","Stage IVB","Stage III-IV","pDisease",0,21,"Yes","Involved (<1 mm)","        ","Dead",1,1,1,"Cohesive","Severe","Yes","Yes","Severe","Moderate to severe","Mild","Little to none"]
["402","Yes",8,3,"CNA_other","No",{"$nulls":15},"CNA_other",{"$nulls":34},2013,71,"Male","Former","Cigarettes",30,30,45,"Current",3,53,159,"Dentate","C02.2 ventral surface of tongue","Mobile tongue","Right","T1","N0","Stage I","Stage I-II","n.a.","                                                                                                                                                                                                                                                               ","                                                                                                                                                                                                                                                               ","No","Surgery","Surgery","Curative","None","n.a.","Complete response",1.5,0.7,"Muscle","Non-cohesive","No","Yes","Moderately differentiated","T2","T2","pT_stage","N0","N0","pN_stage","Mx","Stage II","Stage II","Stage I-II","pDisease",0,0,"No","Clear (>5 mm)","        ","Alive",30,0,30,null,"None","No","No","Moderate","Moderate to severe","Moderate","Moderate to severe"]
["403","Yes",21,3,"CNA_other","No",{"$nulls":15},"CNA_other",{"$nulls":34},2013,66,"Female","Never","n.a.",0,0,0,"Never",0,0,0,"Dentate","C02.0 dorsal surface of tongue","Mobile tongue","Right","T2","N0","Stage II","Stage I-II","n.a.","                                                                                                                                                                                                                                                               ","                                                                                                                                                                                                                                                               ","No","Surgery","Surgery","Curative","None","n.a.","Partial response",3,0.9,"Lamina propria","Non-cohesive","No","Yes","Poorly differentiated","T2","T2","pT_stage","n.a. (no neck dissection)","N0","cN_stage","Mx","Stage II","Stage II","Stage I-II","pDisease",null,null,"n.a. (no neck dissection)","Clear (>5 mm)","5       ","Alive",66,0,60,null,null,"No",null,"Moderate","Moderate to severe","Severe","Moderate to severe"]
["404","Yes",8,1,"CNA_quiet_candidate","Yes",0.19,0.324,50,20,"CNA_other",{"$nulls":10},"CNA_other",0.324,0.19,20,{"$nulls":31},2014,51,"Male","Current","Cigarettes",40,33,66,"Current",6,33,198,null,"C04.0 anterior floor of mouth","Floor of mouth","Left","T2","N1","Stage III","Stage III-IV","Ipsilateral","                                                                                                                                                                                                                                                               ","2                                                                                                                                                                                                                                                              ","No","Surgery + CRT","Surgery + CRT","Curative","IMRT","Postoperative","Complete response",1,0.6,null,"Non-cohesive","No","Yes","Poorly differentiated","T2","T2","pT_stage","N3b","N3b","pN_stage",null,"Stage IVB","Stage IVB","Stage III-IV","pDisease",1,3,"Yes","Clear (>5 mm)","        ","Alive",33,0,33,null,null,"No",null,"Moderate","Moderate to severe","Moderate","Moderate to severe"]
["405","Yes",7,1,"CNA_quiet_candidate","Yes",0.43,0.198,22,3,"CNA_quiet_candidate","Yes",0.4,2,0.199,3,1,4,0.993,"CNA_quiet",null,"CNA_quiet",0.199,0.4,3,"WT","WT","WT","WT","WT","WT","WT","WT","WT","WT","Mutated","WT","Mutated","Mutated","Mutated","WT","WT","WT","WT","WT","WT","WT","WT","WT","WT","WT","WT","WT","WT","EPHA2,FAT1,KMT2D,ZNF750","Yes",2014,75,"Male","Current","Cigarettes",16,43,34,"Current",2,57,114,"Edendate ","C06.0 cheek mucosa","Cheek mucosa","Left","T1","N0","Stage I","Stage I-II","n.a.","                                                                                                                                                                                                                                                               ","                                                                                                                                                                                                                                                               ","No","Surgery","Surgery","Curative","None","n.a.","Complete response",null,null,"Unknown","Cohesive","Unknown","Unknown","Moderately differentiated","T1","T1","pT_stage","n.a. (no neck dissection)","N0","cN_stage","Mx","Stage I","Stage I","Stage I-II","pDisease",null,null,"n.a. (no neck dissection)","Involved (<1 mm)","0       ","Alive",65,0,60,null,null,"Yes","Yes","Little","Little to none","Mild","Little to none"]
["407","Yes",19,4,"CNA_other","No",{"$nulls":15},"CNA_other",{"$nulls":34},2014,70,"Female","Former","Cigarettes",20,28,28,"Current",2,52,104,"Edendate ","C03.1 lower gum","Vestibule of the mouth ","Right","T2","N0","Stage II","Stage I-II","n.a.","                                                                                                                                                                                                                                                               ","                                                                                                                                                                                                                                                               ","No","Surgery","Surgery","Curative","None","n.a.","Complete response",2.5,0.25,null,"Cohesive","No","No","Moderately differentiated","T2","T2","pT_stage","N0","N0","pN_stage",null,"Stage II","Stage II","Stage I-II","pDisease",0,null,"No","Close (1-5 mm)","3       ","Alive",45,0,45,"Cohesive","Severe","Yes","Yes","Severe","Moderate to severe","None","Little to none"]
["408","Yes",24,6,"CNA_other","No",{"$nulls":15},"CNA_other",{"$nulls":34},2014,62,"Female","Never","n.a.",0,0,0,"Never",0,0,0,null,"C02.1 border of tongue","Mobile tongue","Right","T2","N0","Stage II","Stage I-II","n.a.","                                                                                                                                                                                                                                                               ","                                                                                                                                                                                                                                                               ","No","Surgery","Surgery","Curative","None","n.a.","Complete response",1.8,1.2,null,"Non-cohesive","No","No","Moderately differentiated","T3","T3","pT_stage","N2c","N2c","pN_stage",null,"Stage IVA","Stage IVA","Stage III-IV","pDisease",0,1,"No","Clear (>5 mm)","        ","Dead",15,1,15,"Non-cohesive","None","Yes","No","Severe","Moderate to severe","Mild","Little to none"]
["409","Yes",2,0,"CNA_quiet_candidate","Yes",0.17,0.633,45,28,"CNA_other",{"$nulls":10},"CNA_other",0.633,0.17,28,{"$nulls":31},2014,68,"Male","Never","n.a.",0,0,0,"Current",1,45,45,null,"C02.1 border of tongue","Mobile tongue","Right","T1","N0","Stage I","Stage I-II","n.a.","                                                                                                                                                                                                                                                               ","                                                                                                                                                                                                                                                               ","No","Surgery","Surgery","Curative","None","n.a.","Complete response",0.8,0.4,"Lamina propria","Cohesive","No","No","Well differentiated","T1","T1","pT_stage","N0","N0","pN_stage",null,"Stage I","Stage I","Stage I-II","pDisease",0,null,"No","Clear (>5 mm)","10      ","Alive",46,0,46,"Cohesive","Severe","No","Yes","Moderate","Moderate to severe","Moderate","Moderate to severe"]
["410","Yes",12,3,"CNA_other","No",{"$nulls":15},"CNA_other",{"$nulls":34},2014,61,"Female","Former","Cigarettes",5,6,2,"Current",0.14285714285714,43,6,"Dentate","C02.1 border of tongue","Mobile tongue","Left","T1","N0","Stage I","Stage I-II","n.a.","                                                                                                                                                                                                                                                               ","                                                                                                                                                                                                                                                               ","No","Surgery","Surgery","Curative","None","n.a.","Complete response",1.2,0.2,"Lamina propria","Non-cohesive","No","No","Moderately differentiated","T1","T1","pT_stage","N0","N0","pN_stage",null,"Stage I","Stage I","Stage I-II","pDisease",null,0,"No","Clear (>5 mm)","5       ","Alive",48,0,48,"Non-cohesive","None","No","No","Moderate","Moderate to severe","Moderate","Moderate to severe"]
["411","Yes",6,2,"CNA_quiet_candidate","Yes",0.72,0.121,30,8,"CNA_other",{"$nulls":10},"CNA_other",0.121,0.72,8,{"$nulls":31},2014,55,"Female","Current","Cigarettes",40,40,80,"Current",2,37,74,null,"C02.1 border of tongue","Mobile tongue","Left","T3","N0","Stage III","Stage III-IV","n.a.","                                                                                                                                                                                                                                                               ","                                                                                                                                                                                                                                                               ","No","Surgery + CRT","Surgery + CRT","Curative","IMRT","Postoperative","Complete response",4.5,1.3,null,"Non-cohesive","No","No","Unknown","T3","T3","pT_stage","N3b","N3b","pN_stage",null,"Stage IVB","Stage IVB","Stage III-IV","pDisease",0,3,"Yes","Clear (>5 mm)","        ","Alive",34,0,34,"Non-cohesive",null,"No",null,"Moderate","Moderate to severe","Mild","Little to none"]
["412","Yes",1,0,"CNA_quiet_candidate","Yes",0.17,0.029,24,1,"CNA_quiet_candidate","Yes",0.16,2.01,0.032,1,1,10,0.999,"CNA_quiet",null,"CNA_quiet",0.032,0.16,1,"WT","Mutated","WT","Mutated","WT","Mutated","WT","Mutated","WT","WT","Mutated","WT","Mutated","WT","WT","WT","Mutated","Mutated","WT","WT","Mutated","WT","WT","WT","WT","WT","WT","WT","WT","CASP8,PIK3CA,FGFR3,FBXW7,FAT1,TERT,PTEN,AJUBA,ZNF750","Yes",2014,44,"Male","Never","n.a.",0,0,0,"Never",0,0,0,"Dentate","C03.0 upper gum","Vestibule of the mouth ","Left","T4a","N0","Stage IVA","Stage III-IV","n.a.","                                                                                                                                                                                                                                                               ","                                                                                                                                                                                                                                                               ","No","Surgery + RT","Surgery + RT","Curative","IMRT","Postoperative","Complete response",4.5,2.9,"Bone","Cohesive","No","No","Well differentiated","T4a","T4a","pT_stage","n.a. (no neck dissection)","N0","cN_stage",null,"Stage IVA","Stage IVA","Stage III-IV","pDisease",null,null,"n.a. (no neck dissection)","Clear (>5 mm)","        ","Alive",34,0,34,"Cohesive","None","No","No","Severe","Moderate to severe","Mild","Little to none"]
["413","Yes",24,4,"CNA_other","No",{"$nulls":15},"CNA_other",{"$nulls":34},2014,37,"Male","Current","Cigarettes",25,20,25,"Current",5,19,95,"Dentate","C04.0 anterior floor of mouth","Floor of mouth","Midline","T2","N0","Stage II","Stage I-II","n.a.","                                                                                                                                                                                                                                                               ","                                                                                                                                                                                                                                                               ","No","Surgery + CRT","Surgery + CRT","Curative","IMRT","Postoperative","Complete response",2.5,0.8,"Lamina propria","Non-cohesive","No","No","Moderately differentiated","T2","T2","pT_stage","N0","N0","pN_stage",null,"Stage II","Stage II","Stage I-II","pDisease",0,0,"No","Involved (<1 mm)","        ","Alive",44,0,44,"Non-cohesive","None","No","No","Severe","Moderate to severe","Moderate","Moderate to severe"]
["415","Yes",6,2,"CNA_quiet_candidate","Yes",0.61,0.117,26,5,"CNA_quiet_candidate","Yes",0.61,2.01,0.125,5,1,4,0.998,"CNA_quiet",null,"CNA_quiet",0.125,0.61,5,"WT","Mutated","WT","WT","WT","WT","WT","WT","WT","WT","WT","WT","WT","WT","WT","WT","WT","WT","WT","WT","WT","WT","WT","WT","WT","Mutated","WT","WT","Mutated","CASP8,TP63,NSD1",null,2014,81,"Female","Never","n.a.",0,0,0,"Never",0,0,0,"Dentate","C05.0 hard palate","Hard palate","Right","T4a","N0","Stage IVA","Stage III-IV","n.a.","                                                                                                                                                                                                                                                               ","                                                                                                                                                                                                                                                               ","No","Radiotherapy","Radiotherapy","Palliative","IMRT","Definitive",{"$nulls":3},"Unknown","Unknown","Unknown","Unknown","Moderately differentiated","n.a. (no surgery)","T4a","cT_stage","n.a. (no neck dissection)","N0","cN_stage","77",77,"Stage IVA","Stage III-IV","cDisease",null,null,"n.a. (no neck dissection)","n.a. (no surgery)","        ","Dead",48,1,48]
["416","Yes",15,3,"Unclear","Yes",0.29,0.306,30,13,"CNA_other",{"$nulls":10},"CNA_other",0.306,0.29,13,{"$nulls":31},2014,66,"Female","Former","Cigarettes",15,20,15,"Current",2,43,86,"Dentate","C06.0 cheek mucosa","Cheek mucosa","Left","T2","N0","Stage II","Stage I-II","n.a.","                                                                                                                                                                                                                                                               ","                                                                                                                                                                                                                                                               ","No","Surgery","Surgery","Curative","None","n.a.","Complete response",2.1,0.8,"Muscle","Cohesive","No","No","Poorly differentiated","T2","T2","pT_stage","N0","N0","pN_stage",null,"Stage II","Stage II","Stage I-II","pDisease",null,0,"No","Close (1-5 mm)","2       ","Alive",40,0,40,"Cohesive","None","Yes","No","Moderate","Moderate to severe","Moderate","Moderate to severe"]
["418","Yes",0,0,"CNA_quiet_candidate","Yes",1,0,23,0,"CNA_quiet_candidate","Yes",0.46,2,0,0,1,1,0.999,"Exclude","No_evidence_of_tumor","Exclude",0,0.46,0,{"$nulls":31},2014,54,"Male","Former","Cigarettes",20,2,2,"Current",0,0,0,"Dentate","C02.1 border of tongue","Mobile tongue","Right","T1","N0","Stage I","Stage I-II","n.a.","                                                                                                                                                                                                                                                               ","                                                                                                                                                                                                                                                               ","No","Surgery","Surgery","Curative","None","n.a.","Complete response",null,null,"Submucosa","Unknown","No","No","Moderately differentiated","T1","T1","pT_stage","N0","N0","pN_stage","Mx","Stage I","Stage I","Stage I-II","pDisease",0,null,"No","Clear (>5 mm)","        ","Alive",43,0,43,null,"None","Yes","No","Severe","Moderate to severe","Moderate","Moderate to severe"]
["419","Yes",29,7,"CNA_other","No",{"$nulls":15},"CNA_other",{"$nulls":34},2014,73,"Male","Former","Cigarettes",40,30,60,"Never",0,0,0,"Edendate ","C03.1 lower gum","Vestibule of the mouth ","Left","T2","N0","Stage II","Stage I-II","n.a.","                                                                                                                                                                                                                                                               ","                                                                                                                                                                                                                                                               ","No","Surgery","Surgery","Curative","None","n.a.","Complete response",3,0.8,"Lamina propria","Cohesive","No","No","Moderately differentiated","T2","T2","pT_stage","N0","N0","pN_stage",null,"Stage II","Stage II","Stage I-II","pDisease",0,0,"No","Clear (>5 mm)","        ","Dead",47,1,47,"Cohesive","Severe","No","Yes","Moderate","Moderate to severe","Moderate","Moderate to severe"]
["420","Yes",2,0,"CNA_quiet_candidate","Yes",1,0,22,0,"CNA_quiet_candidate","Yes",1,2,0,0,1,0,0.997,"Exclude","No_evidence_of_tumor","Exclude",0,1,0,{"$nulls":31},2014,53,"Female","Former","Cigarettes",20,15,15,"Current",2,35,70,"Dentate","C02.1 border of tongue","Mobile tongue","Left","T1","N0","Stage I","Stage I-II","n.a.","                                                                                                                                                                                                                                                               ","                                                                                                                                                                                                                                                               ","No","Surgery","Surgery","Curative","None","n.a.","Complete response",null,0.5,"Lamina propria","Cohesive","No","No","Unknown","T1","T1","pT_stage","n.a. (no neck dissection)","N0","cN_stage",null,"Stage I","Stage I","Stage I-II","pDisease",null,null,"n.a. (no neck dissection)","Close (1-5 mm)","        ","Alive",47,0,47,"Cohesive","Moderate",null,"Yes"]
["421","Yes",3,0,"CNA_quiet_candidate","Yes",0.08,0.214,31,12,"CNA_other",{"$nulls":10},"CNA_other",0.214,0.08,12,{"$nulls":31},2014,81,"Female","Never","n.a.",0,0,0,"Current",0.14285714285714,63,9,"Edendate ","C04.0 anterior floor of mouth","Floor of mouth","Right","T2","N0","Stage II","Stage I-II","n.a.","                                                                                                                                                                                                                                                               ","                                                                                                                                                                                                                                                               ","No","Surgery + RT","Surgery + RT","Curative","IMRT","Postoperative","Complete response",null,null,"Lamina propria","Non-cohesive","No","No","Unknown","T2","T2","pT_stage","N0","N0","pN_stage","Mx","Stage II","Stage II","Stage I-II","pDisease",0,0,"No","Involved (<1 mm)","        ","Alive",28,0,28,"Non-cohesive","Severe","Yes","Yes","None","Little to none","Severe","Moderate to severe"]
["422","Yes",21,4,"Unclear","Yes",0.31,0.103,22,2,"CNA_quiet_candidate","Yes",0.31,1.99,0.097,2,1,8,0.995,"CNA_quiet",null,"CNA_quiet",0.097,0.31,2,"WT","Mutated","Mutated","WT","WT","Mutated","WT","WT","WT","Mutated","WT","WT","WT","Mutated","WT","WT","Mutated","WT","WT","WT","WT","WT","WT","WT","WT","WT","WT","WT","WT","EPHA2,CASP8,TERT,NOTCH1,HRAS,AJUBA","Yes",2014,74,"Female","Former","Cigarettes",10,20,10,"Never",0,0,0,"Edendate ","C04.0 anterior floor of mouth","Floor of mouth","Right","T1","N0","Stage I","Stage I-II","n.a.","                                                                                                                                                                                                                                                               ","                                                                                                                                                                                                                                                               ","No","Surgery","Surgery","Curative","None","n.a.","Complete response",null,null,"Lamina propria","Cohesive","No","No","Well differentiated","T1","T1","pT_stage","n.a. (no neck dissection)","N0","cN_stage","Mx","Stage I","Stage I","Stage I-II","pDisease",null,null,"n.a. (no neck dissection)","Clear (>5 mm)","        ","Alive",43,0,43,null,"Moderate","No","Yes","Moderate","Moderate to severe","None","Little to none"]
["424","Yes",26,7,"CNA_other","No",{"$nulls":15},"CNA_other",{"$nulls":34},2014,69,"Male","Former","Cigarettes",20,38,38,"Current",0.42857142857143,41,18,null,"C02.1 border of tongue","Mobile tongue","Left","T2","N0","Stage II","Stage I-II","n.a.","                                                                                                                                                                                                                                                               ","                                                                                                                                                                                                                                                               ","No","Surgery","Surgery","Curative","None","n.a.","Complete response",2.2,0.5,"Lamina propria","Non-cohesive","No","No","Poorly differentiated","T2","T2","pT_stage","N0","N0","pN_stage",null,"Stage II","Stage II","Stage I-II","pDisease",null,0,"No","Clear (>5 mm)","5       ","Dead",5,1,5,"Non-cohesive",null,"No",null,"Little","Little to none","None","Little to none"]
["425","Yes",11,2,"CNA_quiet_candidate","Yes",0.26,0.183,35,12,"CNA_other",{"$nulls":10},"CNA_other",0.183,0.26,12,{"$nulls":31},2014,67,"Female","Never","n.a.",0,0,0,"Never",0,0,0,null,"C02.1 border of tongue","Mobile tongue","Right","T2","N1","Stage III","Stage III-IV","Ipsilateral","1                                                                                                                                                                                                                                                              ","                                                                                                                                                                                                                                                               ","No","Surgery + RT","Surgery + RT","Curative","IMRT","Postoperative","Complete response",3,1.1,"Muscle","Non-cohesive","No","Yes","Poorly differentiated","T3","T3","pT_stage","N3b","N3b","pN_stage",null,"Stage IVB","Stage IVB","Stage III-IV","pDisease",3,null,"Yes","Clear (>5 mm)","        ","Alive",30,0,30,"Non-cohesive",null,"No"]
["426","Yes",5,1,"CNA_quiet_candidate","Yes",0.08,0.205,28,7,"CNA_other",{"$nulls":10},"CNA_other",0.205,0.08,7,{"$nulls":31},2014,54,"Male","Current","Cigarettes",30,38,57,"Former",{"$nulls":4},"C02.1 border of tongue","Mobile tongue","Left","T2","N0","Stage II","Stage I-II","n.a.","                                                                                                                                                                                                                                                               ","                                                                                                                                                                                                                                                               ","No","Surgery + CRT","Surgery + CRT","Curative","IMRT","Postoperative","Complete response",1.8,0.6,"Lamina propria","Non-cohesive","No","No","Well differentiated","T2","T2","pT_stage","N3b","N3b","pN_stage",null,"Stage IVB","Stage IVB","Stage III-IV","pDisease",0,2,"Yes","Clear (>5 mm)","7       ","Alive",41,0,41,"Non-cohesive",null,"No",null,"Moderate","Moderate to severe","Mild","Little to none"]
["427","Yes",1,0,"CNA_quiet_candidate","Yes",0.31,0.132,28,8,"CNA_other",{"$nulls":10},"CNA_other",0.132,0.31,8,{"$nulls":31},2014,58,"Male","Former","Cigarettes",10,20,10,"Current",2,41,82,"Dentate","C02.1 border of tongue","Mobile tongue","Right","T1","N0","Stage I","Stage I-II","n.a.","                                                                                                                                                                                                                                                               ","                                                                                                                                                                                                                                                               ","No","Surgery","Surgery","Curative","None","n.a.","Complete response",2.2,0.6,"Muscle","Cohesive","No","No","Well differentiated","T2","T2","pT_stage","N1","N1","pN_stage","Mx","Stage III","Stage III","Stage III-IV","pDisease",1,null,"No","Clear (>5 mm)","5       ","Alive",56,0,56,null,null,"No",null,"Moderate","Moderate to severe","None","Little to none"]
["428","Yes",27,7,"CNA_other","No",{"$nulls":15},"CNA_other",{"$nulls":34},2014,63,"Male","Current","Cigarettes",20,45,45,"Current",0.57142857142857,45,26,"Dentate","C04.9 floor of mouth, NOS","Floor of mouth","Left","T4b","N3b","Stage IVB","Stage III-IV","Ipsilateral","                                                                                                                                                                                                                                                               ","1;2                                                                                                                                                                                                                                                            ","Yes","Chemoradiation","Chemoradiotherapy","Curative","IMRT","Definitive","Partial response",null,null,"Unknown","Cohesive","Unknown","Unknown","Moderately differentiated","n.a. (no surgery)","T4b","cT_stage","n.a. (no neck dissection)","N3b","cN_stage","77",77,"Stage IVB","Stage III-IV","cDisease",null,null,"n.a. (no neck dissection)","n.a. (no surgery)","        ","Dead",51,1,51,null,null,"No",null,"Moderate","Moderate to severe","Moderate","Moderate to severe"]
["429","Yes",13,4,"CNA_other","No",{"$nulls":15},"CNA_other",{"$nulls":34},2014,74,"Female","Former","Cigarettes",20,33,33,"Current",0.14285714285714,56,8,"Dentate","C02.1 border of tongue","Mobile tongue","Left","T1","N0","Stage I","Stage I-II","n.a.","                                                                                                                                                                                                                                                               ","                                                                                                                                                                                                                                                               ","No","Surgery","Surgery","Curative","None","n.a.","Complete response",0.2,null,"Lamina propria","Non-cohesive","No","No","Unknown","T1","T1","pT_stage","N0","N0","pN_stage",null,"Stage I","Stage I","Stage I-II","pDisease",null,0,"No","Close (1-5 mm)","        ","Alive",44,0,44,"Non-cohesive","None","No","No","Moderate","Moderate to severe","Moderate","Moderate to severe"]
["430","Yes",18,5,"CNA_other","No",{"$nulls":15},"CNA_other",{"$nulls":34},2014,77,"Male","Former","Cigarettes",20,29,29,"Current",1,59,59,"Edendate ","C05.0 hard palate","Hard palate","Right","T4a","N0","Stage IVA","Stage III-IV","n.a.","                                                                                                                                                                                                                                                               ","                                                                                                                                                                                                                                                               ","No","Radiotherapy","Radiotherapy","Curative","IMRT","Definitive","Complete response",null,null,"Unknown","Non-cohesive","Unknown","Unknown","Unknown","n.a. (no surgery)","T4a","cT_stage","n.a. (no neck dissection)","N0","cN_stage","77",77,"Stage IVA","Stage III-IV","cDisease",null,null,"n.a. (no neck dissection)","n.a. (no surgery)","        ","Dead",20,1,20,{"$nulls":4},"Moderate","Moderate to severe","Moderate","Moderate to severe"]
["431","Yes",9,3,"CNA_other","No",{"$nulls":15},"CNA_other",{"$nulls":34},2014,37,"Female","Never","n.a.",0,0,0,"Never",0,0,0,"Dentate","C02.1 border of tongue","Mobile tongue","Right","T4a","N0","Stage IVA","Stage III-IV","n.a.","                                                                                                                                                                                                                                                               ","                                                                                                                                                                                                                                                               ","No","Surgery","Surgery","Curative","None","n.a.","Complete response",3,0.5,"Muscle","Non-cohesive","No","No","Well differentiated","T4a","T4a","pT_stage","N0","N0","pN_stage",null,"Stage IVA","Stage IVA","Stage III-IV","pDisease",0,null,"No","Clear (>5 mm)","        ","Alive",44,0,44,"Non-cohesive",null,"No",null,"Moderate","Moderate to severe","Moderate","Moderate to severe"]
["433","Yes",24,5,"CNA_other","No",{"$nulls":15},"CNA_other",{"$nulls":34},2014,82,"Female","Never","n.a.",0,0,0,"Never",0,0,0,null,"C02.1 border of tongue","Mobile tongue","Right","T1","N0","Stage I","Stage I-II","n.a.","                                                                                                                                                                                                                                                               ","                                                                                                                                                                                                                                                               ","No","Surgery","Surgery","Curative","None","n.a.","Complete response",0.8,0.3,"Lamina propria","Non-cohesive","No","No","Moderately differentiated","T1","T1","pT_stage","N0","N0","pN_stage",null,"Stage I","Stage I","Stage I-II","pDisease",0,null,"No","Clear (>5 mm)","7       ","Dead",7,1,7,"Non-cohesive",null,"No",null,"Moderate","Moderate to severe","Mild","Little to none"]
["434","Yes",9,1,"CNA_quiet_candidate","Yes",0.14,0.334,38,15,"CNA_other",{"$nulls":10},"CNA_other",0.334,0.14,15,{"$nulls":31},2014,71,"Female","Former","Cigarettes",20,50,50,"Current",2,53,106,"Edendate ","C04.0 anterior floor of mouth","Floor of mouth","Right","T1","N0","Stage I","Stage I-II","n.a.","                                                                                                                                                                                                                                                               ","                                                                                                                                                                                                                                                               ","No","Surgery","Surgery","Curative","None","n.a.","Complete response",0.27,0.17,"Lamina propria","Cohesive","No","No","Moderately differentiated","T1","T1","pT_stage","N0","N0","pN_stage",null,"Stage I","Stage I","Stage I-II","pDisease",0,null,"No","Clear (>5 mm)","        ","Alive",43,0,43,null,"Moderate","No","Yes","Moderate","Moderate to severe","Moderate","Moderate to severe"]
["435","Yes",10,2,"CNA_quiet_candidate","Yes",0.32,0.306,33,15,"CNA_other",{"$nulls":10},"CNA_other",0.306,0.32,15,{"$nulls":31},2014,64,"Female","Never","n.a.",0,0,0,"Never",0,0,0,null,"C02.1 border of tongue","Mobile tongue","Right","T1","N0","Stage I","Stage I-II","n.a.","                                                                                                                                                                                                                                                               ","                                                                                                                                                                                                                                                               ","No","Surgery","Surgery","Curative","None","n.a.","Complete response",0.1,0.1,"Lamina propria","Cohesive","No","No","Moderately differentiated","T1","T1","pT_stage","n.a. (no neck dissection)","N0","cN_stage",null,"Stage I","Stage I","Stage I-II","pDisease",null,null,"n.a. (no neck dissection)","Clear (>5 mm)","        ","Alive",19,0,19,null,"Moderate","Yes","Yes","Moderate","Moderate to severe","None","Little to none"]
["436","Yes",24,5,"CNA_other","No",{"$nulls":15},"CNA_other",{"$nulls":34},2014,62,"Male","Former","Cigarettes",40,30,60,"Former",5,30,150,"Dentate","C04.0 anterior floor of mouth","Floor of mouth","Midline","T1","N0","Stage I","Stage I-II","n.a.","                                                                                                                                                                                                                                                               ","                                                                                                                                                                                                                                                               ","No","Surgery","Surgery","Curative","None","n.a.","Partial response",1,0.4,"Lamina propria","Cohesive","No","No","Moderately differentiated","T1","T1","pT_stage","N0","N0","pN_stage",null,"Stage I","Stage I","Stage I-II","pDisease",0,0,"No","Involved (<1 mm)","0       ","Dead",1,1,1,null,"Severe","No","Yes","Little","Little to none","Moderate","Moderate to severe"]
["437","Yes",13,4,"CNA_other","No",{"$nulls":15},"CNA_other",{"$nulls":34},2014,47,"Female","Current","Cigarettes",25,30,38,"Current",2,29,58,"Dentate","C04.0 anterior floor of mouth","Floor of mouth","Left","T1","N0","Stage I","Stage I-II","n.a.","                                                                                                                                                                                                                                                               ","                                                                                                                                                                                                                                                               ","No","Surgery","Surgery","Curative","None","n.a.","Complete response",0.16,0.14,"Lamina propria","Non-cohesive","No","No","Poorly differentiated","T1","T1","pT_stage","N0","N0","pN_stage",null,"Stage I","Stage I","Stage I-II","pDisease",null,0,"No","Clear (>5 mm)","        ","Alive",42,0,42,null,"None","Yes","No","Little","Little to none","Mild","Little to none"]
["438","Yes",26,8,"CNA_other","No",{"$nulls":15},"CNA_other",{"$nulls":34},2014,71,"Female","Current","Cigarettes",10,55,28,"Current",3,53,159,null,"C06.2 retromolar area","Retromolar trigone","Left","T2","N3b","Stage IVB","Stage III-IV","Ipsilateral","                                                                                                                                                                                                                                                               ","1                                                                                                                                                                                                                                                              ","Yes","Radiotherapy","Radiotherapy","Curative","IMRT","Definitive","Partial response",null,null,"Lamina propria","Non-cohesive","Unknown","Unknown","Unknown","n.a. (no surgery)","T2","cT_stage","n.a. (no neck dissection)","N3b","cN_stage","77",77,"Stage IVB","Stage III-IV","cDisease",null,null,"n.a. (no neck dissection)","n.a. (no surgery)","        ","Alive",29,0,29,null,null,"No",null,"Little","Little to none","Mild","Little to none"]
["439","Yes",7,2,"CNA_quiet_candidate","Yes",0.23,0.179,40,14,"CNA_other",{"$nulls":10},"CNA_other",0.179,0.23,14,{"$nulls":31},2014,66,"Female","Current","Cigarettes",20,50,50,"Never",0,0,0,"Dentate","C06.2 retromolar area","Retromolar trigone","Left","T4a","N2b","Stage IVA","Stage III-IV","Ipsilateral","                                                                                                                                                                                                                                                               ","1;2;3;4;5                                                                                                                                                                                                                                                      ","No","Surgery + CRT","Surgery + CRT","Curative","IMRT","Postoperative","Complete response",3.5,5,"Bone","Cohesive","No","No","Moderately differentiated","T4a","T4a","pT_stage","N3b","N3b","pN_stage",null,"Stage IVB","Stage IVB","Stage III-IV","pDisease",0,7,"Yes","Clear (>5 mm)","        ","Dead",16,1,16,"Cohesive","None","No","No","Severe","Moderate to severe","Mild","Little to none"]
["440","Yes",13,3,"CNA_other","No",{"$nulls":15},"CNA_other",{"$nulls":34},2014,66,"Female","Never","n.a.",0,0,0,"Current",1,30,30,"Dentate","C03.0 upper gum","Vestibule of the mouth ","Left","T1","N0","Stage I","Stage I-II","n.a.","                                                                                                                                                                                                                                                               ","                                                                                                                                                                                                                                                               ","No","Radiotherapy","Radiotherapy","Curative","IMRT","Definitive","Complete response",null,null,"Lamina propria","Cohesive","Unknown","Unknown","Unknown","n.a. (no surgery)","T1","cT_stage","n.a. (no neck dissection)","N0","cN_stage","77",77,"Stage I","Stage I-II","cDisease",null,null,"n.a. (no neck dissection)","n.a. (no surgery)","        ","Alive",44,0,44,null,null,"No",null,"Moderate","Moderate to severe","Moderate","Moderate to severe"]
["441","Yes",9,2,"CNA_quiet_candidate","Yes",0.16,0.606,50,30,"CNA_other",{"$nulls":10},"CNA_other",0.606,0.16,30,{"$nulls":31},2014,80,"Male","Current","Cigarettes",20,60,60,"Current",2,62,124,"Edendate ","C06.2 retromolar area","Retromolar trigone","Left","T4a","N0","Stage IVA","Stage III-IV","n.a.","                                                                                                                                                                                                                                                               ","                                                                                                                                                                                                                                                               ","No","Surgery + RT","Surgery + RT","Curative","IMRT","Postoperative","Complete response",2.5,1.4,"Muscle","Non-cohesive","Unknown","Unknown","Poorly differentiated","T3","T3","pT_stage","N0","N0","pN_stage","Mx","Stage III","Stage III","Stage III-IV","pDisease",null,0,"No","Close (1-5 mm)","1,6     ","Dead",22,1,22,null,"Severe","No","Yes","Severe","Moderate to severe","None","Little to none"]
["442","Yes",22,6,"CNA_other","No",{"$nulls":15},"CNA_other",{"$nulls":34},2014,74,"Male","Former","Cigarettes",20,20,20,"Current",2,56,112,"Edendate ","C03.1 lower gum","Vestibule of the mouth ","Left","T3","N0","Stage III","Stage III-IV","n.a.","                                                                                                                                                                                                                                                               ","                                                                                                                                                                                                                                                               ","No","Surgery + CRT","Surgery + CRT","Curative","IMRT","Postoperative","Complete response",1.7,0.7,"Muscle","Non-cohesive","Unknown","No","Moderately differentiated","T4a","T4a","pT_stage","N3b","N3b","pN_stage","Mx","Stage IVB","Stage IVB","Stage III-IV","pDisease",null,8,"Yes","Involved (<1 mm)","0,44    ","Dead",9,1,9,null,null,"No",null,"Little","Little to none","Moderate","Moderate to severe"]
["443","Yes",0,0,"CNA_quiet_candidate","Yes",0.05,0.037,26,1,"Exclude",{"$nulls":10},"Exclude",0.037,0.05,1,{"$nulls":31},2014,58,"Female","Current","Cigarettes",15,40,30,"Current",3,40,120,"Dentate","C04.0 anterior floor of mouth","Floor of mouth","Right","T1","N0","Stage I","Stage I-II","n.a.","                                                                                                                                                                                                                                                               ","                                                                                                                                                                                                                                                               ","No","Surgery","Surgery","Curative","None","n.a.","Complete response",null,null,"Unknown","Unknown","Unknown","Unknown","Well differentiated","T1","T1","pT_stage","N0","N0","pN_stage","Mx","Stage I","Stage I","Stage I-II","pDisease",0,null,"No","Clear (>5 mm)","        ","Alive",44,0,44,null,"None","No","No","Moderate","Moderate to severe","Mild","Little to none"]
["444","Yes",27,8,"CNA_other","No",{"$nulls":15},"CNA_other",{"$nulls":34},2014,79,"Male","Current","Cigarettes",10,65,33,"Current",4,61,244,"Dentate","C05.0 hard palate","Hard palate","Left","T1","N1","Stage III","Stage III-IV","Ipsilateral","                                                                                                                                                                                                                                                               ","2                                                                                                                                                                                                                                                              ","No","Radiotherapy","Radiotherapy","Curative","IMRT","Definitive","Complete response",null,null,"Unknown","Non-cohesive","Unknown","Unknown","Poorly differentiated","n.a. (no surgery)","T1","cT_stage","n.a. (no neck dissection)","N1","cN_stage","77",77,"Stage III","Stage III-IV","cDisease",null,null,"n.a. (no neck dissection)","n.a. (no surgery)","        ","Dead",26,1,26,null,null,"No",null,"Severe","Moderate to severe","Moderate","Moderate to severe"]
["445","Yes",27,4,"Unclear","Yes",0.05,0.003,25,1,"Exclude",{"$nulls":10},"Exclude",0.003,0.05,1,{"$nulls":31},2014,55,"Male","Current","Cigarettes",23,41,47,"Current",6,39,234,"Dentate","C04.0 anterior floor of mouth","Floor of mouth","Right","T1","N0","Stage I","Stage I-II","n.a.","                                                                                                                                                                                                                                                               ","                                                                                                                                                                                                                                                               ","No","Surgery","Surgery","Curative","None","n.a.","Complete response",1.2,0.2,"Lamina propria","Cohesive","No","No","Moderately differentiated","T1","T1","pT_stage","N0","N0","pN_stage",null,"Stage I","Stage I","Stage I-II","pDisease",0,null,"No","Close (1-5 mm)","3       ","Dead",16,1,16,"Cohesive","None","Yes","No","Moderate","Moderate to severe","Mild","Little to none"]
["446","Yes",0,0,"CNA_quiet_candidate","Yes",0.1,0.379,31,13,"CNA_other",{"$nulls":10},"CNA_other",0.379,0.1,13,{"$nulls":31},2014,64,"Male","Current","Cigarettes",20,46,46,"Current",3,46,138,"Dentate","C02.1 border of tongue","Mobile tongue","Right","T1","N0","Stage I","Stage I-II","n.a.","                                                                                                                                                                                                                                                               ","                                                                                                                                                                                                                                                               ","No","Surgery","Surgery","Curative","None","n.a.","Complete response",null,null,"Lamina propria","Unknown","No","No","Moderately differentiated","T1","T1","pT_stage","N0","N0","pN_stage","Mx","Stage I","Stage I","Stage I-II","pDisease",0,null,"No","Clear (>5 mm)","        ","Alive",28,0,28,null,"None",null,"No"]
["447","Yes",0,0,"CNA_quiet_candidate","Yes",1,0,22,0,"CNA_quiet_candidate","Yes",0.14,2,0,0,1,5,0.973,"CNA_quiet",null,"CNA_quiet",0,0.14,0,"WT","WT","WT","WT","WT","WT","Mutated","WT","WT","Mutated","WT","Mutated","WT","WT","WT","WT","WT","WT","WT","WT","WT","WT","WT","WT","WT","Mutated","WT","Mutated","WT","NOTCH2,TGFBR2,NSD1,RAC1,NOTCH1",null,2014,62,"Male","Never","n.a.",0,0,0,"Current",3,40,120,"Dentate","C02.1 border of tongue","Mobile tongue","Right","T1","N0","Stage I","Stage I-II","n.a.","                                                                                                                                                                                                                                                               ","                                                                                                                                                                                                                                                               ","No","Surgery","Surgery","Curative","None","n.a.","Complete response",0.8,0.3,"Muscle","Non-cohesive","No","No","Unknown","T1","T1","pT_stage","N0","N0","pN_stage",null,"Stage I","Stage I","Stage I-II","pDisease",null,null,"No","Clear (>5 mm)","        ","Alive",43,0,43,"Non-cohesive",null,"Yes","Yes","None","Little to none","Moderate","Moderate to severe"]
["448","Yes",10,3,"CNA_other","No",{"$nulls":15},"CNA_other",{"$nulls":34},2014,41,"Female","Former","Cigarettes",11,20,11,"Current",1,23,23,"Dentate","C02.1 border of tongue","Mobile tongue","Right","T2","N2b","Stage IVA","Stage III-IV","Ipsilateral","1;2                                                                                                                                                                                                                                                            ","                                                                                                                                                                                                                                                               ","No","Surgery + CRT","Surgery + CRT","Curative","IMRT","Postoperative","Partial response",1.8,null,"Lamina propria","Non-cohesive","No","Yes","Unknown","T1","T1","pT_stage","N3b","N3b","pN_stage",null,"Stage IVB","Stage IVB","Stage III-IV","pDisease",5,null,"Yes","Close (1-5 mm)","1       ","Dead",7,1,7,"Non-cohesive",null,"No",null,"Little","Little to none","Moderate","Moderate to severe"]
["449","Yes",0,0,"CNA_quiet_candidate","Yes",1,0,22,0,"CNA_quiet_candidate","Yes",1,2,0,0,1,0,1,"Exclude","No_evidence_of_tumor","Exclude",0,1,0,{"$nulls":31},2014,52,"Male","Current","Cigarettes",25,36,45,"Current",8,36,288,"Dentate","C04.0 anterior floor of mouth","Floor of mouth","Right","T3","N1","Stage III","Stage III-IV","Ipsilateral","3                                                                                                                                                                                                                                                              ","                                                                                                                                                                                                                                                               ","No","Chemoradiation","Chemoradiotherapy","Curative","IMRT","Definitive","Complete response",null,null,"Unknown","Unknown","Unknown","Unknown","Poorly differentiated","n.a. (no surgery)","T3","cT_stage","n.a. (no neck dissection)","N1","cN_stage","77",77,"Stage III","Stage III-IV","cDisease",null,null,"n.a. (no neck dissection)","n.a. (no surgery)","        ","Alive",27,0,27,{"$nulls":4},"Moderate","Moderate to severe","Mild","Little to none"]
["450","Yes",20,5,"CNA_other","No",{"$nulls":15},"CNA_other",{"$nulls":34},2014,62,"Male","Current","Cigarettes",20,40,40,"Current",6,44,264,"Dentate","C04.0 anterior floor of mouth","Floor of mouth","Left","T2","N0","Stage II","Stage I-II","n.a.","                                                                                                                                                                                                                                                               ","                                                                                                                                                                                                                                                               ","No","Surgery","Surgery","Curative","None","n.a.","Complete response",1.7,0.3,"Lamina propria","Cohesive","No","No","Moderately differentiated","T1","T1","pT_stage","N0","N0","pN_stage",null,"Stage I","Stage I","Stage I-II","pDisease",null,0,"No","Clear (>5 mm)","        ","Dead",38,1,38,"Cohesive","None","No","No","None","Little to none","Moderate","Moderate to severe"]
["451","Yes",5,1,"CNA_quiet_candidate","Yes",0.13,0.302,24,7,"CNA_other",{"$nulls":10},"CNA_other",0.302,0.13,7,{"$nulls":31},2014,70,"Female","Never","n.a.",0,0,0,"Current",1,52,52,"Dentate","C03.0 upper gum","Vestibule of the mouth ","Left","T1","N0","Stage I","Stage I-II","n.a.","                                                                                                                                                                                                                                                               ","                                                                                                                                                                                                                                                               ","No","Surgery","Surgery","Curative","None","n.a.","Complete response",null,null,"Lamina propria","Non-cohesive","No","No","Unknown","T1","T1","pT_stage","n.a. (no neck dissection)","N0","cN_stage",null,"Stage I","Stage I","Stage I-II","pDisease",null,null,"n.a. (no neck dissection)","Close (1-5 mm)","1       ","Alive",20,0,20,"Non-cohesive","None","Yes","No","Severe","Moderate to severe","Moderate","Moderate to severe"]
["452","Yes",15,4,"Unclear","Yes",0.21,0.252,42,17,"CNA_other","Yes",0.37,1.98,0.258,17,0.999,2,0.999,"CNA_other",null,"CNA_other",0.258,0.37,17,"Mutated","WT","WT","WT","WT","WT","WT","WT","WT","WT","WT","WT","Mutated","WT","WT","WT","WT","WT","WT","WT","WT","WT","WT","WT","WT","WT","WT","WT","WT","FAT1,TP53",null,2014,63,"Female","Current","Cigarettes",25,48,60,"Current",7,45,315,"Edendate ","C04.0 anterior floor of mouth","Floor of mouth","Right","T1","N0","Stage I","Stage I-II","n.a.","                                                                                                                                                                                                                                                               ","                                                                                                                                                                                                                                                               ","No","Surgery","Surgery","Curative","None","n.a.","Complete response",1.5,0.3,"Lamina propria","Cohesive","No","No","Well differentiated","T1","T1","pT_stage","N0","N0","pN_stage",null,"Stage I","Stage I","Stage I-II","pDisease",0,null,"No","Close (1-5 mm)","2       ","Alive",44,0,44,"Cohesive",null,"Yes","Yes","Moderate","Moderate to severe","Moderate","Moderate to severe"]
["453","Yes",0,0,"CNA_quiet_candidate","Yes",0.18,0.491,43,22,"CNA_other",{"$nulls":10},"CNA_other",0.491,0.18,22,{"$nulls":31},2014,68,"Male","Current","Cigarettes",40,51,102,"Current",5,50,250,"Edendate ","C04.0 anterior floor of mouth","Floor of mouth","Right","T1","N0","Stage I","Stage I-II","n.a.","                                                                                                                                                                                                                                                               ","                                                                                                                                                                                                                                                               ","No","Surgery","Surgery","Curative","None","n.a.","Complete response",null,0.1,"Lamina propria","Cohesive","No","No","Moderately differentiated","T1","T1","pT_stage","N0","N0","pN_stage","Mx","Stage I","Stage I","Stage I-II","pDisease",0,0,"No","Clear (>5 mm)","        ","Alive",45,0,45,null,"None","No","No","Little","Little to none","Mild","Little to none"]
["454","Yes",1,0,"CNA_quiet_candidate","Yes",0.05,0.072,25,2,"Exclude",{"$nulls":10},"Exclude",0.072,0.05,2,{"$nulls":31},2014,64,"Female","Former","Cigarettes",20,49,49,"Former",1,49,49,"Edendate ","C02.1 border of tongue","Mobile tongue","Left","T2","N0","Stage II","Stage I-II","n.a.","                                                                                                                                                                                                                                                               ","                                                                                                                                                                                                                                                               ","No","Surgery","Surgery","Curative","None","n.a.","Complete response",2,0.6,"Muscle","Non-cohesive","No","No","Unknown","T2","T2","pT_stage","N1","N1","pN_stage",null,"Stage III","Stage III","Stage III-IV","pDisease",null,1,"No","Clear (>5 mm)","        ","Alive",24,0,24,"Non-cohesive","None","No","No","Severe","Moderate to severe","Mild","Little to none"]
["455","Yes",0,0,"CNA_quiet_candidate","Yes",0.16,0.122,25,5,"CNA_quiet_candidate","Yes",0.2,2.04,0.129,5,1,3,0.998,"CNA_quiet",null,"CNA_quiet",0.129,0.2,5,"Mutated","WT","WT","WT","WT","WT","WT","WT","WT","WT","WT","WT","Mutated","WT","WT","WT","WT","WT","WT","WT","WT","WT","WT","WT","WT","Mutated","WT","WT","WT","FAT1,NSD1,TP53","Yes",2014,77,"Female","Former","Cigarettes",10,20,10,"Current",1,59,59,"Dentate","C02.1 border of tongue","Mobile tongue","Left","T1","N0","Stage I","Stage I-II","n.a.","                                                                                                                                                                                                                                                               ","                                                                                                                                                                                                                                                               ","No","Surgery","Surgery","Curative","None","n.a.","Complete response",0.6,0.1,"Lamina propria","Non-cohesive","No","No","Well differentiated","T1","T1","pT_stage","N0","N0","pN_stage",null,"Stage I","Stage I","Stage I-II","pDisease",null,0,"No","Clear (>5 mm)","        ","Alive",42,0,42,"Non-cohesive",null,"No",null,"Little","Little to none","Mild","Little to none"]
["456","Yes",27,4,"Unclear","Yes",0.13,0.307,38,17,"CNA_other",{"$nulls":10},"CNA_other",0.307,0.13,17,{"$nulls":31},2014,85,"Male","Former","Cigarettes",20,25,25,"Never",0,0,0,"Edendate ","C02.1 border of tongue","Mobile tongue","Left","T1","N0","Stage I","Stage I-II","n.a.","                                                                                                                                                                                                                                                               ","                                                                                                                                                                                                                                                               ","No","Surgery","Surgery","Curative","None","n.a.","Complete response",1.8,0.35,"Lamina propria","Non-cohesive","No","No","Moderately differentiated","T1","T1","pT_stage","N0","N0","pN_stage",null,"Stage I","Stage I","Stage I-II","pDisease",0,0,"No","Clear (>5 mm)","        ","Dead",20,1,20,"Non-cohesive","None","No","No","Severe","Moderate to severe","Moderate","Moderate to severe"]
["458","Yes",25,7,"CNA_other","No",{"$nulls":15},"CNA_other",{"$nulls":34},2014,63,"Male","Current","Cigarettes",20,30,30,"Former",{"$nulls":3},"Dentate","C04.1 lateral floor of mouth","Floor of mouth","Right","T2","N0","Stage II","Stage I-II","n.a.","                                                                                                                                                                                                                                                               ","                                                                                                                                                                                                                                                               ","No","Surgery","Surgery","Curative","None","n.a.","Complete response",2.7,0.6,"Lamina propria","Non-cohesive","No","No","Moderately differentiated","T2","T2","pT_stage","N0","N0","pN_stage",null,"Stage II","Stage II","Stage I-II","pDisease",0,null,"No","Clear (>5 mm)","        ","Alive",19,0,19,"Non-cohesive","Moderate","No","Yes","Moderate","Moderate to severe","Moderate","Moderate to severe"]
["459","Yes",18,3,"Unclear","Yes",0.1,0.118,24,3,"CNA_quiet_candidate","Yes",0.1,2.03,0.125,3,0.958,3,0.88,"CNA_quiet",null,"CNA_quiet",0.125,0.1,3,"WT","WT","Mutated","WT","WT","Mutated","WT","WT","WT","Mutated","WT","WT","WT","WT","WT","WT","WT","WT","WT","WT","WT","WT","WT","WT","WT","WT","WT","WT","WT","TERT,NOTCH1,HRAS",null,2014,79,"Female","Never","n.a.",0,0,0,"Never",0,0,0,"Edendate ","C02.0 dorsal surface of tongue","Mobile tongue","Left","T1","N2b","Stage IVA","Stage III-IV","Ipsilateral","                                                                                                                                                                                                                                                               ","1;2                                                                                                                                                                                                                                                            ","No","Surgery + RT","Surgery + RT","Curative","IMRT","Postoperative","Complete response",1,0.4,"Muscle","Cohesive","No","No","Poorly differentiated","T1","T1","pT_stage","N3b","N3b","pN_stage",null,"Stage IVB","Stage IVB","Stage III-IV","pDisease",null,3,"Yes","Close (1-5 mm)","2       ","Alive",15,0,15,"Cohesive",null,"Yes","Yes","Moderate","Moderate to severe","None","Little to none"]
["461","Yes",24,5,"CNA_other","No",{"$nulls":15},"CNA_other",{"$nulls":34},2014,59,"Female","Current","Cigarettes",10,54,27,"Current",0.14285714285714,41,6,"Edendate ","C04.0 anterior floor of mouth","Floor of mouth","Left","T2","N0","Stage II","Stage I-II","n.a.","                                                                                                                                                                                                                                                               ","                                                                                                                                                                                                                                                               ","No","Surgery + CRT","Surgery + CRT","Curative","IMRT","Postoperative","Complete response",1.1,0.6,null,"Non-cohesive","Yes","No","Moderately differentiated","T2","T2","pT_stage","N2a","N2a","pN_stage",null,"Stage IVA","Stage IVA","Stage III-IV","pDisease",0,1,"Yes","Close (1-5 mm)","        ","Alive",24,0,24,"Non-cohesive",null,"No",null,"Moderate","Moderate to severe","Mild","Little to none"]
["462","Yes",25,7,"CNA_other","No",{"$nulls":15},"CNA_other",{"$nulls":34},2014,71,"Female","Current","Cigarettes",17,40,34,"Current",0.14285714285714,53,8,"Dentate","C04.0 anterior floor of mouth","Floor of mouth","Left","T1","N0","Stage I","Stage I-II","n.a.","                                                                                                                                                                                                                                                               ","                                                                                                                                                                                                                                                               ","No","Surgery","Surgery","Curative","None","n.a.","Complete response",1,0.2,"Lamina propria","Cohesive","No","No","Poorly differentiated","T1","T1","pT_stage","N0","N0","pN_stage",null,"Stage I","Stage I","Stage I-II","pDisease",0,0,"No","Close (1-5 mm)","3       ","Alive",31,0,31,"Cohesive","None","No","No","Moderate","Moderate to severe","Mild","Little to none"]
["463","Yes",18,4,"CNA_other","No",{"$nulls":15},"CNA_other",{"$nulls":34},2014,37,"Male","Former","Cigarettes",20,15,15,"Current",0.28571428571429,19,5,"Dentate","C02.0 dorsal surface of tongue","Mobile tongue","Left","T2","N0","Stage II","Stage I-II","n.a.","                                                                                                                                                                                                                                                               ","                                                                                                                                                                                                                                                               ","No","Chemoradiation","Chemoradiotherapy","Curative","IMRT","Definitive","Complete response",null,null,"Muscle","Cohesive","Unknown","Unknown","Unknown","n.a. (no surgery)","T2","cT_stage","n.a. (no neck dissection)","N0","cN_stage","77",77,"Stage II","Stage I-II","cDisease",null,null,"n.a. (no neck dissection)","n.a. (no surgery)","        ","Alive",53,0,53,null,null,"No",null,"Little","Little to none","Severe","Moderate to severe"]
["464","Yes",0,0,"CNA_quiet_candidate","Yes",1,0,22,0,"CNA_quiet_candidate","Yes",1,2,0,0,1,0,1,"Exclude","No_evidence_of_tumor","Exclude",0,1,0,{"$nulls":31},2014,64,"Female","Never","n.a.",0,0,0,"Current",2,40,80,"Dentate","C02.1 border of tongue","Mobile tongue","Left","T2","N0","Stage II","Stage I-II","n.a.","                                                                                                                                                                                                                                                               ","                                                                                                                                                                                                                                                               ","No","Surgery","Surgery","Curative","None","n.a.","Complete response",1.3,0.2,"Lamina propria","Non-cohesive","No","No","Poorly differentiated","T1","T1","pT_stage","N0","N0","pN_stage",null,"Stage I","Stage I","Stage I-II","pDisease",null,0,"No","Clear (>5 mm)","        ","Alive",43,0,43,"Non-cohesive","None","No","No","Severe","Moderate to severe","None","Little to none"]
["466","Yes",8,1,"CNA_quiet_candidate","Yes",0.11,0.253,27,8,"CNA_other",{"$nulls":10},"CNA_other",0.253,0.11,8,{"$nulls":31},2014,52,"Female","Never","n.a.",0,0,0,"Never",0,0,0,null,"C02.1 border of tongue","Mobile tongue","Left","T1","N0","Stage I","Stage I-II","n.a.","                                                                                                                                                                                                                                                               ","                                                                                                                                                                                                                                                               ","No","Surgery","Surgery","Curative","None","n.a.","Complete response",0.2,0.15,"Lamina propria","Cohesive","No","No","Unknown","T1","T1","pT_stage","N0","N0","pN_stage",null,"Stage I","Stage I","Stage I-II","pDisease",null,0,"No","Clear (>5 mm)","        ","Alive",39,0,39,"Cohesive",null,"No",null,"Moderate","Moderate to severe","None","Little to none"]
["467","Yes",11,2,"CNA_quiet_candidate","Yes",0.23,0.336,36,13,"CNA_other",{"$nulls":10},"CNA_other",0.336,0.23,13,{"$nulls":31},2014,70,"Female","Former","Cigarettes",15,40,30,"Current",2,52,104,"Dentate","C02.1 border of tongue","Mobile tongue","Right","T1","N0","Stage I","Stage I-II","n.a.","                                                                                                                                                                                                                                                               ","                                                                                                                                                                                                                                                               ","No","Surgery","Surgery","Curative","None","n.a.","Complete response",0.7,0.4,"Lamina propria","Cohesive","No","No","Unknown","T1","T1","pT_stage","N0","N0","pN_stage",null,"Stage I","Stage I","Stage I-II","pDisease",0,0,"No","Clear (>5 mm)","        ","Alive",3,0,3,"Cohesive","Severe","Yes","Yes","Moderate","Moderate to severe","Moderate","Moderate to severe"]
["468","Yes",8,2,"CNA_quiet_candidate","Yes",0.61,0.127,31,7,"CNA_other",{"$nulls":10},"CNA_other",0.127,0.61,7,{"$nulls":31},2014,69,"Male","Former","Cigarettes",15,30,22,"Current",1,51,51,null,"C02.1 border of tongue","Mobile tongue","Left","T1","N0","Stage I","Stage I-II","n.a.","                                                                                                                                                                                                                                                               ","                                                                                                                                                                                                                                                               ","No","Surgery","Surgery","Curative","None","n.a.","Complete response",1.2,0.6,"Lamina propria","Non-cohesive","No","No","Well differentiated","T2","T2","pT_stage","N0","N0","pN_stage",null,"Stage II","Stage II","Stage I-II","pDisease",null,0,"No","Clear (>5 mm)","        ","Alive",37,0,37,"Non-cohesive",null,"Yes","Yes","Little","Little to none","Moderate","Moderate to severe"]
["470","Yes",20,4,"CNA_other","No",{"$nulls":15},"CNA_other",{"$nulls":34},2014,68,"Male","Current","Cigarettes",10,48,24,"Current",3,50,150,null,"C02.1 border of tongue","Mobile tongue","Left","T1","N0","Stage I","Stage I-II","n.a.","                                                                                                                                                                                                                                                               ","                                                                                                                                                                                                                                                               ","No","Surgery","Surgery","Curative","None","n.a.","Complete response",null,null,"Lamina propria","Cohesive","No","No","Unknown","T1","T1","pT_stage","N0","N0","pN_stage","Mx","Stage I","Stage I","Stage I-II","pDisease",null,0,"No","Clear (>5 mm)","        ","Alive",35,0,35,"Cohesive","Severe","No","Yes","Little","Little to none","Mild","Little to none"]
["473","Yes",11,3,"CNA_other","No",{"$nulls":15},"CNA_other",{"$nulls":34},2014,69,"Male","Current","Cigarettes",20,55,55,"Current",4,51,204,null,"C02.1 border of tongue","Mobile tongue","Left","T4b","N3b","Stage IVB","Stage III-IV","Bilateral","3                                                                                                                                                                                                                                                              ","2                                                                                                                                                                                                                                                              ","Yes","None","None","Palliative","None","n.a.","Not applicable",null,null,"Muscle","Non-cohesive","Unknown","Unknown","Moderately differentiated","n.a. (no surgery)","T4b","cT_stage","n.a. (no neck dissection)","N3b","cN_stage","77",77,"Stage IVB","Stage III-IV","cDisease",null,null,"n.a. (no neck dissection)","n.a. (no surgery)","        ","Dead",1,1,1,"Non-cohesive"]
["477","Yes",7,2,"CNA_quiet_candidate","Yes",0.33,0.09,31,5,"CNA_quiet_candidate","Yes",0.36,1.99,0.085,5,1,2,0.988,"CNA_quiet",null,"CNA_quiet",0.085,0.36,5,"Mutated","WT","WT","WT","Mutated","WT","WT","WT","WT","WT","WT","WT","WT","WT","WT","WT","WT","WT","WT","WT","WT","WT","WT","WT","WT","WT","WT","WT","WT","CDKN2A,TP53",null,2013,79,"Female","Never","n.a.",0,0,0,"Never",0,0,0,"Edendate ","C04.0 anterior floor of mouth","Floor of mouth","Left","T2","N0","Stage II","Stage I-II","n.a.","                                                                                                                                                                                                                                                               ","                                                                                                                                                                                                                                                               ","No","Surgery + RT","Surgery + RT","Curative","IMRT","Postoperative","Complete response",1.2,0.6,"Lamina propria","Cohesive","No","No","Unknown","T2","T2","pT_stage","N2a","N2a","pN_stage","Mx","Stage IVA","Stage IVA","Stage III-IV","pDisease",null,1,"Yes","Close (1-5 mm)","2       ","Alive",61,0,60,null,"None","No","No","Severe","Moderate to severe","Moderate","Moderate to severe"]
["478","Yes",12,1,"CNA_quiet_candidate","Yes",0.25,0.471,38,21,"CNA_other","Yes",0.47,2,0.491,22,1,3,0.994,"CNA_other",null,"CNA_other",0.491,0.47,21,"Mutated","WT","WT","WT","WT","WT","WT","WT","WT","WT","WT","WT","Mutated","WT","WT","WT","WT","WT","Mutated","WT","WT","WT","WT","WT","WT","WT","WT","WT","WT","FAT1,TP53,DDX3X",null,2013,56,"Female","Former","Cigarettes",6,41,12,"Current",3,10,30,"Dentate","C04.0 anterior floor of mouth","Floor of mouth","Right","T1","N0","Stage I","Stage I-II","n.a.","                                                                                                                                                                                                                                                               ","                                                                                                                                                                                                                                                               ","No","Surgery","Surgery","Curative","None","n.a.","Complete response",1.1,0.3,null,"Non-cohesive","No","No","Moderately differentiated","T1","T1","pT_stage","N0","N0","pN_stage",null,"Stage I","Stage I","Stage I-II","pDisease",0,0,"No","Clear (>5 mm)","        ","Alive",36,0,36,"Non-cohesive",null,"No",null,"Moderate","Moderate to severe","Moderate","Moderate to severe"]
["479","Yes",13,3,"CNA_other","No",{"$nulls":15},"CNA_other",{"$nulls":34},2013,66,"Female","Never","n.a.",0,0,0,"Current",1,48,48,null,"C02.1 border of tongue","Mobile tongue","Left","T1","N0","Stage I","Stage I-II","n.a.","                                                                                                                                                                                                                                                               ","                                                                                                                                                                                                                                                               ","No","Surgery","Surgery","Curative","None","n.a.","Complete response",null,null,"Lamina propria","Cohesive","Unknown","Unknown","Unknown","T1","T1","pT_stage","N0","N0","pN_stage","Mx","Stage I","Stage I","Stage I-II","pDisease",null,0,"No","Clear (>5 mm)","        ","Alive",23,0,23,null,"None","Yes","No","Moderate","Moderate to severe","Moderate","Moderate to severe"]
[481,"Yes",12,3,"CNA_other","No",{"$nulls":15},"CNA_other",{"$nulls":34},2009,81,"Male","Current","Cigarettes",30,65,98,"Current",7,63,441,"Edendate ","C06.2 retromolar area","Retromolar trigone","Left","T1","N0","Stage I","Stage I-II","n.a.","                                                                                                                                                                                                                                                               ","                                                                                                                                                                                                                                                               ","No","Surgery","Surgery","Curative","None","n.a.","Complete response",0.5,null,"Lamina propria","Cohesive","No","No","Moderately differentiated","T1","T1","pT_stage","N0","N0","pN_stage","Mx","Stage I","Stage I","Stage I-II","pDisease",null,null,"No","Clear (>5 mm)","        ","Dead",51,1,51]
["483","Yes",9,1,"CNA_quiet_candidate","Yes",0.56,0.027,28,3,"CNA_quiet_candidate","Yes",0.56,2,0.029,5,1,8,0.994,"CNA_quiet",null,"CNA_quiet",0.029,0.56,3,"WT","Mutated","WT","Mutated","WT","WT","WT","WT","Mutated","WT","WT","Mutated","Mutated","WT","WT","WT","WT","WT","WT","WT","WT","WT","Mutated","WT","WT","WT","WT","WT","WT","NOTCH2,CASP8,PIK3CA,FAT1,B2M,KEAP1",null,2010,85,"Female","Never","n.a.",0,0,0,"Current",2,68,136,"Edendate ","C03.1 lower gum","Vestibule of the mouth ","Right","T4a","N0","Stage IVA","Stage III-IV","n.a.","                                                                                                                                                                                                                                                               ","                                                                                                                                                                                                                                                               ","No","Surgery + RT","Surgery + RT","Curative","IMRT","Postoperative","Complete response",4.4,null,"Bone","Cohesive","No","No","Moderately differentiated","T4a","T4a","pT_stage","N0","N0","pN_stage","Mx","Stage IVA","Stage IVA","Stage III-IV","pDisease",0,0,"No","Involved (<1 mm)","0,92    ","Alive",58,0,58]
["485","Yes",17,3,"CNA_other","No",{"$nulls":15},"CNA_other",{"$nulls":34},2010,63,"Male","Current","Cigarettes",20,45,45,"Current",5,45,225,null,"C04.0 anterior floor of mouth","Floor of mouth","Right","T2","N2c","Stage IVA","Stage III-IV","Bilateral","2                                                                                                                                                                                                                                                              ","2                                                                                                                                                                                                                                                              ","No","Surgery + RT","Surgery + RT","Curative","IMRT","Postoperative","Complete response",3,null,null,"Non-cohesive","Yes","No","Poorly differentiated","T2","T2","pT_stage","N3b","N3b","pN_stage",null,"Stage IVB","Stage IVB","Stage III-IV","pDisease",2,5,"Yes","Close (1-5 mm)","2       ","Dead",34,1,34,"Non-cohesive"]
["486","Yes",0,0,"CNA_quiet_candidate","Yes",1,0,26,0,"CNA_quiet_candidate","Yes",0.43,2,0,0,1,5,1,"CNA_quiet",null,"CNA_quiet",0,0.43,0,"WT","Mutated","WT","Mutated","WT","Mutated","WT","WT","Mutated","WT","WT","WT","WT","WT","WT","WT","WT","WT","WT","WT","WT","WT","WT","WT","Mutated","WT","WT","WT","WT","NFE2L2,CASP8,PIK3CA,TERT,B2M",null,2011,50,"Female","Current","Cigarettes",27,32,43,"Never",0,0,0,"Edendate ","C06.0 cheek mucosa","Cheek mucosa","Right","T2","N0","Stage II","Stage I-II","n.a.","                                                                                                                                                                                                                                                               ","                                                                                                                                                                                                                                                               ","No","Surgery + RT","Surgery + RT","Curative","IMRT","Postoperative","Partial response",3.5,0.5,"Lamina propria","Cohesive","No","No","Well differentiated","T2","T2","pT_stage","n.a. (no neck dissection)","N0","cN_stage","Mx","Stage II","Stage II","Stage I-II","pDisease",null,null,"n.a. (no neck dissection)","Involved (<1 mm)","0       ","Dead",30,1,30]
["487","Yes",8,1,"CNA_quiet_candidate","Yes",0.15,0.631,68,41,"CNA_other",{"$nulls":10},"CNA_other",0.631,0.15,41,{"$nulls":31},2011,73,"Male","Former","Cigarettes",20,30,30,"Current",3,55,165,"Edendate ","C02.1 border of tongue","Mobile tongue","Left","T2","N2b","Stage IVA","Stage III-IV","Ipsilateral","                                                                                                                                                                                                                                                               ","1;2                                                                                                                                                                                                                                                            ","No","Surgery + RT","Surgery + RT","Curative","IMRT","Postoperative","Complete response",0.5,0.2,"Lamina propria","Cohesive","Yes","No","Moderately differentiated","T1","T1","pT_stage","N3b","N3b","pN_stage","Mx","Stage IVB","Stage IVB","Stage III-IV","pDisease",null,5,"Yes","Involved (<1 mm)","0,9     ","Alive",88,0,60,"Cohesive"]
["488","Yes",0,0,"CNA_quiet_candidate","Yes",1,0,22,0,"CNA_quiet_candidate","Yes",1,2,0,0,1,0,0.999,"Exclude","No_evidence_of_tumor","Exclude",0,1,0,{"$nulls":31},2012,41,"Female","Current","Cigarettes",20,20,20,"Current",2,23,46,"Dentate","C02.1 border of tongue","Mobile tongue","Left","T1","N0","Stage I","Stage I-II","n.a.","                                                                                                                                                                                                                                                               ","                                                                                                                                                                                                                                                               ","No","Surgery","Surgery","Curative","None","n.a.","Complete response",0.4,0.3,"Lamina propria","Unknown","No","No","Moderately differentiated","T1","T1","pT_stage","N0","N0","pN_stage","Mx","Stage I","Stage I","Stage I-II","pDisease",null,null,"No","Clear (>5 mm)","        ","Alive",68,0,60]
[490,"Yes",24,5,"CNA_other","No",{"$nulls":15},"CNA_other",{"$nulls":34},2012,89,"Male","Never","n.a.",0,0,0,"Never",0,0,0,null,"C02.1 border of tongue","Mobile tongue","Right","T1","N0","Stage I","Stage I-II","n.a.","                                                                                                                                                                                                                                                               ","                                                                                                                                                                                                                                                               ","No","Surgery","Surgery","Curative","None","n.a.","Complete response",1.8,0.32,"Muscle","Non-cohesive","No","No","Moderately differentiated","T1","T1","pT_stage","n.a. (no neck dissection)","N0","cN_stage","Mx","Stage I","Stage I","Stage I-II","pDisease",null,null,"n.a. (no neck dissection)","Clear (>5 mm)","10      ","Alive",60,0,60,"Non-cohesive"]
["493","Yes",17,5,"CNA_other","No",{"$nulls":15},"CNA_other",{"$nulls":34},2008,76,"Male","Current","Cigars/pipe",6,58,52,"Current",1.428571428571429,58,58,null,"C04.0 anterior floor of mouth","Floor of mouth","Left","T2","N0","Stage II","Stage I-II","n.a.","                                                                                                                                                                                                                                                               ","                                                                                                                                                                                                                                                               ","No","Surgery + RT","Surgery + RT","Curative","IMRT","Postoperative","Complete response",1.5,null,"Lamina propria","Non-cohesive","No","Yes","Well differentiated","T1","T1","pT_stage","N0","N0","pN_stage","Mx","Stage I","Stage I","Stage I-II","pDisease",null,0,"No","Close (1-5 mm)","        ","Alive",73,0,60]
["494","Yes",4,0,"CNA_quiet_candidate","Yes",0.17,0.68,40,25,"CNA_other",{"$nulls":10},"CNA_other",0.68,0.17,25,{"$nulls":31},2011,61,"Female","Current","Cigarettes",20,50,50,"Current",4,44,176,"Edendate ","C04.0 anterior floor of mouth","Floor of mouth","Midline","Tis","N0","Stage 0 (CIS)",null,"n.a.","                                                                                                                                                                                                                                                               ","                                                                                                                                                                                                                                                               ","No","Surgery + RT","Surgery + RT","Curative","IMRT","Postoperative","Complete response",null,1,"Unknown","Cohesive","Unknown","Unknown","Moderately differentiated","T2","T2","pT_stage","n.a. (no neck dissection)","N0","cN_stage","Mx","Stage II","Stage II","Stage I-II","pDisease",null,null,"n.a. (no neck dissection)","Involved (<1 mm)","0       ","Alive",97,0,60]
[495,"Yes",17,4,"CNA_other","No",{"$nulls":15},"CNA_other",{"$nulls":34},2014,59,"Male","Current","Cigarettes",20,47,47,"Former",20,40,800,"Edendate ","C02.1 border of tongue","Mobile tongue","Left","T1","N0","Stage I","Stage I-II","n.a.","                                                                                                                                                                                                                                                               ","                                                                                                                                                                                                                                                               ","No","Surgery + RT","Surgery + RT","Curative","IMRT","Postoperative","Complete response",0.8,0.3,"Lamina propria","Non-cohesive","No","No","Poorly differentiated","T1","T1","pT_stage","N0","N0","pN_stage",null,"Stage I","Stage I","Stage I-II","pDisease",null,0,"No","Clear (>5 mm)","8       ","Alive",48,0,48,"Non-cohesive"]
["496","Yes",15,4,"CNA_other","No",{"$nulls":15},"CNA_other",{"$nulls":34},2010,60,"Male","Current","Cigarettes",5,40,10,"Current",1,42,42,"Dentate","C06.0 cheek mucosa","Cheek mucosa","Right","T1","N0","Stage I","Stage I-II","n.a.","                                                                                                                                                                                                                                                               ","                                                                                                                                                                                                                                                               ","No","Brachytherapy +/- ND","Other","Curative","Brachytherapy","Definitive","Complete response",null,null,"Unknown","Unknown","Unknown","Unknown","Well differentiated","n.a. (no surgery)","T1","cT_stage","n.a. (no neck dissection)","N0","cN_stage","77",77,"Stage I","Stage I-II","cDisease",null,null,"n.a. (no neck dissection)","n.a. (no surgery)","        ","Alive",103,0,60]
["497","Yes",21,3,"Unclear","Yes",0.05,0.441,29,14,"CNA_other",{"$nulls":10},"CNA_other",0.441,0.05,14,{"$nulls":31},2009,62,"Male","Former","Cigarettes",20,5,5,"Current",2.571428571428572,45,135,null,"C03.0 upper gum","Vestibule of the mouth ","Right","T1","N0","Stage I","Stage I-II","n.a.","                                                                                                                                                                                                                                                               ","                                                                                                                                                                                                                                                               ","No","Surgery","Surgery","Curative","None","n.a.","Complete response",null,null,"Unknown","Unknown","Unknown","Unknown","Moderately differentiated","T1","T1","pT_stage","n.a. (no neck dissection)","N0","cN_stage","Mx","Stage I","Stage I","Stage I-II","pDisease",null,null,"n.a. (no neck dissection)","Clear (>5 mm)","        ","Alive",121,0,60]
["499","Yes",1,0,"CNA_quiet_candidate","Yes",1,0,25,0,"CNA_quiet_candidate","Yes",1,2,0,0,1,0,1,"Exclude","No_evidence_of_tumor","Exclude",0,1,0,{"$nulls":31},2010,63,"Male","Former","Cigarettes",20,25,25,"Current",0.5714285714285714,45,45,"Dentate","C02.1 border of tongue","Mobile tongue","Left","T2","N0","Stage II","Stage I-II","n.a.","                                                                                                                                                                                                                                                               ","                                                                                                                                                                                                                                                               ","No","Surgery + RT","Surgery + RT","Curative","IMRT","Postoperative","Complete response",2.1,null,"Lamina propria","Non-cohesive","No","No","Poorly differentiated","T2","T2","pT_stage","N3b","N3b","pN_stage","Mx","Stage IVB","Stage IVB","Stage III-IV","pDisease",0,3,"Yes","Close (1-5 mm)","1,5     ","Dead",54,1,54]
["500","Yes",9,2,"CNA_quiet_candidate","Yes",0.1,0.411,44,25,"CNA_other",{"$nulls":10},"CNA_other",0.411,0.1,25,{"$nulls":31},2009,55,"Male","Current","Cigarettes",30,40,60,"Current",7,38,266,null,"C04.0 anterior floor of mouth","Floor of mouth","Right","T1","N0","Stage I","Stage I-II","n.a.","                                                                                                                                                                                                                                                               ","                                                                                                                                                                                                                                                               ","No","Surgery + RT","Surgery + RT","Curative","IMRT","Postoperative","Complete response",1.2,null,"Lamina propria","Non-cohesive","No","No","Poorly differentiated","T1","T1","pT_stage","N1","N1","pN_stage","Mx","Stage III","Stage III","Stage III-IV","pDisease",1,null,"No","Close (1-5 mm)","3       ","Dead",51,1,51,"Non-cohesive"]
["502","Yes",8,1,"CNA_quiet_candidate","Yes",0.54,0.071,23,2,"CNA_quiet_candidate","Yes",0.54,2.01,0.064,2,1,6,0.997,"CNA_quiet",null,"CNA_quiet",0.064,0.54,2,"WT","Mutated","Mutated","WT","WT","Mutated","WT","Mutated","WT","WT","WT","WT","Mutated","WT","WT","WT","WT","WT","WT","WT","WT","WT","WT","WT","WT","WT","WT","WT","WT","CASP8,FBXW7,FAT1,TERT,HRAS",null,2012,60,"Female","Former","Cigarettes",10,30,15,"Current",1,42,42,"Dentate","C03.1 lower gum","Vestibule of the mouth ","Right","T1","N0","Stage I","Stage I-II","n.a.","                                                                                                                                                                                                                                                               ","                                                                                                                                                                                                                                                               ","No","Surgery","Surgery","Curative","None","n.a.","Complete response",null,null,"Lamina propria","Cohesive","No","No","Moderately differentiated","T1","T1","pT_stage","N0","N0","pN_stage","Mx","Stage I","Stage I","Stage I-II","pDisease",null,0,"No","Involved (<1 mm)","0       ","Dead",68,0,60]
["503","Yes",11,2,"CNA_quiet_candidate","Yes",0.28,0.488,48,29,"CNA_other","Yes",0.29,1.95,0.498,29,0.997,1,0.995,"CNA_other",null,"CNA_other",0.498,0.29,29,"Mutated","WT","WT","WT","WT","WT","WT","WT","WT","WT","WT","WT","WT","WT","WT","WT","WT","WT","WT","WT","WT","WT","WT","WT","WT","WT","WT","WT","WT","TP53",null,2011,70,"Male","Former","Cigarettes",20,45,45,"Current",4,53,212,null,"C04.1 lateral floor of mouth","Floor of mouth","Left","T2","N2c","Stage IVA","Stage III-IV","Contralateral","3                                                                                                                                                                                                                                                              ","1;3                                                                                                                                                                                                                                                            ","No","Surgery + RT","Surgery + RT","Curative","IMRT","Postoperative","Complete response",4.5,null,"Muscle","Non-cohesive","Yes","Yes","Poorly differentiated","T3","T3","pT_stage","N3b","N3b","pN_stage","Mx","Stage IVB","Stage IVB","Stage III-IV","pDisease",3,17,"Yes","Involved (<1 mm)","0       ","Dead",7,1,7,"Non-cohesive"]
["504","Yes",5,2,"CNA_quiet_candidate","Yes",0.51,0.062,25,3,"CNA_quiet_candidate","Yes",0.47,2.01,0.067,3,1,4,0.998,"CNA_quiet",null,"CNA_quiet",0.067,0.47,3,"WT","Mutated","WT","WT","WT","Mutated","WT","WT","WT","WT","WT","WT","WT","WT","Mutated","Mutated","WT","WT","WT","WT","WT","WT","WT","WT","WT","WT","WT","WT","WT","CASP8,TERT,KMT2D,ASXL1",null,2008,70,"Female","Current","Cigarettes",4,55,11,"Current",1,19,19,"Edendate ","C06.0 cheek mucosa","Cheek mucosa","Right","T2","N0","Stage II","Stage I-II","n.a.","                                                                                                                                                                                                                                                               ","                                                                                                                                                                                                                                                               ","No","Surgery","Surgery","Curative","None","n.a.","Complete response",2.2,0.4,"Muscle","Cohesive","No","No","Well differentiated","T2","T2","pT_stage","N0","N0","pN_stage","Mx","Stage II","Stage II","Stage I-II","pDisease",0,null,"No","Clear (>5 mm)","        ","Alive",129,0,60]
["505","Yes",10,2,"CNA_quiet_candidate","Yes",0.78,0.254,38,17,"CNA_other","Yes",0.78,1.99,0.267,17,1,4,1,"CNA_other",null,"CNA_other",0.267,0.78,17,"Mutated","WT","WT","WT","WT","Mutated","WT","WT","WT","Mutated","WT","WT","Mutated","WT","WT","WT","WT","WT","WT","WT","WT","WT","WT","WT","WT","WT","WT","WT","WT","FAT1,TERT,NOTCH1,TP53",null,2011,67,"Male","Current","Cigarettes",20,50,50,"Current",6,50,300,"Edendate ","C02.1 border of tongue","Mobile tongue","Left","T1","N0","Stage I","Stage I-II","n.a.","                                                                                                                                                                                                                                                               ","                                                                                                                                                                                                                                                               ","No","Surgery + RT","Surgery + RT","Curative","IMRT","Postoperative","Complete response",1.5,0.5,"Lamina propria","Non-cohesive","No","No","Poorly differentiated","T1","T1","pT_stage","N2b","N2b","pN_stage","Mx","Stage IVA","Stage IVA","Stage III-IV","pDisease",null,2,"No","Clear (>5 mm)","10      ","Alive",93,0,60]
["506","Yes",15,3,"CNA_other","No",{"$nulls":15},"CNA_other",{"$nulls":34},2009,57,"Male","Current","Cigarettes",20,58,58,"Current",6,40,240,"Dentate","C02.1 border of tongue","Mobile tongue","Right","T1","N0","Stage I","Stage I-II","n.a.","                                                                                                                                                                                                                                                               ","                                                                                                                                                                                                                                                               ","No","Surgery","Surgery","Curative","None","n.a.","Complete response",null,0.15,"Lamina propria","Cohesive","No","No","Well differentiated","T1","T1","pT_stage","n.a. (no neck dissection)","N0","cN_stage","Mx","Stage I","Stage I","Stage I-II","pDisease",null,null,"n.a. (no neck dissection)","Clear (>5 mm)","5       ","Dead",81,0,60]
["507","Yes",12,4,"CNA_other","No",{"$nulls":15},"CNA_other",{"$nulls":34},2008,73,"Male","Current","Cigarettes",30,40,60,"Current",6,56,336,"Edendate ","C02.2 ventral surface of tongue","Mobile tongue","Right","T1","N0","Stage I","Stage I-II","n.a.","                                                                                                                                                                                                                                                               ","                                                                                                                                                                                                                                                               ","No","Surgery + RT","Surgery + RT","Curative","IMRT","Postoperative","Complete response",1.3,null,"Lamina propria","Non-cohesive","No","Yes","Moderately differentiated","T1","T1","pT_stage","N0","N0","pN_stage","M0","Stage I","Stage I","Stage I-II","pDisease",0,null,"No","Close (1-5 mm)","1       ","Alive",100,0,60,"Non-cohesive"]
["509","Yes",12,4,"CNA_other","No",{"$nulls":15},"CNA_other",{"$nulls":34},2012,53,"Male","Former","Cigarettes",20,41,41,"Current",5,35,175,"Dentate","C02.2 ventral surface of tongue","Mobile tongue","Right","T1","N0","Stage I","Stage I-II","n.a.","                                                                                                                                                                                                                                                               ","                                                                                                                                                                                                                                                               ","No","Surgery","Surgery","Curative","None","n.a.","Complete response",null,null,"Lamina propria","Cohesive","No","No","Well differentiated","T1","T1","pT_stage","N0","N0","pN_stage","Mx","Stage I","Stage I","Stage I-II","pDisease",0,null,"No","Clear (>5 mm)","5       ","Alive",62,0,60]
["516","Yes",16,4,"CNA_other","No",{"$nulls":15},"CNA_other",{"$nulls":34},2013,61,"Male","Former","Cigarettes",20,32,32,"Current",2,43,86,"Dentate","C06.0 cheek mucosa","Cheek mucosa","Right","T1","N0","Stage I","Stage I-II","n.a.","                                                                                                                                                                                                                                                               ","                                                                                                                                                                                                                                                               ","No","Surgery","Surgery","Curative","None","n.a.","Complete response",1.3,0.6,"Lamina propria","Non-cohesive","No","Yes","Moderately differentiated","T2","T2","pT_stage","N0","N0","pN_stage","Mx","Stage II","Stage II","Stage I-II","pDisease",0,null,"No","Close (1-5 mm)","3       ","Alive",64,0,60]
["518","Yes",0,0,"CNA_quiet_candidate","Yes",1,0,24,0,"CNA_quiet_candidate","Yes",0.08,2,0,0,0.931,1,0.968,"Exclude","Too_low_cellularity","Exclude",0,0.08,0,{"$nulls":31},2013,82,"Female","Current","Cigarettes",20,60,60,"Current",5,65,325,"Dentate","C02.2 ventral surface of tongue","Mobile tongue","Midline","T1","N1","Stage III","Stage III-IV","Ipsilateral","1                                                                                                                                                                                                                                                              ","                                                                                                                                                                                                                                                               ","No","Surgery","Surgery","Curative","None","n.a.","Complete response",2.1,0.22,"Lamina propria","Non-cohesive","No","No","Moderately differentiated","T2","T2","pT_stage","N0","N0","pN_stage","Mx","Stage II","Stage II","Stage I-II","pDisease",0,0,"No","Close (1-5 mm)","3       ","Alive",65,0,60,"Non-cohesive"]
["534","Yes",14,3,"CNA_other","No",{"$nulls":15},"CNA_other",{"$nulls":34},2010,92,"Male","Former","Cigarettes",20,25,25,"Never",0,0,0,"Edendate ","C02.1 border of tongue","Mobile tongue","Left","T3","N0","Stage III","Stage III-IV","n.a.","                                                                                                                                                                                                                                                               ","                                                                                                                                                                                                                                                               ","No","Radiotherapy","Radiotherapy","Palliative","IMRT","Definitive","Not applicable",null,null,"Unknown","Unknown","Unknown","Unknown","Unknown","n.a. (no surgery)","T3","cT_stage","n.a. (no neck dissection)","N0","cN_stage","77",77,"Stage III","Stage III-IV","cDisease",null,null,"n.a. (no neck dissection)","n.a. (no surgery)","        ","Dead",2,1,2]
["535","Yes",1,0,"CNA_quiet_candidate","Yes",1,0,24,0,"CNA_quiet_candidate","Yes",0.18,2,0,0,1,3,0.374,"Exclude","Power_too_low_muts","Exclude",0,0.18,0,{"$nulls":31},2014,86,"Male","Current","Cigarettes",10,66,33,"Current",1,68,68,"Dentate","C04.0 anterior floor of mouth","Floor of mouth","Midline","T1","N0","Stage I","Stage I-II","n.a.","                                                                                                                                                                                                                                                               ","                                                                                                                                                                                                                                                               ","No","Surgery","Surgery","Curative","None","n.a.","Complete response",0.21,null,"Lamina propria","Non-cohesive","No","No","Poorly differentiated","T1","T1","pT_stage","n.a. (no neck dissection)","N0","cN_stage",null,"Stage I","Stage I","Stage I-II","pDisease",null,null,"n.a. (no neck dissection)","Clear (>5 mm)","        ","Alive",20,0,20,"Non-cohesive"]
["536","Yes",3,1,"CNA_quiet_candidate","Yes",0.12,0.522,31,16,"CNA_other",{"$nulls":10},"CNA_other",0.522,0.12,16,{"$nulls":31},2013,68,"Female","Former","Cigarettes",10,15,8,"Never",0,0,0,null,"C02.1 border of tongue","Mobile tongue","Left","Tis","N0","Stage 0 (CIS)",null,"n.a.","                                                                                                                                                                                                                                                               ","                                                                                                                                                                                                                                                               ","No","Surgery","Surgery","Curative","None","n.a.","Complete response",0.45,null,"Lamina propria","Non-cohesive","No","No","Well differentiated","T1","T1","pT_stage","n.a. (no neck dissection)","N0","cN_stage","Mx","Stage I","Stage I","Stage I-II","pDisease",null,null,"n.a. (no neck dissection)","Close (1-5 mm)","4,5     ","Alive",65,0,60]
["537","Yes",29,6,"CNA_other","No",{"$nulls":15},"CNA_other",{"$nulls":34},2009,53,"Female","Current","Cigarettes",15,27,20,"Current",2,36,72,"Dentate","C03.1 lower gum","Vestibule of the mouth ","Left","T4b","N0","Stage IVB","Stage III-IV","n.a.","                                                                                                                                                                                                                                                               ","                                                                                                                                                                                                                                                               ","No","Surgery + RT","Surgery + RT","Curative","IMRT","Postoperative","Complete response",7,null,"Bone","Unknown","No","Yes","Unknown","T4a","T4a","pT_stage","N1","N1","pN_stage","Mx","Stage IVA","Stage IVA","Stage III-IV","pDisease",null,1,"No","Involved (<1 mm)","1       ","Dead",39,1,39]
["538","Yes",11,2,"CNA_quiet_candidate","Yes",0.21,0.565,58,38,"CNA_other","Yes",0.23,3.01,0.576,40,0.992,2,0.999,"CNA_other",null,"CNA_other",0.576,0.23,38,"Mutated","WT","WT","WT","WT","WT","WT","WT","WT","Mutated","WT","WT","WT","WT","WT","WT","WT","WT","WT","WT","WT","WT","WT","WT","WT","WT","WT","WT","WT","NOTCH1,TP53",null,2009,62,"Male","Current","Cigarettes",12,50,30,"Current",9,44,396,"Dentate","C02.1 border of tongue","Mobile tongue","Left","T2","N0","Stage II","Stage I-II","n.a.","                                                                                                                                                                                                                                                               ","                                                                                                                                                                                                                                                               ","No","Surgery","Surgery","Curative","None","n.a.","Complete response",3.5,0.9,"Muscle","Non-cohesive","No","No","Moderately differentiated","T2","T2","pT_stage","N0","N0","pN_stage","Mx","Stage II","Stage II","Stage I-II","pDisease",null,0,"No","Close (1-5 mm)","4       ","Dead",105,0,60]
["540","Yes",0,0,"CNA_quiet_candidate","Yes",0.42,0.056,25,3,"CNA_quiet_candidate","Yes",0.42,2,0.061,3,1,4,1,"CNA_quiet",null,"CNA_quiet",0.061,0.42,3,"Mutated","WT","WT","WT","WT","WT","WT","WT","WT","WT","WT","Mutated","Mutated","WT","Mutated","WT","WT","WT","WT","WT","WT","WT","WT","WT","WT","WT","WT","WT","WT","NOTCH2,FAT1,KMT2D,TP53",null,2012,51,"Male","Current","Cigarettes",33,36,59,"Current",20,34,680,"Edendate ","C02.1 border of tongue","Mobile tongue","Right","T2","N0","Stage II","Stage I-II","n.a.","                                                                                                                                                                                                                                                               ","                                                                                                                                                                                                                                                               ","No","Surgery + RT","Surgery + RT","Curative","IMRT","Postoperative","Complete response",3,null,"Lamina propria","Cohesive","Yes","No","Moderately differentiated","T2","T2","pT_stage","N0","N0","pN_stage","Mx","Stage II","Stage II","Stage I-II","pDisease",0,null,"No","Close (1-5 mm)","1       ","Dead",31,1,31]
["541","Yes",12,3,"CNA_other","No",{"$nulls":15},"CNA_other",{"$nulls":34},2013,66,"Male","Former","Cigarettes",20,10,10,"Current",2.285714285714286,49,98,"Dentate","C02.1 border of tongue","Mobile tongue","Left","T2","N0","Stage II","Stage I-II","n.a.","                                                                                                                                                                                                                                                               ","                                                                                                                                                                                                                                                               ","No","Surgery","Surgery","Curative","None","n.a.","Complete response",1,0.49,"Muscle","Non-cohesive","No","Yes","Poorly differentiated","T1","T1","pT_stage","N0","N0","pN_stage","Mx","Stage I","Stage I","Stage I-II","pDisease",null,0,"No","Clear (>5 mm)","6       ","Alive",62,0,60]
["542","Yes",7,1,"CNA_quiet_candidate","Yes",0.19,0.337,40,18,"CNA_other",{"$nulls":10},"CNA_other",0.337,0.19,18,{"$nulls":31},2009,55,"Female","Current","Cigarettes",10,40,20,"Current",4,37,148,"Dentate","C03.1 lower gum","Vestibule of the mouth ","Left","T4a","N0","Stage IVA","Stage III-IV","n.a.","                                                                                                                                                                                                                                                               ","                                                                                                                                                                                                                                                               ","No","Surgery + RT","Surgery + RT","Curative","IMRT","Postoperative","Complete response",null,null,"Bone","Unknown","Unknown","Unknown","Poorly differentiated","T4a","T4a","pT_stage","N0","N0","pN_stage","Mx","Stage IVA","Stage IVA","Stage III-IV","pDisease",0,null,"No","Involved (<1 mm)","0       ","Dead",19,1,19]
["543","Yes",2,0,"CNA_quiet_candidate","Yes",0.05,0.109,25,3,"Exclude",{"$nulls":10},"Exclude",0.109,0.05,3,{"$nulls":31},2009,64,"Female","Current","Cigarettes",20,46,46,"Current",4,47,188,"Dentate","C02.1 border of tongue","Mobile tongue","Left","T4a","N0","Stage IVA","Stage III-IV","n.a.","                                                                                                                                                                                                                                                               ","                                                                                                                                                                                                                                                               ","No","Surgery + RT","Surgery + RT","Curative","IMRT","Postoperative","Complete response",2,0.8,"Muscle","Cohesive","No","No","Well differentiated","T4a","T4a","pT_stage","N0","N0","pN_stage","Mx","Stage IVA","Stage IVA","Stage III-IV","pDisease",0,0,"No","Clear (>5 mm)","10      ","Alive",118,0,60]
["544","Yes",23,5,"CNA_other","No",{"$nulls":15},"CNA_other",{"$nulls":34},2008,52,"Male","Current","Cigarettes",6,null,20,"Former",{"$nulls":3},"Dentate","C04.0 anterior floor of mouth","Floor of mouth","Midline","T4a","N2c","Stage IVA","Stage III-IV","Bilateral","1                                                                                                                                                                                                                                                              ","1                                                                                                                                                                                                                                                              ","No","None","None","Palliative","None","n.a.","Complete response",null,null,"Unknown","Unknown","Unknown","Unknown","Moderately differentiated","n.a. (no surgery)","T4a","cT_stage","n.a. (no neck dissection)","N2c","cN_stage","77",77,"Stage IVA","Stage III-IV","cDisease",null,null,"n.a. (no neck dissection)","n.a. (no surgery)","        ","Dead",4,1,4]
["545","Yes",17,4,"CNA_other","No",{"$nulls":15},"CNA_other",{"$nulls":34},2009,47,"Female","Former","Cigarettes",20,15,15,"Current",3,30,90,"Dentate","C04.0 anterior floor of mouth","Floor of mouth","Midline","T4a","N0","Stage IVA","Stage III-IV","n.a.","                                                                                                                                                                                                                                                               ","                                                                                                                                                                                                                                                               ","No","Surgery + RT","Surgery + RT","Curative","IMRT","Postoperative","Complete response",1.3,1.5,"Muscle","Non-cohesive","No","Yes","Moderately differentiated","T4a","T4a","pT_stage","N3b","N3b","pN_stage","Mx","Stage IVB","Stage IVB","Stage III-IV","pDisease",0,2,"Yes","Clear (>5 mm)","        ","Alive",74,0,60]
["546","Yes",11,3,"CNA_other","No",{"$nulls":15},"CNA_other",{"$nulls":34},2008,65,"Male","Current","Cigarettes",10,45,40,"Current",7,47,329,"Dentate","C04.1 lateral floor of mouth","Floor of mouth","Left","T4a","N0","Stage IVA","Stage III-IV","n.a.","                                                                                                                                                                                                                                                               ","                                                                                                                                                                                                                                                               ","No","Surgery + RT","Surgery + RT","Curative","IMRT","Postoperative","Complete response",2.3,null,"Muscle","Cohesive","No","Yes","Moderately differentiated","T4a","T4a","pT_stage","N0","N0","pN_stage","Mx","Stage IVA","Stage IVA","Stage III-IV","pDisease",null,0,"No","Close (1-5 mm)","1       ","Dead",75,0,60]
["547","Yes",15,3,"CNA_other","No",{"$nulls":15},"CNA_other",{"$nulls":34},2010,67,"Male","Current","Cigars/pipe",3,null,30,"Current",4,50,200,"Dentate","C03.1 lower gum","Vestibule of the mouth ","Right","T4a","N0","Stage IVA","Stage III-IV","n.a.","                                                                                                                                                                                                                                                               ","                                                                                                                                                                                                                                                               ","No","Surgery + RT","Surgery + RT","Curative","IMRT","Postoperative",null,4,null,"Bone","Non-cohesive","Unknown","Unknown","Moderately differentiated","T4a","T4a","pT_stage","N2b","N2b","pN_stage","Mx","Stage IVA","Stage IVA","Stage III-IV","pDisease",2,null,"No","Close (1-5 mm)","3       ","Alive",60,0,60,"Non-cohesive"]
["549","Yes",23,4,"Unclear","Yes",0.61,0.357,42,20,"CNA_other","Yes",0.61,2,0.364,20,1,4,0.999,"CNA_other",null,"CNA_other",0.364,0.61,20,"Mutated","WT","WT","WT","WT","WT","WT","WT","WT","WT","WT","WT","Mutated","WT","WT","WT","WT","Mutated","WT","WT","WT","Mutated","WT","WT","WT","WT","WT","WT","WT","FAT1,PTEN,TP53,KDM6A",null,2010,64,"Female","Former","Cigarettes",20,50,50,"Current",4,46,184,null,"C04.0 anterior floor of mouth","Floor of mouth","Right","T2","N0","Stage II","Stage I-II","n.a.","                                                                                                                                                                                                                                                               ","                                                                                                                                                                                                                                                               ","No","Surgery + RT","Surgery + RT","Curative","IMRT","Postoperative","Complete response",2.1,1.1,"Muscle","Non-cohesive","No","Yes","Moderately differentiated","T4a","T4a","pT_stage","N2b","N2b","pN_stage","Mx","Stage IVA","Stage IVA","Stage III-IV","pDisease",2,0,"No","Close (1-5 mm)","1,2     ","Dead",92,0,60,"Non-cohesive"]
["550","Yes",21,4,"CNA_other","No",{"$nulls":15},"CNA_other",{"$nulls":34},2010,67,"Female","Never","n.a.",0,0,0,"Never",0,0,0,"Dentate","C02.1 border of tongue","Mobile tongue","Right","T1","N0","Stage I","Stage I-II","n.a.","                                                                                                                                                                                                                                                               ","                                                                                                                                                                                                                                                               ","No","Surgery + RT","Surgery + RT","Curative","IMRT","Postoperative","Complete response",1.8,null,"Lamina propria","Non-cohesive","No","Yes","Moderately differentiated","T1","T1","pT_stage","N1","N1","pN_stage","Mx","Stage III","Stage III","Stage III-IV","pDisease",1,null,"No","Close (1-5 mm)","3       ","Alive",64,0,60]
["551","Yes",14,3,"CNA_other","No",{"$nulls":15},"CNA_other",{"$nulls":34},2011,52,"Female","Former","Cigarettes",20,40,40,"Current",1,35,35,"Edendate ","C04.0 anterior floor of mouth","Floor of mouth","Midline","T2","N0","Stage II","Stage I-II","n.a.","                                                                                                                                                                                                                                                               ","                                                                                                                                                                                                                                                               ","No","Surgery","Surgery","Curative","None","n.a.","Complete response",1.2,null,"Lamina propria","Unknown","Unknown","Unknown","Unknown","T1","T1","pT_stage","N0","N0","pN_stage","Mx","Stage I","Stage I","Stage I-II","pDisease",0,0,"No","Close (1-5 mm)","1       ","Alive",6,0,6]
["552","Yes",30,3,"CNA_other","No",{"$nulls":15},"CNA_other",{"$nulls":34},2011,66,"Male","Current","Cigarettes",4,50,38,"Current",2,40,80,"Dentate","C04.0 anterior floor of mouth","Floor of mouth","Left","T2","N0","Stage II","Stage I-II","n.a.","                                                                                                                                                                                                                                                               ","                                                                                                                                                                                                                                                               ","No","Surgery + RT","Surgery + RT","Curative","IMRT","Postoperative","Complete response",2.2,null,"Lamina propria","Non-cohesive","No","Yes","Poorly differentiated","T2","T2","pT_stage","N2b","N2b","pN_stage","Mx","Stage IVA","Stage IVA","Stage III-IV","pDisease",null,2,"No","Involved (<1 mm)","0,25    ","Dead",27,1,27]
["553","Yes",14,2,"CNA_quiet_candidate","Yes",0.05,0,22,0,"Exclude",{"$nulls":10},"Exclude",0,0.05,0,{"$nulls":31},2011,67,"Male","Current","Cigarettes",40,25,50,"Current",8,49,392,null,"C04.0 anterior floor of mouth","Floor of mouth","Midline","T4a","N0","Stage IVA","Stage III-IV","n.a.","                                                                                                                                                                                                                                                               ","                                                                                                                                                                                                                                                               ","No","Surgery + RT","Surgery + RT","Curative","IMRT","Postoperative","Complete response",3.5,null,"Muscle","Cohesive","Yes","Yes","Moderately differentiated","T4a","T4a","pT_stage","N2c","N2c","pN_stage","Mx","Stage IVA","Stage IVA","Stage III-IV","pDisease",2,1,"No","Involved (<1 mm)","0,9     ","Dead",29,1,29]
["555","Yes",2,0,"CNA_quiet_candidate","Yes",0.06,0.411,36,14,"CNA_other",{"$nulls":10},"CNA_other",0.411,0.06,14,{"$nulls":31},2014,53,"Male","Never","n.a.",0,0,0,"Current",5,35,175,"Dentate","C02.1 border of tongue","Mobile tongue","Right","T1","N0","Stage I","Stage I-II","n.a.","                                                                                                                                                                                                                                                               ","                                                                                                                                                                                                                                                               ","No","Surgery","Surgery","Curative","None","n.a.","Complete response",null,null,"Lamina propria","Unknown","No","No","Well differentiated","T1","T1","pT_stage","n.a. (no neck dissection)","N0","cN_stage",null,"Stage I","Stage I","Stage I-II","pDisease",null,null,"n.a. (no neck dissection)","Clear (>5 mm)","        ","Alive",41,0,41]
["557","Yes",8,0,"CNA_quiet_candidate","Yes",1,0,22,0,"CNA_quiet_candidate","Yes",1,2.01,0,0,1,0,0.999,"Exclude","No_evidence_of_tumor","Exclude",0,1,0,{"$nulls":31},2011,87,"Female","Never","n.a.",0,0,0,"Never",0,0,0,null,"C02.1 border of tongue","Mobile tongue","Left","T1","N0","Stage I","Stage I-II","n.a.","                                                                                                                                                                                                                                                               ","                                                                                                                                                                                                                                                               ","No","Surgery","Surgery","Curative","None","n.a.","Complete response",1.1,0.23,"Lamina propria","Non-cohesive","No","Yes","Moderately differentiated","T1","T1","pT_stage","n.a. (no neck dissection)","N0","cN_stage","Mx","Stage I","Stage I","Stage I-II","pDisease",null,null,"n.a. (no neck dissection)","Clear (>5 mm)","        ","Dead",60,1,60,"Non-cohesive"]
["558","Yes",1,0,"CNA_quiet_candidate","Yes",0.08,0.532,38,21,"CNA_other",{"$nulls":10},"CNA_other",0.532,0.08,21,{"$nulls":31},2012,80,"Female","Never","n.a.",0,0,0,"Current",3.571428571428572,63,252,"Dentate","C02.1 border of tongue","Mobile tongue","Right","T1","N0","Stage I","Stage I-II","n.a.","                                                                                                                                                                                                                                                               ","                                                                                                                                                                                                                                                               ","No","Surgery","Surgery","Curative","None","n.a.","Complete response",1.3,0.2,"Lamina propria","Unknown","No","No","Well differentiated","T1","T1","pT_stage","N0","N0","pN_stage","Mx","Stage I","Stage I","Stage I-II","pDisease",0,null,"No","Clear (>5 mm)","6       ","Alive",68,0,60]
["559","Yes",7,1,"CNA_quiet_candidate","Yes",0.49,0.191,36,14,"CNA_other",{"$nulls":10},"CNA_other",0.191,0.49,14,{"$nulls":31},2012,79,"Female","Former","Cigarettes",20,40,40,"Current",5,62,310,"Edendate ","C02.1 border of tongue","Mobile tongue","Left","T2","N1","Stage III","Stage III-IV","Ipsilateral","                                                                                                                                                                                                                                                               ","2                                                                                                                                                                                                                                                              ","No","Surgery + RT","Surgery + RT","Curative","IMRT","Postoperative",null,3.5,null,"Muscle","Cohesive","Unknown","Unknown","Moderately differentiated","T2","T2","pT_stage","N2b","N2b","pN_stage","Mx","Stage IVA","Stage IVA","Stage III-IV","pDisease",null,15,"No","Clear (>5 mm)","5       ","Dead",5,1,5,"Cohesive"]
["560","Yes",3,1,"CNA_quiet_candidate","Yes",0.14,0.613,42,24,"CNA_other",{"$nulls":10},"CNA_other",0.613,0.14,24,{"$nulls":31},2008,76,"Male","Never","n.a.",0,0,0,"Current",3,59,177,"Dentate","C04.0 anterior floor of mouth","Floor of mouth","Midline","Tis","N0","Stage 0 (CIS)",null,"n.a.","                                                                                                                                                                                                                                                               ","                                                                                                                                                                                                                                                               ","No","Surgery","Surgery","Curative","None","n.a.","Complete response",null,0.1,"Lamina propria","Unknown","No","No","Unknown","T1","T1","pT_stage","n.a. (no neck dissection)","N0","cN_stage","Mx","Stage I","Stage I","Stage I-II","pDisease",null,null,"n.a. (no neck dissection)","Close (1-5 mm)","4       ","Dead",30,1,30]
["561","Yes",3,0,"CNA_quiet_candidate","Yes",0.05,0.182,30,6,"CNA_other",{"$nulls":10},"CNA_other",0.182,0.05,6,{"$nulls":31},2012,49,"Male","Current","Cigarettes",30,31,47,"Current",2.285714285714286,31,62,"Edendate ","C02.1 border of tongue","Mobile tongue","Right","T3","N2c","Stage IVA","Stage III-IV","Bilateral","2                                                                                                                                                                                                                                                              ","2                                                                                                                                                                                                                                                              ","No","Surgery + CRT","Surgery + CRT","Curative","IMRT","Postoperative","Complete response",5.2,1.3,"Lamina propria","Cohesive","No","No","Poorly differentiated","T3","T3","pT_stage","N2c","N2c","pN_stage","Mx","Stage IVA","Stage IVA","Stage III-IV","pDisease",2,1,"No","Involved (<1 mm)","0       ","Alive",71,0,60]
["562","Yes",12,2,"CNA_quiet_candidate","Yes",0.21,0.425,30,12,"CNA_other","Yes",0.7,2,0.422,12,1,6,0.998,"CNA_other",null,"CNA_other",0.422,0.7,12,"Mutated","WT","WT","WT","Mutated","Mutated","WT","WT","WT","WT","WT","Mutated","WT","WT","WT","WT","WT","WT","WT","WT","WT","WT","WT","WT","WT","Mutated","WT","WT","WT","NOTCH2,TERT,NSD1,CDKN2A,TP53",null,2012,53,"Male","Current","Cigarettes",10,40,20,"Current",6,35,210,"Dentate","C03.0 upper gum","Vestibule of the mouth ","Right","T2","N0","Stage II","Stage I-II","n.a.","                                                                                                                                                                                                                                                               ","                                                                                                                                                                                                                                                               ","No","Surgery + RT","Surgery + RT","Curative","IMRT","Postoperative","Complete response",2.3,null,"Bone","Non-cohesive","No","No","Moderately differentiated","T4a","T4a","pT_stage","n.a. (no neck dissection)","N0","cN_stage","Mx","Stage IVA","Stage IVA","Stage III-IV","pDisease",null,null,"n.a. (no neck dissection)","Involved (<1 mm)","0       ","Alive",57,0,57,"Non-cohesive"]
["563","Yes",14,3,"CNA_other","No",{"$nulls":15},"CNA_other",{"$nulls":34},2014,62,"Female","Current","Cigarettes",50,44,110,"Former",24,32,768,"Dentate","C06.2 retromolar area","Retromolar trigone","Left","T4b","N1","Stage IVB","Stage III-IV","Ipsilateral","                                                                                                                                                                                                                                                               ","1                                                                                                                                                                                                                                                              ","No","None","None","Palliative","None","n.a.","Not applicable",null,null,"Unknown","Cohesive","No","No","Moderately differentiated","n.a. (no surgery)","T4b","cT_stage","n.a. (no neck dissection)","N1","cN_stage","77",77,"Stage IVB","Stage III-IV","cDisease",null,null,"n.a. (no neck dissection)","n.a. (no surgery)","        ","Dead",16,1,16]
["564","Yes",4,1,"CNA_quiet_candidate","Yes",0.42,0.197,28,8,"CNA_other",{"$nulls":10},"CNA_other",0.197,0.42,8,{"$nulls":31},2013,74,"Female","Never","n.a.",0,0,0,"Never",0,0,0,"Dentate","C02.2 ventral surface of tongue","Mobile tongue","Right","T2","N0","Stage II","Stage I-II","n.a.","                                                                                                                                                                                                                                                               ","                                                                                                                                                                                                                                                               ","No","Surgery + RT","Surgery + RT","Curative","IMRT","Postoperative","Complete response",2.8,0.7,"Lamina propria","Non-cohesive","Yes","No","Moderately differentiated","T2","T2","pT_stage","N2b","N2b","pN_stage","Mx","Stage IVA","Stage IVA","Stage III-IV","pDisease",2,null,"No","Close (1-5 mm)","3       ","Alive",65,0,60,"Non-cohesive"]
["565","Yes",0,0,"CNA_quiet_candidate","Yes",0.11,0.651,34,23,"CNA_other",{"$nulls":10},"CNA_other",0.651,0.11,23,{"$nulls":31},2008,64,"Female","Current","Cigarettes",10,40,20,"Current",4,47,188,null,"C04.0 anterior floor of mouth","Floor of mouth","Left","T1","N0","Stage I","Stage I-II","n.a.","                                                                                                                                                                                                                                                               ","                                                                                                                                                                                                                                                               ","No","Surgery + RT","Surgery + RT","Curative","IMRT","Postoperative","Complete response",0.7,null,"Lamina propria","Cohesive","No","No","Moderately differentiated","T1","T1","pT_stage","N0","N0","pN_stage","Mx","Stage I","Stage I","Stage I-II","pDisease",null,0,"No","Close (1-5 mm)","1,5     ","Alive",126,0,60]
["566","Yes",13,3,"CNA_other","No",{"$nulls":15},"CNA_other",{"$nulls":34},2013,61,"Male","Current","Cigarettes",40,30,60,"Current",7,43,301,null,"C04.0 anterior floor of mouth","Floor of mouth","Midline","T1","N0","Stage I","Stage I-II","n.a.","                                                                                                                                                                                                                                                               ","                                                                                                                                                                                                                                                               ","No","Surgery","Surgery","Curative","None","n.a.","Complete response",0.9,0.4,"Lamina propria","Cohesive","No","No","Moderately differentiated","T1","T1","pT_stage","N0","N0","pN_stage","Mx","Stage I","Stage I","Stage I-II","pDisease",0,0,"No","Close (1-5 mm)","3,5     ","Alive",47,0,47]
["567","Yes",11,2,"CNA_quiet_candidate","Yes",0.18,0.466,34,18,"CNA_other",{"$nulls":10},"CNA_other",0.466,0.18,18,{"$nulls":31},2014,54,"Male","Current","Cigarettes",20,40,40,"Current",8,36,288,"Dentate","C02.1 border of tongue","Mobile tongue","Right","T1","N0","Stage I","Stage I-II","n.a.","                                                                                                                                                                                                                                                               ","                                                                                                                                                                                                                                                               ","No","Surgery","Surgery","Curative","None","n.a.","Complete response",2.4,0.9,"Lamina propria","Non-cohesive","No","No","Moderately differentiated","T2","T2","pT_stage","N0","N0","pN_stage",null,"Stage II","Stage II","Stage I-II","pDisease",0,null,"No","Close (1-5 mm)","2       ","Dead",30,1,30,"Non-cohesive"]
["568","Yes",12,3,"CNA_other","No",{"$nulls":15},"CNA_other",{"$nulls":34},2009,59,"Female","Former","Cigarettes",20,35,35,"Current",1,41,41,"Edendate ","C04.0 anterior floor of mouth","Floor of mouth","Midline","T2","N0","Stage II","Stage I-II","n.a.","                                                                                                                                                                                                                                                               ","                                                                                                                                                                                                                                                               ","No","Surgery + RT","Surgery + RT","Curative","IMRT","Postoperative","Complete response",1.5,null,"Lamina propria","Cohesive","No","No","Poorly differentiated","T2","T2","pT_stage","N1","N1","pN_stage","Mx","Stage III","Stage III","Stage III-IV","pDisease",null,1,"No","Involved (<1 mm)","0       ","Alive",114,0,60]
["569","Yes",12,3,"CNA_other","No",{"$nulls":15},"CNA_other",{"$nulls":34},2013,61,"Male","Former","Cigarettes",16,10,8,"Current",4,43,172,"Dentate","C04.0 anterior floor of mouth","Floor of mouth","Midline","T2","N0","Stage II","Stage I-II","n.a.","                                                                                                                                                                                                                                                               ","                                                                                                                                                                                                                                                               ","No","Surgery + RT","Surgery + RT","Curative","IMRT","Postoperative","Complete response",1.5,null,"Lamina propria","Non-cohesive","No","Yes","Poorly differentiated","T1","T1","pT_stage","N1","N1","pN_stage","Mx","Stage III","Stage III","Stage III-IV","pDisease",0,1,"No","Close (1-5 mm)","2       ","Dead",38,1,38]
["570","Yes",13,3,"CNA_other","No",{"$nulls":15},"CNA_other",{"$nulls":34},2014,67,"Male","Former","Cigarettes",20,60,60,"Current",2,69,138,"Edendate ","C06.0 cheek mucosa","Cheek mucosa","Left","T2","N0","Stage II","Stage I-II","n.a.","                                                                                                                                                                                                                                                               ","                                                                                                                                                                                                                                                               ","No","Surgery","Surgery","Curative","None","n.a.","Complete response",2.2,0.6,"Lamina propria","Cohesive","No","No","Moderately differentiated","T2","T2","pT_stage","n.a. (no neck dissection)","N0","cN_stage",null,"Stage II","Stage II","Stage I-II","pDisease",null,null,"n.a. (no neck dissection)","Close (1-5 mm)","2       ","Dead",36,1,36,"Cohesive"]
["572","Yes",19,5,"CNA_other","No",{"$nulls":15},"CNA_other",{"$nulls":34},2009,52,"Female","Current","Cigarettes",7,37,13,"Current",2,37,74,"Edendate ","C02.1 border of tongue","Mobile tongue","Left","T2","N0","Stage II","Stage I-II","n.a.","                                                                                                                                                                                                                                                               ","                                                                                                                                                                                                                                                               ","No","Surgery + RT","Surgery + RT","Curative","IMRT","Postoperative","Complete response",4.3,null,"Lamina propria","Non-cohesive","Yes","No","Moderately differentiated","T3","T3","pT_stage","N0","N0","pN_stage","Mx","Stage III","Stage III","Stage III-IV","pDisease",0,0,"No","Clear (>5 mm)","7       ","Alive",100,0,60]
["573","Yes",7,0,"CNA_quiet_candidate","Yes",0.41,0.259,38,14,"CNA_other","Yes",0.52,2.02,0.26,14,1,5,1,"CNA_other",null,"CNA_other",0.26,0.52,14,"Mutated","WT","WT","WT","Mutated","Mutated","WT","WT","WT","Mutated","WT","WT","Mutated","WT","WT","WT","WT","WT","WT","WT","WT","WT","WT","WT","WT","WT","WT","WT","WT","FAT1,TERT,CDKN2A,NOTCH1,TP53",null,2014,54,"Female","Current","Cigarettes",25,40,50,"Current",3,36,108,"Dentate","C02.2 ventral surface of tongue","Mobile tongue","Right","T1","N0","Stage I","Stage I-II","n.a.","                                                                                                                                                                                                                                                               ","                                                                                                                                                                                                                                                               ","No","Surgery","Surgery","Curative","None","n.a.","Complete response",null,0.24,"Lamina propria","Cohesive","No","No","Moderately differentiated","T1","T1","pT_stage","n.a. (no neck dissection)","N0","cN_stage",null,"Stage I","Stage I","Stage I-II","pDisease",null,null,"n.a. (no neck dissection)","Clear (>5 mm)","        ","Alive",52,0,52,"Cohesive"]
["574","Yes",9,2,"CNA_quiet_candidate","Yes",0.27,0.582,28,19,"CNA_other","Yes",0.27,2.98,0.589,19,1,3,0.999,"CNA_other",null,"CNA_other",0.589,0.27,19,"Mutated","WT","WT","Mutated","WT","WT","WT","WT","WT","WT","WT","WT","WT","WT","WT","WT","WT","WT","WT","WT","WT","Mutated","WT","WT","WT","WT","WT","WT","WT","PIK3CA,TP53,KDM6A",null,2014,75,"Female","Current","Cigarettes",20,61,61,"Never",0,0,0,"Dentate","C04.0 anterior floor of mouth","Floor of mouth","Right","T3","N0","Stage III","Stage III-IV","n.a.","                                                                                                                                                                                                                                                               ","                                                                                                                                                                                                                                                               ","No","Surgery + RT","Surgery + RT","Curative","IMRT","Postoperative","Complete response",1.5,1.4,"Lamina propria","Cohesive","No","Yes","Moderately differentiated","T3","T3","pT_stage","N0","N0","pN_stage",null,"Stage III","Stage III","Stage III-IV","pDisease",0,null,"No","Close (1-5 mm)","1       ","Alive",6,0,6,"Cohesive"]
["575","Yes",22,4,"CNA_other","No",{"$nulls":15},"CNA_other",{"$nulls":34},2014,64,"Male","Current","Cigarettes",35,45,79,"Former",12,37,444,"Dentate","C04.0 anterior floor of mouth","Floor of mouth","Midline","T4a","N0","Stage IVA","Stage III-IV","n.a.","                                                                                                                                                                                                                                                               ","                                                                                                                                                                                                                                                               ","No","Surgery + RT","Surgery + RT","Curative","IMRT","Postoperative","Complete response",2.5,null,"Bone","Non-cohesive","No","No","Poorly differentiated","T4a","T4a","pT_stage","N0","N0","pN_stage",null,"Stage IVA","Stage IVA","Stage III-IV","pDisease",0,0,"No","Close (1-5 mm)","2       ","Alive",43,0,43,"Non-cohesive"]
["576","Yes",16,3,"CNA_other","No",{"$nulls":15},"CNA_other",{"$nulls":34},2010,69,"Female","Current","Cigarettes",20,50,50,"Former",{"$nulls":3},"Edendate ","C04.0 anterior floor of mouth","Floor of mouth","Left","T2","N0","Stage II","Stage I-II","n.a.","                                                                                                                                                                                                                                                               ","                                                                                                                                                                                                                                                               ","No","Surgery + RT","Surgery + RT","Curative","IMRT","Postoperative","Complete response",2.2,1.4,"Muscle","Non-cohesive","Yes","Yes","Poorly differentiated","T3","T3","pT_stage","N0","N0","pN_stage","Mx","Stage III","Stage III","Stage III-IV","pDisease",null,0,"No","Close (1-5 mm)","1       ","Dead",57,1,57,"Non-cohesive"]
["577","Yes",1,0,"CNA_quiet_candidate","Yes",0.05,0.036,23,1,"Exclude",{"$nulls":10},"Exclude",0.036,0.05,1,{"$nulls":31},2013,56,"Male","Current","Cigarettes",8,49,20,"Current",2.142857142857143,37,74,"Dentate","C02.2 ventral surface of tongue","Mobile tongue","Right","T1","N0","Stage I","Stage I-II","n.a.","                                                                                                                                                                                                                                                               ","                                                                                                                                                                                                                                                               ","No","Surgery + RT","Surgery + RT","Curative","IMRT","Postoperative","Complete response",0.9,0.5,"Lamina propria","Non-cohesive","No","Yes","Poorly differentiated","T1","T1","pT_stage","N0","N0","pN_stage","Mx","Stage I","Stage I","Stage I-II","pDisease",0,null,"No","Clear (>5 mm)","5       ","Alive",64,0,60,"Non-cohesive"]
["578","Yes",15,4,"CNA_other","No",{"$nulls":15},"CNA_other",{"$nulls":34},2012,53,"Male","Current","Cigarettes",20,25,25,"Never",0,0,0,"Dentate","C04.0 anterior floor of mouth","Floor of mouth","Right","T2","N0","Stage II","Stage I-II","n.a.","                                                                                                                                                                                                                                                               ","                                                                                                                                                                                                                                                               ","No","Surgery + RT","Surgery + RT","Curative","IMRT","Postoperative","Complete response",2.5,1.5,"Lamina propria","Cohesive","No","No","Poorly differentiated","T3","T3","pT_stage","N0","N0","pN_stage","Mx","Stage III","Stage III","Stage III-IV","pDisease",0,null,"No","Involved (<1 mm)","0,15    ","Alive",78,0,60]
["580","Yes",17,3,"CNA_other","No",{"$nulls":15},"CNA_other",{"$nulls":34},2014,67,"Male","Current","Cigars/pipe",6,49,44,"Current",4,49,196,null,"C04.0 anterior floor of mouth","Floor of mouth","Midline","T4a","N0","Stage IVA","Stage III-IV","n.a.","                                                                                                                                                                                                                                                               ","                                                                                                                                                                                                                                                               ","No","Surgery + RT","Surgery + RT","Curative","IMRT","Postoperative","Complete response",4.6,1.5,"Bone","Non-cohesive","No","No","Moderately differentiated","T4a","T4a","pT_stage","N0","N0","pN_stage",null,"Stage IVA","Stage IVA","Stage III-IV","pDisease",0,0,"No","Clear (>5 mm)","6       ","Dead",9,1,9,"Non-cohesive"]
["582","Yes",15,4,"CNA_other","No",{"$nulls":15},"CNA_other",{"$nulls":34},2010,57,"Male","Never","n.a.",0,0,0,"Never",0,0,0,"Dentate","C02.1 border of tongue","Mobile tongue","Left","T4a","N2b","Stage IVA","Stage III-IV","Ipsilateral","                                                                                                                                                                                                                                                               ","1;2                                                                                                                                                                                                                                                            ","No","Radiotherapy","Radiotherapy","Palliative","IMRT","Definitive","Not applicable",null,null,"Lamina propria","Non-cohesive","Unknown","Unknown","Well differentiated","n.a. (no surgery)","T4a","cT_stage","n.a. (no neck dissection)","N2b","cN_stage","77",77,"Stage IVA","Stage III-IV","cDisease",null,null,"n.a. (no neck dissection)","n.a. (no surgery)","        ","Dead",1,1,1]
["583","Yes",0,0,"CNA_quiet_candidate","Yes",0.05,0.408,29,13,"CNA_other",{"$nulls":10},"CNA_other",0.408,0.05,13,{"$nulls":31},2013,60,"Female","Current","Cigarettes",30,45,68,"Current",1.714285714285714,43,86,"Dentate","C04.0 anterior floor of mouth","Floor of mouth","Midline","T2","N0","Stage II","Stage I-II","n.a.","                                                                                                                                                                                                                                                               ","                                                                                                                                                                                                                                                               ","No","Surgery + RT","Surgery + RT","Curative","IMRT","Postoperative",null,3.7,1.7,"Muscle","Non-cohesive","Yes","Yes","Poorly differentiated","T3","T3","pT_stage","N3b","N3b","pN_stage","Mx","Stage IVB","Stage IVB","Stage III-IV","pDisease",2,0,"Yes","Involved (<1 mm)","0,3     ","Alive",70,0,60]
["584","Yes",6,1,"CNA_quiet_candidate","Yes",0.22,0.243,27,8,"CNA_other",{"$nulls":10},"CNA_other",0.243,0.22,8,{"$nulls":31},2009,66,"Male","Former","Cigarettes",20,50,50,"Current",4,48,192,null,"C02.1 border of tongue","Mobile tongue","Right","T1","N0","Stage I","Stage I-II","n.a.","                                                                                                                                                                                                                                                               ","                                                                                                                                                                                                                                                               ","No","Surgery","Surgery","Curative","None","n.a.","Complete response",0.3,0.1,"Lamina propria","Cohesive","No","No","Moderately differentiated","T1","T1","pT_stage","n.a. (no neck dissection)","N0","cN_stage","Mx","Stage I","Stage I","Stage I-II","pDisease",null,null,"n.a. (no neck dissection)","Clear (>5 mm)","        ","Alive",66,0,60]
["585","Yes",6,0,"CNA_quiet_candidate","Yes",0.13,0.417,31,14,"CNA_other",{"$nulls":10},"CNA_other",0.417,0.13,14,{"$nulls":31},2008,69,"Female","Never","n.a.",0,0,0,"Never",0,0,0,null,"C02.1 border of tongue","Mobile tongue","Right","T1","N0","Stage I","Stage I-II","n.a.","                                                                                                                                                                                                                                                               ","                                                                                                                                                                                                                                                               ","No","Surgery","Surgery","Curative","None","n.a.","Complete response",0.8,0.4,"Muscle","Non-cohesive","No","No","Moderately differentiated","T1","T1","pT_stage","N0","N0","pN_stage",null,"Stage I","Stage I","Stage I-II","pDisease",0,null,"No","Clear (>5 mm)","        ","Alive",113,0,60,"Non-cohesive"]
["586","Yes",8,1,"CNA_quiet_candidate","Yes",0.77,0.467,47,27,"CNA_other",{"$nulls":10},"CNA_other",0.467,0.77,27,{"$nulls":31},2008,61,"Male","Former","Cigarettes",20,40,40,"Current",10,43,430,null,"C04.1 lateral floor of mouth","Floor of mouth","Right","T4a","N0","Stage IVA","Stage III-IV","n.a.","                                                                                                                                                                                                                                                               ","                                                                                                                                                                                                                                                               ","No","Surgery + RT","Surgery + RT","Curative","IMRT","Postoperative","Complete response",1.5,null,"Muscle","Non-cohesive","Yes","Yes","Moderately differentiated","T4a","T4a","pT_stage","N0","N0","pN_stage",null,"Stage IVA","Stage IVA","Stage III-IV","pDisease",0,0,"No","Involved (<1 mm)","        ","Dead",53,1,53,"Non-cohesive"]
["588","Yes",8,3,"CNA_other","No",{"$nulls":15},"CNA_other",{"$nulls":34},2008,51,"Female","Never","n.a.",0,0,0,"Never",0,0,0,null,"C02.1 border of tongue","Mobile tongue","Right","T1","N0","Stage I","Stage I-II","n.a.","                                                                                                                                                                                                                                                               ","                                                                                                                                                                                                                                                               ","No","Surgery","Surgery","Curative","None","n.a.","Complete response",2,0.3,"Muscle","Non-cohesive","Unknown","Unknown","Moderately differentiated","T1","T1","pT_stage","N0","N0","pN_stage","Mx","Stage I","Stage I","Stage I-II","pDisease",0,null,"No","Unknown (not assessable)","        ","Alive",58,0,58]
["589","Yes",1,0,"CNA_quiet_candidate","Yes",0.06,0.331,34,12,"CNA_other",{"$nulls":10},"CNA_other",0.331,0.06,12,{"$nulls":31},2013,53,"Female","Never",null,0,0,0,"Never",0,0,0,"Dentate","C02.2 ventral surface of tongue","Mobile tongue","Left","T1","N0","Stage I","Stage I-II","n.a.","                                                                                                                                                                                                                                                               ","                                                                                                                                                                                                                                                               ","No","Surgery","Surgery","Curative","None","n.a.","Complete response",1.8,0.7,"Lamina propria","Non-cohesive","Yes","No","Poorly differentiated","T2","T2","pT_stage","N0","N0","pN_stage","Mx","Stage II","Stage II","Stage I-II","pDisease",null,0,"No","Close (1-5 mm)","3       ","Alive",68,0,60,"Non-cohesive"]
["590","Yes",22,6,"CNA_other","No",{"$nulls":15},"CNA_other",{"$nulls":34},2010,50,"Female","Current","Cigarettes",65,31,101,"Current",6,33,198,"Edendate ","C06.2 retromolar area","Retromolar trigone","Right","T2","N2b","Stage IVA","Stage III-IV","Ipsilateral","1;2                                                                                                                                                                                                                                                            ","                                                                                                                                                                                                                                                               ","No","Surgery","Surgery","Palliative","None","n.a.","Partial response",1.7,null,"Muscle","Non-cohesive","No","No","Moderately differentiated","T1","T1","pT_stage","N3b","N3b","pN_stage","Mx","Stage IVB","Stage IVB","Stage III-IV","pDisease",3,null,"Yes","Involved (<1 mm)","0       ","Dead",10,1,10]
["591","Yes",7,2,"CNA_quiet_candidate","Yes",0.11,0.499,45,23,"CNA_other",{"$nulls":10},"CNA_other",0.499,0.11,23,{"$nulls":31},2009,79,"Female","Former","Cigarettes",20,5,5,"Current",0.14,61,9,"Edendate ","C02.1 border of tongue","Mobile tongue","Left","T2","N0","Stage II","Stage I-II","n.a.","                                                                                                                                                                                                                                                               ","                                                                                                                                                                                                                                                               ","No","Surgery + RT","Surgery + RT","Curative","IMRT","Postoperative","Complete response",null,null,"Muscle","Unknown","No","No","Moderately differentiated","T1","T1","pT_stage","N0","N0","pN_stage","Mx","Stage I","Stage I","Stage I-II","pDisease",null,0,"No","Involved (<1 mm)","0       ","Dead",63,0,60]
["593","Yes",14,3,"CNA_other","No",{"$nulls":15},"CNA_other",{"$nulls":34},2009,64,"Male","Current","Cigarettes",10,40,20,"Current",4,47,188,"Dentate","C02.2 ventral surface of tongue","Mobile tongue","Right","T2","N0","Stage II","Stage I-II","n.a.","                                                                                                                                                                                                                                                               ","                                                                                                                                                                                                                                                               ","No","Surgery + RT","Surgery + RT","Curative","IMRT","Postoperative","Disease progression",3.5,null,"Lamina propria","Non-cohesive","No","No","Moderately differentiated","T2","T2","pT_stage","N3b","N3b","pN_stage","Mx","Stage IVB","Stage IVB","Stage III-IV","pDisease",8,null,"Yes","Close (1-5 mm)","4       ","Dead",8,1,8]
["594","Yes",11,2,"CNA_quiet_candidate","Yes",0.21,0.206,37,13,"CNA_other","Yes",0.39,2,0.232,16,0.999,3,1,"CNA_other",null,"CNA_other",0.232,0.39,13,"Mutated","WT","WT","WT","Mutated","WT","WT","WT","WT","Mutated","WT","WT","WT","WT","WT","WT","WT","WT","WT","WT","WT","WT","WT","WT","WT","WT","WT","WT","WT","CDKN2A,NOTCH1,TP53",null,2012,81,"Male","Current","Cigarettes",13,40,26,"Current",6,63,378,null,"C04.1 lateral floor of mouth","Floor of mouth","Right","T1","N0","Stage I","Stage I-II","n.a.","                                                                                                                                                                                                                                                               ","                                                                                                                                                                                                                                                               ","No","Surgery","Surgery","Curative","None","n.a.","Complete response",1.2,0.175,null,"Non-cohesive","No","No","Poorly differentiated","T1","T1","pT_stage","n.a. (no neck dissection)","N0","cN_stage",null,"Stage I","Stage I","Stage I-II","pDisease",null,null,"n.a. (no neck dissection)","Involved (<1 mm)","0,9     ","Dead",16,1,16,"Non-cohesive"]
["595","Yes",19,3,"CNA_other","No",{"$nulls":15},"CNA_other",{"$nulls":34},2009,52,"Male","Current","Cigarettes",10,45,23,"Current",4,34,136,null,"C02.1 border of tongue","Mobile tongue","Left","T1","N0","Stage I","Stage I-II","n.a.","                                                                                                                                                                                                                                                               ","                                                                                                                                                                                                                                                               ","No","Surgery + RT","Surgery + RT","Curative","IMRT","Postoperative","Complete response",{"$nulls":3},"Non-cohesive","No","No","Moderately differentiated","T1","T1","pT_stage","N2b","N2b","pN_stage",null,"Stage IVA","Stage IVA","Stage III-IV","pDisease",null,3,"No","Clear (>5 mm)","        ","Dead",11,1,11,"Non-cohesive"]
["596","Yes",10,3,"CNA_other","No",{"$nulls":15},"CNA_other",{"$nulls":34},2012,43,"Female","Never","n.a.",0,0,0,"Never",0,0,0,null,"C02.1 border of tongue","Mobile tongue","Left","T1","N1","Stage III","Stage III-IV","Ipsilateral","                                                                                                                                                                                                                                                               ","2                                                                                                                                                                                                                                                              ","No","Surgery","Surgery","Curative","None","n.a.","Complete response",1,null,"Lamina propria","Non-cohesive","No","Yes","Poorly differentiated","T1","T1","pT_stage","N1","N1","pN_stage","Mx","Stage III","Stage III","Stage III-IV","pDisease",null,1,"No","Clear (>5 mm)","5       ","Dead",14,1,14,"Non-cohesive"]
["597","Yes",0,0,"CNA_quiet_candidate","Yes",0.75,0.064,24,2,"CNA_quiet_candidate","Yes",0.75,2.01,0.068,2,1,8,1,"CNA_quiet",null,"CNA_quiet",0.068,0.75,2,"WT","Mutated","WT","Mutated","WT","Mutated","WT","Mutated","WT","Mutated","WT","WT","Mutated","WT","WT","WT","Mutated","WT","WT","WT","WT","WT","WT","WT","WT","WT","WT","WT","WT","CASP8,PIK3CA,FBXW7,FAT1,TERT,NOTCH1,AJUBA",null,2014,61,"Female","Never","n.a.",0,0,0,"Never",0,0,0,"Dentate","C06.0 cheek mucosa","Cheek mucosa","Left","T1","N0","Stage I","Stage I-II","n.a.","                                                                                                                                                                                                                                                               ","                                                                                                                                                                                                                                                               ","No","Surgery","Surgery","Curative","None","n.a.","Complete response",2.1,0.35,"Lamina propria","Cohesive","No","No","Well differentiated","T2","T2","pT_stage","n.a. (no neck dissection)","N0","cN_stage",null,"Stage II","Stage II","Stage I-II","pDisease",null,null,"n.a. (no neck dissection)","Close (1-5 mm)","1       ","Alive",51,0,51,"Cohesive"]
["599","Yes",2,0,"CNA_quiet_candidate","Yes",0.17,0.269,39,19,"CNA_other",{"$nulls":10},"CNA_other",0.269,0.17,19,{"$nulls":31},2009,72,"Male","Current","Cigarettes",10,50,25,"Current",3,54,162,"Edendate ","C06.0 cheek mucosa","Cheek mucosa","Right","T2","N1","Stage III","Stage III-IV","Ipsilateral","2                                                                                                                                                                                                                                                              ","                                                                                                                                                                                                                                                               ","No","Surgery","Surgery","Curative","None","n.a.","Complete response",1.8,0.06,"Muscle","Cohesive","No","No","Moderately differentiated","T1","T1","pT_stage","N1","N1","pN_stage","Mx","Stage III","Stage III","Stage III-IV","pDisease",1,null,"No","Clear (>5 mm)","        ","Alive",89,0,60]
["600","Yes",4,1,"CNA_quiet_candidate","Yes",0.35,0.29,34,16,"CNA_other","Yes",0.35,2.03,0.294,16,1,4,0.999,"CNA_other",null,"CNA_other",0.294,0.35,16,"Mutated","WT","WT","WT","Mutated","WT","WT","WT","WT","WT","WT","WT","WT","WT","Mutated","Mutated","WT","WT","WT","WT","WT","WT","WT","WT","WT","WT","WT","WT","WT","CDKN2A,KMT2D,TP53,ASXL1",null,2012,61,"Male","Current","Cigarettes",30,40,60,"Former",8,43,344,"Dentate","C04.0 anterior floor of mouth","Floor of mouth","Midline","T2","N0","Stage II","Stage I-II","n.a.","                                                                                                                                                                                                                                                               ","                                                                                                                                                                                                                                                               ","No","Surgery + RT","Surgery + RT","Curative","IMRT","Postoperative","Complete response",3.5,2.1,"Lamina propria","Non-cohesive","No","Yes","Moderately differentiated","T3","T3","pT_stage","N3b","N3b","pN_stage","Mx","Stage IVB","Stage IVB","Stage III-IV","pDisease",1,1,"Yes","Clear (>5 mm)","5       ","Dead",27,1,27]
["601","Yes",3,0,"CNA_quiet_candidate","Yes",0.05,0.448,37,15,"CNA_other",{"$nulls":10},"CNA_other",0.448,0.05,15,{"$nulls":31},2009,83,"Female","Former","Cigarettes",20,31,31,"Current",1,65,65,"Edendate ","C02.1 border of tongue","Mobile tongue","Left","T2","N0","Stage II","Stage I-II","n.a.","                                                                                                                                                                                                                                                               ","                                                                                                                                                                                                                                                               ","No","Surgery + RT","Surgery + RT","Curative","IMRT","Postoperative","Complete response",1.3,null,"Muscle","Non-cohesive","No","No","Poorly differentiated","T1","T1","pT_stage","N0","N0","pN_stage","Mx","Stage I","Stage I","Stage I-II","pDisease",null,0,"No","Involved (<1 mm)","0,9     ","Dead",24,1,24,"Non-cohesive"]
["602","Yes",15,3,"CNA_other","No",{"$nulls":15},"CNA_other",{"$nulls":34},2009,53,"Male","Current","Cigarettes",9,36,16,"Current",1,36,36,null,"C02.1 border of tongue","Mobile tongue","Right","T3","N0","Stage III","Stage III-IV","n.a.","                                                                                                                                                                                                                                                               ","                                                                                                                                                                                                                                                               ","No","Surgery + RT","Surgery + RT","Curative","IMRT","Postoperative","Complete response",4,2.1,"Lamina propria","Non-cohesive","No","Yes","Moderately differentiated","T3","T3","pT_stage","N3b","N3b","pN_stage","Mx","Stage IVB","Stage IVB","Stage III-IV","pDisease",2,null,"Yes","Clear (>5 mm)","        ","Dead",7,1,7,"Non-cohesive"]
["603","Yes",2,1,"CNA_quiet_candidate","Yes",0.45,0.162,29,8,"CNA_other",{"$nulls":10},"CNA_other",0.162,0.45,8,{"$nulls":31},2008,65,"Female","Current","Cigarettes",20,50,50,"Former",10,45,450,null,"C02.2 ventral surface of tongue","Mobile tongue","Right","T2","N1","Stage III","Stage III-IV","Ipsilateral","3                                                                                                                                                                                                                                                              ","                                                                                                                                                                                                                                                               ","No","Surgery + RT","Surgery + RT","Curative","IMRT","Postoperative","Complete response",1.5,null,"Muscle","Unknown","No","No","Well differentiated","T1","T1","pT_stage","N2b","N2b","pN_stage","Mx","Stage IVA","Stage IVA","Stage III-IV","pDisease",2,null,"No","Clear (>5 mm)","        ","Dead",101,0,60]
["604","Yes",22,4,"CNA_other","No",{"$nulls":15},"CNA_other",{"$nulls":34},2012,83,"Male","Former","Cigarettes",20,30,30,"Never",0,0,0,null,"C02.1 border of tongue","Mobile tongue","Left","T1","N0","Stage I","Stage I-II","n.a.","                                                                                                                                                                                                                                                               ","                                                                                                                                                                                                                                                               ","No","Surgery","Surgery","Curative","None","n.a.","Complete response",null,null,"Lamina propria","Unknown","No","No","Well differentiated","T1","T1","pT_stage","n.a. (no neck dissection)","N0","cN_stage","Mx","Stage I","Stage I","Stage I-II","pDisease",null,null,"n.a. (no neck dissection)","Clear (>5 mm)","        ","Dead",12,1,12]
["606","Yes",8,1,"CNA_quiet_candidate","Yes",0.18,0.609,34,20,"CNA_other",{"$nulls":10},"CNA_other",0.609,0.18,20,{"$nulls":31},2010,54,"Male","Current","Cigarettes",65,37,120,"Current",20,37,740,null,"C02.1 border of tongue","Mobile tongue","Right","T2","N0","Stage II","Stage I-II","n.a.","                                                                                                                                                                                                                                                               ","                                                                                                                                                                                                                                                               ","No","Surgery","Surgery","Curative","None","n.a.","Complete response",2.2,1,"Lamina propria","Non-cohesive","No","No","Unknown","T2","T2","pT_stage","N0","N0","pN_stage","Mx","Stage II","Stage II","Stage I-II","pDisease",0,null,"No","Clear (>5 mm)","5       ","Dead",31,1,31]
["607","Yes",8,1,"CNA_quiet_candidate","Yes",0.11,0.645,26,14,"CNA_other",{"$nulls":10},"CNA_other",0.645,0.11,14,{"$nulls":31},2010,76,"Female","Never","n.a.",0,0,0,"Current",1,59,59,"Dentate","C03.1 lower gum","Vestibule of the mouth ","Right","T4a","N0","Stage IVA","Stage III-IV","n.a.","                                                                                                                                                                                                                                                               ","                                                                                                                                                                                                                                                               ","No","Surgery + RT","Surgery + RT","Curative","IMRT","Postoperative","Complete response",2.3,null,"Bone","Non-cohesive","No","Yes","Moderately differentiated","T4a","T4a","pT_stage","N0","N0","pN_stage","Mx","Stage IVA","Stage IVA","Stage III-IV","pDisease",0,0,"No","Involved (<1 mm)","0       ","Alive",95,0,60,"Non-cohesive"]
["608","Yes",0,0,"CNA_quiet_candidate","Yes",1,0,25,0,"CNA_quiet_candidate","Yes",0.069,2,0,0,0.922,1,0,"Exclude","Power_too_low_muts","Exclude",0,0.069,0,{"$nulls":31},2010,67,"Female","Current","Cigarettes",10,null,30,"Current",1,50,50,"Edendate ","C06.2 retromolar area","Retromolar trigone","Left","T4a","N0","Stage IVA","Stage III-IV","n.a.","                                                                                                                                                                                                                                                               ","                                                                                                                                                                                                                                                               ","No","Surgery + RT","Surgery + RT","Curative","IMRT","Postoperative","Complete response",4,null,"Bone","Non-cohesive","No","No","Moderately differentiated","T4a","T4a","pT_stage","N0","N0","pN_stage","Mx","Stage IVA","Stage IVA","Stage III-IV","pDisease",null,0,"No","Involved (<1 mm)","0       ","Alive",96,0,60,"Non-cohesive"]
["609","Yes",17,6,"CNA_other","No",{"$nulls":15},"CNA_other",{"$nulls":34},2011,70,"Female","Never","n.a.",0,0,0,"Never",0,0,0,"Dentate","C02.1 border of tongue","Mobile tongue","Left","T1","N0","Stage I","Stage I-II","n.a.","                                                                                                                                                                                                                                                               ","                                                                                                                                                                                                                                                               ","No","Surgery","Surgery","Curative","None","n.a.","Complete response",0.6,0.5,"Lamina propria","Cohesive","No","Yes","Moderately differentiated","T1","T1","pT_stage","N0","N0","pN_stage","Mx","Stage I","Stage I","Stage I-II","pDisease",null,0,"No","Clear (>5 mm)","        ","Alive",89,0,60,"Cohesive"]
["611","Yes",18,4,"CNA_other","No",{"$nulls":15},"CNA_other",{"$nulls":34},2014,81,"Female","Never","n.a.",0,0,0,"Never",0,0,0,"Edendate ","C06.0 cheek mucosa","Cheek mucosa","Right","T4a","N0","Stage IVA","Stage III-IV","n.a.","                                                                                                                                                                                                                                                               ","                                                                                                                                                                                                                                                               ","No","Surgery","Surgery","Curative","None","n.a.","Complete response",5,1.5,"Lamina propria","Unknown","No","No","Well differentiated","T3","T3","pT_stage","N0","N0","pN_stage",null,"Stage III","Stage III","Stage III-IV","pDisease",0,null,"No","Close (1-5 mm)","2       ","Alive",46,0,46]
["612","Yes",0,0,"CNA_quiet_candidate","Yes",0.25,0.356,44,18,"CNA_other","Yes",0.25,2.02,0.378,18,null,6,1,"CNA_other",null,"CNA_other",0.378,0.25,18,"Mutated","WT","WT","WT","WT","Mutated","WT","WT","WT","WT","WT","WT","Mutated","Mutated","WT","WT","WT","WT","WT","WT","WT","WT","WT","WT","WT","Mutated","WT","WT","WT","EPHA2,FAT1,TERT,NSD1,TP53",null,2009,65,"Male","Current","Cigarettes",12,51,40,"Current",2,48,96,"Edendate ","C04.0 anterior floor of mouth","Floor of mouth","Right","T4a","N0","Stage IVA","Stage III-IV","n.a.","                                                                                                                                                                                                                                                               ","                                                                                                                                                                                                                                                               ","No","Surgery + RT","Surgery + RT","Curative","IMRT","Postoperative","Complete response",4.5,null,"Lamina propria","Cohesive","No","No","Moderately differentiated","T3","T3","pT_stage","N0","N0","pN_stage","Mx","Stage III","Stage III","Stage III-IV","pDisease",0,0,"No","Involved (<1 mm)","0       ","Dead",16,1,16]
["613","Yes",9,2,"CNA_quiet_candidate","Yes",0.61,0.048,22,1,"CNA_quiet_candidate","Yes",0.61,2.01,0.048,1,1,3,0.999,"CNA_quiet",null,"CNA_quiet",0.048,0.61,1,"WT","WT","WT","Mutated","Mutated","Mutated","WT","WT","WT","WT","WT","WT","WT","WT","WT","WT","WT","WT","WT","WT","WT","WT","WT","WT","WT","WT","WT","WT","WT","PIK3CA,TERT,CDKN2A",null,2011,77,"Female","Never","n.a.",0,0,0,"Never",0,0,0,"Edendate ","C03.1 lower gum","Vestibule of the mouth ","Left","T4a","N2b","Stage IVA","Stage III-IV","Ipsilateral","                                                                                                                                                                                                                                                               ","1;2                                                                                                                                                                                                                                                            ","No","Surgery + RT","Surgery + RT","Curative","IMRT","Postoperative","Complete response",4.5,1.2,"Lamina propria","Cohesive","No","No","Well differentiated","T3","T3","pT_stage","N2a","N2a","pN_stage","Mx","Stage IVA","Stage IVA","Stage III-IV","pDisease",0,1,"Yes","Close (1-5 mm)","3       ","Alive",77,0,60,"Cohesive"]
["614","Yes",10,2,"CNA_quiet_candidate","Yes",0.38,0.592,55,38,"CNA_other","Yes",0.5,3,0.599,38,1,3,1,"CNA_other",null,"CNA_other",0.599,0.5,38,"Mutated","WT","WT","WT","WT","Mutated","WT","WT","WT","WT","WT","WT","WT","WT","WT","WT","WT","WT","WT","WT","WT","WT","WT","WT","Mutated","WT","WT","WT","WT","NFE2L2,TERT,TP53",null,2011,49,"Male","Current","Cigarettes",20,30,30,"Current",2,32,64,"Dentate","C04.0 anterior floor of mouth","Floor of mouth","Midline","T2","N0","Stage II","Stage I-II","n.a.","                                                                                                                                                                                                                                                               ","                                                                                                                                                                                                                                                               ","No","Surgery","Surgery","Curative","None","n.a.","Complete response",2.4,null,"Lamina propria","Cohesive","No","No","Moderately differentiated","T2","T2","pT_stage","N0","N0","pN_stage","Mx","Stage II","Stage II","Stage I-II","pDisease",0,0,"No","Clear (>5 mm)","5       ","Alive",93,0,60,"Cohesive"]
["615","Yes",8,1,"CNA_quiet_candidate","Yes",0.08,0.355,37,16,"CNA_other",{"$nulls":10},"CNA_other",0.355,0.08,16,{"$nulls":31},2010,81,"Male","Current","Cigarettes",5,63,63,"Current",2,63,126,"Edendate ","C04.0 anterior floor of mouth","Floor of mouth","Left","T1","N0","Stage I","Stage I-II","n.a.","                                                                                                                                                                                                                                                               ","                                                                                                                                                                                                                                                               ","No","Surgery + RT","Surgery + RT","Curative","IMRT","Postoperative",null,1.5,null,"Lamina propria","Non-cohesive","Yes","Yes","Poorly differentiated","T1","T1","pT_stage","N2b","N2b","pN_stage","Mx","Stage IVA","Stage IVA","Stage III-IV","pDisease",null,2,"No","Involved (<1 mm)","0       ","Dead",51,1,51,"Non-cohesive"]
["616","Yes",0,0,"CNA_quiet_candidate","Yes",0.46,0.048,24,1,"CNA_quiet_candidate","Yes",0.46,2.01,0.048,1,1,4,0.999,"CNA_quiet",null,"CNA_quiet",0.048,0.46,1,"WT","WT","WT","WT","WT","Mutated","WT","WT","WT","WT","WT","Mutated","Mutated","WT","WT","WT","WT","Mutated","WT","WT","WT","WT","WT","WT","WT","WT","WT","WT","WT","NOTCH2,FAT1,TERT,PTEN",null,2013,79,"Female","Former","Cigarettes",20,40,40,"Current",1,61,61,null,"C02.1 border of tongue","Mobile tongue","Right","T1","N0","Stage I","Stage I-II","n.a.","                                                                                                                                                                                                                                                               ","                                                                                                                                                                                                                                                               ","No","Surgery","Surgery","Curative","None","n.a.","Complete response",1.4,0.8,"Lamina propria","Cohesive","No","No","Well differentiated","T2","T2","pT_stage","N0","N0","pN_stage",null,"Stage II","Stage II","Stage I-II","pDisease",0,null,"No","Close (1-5 mm)","4       ","Alive",57,0,57,"Cohesive"]
["617","Yes",6,2,"CNA_quiet_candidate","Yes",0.2,0.813,48,36,"CNA_other",{"$nulls":10},"CNA_other",0.813,0.2,36,{"$nulls":31},2011,70,"Male","Former","Cigarettes",20,50,50,"Current",7,53,371,"Edendate ","C03.1 lower gum","Vestibule of the mouth ","Left","T1","N0","Stage I","Stage I-II","n.a.","                                                                                                                                                                                                                                                               ","                                                                                                                                                                                                                                                               ","No","Surgery","Surgery","Curative","None","n.a.","Complete response",null,null,"Lamina propria","Unknown","No","No","Unknown","T1","T1","pT_stage","n.a. (no neck dissection)","N0","cN_stage","Mx","Stage I","Stage I","Stage I-II","pDisease",null,null,"n.a. (no neck dissection)","Clear (>5 mm)","        ","Alive",10,0,10]
["618","Yes",7,2,"CNA_quiet_candidate","Yes",0.25,0.534,42,28,"CNA_other","Yes",0.52,1.9,0.557,28,1,4,1,"CNA_other",null,"CNA_other",0.557,0.52,28,"Mutated","WT","WT","WT","Mutated","Mutated","WT","WT","WT","WT","WT","WT","WT","Mutated","WT","WT","WT","WT","WT","WT","WT","WT","WT","WT","WT","WT","WT","WT","WT","EPHA2,TERT,CDKN2A,TP53",null,2011,69,"Female","Former","Cigarettes",15,40,30,"Never",0,0,0,"Edendate ","C02.1 border of tongue","Mobile tongue","Right","T4a","N0","Stage IVA","Stage III-IV","n.a.","                                                                                                                                                                                                                                                               ","                                                                                                                                                                                                                                                               ","No","Surgery + RT","Surgery + RT","Curative","IMRT","Postoperative","Complete response",4.1,null,"Muscle","Non-cohesive","No","Yes","Moderately differentiated","T4a","T4a","pT_stage","N2b","N2b","pN_stage","Mx","Stage IVA","Stage IVA","Stage III-IV","pDisease",3,null,"No","Close (1-5 mm)","1       ","Alive",88,0,60,"Non-cohesive"]
["619","Yes",20,5,"CNA_other","No",{"$nulls":15},"CNA_other",{"$nulls":34},2009,68,"Male","Current","Cigarettes",20,56,56,"Current",2.857142857142857,51,153,"Edendate ","C04.0 anterior floor of mouth","Floor of mouth","Right","T1","N0","Stage I","Stage I-II","n.a.","                                                                                                                                                                                                                                                               ","                                                                                                                                                                                                                                                               ","No","Radiotherapy","Radiotherapy","Curative","IMRT","Definitive","Complete response",null,null,"Lamina propria","Unknown","No","No","Unknown","T1","T1","pT_stage","n.a. (no neck dissection)","N0","cN_stage","Mx","Stage I","Stage I","Stage I-II","pDisease",null,null,"n.a. (no neck dissection)","Unknown (not assessable)","        ","Alive",5,0,5]
["620","Yes",10,1,"CNA_quiet_candidate","Yes",0.26,0.509,55,28,"CNA_other","Yes",0.3,3.05,0.505,28,0.997,3,0.991,"CNA_other",null,"CNA_other",0.505,0.3,28,"Mutated","WT","WT","WT","WT","Mutated","WT","Mutated","WT","WT","WT","WT","WT","WT","WT","WT","WT","WT","WT","WT","WT","WT","WT","WT","WT","WT","WT","WT","WT","FBXW7,TERT,TP53",null,2014,56,"Female","Never","n.a.",0,0,0,"Never",0,0,0,"Dentate","C02.1 border of tongue","Mobile tongue","Right","T2","N0","Stage II","Stage I-II","n.a.","                                                                                                                                                                                                                                                               ","                                                                                                                                                                                                                                                               ","No","Surgery","Surgery","Curative","None","n.a.","Complete response",2.3,0.45,"Lamina propria","Non-cohesive","No","No","Poorly differentiated","T2","T2","pT_stage","n.a. (no neck dissection)","N0","cN_stage",null,"Stage II","Stage II","Stage I-II","pDisease",null,null,"n.a. (no neck dissection)","Clear (>5 mm)","5,2     ","Alive",47,0,47,"Non-cohesive"]
["621","Yes",7,2,"CNA_quiet_candidate","Yes",0.33,0.615,52,34,"CNA_other",{"$nulls":10},"CNA_other",0.615,0.33,34,{"$nulls":31},2012,68,"Female","Never","n.a.",0,0,0,"Current",2,51,102,"Dentate","C02.1 border of tongue","Mobile tongue","Right","T2","N0","Stage II","Stage I-II","n.a.","                                                                                                                                                                                                                                                               ","                                                                                                                                                                                                                                                               ","No","Surgery","Surgery","Curative","None","n.a.","Complete response",1.8,0.9,"Lamina propria","Non-cohesive","No","No","Well differentiated","T2","T2","pT_stage","N0","N0","pN_stage","Mx","Stage II","Stage II","Stage I-II","pDisease",0,null,"No","Close (1-5 mm)","4       ","Alive",66,0,60,"Non-cohesive"]
["622","Yes",3,1,"CNA_quiet_candidate","Yes",0.09,0.594,37,22,"CNA_other",{"$nulls":10},"CNA_other",0.594,0.09,22,{"$nulls":31},2009,71,"Male","Never","n.a.",0,0,0,"Never",0,0,0,"Dentate","C02.1 border of tongue","Mobile tongue","Left","T1","N0","Stage I","Stage I-II","n.a.","                                                                                                                                                                                                                                                               ","                                                                                                                                                                                                                                                               ","No","Surgery","Surgery","Curative","None","n.a.","Complete response",1,0.2,"Lamina propria","Cohesive","No","No","Well differentiated","T1","T1","pT_stage","n.a. (no neck dissection)","N0","cN_stage","Mx","Stage I","Stage I","Stage I-II","pDisease",null,null,"n.a. (no neck dissection)","Clear (>5 mm)","        ","Dead",96,0,60]
["623","Yes",25,7,"CNA_other","No",{"$nulls":15},"CNA_other",{"$nulls":34},2013,41,"Male","Never","n.a.",0,0,0,"Current",0.29,24,7,"Dentate","C02.1 border of tongue","Mobile tongue","Right","T1","N0","Stage I","Stage I-II","n.a.","                                                                                                                                                                                                                                                               ","                                                                                                                                                                                                                                                               ","No","Surgery","Surgery","Curative","None","n.a.","Complete response",1.8,0.9,"Lamina propria","Non-cohesive","No","No","Poorly differentiated","T2","T2","pT_stage","N0","N0","pN_stage","Mx","Stage II","Stage II","Stage I-II","pDisease",0,null,"No","Close (1-5 mm)","3       ","Alive",64,0,60,"Non-cohesive"]
["624","Yes",3,1,"CNA_quiet_candidate","Yes",0.15,0.562,46,28,"CNA_other",{"$nulls":10},"CNA_other",0.562,0.15,28,{"$nulls":31},2013,64,"Female","Current","Cigarettes",25,50,63,"Former",{"$nulls":3},"Edendate ","C02.1 border of tongue","Mobile tongue","Left","T4a","N1","Stage IVA","Stage III-IV","Ipsilateral","                                                                                                                                                                                                                                                               ","2                                                                                                                                                                                                                                                              ","No","None","None","Palliative","None","n.a.","Not applicable",null,null,"Lamina propria","Cohesive","No","Yes","Moderately differentiated","n.a. (no surgery)","T4a","cT_stage","n.a. (no neck dissection)","N1","cN_stage","77",77,"Stage IVA","Stage III-IV","cDisease",null,null,"n.a. (no neck dissection)","n.a. (no surgery)","        ","Dead",8,1,8]
["625","Yes",1,0,"CNA_quiet_candidate","Yes",0.2,0.402,57,30,"CNA_other","Yes",0.2,2,0.425,27,0.997,5,0.998,"CNA_other",null,"CNA_other",0.425,0.2,30,"Mutated","WT","WT","WT","WT","WT","WT","WT","WT","WT","WT","WT","Mutated","WT","Mutated","WT","WT","WT","WT","WT","WT","WT","WT","WT","Mutated","WT","WT","WT","Mutated","NFE2L2,TP63,FAT1,KMT2D,TP53",null,2008,78,"Female","Current","Cigarettes",20,60,60,"Never",0,0,0,"Edendate ","C02.1 border of tongue","Mobile tongue","Left","T3","N1","Stage III","Stage III-IV","Ipsilateral","                                                                                                                                                                                                                                                               ","3                                                                                                                                                                                                                                                              ","No","Bioradiation","Other","Curative","IMRT","Definitive","Complete response",null,null,"Lamina propria","Cohesive","No","No","Poorly differentiated","n.a. (no surgery)","T3","cT_stage","n.a. (no neck dissection)","N1","cN_stage","77",77,"Stage III","Stage III-IV","cDisease",null,null,"n.a. (no neck dissection)","n.a. (no surgery)","        ","Dead",21,1,21]
["626","Yes",22,5,"Unclear","Yes",0.12,0.443,35,16,"CNA_other",{"$nulls":10},"CNA_other",0.443,0.12,16,{"$nulls":31},2008,65,"Male","Former","Cigarettes",20,50,50,"Current",6,47,282,"Edendate ","C02.1 border of tongue","Mobile tongue","Right","T2","N0","Stage II","Stage I-II","n.a.","                                                                                                                                                                                                                                                               ","                                                                                                                                                                                                                                                               ","No","Surgery","Surgery","Curative","None","n.a.","Complete response",2.4,0.9,"Muscle","Non-cohesive","No","No","Well differentiated","T2","T2","pT_stage","N1","N1","pN_stage","Mx","Stage III","Stage III","Stage III-IV","pDisease",1,null,"No","Clear (>5 mm)","8       ","Alive",70,0,60]
["627","Yes",16,3,"Unclear","Yes",0.2,0.222,35,11,"CNA_other",{"$nulls":10},"CNA_other",0.222,0.2,11,{"$nulls":31},2014,52,"Male","Current","Cigars/pipe",8,15,18,"Never",0,0,0,"Dentate","C02.1 border of tongue","Mobile tongue","Left","T1","N0","Stage I","Stage I-II","n.a.","                                                                                                                                                                                                                                                               ","                                                                                                                                                                                                                                                               ","No","Surgery","Surgery","Curative","None","n.a.","Complete response",null,null,"Lamina propria","Unknown","No","No","Well differentiated","T1","T1","pT_stage","n.a. (no neck dissection)","N0","cN_stage",null,"Stage I","Stage I","Stage I-II","pDisease",null,null,"n.a. (no neck dissection)","Clear (>5 mm)","        ","Alive",46,0,46]
["633","Yes",0,0,"CNA_quiet_candidate","Yes",0.05,0.117,31,5,"Exclude",{"$nulls":10},"Exclude",0.117,0.05,5,{"$nulls":31},2008,60,"Male","Current","Cigarettes",20,45,45,"Current",4,43,172,"Edendate ","C04.0 anterior floor of mouth","Floor of mouth","Midline","T4a","N2c","Stage IVA","Stage III-IV","Bilateral","1;2                                                                                                                                                                                                                                                            ","1;2                                                                                                                                                                                                                                                            ","No","Surgery + RT","Surgery + RT","Curative","IMRT","Postoperative","Complete response",2.5,1.5,"Bone","Cohesive","Unknown","Unknown","Moderately differentiated","T4a","T4a","pT_stage","N1","N1","pN_stage","Mx","Stage IVA","Stage IVA","Stage III-IV","pDisease",0,1,"No","Close (1-5 mm)","1,9     ","Dead",72,0,60]
["634","Yes",0,0,"CNA_quiet_candidate","Yes",0.05,0.02,29,2,"Exclude",{"$nulls":10},"Exclude",0.02,0.05,2,{"$nulls":31},2008,88,"Male","Current","Cigarettes",20,60,60,"Former",{"$nulls":3},"Edendate ","C02.1 border of tongue","Mobile tongue","Right","T2","N2b","Stage IVC",null,"Ipsilateral","1;2                                                                                                                                                                                                                                                            ","                                                                                                                                                                                                                                                               ","No","Radiotherapy","Radiotherapy","Palliative","IMRT","Definitive","Not applicable",null,null,"Unknown","Cohesive","Unknown","Unknown","Poorly differentiated","n.a. (no surgery)","T2","cT_stage","n.a. (no neck dissection)","N2b","cN_stage","77",77,"Stage IVC","Stage III-IV","cDisease",null,null,"n.a. (no neck dissection)","n.a. (no surgery)","        ","Dead",3,1,3]
["635","Yes",19,3,"CNA_other","No",{"$nulls":15},"CNA_other",{"$nulls":34},2008,88,"Female","Never","n.a.",0,0,0,"Current",1,71,71,"Dentate","C03.0 upper gum","Vestibule of the mouth ","Left","T4a","N1","Stage IVA","Stage III-IV","Ipsilateral","                                                                                                                                                                                                                                                               ","2                                                                                                                                                                                                                                                              ","No","None","None","Palliative","None","n.a.","Not applicable",null,null,"Unknown","Non-cohesive","Unknown","Unknown","Moderately differentiated","n.a. (no surgery)","T4a","cT_stage","n.a. (no neck dissection)","N1","cN_stage","77",77,"Stage IVA","Stage III-IV","cDisease",null,null,"n.a. (no neck dissection)","n.a. (no surgery)","        ","Dead",5,1,5]
["636","Yes",15,4,"CNA_other","No",{"$nulls":15},"CNA_other",{"$nulls":34},2008,49,"Male","Current","Cigarettes",30,30,45,"Current",6,31,186,"Dentate","C04.0 anterior floor of mouth","Floor of mouth","Left","T4a","N2c","Stage IVA","Stage III-IV","Bilateral","1                                                                                                                                                                                                                                                              ","1                                                                                                                                                                                                                                                              ","No","None","None","Palliative","None","n.a.","Not applicable",null,null,"Unknown","Cohesive","Unknown","Unknown","Unknown","n.a. (no surgery)","T4a","cT_stage","n.a. (no neck dissection)","N2c","cN_stage","77",77,"Stage IVA","Stage III-IV","cDisease",null,null,"n.a. (no neck dissection)","n.a. (no surgery)","        ","Dead",4,1,4]
["637","Yes",9,1,"CNA_quiet_candidate","Yes",0.33,0.4,52,27,"CNA_other","Yes",0.33,1.99,0.401,27,1,2,0.999,"CNA_other",null,"CNA_other",0.401,0.33,27,"Mutated","WT","WT","WT","WT","WT","WT","WT","WT","WT","WT","WT","WT","WT","WT","WT","WT","WT","WT","WT","Mutated","WT","WT","WT","WT","WT","WT","WT","WT","FGFR3,TP53",null,2009,55,"Male","Current","Cigarettes",15,39,30,"Former",6,36,216,"Dentate","C04.0 anterior floor of mouth","Floor of mouth","Right","T2","N0","Stage II","Stage I-II","n.a.","                                                                                                                                                                                                                                                               ","                                                                                                                                                                                                                                                               ","No","Surgery","Surgery","Curative","None","n.a.","Complete response",1.5,0.5,"Lamina propria","Non-cohesive","No","No","Moderately differentiated","T2","T2","pT_stage","N1","N1","pN_stage","Mx","Stage III","Stage III","Stage III-IV","pDisease",1,null,"No","Clear (>5 mm)","        ","Alive",115,0,60]
["638","Yes",4,1,"CNA_quiet_candidate","Yes",0.25,0.516,33,13,"CNA_other",{"$nulls":10},"CNA_other",0.516,0.25,13,{"$nulls":31},2009,86,"Female","Current","Cigarettes",40,70,140,"Never",0,0,0,"Edendate ","C03.1 lower gum","Vestibule of the mouth ","Left","T4a","N0","Stage IVA","Stage III-IV","n.a.","                                                                                                                                                                                                                                                               ","                                                                                                                                                                                                                                                               ","No","Surgery + RT","Surgery + RT","Curative","IMRT","Postoperative","Complete response",2,null,"Bone","Cohesive","No","No","Moderately differentiated","T4a","T4a","pT_stage","N0","N0","pN_stage","Mx","Stage IVA","Stage IVA","Stage III-IV","pDisease",null,0,"No","Close (1-5 mm)","3       ","Alive",60,0,60]
["639","Yes",7,1,"CNA_quiet_candidate","Yes",0.05,0.383,34,12,"CNA_other",{"$nulls":10},"CNA_other",0.383,0.05,12,{"$nulls":31},2009,68,"Female","Current","Cigarettes",10,50,25,"Never",0,0,0,"Edendate ","C02.1 border of tongue","Mobile tongue","Left","T1","N0","Stage I","Stage I-II","n.a.","                                                                                                                                                                                                                                                               ","                                                                                                                                                                                                                                                               ","No","Surgery","Surgery","Curative","None","n.a.","Complete response",2,0.8,"Muscle","Cohesive","No","No","Moderately differentiated","T2","T2","pT_stage","n.a. (no neck dissection)","N0","cN_stage","Mx","Stage II","Stage II","Stage I-II","pDisease",null,null,"n.a. (no neck dissection)","Involved (<1 mm)","0       ","Dead",12,1,12]
["640","Yes",0,0,"CNA_quiet_candidate","Yes",0.11,0.077,24,2,"CNA_quiet_candidate","Yes",0.28,2.01,0.079,2,1,6,0.999,"CNA_quiet",null,"CNA_quiet",0.079,0.28,2,"WT","WT","WT","WT","WT","Mutated","WT","Mutated","WT","WT","WT","WT","Mutated","Mutated","WT","WT","WT","WT","WT","WT","WT","WT","WT","WT","WT","WT","WT","WT","WT","EPHA2,FBXW7,FAT1,TERT",null,2009,71,"Male","Never","n.a.",0,0,0,"Current",1,53,53,null,"C03.0 upper gum","Vestibule of the mouth ","Left","T4a","N0","Stage IVA","Stage III-IV","n.a.","                                                                                                                                                                                                                                                               ","                                                                                                                                                                                                                                                               ","No","Surgery + RT","Surgery + RT","Curative","IMRT","Postoperative","Complete response",1,0.9,"Bone","Cohesive","No","No","Well differentiated","T4a","T4a","pT_stage","n.a. (no neck dissection)","N0","cN_stage","Mx","Stage IVA","Stage IVA","Stage III-IV","pDisease",null,null,"n.a. (no neck dissection)","Clear (>5 mm)","5       ","Alive",112,0,60,"Cohesive"]
["641","Yes",0,0,"CNA_quiet_candidate","Yes",0.17,0.262,29,9,"CNA_other",{"$nulls":10},"CNA_other",0.262,0.17,9,{"$nulls":31},2010,70,"Male","Current","Cigarettes",1,53,40,"Former",{"$nulls":3},"Dentate","C03.1 lower gum","Vestibule of the mouth ","Midline","T4a","N0","Stage IVA","Stage III-IV","n.a.","                                                                                                                                                                                                                                                               ","                                                                                                                                                                                                                                                               ","No","Surgery + RT","Surgery + RT","Curative","IMRT","Postoperative","Complete response",3,null,"Bone","Non-cohesive","Unknown","Unknown","Moderately differentiated","T4a","T4a","pT_stage","N0","N0","pN_stage","Mx","Stage IVA","Stage IVA","Stage III-IV","pDisease",0,0,"No","Close (1-5 mm)","3       ","Dead",43,1,43]
["642","Yes",10,2,"CNA_quiet_candidate","Yes",0.07,0.481,32,17,"CNA_other",{"$nulls":10},"CNA_other",0.481,0.07,17,{"$nulls":31},2010,80,"Female","Never","n.a.",0,0,0,"Never",0,0,0,"Edendate ","C06.0 cheek mucosa","Cheek mucosa","Right","T2","N0","Stage II","Stage I-II","n.a.","                                                                                                                                                                                                                                                               ","                                                                                                                                                                                                                                                               ","No","Radiotherapy","Radiotherapy","Curative","Brachytherapy","Definitive","Complete response",null,null,"Unknown","Unknown","Unknown","Unknown","Unknown","n.a. (no surgery)","T2","cT_stage","n.a. (no neck dissection)","N0","cN_stage","77",77,"Stage II","Stage I-II","cDisease",null,null,"n.a. (no neck dissection)","n.a. (no surgery)","        ","Dead",22,1,22]
["643","Yes",14,3,"CNA_other","No",{"$nulls":15},"CNA_other",{"$nulls":34},2010,80,"Male","Current","Cigarettes",20,65,65,"Former",{"$nulls":3},"Edendate ","C02.1 border of tongue","Mobile tongue","Left","T4a","N1","Stage IVA","Stage III-IV","Ipsilateral","                                                                                                                                                                                                                                                               ","2                                                                                                                                                                                                                                                              ","No","Radiotherapy","Radiotherapy","Palliative","IMRT","Definitive",{"$nulls":3},"Unknown","Unknown","Unknown","Unknown","Moderately differentiated","n.a. (no surgery)","T4a","cT_stage","n.a. (no neck dissection)","N1","cN_stage","77",77,"Stage IVA","Stage III-IV","cDisease",null,null,"n.a. (no neck dissection)","n.a. (no surgery)","        ","Dead",3,1,3]
["644","Yes",18,3,"CNA_other","No",{"$nulls":15},"CNA_other",{"$nulls":34},2010,33,"Male","Current","Cigarettes",20,16,16,"Current",1.714285714285714,16,32,"Dentate","C06.0 cheek mucosa","Cheek mucosa","Left","T1","N0","Stage I","Stage I-II","n.a.","                                                                                                                                                                                                                                                               ","                                                                                                                                                                                                                                                               ","No","Surgery","Surgery","Curative","None","n.a.","Complete response",0.6,null,"Lamina propria","Cohesive","No","No","Well differentiated","T1","T1","pT_stage","n.a. (no neck dissection)","N0","cN_stage","Mx","Stage I","Stage I","Stage I-II","pDisease",null,null,"n.a. (no neck dissection)","Clear (>5 mm)","        ","Alive",103,0,60]
["645","Yes",8,1,"CNA_quiet_candidate","Yes",0.27,0.458,50,31,"CNA_other",{"$nulls":10},"CNA_other",0.458,0.27,31,{"$nulls":31},2010,77,"Male","Current","Cigarettes",30,60,90,"Current",2,59,118,"Edendate ","C04.0 anterior floor of mouth","Floor of mouth","Left","T4a","N2b","Stage IVA","Stage III-IV","Ipsilateral","                                                                                                                                                                                                                                                               ","2;4                                                                                                                                                                                                                                                            ","No","None","None","Palliative","None","n.a.","Not applicable",null,null,"Unknown","Unknown","Unknown","Unknown","Moderately differentiated","n.a. (no surgery)","T4a","cT_stage","n.a. (no neck dissection)","N2b","cN_stage","77",77,"Stage IVA","Stage III-IV","cDisease",null,null,"n.a. (no neck dissection)","n.a. (no surgery)","        ","Dead",1,1,1]
["646","Yes",0,0,"CNA_quiet_candidate","Yes",1,0,22,0,"CNA_quiet_candidate","Yes",0.18,2,0,0,1,1,0.999,"CNA_quiet",null,"CNA_quiet",0,0.18,0,"WT","WT","WT","WT","WT","WT","Mutated","WT","WT","WT","WT","WT","WT","WT","WT","WT","WT","WT","WT","WT","WT","WT","WT","WT","WT","WT","WT","WT","WT","RAC1",null,2010,65,"Male","Current","Cigarettes",15,44,33,"Former",2,28,56,"Dentate","C02.1 border of tongue","Mobile tongue","Right","T2","N0","Stage II","Stage I-II","n.a.","                                                                                                                                                                                                                                                               ","                                                                                                                                                                                                                                                               ","No","Surgery","Surgery","Curative","None","n.a.","Complete response",0.8,null,"Lamina propria","Cohesive","Unknown","Unknown","Well differentiated","T1","T1","pT_stage","N0","N0","pN_stage","Mx","Stage I","Stage I","Stage I-II","pDisease",0,null,"No","Clear (>5 mm)","        ","Dead",29,1,29]
["647","Yes",27,6,"CNA_other","No",{"$nulls":15},"CNA_other",{"$nulls":34},2011,80,"Female","Never","n.a.",0,0,0,"Never",0,0,0,"Edendate ","C02.1 border of tongue","Mobile tongue","Right","T3","N1","Stage III","Stage III-IV","Ipsilateral","2                                                                                                                                                                                                                                                              ","                                                                                                                                                                                                                                                               ","No","None","None","Palliative","None","n.a.","Not applicable",null,null,"Unknown","Cohesive","Unknown","Unknown","Moderately differentiated","n.a. (no surgery)","T3","cT_stage","n.a. (no neck dissection)","N1","cN_stage","77",77,"Stage III","Stage III-IV","cDisease",null,null,"n.a. (no neck dissection)","n.a. (no surgery)","        ","Dead",2,1,2]
["648","Yes",4,0,"CNA_quiet_candidate","Yes",0.41,0.263,74,35,"CNA_other","Yes",0.41,2.02,0.283,35,1,3,1,"CNA_other",null,"CNA_other",0.283,0.41,35,"Mutated","WT","WT","WT","Mutated","Mutated","WT","WT","WT","WT","WT","WT","WT","WT","WT","WT","WT","WT","WT","WT","WT","WT","WT","WT","WT","WT","WT","WT","WT","TERT,CDKN2A,TP53",null,2011,40,"Male","Former","Cigarettes",20,15,15,"Current",3,23,69,"Dentate","C06.0 cheek mucosa","Cheek mucosa","Left","T4a","N0","Stage IVA","Stage III-IV","n.a.","                                                                                                                                                                                                                                                               ","                                                                                                                                                                                                                                                               ","No","Surgery + RT","Surgery + RT","Curative","IMRT","Postoperative","Complete response",5.5,null,"Bone","Non-cohesive","Yes","Yes","Poorly differentiated","T4a","T4a","pT_stage","N0","N0","pN_stage","Mx","Stage IVA","Stage IVA","Stage III-IV","pDisease",null,0,"No","Close (1-5 mm)","1,5     ","Alive",82,0,60]
["649","Yes",4,1,"CNA_quiet_candidate","Yes",0.16,0.412,41,19,"CNA_other",{"$nulls":10},"CNA_other",0.412,0.16,19,{"$nulls":31},2012,67,"Female","Current","Cigarettes",20,50,50,"Current",6,49,294,"Dentate","C06.0 cheek mucosa","Cheek mucosa","Left","T4a","N0","Stage IVA","Stage III-IV","n.a.","                                                                                                                                                                                                                                                               ","                                                                                                                                                                                                                                                               ","No","None","None","Palliative","None","n.a.","Not applicable",null,null,"Unknown","Unknown","Unknown","Unknown","Moderately differentiated","n.a. (no surgery)","T4a","cT_stage","n.a. (no neck dissection)","N0","cN_stage","77",77,"Stage IVA","Stage III-IV","cDisease",null,null,"n.a. (no neck dissection)","n.a. (no surgery)","        ","Dead",6,1,6]
["650","Yes",19,5,"CNA_other","No",{"$nulls":15},"CNA_other",{"$nulls":34},2012,78,"Female","Current","Cigarettes",10,60,30,"Current",1,61,61,"Dentate","C06.0 cheek mucosa","Cheek mucosa","Left","T2","N0","Stage II","Stage I-II","n.a.","                                                                                                                                                                                                                                                               ","                                                                                                                                                                                                                                                               ","No","Radiotherapy","Radiotherapy","Curative","Brachytherapy","Definitive","Complete response",null,null,"Unknown","Unknown","Unknown","Unknown","Moderately differentiated","n.a. (no surgery)","T2","cT_stage","n.a. (no neck dissection)","N0","cN_stage","77",77,"Stage II","Stage I-II","cDisease",null,null,"n.a. (no neck dissection)","n.a. (no surgery)","        ","Dead",26,1,26]
["651","Yes",11,1,"CNA_quiet_candidate","Yes",0.05,0.093,24,2,"Exclude",{"$nulls":10},"Exclude",0.093,0.05,2,{"$nulls":31},2012,61,"Female","Never","n.a.",0,0,0,"Current",2.571428571428572,43,129,"Edendate ","C03.1 lower gum","Vestibule of the mouth ","Left","T4a","N0","Stage IVA","Stage III-IV","n.a.","                                                                                                                                                                                                                                                               ","                                                                                                                                                                                                                                                               ","No","Surgery + RT","Surgery + RT","Curative","IMRT","Postoperative","Complete response",2,1.1,"Bone","Non-cohesive","No","No","Moderately differentiated","T4a","T4a","pT_stage","N0","N0","pN_stage","Mx","Stage IVA","Stage IVA","Stage III-IV","pDisease",null,0,"No","Involved (<1 mm)","0       ","Alive",77,0,60,"Non-cohesive"]
["652","Yes",10,2,"CNA_quiet_candidate","Yes",0.28,0.586,36,22,"CNA_other",{"$nulls":10},"CNA_other",0.586,0.28,22,{"$nulls":31},2012,60,"Male","Former","Cigarettes",20,7,7,"Never",0,0,0,"Dentate","C06.2 retromolar area","Retromolar trigone","Right","T4a","N0","Stage IVA","Stage III-IV","n.a.","                                                                                                                                                                                                                                                               ","                                                                                                                                                                                                                                                               ","No","Surgery + RT","Surgery + RT","Curative","IMRT","Postoperative","Complete response",4.4,null,"Bone","Cohesive","No","No","Poorly differentiated","T4a","T4a","pT_stage","N0","N0","pN_stage","Mx","Stage IVA","Stage IVA","Stage III-IV","pDisease",null,null,"No","Involved (<1 mm)","0       ","Dead",12,1,12,"Cohesive"]
["653","Yes",20,4,"CNA_other","No",{"$nulls":15},"CNA_other",{"$nulls":34},2012,71,"Male","Current","Cigars/pipe",2,30,9,"Current",2,53,106,"Dentate","C03.1 lower gum","Vestibule of the mouth ","Right","T2","N0","Stage II","Stage I-II","n.a.","                                                                                                                                                                                                                                                               ","                                                                                                                                                                                                                                                               ","No","Surgery + RT","Surgery + RT","Curative","IMRT","Postoperative","Complete response",1,0.4,"Bone","Non-cohesive","No","Yes","Poorly differentiated","T4a","T4a","pT_stage","N0","N0","pN_stage","Mx","Stage IVA","Stage IVA","Stage III-IV","pDisease",0,null,"No","Close (1-5 mm)","2       ","Alive",69,0,60]
["654","Yes",15,3,"CNA_other","No",{"$nulls":15},"CNA_other",{"$nulls":34},2012,70,"Female","Never","n.a.",0,0,0,"Never",0,0,0,"Edendate ","C06.2 retromolar area","Retromolar trigone","Left","T4a","N0","Stage IVA","Stage III-IV","n.a.","                                                                                                                                                                                                                                                               ","                                                                                                                                                                                                                                                               ","No","Surgery + RT","Surgery + RT","Curative","IMRT","Postoperative","Complete response",4,null,"Bone","Non-cohesive","No","No","Moderately differentiated","T4a","T4a","pT_stage","N0","N0","pN_stage","Mx","Stage IVA","Stage IVA","Stage III-IV","pDisease",null,0,"No","Close (1-5 mm)","2,2     ","Alive",73,0,60,"Non-cohesive"]
["655","Yes",19,5,"CNA_other","No",{"$nulls":15},"CNA_other",{"$nulls":34},2012,48,"Male","Current","Cigarettes",7,30,11,"Current",5,30,150,"Dentate","C06.2 retromolar area","Retromolar trigone","Left","T4a","N0","Stage IVA","Stage III-IV","n.a.","                                                                                                                                                                                                                                                               ","                                                                                                                                                                                                                                                               ","No","Surgery + RT","Surgery + RT","Curative","IMRT","Postoperative","Complete response",5,null,"Bone","Non-cohesive","No","No","Moderately differentiated","T4a","T4a","pT_stage","N0","N0","pN_stage","Mx","Stage IVA","Stage IVA","Stage III-IV","pDisease",0,0,"No","Clear (>5 mm)","9       ","Alive",72,0,60]
["657","Yes",0,0,"CNA_quiet_candidate","Yes",0.13,0.482,31,15,"CNA_other",{"$nulls":10},"CNA_other",0.482,0.13,15,{"$nulls":31},2013,81,"Male","Current","Cigars/pipe",6,64,19,"Never",0,0,0,"Edendate ","C03.1 lower gum","Vestibule of the mouth ","Right","T4a","N1","Stage IVA","Stage III-IV","Ipsilateral","1                                                                                                                                                                                                                                                              ","                                                                                                                                                                                                                                                               ","No","Surgery + RT","Surgery + RT","Curative","IMRT","Postoperative","Complete response",3.5,1.6,"Bone","Non-cohesive","No","No","Poorly differentiated","T4a","T4a","pT_stage","N0","N0","pN_stage","Mx","Stage IVA","Stage IVA","Stage III-IV","pDisease",0,null,"No","Close (1-5 mm)","3       ","Alive",67,0,60]
["658","Yes",13,3,"CNA_other","No",{"$nulls":15},"CNA_other",{"$nulls":34},2013,86,"Female","Never","n.a.",0,0,0,"Never",0,0,0,"Edendate ","C04.1 lateral floor of mouth","Floor of mouth","Right","T4a","N0","Stage IVA","Stage III-IV","n.a.","                                                                                                                                                                                                                                                               ","                                                                                                                                                                                                                                                               ","No","Radiotherapy","Radiotherapy","Curative","IMRT","Definitive",{"$nulls":3},"Unknown","Non-cohesive","No","No","Poorly differentiated","n.a. (no surgery)","T4a","cT_stage","n.a. (no neck dissection)","N0","cN_stage","77",77,"Stage IVA","Stage III-IV","cDisease",null,null,"n.a. (no neck dissection)","n.a. (no surgery)","        ","Dead",7,1,7,"Non-cohesive"]
["659","Yes",15,3,"CNA_other","No",{"$nulls":15},"CNA_other",{"$nulls":34},2013,69,"Female","Never","n.a.",0,0,0,"Current",2,51,102,"Dentate","C03.1 lower gum","Vestibule of the mouth ","Left","T4a","N2c","Stage IVA","Stage III-IV","Bilateral","1                                                                                                                                                                                                                                                              ","1;3                                                                                                                                                                                                                                                            ","No","Radiotherapy","Radiotherapy","Palliative","IMRT","Definitive","Disease progression",null,null,"Unknown","Unknown","Unknown","Unknown","Unknown","n.a. (no surgery)","T4a","cT_stage","n.a. (no neck dissection)","N2c","cN_stage","77",77,"Stage IVA","Stage III-IV","cDisease",null,null,"n.a. (no neck dissection)","n.a. (no surgery)","        ","Dead",6,1,6]
["660","Yes",20,5,"CNA_other","No",{"$nulls":15},"CNA_other",{"$nulls":34},2013,57,"Male","Current","Cigarettes",8,43,17,"Current",4,40,160,"Edendate ","C03.1 lower gum","Vestibule of the mouth ","Right","T4a","N1","Stage IVA","Stage III-IV","Ipsilateral","2                                                                                                                                                                                                                                                              ","                                                                                                                                                                                                                                                               ","No","Surgery + RT","Surgery + RT","Curative","IMRT","Postoperative","Complete response",4.5,null,"Bone","Non-cohesive","No","Yes","Moderately differentiated","T4a","T4a","pT_stage","N2b","N2b","pN_stage","Mx","Stage IVA","Stage IVA","Stage III-IV","pDisease",2,null,"No","Involved (<1 mm)","0       ","Dead",29,1,29]
["661","Yes",23,6,"CNA_other","No",{"$nulls":15},"CNA_other",{"$nulls":34},2013,70,"Male","Current","Cigars/pipe",8,50,60,"Current",3,53,159,"Dentate","C03.1 lower gum","Vestibule of the mouth ","Midline","T4a","N2c","Stage IVA","Stage III-IV","Bilateral","1                                                                                                                                                                                                                                                              ","3                                                                                                                                                                                                                                                              ","No","Surgery + RT","Surgery + RT","Curative","IMRT","Postoperative","Complete response",5,null,"Bone","Non-cohesive","Yes","Yes","Poorly differentiated","T4a","T4a","pT_stage","N2c","N2c","pN_stage","Mx","Stage IVA","Stage IVA","Stage III-IV","pDisease",1,4,"No","Involved (<1 mm)","0       ","Dead",10,1,10,"Non-cohesive"]
["663","Yes",18,5,"CNA_other","No",{"$nulls":15},"CNA_other",{"$nulls":34},2013,55,"Male","Former","Cigarettes",20,35,35,"Former",7,37,259,"Dentate","C04.0 anterior floor of mouth","Floor of mouth","Right","T4a","N0","Stage IVA","Stage III-IV","n.a.","                                                                                                                                                                                                                                                               ","                                                                                                                                                                                                                                                               ","No","None","None","Palliative","None","n.a.","Not applicable",null,null,"Unknown","Non-cohesive","No","No","Moderately differentiated","n.a. (no surgery)","T4a","cT_stage","n.a. (no neck dissection)","N0","cN_stage","77",77,"Stage IVA","Stage III-IV","cDisease",null,null,"n.a. (no neck dissection)","n.a. (no surgery)","        ","Dead",7,1,7]
["664","Yes",17,3,"CNA_other","No",{"$nulls":15},"CNA_other",{"$nulls":34},2014,63,"Female","Current","Cigarettes",20,45,45,"Current",5,46,230,"Dentate","C04.0 anterior floor of mouth","Floor of mouth","Right","T2","N0","Stage II","Stage I-II","n.a.","                                                                                                                                                                                                                                                               ","                                                                                                                                                                                                                                                               ","No","Surgery","Surgery","Curative","None","n.a.","Complete response",0.2,0.28,"Lamina propria","Cohesive","No","No","Poorly differentiated","T1","T1","pT_stage","N1","N1","pN_stage",null,"Stage III","Stage III","Stage III-IV","pDisease",1,null,"No","Close (1-5 mm)","2       ","Dead",38,1,38,"Cohesive"]
["665","Yes",0,0,"CNA_quiet_candidate","Yes",0.08,0.366,40,17,"CNA_other",{"$nulls":10},"CNA_other",0.366,0.08,17,{"$nulls":31},2014,71,"Male","Current","Cigarettes",10,53,27,"Current",2,53,106,"Edendate ","C03.1 lower gum","Vestibule of the mouth ","Right","T4a","N1","Stage IVA","Stage III-IV","Ipsilateral","1                                                                                                                                                                                                                                                              ","                                                                                                                                                                                                                                                               ","No","None","None","Palliative","None","n.a.","Disease progression",null,null,"Lamina propria","Cohesive","No","No","Moderately differentiated","n.a. (no surgery)","T4a","cT_stage","n.a. (no neck dissection)","N1","cN_stage","77",77,"Stage IVA","Stage III-IV","cDisease",null,null,"n.a. (no neck dissection)","n.a. (no surgery)","        ","Dead",4,1,4,"Cohesive"]
["666","Yes",4,1,"CNA_quiet_candidate","Yes",0.15,0.367,38,21,"CNA_other",{"$nulls":10},"CNA_other",0.367,0.15,21,{"$nulls":31},2014,79,"Female","Former","Cigarettes",40,25,50,"Former",3,61,183,"Dentate","C03.1 lower gum","Vestibule of the mouth ","Left","T4a","N0","Stage IVA","Stage III-IV","n.a.","                                                                                                                                                                                                                                                               ","                                                                                                                                                                                                                                                               ","No","Surgery + RT","Surgery + RT","Curative","IMRT","Postoperative","Complete response",4,2.5,"Bone","Non-cohesive","No","Yes","Poorly differentiated","T4a","T4a","pT_stage","N1","N1","pN_stage",null,"Stage IVA","Stage IVA","Stage III-IV","pDisease",null,1,"No","Involved (<1 mm)","        ","Alive",45,0,45,"Non-cohesive"]
["667","Yes",7,2,"CNA_quiet_candidate","Yes",0.52,0.342,54,23,"CNA_other",{"$nulls":10},"CNA_other",0.342,0.52,23,{"$nulls":31},2014,75,"Male","Former","Cigarettes",20,10,10,"Never",0,0,0,null,"C03.1 lower gum","Vestibule of the mouth ","Left","T4a","N0","Stage IVA","Stage III-IV","n.a.","                                                                                                                                                                                                                                                               ","                                                                                                                                                                                                                                                               ","No","None","None","Palliative","None","n.a.","Not applicable",null,0.35,"Lamina propria","Unknown","No","No","Moderately differentiated","n.a. (no surgery)","T4a","cT_stage","n.a. (no neck dissection)","N0","cN_stage","77",77,"Stage IVA","Stage III-IV","cDisease",null,null,"n.a. (no neck dissection)","n.a. (no surgery)","        ","Alive",44,0,44]
["668","Yes",8,2,"CNA_quiet_candidate","Yes",0.62,0.238,31,12,"CNA_other","Yes",0.62,2,0.251,13,1,9,1,"CNA_other",null,"CNA_other",0.251,0.62,12,"Mutated","Mutated","WT","Mutated","Mutated","Mutated","WT","WT","WT","Mutated","Mutated","WT","Mutated","WT","WT","WT","WT","WT","WT","WT","WT","WT","WT","WT","WT","WT","WT","WT","WT","CASP8,PIK3CA,FAT1,TERT,CDKN2A,NOTCH1,TP53,ZNF750",null,2014,67,"Female","Never","n.a.",0,0,0,"Current",2,50,100,null,"C03.1 lower gum","Vestibule of the mouth ","Right","T4a","N1","Stage IVA","Stage III-IV","Ipsilateral","2                                                                                                                                                                                                                                                              ","                                                                                                                                                                                                                                                               ","No","Surgery + RT","Surgery + RT","Curative","IMRT","Postoperative","Complete response",3.9,1.2,"Bone","Non-cohesive","No","No","Poorly differentiated","T4a","T4a","pT_stage","N3b","N3b","pN_stage",null,"Stage IVB","Stage IVB","Stage III-IV","pDisease",4,1,"Yes","Involved (<1 mm)","        ","Dead",12,1,12,"Non-cohesive"]
["669","Yes",10,2,"CNA_quiet_candidate","Yes",0.32,0.774,49,38,"CNA_other",{"$nulls":10},"CNA_other",0.774,0.32,38,{"$nulls":31},2014,75,"Female","Never","n.a.",0,0,0,"Current",1,57,57,"Edendate ","C06.2 retromolar area","Retromolar trigone","Right","T4a","N0","Stage IVA","Stage III-IV","n.a.","                                                                                                                                                                                                                                                               ","                                                                                                                                                                                                                                                               ","No","Surgery + RT","Surgery + RT","Curative","IMRT","Postoperative","Complete response",4.6,0.7,"Bone","Non-cohesive","No","No","Poorly differentiated","T4a","T4a","pT_stage","N0","N0","pN_stage",null,"Stage IVA","Stage IVA","Stage III-IV","pDisease",0,null,"No","Close (1-5 mm)","2       ","Alive",49,0,49,"Non-cohesive"]
["670","Yes",0,0,"CNA_quiet_candidate","Yes",1,0,24,0,"CNA_quiet_candidate","Yes",0.7,2,0,0,1,3,1,"CNA_quiet",null,"CNA_quiet",0,0.7,0,"WT","WT","WT","WT","WT","Mutated","WT","WT","WT","Mutated","WT","WT","Mutated","WT","WT","WT","WT","WT","WT","WT","WT","WT","WT","WT","WT","WT","WT","WT","WT","FAT1,TERT,NOTCH1",null,2014,65,"Male","Former","Cigarettes",10,28,14,"Current",6,47,282,"Edendate ","C06.0 cheek mucosa","Cheek mucosa","Left","T2","N0","Stage II","Stage I-II","n.a.","                                                                                                                                                                                                                                                               ","                                                                                                                                                                                                                                                               ","No","Brachytherapy +/- ND","Other","Curative","Brachytherapy","Definitive","Complete response",null,0.2,"Lamina propria","Unknown","No","No","Moderately differentiated","n.a. (no surgery)","T2","cT_stage","n.a. (no neck dissection)","N0","cN_stage","77",77,"Stage II","Stage I-II","cDisease",null,null,"n.a. (no neck dissection)","n.a. (no surgery)","        ","Alive",43,0,43]
["671","Yes",0,0,"CNA_quiet_candidate","Yes",0.06,0.051,25,1,"CNA_quiet_candidate","Yes",0.22,2,0.042,1,1,5,0.998,"CNA_quiet",null,"CNA_quiet",0.042,0.22,1,"Mutated","Mutated","WT","WT","WT","Mutated","WT","Mutated","Mutated","WT","WT","WT","WT","WT","WT","WT","WT","WT","WT","WT","WT","WT","WT","WT","WT","WT","WT","WT","WT","CASP8,FBXW7,TERT,B2M,TP53",null,2014,67,"Female","Never","n.a.",0,0,0,"Never",0,0,0,"Dentate","C03.0 upper gum","Vestibule of the mouth ","Left","T1","N0","Stage I","Stage I-II","n.a.","                                                                                                                                                                                                                                                               ","                                                                                                                                                                                                                                                               ","No","Surgery","Surgery","Curative","None","n.a.","Complete response",0.8,0.06,"Lamina propria","Unknown","No","No","Well differentiated","T1","T1","pT_stage","n.a. (no neck dissection)","N0","cN_stage",null,"Stage I","Stage I","Stage I-II","pDisease",null,null,"n.a. (no neck dissection)","Close (1-5 mm)","2       ","Alive",42,0,42]
["672","Yes",14,1,"CNA_quiet_candidate","Yes",0.74,0.5,40,22,"CNA_other",{"$nulls":10},"CNA_other",0.5,0.74,22,{"$nulls":31},2014,85,"Female","Former","Cigarettes",20,17,17,"Current",2,67,134,"Dentate","Upper/lower lip, inner aspect","Vestibule of the mouth ","Left","T3","N2b","Stage IVA","Stage III-IV","Ipsilateral","                                                                                                                                                                                                                                                               ","1;2;3;4                                                                                                                                                                                                                                                        ","No","Radiotherapy","Radiotherapy","Palliative","IMRT","Definitive","Not applicable",null,null,"Unknown","Unknown","No","No","Moderately differentiated","n.a. (no surgery)","T3","cT_stage","n.a. (no neck dissection)","N2b","cN_stage","77",77,"Stage IVA","Stage III-IV","cDisease",null,null,"n.a. (no neck dissection)","n.a. (no surgery)","        ","Dead",4,1,4]
["673","Yes",10,2,"CNA_quiet_candidate","Yes",0.26,0.218,36,12,"CNA_other","Yes",0.45,1.9,0.273,12,1,5,0.999,"CNA_other",null,"CNA_other",0.273,0.45,12,"Mutated","WT","WT","Mutated","WT","WT","WT","WT","WT","Mutated","WT","WT","Mutated","WT","WT","WT","WT","WT","WT","WT","WT","WT","WT","WT","WT","WT","WT","WT","WT","PIK3CA,FAT1,NOTCH1,TP53",null,2014,69,"Female","Current","Cigarettes",15,53,40,"Current",1,53,53,"Edendate ","C04.0 anterior floor of mouth","Floor of mouth","Left","T2","N1","Stage III","Stage III-IV","Ipsilateral","                                                                                                                                                                                                                                                               ","2                                                                                                                                                                                                                                                              ","No","None","None","Palliative","None","n.a.","Disease progression",null,0.18,"Lamina propria","Non-cohesive","No","No","Moderately differentiated","n.a. (no surgery)","T2","cT_stage","n.a. (no neck dissection)","N1","cN_stage","77",77,"Stage III","Stage III-IV","cDisease",null,null,"n.a. (no neck dissection)","n.a. (no surgery)","        ","Dead",5,1,5,"Non-cohesive"]
["674","Yes",5,0,"CNA_quiet_candidate","Yes",0.06,0.162,27,5,"Exclude",{"$nulls":10},"Exclude",0.162,0.06,5,{"$nulls":31},2014,65,"Female","Never","n.a.",0,0,0,"Current",1,48,48,"Dentate","C03.0 upper gum","Vestibule of the mouth ","Right","T4a","N1","Stage IVA","Stage III-IV","Ipsilateral","2                                                                                                                                                                                                                                                              ","                                                                                                                                                                                                                                                               ","No","Surgery + RT","Surgery + RT","Curative","IMRT","Postoperative","Complete response",4.5,null,"Bone","Non-cohesive","No","No","Moderately differentiated","T4a","T4a","pT_stage","N2b","N2b","pN_stage",null,"Stage IVA","Stage IVA","Stage III-IV","pDisease",2,null,"No","Close (1-5 mm)","1,1     ","Dead",9,1,9,"Non-cohesive"]
["678","Yes",12,3,"CNA_other","No",{"$nulls":15},"CNA_other",{"$nulls":34},2014,65,"Female","Never","n.a.",0,0,0,"Never",0,0,0,"Dentate","C02.1 border of tongue","Mobile tongue","Right","T1","N0","Stage I","Stage I-II","n.a.","                                                                                                                                                                                                                                                               ","                                                                                                                                                                                                                                                               ","No","Surgery","Surgery","Curative","None","n.a.","Complete response",0.5,0.15,"Muscle","Cohesive","No","No","Poorly differentiated","T1","T1","pT_stage","n.a. (no neck dissection)","N0","cN_stage",null,"Stage I","Stage I","Stage I-II","pDisease",null,null,"n.a. (no neck dissection)","Clear (>5 mm)","        ","Alive",43,0,43,"Cohesive"]
["679","Yes",14,3,"CNA_other","No",{"$nulls":15},"CNA_other",{"$nulls":34},2013,46,"Female","Current","Cigarettes",8,34,14,"Current",6,29,174,"Dentate","C04.0 anterior floor of mouth","Floor of mouth","Left","T4a","N2c","Stage IVA","Stage III-IV","Bilateral","1                                                                                                                                                                                                                                                              ","1                                                                                                                                                                                                                                                              ","No","Surgery + CRT","Surgery + CRT","Curative","IMRT","Postoperative",null,5.7,null,"Bone","Cohesive","No","Yes","Moderately differentiated","T4a","T4a","pT_stage","N2a","N2a","pN_stage","Mx","Stage IVA","Stage IVA","Stage III-IV","pDisease",1,0,"Yes","Involved (<1 mm)","0       ","Dead",10,1,10,"Cohesive"]
["680","Yes",0,0,"CNA_quiet_candidate","Yes",0.12,0.193,33,8,"CNA_other",{"$nulls":10},"CNA_other",0.193,0.12,8,{"$nulls":31},2013,26,"Female","Current","Cigarettes",15,8,6,"Current",2,8,16,"Dentate","C02.1 border of tongue","Mobile tongue","Left","T2","N0","Stage II","Stage I-II","n.a.","                                                                                                                                                                                                                                                               ","                                                                                                                                                                                                                                                               ","No","Surgery + RT","Surgery + RT","Curative","IMRT","Postoperative","Complete response",2.2,0.9,"Lamina propria","Non-cohesive","No","No","Moderately differentiated","T2","T2","pT_stage","N1","N1","pN_stage","Mx","Stage III","Stage III","Stage III-IV","pDisease",null,1,"No","Close (1-5 mm)","1       ","Alive",60,0,60]
["681","Yes",0,0,"CNA_quiet_candidate","Yes",0.05,0.099,29,5,"Exclude",{"$nulls":10},"Exclude",0.099,0.05,5,{"$nulls":31},2014,68,"Male","Current","Cigarettes",20,52,52,"Current",3,50,150,"Edendate ","C02.0 dorsal surface of tongue","Mobile tongue","Left","T4a","N0","Stage IVA","Stage III-IV","n.a.","                                                                                                                                                                                                                                                               ","                                                                                                                                                                                                                                                               ","No","Surgery + RT","Surgery + RT","Curative","IMRT","Postoperative","Complete response",3.5,null,"Bone","Non-cohesive","No","Yes","Moderately differentiated","T4a","T4a","pT_stage","N2c","N2c","pN_stage",null,"Stage IVA","Stage IVA","Stage III-IV","pDisease",2,1,"No","Close (1-5 mm)","3       ","Alive",46,0,46,"Non-cohesive"]
["682","Yes",1,0,"CNA_quiet_candidate","Yes",0.05,0.046,28,2,"Exclude",{"$nulls":10},"Exclude",0.046,0.05,2,{"$nulls":31},2014,67,"Female","Never","n.a.",0,0,0,"Never",0,0,0,"Dentate","C02.1 border of tongue","Mobile tongue","Right","T1","N0","Stage I","Stage I-II","n.a.","                                                                                                                                                                                                                                                               ","                                                                                                                                                                                                                                                               ","No","Surgery","Surgery","Curative","None","n.a.","Complete response",0.4,0.13,"Lamina propria","Cohesive","No","No","Moderately differentiated","T1","T1","pT_stage","n.a. (no neck dissection)","N0","cN_stage",null,"Stage I","Stage I","Stage I-II","pDisease",null,null,"n.a. (no neck dissection)","Close (1-5 mm)","3       ","Alive",51,0,51,"Cohesive"]
["685","Yes",5,2,"CNA_quiet_candidate","Yes",0.14,0.425,32,15,"CNA_other",{"$nulls":10},"CNA_other",0.425,0.14,15,{"$nulls":31},2014,72,"Female","Never","n.a.",0,0,0,"Never",0,0,0,"Dentate","C03.1 lower gum","Vestibule of the mouth ","Right","T4a","N0","Stage IVA","Stage III-IV","n.a.","                                                                                                                                                                                                                                                               ","                                                                                                                                                                                                                                                               ","No","Surgery + RT","Surgery + RT","Curative","IMRT","Postoperative","Complete response",2.5,1.1,"Bone","Non-cohesive","No","No","Moderately differentiated","T4a","T4a","pT_stage","N0","N0","pN_stage",null,"Stage IVA","Stage IVA","Stage III-IV","pDisease",0,null,"No","Involved (<1 mm)","0       ","Alive",43,0,43,"Non-cohesive"]
["686","Yes",9,1,"CNA_quiet_candidate","Yes",0.26,0.356,39,18,"CNA_other",{"$nulls":10},"CNA_other",0.356,0.26,18,{"$nulls":31},2013,54,"Male","Current","Cigarettes",65,40,130,"Current",20,37,740,null,"C06.2 retromolar area","Retromolar trigone","Right","T1","N0","Stage I","Stage I-II","n.a.","                                                                                                                                                                                                                                                               ","                                                                                                                                                                                                                                                               ","No","Surgery","Surgery","Curative","None","n.a.","Complete response",0.2,0.45,"Lamina propria","Non-cohesive","No","No","Moderately differentiated","T1","T1","pT_stage","N0","N0","pN_stage","Mx","Stage I","Stage I","Stage I-II","pDisease",0,null,"No","Clear (>5 mm)","        ","Alive",63,0,60]
["688","Yes",5,0,"CNA_quiet_candidate","Yes",0.05,0.206,33,10,"CNA_other",{"$nulls":10},"CNA_other",0.206,0.05,10,{"$nulls":31},2014,64,"Male","Former","Cigarettes",20,5,50,"Former",4,46,184,"Dentate","C04.1 lateral floor of mouth","Floor of mouth","Left","T2","N0","Stage II","Stage I-II","n.a.","                                                                                                                                                                                                                                                               ","                                                                                                                                                                                                                                                               ","No","Surgery + RT","Surgery + RT","Curative","IMRT","Postoperative","Complete response",2.2,null,"Muscle","Non-cohesive","No","No","Moderately differentiated","T2","T2","pT_stage","N2a","N2a","pN_stage",null,"Stage IVA","Stage IVA","Stage III-IV","pDisease",null,1,"Yes","Clear (>5 mm)","7       ","Dead",15,1,15,"Non-cohesive"]
["690","Yes",12,3,"CNA_other","No",{"$nulls":15},"CNA_other",{"$nulls":34},2014,50,"Male","Current","Cigarettes",20,30,30,"Current",8,33,264,"Dentate","C04.0 anterior floor of mouth","Floor of mouth","Right","T1","N0","Stage I","Stage I-II","n.a.","                                                                                                                                                                                                                                                               ","                                                                                                                                                                                                                                                               ","No","Surgery","Surgery","Curative","None","n.a.","Complete response",0.35,0.15,"Lamina propria","Cohesive","No","No","Moderately differentiated","T1","T1","pT_stage","n.a. (no neck dissection)","N0","cN_stage",null,"Stage I","Stage I","Stage I-II","pDisease",null,null,"n.a. (no neck dissection)","Close (1-5 mm)","2       ","Alive",45,0,45,"Cohesive"]
["691","Yes",0,0,"CNA_quiet_candidate","Yes",0.35,0.063,23,3,"CNA_quiet_candidate","Yes",0.69,2,0.066,3,1,6,0.999,"CNA_quiet",null,"CNA_quiet",0.066,0.69,3,"WT","WT","Mutated","WT","WT","Mutated","WT","WT","WT","Mutated","WT","WT","Mutated","WT","WT","WT","WT","WT","WT","WT","WT","WT","WT","WT","WT","WT","WT","WT","WT","FAT1,TERT,NOTCH1,HRAS",null,2008,91,"Male","Former","Cigarettes",{"$nulls":3},"Current",7,74,518,"Dentate","C06.0 cheek mucosa","Cheek mucosa","Left","T1","N0","Stage I","Stage I-II","n.a.","                                                                                                                                                                                                                                                               ","                                                                                                                                                                                                                                                               ","No","None","None","Palliative","None","n.a.","Not applicable",null,null,"Submucosa","Cohesive","Unknown","Unknown","Unknown","n.a. (no surgery)","T1","cT_stage","n.a. (no neck dissection)","N0","cN_stage","77",77,"Stage I","Stage I-II","cDisease",null,null,"n.a. (no neck dissection)","n.a. (no surgery)","        ","Dead",16,1,16]
["692","Yes",2,1,"CNA_quiet_candidate","Yes",0.07,0.368,43,20,"CNA_other",{"$nulls":10},"CNA_other",0.368,0.07,20,{"$nulls":31},2010,58,"Female","Current","Cigarettes",20,40,40,"Current",3,41,123,"Dentate","C04.0 anterior floor of mouth","Floor of mouth","Left","T1","N0","Stage I","Stage I-II","n.a.","                                                                                                                                                                                                                                                               ","                                                                                                                                                                                                                                                               ","No","Surgery","Surgery","Curative","None","n.a.","Complete response",1.8,0.2,"Lamina propria","Non-cohesive","No","No","Moderately differentiated","T1","T1","pT_stage","n.a. (no neck dissection)","N0","cN_stage","Mx","Stage I","Stage I","Stage I-II","pDisease",null,null,"n.a. (no neck dissection)","Close (1-5 mm)","        ","Alive",74,0,60]
["694","Yes",19,3,"CNA_other","No",{"$nulls":15},"CNA_other",{"$nulls":34},2009,68,"Male","Former","Cigarettes",6,40,12,"Current",6,51,306,"Edendate ","C04.0 anterior floor of mouth","Floor of mouth","Midline","T4a","N2c","Stage IVA","Stage III-IV","Bilateral","1                                                                                                                                                                                                                                                              ","1                                                                                                                                                                                                                                                              ","No","Surgery + RT","Surgery + RT","Curative","IMRT","Postoperative","Complete response",5.5,null,"Bone","Non-cohesive","No","Unknown","Moderately differentiated","T4a","T4a","pT_stage","N2c","N2c","pN_stage","Mx","Stage IVA","Stage IVA","Stage III-IV","pDisease",3,1,"No","Close (1-5 mm)","1,5     ","Dead",88,0,60]
["695","Yes",1,0,"CNA_quiet_candidate","Yes",1,0,26,0,"CNA_quiet_candidate","Yes",0.5,2,0,0,1,1,0.999,"CNA_quiet",null,"CNA_quiet",0,0.5,0,"WT","WT","WT","WT","Mutated","WT","WT","WT","WT","WT","WT","WT","WT","WT","WT","WT","WT","WT","WT","WT","WT","WT","WT","WT","WT","WT","WT","WT","WT","CDKN2A",null,2008,52,"Male","Never","n.a.",0,0,0,"Current",1,35,35,"Dentate","C03.1 lower gum","Vestibule of the mouth ","Right","T1","N0","Stage I","Stage I-II","n.a.","                                                                                                                                                                                                                                                               ","                                                                                                                                                                                                                                                               ","No","Surgery","Surgery","Curative","None","n.a.","Complete response",null,null,"Lamina propria","Unknown","Unknown","Unknown","Well differentiated","T1","T1","pT_stage","N0","N0","pN_stage","Mx","Stage I","Stage I","Stage I-II","pDisease",0,null,"No","Unknown (not assessable)","        ","Alive",122,0,60]
["696","Yes",21,5,"CNA_other","No",{"$nulls":15},"CNA_other",{"$nulls":34},2013,49,"Male","Current","Cigarettes",15,45,30,"Current",4,31,124,"Edendate ","C02.1 border of tongue","Mobile tongue","Right","T4a","N3b","Stage IVB","Stage III-IV","Ipsilateral","1;2;3                                                                                                                                                                                                                                                          ","                                                                                                                                                                                                                                                               ","Yes","Surgery + RT","Surgery + RT","Curative","IMRT","Postoperative","Complete response",3,null,"Lamina propria","Non-cohesive","No","No","Moderately differentiated","T2","T2","pT_stage","N3b","N3b","pN_stage","Mx","Stage IVB","Stage IVB","Stage III-IV","pDisease",5,null,"Yes","Clear (>5 mm)","6       ","Dead",20,1,20,"Non-cohesive"]
["697","Yes",0,0,"CNA_quiet_candidate","Yes",0.05,0.051,23,2,"CNA_quiet_candidate","Yes",0.38,2.01,0.053,2,1,8,1,"CNA_quiet",null,"CNA_quiet",0.053,0.38,2,"WT","Mutated","WT","WT","WT","WT","WT","WT","WT","Mutated","WT","WT","Mutated","Mutated","WT","Mutated","WT","WT","WT","WT","WT","WT","WT","WT","WT","Mutated","WT","WT","WT","EPHA2,CASP8,FAT1,NSD1,NOTCH1,ASXL1",null,2014,75,"Female","Never","n.a.",0,0,0,"Never",0,0,0,"Dentate","C06.0 cheek mucosa","Cheek mucosa","Left","T1","N0","Stage I","Stage I-II","n.a.","                                                                                                                                                                                                                                                               ","                                                                                                                                                                                                                                                               ","No","Surgery","Surgery","Curative","None","n.a.","Complete response",1.5,0.4,"Lamina propria","Non-cohesive","No","No","Moderately differentiated","T1","T1","pT_stage","n.a. (no neck dissection)","N0","cN_stage",null,"Stage I","Stage I","Stage I-II","pDisease",null,null,"n.a. (no neck dissection)","Close (1-5 mm)","3       ","Alive",48,0,48,"Non-cohesive"]
["698","Yes",3,0,"CNA_quiet_candidate","Yes",0.08,0.372,31,11,"CNA_other",{"$nulls":10},"CNA_other",0.372,0.08,11,{"$nulls":31},2009,63,"Female","Never","n.a.",0,0,0,"Never",0.4285714285714285,0,0,"Edendate ","C03.0 upper gum","Vestibule of the mouth ","Left","T1","N1","Stage III","Stage III-IV","Ipsilateral","                                                                                                                                                                                                                                                               ","2                                                                                                                                                                                                                                                              ","No","Surgery + RT","Surgery + RT","Curative","IMRT","Postoperative","Complete response",1.3,0.5,"Submucosa","Non-cohesive","No","Yes","Poorly differentiated","T1","T1","pT_stage","N1","N1","pN_stage","Mx","Stage III","Stage III","Stage III-IV","pDisease",null,1,"No","Involved (<1 mm)","0       ","Dead",17,1,17]
["699","Yes",0,0,"CNA_quiet_candidate","Yes",1,0,22,0,"CNA_quiet_candidate","Yes",0.76,2,0,0,1,7,0.999,"CNA_quiet",null,"CNA_quiet",0,0.76,0,"WT","Mutated","WT","WT","Mutated","Mutated","Mutated","WT","WT","Mutated","WT","WT","Mutated","WT","WT","WT","WT","WT","WT","WT","WT","WT","WT","WT","WT","WT","WT","WT","WT","CASP8,FAT1,TERT,RAC1,CDKN2A,NOTCH1",null,2013,91,"Female","Current","Cigarettes",10,62,31,"Never",0,0,0,"Edendate ","C02.1 border of tongue","Mobile tongue","Left","T1","N0","Stage I","Stage I-II","n.a.","                                                                                                                                                                                                                                                               ","                                                                                                                                                                                                                                                               ","No","Surgery","Surgery","Curative","None","n.a.","Complete response",2.2,0.7,"Muscle","Cohesive","No","No","Moderately differentiated","T2","T2","pT_stage","n.a. (no neck dissection)","N0","cN_stage","Mx","Stage II","Stage II","Stage I-II","pDisease",null,null,"n.a. (no neck dissection)","Close (1-5 mm)","3       ","Alive",54,0,54,"Cohesive"]
["700","Yes",10,2,"CNA_quiet_candidate","Yes",0.18,0.186,30,8,"CNA_other",{"$nulls":10},"CNA_other",0.186,0.18,8,{"$nulls":31},2009,49,"Male","Current","Cigarettes",60,36,108,"Current",12,31,372,null,"C04.0 anterior floor of mouth","Floor of mouth","Midline","T4a","N0","Stage IVA","Stage III-IV","n.a.","                                                                                                                                                                                                                                                               ","                                                                                                                                                                                                                                                               ","No","Chemoradiation","Chemoradiotherapy","Curative","IMRT","Definitive","Complete response",null,1,"Muscle","Non-cohesive","Unknown","Unknown","Moderately differentiated","n.a. (no surgery)","T4a","cT_stage","n.a. (no neck dissection)","N0","cN_stage","77",77,"Stage IVA","Stage III-IV","cDisease",null,null,"n.a. (no neck dissection)","n.a. (no surgery)","        ","Dead",32,1,32]
["701","Yes",11,0,"CNA_quiet_candidate","Yes",0.05,0.032,28,2,"Exclude",{"$nulls":10},"Exclude",0.032,0.05,2,{"$nulls":31},2011,57,"Male","Current","Cigarettes",10,39,20,"Current",2,39,78,"Dentate","C06.0 cheek mucosa","Cheek mucosa","Right","T2","N2b","Stage IVA","Stage III-IV","Ipsilateral","2                                                                                                                                                                                                                                                              ","                                                                                                                                                                                                                                                               ","No","Surgery + RT","Surgery + RT","Curative","IMRT","Postoperative","Complete response",1.2,0.9,"Muscle","Non-cohesive","Yes","No","Moderately differentiated","T2","T2","pT_stage","N3b","N3b","pN_stage","Mx","Stage IVB","Stage IVB","Stage III-IV","pDisease",4,null,"Yes","Involved (<1 mm)","0,5     ","Alive",72,0,60,"Non-cohesive"]
["702","Yes",13,3,"CNA_other","No",{"$nulls":15},"CNA_other",{"$nulls":34},2011,71,"Male","Current","Cigarettes",20,55,55,"Current",2,54,108,"Edendate ","C06.2 retromolar area","Retromolar trigone","Left","T3","N0","Stage III","Stage III-IV","n.a.","                                                                                                                                                                                                                                                               ","                                                                                                                                                                                                                                                               ","No","Surgery + RT","Surgery + RT","Curative","IMRT","Postoperative","Complete response",3.4,2.3,"Lamina propria","Non-cohesive","Yes","Yes","Moderately differentiated","T3","T3","pT_stage","N1","N1","pN_stage","Mx","Stage III","Stage III","Stage III-IV","pDisease",null,1,"No","Involved (<1 mm)","0       ","Dead",47,1,47]
["703","Yes",8,1,"CNA_quiet_candidate","Yes",0.85,1E-3,23,1,"CNA_quiet_candidate","Yes",0.69,2,0,0,1,4,0.996,"CNA_quiet",null,"CNA_quiet",0,0.69,1,"WT","WT","WT","WT","WT","Mutated","WT","WT","WT","WT","WT","WT","WT","WT","Mutated","WT","WT","WT","WT","WT","WT","WT","WT","WT","WT","Mutated","WT","WT","WT","TERT,NSD1,KMT2D",null,2012,58,"Male","Current","Cigarettes",40,45,90,"Former",7,22,154,"Edendate ","C04.0 anterior floor of mouth","Floor of mouth","Midline","T4a","N0","Stage IVA","Stage III-IV","n.a.","                                                                                                                                                                                                                                                               ","                                                                                                                                                                                                                                                               ","No","Surgery + RT","Surgery + RT","Curative","IMRT","Postoperative","Complete response",4.5,1.8,"Bone","Cohesive","No","No","Well differentiated","T4a","T4a","pT_stage","N0","N0","pN_stage","Mx","Stage IVA","Stage IVA","Stage III-IV","pDisease",0,0,"No","Clear (>5 mm)","6       ","Alive",80,0,60]
["704","Yes",11,2,"CNA_quiet_candidate","Yes",0.24,0.626,56,39,"CNA_other","Yes",0.24,3.1,0.622,39,0.996,4,0.998,"CNA_other",null,"CNA_other",0.622,0.24,39,"Mutated","WT","WT","WT","Mutated","WT","WT","WT","WT","Mutated","WT","WT","WT","WT","WT","WT","WT","WT","WT","WT","WT","WT","Mutated","WT","WT","WT","WT","WT","WT","CDKN2A,NOTCH1,TP53,KEAP1",null,2008,57,"Male","Current","Cigarettes",40,45,90,"Current",2,40,80,"Edendate ","C06.2 retromolar area","Retromolar trigone","Left","T4a","N0","Stage IVA","Stage III-IV","n.a.","                                                                                                                                                                                                                                                               ","                                                                                                                                                                                                                                                               ","No","Surgery + RT","Surgery + RT","Curative","IMRT","Postoperative","Complete response",4,null,"Lamina propria","Cohesive","Unknown","Unknown","Moderately differentiated","T2","T2","pT_stage","N0","N0","pN_stage","Mx","Stage II","Stage II","Stage I-II","pDisease",null,0,"No","Involved (<1 mm)","0       ","Alive",69,0,60]
["705","Yes",2,0,"CNA_quiet_candidate","Yes",0.27,0.25,35,13,"CNA_other","Yes",0.27,1.98,0.264,13,0.999,4,0.999,"CNA_other",null,"CNA_other",0.264,0.27,13,"Mutated","WT","WT","WT","WT","Mutated","WT","WT","WT","WT","WT","WT","Mutated","WT","WT","WT","WT","WT","WT","WT","WT","WT","WT","WT","WT","Mutated","WT","WT","WT","FAT1,TERT,NSD1,TP53",null,2008,62,"Male","Current","Cigarettes",20,45,45,"Current",5.142857142857143,45,225,"Dentate","C02.2 ventral surface of tongue","Mobile tongue","Right","T2","N0","Stage II","Stage I-II","n.a.","                                                                                                                                                                                                                                                               ","                                                                                                                                                                                                                                                               ","No","Surgery","Surgery","Curative","None","n.a.","Complete response",1,null,"Lamina propria","Cohesive","Unknown","Unknown","Well differentiated","T1","T1","pT_stage","N0","N0","pN_stage","Mx","Stage I","Stage I","Stage I-II","pDisease",0,null,"No","Clear (>5 mm)","2,5     ","Alive",48,0,48]
["706","Yes",13,3,"CNA_other","No",{"$nulls":15},"CNA_other",{"$nulls":34},2008,54,"Female","Current","Cigarettes",10,38,19,"Current",3,37,111,"Dentate","C03.1 lower gum","Vestibule of the mouth ","Right","T4a","N0","Stage IVA","Stage III-IV","n.a.","                                                                                                                                                                                                                                                               ","                                                                                                                                                                                                                                                               ","No","Surgery + RT","Surgery + RT","Curative","IMRT","Postoperative","Complete response",2,null,"Bone","Unknown","Unknown","Unknown","Moderately differentiated","T4a","T4a","pT_stage","N1","N1","pN_stage","Mx","Stage IVA","Stage IVA","Stage III-IV","pDisease",1,null,"No","Unknown (not assessable)","        ","Dead",93,0,60]
["707","Yes",5,1,"CNA_quiet_candidate","Yes",0.11,0.266,43,18,"CNA_other",{"$nulls":10},"CNA_other",0.266,0.11,18,{"$nulls":31},2008,69,"Male","Current","Cigarettes",20,51,51,"Current",2,51,102,"Edendate ","C04.0 anterior floor of mouth","Floor of mouth","Right","T2","N0","Stage II","Stage I-II","n.a.","                                                                                                                                                                                                                                                               ","                                                                                                                                                                                                                                                               ","No","Surgery + RT","Surgery + RT","Curative","IMRT","Postoperative","Complete response",2.1,null,"Submucosa","Unknown","No","Yes","Moderately differentiated","T2","T2","pT_stage","N0","N0","pN_stage","Mx","Stage II","Stage II","Stage I-II","pDisease",0,null,"No","Involved (<1 mm)","0,5     ","Dead",31,1,31]
["708","Yes",0,0,"CNA_quiet_candidate","Yes",0.05,0.125,36,4,"Exclude",{"$nulls":10},"Exclude",0.125,0.05,4,{"$nulls":31},2008,75,"Female","Never","n.a.",0,0,0,"Current",0.14,58,8,"Dentate","C02.1 border of tongue","Mobile tongue","Right","T1","N0","Stage I","Stage I-II","n.a.","                                                                                                                                                                                                                                                               ","                                                                                                                                                                                                                                                               ","No","Surgery","Surgery","Curative","None","n.a.","Complete response",null,null,"Unknown","Unknown","Unknown","Unknown","Unknown","T1","T1","pT_stage","n.a. (no neck dissection)","N0","cN_stage","Mx","Stage I","Stage I","Stage I-II","pDisease",null,null,"n.a. (no neck dissection)","Clear (>5 mm)","0       ","Dead",98,0,60]
["709","Yes",5,1,"CNA_quiet_candidate","Yes",0.58,0.159,30,8,"CNA_other",{"$nulls":10},"CNA_other",0.159,0.58,8,{"$nulls":31},2009,73,"Male","Current","Cigarettes",20,61,61,"Current",6,55,330,null,"C04.0 anterior floor of mouth","Floor of mouth","Midline","T4a","N0","Stage IVA","Stage III-IV","n.a.","                                                                                                                                                                                                                                                               ","                                                                                                                                                                                                                                                               ","No","Surgery + RT","Surgery + RT","Curative","IMRT","Postoperative","Complete response",2.1,1.2,"Bone","Non-cohesive","Yes","No","Moderately differentiated","T4a","T4a","pT_stage","N0","N0","pN_stage","Mx","Stage IVA","Stage IVA","Stage III-IV","pDisease",0,0,"No","Close (1-5 mm)","1       ","Dead",19,1,19]
["710","Yes",9,0,"CNA_quiet_candidate","Yes",0.35,0.006,23,1,"CNA_quiet_candidate","Yes",0.35,2,0.007,1,1,3,0.981,"CNA_quiet",null,"CNA_quiet",0.007,0.35,1,"WT","Mutated","WT","WT","WT","WT","WT","WT","WT","WT","WT","WT","Mutated","WT","WT","WT","WT","WT","WT","WT","WT","WT","WT","WT","WT","Mutated","WT","WT","WT","CASP8,FAT1,NSD1",null,2009,71,"Female","Former","Cigarettes",15,40,30,"Current",2.571428571428572,53,159,"Edendate ","C06.0 cheek mucosa","Cheek mucosa","Right","T1","N0","Stage I","Stage I-II","n.a.","                                                                                                                                                                                                                                                               ","                                                                                                                                                                                                                                                               ","No","Surgery + RT","Surgery + RT","Curative","IMRT","Postoperative","Complete response",1.5,0.5,"Muscle","Non-cohesive","No","No","Well differentiated","T1","T1","pT_stage","n.a. (no neck dissection)","N0","cN_stage","Mx","Stage I","Stage I","Stage I-II","pDisease",null,null,"n.a. (no neck dissection)","Involved (<1 mm)","0       ","Dead",66,0,60,"Non-cohesive"]
["711","Yes",7,3,"CNA_other","No",{"$nulls":15},"CNA_other",{"$nulls":34},2013,86,"Female","Never","n.a.",0,0,0,"Never",0,0,0,"Dentate","C06.0 cheek mucosa","Cheek mucosa","Right","T1","N0","Stage I","Stage I-II","n.a.","                                                                                                                                                                                                                                                               ","                                                                                                                                                                                                                                                               ","No","Surgery","Surgery","Curative","None","n.a.","Complete response",2.2,0.5,"Lamina propria","Non-cohesive","No","No","Moderately differentiated","T2","T2","pT_stage","n.a. (no neck dissection)","N0","cN_stage","Mx","Stage II","Stage II","Stage I-II","pDisease",null,null,"n.a. (no neck dissection)","Close (1-5 mm)","1       ","Dead",6,1,6]
["712","Yes",1,0,"CNA_quiet_candidate","Yes",0.17,0.472,38,20,"CNA_other",{"$nulls":10},"CNA_other",0.472,0.17,20,{"$nulls":31},2014,81,"Male","Former","Cigarettes",20,12,12,"Current",1,63,63,"Edendate ","C06.2 retromolar area","Retromolar trigone","Left","T1","N0","Stage I","Stage I-II","n.a.","                                                                                                                                                                                                                                                               ","                                                                                                                                                                                                                                                               ","No","Surgery","Surgery","Curative","None","n.a.","Complete response",2,1,"Lamina propria","Non-cohesive","No","No","Poorly differentiated","T2","T2","pT_stage","n.a. (no neck dissection)","N0","cN_stage",null,"Stage II","Stage II","Stage I-II","pDisease",null,null,"n.a. (no neck dissection)","Clear (>5 mm)","6       ","Dead",13,1,13,"Non-cohesive"]
["713","Yes",13,4,"CNA_other","No",{"$nulls":15},"CNA_other",{"$nulls":34},2009,65,"Female","Former","Cigarettes",20,15,15,"Never",0,0,0,"Edendate ","C02.1 border of tongue","Mobile tongue","Right","T4a","N1","Stage IVA","Stage III-IV","Ipsilateral","2                                                                                                                                                                                                                                                              ","                                                                                                                                                                                                                                                               ","No","Surgery + RT","Surgery + RT","Curative","IMRT","Postoperative","Partial response",6,null,"Submucosa","Non-cohesive","Yes","No","Moderately differentiated","T4a","T4a","pT_stage","N1","N1","pN_stage","Mx","Stage IVA","Stage IVA","Stage III-IV","pDisease",1,null,"No","Involved (<1 mm)","0,5     ","Dead",7,1,7]
["714","Yes",12,2,"CNA_quiet_candidate","Yes",0.17,0.702,40,26,"CNA_other",{"$nulls":10},"CNA_other",0.702,0.17,26,{"$nulls":31},2009,70,"Male","Current","Cigarettes",12,53,32,"Current",3,53,159,"Dentate","C04.0 anterior floor of mouth","Floor of mouth","Right","T1","N0","Stage I","Stage I-II","n.a.","                                                                                                                                                                                                                                                               ","                                                                                                                                                                                                                                                               ","No","Surgery","Surgery","Curative","None","n.a.","Complete response",0.5,0.3,"Lamina propria","Non-cohesive","No","No","Unknown","T1","T1","pT_stage","n.a. (no neck dissection)","N0","cN_stage","Mx","Stage I","Stage I","Stage I-II","pDisease",null,null,"n.a. (no neck dissection)","Clear (>5 mm)","        ","Dead",59,1,59]
["715","Yes",1,0,"CNA_quiet_candidate","Yes",0.05,0.103,31,5,"Exclude",{"$nulls":10},"Exclude",0.103,0.05,5,{"$nulls":31},2011,61,"Female","Current","Cigarettes",15,40,30,"Never",0,0,0,null,"C02.1 border of tongue","Mobile tongue","Right","T1","N0","Stage I","Stage I-II","n.a.","                                                                                                                                                                                                                                                               ","                                                                                                                                                                                                                                                               ","No","Surgery + RT","Surgery + RT","Curative","IMRT","Postoperative","Complete response",null,null,"Lamina propria","Non-cohesive","Unknown","Yes","Poorly differentiated","T1","T1","pT_stage","N0","N0","pN_stage","Mx","Stage I","Stage I","Stage I-II","pDisease",0,null,"No","Close (1-5 mm)","4       ","Alive",69,0,60,"Non-cohesive"]
["716","Yes",10,1,"CNA_quiet_candidate","Yes",0.31,0.22,35,13,"CNA_other",{"$nulls":10},"CNA_other",0.22,0.31,13,{"$nulls":31},2009,63,"Male","Former","Cigarettes",20,10,10,"Current",9,46,414,null,"C03.1 lower gum","Vestibule of the mouth ","Left","T4a","N2b","Stage IVA","Stage III-IV","Ipsilateral","                                                                                                                                                                                                                                                               ","1;2;3                                                                                                                                                                                                                                                          ","No","Surgery + RT","Surgery + RT","Curative","IMRT","Postoperative",null,5,null,"Bone","Cohesive","No","No","Moderately differentiated","T4a","T4a","pT_stage","N0","N0","pN_stage","Mx","Stage IVA","Stage IVA","Stage III-IV","pDisease",null,0,"No","Involved (<1 mm)","0       ","Dead",12,1,12,"Cohesive"]
["717","Yes",7,2,"CNA_quiet_candidate","Yes",0.65,0.231,30,10,"CNA_other","Yes",0.65,2,0.247,10,0.998,8,1,"CNA_other",null,"CNA_other",0.247,0.65,10,"Mutated","Mutated","WT","WT","Mutated","Mutated","WT","WT","WT","WT","WT","WT","Mutated","WT","WT","WT","WT","WT","WT","WT","WT","WT","WT","WT","WT","WT","WT","WT","WT","CASP8,FAT1,TERT,CDKN2A,TP53",null,2009,76,"Male","Current","Cigarettes",10,59,30,"Current",3,59,177,null,"C02.1 border of tongue","Mobile tongue","Left","T3","N2c","Stage IVA","Stage III-IV","Bilateral","1                                                                                                                                                                                                                                                              ","1;3                                                                                                                                                                                                                                                            ","No","Surgery + RT","Surgery + RT","Curative","IMRT","Postoperative","Complete response",3.4,1.3,"Muscle","Non-cohesive","No","No","Moderately differentiated","T3","T3","pT_stage","N2c","N2c","pN_stage","Mx","Stage IVA","Stage IVA","Stage III-IV","pDisease",0,4,"No","Clear (>5 mm)","        ","Dead",14,1,14,"Non-cohesive"]
["718","Yes",0,0,"CNA_quiet_candidate","Yes",1,0,24,0,"CNA_quiet_candidate","Yes",0.043,2,0,0,0,1,0,"Exclude","Power_too_low_muts","Exclude",0,0.043,0,{"$nulls":31},2009,58,"Male","Former","Cigarettes",5,38,10,"Current",3,40,120,"Dentate","C02.1 border of tongue","Mobile tongue","Right","T2","N0","Stage II","Stage I-II","n.a.","                                                                                                                                                                                                                                                               ","                                                                                                                                                                                                                                                               ","No","Surgery + RT","Surgery + RT","Curative","IMRT","Postoperative","Complete response",1.1,null,"Muscle","Non-cohesive","Yes","Yes","Moderately differentiated","T1","T1","pT_stage","N0","N0","pN_stage","Mx","Stage I","Stage I","Stage I-II","pDisease",0,null,"No","Clear (>5 mm)","5       ","Alive",55,0,55]
["720","Yes",0,0,"CNA_quiet_candidate","Yes",0.05,0.089,25,3,"Exclude",{"$nulls":10},"Exclude",0.089,0.05,3,{"$nulls":31},2010,61,"Female","Former","Cigarettes",4,44,9,"Never",0,0,0,"Dentate","C05.0 hard palate","Hard palate","Left","T4a","N0","Stage IVA","Stage III-IV","n.a.","                                                                                                                                                                                                                                                               ","                                                                                                                                                                                                                                                               ","No","Surgery + RT","Surgery + RT","Curative","IMRT","Postoperative","Complete response",1.2,null,"Bone","Non-cohesive","No","No","Moderately differentiated","T4a","T4a","pT_stage","n.a. (no neck dissection)","N0","cN_stage","Mx","Stage IVA","Stage IVA","Stage III-IV","pDisease",null,null,"n.a. (no neck dissection)","Clear (>5 mm)","        ","Alive",105,0,60,"Non-cohesive"]
["721","Yes",20,4,"CNA_other","No",{"$nulls":15},"CNA_other",{"$nulls":34},2010,64,"Male","Current","Cigarettes",65,45,146,"Current",5,47,188,"Edendate ","C03.0 upper gum","Vestibule of the mouth ","Right","T4b","N2a","Stage IVB","Stage III-IV","Ipsilateral","2                                                                                                                                                                                                                                                              ","                                                                                                                                                                                                                                                               ","No","None","None","Palliative","None","n.a.","Not applicable",null,null,"Muscle","Unknown","Unknown","Unknown","Poorly differentiated","n.a. (no surgery)","T4b","cT_stage","n.a. (no neck dissection)","N2a","cN_stage","77",77,"Stage IVB","Stage III-IV","cDisease",null,null,"n.a. (no neck dissection)","n.a. (no surgery)","        ","Dead",5,1,5]
["722","Yes",0,0,"CNA_quiet_candidate","Yes",0.05,0.082,29,3,"Exclude",{"$nulls":10},"Exclude",0.082,0.05,3,{"$nulls":31},2010,66,"Male","Current","Cigarettes",20,45,45,"Former",{"$nulls":3},"Edendate ","C04.0 anterior floor of mouth","Floor of mouth","Left","T2","N2c","Stage IVA","Stage III-IV","Bilateral","2                                                                                                                                                                                                                                                              ","3                                                                                                                                                                                                                                                              ","No","Radiotherapy","Radiotherapy","Palliative","IMRT","Definitive","Complete response",null,null,"Submucosa","Unknown","Unknown","Unknown","Moderately differentiated","n.a. (no surgery)","T2","cT_stage","n.a. (no neck dissection)","N2c","cN_stage","77",77,"Stage IVA","Stage III-IV","cDisease",null,null,"n.a. (no neck dissection)","n.a. (no surgery)","        ","Alive",47,0,47]
["723","Yes",0,0,"CNA_quiet_candidate","Yes",1,0.003,27,1,"CNA_quiet_candidate","Yes",0.16,2,0.003,1,1,5,0.997,"CNA_quiet",null,"CNA_quiet",0.003,0.16,1,"WT","Mutated","WT","WT","WT","Mutated","WT","WT","WT","Mutated","WT","Mutated","WT","Mutated","WT","WT","WT","WT","WT","WT","WT","WT","WT","WT","WT","WT","WT","WT","WT","EPHA2,NOTCH2,CASP8,TERT,NOTCH1",null,2011,83,"Female","Never","n.a.",0,0,0,"Current",0.14,66,9,"Dentate","C03.1 lower gum","Vestibule of the mouth ","Left","T1","N0","Stage I","Stage I-II","n.a.","                                                                                                                                                                                                                                                               ","                                                                                                                                                                                                                                                               ","No","Surgery","Surgery","Curative","None","n.a.","Complete response",2.5,0.3,"Lamina propria","Non-cohesive","No","No","Poorly differentiated","T2","T2","pT_stage","n.a. (no neck dissection)","N0","cN_stage","Mx","Stage II","Stage II","Stage I-II","pDisease",null,null,"n.a. (no neck dissection)","Involved (<1 mm)","0       ","Dead",87,0,60,"Non-cohesive"]
["724","Yes",15,2,"CNA_quiet_candidate","Yes",0.25,0.053,24,1,"CNA_quiet_candidate","Yes",0.25,2.01,0.055,1,1,3,0.922,"CNA_quiet",null,"CNA_quiet",0.055,0.25,1,"Mutated","WT","WT","WT","WT","WT","WT","Mutated","WT","WT","WT","WT","WT","WT","WT","WT","WT","WT","WT","WT","WT","WT","WT","WT","WT","WT","WT","WT","WT","FBXW7,TP53",null,2013,65,"Male","Never","n.a.",0,0,0,"Current",1,47,47,null,"C06.0 cheek mucosa","Cheek mucosa","Right","T2","N0","Stage II","Stage I-II","n.a.","                                                                                                                                                                                                                                                               ","                                                                                                                                                                                                                                                               ","No","Surgery","Surgery","Curative","None","n.a.","Complete response",null,null,"Lamina propria","Cohesive","No","No","Well differentiated","T2","T2","pT_stage","n.a. (no neck dissection)","N0","cN_stage","Mx","Stage II","Stage II","Stage I-II","pDisease",null,null,"n.a. (no neck dissection)","Clear (>5 mm)","        ","Alive",50,0,50]
["725","Yes",16,3,"CNA_other","No",{"$nulls":15},"CNA_other",{"$nulls":34},2010,56,"Male","Current","Cigarettes",20,38,38,"Current",3,38,114,null,"C02.1 border of tongue","Mobile tongue","Right","T2","N0","Stage II","Stage I-II","n.a.","                                                                                                                                                                                                                                                               ","                                                                                                                                                                                                                                                               ","No","Surgery + RT","Surgery + RT","Curative","IMRT","Postoperative","Complete response",3.4,null,"Lamina propria","Non-cohesive","No","Yes","Well differentiated","T2","T2","pT_stage","N1","N1","pN_stage","Mx","Stage III","Stage III","Stage III-IV","pDisease",1,null,"No","Close (1-5 mm)","3       ","Alive",15,0,15,"Non-cohesive"]
["727","Yes",15,4,"CNA_other","No",{"$nulls":15},"CNA_other",{"$nulls":34},2010,49,"Male","Former","Cigarettes",40,20,40,"Former",8,18,144,"Dentate","C02.1 border of tongue","Mobile tongue","Right","T1","N0","Stage I","Stage I-II","n.a.","                                                                                                                                                                                                                                                               ","                                                                                                                                                                                                                                                               ","No","Surgery","Surgery","Curative","None","n.a.","Complete response",2,null,"Lamina propria","Non-cohesive","Yes","No","Moderately differentiated","T1","T1","pT_stage","N0","N0","pN_stage","Mx","Stage I","Stage I","Stage I-II","pDisease",0,null,"No","Clear (>5 mm)","        ","Alive",30,0,30]
["729","Yes",3,0,"CNA_quiet_candidate","Yes",0.2,0.139,28,7,"CNA_other",{"$nulls":10},"CNA_other",0.139,0.2,7,{"$nulls":31},2011,60,"Male","Current","Cigars/pipe",4,42,25,"Current",3,42,126,"Dentate","C02.1 border of tongue","Mobile tongue","Right","T1","N0","Stage I","Stage I-II","n.a.","                                                                                                                                                                                                                                                               ","                                                                                                                                                                                                                                                               ","No","Surgery","Surgery","Curative","None","n.a.","Complete response",1.7,0.7,"Muscle","Non-cohesive","No","No","Moderately differentiated","T2","T2","pT_stage","N0","N0","pN_stage","Mx","Stage II","Stage II","Stage I-II","pDisease",0,null,"No","Close (1-5 mm)","3       ","Dead",83,0,60]
["730","Yes",19,4,"Unclear","Yes",0.2,0.75,72,50,"CNA_other",{"$nulls":10},"CNA_other",0.75,0.2,50,{"$nulls":31},2010,60,"Male","Current","Cigarettes",33,30,50,"Current",8,42,336,"Dentate","C02.1 border of tongue","Mobile tongue","Left","T2","N0","Stage II","Stage I-II","n.a.","                                                                                                                                                                                                                                                               ","                                                                                                                                                                                                                                                               ","No","Surgery + RT","Surgery + RT","Curative","IMRT","Postoperative",null,4,null,"Muscle","Non-cohesive","Yes","No","Moderately differentiated","T2","T2","pT_stage","N0","N0","pN_stage","Mx","Stage II","Stage II","Stage I-II","pDisease",null,0,"No","Close (1-5 mm)","1       ","Dead",14,1,14,"Non-cohesive"]
["731","Yes",15,3,"CNA_other","No",{"$nulls":15},"CNA_other",{"$nulls":34},2014,47,"Female","Current","Cigarettes",5,30,8,"Current",1,30,30,"Dentate","C03.0 upper gum","Vestibule of the mouth ","Right","T4a","N0","Stage IVA","Stage III-IV","n.a.","                                                                                                                                                                                                                                                               ","                                                                                                                                                                                                                                                               ","No","Surgery + RT","Surgery + RT","Curative","IMRT","Postoperative","Complete response",1.5,1.2,"Bone","Cohesive","No","Yes","Unknown","T4a","T4a","pT_stage","n.a. (no neck dissection)","N0","cN_stage",null,"Stage IVA","Stage IVA","Stage III-IV","pDisease",null,null,"n.a. (no neck dissection)","Involved (<1 mm)","0       ","Dead",37,1,37,"Cohesive"]
["732","Yes",18,4,"CNA_other","No",{"$nulls":15},"CNA_other",{"$nulls":34},2013,39,"Male","Never","n.a.",0,0,0,"Never",0,0,0,"Dentate","C02.1 border of tongue","Mobile tongue","Left","T1","N0","Stage I","Stage I-II","n.a.","                                                                                                                                                                                                                                                               ","                                                                                                                                                                                                                                                               ","No","Surgery","Surgery","Curative","None","n.a.","Complete response",0.6,null,"Lamina propria","Cohesive","No","No","Poorly differentiated","T1","T1","pT_stage","n.a. (no neck dissection)","N0","cN_stage","Mx","Stage I","Stage I","Stage I-II","pDisease",null,null,"n.a. (no neck dissection)","Close (1-5 mm)","2,5     ","Alive",66,0,60,"Cohesive"]
["733","Yes",9,3,"CNA_other","No",{"$nulls":15},"CNA_other",{"$nulls":34},2010,54,"Male","Current","Cigarettes",7,29,10,"Never",0,0,0,null,"C04.1 lateral floor of mouth","Floor of mouth","Right","T2","N0","Stage II","Stage I-II","n.a.","                                                                                                                                                                                                                                                               ","                                                                                                                                                                                                                                                               ","No","Surgery + RT","Surgery + RT","Curative","IMRT","Postoperative","Complete response",3.2,null,"Lamina propria","Non-cohesive","No","Yes","Moderately differentiated","T2","T2","pT_stage","N0","N0","pN_stage","Mx","Stage II","Stage II","Stage I-II","pDisease",0,null,"No","Close (1-5 mm)","2       ","Alive",99,0,60,"Non-cohesive"]
["734","Yes",6,1,"CNA_quiet_candidate","Yes",0.11,0.101,22,3,"CNA_quiet_candidate","Yes",0.24,2,0.099,3,1,9,0.999,"CNA_quiet",null,"CNA_quiet",0.099,0.24,3,"WT","WT","WT","Mutated","WT","Mutated","WT","Mutated","WT","WT","Mutated","Mutated","WT","WT","WT","Mutated","WT","WT","WT","WT","WT","WT","WT","WT","WT","WT","WT","WT","Mutated","NOTCH2,PIK3CA,TP63,FBXW7,TERT,ZNF750,ASXL1",null,2010,77,"Male","Never","n.a.",0,0,0,"Current",4,59,236,null,"C06.0 cheek mucosa","Cheek mucosa","Right","T4b","N2b","Stage IVB","Stage III-IV","Ipsilateral","1;2                                                                                                                                                                                                                                                            ","                                                                                                                                                                                                                                                               ","No","Surgery","Surgery","Curative","None","n.a.","Complete response",4.2,null,"Muscle","Cohesive","Yes","Yes","Moderately differentiated","T4b","T4b","pT_stage","N3b","N3b","pN_stage","Mx","Stage IVB","Stage IVB","Stage III-IV","pDisease",3,null,"Yes","Involved (<1 mm)","0       ","Dead",3,1,3]
["735","Yes",24,5,"CNA_other","No",{"$nulls":15},"CNA_other",{"$nulls":34},2012,74,"Male","Current","Cigarettes",20,57,57,"Current",10,56,560,"Dentate","C04.0 anterior floor of mouth","Floor of mouth","Left","T1","N0","Stage I","Stage I-II","n.a.","                                                                                                                                                                                                                                                               ","                                                                                                                                                                                                                                                               ","No","Surgery","Surgery","Curative","None","n.a.","Complete response",1.4,0.09,"Lamina propria","Cohesive","No","No","Moderately differentiated","T1","T1","pT_stage","N0","N0","pN_stage","Mx","Stage I","Stage I","Stage I-II","pDisease",null,0,"No","Clear (>5 mm)","5       ","Dead",68,0,60]
["736","Yes",4,0,"CNA_quiet_candidate","Yes",0.18,0.332,40,14,"CNA_other",{"$nulls":10},"CNA_other",0.332,0.18,14,{"$nulls":31},2011,66,"Male","Former","Cigarettes",10,20,10,"Never",0,0,0,"Edendate ","C02.1 border of tongue","Mobile tongue","Right","T3","N0","Stage III","Stage III-IV","n.a.","                                                                                                                                                                                                                                                               ","                                                                                                                                                                                                                                                               ","No","Surgery + RT","Surgery + RT","Curative","IMRT","Postoperative","Complete response",5,2,"Muscle","Non-cohesive","Yes","Yes","Poorly differentiated","T4a","T4a","pT_stage","N0","N0","pN_stage","Mx","Stage IVA","Stage IVA","Stage III-IV","pDisease",0,null,"No","Involved (<1 mm)","0,9     ","Dead",15,1,15,"Non-cohesive"]
["737","Yes",17,3,"CNA_other","No",{"$nulls":15},"CNA_other",{"$nulls":34},2013,80,"Male","Former","Cigarettes",9,40,22,"Former",5,48,240,"Edendate ","C02.1 border of tongue","Mobile tongue","Left","T4a","N0","Stage IVA","Stage III-IV","n.a.","                                                                                                                                                                                                                                                               ","                                                                                                                                                                                                                                                               ","No","Surgery + RT","Surgery + RT","Curative","IMRT","Postoperative","Complete response",2.5,1.8,"Lamina propria","Non-cohesive","No","Yes","Moderately differentiated","T3","T3","pT_stage","N0","N0","pN_stage","Mx","Stage III","Stage III","Stage III-IV","pDisease",null,0,"No","Clear (>5 mm)","5       ","Dead",49,1,49]
["739","Yes",1,0,"CNA_quiet_candidate","Yes",0.2,0.414,42,21,"CNA_other",{"$nulls":10},"CNA_other",0.414,0.2,21,{"$nulls":31},2009,58,"Female","Current","Cigarettes",20,40,40,"Current",5,20,100,"Edendate ","C04.0 anterior floor of mouth","Floor of mouth","Right","T1","N0","Stage I","Stage I-II","n.a.","                                                                                                                                                                                                                                                               ","                                                                                                                                                                                                                                                               ","No","Surgery","Surgery","Curative","None","n.a.","Complete response",0.2,0.3,"Lamina propria","Cohesive","No","No","Well differentiated","T1","T1","pT_stage","N0","N0","pN_stage","Mx","Stage I","Stage I","Stage I-II","pDisease",0,null,"No","Close (1-5 mm)","2       ","Alive",61,0,60]
["741","Yes",15,3,"Unclear","Yes",0.07,0.505,43,21,"CNA_other",{"$nulls":10},"CNA_other",0.505,0.07,21,{"$nulls":31},2012,78,"Female","Never","n.a.",0,0,0,"Never",0,0,0,"Edendate ","C04.0 anterior floor of mouth","Floor of mouth","Left","T3","N0","Stage III","Stage III-IV","n.a.","                                                                                                                                                                                                                                                               ","                                                                                                                                                                                                                                                               ","No","Surgery","Surgery","Curative","None","n.a.","Complete response",3.3,1.2,"Lamina propria","Non-cohesive","No","Yes","Poorly differentiated","T3","T3","pT_stage","N0","N0","pN_stage","Mx","Stage III","Stage III","Stage III-IV","pDisease",null,0,"No","Close (1-5 mm)","4       ","Dead",50,1,50,"Non-cohesive"]
["742","Yes",20,4,"CNA_other","No",{"$nulls":15},"CNA_other",{"$nulls":34},2009,63,"Female","Current","Cigarettes",25,45,56,"Former",21,45,945,"Dentate","C02.1 border of tongue","Mobile tongue","Right","Tis","N0","Stage 0 (CIS)",null,"n.a.","                                                                                                                                                                                                                                                               ","                                                                                                                                                                                                                                                               ","No","Surgery","Surgery","Curative","None","n.a.","Complete response",0.2,0.15,"Lamina propria","Non-cohesive","No","No","Unknown","T1","T1","pT_stage","n.a. (no neck dissection)","N0","cN_stage","Mx","Stage I","Stage I","Stage I-II","pDisease",null,null,"n.a. (no neck dissection)","Clear (>5 mm)","        ","Alive",109,0,60]
["743","Yes",0,0,"CNA_quiet_candidate","Yes",0.37,0.012,22,1,"CNA_quiet_candidate","Yes",0.4,2.01,0.012,1,1,8,0.998,"CNA_quiet",null,"CNA_quiet",0.012,0.4,1,"WT","Mutated","WT","Mutated","Mutated","Mutated","WT","WT","WT","Mutated","WT","WT","WT","Mutated","WT","WT","WT","WT","WT","WT","WT","WT","WT","WT","WT","WT","WT","Mutated","WT","EPHA2,CASP8,TGFBR2,PIK3CA,TERT,CDKN2A,NOTCH1",null,2011,74,"Male","Former","Cigars/pipe",6,50,45,"Current",3,56,168,"Dentate","C03.1 lower gum","Vestibule of the mouth ","Right","T2","N0","Stage II","Stage I-II","n.a.","                                                                                                                                                                                                                                                               ","                                                                                                                                                                                                                                                               ","No","Surgery + RT","Surgery + RT","Curative","IMRT","Postoperative","Complete response",2.1,null,"Muscle","Non-cohesive","Yes","No","Moderately differentiated","T2","T2","pT_stage","N1","N1","pN_stage","Mx","Stage III","Stage III","Stage III-IV","pDisease",1,null,"No","Close (1-5 mm)","1,7     ","Dead",58,1,58,"Non-cohesive"]
["744","Yes",13,3,"CNA_other","No",{"$nulls":15},"CNA_other",{"$nulls":34},2012,64,"Male","Current","Cigarettes",5,50,13,"Current",5,46,230,"Dentate","C02.1 border of tongue","Mobile tongue","Left","T1","N0","Stage I","Stage I-II","n.a.","                                                                                                                                                                                                                                                               ","                                                                                                                                                                                                                                                               ","No","Surgery + RT","Surgery + RT","Curative","IMRT","Postoperative","Complete response",1.2,1.3,"Lamina propria","Cohesive","No","No","Moderately differentiated","T3","T3","pT_stage","N0","N0","pN_stage","Mx","Stage III","Stage III","Stage III-IV","pDisease",null,0,"No","Close (1-5 mm)","1       ","Alive",84,0,60,"Cohesive"]
["745","Yes",12,3,"CNA_other","No",{"$nulls":15},"CNA_other",{"$nulls":34},2012,88,"Male","Never","n.a.",0,0,0,"Current",1,71,71,"Edendate ","C06.2 retromolar area","Retromolar trigone","Left","T4a","N1","Stage IVA","Stage III-IV","Ipsilateral","                                                                                                                                                                                                                                                               ","2                                                                                                                                                                                                                                                              ","No","Radiotherapy","Radiotherapy","Palliative","IMRT","Definitive","Complete response",null,null,"Unknown","Non-cohesive","Unknown","Unknown","Well differentiated","n.a. (no surgery)","T4a","cT_stage","n.a. (no neck dissection)","N1","cN_stage","77",77,"Stage IVA","Stage III-IV","cDisease",null,null,"n.a. (no neck dissection)","n.a. (no surgery)","        ","Dead",7,1,7]
["746","Yes",1,0,"CNA_quiet_candidate","Yes",0.05,0.014,24,1,"CNA_quiet_candidate","Yes",0.23,2,0.014,1,1,4,0.999,"CNA_quiet",null,"CNA_quiet",0.014,0.23,1,"WT","WT","WT","WT","WT","Mutated","WT","WT","WT","WT","WT","WT","WT","WT","Mutated","WT","WT","Mutated","WT","WT","WT","WT","WT","WT","WT","WT","Mutated","WT","WT","RHOA,TERT,PTEN,KMT2D",null,2012,85,"Female","Never","n.a.",0,0,0,"Never",0,0,0,null,"C03.1 lower gum","Vestibule of the mouth ","Right","T3","N0","Stage III","Stage III-IV","n.a.","                                                                                                                                                                                                                                                               ","                                                                                                                                                                                                                                                               ","No","Surgery + RT","Surgery + RT","Curative","IMRT","Postoperative","Complete response",6.1,null,"Lamina propria","Non-cohesive","Yes","No","Moderately differentiated","T3","T3","pT_stage","N0","N0","pN_stage","Mx","Stage III","Stage III","Stage III-IV","pDisease",0,null,"No","Involved (<1 mm)","0       ","Dead",56,1,56,"Non-cohesive"]
["747","Yes",3,1,"CNA_quiet_candidate","Yes",0.09,0.226,26,7,"CNA_other",{"$nulls":10},"CNA_other",0.226,0.09,7,{"$nulls":31},2011,89,"Female","Never","n.a.",0,0,0,"Never",0,0,0,null,"C03.1 lower gum","Vestibule of the mouth ","Right","T2","N0","Stage II","Stage I-II","n.a.","                                                                                                                                                                                                                                                               ","                                                                                                                                                                                                                                                               ","No","Surgery","Surgery","Curative","None","n.a.","Complete response",3.5,0.7,null,"Non-cohesive","No","No","Well differentiated","T2","T2","pT_stage","n.a. (no neck dissection)","N0","cN_stage",null,"Stage II","Stage II","Stage I-II","pDisease",null,null,"n.a. (no neck dissection)","Involved (<1 mm)","0,8     ","Dead",65,0,60,"Non-cohesive"]
["748","Yes",1,0,"CNA_quiet_candidate","Yes",0.27,0.188,33,12,"CNA_other",{"$nulls":10},"CNA_other",0.188,0.27,12,{"$nulls":31},2013,63,"Male","Former","Cigarettes",20,20,20,"Current",3,45,135,null,"C03.1 lower gum","Vestibule of the mouth ","Right","T2","N1","Stage III","Stage III-IV","Ipsilateral","1                                                                                                                                                                                                                                                              ","                                                                                                                                                                                                                                                               ","No","Surgery","Surgery","Curative","None","n.a.","Complete response",4,0.5,null,"Non-cohesive","No","No","Moderately differentiated","T2","T2","pT_stage","N1","N1","pN_stage","Mx","Stage III","Stage III","Stage III-IV","pDisease",1,null,"No","Close (1-5 mm)","3       ","Dead",13,1,13,"Non-cohesive"]
["749","Yes",7,2,"CNA_quiet_candidate","Yes",0.17,0.155,26,5,"CNA_quiet_candidate","Yes",0.28,2,0.152,5,1,3,0.648,"Exclude","Power_too_low_muts","Exclude",0.152,0.28,5,{"$nulls":31},2012,69,"Male","Current","Cigarettes",18,54,49,"Current",3,51,153,"Dentate","C02.1 border of tongue","Mobile tongue","Right","T1","N0","Stage I","Stage I-II","n.a.","                                                                                                                                                                                                                                                               ","                                                                                                                                                                                                                                                               ","No","Surgery","Surgery","Curative","None","n.a.","Complete response",null,0.1,"Lamina propria","Unknown","No","No","Well differentiated","T1","T1","pT_stage","n.a. (no neck dissection)","N0","cN_stage","Mx","Stage I","Stage I","Stage I-II","pDisease",null,null,"n.a. (no neck dissection)","Clear (>5 mm)","7       ","Alive",11,0,11]
["750","Yes",15,3,"CNA_other","No",{"$nulls":15},"CNA_other",{"$nulls":34},2012,64,"Male","Current","Cigarettes",10,60,30,"Current",5,46,230,"Dentate","C02.1 border of tongue","Mobile tongue","Left","T2","N0","Stage II","Stage I-II","n.a.","                                                                                                                                                                                                                                                               ","                                                                                                                                                                                                                                                               ","No","Surgery + RT","Surgery + RT","Curative","IMRT","Postoperative","Complete response",2.1,0.6,"Lamina propria","Non-cohesive","No","Yes","Moderately differentiated","T2","T2","pT_stage","N2a","N2a","pN_stage","Mx","Stage IVA","Stage IVA","Stage III-IV","pDisease",null,1,"Yes","Close (1-5 mm)","1       ","Alive",74,0,60]
["751","Yes",10,3,"CNA_other","No",{"$nulls":15},"CNA_other",{"$nulls":34},2012,63,"Male","Former","Cigarettes",30,40,60,"Current",1,45,45,"Dentate","C06.2 retromolar area","Retromolar trigone","Right","T2","N0","Stage II","Stage I-II","n.a.","                                                                                                                                                                                                                                                               ","                                                                                                                                                                                                                                                               ","No","Surgery","Surgery","Curative","None","n.a.","Complete response",2.5,0.5,"Lamina propria","Cohesive","No","No","Moderately differentiated","T2","T2","pT_stage","N0","N0","pN_stage","Mx","Stage II","Stage II","Stage I-II","pDisease",0,null,"No","Close (1-5 mm)","1       ","Dead",48,1,48,"Cohesive"]
["753","Yes",16,3,"CNA_other","No",{"$nulls":15},"CNA_other",{"$nulls":34},2012,68,"Male","Former","Cigarettes",10,47,24,"Current",4,50,200,"Edendate ","C04.0 anterior floor of mouth","Floor of mouth","Right","T4a","N3b","Stage IVB","Stage III-IV","Bilateral","1;5                                                                                                                                                                                                                                                            ","1;3;4                                                                                                                                                                                                                                                          ","Yes","Surgery + RT","Surgery + RT","Curative","IMRT","Postoperative","Complete response",0.8,0.7,"Muscle","Non-cohesive","Yes","Yes","Poorly differentiated","T2","T2","pT_stage","N3b","N3b","pN_stage","Mx","Stage IVB","Stage IVB","Stage III-IV","pDisease",39,6,"Yes","Close (1-5 mm)","1,2     ","Dead",19,1,19,"Non-cohesive"]
["754","Yes",18,3,"CNA_other","No",{"$nulls":15},"CNA_other",{"$nulls":34},2012,87,"Male","Former","Cigarettes",20,12,12,"Never",0.4285714285714285,0,0,"Edendate ","C04.0 anterior floor of mouth","Floor of mouth","Right","T1","N1","Stage III","Stage III-IV","Ipsilateral","2                                                                                                                                                                                                                                                              ","                                                                                                                                                                                                                                                               ","No","Surgery + RT","Surgery + RT","Curative","IMRT","Postoperative","Complete response",0.29,0.29,"Lamina propria","Non-cohesive","No","No","Poorly differentiated","T1","T1","pT_stage","N2a","N2a","pN_stage","Mx","Stage IVA","Stage IVA","Stage III-IV","pDisease",1,null,"Yes","Close (1-5 mm)","4       ","Alive",57,0,57,"Non-cohesive"]
["755","Yes",22,5,"CNA_other","No",{"$nulls":15},"CNA_other",{"$nulls":34},2013,53,"Female","Current","Cigarettes",20,36,36,"Current",6,36,216,"Dentate","C04.1 lateral floor of mouth","Floor of mouth","Midline","T3","N2c","Stage IVA","Stage III-IV","Ipsilateral","1                                                                                                                                                                                                                                                              ","3                                                                                                                                                                                                                                                              ","No","Surgery + RT","Surgery + RT","Curative","IMRT","Postoperative","Complete response",2.5,null,"Muscle","Non-cohesive","Yes","No","Poorly differentiated","T4a","T4a","pT_stage","N2c","N2c","pN_stage","Mx","Stage IVA","Stage IVA","Stage III-IV","pDisease",1,2,"No","Involved (<1 mm)","0       ","Dead",24,1,24,"Non-cohesive"]
["756","Yes",17,4,"CNA_other","No",{"$nulls":15},"CNA_other",{"$nulls":34},2013,66,"Female","Current","Cigarettes",18,39,35,"Former",10,45,450,"Dentate","C02.1 border of tongue","Mobile tongue","Left","T2","N1","Stage III","Stage III-IV","Ipsilateral","                                                                                                                                                                                                                                                               ","2                                                                                                                                                                                                                                                              ","No","Surgery + RT","Surgery + RT","Curative","IMRT","Postoperative","Complete response",2.3,0.9,"Lamina propria","Non-cohesive","No","Yes","Poorly differentiated","T2","T2","pT_stage","N2b","N2b","pN_stage","Mx","Stage IVA","Stage IVA","Stage III-IV","pDisease",null,13,"No","Close (1-5 mm)","2       ","Alive",58,0,58,"Non-cohesive"]
["758","Yes",5,1,"CNA_quiet_candidate","Yes",0.11,0.656,32,21,"CNA_other",{"$nulls":10},"CNA_other",0.656,0.11,21,{"$nulls":31},2012,60,"Male","Never","n.a.",0,0,0,"Never",0,0,0,"Dentate","C02.1 border of tongue","Mobile tongue","Left","T4a","N1","Stage IVA","Stage III-IV","Ipsilateral","                                                                                                                                                                                                                                                               ","2                                                                                                                                                                                                                                                              ","No","Surgery + RT","Surgery + RT","Curative","IMRT","Postoperative","Complete response",5.1,null,"Muscle","Non-cohesive","No","No","Well differentiated","T4a","T4a","pT_stage","N2b","N2b","pN_stage","Mx","Stage IVA","Stage IVA","Stage III-IV","pDisease",null,3,"No","Close (1-5 mm)","2       ","Dead",14,1,14,"Non-cohesive"]
["759","Yes",24,6,"CNA_other","No",{"$nulls":15},"CNA_other",{"$nulls":34},2013,83,"Female","Current","Cigarettes",15,68,51,"Never",0,0,0,"Dentate","C02.1 border of tongue","Mobile tongue","Left","T2","N0","Stage II","Stage I-II","n.a.","                                                                                                                                                                                                                                                               ","                                                                                                                                                                                                                                                               ","No","None","None","Palliative","None","n.a.","Not applicable",null,null,"Unknown","Non-cohesive","No","No","Moderately differentiated","n.a. (no surgery)","T2","cT_stage","n.a. (no neck dissection)","N0","cN_stage","77",77,"Stage II","Stage I-II","cDisease",null,null,"n.a. (no neck dissection)","n.a. (no surgery)","        ","Dead",17,1,17]
["761","Yes",0,0,"CNA_quiet_candidate","Yes",1,0,24,0,"CNA_quiet_candidate","Yes",1,2,0,0,1,0,1,"Exclude","No_evidence_of_tumor","Exclude",0,1,0,{"$nulls":31},2011,76,"Female","Never","n.a.",0,0,0,"Never",0,0,0,"Dentate","C03.1 lower gum","Vestibule of the mouth ","Left","T2","N0","Stage II","Stage I-II","n.a.","                                                                                                                                                                                                                                                               ","                                                                                                                                                                                                                                                               ","No","Surgery","Surgery","Curative","None","n.a.","Complete response",1,null,"Lamina propria","Non-cohesive","No","No","Poorly differentiated","T1","T1","pT_stage","n.a. (no neck dissection)","N0","cN_stage","Mx","Stage I","Stage I","Stage I-II","pDisease",null,null,"n.a. (no neck dissection)","Clear (>5 mm)","        ","Alive",94,0,60]
["763","Yes",2,0,"CNA_quiet_candidate","Yes",0.12,0.057,27,3,"CNA_quiet_candidate","Yes",0.69,2,0.053,3,1,5,0.999,"CNA_quiet",null,"CNA_quiet",0.053,0.69,3,"Mutated","WT","WT","Mutated","Mutated","Mutated","WT","WT","WT","WT","WT","WT","WT","Mutated","WT","WT","WT","WT","WT","WT","WT","WT","WT","WT","WT","WT","WT","WT","WT","EPHA2,PIK3CA,TERT,CDKN2A,TP53",null,2014,27,"Male","Current","Cigarettes",3,10,3,"Never",0,0,0,"Dentate","C02.1 border of tongue","Mobile tongue","Right","T1","N0","Stage I","Stage I-II","n.a.","                                                                                                                                                                                                                                                               ","                                                                                                                                                                                                                                                               ","No","Surgery","Surgery","Curative","None","n.a.","Complete response",1.5,0.5,"Lamina propria","Cohesive","No","No","Well differentiated","T1","T1","pT_stage","n.a. (no neck dissection)","N0","cN_stage",null,"Stage I","Stage I","Stage I-II","pDisease",null,null,"n.a. (no neck dissection)","Clear (>5 mm)","5,2     ","Alive",14,0,14,"Cohesive"]
["764","Yes",0,0,"CNA_quiet_candidate","Yes",0.12,0.542,53,33,"CNA_other",{"$nulls":10},"CNA_other",0.542,0.12,33,{"$nulls":31},2014,64,"Male","Current","Cigarettes",10,49,25,"Current",3,46,138,"Dentate","C04.0 anterior floor of mouth","Floor of mouth","Left","T2","N1","Stage III","Stage III-IV","Ipsilateral","                                                                                                                                                                                                                                                               ","1                                                                                                                                                                                                                                                              ","No","Surgery","Surgery","Curative","None","n.a.","Complete response",7.5,null,"Lamina propria","Non-cohesive","No","Yes","Moderately differentiated","T3","T3","pT_stage","N0","N0","pN_stage",null,"Stage III","Stage III","Stage III-IV","pDisease",0,0,"No","Involved (<1 mm)","0       ","Dead",5,1,5,"Non-cohesive"]
["765","Yes",5,1,"CNA_quiet_candidate","Yes",1,0,22,0,"CNA_quiet_candidate","Yes",1,2.01,0,0,1,0,0.999,"Exclude","No_evidence_of_tumor","Exclude",0,1,0,{"$nulls":31},2014,70,"Female","Never","n.a.",0,0,0,"Never",0,0,0,"Edendate ","C04.1 lateral floor of mouth","Floor of mouth","Left","T1","N0","Stage I","Stage I-II","n.a.","                                                                                                                                                                                                                                                               ","                                                                                                                                                                                                                                                               ","No","Surgery","Surgery","Curative","None","n.a.","Complete response",0.7,0.12,"Submucosa","Non-cohesive","No","No","Poorly differentiated","T1","T1","pT_stage","n.a. (no neck dissection)","N0","cN_stage",null,"Stage I","Stage I","Stage I-II","pDisease",null,null,"n.a. (no neck dissection)","Clear (>5 mm)","        ","Alive",50,0,50,"Non-cohesive"]
["766","Yes",22,5,"CNA_other","No",{"$nulls":15},"CNA_other",{"$nulls":34},2014,57,"Male","Current","Cigarettes",25,38,48,"Current",7,38,266,"Edendate ","C03.1 lower gum","Vestibule of the mouth ","Right","T4a","N2c","Stage IVA","Stage III-IV","Bilateral","1                                                                                                                                                                                                                                                              ","1                                                                                                                                                                                                                                                              ","No","Radiotherapy","Radiotherapy","Palliative","IMRT","Definitive","Disease progression",null,null,"Unknown","Cohesive","No","No","Moderately differentiated","n.a. (no surgery)","T4a","cT_stage","n.a. (no neck dissection)","N2c","cN_stage","77",77,"Stage IVA","Stage III-IV","cDisease",null,null,"n.a. (no neck dissection)","n.a. (no surgery)","        ","Dead",6,1,6,"Cohesive"]
["767","Yes",4,1,"CNA_quiet_candidate","Yes",0.11,0.457,33,14,"CNA_other",{"$nulls":10},"CNA_other",0.457,0.11,14,{"$nulls":31},2014,50,"Female","Current","Cigarettes",15,33,25,"Current",1,33,33,null,"C02.1 border of tongue","Mobile tongue","Left","T1","N0","Stage I","Stage I-II","n.a.","                                                                                                                                                                                                                                                               ","                                                                                                                                                                                                                                                               ","No","Surgery","Surgery","Curative","None","n.a.","Complete response",1.5,0.42,"Lamina propria","Non-cohesive","No","No","Poorly differentiated","T1","T1","pT_stage","N0","N0","pN_stage",null,"Stage I","Stage I","Stage I-II","pDisease",null,0,"No","Clear (>5 mm)","6,5     ","Alive",51,0,51,"Non-cohesive"]
["769","Yes",19,4,"CNA_other","No",{"$nulls":15},"CNA_other",{"$nulls":34},2014,70,"Male","Current","Cigars/pipe",10,30,45,"Current",3,52,156,"Dentate","C06.2 retromolar area","Retromolar trigone","Right","T1","N0","Stage I","Stage I-II","n.a.","                                                                                                                                                                                                                                                               ","                                                                                                                                                                                                                                                               ","No","Surgery","Surgery","Curative","None","n.a.","Complete response",1.2,0.6,"Lamina propria","Non-cohesive","No","No","Moderately differentiated","T2","T2","pT_stage","N0","N0","pN_stage",null,"Stage II","Stage II","Stage I-II","pDisease",0,null,"No","Clear (>5 mm)","0,55    ","Alive",43,0,43,"Non-cohesive"]
["770","Yes",12,3,"CNA_other","No",{"$nulls":15},"CNA_other",{"$nulls":34},2008,60,"Male","Former","Cigarettes",20,32,32,"Current",1.571428571428571,42,84,"Dentate","C02.1 border of tongue","Mobile tongue","Left","T2","N0","Stage II","Stage I-II","n.a.","                                                                                                                                                                                                                                                               ","                                                                                                                                                                                                                                                               ","No","Surgery + RT","Surgery + RT","Curative","IMRT","Postoperative","Complete response",2,0.5,"Lamina propria","Cohesive","No","No","Moderately differentiated","T1","T1","pT_stage","N2b","N2b","pN_stage","Mx","Stage IVA","Stage IVA","Stage III-IV","pDisease",null,2,"No","Clear (>5 mm)","10      ","Alive",128,0,60]
["771","Yes",10,1,"CNA_quiet_candidate","Yes",0.12,0.105,32,6,"CNA_other",{"$nulls":10},"CNA_other",0.105,0.12,6,{"$nulls":31},2010,66,"Female","Former","Cigarettes",20,10,10,"Never",0,0,0,"Dentate","C02.1 border of tongue","Mobile tongue","Right","T1","N0","Stage I","Stage I-II","n.a.","                                                                                                                                                                                                                                                               ","                                                                                                                                                                                                                                                               ","No","Surgery","Surgery","Curative","None","n.a.","Partial response",null,1,"Lamina propria","Cohesive","No","No","Unknown","T2","T2","pT_stage","n.a. (no neck dissection)","N0","cN_stage","Mx","Stage II","Stage II","Stage I-II","pDisease",null,null,"n.a. (no neck dissection)","Unknown (not assessable)","        ","Alive",111,0,60]
["772","Yes",1,0,"CNA_quiet_candidate","Yes",0.1,0.025,28,1,"CNA_quiet_candidate","Yes",0.09,2.03,0,0,0.954,1,0.987,"Exclude","Too_low_cellularity","Exclude",0,0.09,1,{"$nulls":31},2013,43,"Male","Never","n.a.",0,0,0,"Current",2,26,52,null,"C02.1 border of tongue","Mobile tongue","Right","T1","N0","Stage I","Stage I-II","n.a.","                                                                                                                                                                                                                                                               ","                                                                                                                                                                                                                                                               ","No","Surgery","Surgery","Curative","None","n.a.","Complete response",0.4,0.22,"Lamina propria","Cohesive","No","No","Moderately differentiated","T1","T1","pT_stage","n.a. (no neck dissection)","N0","cN_stage","Mx","Stage I","Stage I","Stage I-II","pDisease",null,null,"n.a. (no neck dissection)","Clear (>5 mm)","        ","Alive",67,0,60,"Cohesive"]
["774","Yes",4,2,"CNA_quiet_candidate","Yes",0.14,0.208,47,20,"CNA_other",{"$nulls":10},"CNA_other",0.208,0.14,20,{"$nulls":31},2013,75,"Female","Former","Cigarettes",6,10,3,"Never",0,0,0,null,"C04.0 anterior floor of mouth","Floor of mouth","Right","T1","N0","Stage I","Stage I-II","n.a.","                                                                                                                                                                                                                                                               ","                                                                                                                                                                                                                                                               ","No","Surgery + RT","Surgery + RT","Curative","IMRT","Postoperative","Complete response",1.8,0.6,"Lamina propria","Non-cohesive","No","No","Poorly differentiated","T2","T2","pT_stage","N0","N0","pN_stage","Mx","Stage II","Stage II","Stage I-II","pDisease",0,null,"No","Involved (<1 mm)","0,3     ","Alive",62,0,60,"Non-cohesive"]
["775","Yes",13,2,"CNA_quiet_candidate","Yes",0.16,0.589,44,30,"CNA_other",{"$nulls":10},"CNA_other",0.589,0.16,30,{"$nulls":31},2010,59,"Male","Current","Cigarettes",8,46,18,"Current",6,42,252,null,"C02.1 border of tongue","Mobile tongue","Right","T4a","N2b","Stage IVA","Stage III-IV","Ipsilateral","1;2                                                                                                                                                                                                                                                            ","                                                                                                                                                                                                                                                               ","No","Surgery + RT","Surgery + RT","Curative","IMRT","Postoperative","Complete response",1.8,null,"Bone","Non-cohesive","No","Yes","Moderately differentiated","T4a","T4a","pT_stage","N2c","N2c","pN_stage","Mx","Stage IVA","Stage IVA","Stage III-IV","pDisease",3,1,"No","Clear (>5 mm)","7       ","Dead",79,0,60,"Non-cohesive"]
["776","Yes",12,2,"CNA_quiet_candidate","Yes",0.36,0.381,59,32,"CNA_other","Yes",0.36,2.01,0.4,29,1,2,0.994,"CNA_other",null,"CNA_other",0.4,0.36,32,"Mutated","WT","WT","WT","WT","WT","WT","WT","WT","WT","WT","WT","WT","WT","Mutated","WT","WT","WT","WT","WT","WT","WT","WT","WT","WT","WT","WT","WT","WT","KMT2D,TP53",null,2011,59,"Male","Current","Cigarettes",37,41,76,"Former",6,39,234,"Edendate ","C06.2 retromolar area","Retromolar trigone","Left","T1","N2c","Stage IVC",null,"Bilateral","3;4                                                                                                                                                                                                                                                            ","5                                                                                                                                                                                                                                                              ","No","None","None","Palliative","None","n.a.","Not applicable",null,null,"Unknown","Cohesive","Yes","No","Moderately differentiated","n.a. (no surgery)","T1","cT_stage","n.a. (no neck dissection)","N2c","cN_stage","77",77,"Stage IVC","Stage III-IV","cDisease",null,null,"n.a. (no neck dissection)","n.a. (no surgery)","        ","Dead",3,1,3]
["777","Yes",18,5,"CNA_other","No",{"$nulls":15},"CNA_other",{"$nulls":34},2008,48,"Male","Former","Cigarettes",20,30,30,"Current",4,31,124,"Dentate","C02.1 border of tongue","Mobile tongue","Left","T2","N0","Stage II","Stage I-II","n.a.","                                                                                                                                                                                                                                                               ","                                                                                                                                                                                                                                                               ","No","Surgery","Surgery","Curative","None","n.a.","Complete response",1.9,0.5,"Lamina propria","Non-cohesive","No","No","Moderately differentiated","T1","T1","pT_stage","n.a. (no neck dissection)","N0","cN_stage","Mx","Stage I","Stage I","Stage I-II","pDisease",null,null,"n.a. (no neck dissection)","Clear (>5 mm)","6       ","Alive",69,0,60]
["778","Yes",0,0,"CNA_quiet_candidate","Yes",0.05,0.146,27,5,"Exclude",{"$nulls":10},"Exclude",0.146,0.05,5,{"$nulls":31},2008,61,"Male","Former","Cigarettes",20,18,18,"Current",2,44,88,"Dentate","C02.1 border of tongue","Mobile tongue","Right","T4a","N1","Stage IVA","Stage III-IV","Ipsilateral","2                                                                                                                                                                                                                                                              ","                                                                                                                                                                                                                                                               ","No","Surgery + RT","Surgery + RT","Curative","IMRT","Postoperative","Complete response",4.5,null,"Muscle","Non-cohesive","No","Yes","Moderately differentiated","T4a","T4a","pT_stage","N1","N1","pN_stage","Mx","Stage IVA","Stage IVA","Stage III-IV","pDisease",1,0,"No","Involved (<1 mm)","0,9     ","Alive",135,0,60]
["779","Yes",25,5,"CNA_other","No",{"$nulls":15},"CNA_other",{"$nulls":34},2010,76,"Male","Former","Cigarettes",20,34,34,"Current",5,58,290,null,"C02.1 border of tongue","Mobile tongue","Right","T1","N0","Stage I","Stage I-II","n.a.","                                                                                                                                                                                                                                                               ","                                                                                                                                                                                                                                                               ","No","Surgery + RT","Surgery + RT","Curative","IMRT","Postoperative","Complete response",1.5,null,"Muscle","Non-cohesive","No","No","Poorly differentiated","T1","T1","pT_stage","n.a. (no neck dissection)","N0","cN_stage","Mx","Stage I","Stage I","Stage I-II","pDisease",null,null,"n.a. (no neck dissection)","Close (1-5 mm)","3       ","Dead",24,1,24,"Non-cohesive"]
["781","Yes",26,6,"CNA_other","No",{"$nulls":15},"CNA_other",{"$nulls":34},2009,72,"Male","Former","Cigarettes",15,60,45,"Former",{"$nulls":3},"Edendate ","C02.1 border of tongue","Mobile tongue","Right","T4a","N2b","Stage IVA","Stage III-IV","Ipsilateral","1;2                                                                                                                                                                                                                                                            ","                                                                                                                                                                                                                                                               ","No","None","None","Palliative","None","n.a.","Not applicable",null,null,"Unknown","Unknown","Unknown","Unknown","Moderately differentiated","n.a. (no surgery)","T4a","cT_stage","n.a. (no neck dissection)","N2b","cN_stage","77",77,"Stage IVA","Stage III-IV","cDisease",null,null,"n.a. (no neck dissection)","n.a. (no surgery)","        ","Dead",2,1,2]
["782","Yes",2,1,"CNA_quiet_candidate","Yes",0.05,0.1,29,3,"Exclude",{"$nulls":10},"Exclude",0.1,0.05,3,{"$nulls":31},2009,76,"Female","Current","Cigarettes",10,59,30,"Never",0,0,0,"Edendate ","C06.0 cheek mucosa","Cheek mucosa","Right","T1","N0","Stage I","Stage I-II","n.a.","                                                                                                                                                                                                                                                               ","                                                                                                                                                                                                                                                               ","No","Surgery + RT","Surgery + RT","Curative","Brachytherapy","Postoperative","Complete response",1.2,null,"Muscle","Cohesive","No","No","Moderately differentiated","T1","T1","pT_stage","N0","N0","pN_stage","Mx","Stage I","Stage I","Stage I-II","pDisease",0,null,"No","Close (1-5 mm)","1       ","Dead",77,0,60]
["783","Yes",5,2,"CNA_quiet_candidate","Yes",0.4,0.265,37,17,"CNA_other","Yes",0.4,2.01,0.285,17,1,7,1,"CNA_other",null,"CNA_other",0.285,0.4,17,"Mutated","Mutated","WT","WT","Mutated","Mutated","WT","WT","WT","Mutated","WT","WT","WT","WT","WT","WT","WT","WT","WT","WT","WT","WT","WT","WT","WT","WT","WT","WT","WT","CASP8,TERT,CDKN2A,NOTCH1,TP53",null,2013,45,"Female","Never","n.a.",0,0,0,"Never",0,0,0,"Dentate","C02.1 border of tongue","Mobile tongue","Left","T2","N0","Stage II","Stage I-II","n.a.","                                                                                                                                                                                                                                                               ","                                                                                                                                                                                                                                                               ","No","Surgery + RT","Surgery + RT","Curative","IMRT","Postoperative","Complete response",2.5,null,"Muscle","Non-cohesive","Yes","Yes","Poorly differentiated","T2","T2","pT_stage","N0","N0","pN_stage","Mx","Stage II","Stage II","Stage I-II","pDisease",0,null,"No","Close (1-5 mm)","2       ","Alive",67,0,60]
["784","Yes",6,2,"CNA_quiet_candidate","Yes",0.58,0.191,39,17,"CNA_other",{"$nulls":10},"CNA_other",0.191,0.58,17,{"$nulls":31},2009,79,"Female","Never","n.a.",0,0,0,"Never",0,0,0,"Edendate ","C02.1 border of tongue","Mobile tongue","Right","T1","N1","Stage III","Stage III-IV","Ipsilateral","2                                                                                                                                                                                                                                                              ","                                                                                                                                                                                                                                                               ","No","Surgery + RT","Surgery + RT","Curative","IMRT","Postoperative","Complete response",1.5,null,"Muscle","Non-cohesive","No","No","Moderately differentiated","T1","T1","pT_stage","N3b","N3b","pN_stage","Mx","Stage IVB","Stage IVB","Stage III-IV","pDisease",2,null,"Yes","Clear (>5 mm)","6       ","Dead",7,1,7,"Non-cohesive"]
["785","Yes",13,1,"CNA_quiet_candidate","Yes",0.32,0.302,50,22,"CNA_other",{"$nulls":10},"CNA_other",0.302,0.32,22,{"$nulls":31},2009,52,"Female","Current","Cigarettes",3,39,26,"Current",2,35,70,"Edendate ","C03.1 lower gum","Vestibule of the mouth ","Left","T4a","N0","Stage IVA","Stage III-IV","n.a.","                                                                                                                                                                                                                                                               ","                                                                                                                                                                                                                                                               ","No","Surgery + RT","Surgery + RT","Curative","IMRT","Postoperative","Complete response",3.5,null,"Bone","Non-cohesive","Unknown","Yes","Poorly differentiated","T4a","T4a","pT_stage","N0","N0","pN_stage","Mx","Stage IVA","Stage IVA","Stage III-IV","pDisease",null,0,"No","Involved (<1 mm)","0       ","Alive",124,0,60]
["786","Yes",8,1,"CNA_quiet_candidate","Yes",0.4,0.034,24,2,"CNA_quiet_candidate","Yes",0.34,2.01,0.038,2,1,6,0.993,"CNA_quiet",null,"CNA_quiet",0.038,0.34,2,"WT","Mutated","WT","Mutated","WT","Mutated","Mutated","WT","WT","Mutated","WT","WT","WT","WT","Mutated","WT","WT","WT","WT","WT","WT","WT","WT","WT","WT","WT","WT","WT","WT","CASP8,PIK3CA,TERT,RAC1,NOTCH1,KMT2D",null,2009,54,"Male","Never","n.a.",0,0,0,"Current",2,36,72,"Dentate","C02.1 border of tongue","Mobile tongue","Right","T2","N0","Stage II","Stage I-II","n.a.","                                                                                                                                                                                                                                                               ","                                                                                                                                                                                                                                                               ","No","Surgery","Surgery","Curative","None","n.a.","Complete response",2.1,null,"Submucosa","Unknown","No","No","Well differentiated","T2","T2","pT_stage","N0","N0","pN_stage","Mx","Stage II","Stage II","Stage I-II","pDisease",0,null,"No","Clear (>5 mm)","        ","Alive",79,0,60]
["788","Yes",10,1,"CNA_quiet_candidate","Yes",0.11,0.314,35,16,"CNA_other",{"$nulls":10},"CNA_other",0.314,0.11,16,{"$nulls":31},2009,73,"Female","Current","Cigarettes",20,50,50,"Current",4,56,224,null,"C04.0 anterior floor of mouth","Floor of mouth","Right","T1","N0","Stage I","Stage I-II","n.a.","                                                                                                                                                                                                                                                               ","                                                                                                                                                                                                                                                               ","No","Surgery","Surgery","Curative","None","n.a.","Complete response",null,null,"Lamina propria","Unknown","Unknown","Unknown","Unknown","T1","T1","pT_stage","N0","N0","pN_stage","Mx","Stage I","Stage I","Stage I-II","pDisease",0,null,"No","Clear (>5 mm)","        ","Alive",82,0,60]
["789","Yes",14,4,"CNA_other","No",{"$nulls":15},"CNA_other",{"$nulls":34},2009,54,"Female","Former",null,3,30,5,"Current",0.2857142857142857,36,11,"Dentate","C02.1 border of tongue","Mobile tongue","Left","T3","N0","Stage III","Stage III-IV","n.a.","                                                                                                                                                                                                                                                               ","                                                                                                                                                                                                                                                               ","No","Surgery + RT","Surgery + RT","Curative","IMRT","Postoperative","Complete response",2.5,null,"Muscle","Non-cohesive","No","No","Moderately differentiated","T2","T2","pT_stage","N0","N0","pN_stage","Mx","Stage II","Stage II","Stage I-II","pDisease",null,0,"No","Close (1-5 mm)","1       ","Dead",102,0,60,"Non-cohesive"]
["790","Yes",8,2,"CNA_quiet_candidate","Yes",0.45,0.241,32,12,"CNA_other","Yes",0.73,2,0.25,12,1,4,1,"CNA_other",null,"CNA_other",0.25,0.73,12,"Mutated","WT","WT","WT","WT","WT","WT","Mutated","WT","WT","WT","WT","WT","WT","WT","WT","WT","Mutated","WT","WT","WT","WT","WT","WT","WT","WT","WT","Mutated","WT","TGFBR2,FBXW7,PTEN,TP53",null,2013,61,"Male","Current","Cigarettes",20,40,40,"Current",1,43,43,null,"C06.2 retromolar area","Retromolar trigone","Left","T1","N0","Stage I","Stage I-II","n.a.","                                                                                                                                                                                                                                                               ","                                                                                                                                                                                                                                                               ","No","Surgery","Surgery","Curative","None","n.a.","Complete response",1.5,0.25,"Lamina propria","Non-cohesive","No","No","Moderately differentiated","T1","T1","pT_stage","n.a. (no neck dissection)","N0","cN_stage","Mx","Stage I","Stage I","Stage I-II","pDisease",null,null,"n.a. (no neck dissection)","Close (1-5 mm)","3       ","Alive",62,0,60]
["791","Yes",15,4,"CNA_other","No",{"$nulls":15},"CNA_other",{"$nulls":34},2009,56,"Male","Current","Cigarettes",15,20,15,"Current",5,39,195,"Dentate","C02.1 border of tongue","Mobile tongue","Right","T2","N0","Stage II","Stage I-II","n.a.","                                                                                                                                                                                                                                                               ","                                                                                                                                                                                                                                                               ","No","Surgery + RT","Surgery + RT","Curative","IMRT","Postoperative","Complete response",3.2,null,"Muscle","Non-cohesive","No","Yes","Moderately differentiated","T2","T2","pT_stage","N1","N1","pN_stage","Mx","Stage III","Stage III","Stage III-IV","pDisease",1,null,"No","Close (1-5 mm)","4       ","Dead",104,0,60,"Non-cohesive"]
["794","Yes",14,4,"CNA_other","No",{"$nulls":15},"CNA_other",{"$nulls":34},2011,55,"Male","Current","Cigarettes",15,42,32,"Former",{"$nulls":3},"Edendate ","C02.1 border of tongue","Mobile tongue","Left","T2","N0","Stage II","Stage I-II","n.a.","                                                                                                                                                                                                                                                               ","                                                                                                                                                                                                                                                               ","No","Surgery + RT","Surgery + RT","Curative","IMRT","Postoperative","Complete response",3.2,0.8,"Lamina propria","Cohesive","No","No","Moderately differentiated","T2","T2","pT_stage","N0","N0","pN_stage","Mx","Stage II","Stage II","Stage I-II","pDisease",null,0,"No","Close (1-5 mm)","2       ","Alive",90,0,60]
["795","Yes",18,4,"CNA_other","No",{"$nulls":15},"CNA_other",{"$nulls":34},2011,63,"Male","Current","Cigarettes",20,40,40,"Current",3,45,135,"Dentate","C02.1 border of tongue","Mobile tongue","Right","T2","N2b","Stage IVA","Stage III-IV","Ipsilateral","2;4                                                                                                                                                                                                                                                            ","                                                                                                                                                                                                                                                               ","No","Surgery + RT","Surgery + RT","Curative","IMRT","Postoperative","Partial response",3.5,null,"Muscle","Cohesive","No","No","Moderately differentiated","T2","T2","pT_stage","N3b","N3b","pN_stage","Mx","Stage IVB","Stage IVB","Stage III-IV","pDisease",5,null,"Yes","Close (1-5 mm)","3       ","Dead",17,1,17,"Cohesive"]
["796","Yes",10,2,"CNA_quiet_candidate","Yes",0.09,0.279,40,13,"CNA_other",{"$nulls":10},"CNA_other",0.279,0.09,13,{"$nulls":31},2009,36,"Male","Never","n.a.",0,0,0,"Current",1.428571428571429,18,26,"Dentate","C02.1 border of tongue","Mobile tongue","Left","T1","N0","Stage I","Stage I-II","n.a.","                                                                                                                                                                                                                                                               ","                                                                                                                                                                                                                                                               ","No","Surgery","Surgery","Curative","None","n.a.","Complete response",1.6,0.3,"Lamina propria","Cohesive","Yes","No","Moderately differentiated","T1","T1","pT_stage","N0","N0","pN_stage","Mx","Stage I","Stage I","Stage I-II","pDisease",null,0,"No","Involved (<1 mm)","0,9     ","Alive",116,0,60]
["797","Yes",9,3,"CNA_other","No",{"$nulls":15},"CNA_other",{"$nulls":34},2010,66,"Male","Current","Cigarettes",25,50,63,"Current",4,48,192,"Dentate","C06.2 retromolar area","Retromolar trigone","Right","T2","N0","Stage II","Stage I-II","n.a.","                                                                                                                                                                                                                                                               ","                                                                                                                                                                                                                                                               ","No","Surgery","Surgery","Curative","None","n.a.","Complete response",3.5,null,"Muscle","Non-cohesive","Yes","No","Moderately differentiated","T2","T2","pT_stage","N1","N1","pN_stage","Mx","Stage III","Stage III","Stage III-IV","pDisease",1,null,"No","Involved (<1 mm)","0,9     ","Dead",25,1,25]
["798","Yes",24,7,"CNA_other","No",{"$nulls":15},"CNA_other",{"$nulls":34},2012,69,"Female","Current","Cigarettes",20,50,50,"Current",4,51,204,"Edendate ","C04.0 anterior floor of mouth","Floor of mouth","Midline","T3","N1","Stage III","Stage III-IV","Ipsilateral","1                                                                                                                                                                                                                                                              ","                                                                                                                                                                                                                                                               ","No","Surgery + RT","Surgery + RT","Curative","IMRT","Postoperative","Complete response",1.2,1.3,"Lamina propria","Non-cohesive","No","Yes","Poorly differentiated","T3","T3","pT_stage","N3b","N3b","pN_stage","Mx","Stage IVB","Stage IVB","Stage III-IV","pDisease",2,1,"Yes","Involved (<1 mm)","0       ","Dead",18,1,18,"Non-cohesive"]
["799","Yes",0,0,"CNA_quiet_candidate","Yes",1,0,22,0,"CNA_quiet_candidate","Yes",1,2,0,0,1,1,0.999,"Exclude","No_evidence_of_tumor","Exclude",0,1,0,{"$nulls":31},2010,63,"Male","Never","n.a.",0,0,0,"Current",3,45,135,"Dentate","C02.1 border of tongue","Mobile tongue","Right","T1","N0","Stage I","Stage I-II","n.a.","                                                                                                                                                                                                                                                               ","                                                                                                                                                                                                                                                               ","No","Surgery","Surgery","Curative","None","n.a.","Complete response",0.5,null,"Lamina propria","Unknown","No","No","Moderately differentiated","T1","T1","pT_stage","n.a. (no neck dissection)","N0","cN_stage","Mx","Stage I","Stage I","Stage I-II","pDisease",null,null,"n.a. (no neck dissection)","Clear (>5 mm)","5       ","Alive",62,0,60]
["800","Yes",2,0,"CNA_quiet_candidate","Yes",0.3,0.152,33,9,"CNA_other",{"$nulls":10},"CNA_other",0.152,0.3,9,{"$nulls":31},2010,65,"Male","Never","n.a.",0,0,0,"Current",2,47,94,null,"C06.0 cheek mucosa","Cheek mucosa","Right","T2","N1","Stage III","Stage III-IV",null,"1                                                                                                                                                                                                                                                              ","                                                                                                                                                                                                                                                               ","No","Surgery + RT","Surgery + RT","Curative","IMRT","Postoperative","Complete response",2.1,null,"Muscle","Non-cohesive","No","No","Moderately differentiated","T2","T2","pT_stage","N3b","N3b","pN_stage","Mx","Stage IVB","Stage IVB","Stage III-IV","pDisease",2,null,"Yes","Clear (>5 mm)","3       ","Dead",62,0,60,"Non-cohesive"]
["801","Yes",16,6,"CNA_other","No",{"$nulls":15},"CNA_other",{"$nulls":34},2014,62,"Male","Current","Cigars/pipe",10,40,60,"Never",0,0,0,"Edendate ","C03.1 lower gum","Vestibule of the mouth ","Left","T4a","N0","Stage IVA","Stage III-IV","n.a.","                                                                                                                                                                                                                                                               ","                                                                                                                                                                                                                                                               ","No","Surgery + RT","Surgery + RT","Curative","IMRT","Postoperative","Complete response",2,2,"Bone","Non-cohesive","No","Yes","Poorly differentiated","T4a","T4a","pT_stage","N0","N0","pN_stage",null,"Stage IVA","Stage IVA","Stage III-IV","pDisease",0,null,"No","Close (1-5 mm)","2       ","Alive",48,0,48,"Non-cohesive"]
["802","Yes",0,0,"CNA_quiet_candidate","Yes",0.07,0.014,32,2,"Exclude",{"$nulls":10},"Exclude",0.014,0.07,2,{"$nulls":31},2012,64,"Male","Current","Cigars/pipe",10,45,68,"Current",5,47,235,"Edendate ","C04.0 anterior floor of mouth","Floor of mouth","Right","T2","N0","Stage II","Stage I-II","n.a.","                                                                                                                                                                                                                                                               ","                                                                                                                                                                                                                                                               ","No","Surgery + RT","Surgery + RT","Curative","IMRT","Postoperative","Complete response",3.8,0.7,"Lamina propria","Non-cohesive","No","Yes","Moderately differentiated","T2","T2","pT_stage","N0","N0","pN_stage","Mx","Stage II","Stage II","Stage I-II","pDisease",0,null,"No","Involved (<1 mm)","0,9     ","Alive",81,0,60]
["803","Yes",23,5,"CNA_other","No",{"$nulls":15},"CNA_other",{"$nulls":34},2013,64,"Male","Current","Cigarettes",20,46,46,"Former",{"$nulls":3},"Dentate","C04.0 anterior floor of mouth","Floor of mouth","Midline","T1","N0","Stage I","Stage I-II","n.a.","                                                                                                                                                                                                                                                               ","                                                                                                                                                                                                                                                               ","No","Surgery","Surgery","Curative","None","n.a.","Complete response",1.3,null,"Lamina propria","Non-cohesive","No","No","Moderately differentiated","T1","T1","pT_stage","n.a. (no neck dissection)","N0","cN_stage","Mx","Stage I","Stage I","Stage I-II","pDisease",null,null,"n.a. (no neck dissection)","Involved (<1 mm)","0,5     ","Dead",51,1,51]
["804","Yes",0,0,"CNA_quiet_candidate","Yes",1,0,22,0,"CNA_quiet_candidate","Yes",0.42,2,0,0,1,2,0.999,"CNA_quiet",null,"CNA_quiet",0,0.42,0,"WT","WT","Mutated","WT","Mutated","WT","WT","WT","WT","WT","WT","WT","WT","WT","WT","WT","WT","WT","WT","WT","WT","WT","WT","WT","WT","WT","WT","WT","WT","CDKN2A,HRAS",null,2011,15,"Male","Never","n.a.",0,0,0,"Never",0,0,0,"Dentate","C03.0 upper gum","Vestibule of the mouth ","Left","T4a","N0","Stage IVA","Stage III-IV","n.a.","                                                                                                                                                                                                                                                               ","                                                                                                                                                                                                                                                               ","No","Surgery + RT","Surgery + RT","Curative","IMRT","Postoperative","Complete response",2.5,0.8,"Lamina propria","Cohesive","No","No","Well differentiated","T2","T2","pT_stage","n.a. (no neck dissection)","N0","cN_stage","Mx","Stage II","Stage II","Stage I-II","pDisease",null,null,"n.a. (no neck dissection)","Close (1-5 mm)","2       ","Alive",90,0,60,"Cohesive"]
["805","Yes",20,4,"CNA_other","No",{"$nulls":15},"CNA_other",{"$nulls":34},2014,80,"Male","Never","n.a.",0,0,0,"Never",0,0,0,"Edendate ","C04.0 anterior floor of mouth","Floor of mouth","Midline","T3","N0","Stage III","Stage III-IV","n.a.","                                                                                                                                                                                                                                                               ","                                                                                                                                                                                                                                                               ","No","Radiotherapy","Radiotherapy","Curative","IMRT","Definitive","Complete response",null,null,"Lamina propria","Unknown","No","No","Moderately differentiated","n.a. (no surgery)","T3","cT_stage","n.a. (no neck dissection)","N0","cN_stage","77",77,"Stage III","Stage III-IV","cDisease",null,null,"n.a. (no neck dissection)","n.a. (no surgery)","        ","Dead",20,1,20]
["806","Yes",5,0,"CNA_quiet_candidate","Yes",0.38,0.019,24,1,"CNA_quiet_candidate","Yes",0.5,2,0.006,2,1,4,0.996,"CNA_quiet",null,"CNA_quiet",0.006,0.5,1,"WT","Mutated","WT","WT","Mutated","WT","WT","WT","WT","WT","WT","WT","Mutated","WT","WT","WT","WT","WT","WT","WT","WT","WT","WT","WT","Mutated","WT","WT","WT","WT","NFE2L2,CASP8,FAT1,CDKN2A",null,2012,87,"Male","Former","Cigarettes",20,30,30,"Current",2,70,140,"Edendate ","C03.0 upper gum","Vestibule of the mouth ","Right","T4a","N0","Stage IVA","Stage III-IV","n.a.","                                                                                                                                                                                                                                                               ","                                                                                                                                                                                                                                                               ","No","Surgery","Surgery","Curative","None","n.a.","Complete response",4.3,1.2,"Bone","Cohesive","No","No","Moderately differentiated","T4a","T4a","pT_stage","n.a. (no neck dissection)","N0","cN_stage","Mx","Stage IVA","Stage IVA","Stage III-IV","pDisease",null,null,"n.a. (no neck dissection)","Close (1-5 mm)","4       ","Dead",12,1,12,"Cohesive"]
["807","Yes",6,1,"CNA_quiet_candidate","Yes",0.58,0.164,25,4,"CNA_quiet_candidate","Yes",0.58,2.02,0.162,4,1,11,0.998,"CNA_quiet",null,"CNA_quiet",0.162,0.58,4,"Mutated","Mutated","WT","WT","WT","Mutated","WT","WT","WT","Mutated","Mutated","WT","Mutated","WT","WT","Mutated","Mutated","WT","WT","WT","WT","Mutated","WT","WT","WT","WT","WT","WT","WT","CASP8,FAT1,TERT,NOTCH1,AJUBA,TP53,ZNF750,ASXL1,KDM6A",null,2012,83,"Female","Never","n.a.",0,0,0,"Never",0,0,0,"Dentate","C06.0 cheek mucosa","Cheek mucosa","Right","T3","N1","Stage III","Stage III-IV","Ipsilateral","3                                                                                                                                                                                                                                                              ","                                                                                                                                                                                                                                                               ","No","Radiotherapy","Radiotherapy","Palliative","IMRT","Definitive","Partial response",null,null,"Unknown","Unknown","Unknown","Unknown","Moderately differentiated","n.a. (no surgery)","T3","cT_stage","n.a. (no neck dissection)","N1","cN_stage","Mx",77,"Stage III","Stage III-IV","cDisease",null,null,"n.a. (no neck dissection)","n.a. (no surgery)","        ","Dead",11,1,11]
["808","Yes",10,2,"CNA_quiet_candidate","Yes",0.21,0.39,51,27,"CNA_other","Yes",0.52,2,0.399,25,1,3,1,"CNA_other",null,"CNA_other",0.399,0.52,27,"Mutated","WT","WT","WT","WT","WT","WT","WT","WT","WT","WT","WT","WT","WT","Mutated","WT","WT","Mutated","WT","WT","WT","WT","WT","WT","WT","WT","WT","WT","WT","PTEN,KMT2D,TP53",null,2012,63,"Female","Current","Cigarettes",8,40,16,"Never",0,0,0,"Dentate","C04.0 anterior floor of mouth","Floor of mouth","Right","T2","N2b","Stage IVA","Stage III-IV","Ipsilateral","2;4                                                                                                                                                                                                                                                            ","                                                                                                                                                                                                                                                               ","No","Surgery + RT","Surgery + RT","Curative","IMRT","Postoperative","Complete response",2.2,null,"Lamina propria","Cohesive","No","No","Poorly differentiated","T2","T2","pT_stage","N3b","N3b","pN_stage","Mx","Stage IVB","Stage IVB","Stage III-IV","pDisease",5,null,"Yes","Involved (<1 mm)","0       ","Dead",10,1,10]
["809","Yes",2,0,"CNA_quiet_candidate","Yes",0.45,0.072,24,2,"CNA_quiet_candidate","Yes",0.45,2.01,0.07,2,1,5,0.999,"CNA_quiet",null,"CNA_quiet",0.07,0.45,2,"WT","WT","Mutated","WT","WT","Mutated","WT","WT","WT","Mutated","WT","WT","Mutated","WT","WT","WT","WT","WT","WT","WT","WT","WT","WT","WT","WT","WT","WT","WT","WT","FAT1,TERT,NOTCH1,HRAS",null,2014,68,"Male","Former","Cigarettes",20,31,31,"Current",2,51,102,"Edendate ","C03.0 upper gum","Vestibule of the mouth ","Right","T4a","N0","Stage IVA","Stage III-IV","n.a.","                                                                                                                                                                                                                                                               ","                                                                                                                                                                                                                                                               ","No","Surgery + RT","Surgery + RT","Curative","IMRT","Postoperative","Complete response",3.8,1.7,"Bone","Non-cohesive","No","No","Moderately differentiated","T4a","T4a","pT_stage","n.a. (no neck dissection)","N0","cN_stage",null,"Stage IVA","Stage IVA","Stage III-IV","pDisease",null,null,"n.a. (no neck dissection)","Close (1-5 mm)","2       ","Alive",47,0,47,"Non-cohesive"]
["810","Yes",12,2,"CNA_quiet_candidate","Yes",1,0,22,0,"CNA_quiet_candidate","Yes",1,2,0,0,1,0,0.997,"Exclude","No_evidence_of_tumor","Exclude",0,1,0,{"$nulls":31},2012,34,"Male","Never","n.a.",0,0,0,"Current",1.142857142857143,17,17,"Dentate","C02.1 border of tongue","Mobile tongue","Right","T1","N0","Stage I","Stage I-II","n.a.","                                                                                                                                                                                                                                                               ","                                                                                                                                                                                                                                                               ","No","Surgery","Surgery","Curative","None","n.a.","Complete response",0.3,0.1,"Lamina propria","Unknown","No","No","Well differentiated","T1","T1","pT_stage","n.a. (no neck dissection)","N0","cN_stage","Mx","Stage I","Stage I","Stage I-II","pDisease",null,null,"n.a. (no neck dissection)","Clear (>5 mm)","6       ","Alive",63,0,60]
["811","Yes",7,2,"CNA_quiet_candidate","Yes",1,0,22,0,"CNA_quiet_candidate","Yes",0.24,2,0,0,1,4,0.993,"CNA_quiet",null,"CNA_quiet",0,0.24,0,"WT","Mutated","WT","WT","WT","Mutated","WT","Mutated","WT","WT","WT","WT","WT","WT","WT","WT","WT","WT","WT","WT","WT","WT","WT","WT","WT","WT","WT","WT","WT","CASP8,FBXW7,TERT",null,2013,75,"Female","Never","n.a.",0,0,0,"Never",0,0,0,"Dentate","C03.0 upper gum","Vestibule of the mouth ","Right","T1","N0","Stage I","Stage I-II","n.a.","                                                                                                                                                                                                                                                               ","                                                                                                                                                                                                                                                               ","No","Surgery","Surgery","Curative","None","n.a.","Complete response",1.5,0.31,"Lamina propria","Cohesive","No","No","Well differentiated","T1","T1","pT_stage","n.a. (no neck dissection)","N0","cN_stage","Mx","Stage I","Stage I","Stage I-II","pDisease",null,null,"n.a. (no neck dissection)","Clear (>5 mm)","        ","Alive",65,0,60,"Cohesive"]
["813","Yes",27,6,"CNA_other","No",{"$nulls":15},"CNA_other",{"$nulls":34},2013,63,"Male","Current","Cigarettes",10,45,23,"Current",4,45,180,"Edendate ","C04.0 anterior floor of mouth","Floor of mouth","Right","T4a","N1","Stage IVA","Stage III-IV","Ipsilateral","1                                                                                                                                                                                                                                                              ","                                                                                                                                                                                                                                                               ","No","Surgery + CRT","Surgery + CRT","Curative","IMRT","Postoperative","Complete response",5,1.4,"Submucosa","Cohesive","No","Yes","Moderately differentiated","T4a","T4a","pT_stage","N2a","N2a","pN_stage","Mx","Stage IVA","Stage IVA","Stage III-IV","pDisease",1,null,"Yes","Involved (<1 mm)","0       ","Alive",74,0,60]
["815","Yes",15,3,"CNA_other","No",{"$nulls":15},"CNA_other",{"$nulls":34},2013,61,"Female","Current","Cigarettes",20,45,45,"Current",0.2857142857142857,44,13,"Edendate ","C02.1 border of tongue","Mobile tongue","Left","T2","N0","Stage II","Stage I-II","n.a.","                                                                                                                                                                                                                                                               ","                                                                                                                                                                                                                                                               ","No","Surgery","Surgery","Curative","None","n.a.",null,5.1,null,"Lamina propria","Non-cohesive","Yes","Yes","Poorly differentiated","T3","T3","pT_stage","N1","N1","pN_stage","Mx","Stage III","Stage III","Stage III-IV","pDisease",null,1,"No","Involved (<1 mm)","0       ","Dead",9,1,9,"Non-cohesive"]
["816","Yes",16,4,"CNA_other","No",{"$nulls":15},"CNA_other",{"$nulls":34},2011,65,"Male","Never","n.a.",0,0,0,"Current",4,48,192,"Dentate","C06.2 retromolar area","Retromolar trigone","Left","T3","N1","Stage III","Stage III-IV","Ipsilateral","                                                                                                                                                                                                                                                               ","1                                                                                                                                                                                                                                                              ","No","Surgery + RT","Surgery + RT","Curative","IMRT","Postoperative","Complete response",4.2,null,"Lamina propria","Non-cohesive","No","No","Poorly differentiated","T3","T3","pT_stage","N1","N1","pN_stage","Mx","Stage III","Stage III","Stage III-IV","pDisease",null,1,"No","Involved (<1 mm)","0,9     ","Dead",85,0,60]
["818","Yes",26,7,"CNA_other","No",{"$nulls":15},"CNA_other",{"$nulls":34},2013,36,"Male","Current","Cigarettes",15,16,12,"Current",5,18,90,"Dentate","C04.1 lateral floor of mouth","Floor of mouth","Left","T3","N0","Stage III","Stage III-IV","n.a.","                                                                                                                                                                                                                                                               ","                                                                                                                                                                                                                                                               ","No","Surgery + RT","Surgery + RT","Curative","IMRT","Postoperative","Partial response",3.5,null,"Lamina propria","Non-cohesive","Yes","Yes","Moderately differentiated","T2","T2","pT_stage","N2b","N2b","pN_stage","Mx","Stage IVA","Stage IVA","Stage III-IV","pDisease",0,2,"No","Close (1-5 mm)","2,5     ","Dead",16,1,16,"Non-cohesive"]
["820","Yes",17,3,"CNA_other","No",{"$nulls":15},"CNA_other",{"$nulls":34},2013,80,"Male","Current","Cigars/pipe",5,63,40,"Current",5,62,310,"Dentate","C04.0 anterior floor of mouth","Floor of mouth","Right","T2","N2b","Stage IVA","Stage III-IV","Ipsilateral","2;3                                                                                                                                                                                                                                                            ","                                                                                                                                                                                                                                                               ","No","Radiotherapy","Radiotherapy","Palliative","IMRT","Definitive",{"$nulls":3},"Unknown","Cohesive","No","No","Poorly differentiated","n.a. (no surgery)","T2","cT_stage","n.a. (no neck dissection)","N2b","cN_stage","77",77,"Stage IVA","Stage III-IV","cDisease",null,null,"n.a. (no neck dissection)","n.a. (no surgery)","        ","Dead",3,1,3]
["821","Yes",16,3,"CNA_other","No",{"$nulls":15},"CNA_other",{"$nulls":34},2011,75,"Male","Former","Cigarettes",45,12,27,"Former",2,55,110,"Edendate ","C02.2 ventral surface of tongue","Mobile tongue","Right","T2","N0","Stage II","Stage I-II","n.a.","                                                                                                                                                                                                                                                               ","                                                                                                                                                                                                                                                               ","No","Surgery + RT","Surgery + RT","Curative","IMRT","Postoperative","Complete response",3.3,null,"Lamina propria","Non-cohesive","No","Yes","Poorly differentiated","T2","T2","pT_stage","N0","N0","pN_stage","Mx","Stage II","Stage II","Stage I-II","pDisease",0,null,"No","Involved (<1 mm)","0       ","Dead",26,1,26,"Non-cohesive"]
["822","Yes",29,5,"CNA_other","No",{"$nulls":15},"CNA_other",{"$nulls":34},2014,68,"Female","Former","Cigarettes",30,40,60,"Former",6,2,12,"Edendate ","C04.1 lateral floor of mouth","Floor of mouth","Left","T4a","N2c","Stage IVA","Stage III-IV","Bilateral","2                                                                                                                                                                                                                                                              ","2                                                                                                                                                                                                                                                              ","No","Radiotherapy","Radiotherapy","Curative","IMRT","Definitive","Complete response",null,null,"Unknown","Non-cohesive","No","Yes","Moderately differentiated","n.a. (no surgery)","T4a","cT_stage","n.a. (no neck dissection)","N2c","cN_stage","77",77,"Stage IVA","Stage III-IV","cDisease",null,null,"n.a. (no neck dissection)","n.a. (no surgery)","        ","Dead",5,1,5,"Non-cohesive"]
["823","Yes",1,0,"CNA_quiet_candidate","Yes",0.08,0.048,23,1,"CNA_quiet_candidate","Yes",0.08,2.05,0.048,1,0.931,1,0.065,"Exclude","Power_too_low_muts","Exclude",0.048,0.08,1,{"$nulls":31},2014,49,"Male","Current","Cigarettes",10,25,13,"Current",4,31,124,"Dentate","C04.0 anterior floor of mouth","Floor of mouth","Left","Tis","N0","Stage 0 (CIS)",null,"n.a.","                                                                                                                                                                                                                                                               ","                                                                                                                                                                                                                                                               ","No","Surgery","Surgery","Curative","None","n.a.","Complete response",0.18,0.09,"Lamina propria","Cohesive","No","No","Well differentiated","T1","T1","pT_stage","N0","N0","pN_stage",null,"Stage I","Stage I","Stage I-II","pDisease",0,0,"No","Involved (<1 mm)","0,3     ","Alive",47,0,47,"Cohesive"]
["825","Yes",14,3,"CNA_other","No",{"$nulls":15},"CNA_other",{"$nulls":34},2013,65,"Female","Former","Cigarettes",10,37,19,"Current",2,47,94,"Dentate","C04.0 anterior floor of mouth","Floor of mouth","Midline","T1","N0","Stage I","Stage I-II","n.a.","                                                                                                                                                                                                                                                               ","                                                                                                                                                                                                                                                               ","No","Surgery","Surgery","Curative","None","n.a.","Complete response",0.7,0.31,"Lamina propria","Non-cohesive","No","No","Poorly differentiated","T1","T1","pT_stage","n.a. (no neck dissection)","N0","cN_stage","Mx","Stage I","Stage I","Stage I-II","pDisease",null,null,"n.a. (no neck dissection)","Clear (>5 mm)","        ","Alive",60,0,60,"Non-cohesive"]
["826","Yes",16,5,"CNA_other","No",{"$nulls":15},"CNA_other",{"$nulls":34},2014,83,"Female","Never","n.a.",0,0,0,"Never",0,0,0,"Edendate ","C04.0 anterior floor of mouth","Floor of mouth","Left","T4a","N0","Stage IVA","Stage III-IV","n.a.","                                                                                                                                                                                                                                                               ","                                                                                                                                                                                                                                                               ","No","Surgery","Surgery","Curative","None","n.a.","Complete response",1.8,0.7,"Lamina propria","Non-cohesive","No","No","Poorly differentiated","T2","T2","pT_stage","N0","N0","pN_stage",null,"Stage II","Stage II","Stage I-II","pDisease",null,0,"No","Involved (<1 mm)","0,8     ","Dead",47,1,47,"Non-cohesive"]
["828","Yes",17,3,"CNA_other","No",{"$nulls":15},"CNA_other",{"$nulls":34},2010,50,"Male","Current","Cigarettes",20,35,35,"Former",{"$nulls":4},"C04.0 anterior floor of mouth","Floor of mouth","Midline","T4a","N0","Stage IVA","Stage III-IV","n.a.","                                                                                                                                                                                                                                                               ","                                                                                                                                                                                                                                                               ","No","Surgery + RT","Surgery + RT","Curative","IMRT","Postoperative","Complete response",2.2,null,"Bone","Non-cohesive","Yes","Yes","Poorly differentiated","T4a","T4a","pT_stage","N2a","N2a","pN_stage",null,"Stage IVA","Stage IVA","Stage III-IV","pDisease",0,1,"Yes","Involved (<1 mm)","        ","Dead",13,1,13,"Non-cohesive"]
["829","Yes",10,1,"CNA_quiet_candidate","Yes",0.1,0.219,34,12,"CNA_other",{"$nulls":10},"CNA_other",0.219,0.1,12,{"$nulls":31},2008,57,"Female","Current","Cigarettes",20,42,42,"Never",0,0,0,"Dentate","C04.0 anterior floor of mouth","Floor of mouth","Midline","T2","N0","Stage II","Stage I-II","n.a.","                                                                                                                                                                                                                                                               ","                                                                                                                                                                                                                                                               ","No","Surgery","Surgery","Curative","None","n.a.","Complete response",1.1,null,"Muscle","Non-cohesive","No","No","Moderately differentiated","T1","T1","pT_stage","N0","N0","pN_stage","Mx","Stage I","Stage I","Stage I-II","pDisease",0,0,"No","Close (1-5 mm)","2       ","Alive",100,0,60]
["831","Yes",9,2,"CNA_quiet_candidate","Yes",0.17,0.552,51,28,"CNA_other",{"$nulls":10},"CNA_other",0.552,0.17,28,{"$nulls":31},2011,55,"Female","Never","n.a.",0,0,0,"Never",0,0,0,"Dentate","C02.1 border of tongue","Mobile tongue","Left","T3","N0","Stage III","Stage III-IV","n.a.","                                                                                                                                                                                                                                                               ","                                                                                                                                                                                                                                                               ","No","Surgery + RT","Surgery + RT","Curative","IMRT","Postoperative","Complete response",4.5,1.3,"Lamina propria","Non-cohesive","Yes","Yes","Poorly differentiated","T3","T3","pT_stage","N3b","N3b","pN_stage","Mx","Stage IVB","Stage IVB","Stage III-IV","pDisease",null,2,"Yes","Close (1-5 mm)","3       ","Dead",14,1,14,"Non-cohesive"]
["832","Yes",6,0,"CNA_quiet_candidate","Yes",0.53,0.022,30,3,"CNA_quiet_candidate","Yes",0.05,2.01,0.025,3,0.656,2,1E-3,"Exclude","Power_too_low_both","Exclude",0.025,0.05,3,{"$nulls":31},2010,49,"Female","Never","0",0,0,0,"Never",0,0,0,null,"C02.1 border of tongue","Mobile tongue","Left","T1","N0","Stage I","Stage I-II","n.a.","                                                                                                                                                                                                                                                               ","                                                                                                                                                                                                                                                               ","No","Surgery","Surgery","Curative","None","n.a.","Complete response",1.5,0.3,"Lamina propria","Cohesive","No","No","Moderately differentiated","T1","T1","pT_stage","n.a. (no neck dissection)","N0","cN_stage","Mx","Stage I","Stage I","Stage I-II","pDisease",null,null,"n.a. (no neck dissection)","Clear (>5 mm)","        ","Dead",86,0,60]
["833","Yes",0,0,"CNA_quiet_candidate","Yes",0.08,0.619,32,20,"CNA_other",{"$nulls":10},"CNA_other",0.619,0.08,20,{"$nulls":31},2012,72,"Female","Current","Cigarettes",20,55,55,"Current",1,55,55,"Edendate ","C04.0 anterior floor of mouth","Floor of mouth","Midline","T1","N1","Stage III","Stage III-IV","Ipsilateral","1                                                                                                                                                                                                                                                              ","                                                                                                                                                                                                                                                               ","No","Surgery + RT","Surgery + RT","Curative","IMRT","Postoperative","Complete response",2.5,0.35,"Lamina propria","Non-cohesive","No","Yes","Moderately differentiated","T2","T2","pT_stage","N2c","N2c","pN_stage","Mx","Stage IVA","Stage IVA","Stage III-IV","pDisease",1,2,"No","Close (1-5 mm)","3,5     ","Dead",59,1,59,"Non-cohesive"]
["834","Yes",3,1,"CNA_quiet_candidate","Yes",0.09,0.514,33,17,"CNA_other",{"$nulls":10},"CNA_other",0.514,0.09,17,{"$nulls":31},2011,72,"Male","Current","Cigarettes",20,57,57,"Current",1,55,55,"Dentate","C04.1 lateral floor of mouth","Floor of mouth","Left","T3","N0","Stage III","Stage III-IV","n.a.","                                                                                                                                                                                                                                                               ","                                                                                                                                                                                                                                                               ","No","Surgery + RT","Surgery + RT","Curative","IMRT","Postoperative","Complete response",1.5,1.4,"Lamina propria","Non-cohesive","No","Yes","Moderately differentiated","T3","T3","pT_stage","N0","N0","pN_stage","Mx","Stage III","Stage III","Stage III-IV","pDisease",null,0,"No","Close (1-5 mm)","2       ","Alive",81,0,60,"Non-cohesive"]
["835","Yes",11,2,"CNA_quiet_candidate","Yes",0.24,0.483,72,44,"CNA_other","Yes",0.25,2.28,0.496,46,0.993,2,0.412,"Exclude","Power_too_low_muts","CNA_other",0.496,0.25,44,{"$nulls":31},2008,76,"Male","Current","Cigarettes",10,59,30,"Current",3,58,174,null,"C02.1 border of tongue","Mobile tongue","Left","T2","N0","Stage II","Stage I-II","n.a.","                                                                                                                                                                                                                                                               ","                                                                                                                                                                                                                                                               ","No","Surgery","Surgery","Curative","None","n.a.","Complete response",1.6,null,"Muscle","Cohesive","Yes","Yes","Poorly differentiated","T1","T1","pT_stage","N0","N0","pN_stage","Mx","Stage I","Stage I","Stage I-II","pDisease",0,null,"No","Close (1-5 mm)","        ","Dead",34,1,34]
["836","Yes",11,2,"CNA_quiet_candidate","Yes",0.1,0.44,37,20,"CNA_other",{"$nulls":10},"CNA_other",0.44,0.1,20,{"$nulls":31},2013,60,"Female","Former","Cigarettes",12,44,26,"Never",0,0,0,"Dentate","C02.1 border of tongue","Mobile tongue","Left","T2","N0","Stage II","Stage I-II","n.a.","                                                                                                                                                                                                                                                               ","                                                                                                                                                                                                                                                               ","No","Surgery","Surgery","Curative","None","n.a.","Complete response",1.1,0.25,"Lamina propria","Non-cohesive","No","No","Well differentiated","T1","T1","pT_stage","N0","N0","pN_stage","Mx","Stage I","Stage I","Stage I-II","pDisease",null,0,"No","Clear (>5 mm)","5       ","Alive",64,0,60,"Non-cohesive"]
["837","Yes",8,1,"CNA_quiet_candidate","Yes",0.05,0.078,31,4,"Exclude",{"$nulls":10},"Exclude",0.078,0.05,4,{"$nulls":31},2008,58,"Female","Current","Cigarettes",25,32,40,"Current",5,41,205,"Dentate","C04.0 anterior floor of mouth","Floor of mouth","Left","T1","N0","Stage I","Stage I-II","n.a.","                                                                                                                                                                                                                                                               ","                                                                                                                                                                                                                                                               ","No","Surgery","Surgery","Curative","None","n.a.","Complete response",0.9,null,"Muscle","Cohesive","No","No","Moderately differentiated","T1","T1","pT_stage","n.a. (no neck dissection)","N0","cN_stage","Mx","Stage I","Stage I","Stage I-II","pDisease",null,null,"n.a. (no neck dissection)","Clear (>5 mm)","        ","Alive",94,0,60]
["838","Yes",1,0,"CNA_quiet_candidate","Yes",0.05,0.114,27,4,"Exclude",{"$nulls":10},"Exclude",0.114,0.05,4,{"$nulls":31},2013,51,"Male","Former","Cigarettes",10,9,5,"Current",2,33,66,"Dentate","C02.1 border of tongue","Mobile tongue","Left","T2","N0","Stage II","Stage I-II","n.a.","                                                                                                                                                                                                                                                               ","                                                                                                                                                                                                                                                               ","No","Surgery","Surgery","Curative","None","n.a.","Complete response",1.8,1.8,"Lamina propria","Non-cohesive","No","Yes","Poorly differentiated","T3","T3","pT_stage","N0","N0","pN_stage","Mx","Stage III","Stage III","Stage III-IV","pDisease",null,0,"No","Clear (>5 mm)","5       ","Dead",38,1,38,"Non-cohesive"]
["839","Yes",20,5,"CNA_other","No",{"$nulls":15},"CNA_other",{"$nulls":34},2008,57,"Male","Current","Cigarettes",10,35,18,"Current",4.571428571428571,40,200,"Edendate ","C04.0 anterior floor of mouth","Floor of mouth","Midline","T4a","N0","Stage IVA","Stage III-IV","n.a.","                                                                                                                                                                                                                                                               ","                                                                                                                                                                                                                                                               ","No","Surgery + RT","Surgery + RT","Curative","IMRT","Postoperative","Complete response",2.4,null,"Muscle","Cohesive","No","Yes","Moderately differentiated","T4a","T4a","pT_stage","N2b","N2b","pN_stage","Mx","Stage IVA","Stage IVA","Stage III-IV","pDisease",3,0,"No","Involved (<1 mm)","0       ","Dead",41,1,41]
["841","Yes",9,2,"CNA_quiet_candidate","Yes",0.4,0.35,48,23,"CNA_other",{"$nulls":10},"CNA_other",0.35,0.4,23,{"$nulls":31},2008,58,"Male","Former","Cigarettes",20,10,10,"Current",0.43,40,17,"Dentate","C02.1 border of tongue","Mobile tongue","Left","T1","N0","Stage I","Stage I-II","n.a.","                                                                                                                                                                                                                                                               ","                                                                                                                                                                                                                                                               ","No","Surgery","Surgery","Curative","None","n.a.","Complete response",null,null,"Lamina propria","Cohesive","No","No","Unknown","T1","T1","pT_stage","n.a. (no neck dissection)","N0","cN_stage","Mx","Stage I","Stage I","Stage I-II","pDisease",null,null,"n.a. (no neck dissection)","Unknown (not assessable)","        ","Alive",116,0,60]
["842","Yes",2,0,"CNA_quiet_candidate","Yes",0.48,0.63,56,40,"CNA_other",{"$nulls":10},"CNA_other",0.63,0.48,40,{"$nulls":31},2009,65,"Female","Former","Cigarettes",3,35,5,"Never",0,0,0,"Dentate","C05.0 hard palate","Hard palate","Midline","T4a","N0","Stage IVA","Stage III-IV","n.a.","                                                                                                                                                                                                                                                               ","                                                                                                                                                                                                                                                               ","No","Surgery + RT","Surgery + RT","Curative","3D-RT","Postoperative","Complete response",2,null,"Bone","Unknown","No","Yes","Poorly differentiated","T4a","T4a","pT_stage","n.a. (no neck dissection)","N0","cN_stage","Mx","Stage IVA","Stage IVA","Stage III-IV","pDisease",null,null,"n.a. (no neck dissection)","Clear (>5 mm)","        ","Alive",118,0,60]
["843","Yes",22,7,"CNA_other","No",{"$nulls":15},"CNA_other",{"$nulls":34},2011,49,"Male","Current","Cigarettes",15,47,35,"Former",14,31,434,"Dentate","C02.2 ventral surface of tongue","Mobile tongue","Midline","T1","N1","Stage III","Stage III-IV","Ipsilateral","2                                                                                                                                                                                                                                                              ","                                                                                                                                                                                                                                                               ","No","Radiotherapy","Radiotherapy","Curative","IMRT","Definitive","Complete response",null,null,"Muscle","Unknown","No","No","Moderately differentiated","n.a. (no surgery)","T1","cT_stage","n.a. (no neck dissection)","N1","cN_stage","77",77,"Stage III","Stage III-IV","cDisease",null,null,"n.a. (no neck dissection)","n.a. (no surgery)","        ","Dead",12,1,12]
["844","Yes",5,1,"CNA_quiet_candidate","Yes",0.37,0.792,61,47,"CNA_other","Yes",0.46,3.12,0.801,47,1,2,1,"CNA_other",null,"CNA_other",0.801,0.46,47,"Mutated","WT","WT","WT","WT","WT","WT","WT","WT","WT","WT","WT","WT","Mutated","WT","WT","WT","WT","WT","WT","WT","WT","WT","WT","WT","WT","WT","WT","WT","EPHA2,TP53",null,2009,61,"Male","Current","Cigarettes",21,45,47,"Former",15.57142857142857,43,688,"Dentate","C02.1 border of tongue","Mobile tongue","Midline","T4a","N1","Stage IVA","Stage III-IV","Ipsilateral","                                                                                                                                                                                                                                                               ","2                                                                                                                                                                                                                                                              ","No","Surgery + RT","Surgery + RT","Curative","IMRT","Postoperative","Complete response",3.2,0.9,"Unknown","Cohesive","No","No","Moderately differentiated","T4a","T4a","pT_stage","N0","N0","pN_stage","Mx","Stage IVA","Stage IVA","Stage III-IV","pDisease",0,0,"No","Close (1-5 mm)","4       ","Dead",4,1,4]
["845","Yes",7,1,"CNA_quiet_candidate","Yes",0.06,0.284,29,11,"CNA_other",{"$nulls":10},"CNA_other",0.284,0.06,11,{"$nulls":31},2009,55,"Female","Current","Cigarettes",15,40,30,"Never",0,0,0,"Edendate ","C02.1 border of tongue","Mobile tongue","Left","T1","N0","Stage I","Stage I-II","n.a.","                                                                                                                                                                                                                                                               ","                                                                                                                                                                                                                                                               ","No","Surgery","Surgery","Curative","None","n.a.","Complete response",0.8,null,"Lamina propria","Non-cohesive","No","No","Well differentiated","T1","T1","pT_stage","N0","N0","pN_stage","Mx","Stage I","Stage I","Stage I-II","pDisease",null,0,"No","Clear (>5 mm)","8       ","Alive",55,0,55]
["846","Yes",22,5,"CNA_other","No",{"$nulls":15},"CNA_other",{"$nulls":34},2012,70,"Male","Former","Cigars/pipe",5,30,23,"Current",2,52,104,"Edendate ","C06.2 retromolar area","Retromolar trigone","Right","T3","N0","Stage III","Stage III-IV","n.a.","                                                                                                                                                                                                                                                               ","                                                                                                                                                                                                                                                               ","No","Surgery + RT","Surgery + RT","Curative","IMRT","Postoperative","Complete response",5,null,"Lamina propria","Non-cohesive","No","No","Moderately differentiated","T3","T3","pT_stage","N0","N0","pN_stage","Mx","Stage III","Stage III","Stage III-IV","pDisease",0,null,"No","Close (1-5 mm)","1       ","Dead",66,0,60]
["847","Yes",3,0,"CNA_quiet_candidate","Yes",0.09,0.321,27,8,"CNA_other",{"$nulls":10},"CNA_other",0.321,0.09,8,{"$nulls":31},2009,42,"Male","Former","Cigars/pipe",3,11,5,"Never",0,0,0,"Dentate","C02.1 border of tongue","Mobile tongue","Right","T4a","N3b","Stage IVB","Stage III-IV","Ipsilateral","                                                                                                                                                                                                                                                               ","1;2                                                                                                                                                                                                                                                            ","Yes","None","None","Palliative","None","n.a.","Not applicable",null,null,"Unknown","Unknown","Unknown","Unknown","Poorly differentiated","n.a. (no surgery)","T4a","cT_stage","n.a. (no neck dissection)","N3b","cN_stage","77",77,"Stage IVB","Stage III-IV","cDisease",null,null,"n.a. (no neck dissection)","n.a. (no surgery)","        ","Dead",1,1,1]
["848","Yes",5,1,"CNA_quiet_candidate","Yes",0.18,0.568,40,26,"CNA_other",{"$nulls":10},"CNA_other",0.568,0.18,26,{"$nulls":31},2010,41,"Male","Never","n.a.",0,0,0,"Current",1,24,24,null,"C02.1 border of tongue","Mobile tongue","Left","T2","N0","Stage II","Stage I-II","n.a.","                                                                                                                                                                                                                                                               ","                                                                                                                                                                                                                                                               ","No","Surgery + RT","Surgery + RT","Curative","IMRT","Postoperative","Complete response",2,0.6,"Lamina propria","Non-cohesive","Yes","No","Moderately differentiated","T2","T2","pT_stage","N1","N1","pN_stage","Mx","Stage III","Stage III","Stage III-IV","pDisease",1,null,"No","Clear (>5 mm)","5       ","Alive",103,0,60,"Non-cohesive"]
["849","Yes",0,0,"CNA_quiet_candidate","Yes",0.1,0.16,34,13,"CNA_other",{"$nulls":10},"CNA_other",0.16,0.1,13,{"$nulls":31},2010,69,"Male","Never","n.a.",0,0,0,"Current",2,51,102,"Edendate ","C02.1 border of tongue","Mobile tongue","Right","T1","N0","Stage I","Stage I-II","n.a.","                                                                                                                                                                                                                                                               ","                                                                                                                                                                                                                                                               ","No","Surgery + RT","Surgery + RT","Curative","IMRT","Postoperative","Complete response",0.7,0.2,"Lamina propria","Non-cohesive","No","No","Poorly differentiated","T1","T1","pT_stage","N0","N0","pN_stage","Mx","Stage I","Stage I","Stage I-II","pDisease",0,null,"No","Close (1-5 mm)","2,5     ","Alive",106,0,60]
["850","Yes",19,4,"CNA_other","No",{"$nulls":15},"CNA_other",{"$nulls":34},2012,72,"Male","Current","Cigarettes",25,53,66,"Current",12,55,660,"Edendate ","C04.0 anterior floor of mouth","Floor of mouth","Midline","T4a","N0","Stage IVA","Stage III-IV","n.a.","                                                                                                                                                                                                                                                               ","                                                                                                                                                                                                                                                               ","No","Surgery + RT","Surgery + RT","Curative","IMRT","Postoperative","Complete response",2.1,0.5,"Bone","Non-cohesive","Yes","Yes","Poorly differentiated","T4a","T4a","pT_stage","N0","N0","pN_stage","Mx","Stage IVA","Stage IVA","Stage III-IV","pDisease",0,0,"No","Close (1-5 mm)","1,5     ","Dead",19,1,19,"Non-cohesive"]
["851","Yes",19,5,"CNA_other","No",{"$nulls":15},"CNA_other",{"$nulls":34},2010,58,"Male","Current","Cigarettes",3,null,25,"Current",5,40,200,"Dentate","C04.0 anterior floor of mouth","Floor of mouth","Right","T2","N0","Stage II","Stage I-II","n.a.","                                                                                                                                                                                                                                                               ","                                                                                                                                                                                                                                                               ","No","Surgery + RT","Surgery + RT","Curative","IMRT","Postoperative","Complete response",1,null,"Submucosa","Non-cohesive","No","Yes","Poorly differentiated","T1","T1","pT_stage","N0","N0","pN_stage","Mx","Stage I","Stage I","Stage I-II","pDisease",0,null,"No","Involved (<1 mm)","0,9     ","Alive",100,0,60,"Non-cohesive"]
["852","Yes",1,0,"CNA_quiet_candidate","Yes",0.15,0.387,46,24,"CNA_other",{"$nulls":10},"CNA_other",0.387,0.15,24,{"$nulls":31},2014,71,"Male","Never","Cigarettes",20,53,53,"Former",25,48,1200,"Edendate ","C04.0 anterior floor of mouth","Floor of mouth","Right","T1","N0","Stage I","Stage I-II","n.a.","                                                                                                                                                                                                                                                               ","                                                                                                                                                                                                                                                               ","No","Surgery","Surgery","Curative","None","n.a.","Complete response",1.4,0.7,"Lamina propria","Non-cohesive","Yes","No","Moderately differentiated","T2","T2","pT_stage","N0","N0","pN_stage",null,"Stage II","Stage II","Stage I-II","pDisease",0,null,"No","Close (1-5 mm)","1       ","Alive",47,0,47,"Non-cohesive"]
["854","Yes",7,2,"CNA_quiet_candidate","Yes",0.38,0.582,55,35,"CNA_other","Yes",0.38,2.01,0.58,36,1,2,0.998,"CNA_other",null,"CNA_other",0.58,0.38,35,"Mutated","WT","WT","WT","WT","Mutated","WT","WT","WT","WT","WT","WT","WT","WT","WT","WT","WT","WT","WT","WT","WT","WT","WT","WT","WT","WT","WT","WT","WT","TERT,TP53",null,2014,75,"Male","Never","n.a.",0,0,0,"Never",0,0,0,"Edendate ","C02.1 border of tongue","Mobile tongue","Left","T3","N2a","Stage IVA","Stage III-IV","Ipsilateral","                                                                                                                                                                                                                                                               ","3                                                                                                                                                                                                                                                              ","No","Surgery + RT","Surgery + RT","Curative","IMRT","Postoperative","Not applicable",2.5,2.5,"Lamina propria","Non-cohesive","No","Yes","Moderately differentiated","T3","T3","pT_stage","N2a","N2a","pN_stage",null,"Stage IVA","Stage IVA","Stage III-IV","pDisease",null,1,"Yes","Clear (>5 mm)","6       ","Dead",3,1,3,"Non-cohesive"]
["856","Yes",25,5,"CNA_other","No",{"$nulls":15},"CNA_other",{"$nulls":34},2013,62,"Male","Current","Cigarettes",20,40,40,"Former",4,44,176,null,"C04.0 anterior floor of mouth","Floor of mouth","Right","T1","N0","Stage I","Stage I-II","n.a.","                                                                                                                                                                                                                                                               ","                                                                                                                                                                                                                                                               ","No","Surgery","Surgery","Curative","None","n.a.","Complete response",0.06,0.055,"Lamina propria","Cohesive","No","No","Moderately differentiated","T1","T1","pT_stage","n.a. (no neck dissection)","N0","cN_stage",null,"Stage I","Stage I","Stage I-II","pDisease",null,null,"n.a. (no neck dissection)","Clear (>5 mm)","        ","Alive",59,0,59,"Cohesive"]
["857","Yes",3,0,"CNA_quiet_candidate","Yes",0.35,0.12,26,5,"CNA_quiet_candidate","Yes",0.64,2,0.127,5,1,8,0.999,"CNA_quiet",null,"CNA_quiet",0.127,0.64,5,"WT","Mutated","WT","Mutated","WT","Mutated","WT","WT","WT","Mutated","WT","WT","Mutated","WT","WT","WT","WT","WT","WT","WT","WT","WT","WT","WT","WT","WT","WT","WT","WT","CASP8,PIK3CA,FAT1,TERT,NOTCH1",null,2014,82,"Female","Never","n.a.",0,0,0,"Current",0.5,32,32,"Dentate","C03.1 lower gum","Vestibule of the mouth ","Left","T4a","N0","Stage IVA","Stage III-IV","n.a.","                                                                                                                                                                                                                                                               ","                                                                                                                                                                                                                                                               ","No","Surgery + RT","Surgery + RT","Curative","IMRT","Postoperative","Complete response",3.2,null,"Bone","Cohesive","No","No","Moderately differentiated","T4a","T4a","pT_stage","N2c","N2c","pN_stage",null,"Stage IVA","Stage IVA","Stage III-IV","pDisease",1,3,"No","Involved (<1 mm)","0       ","Alive",45,0,45,"Cohesive"]
["858","Yes",9,1,"CNA_quiet_candidate","Yes",0.31,0.593,49,33,"CNA_other",{"$nulls":10},"CNA_other",0.593,0.31,33,{"$nulls":31},2008,81,"Male","Former","Cigarettes",20,25,25,"Current",3,64,192,"Dentate","C02.2 ventral surface of tongue","Mobile tongue","Right","T1","N0","Stage I","Stage I-II","n.a.","                                                                                                                                                                                                                                                               ","                                                                                                                                                                                                                                                               ","No","Surgery","Surgery","Curative","None","n.a.","Complete response",1.5,null,"Lamina propria","Unknown","No","No","Well differentiated","T1","T1","pT_stage","n.a. (no neck dissection)","N0","cN_stage","Mx","Stage I","Stage I","Stage I-II","pDisease",null,null,"n.a. (no neck dissection)","Clear (>5 mm)","        ","Dead",40,1,40]
["859","Yes",17,3,"CNA_other","No",{"$nulls":15},"CNA_other",{"$nulls":34},2012,70,"Male","Former","Cigarettes",20,50,50,"Current",8,53,424,"Edendate ","C04.0 anterior floor of mouth","Floor of mouth","Midline","T1","N0","Stage I","Stage I-II","n.a.","                                                                                                                                                                                                                                                               ","                                                                                                                                                                                                                                                               ","No","Surgery","Surgery","Curative","None","n.a.","Complete response",null,0.5,"Lamina propria","Non-cohesive","No","No","Moderately differentiated","T1","T1","pT_stage","n.a. (no neck dissection)","N0","cN_stage","Mx","Stage I","Stage I","Stage I-II","pDisease",null,null,"n.a. (no neck dissection)","Clear (>5 mm)","        ","Dead",16,1,16,"Non-cohesive"]
["860","Yes",30,7,"CNA_other","No",{"$nulls":15},"CNA_other",{"$nulls":34},2012,69,"Male","Current","Cigarettes",10,50,25,"Current",5,50,250,"Edendate ","C06.2 retromolar area","Retromolar trigone","Left","T4a","N2b","Stage IVA","Stage III-IV","Ipsilateral","                                                                                                                                                                                                                                                               ","1;2                                                                                                                                                                                                                                                            ","No","Surgery + RT","Surgery + RT","Curative","IMRT","Postoperative","Complete response",3.7,3,"Bone","Non-cohesive","Unknown","Unknown","Poorly differentiated","T4a","T4a","pT_stage","N3b","N3b","pN_stage","Mx","Stage IVB","Stage IVB","Stage III-IV","pDisease",null,4,"Yes","Involved (<1 mm)","0       ","Dead",33,1,33]
["861","Yes",1,0,"CNA_quiet_candidate","Yes",0.18,0.215,23,7,"CNA_other",{"$nulls":10},"CNA_other",0.215,0.18,7,{"$nulls":31},2012,48,"Male","Current","Cigarettes",15,30,20,"Current",0.033,30,1,"Dentate","C03.0 upper gum","Vestibule of the mouth ","Right","T4a","N0","Stage IVA","Stage III-IV","n.a.","                                                                                                                                                                                                                                                               ","                                                                                                                                                                                                                                                               ","No","Surgery + RT","Surgery + RT","Curative","IMRT","Postoperative","Complete response",4,null,"Bone","Non-cohesive","Yes","Yes","Moderately differentiated","T4a","T4a","pT_stage","n.a. (no neck dissection)","N0","cN_stage","Mx","Stage IVA","Stage IVA","Stage III-IV","pDisease",null,null,"n.a. (no neck dissection)","Involved (<1 mm)","0       ","Alive",71,0,60,"Non-cohesive"]
["862","Yes",21,4,"CNA_other","No",{"$nulls":15},"CNA_other",{"$nulls":34},2013,64,"Male","Former","Cigarettes",20,47,47,"Current",3,47,141,"Dentate","C04.0 anterior floor of mouth","Floor of mouth","Midline","T4a","N2c","Stage IVA","Stage III-IV","Bilateral","1;2                                                                                                                                                                                                                                                            ","1;2                                                                                                                                                                                                                                                            ","No","Surgery + RT","Surgery + RT","Curative","IMRT","Postoperative","Complete response",6,5,"Bone","Cohesive","No","Yes","Moderately differentiated","T4a","T4a","pT_stage","N3b","N3b","pN_stage","Mx","Stage IVB","Stage IVB","Stage III-IV","pDisease",3,5,"Yes","Involved (<1 mm)","0       ","Dead",10,1,10]
["863","Yes",6,1,"CNA_quiet_candidate","Yes",0.55,0.316,25,6,"CNA_other",{"$nulls":10},"CNA_other",0.316,0.55,6,{"$nulls":31},2013,71,"Female","Former","Cigarettes",6,29,9,"Current",1,40,40,"Dentate","C06.2 retromolar area","Retromolar trigone","Right","T1","N0","Stage I","Stage I-II","n.a.","                                                                                                                                                                                                                                                               ","                                                                                                                                                                                                                                                               ","No","Surgery","Surgery","Curative","None","n.a.","Complete response",1.7,0.22,"Lamina propria","Unknown","No","No","Well differentiated","T1","T1","pT_stage","n.a. (no neck dissection)","N0","cN_stage","Mx","Stage I","Stage I","Stage I-II","pDisease",null,null,"n.a. (no neck dissection)","Involved (<1 mm)","0,65    ","Alive",62,0,60]
["864","Yes",0,0,"CNA_quiet_candidate","Yes",0.26,0.11,34,10,"CNA_other",{"$nulls":10},"CNA_other",0.11,0.26,10,{"$nulls":31},2013,61,"Female","Former","Cigarettes",15,45,34,"Current",1,44,44,"Edendate ","C04.0 anterior floor of mouth","Floor of mouth","Right","T2","N0","Stage II","Stage I-II","n.a.","                                                                                                                                                                                                                                                               ","                                                                                                                                                                                                                                                               ","No","Surgery","Surgery","Curative","None","n.a.","Complete response",2.6,null,"Submucosa","Non-cohesive","Yes","No","Moderately differentiated","T2","T2","pT_stage","N0","N0","pN_stage","Mx","Stage II","Stage II","Stage I-II","pDisease",0,null,"No","Involved (<1 mm)","0,8     ","Alive",61,0,60,"Non-cohesive"]
["865","Yes",1,0,"CNA_quiet_candidate","Yes",0.44,0.145,27,7,"CNA_other",{"$nulls":10},"CNA_other",0.145,0.44,7,{"$nulls":31},2012,66,"Male","Never","n.a.",0,0,0,"Current",3,48,144,null,"C03.1 lower gum","Vestibule of the mouth ","Left","T2","N0","Stage II","Stage I-II","n.a.","                                                                                                                                                                                                                                                               ","                                                                                                                                                                                                                                                               ","No","Surgery","Surgery","Curative","None","n.a.","Complete response",1.5,0.7,"Lamina propria","Cohesive","No","No","Moderately differentiated","T2","T2","pT_stage","N0","N0","pN_stage","Mx","Stage II","Stage II","Stage I-II","pDisease",null,0,"No","Involved (<1 mm)","0,9     ","Alive",68,0,60]
["866","Yes",21,5,"CNA_other","No",{"$nulls":15},"CNA_other",{"$nulls":34},2009,66,"Female","Current","Cigarettes",20,35,35,"Current",3.428571428571428,49,147,"Dentate","C03.1 lower gum","Vestibule of the mouth ","Right","T1","N0","Stage I","Stage I-II","n.a.","                                                                                                                                                                                                                                                               ","                                                                                                                                                                                                                                                               ","No","Surgery","Surgery","Curative","None","n.a.","Complete response",1.1,null,"Lamina propria","Non-cohesive","No","No","Well differentiated","T1","T1","pT_stage","n.a. (no neck dissection)","N0","cN_stage","Mx","Stage I","Stage I","Stage I-II","pDisease",null,null,"n.a. (no neck dissection)","Involved (<1 mm)","0,9     ","Dead",66,0,60]
["868","Yes",3,0,"CNA_quiet_candidate","Yes",0.06,0.441,32,12,"CNA_other",{"$nulls":10},"CNA_other",0.441,0.06,12,{"$nulls":31},2014,74,"Male","Never","n.a.",0,0,0,"Current",2,57,114,"Dentate","C02.1 border of tongue","Mobile tongue","Left","T1","N0","Stage I","Stage I-II","n.a.","                                                                                                                                                                                                                                                               ","                                                                                                                                                                                                                                                               ","No","Surgery","Surgery","Curative","None","n.a.","Complete response",1.5,0.7,"Lamina propria","Non-cohesive","No","No","Moderately differentiated","T2","T2","pT_stage","N0","N0","pN_stage",null,"Stage II","Stage II","Stage I-II","pDisease",null,0,"No","Close (1-5 mm)","4       ","Alive",47,0,47,"Non-cohesive"]
["869","Yes",21,5,"CNA_other","No",{"$nulls":15},"CNA_other",{"$nulls":34},2014,56,"Female","Current","Cigarettes",19,41,39,"Current",2,38,76,"Dentate","C02.1 border of tongue","Mobile tongue","Left","T2","N0","Stage II","Stage I-II","n.a.","                                                                                                                                                                                                                                                               ","                                                                                                                                                                                                                                                               ","No","Surgery + RT","Surgery + RT","Curative","IMRT","Postoperative","Complete response",1.8,0.9,"Lamina propria","Non-cohesive","No","Yes","Moderately differentiated","T2","T2","pT_stage","N0","N0","pN_stage",null,"Stage II","Stage II","Stage I-II","pDisease",null,0,"No","Close (1-5 mm)","3       ","Alive",45,0,45,"Non-cohesive"]
["870","Yes",12,3,"CNA_other","No",{"$nulls":15},"CNA_other",{"$nulls":34},2013,75,"Female","Former","Cigarettes",5,50,13,"Current",1,57,57,null,"C02.1 border of tongue","Mobile tongue","Left","T2","N0","Stage II","Stage I-II","n.a.","                                                                                                                                                                                                                                                               ","                                                                                                                                                                                                                                                               ","No","Surgery + RT","Surgery + RT","Curative","IMRT","Postoperative","Complete response",2.5,1.2,"Muscle","Non-cohesive","Yes","Yes","Moderately differentiated","T3","T3","pT_stage","N0","N0","pN_stage","Mx","Stage III","Stage III","Stage III-IV","pDisease",null,0,"No","Close (1-5 mm)","2       ","Alive",57,0,57,"Non-cohesive"]
["871","Yes",12,4,"CNA_other","No",{"$nulls":15},"CNA_other",{"$nulls":34},2009,45,"Male","Current","Cigarettes",20,12,12,"Current",7,28,196,null,"C02.1 border of tongue","Mobile tongue","Left","T2","N0","Stage II","Stage I-II","n.a.","                                                                                                                                                                                                                                                               ","                                                                                                                                                                                                                                                               ","No","Surgery + RT","Surgery + RT","Curative","IMRT","Postoperative","Complete response",2.3,0.7,"Lamina propria","Cohesive","No","No","Moderately differentiated","T2","T2","pT_stage","N1","N1","pN_stage","Mx","Stage III","Stage III","Stage III-IV","pDisease",null,1,"No","Close (1-5 mm)","2       ","Dead",12,1,12]
["872","Yes",27,8,"CNA_other","No",{"$nulls":15},"CNA_other",{"$nulls":34},2011,64,"Male","Former","Cigarettes",17,30,25,"Current",4,46,184,"Dentate","C04.0 anterior floor of mouth","Floor of mouth","Left","T1","N0","Stage I","Stage I-II","n.a.","                                                                                                                                                                                                                                                               ","                                                                                                                                                                                                                                                               ","No","Surgery + RT","Surgery + RT","Curative","IMRT","Postoperative","Complete response",2.8,null,"Unknown","Non-cohesive","No","Yes","Poorly differentiated","T2","T2","pT_stage","N0","N0","pN_stage","Mx","Stage II","Stage II","Stage I-II","pDisease",null,0,"No","Involved (<1 mm)","0       ","Dead",23,1,23,"Non-cohesive"]
["874","Yes",3,0,"CNA_quiet_candidate","Yes",1,0,24,0,"CNA_quiet_candidate","Yes",0.17,2,0,0,1,3,0.913,"CNA_quiet",null,"CNA_quiet",0,0.17,0,"WT","WT","WT","WT","WT","Mutated","Mutated","WT","WT","WT","WT","WT","WT","WT","WT","WT","WT","WT","WT","WT","WT","Mutated","WT","WT","WT","WT","WT","WT","WT","TERT,RAC1,KDM6A",null,2014,69,"Female","Current","Cigarettes",10,52,26,"Current",6,52,312,"Dentate","C02.1 border of tongue","Mobile tongue","Left","T2","N0","Stage II","Stage I-II","n.a.","                                                                                                                                                                                                                                                               ","                                                                                                                                                                                                                                                               ","No","Surgery","Surgery","Curative","None","n.a.","Complete response",2.3,1.8,"Lamina propria","Non-cohesive","No","Yes","Poorly differentiated","T3","T3","pT_stage","N2a","N2a","pN_stage",null,"Stage IVA","Stage IVA","Stage III-IV","pDisease",null,1,"Yes","Close (1-5 mm)","4       ","Dead",6,1,6,"Non-cohesive"]
["875","Yes",2,0,"CNA_quiet_candidate","Yes",0.08,0.268,34,14,"CNA_other",{"$nulls":10},"CNA_other",0.268,0.08,14,{"$nulls":31},2014,70,"Female","Never","n.a.",0,0,0,"Never",0,0,0,"Edendate ","C02.1 border of tongue","Mobile tongue","Right","T2","N1","Stage III","Stage III-IV","Ipsilateral","                                                                                                                                                                                                                                                               ","0                                                                                                                                                                                                                                                              ","No","Surgery + RT","Surgery + RT","Curative","IMRT","Postoperative","Complete response",3.3,2.5,"Lamina propria","Non-cohesive","Yes","No","Moderately differentiated","T3","T3","pT_stage","N2b","N2b","pN_stage",null,"Stage IVA","Stage IVA","Stage III-IV","pDisease",3,null,"No","Clear (>5 mm)","5,2     ","Dead",18,1,18,"Non-cohesive"]
["876","Yes",15,2,"CNA_quiet_candidate","Yes",0.25,0.435,45,20,"CNA_other","Yes",0.25,2.16,0.447,20,0.998,1,0.999,"CNA_other",null,"CNA_other",0.447,0.25,20,"Mutated","WT","WT","WT","WT","WT","WT","WT","WT","WT","WT","WT","WT","WT","WT","WT","WT","WT","WT","WT","WT","WT","WT","WT","WT","WT","WT","WT","WT","TP53",null,2014,64,"Female","Current","Cigarettes",40,50,100,"Former",8,47,383,"Edendate ","C04.0 anterior floor of mouth","Floor of mouth","Left","T1","N0","Stage I","Stage I-II","n.a.","                                                                                                                                                                                                                                                               ","                                                                                                                                                                                                                                                               ","No","Surgery","Surgery","Curative","None","n.a.","Complete response",3.1,null,"Lamina propria","Non-cohesive","No","Yes","Moderately differentiated","T2","T2","pT_stage","N0","N0","pN_stage",null,"Stage II","Stage II","Stage I-II","pDisease",null,0,"No","Clear (>5 mm)","5,5     ","Alive",46,0,46,"Non-cohesive"]
["877","Yes",14,3,"CNA_other","No",{"$nulls":15},"CNA_other",{"$nulls":34},2014,65,"Male","Former","Cigarettes",10,50,25,"Current",5,48,240,"Dentate","C04.1 lateral floor of mouth","Floor of mouth","Left","T1","N0","Stage I","Stage I-II","n.a.","                                                                                                                                                                                                                                                               ","                                                                                                                                                                                                                                                               ","No","Surgery","Surgery","Curative","None","n.a.","Complete response",0.5,0.2,"Lamina propria","Non-cohesive","No","No","Moderately differentiated","T1","T1","pT_stage","n.a. (no neck dissection)","N0","cN_stage",null,"Stage I","Stage I","Stage I-II","pDisease",null,null,"n.a. (no neck dissection)","Close (1-5 mm)","3       ","Alive",47,0,47,"Non-cohesive"]
["878","Yes",17,4,"CNA_other","No",{"$nulls":15},"CNA_other",{"$nulls":34},2013,58,"Male","Former","Cigarettes",20,20,20,"Current",1.285714285714286,40,40,"Dentate","C02.1 border of tongue","Mobile tongue","Right","T4a","N0","Stage IVA","Stage III-IV","n.a.","                                                                                                                                                                                                                                                               ","                                                                                                                                                                                                                                                               ","No","Surgery","Surgery","Curative","None","n.a.","Not applicable",5,4,"Muscle","Non-cohesive","Yes","Yes","Poorly differentiated","T4a","T4a","pT_stage","N3b","N3b","pN_stage","Mx","Stage IVB","Stage IVB","Stage III-IV","pDisease",10,null,"Yes","Involved (<1 mm)","0,05    ","Dead",4,1,4]
["879","Yes",7,2,"CNA_quiet_candidate","Yes",0.05,0.163,24,4,"Exclude",{"$nulls":10},"Exclude",0.163,0.05,4,{"$nulls":31},2012,61,"Male","Current","Cigarettes",20,30,30,"Current",3,43,129,"Edendate ","C04.0 anterior floor of mouth","Floor of mouth","Right","T2","N0","Stage II","Stage I-II","n.a.","                                                                                                                                                                                                                                                               ","                                                                                                                                                                                                                                                               ","No","Surgery","Surgery","Curative","None","n.a.","Complete response",null,null,"Lamina propria","Unknown","No","No","Moderately differentiated","T1","T1","pT_stage","N0","N0","pN_stage","Mx","Stage I","Stage I","Stage I-II","pDisease",0,null,"No","Unknown (not assessable)","        ","Dead",65,0,60]
["890","Yes",13,3,"CNA_other","No",{"$nulls":15},"CNA_other",{"$nulls":34},2014,59,"Male","Former","Cigarettes",20,30,30,"Former",7,30,210,"Dentate","C02.1 border of tongue","Mobile tongue","Right","T4a","N1","Stage IVA","Stage III-IV","Ipsilateral","1                                                                                                                                                                                                                                                              ","                                                                                                                                                                                                                                                               ","No","Surgery + RT","Surgery + RT","Curative","IMRT","Postoperative","Complete response",4,2.5,"Muscle","Non-cohesive","Yes","Yes","Poorly differentiated","T4a","T4a","pT_stage","N2c","N2c","pN_stage",null,"Stage IVA","Stage IVA","Stage III-IV","pDisease",1,2,"No","Close (1-5 mm)","1       ","Alive",47,0,47,"Non-cohesive"]
["891","Yes",15,3,"CNA_other","No",{"$nulls":15},"CNA_other",{"$nulls":34},2011,66,"Female","Current","Cigarettes",5,48,12,"Current",2,48,96,null,"C02.1 border of tongue","Mobile tongue","Right","T1","N0","Stage I","Stage I-II","n.a.","                                                                                                                                                                                                                                                               ","                                                                                                                                                                                                                                                               ","No","Surgery","Surgery","Curative","None","n.a.","Complete response",0.7,0.3,"Lamina propria","Non-cohesive","No","No","Poorly differentiated","T1","T1","pT_stage","n.a. (no neck dissection)","N0","cN_stage",null,"Stage I","Stage I","Stage I-II","pDisease",null,null,"n.a. (no neck dissection)","Involved (<1 mm)","0,9     ","Dead",45,1,45,"Non-cohesive"]
["892","Yes",13,3,"CNA_other","No",{"$nulls":15},"CNA_other",{"$nulls":34},2009,52,"Male","Current","Cigarettes",20,30,30,"Former",{"$nulls":3},"Edendate ","C02.1 border of tongue","Mobile tongue","Right","T1","N0","Stage I","Stage I-II","n.a.","                                                                                                                                                                                                                                                               ","                                                                                                                                                                                                                                                               ","No","Surgery + RT","Surgery + RT","Curative","IMRT","Postoperative","Complete response",null,null,"Lamina propria","Unknown","No","No","Moderately differentiated","T1","T1","pT_stage","n.a. (no neck dissection)","N0","cN_stage","Mx","Stage I","Stage I","Stage I-II","pDisease",null,null,"n.a. (no neck dissection)","Clear (>5 mm)","        ","Alive",109,0,60]
["893","Yes",15,3,"CNA_other","No",{"$nulls":15},"CNA_other",{"$nulls":34},2008,65,"Male","Current","Cigarettes",5,48,48,"Current",7,48,336,"Dentate","C02.3 anterior two-third of tongue, part NOS","Mobile tongue","Midline","T4a","N2b","Stage IVA","Stage III-IV","Ipsilateral","                                                                                                                                                                                                                                                               ","1;2                                                                                                                                                                                                                                                            ","No","Surgery + RT","Surgery + RT","Curative","IMRT","Postoperative","Complete response",3.4,null,"Muscle","Non-cohesive","Yes","Yes","Poorly differentiated","T2","T2","pT_stage","N3b","N3b","pN_stage","Mx","Stage IVB","Stage IVB","Stage III-IV","pDisease",4,10,"Yes","Involved (<1 mm)","0,9     ","Dead",24,1,24]
["894","Yes",23,6,"CNA_other","No",{"$nulls":15},"CNA_other",{"$nulls":34},2014,75,"Male","Former","Cigarettes",20,50,50,"Never",0,0,0,"Edendate ","C06.2 retromolar area","Retromolar trigone","Left","T4b","N0","Stage IVB","Stage III-IV","n.a.","                                                                                                                                                                                                                                                               ","                                                                                                                                                                                                                                                               ","No","Surgery + RT","Surgery + RT","Curative","IMRT","Postoperative","Disease progression",6.5,1.1,"Bone","Non-cohesive","No","Yes","Poorly differentiated","T4a","T4a","pT_stage","N3b","N3b","pN_stage",null,"Stage IVB","Stage IVB","Stage III-IV","pDisease",null,2,"Yes","Close (1-5 mm)","1       ","Dead",5,1,5,"Non-cohesive"]
["895","Yes",11,2,"CNA_quiet_candidate","Yes",0.29,0.767,61,46,"CNA_other","Yes",0.36,2,0.771,46,0.995,4,0.986,"CNA_other",null,"CNA_other",0.771,0.36,46,"Mutated","WT","WT","WT","WT","WT","WT","WT","WT","Mutated","WT","WT","WT","WT","WT","WT","WT","WT","WT","WT","Mutated","WT","WT","WT","WT","WT","WT","WT","WT","FGFR3,NOTCH1,TP53",null,2012,60,"Male","Current","Cigarettes",14,46,32,"Current",6,43,258,"Dentate","C04.0 anterior floor of mouth","Floor of mouth","Left","T2","N0","Stage II","Stage I-II","n.a.","                                                                                                                                                                                                                                                               ","                                                                                                                                                                                                                                                               ","No","Surgery","Surgery","Curative","None","n.a.","Complete response",1.6,null,"Lamina propria","Cohesive","No","No","Moderately differentiated","T1","T1","pT_stage","N0","N0","pN_stage","Mx","Stage I","Stage I","Stage I-II","pDisease",0,null,"No","Involved (<1 mm)","0,6     ","Alive",63,0,60,"Cohesive"]
["897","Yes",26,5,"CNA_other","No",{"$nulls":15},"CNA_other",{"$nulls":34},2011,78,"Male","Never","n.a.",0,0,0,"Current",0.14,60,9,"Dentate","C02.1 border of tongue","Mobile tongue","Left","T2","N0","Stage II","Stage I-II","n.a.","                                                                                                                                                                                                                                                               ","                                                                                                                                                                                                                                                               ","No","Surgery","Surgery","Curative","None","n.a.","Complete response",1.6,null,"Lamina propria","Non-cohesive","No","No","Poorly differentiated","T1","T1","pT_stage","N0","N0","pN_stage","Mx","Stage I","Stage I","Stage I-II","pDisease",null,0,"No","Involved (<1 mm)","0,4     ","Dead",21,1,21]
["898","Yes",15,4,"CNA_other","No",{"$nulls":15},"CNA_other",{"$nulls":34},2009,76,"Male","Never","n.a.",0,0,0,"Former",2,56,112,"Edendate ","C03.0 upper gum","Vestibule of the mouth ","Left","T4a","N1","Stage IVA","Stage III-IV","Ipsilateral","                                                                                                                                                                                                                                                               ","1                                                                                                                                                                                                                                                              ","No","Surgery + RT","Surgery + RT","Curative","IMRT","Postoperative","Complete response",5.5,null,"Bone","Non-cohesive","No","No","Moderately differentiated","T4a","T4a","pT_stage","N3b","N3b","pN_stage","Mx","Stage IVB","Stage IVB","Stage III-IV","pDisease",null,4,"Yes","Involved (<1 mm)","0       ","Dead",11,1,11]
["899","Yes",9,2,"CNA_quiet_candidate","Yes",0.05,0.15,23,4,"Exclude",{"$nulls":10},"Exclude",0.15,0.05,4,{"$nulls":31},2011,73,"Female","Current","Cigarettes",20,55,55,"Current",1,55,55,"Dentate","C02.2 ventral surface of tongue","Mobile tongue","Left","T1","N0","Stage I","Stage I-II","n.a.","                                                                                                                                                                                                                                                               ","                                                                                                                                                                                                                                                               ","No","Surgery + RT","Surgery + RT","Curative","IMRT","Postoperative","Complete response",1.2,0.35,"Lamina propria","Non-cohesive","No","No","Moderately differentiated","T1","T1","pT_stage","N0","N0","pN_stage","Mx","Stage I","Stage I","Stage I-II","pDisease",null,0,"No","Close (1-5 mm)","3       ","Alive",82,0,60,"Non-cohesive"]
["900","Yes",16,4,"CNA_other","No",{"$nulls":15},"CNA_other",{"$nulls":34},2008,67,"Female","Current","Cigarettes",20,30,30,"Never",0,0,0,"Edendate ","C04.0 anterior floor of mouth","Floor of mouth","Midline","T3","N0","Stage III","Stage III-IV","n.a.","                                                                                                                                                                                                                                                               ","                                                                                                                                                                                                                                                               ","No","Surgery + RT","Surgery + RT","Curative","IMRT","Postoperative","Complete response",1.7,null,"Lamina propria","Non-cohesive","Unknown","Unknown","Moderately differentiated","T1","T1","pT_stage","N0","N0","pN_stage","Mx","Stage I","Stage I","Stage I-II","pDisease",0,0,"No","Close (1-5 mm)","1       ","Alive",127,0,60]
["901","Yes",4,1,"CNA_quiet_candidate","Yes",0.18,0.599,43,26,"CNA_other",{"$nulls":10},"CNA_other",0.599,0.18,26,{"$nulls":31},2008,56,"Male","Never","n.a.",0,0,0,"Current",1,38,38,"Dentate","C06.0 cheek mucosa","Cheek mucosa","Right","T2","N0","Stage II","Stage I-II","n.a.","                                                                                                                                                                                                                                                               ","                                                                                                                                                                                                                                                               ","No","Brachytherapy +/- ND","Other","Curative","Brachytherapy","Definitive","Partial response",null,null,"Unknown","Unknown","Unknown","Unknown","Unknown","n.a. (no surgery)","T2","cT_stage","N0","N0","pN_stage","Mx",null,"Stage II","Stage I-II","cDisease",0,null,"No","n.a. (no surgery)","        ","Alive",88,0,60]
["902","Yes",2,0,"CNA_quiet_candidate","Yes",0.05,0,23,0,"CNA_quiet_candidate","Yes",0.07,1.99,0,0,0.915,1,0.004,"Exclude","Too_low_cellularity","Exclude",0,0.07,0,{"$nulls":31},2008,65,"Male","Former","Cigarettes",20,20,20,"Current",2,48,96,"Dentate","C06.0 cheek mucosa","Cheek mucosa","Left","T2","N0","Stage II","Stage I-II","n.a.","                                                                                                                                                                                                                                                               ","                                                                                                                                                                                                                                                               ","No","Surgery","Surgery","Curative","None","n.a.","Complete response",1.8,null,"Lamina propria","Cohesive","No","No","Moderately differentiated","T1","T1","pT_stage","N0","N0","pN_stage","Mx","Stage I","Stage I","Stage I-II","pDisease",null,0,"No","Clear (>5 mm)","5       ","Dead",58,1,58]
["903","Yes",13,4,"CNA_other","No",{"$nulls":15},"CNA_other",{"$nulls":34},2008,62,"Male","Current","Cigarettes",6,45,25,"Current",4,35,140,"Dentate","C02.1 border of tongue","Mobile tongue","Left","T2","N1","Stage III","Stage III-IV","Ipsilateral","                                                                                                                                                                                                                                                               ","1                                                                                                                                                                                                                                                              ","No","Surgery","Surgery","Curative","None","n.a.","Complete response",1.5,null,"Lamina propria","Cohesive","No","No","Moderately differentiated","T1","T1","pT_stage","N1","N1","pN_stage","Mx","Stage III","Stage III","Stage III-IV","pDisease",null,1,"No","Clear (>5 mm)","6       ","Dead",86,0,60]
["904","Yes",32,7,"CNA_other","No",{"$nulls":15},"CNA_other",{"$nulls":34},2010,52,"Male","Current","Cigarettes",20,39,39,"Current",5,34,170,"Edendate ","C02.3 anterior two-third of tongue, part NOS","Mobile tongue","Left","T2","N0","Stage II","Stage I-II","n.a.","                                                                                                                                                                                                                                                               ","                                                                                                                                                                                                                                                               ","No","Surgery + RT","Surgery + RT","Curative","IMRT","Postoperative","Complete response",2.2,1.3,"Lamina propria","Non-cohesive","Yes","Yes","Poorly differentiated","T3","T3","pT_stage","N0","N0","pN_stage","Mx","Stage III","Stage III","Stage III-IV","pDisease",null,0,"No","Clear (>5 mm)","5       ","Dead",38,1,38,"Non-cohesive"]
["905","Yes",10,2,"CNA_quiet_candidate","Yes",0.3,0.743,57,41,"CNA_other",{"$nulls":10},"CNA_other",0.743,0.3,41,{"$nulls":31},2010,53,"Male","Current","Cigarettes",15,35,26,"Current",6,35,210,"Dentate","C04.0 anterior floor of mouth","Floor of mouth","Left","T1","N0","Stage I","Stage I-II","n.a.","                                                                                                                                                                                                                                                               ","                                                                                                                                                                                                                                                               ","No","Surgery","Surgery","Curative","None","n.a.","Complete response",null,null,"Lamina propria","Unknown","Unknown","Unknown","Well differentiated","T1","T1","pT_stage","n.a. (no neck dissection)","N0","cN_stage","Mx","Stage I","Stage I","Stage I-II","pDisease",null,null,"n.a. (no neck dissection)","Unknown (not assessable)","        ","Dead",14,1,14]
["906","Yes",16,4,"CNA_other","No",{"$nulls":15},"CNA_other",{"$nulls":34},2008,35,"Male","Never","n.a.",0,0,0,"Never",0,0,0,"Dentate","C02.1 border of tongue","Mobile tongue","Right","T1","N0","Stage I","Stage I-II","n.a.","                                                                                                                                                                                                                                                               ","                                                                                                                                                                                                                                                               ","No","Surgery + RT","Surgery + RT","Curative","IMRT","Postoperative","Complete response",1.3,null,"Lamina propria","Non-cohesive","Yes","Unknown","Unknown","T1","T1","pT_stage","N1","N1","pN_stage","Mx","Stage III","Stage III","Stage III-IV","pDisease",1,null,"No","Unknown (not assessable)","        ","Alive",66,0,60]
["907","Yes",15,3,"CNA_other","No",{"$nulls":15},"CNA_other",{"$nulls":34},2011,67,"Female","Current","Cigarettes",20,30,30,"Current",4,49,196,"Dentate","C04.0 anterior floor of mouth","Floor of mouth","Midline","T2","N0","Stage II","Stage I-II","n.a.","                                                                                                                                                                                                                                                               ","                                                                                                                                                                                                                                                               ","No","Surgery","Surgery","Curative","None","n.a.","Complete response",2.5,0.42,"Muscle","Non-cohesive","Yes","Yes","Poorly differentiated","T2","T2","pT_stage","N0","N0","pN_stage","Mx","Stage II","Stage II","Stage I-II","pDisease",0,0,"No","Close (1-5 mm)","1       ","Dead",44,1,44]
["909","Yes",22,5,"CNA_other","No",{"$nulls":15},"CNA_other",{"$nulls":34},2012,57,"Female","Current","Cigarettes",23,40,46,"Current",4.571428571428571,39,195,"Dentate","C04.0 anterior floor of mouth","Floor of mouth","Right","T3","N2c","Stage IVA","Stage III-IV","Bilateral","2                                                                                                                                                                                                                                                              ","1;2                                                                                                                                                                                                                                                            ","No","Surgery + RT","Surgery + RT","Curative","IMRT","Postoperative","Complete response",2.3,null,"Muscle","Non-cohesive","Yes","No","Poorly differentiated","T2","T2","pT_stage","N3b","N3b","pN_stage","Mx","Stage IVB","Stage IVB","Stage III-IV","pDisease",6,1,"Yes","Involved (<1 mm)","0,7     ","Dead",24,1,24,"Non-cohesive"]
["910","Yes",1,0,"CNA_quiet_candidate","Yes",1,0,23,0,"CNA_quiet_candidate","Yes",1,2,0,0,1,0,1,"Exclude","No_evidence_of_tumor","Exclude",0,1,0,{"$nulls":31},2012,54,"Male","Current","Cigarettes",25,36,45,"Current",17.57142857142857,40,702.8571428571429,"Dentate","C02.1 border of tongue","Mobile tongue","Right","T1","N0","Stage I","Stage I-II","n.a.","                                                                                                                                                                                                                                                               ","                                                                                                                                                                                                                                                               ","No","Surgery","Surgery","Curative","None","n.a.","Complete response",0.8,0.2,"Lamina propria","Non-cohesive","No","No","Poorly differentiated","T1","T1","pT_stage","N0","N0","pN_stage","Mx","Stage I","Stage I","Stage I-II","pDisease",0,null,"No","Clear (>5 mm)","8       ","Dead",75,0,60]
["911","Yes",0,0,"CNA_quiet_candidate","Yes",0.43,0.057,22,1,"CNA_quiet_candidate","Yes",0.43,2.01,0.057,1,1,1,0.999,"CNA_quiet",null,"CNA_quiet",0.057,0.43,1,"WT","WT","WT","WT","WT","WT","WT","WT","WT","WT","WT","WT","WT","WT","Mutated","WT","WT","WT","WT","WT","WT","WT","WT","WT","WT","WT","WT","WT","WT","NA,KMT2D",null,2009,57,"Female","Former","Cigarettes",12,33,20,"Current",0.1428571428571428,39,6,null,"C02.1 border of tongue","Mobile tongue","Right","T1","N0","Stage I","Stage I-II","n.a.","                                                                                                                                                                                                                                                               ","                                                                                                                                                                                                                                                               ","No","Surgery","Surgery","Curative","None","n.a.","Complete response",0.8,null,"Lamina propria","Non-cohesive","No","No","Moderately differentiated","T1","T1","pT_stage","n.a. (no neck dissection)","N0","cN_stage","Mx","Stage I","Stage I","Stage I-II","pDisease",null,null,"n.a. (no neck dissection)","Clear (>5 mm)","        ","Alive",57,0,57]
["912","Yes",18,3,"CNA_other","No",{"$nulls":15},"CNA_other",{"$nulls":34},2009,68,"Male","Current","Cigarettes",20,52,52,"Current",6,50,300,"Dentate","C04.0 anterior floor of mouth","Floor of mouth","Right","T3","N0","Stage III","Stage III-IV","n.a.","                                                                                                                                                                                                                                                               ","                                                                                                                                                                                                                                                               ","No","None","None","Palliative","None","n.a.","Not applicable",null,null,"Unknown","Unknown","Unknown","Unknown","Unknown","n.a. (no surgery)","T3","cT_stage","n.a. (no neck dissection)","N0","cN_stage","77",77,"Stage III","Stage III-IV","cDisease",null,null,"n.a. (no neck dissection)","n.a. (no surgery)","        ","Dead",5,1,5]
["913","Yes",12,3,"CNA_other","No",{"$nulls":15},"CNA_other",{"$nulls":34},2009,66,"Male","Former","Cigarettes",20,7,7,"Current",3,50,150,null,"C02.1 border of tongue","Mobile tongue","Right","T2","N2b","Stage IVA","Stage III-IV","Ipsilateral","1;2                                                                                                                                                                                                                                                            ","                                                                                                                                                                                                                                                               ","No","Surgery + RT","Surgery + RT","Curative","IMRT","Postoperative","Complete response",4.2,null,"Lamina propria","Non-cohesive","Yes","Yes","Moderately differentiated","T3","T3","pT_stage","N3b","N3b","pN_stage","Mx","Stage IVB","Stage IVB","Stage III-IV","pDisease",5,null,"Yes","Involved (<1 mm)","0,9     ","Dead",9,1,9,"Non-cohesive"]
["914","Yes",1,0,"CNA_quiet_candidate","Yes",0.06,0.143,32,8,"CNA_other",{"$nulls":10},"CNA_other",0.143,0.06,8,{"$nulls":31},2011,70,"Male","Former","Cigarettes",20,10,10,"Never",0,0,0,"Edendate ","C02.1 border of tongue","Mobile tongue","Right","T2","N0","Stage II","Stage I-II","n.a.","                                                                                                                                                                                                                                                               ","                                                                                                                                                                                                                                                               ","No","None","None","Palliative","None","n.a.","Not applicable",null,null,"Unknown","Cohesive","No","Unknown","Moderately differentiated","n.a. (no surgery)","T2","cT_stage","n.a. (no neck dissection)","N0","cN_stage","77",77,"Stage II","Stage I-II","cDisease",null,null,"n.a. (no neck dissection)","n.a. (no surgery)","        ","Dead",2,1,2]
["915","Yes",20,4,"CNA_other","No",{"$nulls":15},"CNA_other",{"$nulls":34},2009,45,"Male","Current","Cigarettes",8,27,11,"Current",1,27,27,"Dentate","C02.1 border of tongue","Mobile tongue","Left","T2","N0","Stage II","Stage I-II","n.a.","                                                                                                                                                                                                                                                               ","                                                                                                                                                                                                                                                               ","No","Surgery","Surgery","Curative","None","n.a.","Complete response",1.2,null,"Lamina propria","Cohesive","No","No","Well differentiated","T1","T1","pT_stage","N0","N0","pN_stage","Mx","Stage I","Stage I","Stage I-II","pDisease",null,0,"No","Clear (>5 mm)","6       ","Dead",1,1,1]
["916","Yes",5,1,"CNA_quiet_candidate","Yes",0.13,0.579,32,16,"CNA_other",{"$nulls":10},"CNA_other",0.579,0.13,16,{"$nulls":31},2010,72,"Male","Current","Cigarettes",5,40,10,"Current",1,55,55,"Edendate ","C02.1 border of tongue","Mobile tongue","Right","T2","N0","Stage II","Stage I-II","n.a.","                                                                                                                                                                                                                                                               ","                                                                                                                                                                                                                                                               ","No","Surgery","Surgery","Curative","None","n.a.","Complete response",1.8,null,"Muscle","Non-cohesive","No","No","Moderately differentiated","T1","T1","pT_stage","N0","N0","pN_stage","Mx","Stage I","Stage I","Stage I-II","pDisease",0,null,"No","Clear (>5 mm)","6       ","Dead",64,0,60]
["917","Yes",17,4,"CNA_other","No",{"$nulls":15},"CNA_other",{"$nulls":34},2010,57,"Female","Never","n.a.",0,0,0,"Never",0,0,0,"Dentate","C02.1 border of tongue","Mobile tongue","Right","T1","N0","Stage I","Stage I-II","n.a.","                                                                                                                                                                                                                                                               ","                                                                                                                                                                                                                                                               ","No","Surgery + RT","Surgery + RT","Curative","IMRT","Postoperative","Complete response",1.1,null,"Lamina propria","Non-cohesive","No","No","Poorly differentiated","T1","T1","pT_stage","n.a. (no neck dissection)","N0","cN_stage","Mx","Stage I","Stage I","Stage I-II","pDisease",null,null,"n.a. (no neck dissection)","Close (1-5 mm)","3       ","Alive",103,0,60]
["918","Yes",0,0,"CNA_quiet_candidate","Yes",0.17,0.2,37,12,"CNA_other",{"$nulls":10},"CNA_other",0.2,0.17,12,{"$nulls":31},2013,56,"Female","Current","Cigarettes",15,40,30,"Current",3,39,117,"Dentate","C04.1 lateral floor of mouth","Floor of mouth","Left","T1","N0","Stage I","Stage I-II","n.a.","                                                                                                                                                                                                                                                               ","                                                                                                                                                                                                                                                               ","No","Surgery","Surgery","Curative","None","n.a.","Complete response",0.7,0.15,"Lamina propria","Non-cohesive","No","No","Moderately differentiated","T1","T1","pT_stage","n.a. (no neck dissection)","N0","cN_stage","Mx","Stage I","Stage I","Stage I-II","pDisease",null,null,"n.a. (no neck dissection)","Clear (>5 mm)","        ","Alive",59,0,59,"Non-cohesive"]
["921","Yes",23,5,"CNA_other","No",{"$nulls":15},"CNA_other",{"$nulls":34},2012,51,"Female","Current","Cigarettes",15,53,40,"Current",2,33,66,null,"C06.2 retromolar area","Retromolar trigone","Right","T2","N0","Stage II","Stage I-II","n.a.","                                                                                                                                                                                                                                                               ","                                                                                                                                                                                                                                                               ","No","Radiotherapy","Radiotherapy","Curative","IMRT","Definitive","Complete response",null,null,"Unknown","Non-cohesive","Unknown","Unknown","Moderately differentiated","n.a. (no surgery)","T2","cT_stage","n.a. (no neck dissection)","N0","cN_stage","77",77,"Stage II","Stage I-II","cDisease",null,null,"n.a. (no neck dissection)","n.a. (no surgery)","        ","Dead",30,1,30,"Non-cohesive"]
["922","Yes",15,3,"CNA_other","No",{"$nulls":15},"CNA_other",{"$nulls":34},2010,43,"Male","Current","Cigarettes",10,20,10,"Current",4.571428571428571,25,125,"Dentate","C04.0 anterior floor of mouth","Floor of mouth","Midline","T4a","N2c","Stage IVA","Stage III-IV","Bilateral","1;2                                                                                                                                                                                                                                                            ","1                                                                                                                                                                                                                                                              ","No","Surgery + RT","Surgery + RT","Curative","IMRT","Postoperative","Complete response",5,null,"Bone","Unknown","Yes","No","Moderately differentiated","T4a","T4a","pT_stage","N1","N1","pN_stage","Mx","Stage IVA","Stage IVA","Stage III-IV","pDisease",1,0,"No","Close (1-5 mm)","1       ","Alive",25,0,25]
["923","Yes",26,4,"CNA_other","No",{"$nulls":15},"CNA_other",{"$nulls":34},2013,67,"Male","Former","Cigarettes",20,31,31,"Never",0,0,0,"Dentate","C02.1 border of tongue","Mobile tongue","Left","T3","N2b","Stage IVA","Stage III-IV","Ipsilateral","                                                                                                                                                                                                                                                               ","2                                                                                                                                                                                                                                                              ","No","Surgery + CRT","Surgery + CRT","Curative","IMRT","Postoperative","Complete response",4.2,2.6,"Lamina propria","Non-cohesive","Yes","No","Poorly differentiated","T3","T3","pT_stage","N3b","N3b","pN_stage","Mx","Stage IVB","Stage IVB","Stage III-IV","pDisease",null,1,"Yes","Involved (<1 mm)","0,5     ","Dead",46,1,46,"Non-cohesive"]
["924","Yes",17,5,"CNA_other","No",{"$nulls":15},"CNA_other",{"$nulls":34},2010,62,"Male","Current","Cigarettes",15,44,33,"Current",2,44,88,null,"C02.1 border of tongue","Mobile tongue","Right","T1","N0","Stage I","Stage I-II","n.a.","                                                                                                                                                                                                                                                               ","                                                                                                                                                                                                                                                               ","No","Surgery + RT","Surgery + RT","Curative","IMRT","Postoperative","Complete response",1.2,0.7,"Lamina propria","Non-cohesive","Yes","No","Moderately differentiated","T2","T2","pT_stage","N0","N0","pN_stage","Mx","Stage II","Stage II","Stage I-II","pDisease",0,null,"No","Close (1-5 mm)","2       ","Dead",52,1,52,"Non-cohesive"]
["926","Yes",0,0,"CNA_quiet_candidate","Yes",1,0,22,0,"CNA_quiet_candidate","Yes",1,2,0,0,1,0,1,"Exclude","No_evidence_of_tumor","Exclude",0,1,0,{"$nulls":31},2011,65,"Male","Current","Cigarettes",25,51,64,"Former",50,18,900,"Edendate ","C06.0 cheek mucosa","Cheek mucosa","Left","T2","N0","Stage II","Stage I-II","n.a.","                                                                                                                                                                                                                                                               ","                                                                                                                                                                                                                                                               ","No","Surgery","Surgery","Palliative","None","n.a.","Complete response",2.9,null,"Lamina propria","Cohesive","No","No","Well differentiated","T2","T2","pT_stage","n.a. (no neck dissection)","N0","cN_stage","Mx","Stage II","Stage II","Stage I-II","pDisease",null,null,"n.a. (no neck dissection)","Involved (<1 mm)","0       ","Dead",10,1,10]
["927","Yes",11,3,"CNA_other","No",{"$nulls":15},"CNA_other",{"$nulls":34},2011,59,"Female","Former","Cigarettes",20,30,30,"Current",1,42,42,"Dentate","C04.0 anterior floor of mouth","Floor of mouth","Midline","T2","N0","Stage II","Stage I-II","n.a.","                                                                                                                                                                                                                                                               ","                                                                                                                                                                                                                                                               ","No","Surgery + RT","Surgery + RT","Curative","IMRT","Postoperative","Complete response",2.7,null,"Lamina propria","Non-cohesive","Yes","Yes","Poorly differentiated","T2","T2","pT_stage","N2a","N2a","pN_stage","Mx","Stage IVA","Stage IVA","Stage III-IV","pDisease",1,null,"Yes","Involved (<1 mm)","0,25    ","Dead",24,1,24]
["928","Yes",6,1,"CNA_quiet_candidate","Yes",0.38,0.43,37,18,"CNA_other",{"$nulls":10},"CNA_other",0.43,0.38,18,{"$nulls":31},2011,91,"Female",{"$nulls":9},"Edendate ","C04.0 anterior floor of mouth","Floor of mouth","Left","T3","N2c","Stage IVA","Stage III-IV","Bilateral","1;2                                                                                                                                                                                                                                                            ","1;2;4                                                                                                                                                                                                                                                          ","No","None","None","Palliative","None","n.a.","Not applicable",null,null,"Unknown","Cohesive","No","No","Moderately differentiated","n.a. (no surgery)","T3","cT_stage","n.a. (no neck dissection)","N2c","cN_stage","77",77,"Stage IVA","Stage III-IV","cDisease",null,null,"n.a. (no neck dissection)","n.a. (no surgery)","        ","Dead",4,1,4]
["929","Yes",19,5,"CNA_other","No",{"$nulls":15},"CNA_other",{"$nulls":34},2011,73,"Female","Current","Cigarettes",10,56,28,"Current",3,56,168,"Dentate","C04.0 anterior floor of mouth","Floor of mouth","Midline","T1","N0","Stage I","Stage I-II","n.a.","                                                                                                                                                                                                                                                               ","                                                                                                                                                                                                                                                               ","No","Surgery","Surgery","Curative","None","n.a.","Complete response",null,null,"Lamina propria","Unknown","Unknown","Unknown","Moderately differentiated","T1","T1","pT_stage","n.a. (no neck dissection)","N0","cN_stage","Mx","Stage I","Stage I","Stage I-II","pDisease",null,null,"n.a. (no neck dissection)","Clear (>5 mm)","        ","Dead",86,0,60]
["930","Yes",15,3,"CNA_other","No",{"$nulls":15},"CNA_other",{"$nulls":34},2012,60,"Male","Never","n.a.",0,0,0,"Never",0,0,0,"Dentate","C02.1 border of tongue","Mobile tongue","Right","T1","N0","Stage I","Stage I-II","n.a.","                                                                                                                                                                                                                                                               ","                                                                                                                                                                                                                                                               ","No","Surgery + RT","Surgery + RT","Curative","IMRT","Postoperative","Complete response",2,0.9,"Lamina propria","Cohesive","No","Yes","Moderately differentiated","T2","T2","pT_stage","N3b","N3b","pN_stage","Mx","Stage IVB","Stage IVB","Stage III-IV","pDisease",3,null,"Yes","Involved (<1 mm)","0,9     ","Alive",76,0,60,"Cohesive"]
["932","Yes",11,2,"CNA_quiet_candidate","Yes",0.14,0.463,53,28,"CNA_other",{"$nulls":10},"CNA_other",0.463,0.14,28,{"$nulls":31},2009,58,"Male","Current","Cigarettes",25,30,37.5,"Former",{"$nulls":3},"Edendate ","C04.0 anterior floor of mouth","Floor of mouth","Left","T2","N0","Stage II","Stage I-II","n.a.","                                                                                                                                                                                                                                                               ","                                                                                                                                                                                                                                                               ","No","Surgery + RT","Surgery + RT","Curative","IMRT","Postoperative","Complete response",1.7,1.1,"Lamina propria","Cohesive","No","Yes","Moderately differentiated","T3","T3","pT_stage","N1","N1","pN_stage","Mx","Stage III","Stage III","Stage III-IV","pDisease",0,1,"No","Close (1-5 mm)","2       ","Alive",111,0,60,"Cohesive"]
["933","Yes",14,2,"CNA_quiet_candidate","Yes",0.36,0.367,40,20,"CNA_other",{"$nulls":10},"CNA_other",0.367,0.36,20,{"$nulls":31},2012,48,"Male","Current","Cigarettes",5,31,10,"Current",1,31,31,null,"C02.1 border of tongue","Mobile tongue","Left","T1","N0","Stage I","Stage I-II","n.a.","                                                                                                                                                                                                                                                               ","                                                                                                                                                                                                                                                               ","No","Surgery","Surgery","Curative","None","n.a.","Complete response",1.3,null,"Lamina propria","Non-cohesive","No","No","Moderately differentiated","T1","T1","pT_stage","n.a. (no neck dissection)","N0","cN_stage","Mx","Stage I","Stage I","Stage I-II","pDisease",null,null,"n.a. (no neck dissection)","Clear (>5 mm)","        ","Alive",89,0,60]
["934","Yes",0,0,"CNA_quiet_candidate","Yes",0.09,0.621,33,19,"CNA_other",{"$nulls":10},"CNA_other",0.621,0.09,19,{"$nulls":31},2013,65,"Male","Current","Cigarettes",10,48,60,"Former",24,48,1152,"Dentate","C02.1 border of tongue","Mobile tongue","Left","T2","N0","Stage IVC",null,"n.a.","                                                                                                                                                                                                                                                               ","                                                                                                                                                                                                                                                               ","No","Surgery","Surgery","Palliative","None","n.a.","Complete response",3,null,"Lamina propria","Non-cohesive","Yes","Yes","Poorly differentiated","T2","T2","pT_stage","n.a. (no neck dissection)","N0","cN_stage","Mx","Stage II","Stage II","Stage I-II","pDisease",null,null,"n.a. (no neck dissection)","Close (1-5 mm)","1,6     ","Alive",11,0,11]
["935","Yes",31,7,"CNA_other","No",{"$nulls":15},"CNA_other",{"$nulls":34},2012,55,"Male","Current","Cigarettes",20,38,38,"Current",4,38,152,"Dentate","C03.1 lower gum","Vestibule of the mouth ","Left","T4a","N0","Stage IVA","Stage III-IV","n.a.","                                                                                                                                                                                                                                                               ","                                                                                                                                                                                                                                                               ","No","Surgery + RT","Surgery + RT","Curative","IMRT","Postoperative","Complete response",2.9,null,"Bone","Unknown","No","No","Poorly differentiated","T4a","T4a","pT_stage","N1","N1","pN_stage","Mx","Stage IVA","Stage IVA","Stage III-IV","pDisease",null,1,"No","Involved (<1 mm)","0       ","Alive",68,0,60]
["936","Yes",2,0,"CNA_quiet_candidate","Yes",0.43,0.2,29,8,"CNA_other",{"$nulls":10},"CNA_other",0.2,0.43,8,{"$nulls":31},2010,69,"Female","Former",null,20,30,30,"Never",0,0,0,"Edendate ","C03.1 lower gum","Vestibule of the mouth ","Right","T4a","N2b","Stage IVA","Stage III-IV","Ipsilateral","1;3                                                                                                                                                                                                                                                            ","                                                                                                                                                                                                                                                               ","No","Surgery + RT","Surgery + RT","Curative","IMRT","Postoperative",null,2.2,null,"Bone","Non-cohesive","Yes","Yes","Poorly differentiated","T4a","T4a","pT_stage","N3b","N3b","pN_stage","Mx","Stage IVB","Stage IVB","Stage III-IV","pDisease",2,null,"Yes","Involved (<1 mm)","0       ","Dead",11,1,11,"Non-cohesive"]
["937","Yes",0,0,"CNA_quiet_candidate","Yes",1,0,22,0,"CNA_quiet_candidate","Yes",0.12,2,0,0,0.982,1,0.995,"CNA_quiet",null,"CNA_quiet",0,0.12,0,"WT","WT","WT","WT","WT","WT","WT","WT","WT","Mutated","WT","WT","WT","WT","WT","WT","WT","WT","WT","WT","WT","WT","WT","WT","WT","WT","WT","WT","WT","NOTCH1",null,2014,76,"Male","Current","Cigarettes",10,60,30,"Current",2,58,116,"Edendate ","C04.0 anterior floor of mouth","Floor of mouth","Right","T1","N0","Stage I","Stage I-II","n.a.","                                                                                                                                                                                                                                                               ","                                                                                                                                                                                                                                                               ","No","Surgery","Surgery","Curative","None","n.a.","Complete response",0.8,0.2,"Lamina propria","Cohesive","No","No","Moderately differentiated","T1","T1","pT_stage","n.a. (no neck dissection)","N0","cN_stage",null,"Stage I","Stage I","Stage I-II","pDisease",null,null,"n.a. (no neck dissection)","Close (1-5 mm)","1       ","Alive",8,0,8,"Cohesive"]
["938","Yes",15,3,"CNA_other","No",{"$nulls":15},"CNA_other",{"$nulls":34},2012,81,"Male","Former","Cigarettes",20,3,3,"Current",2,63,126,"Dentate","C06.2 retromolar area","Retromolar trigone","Right","T2","N0","Stage II","Stage I-II","n.a.","                                                                                                                                                                                                                                                               ","                                                                                                                                                                                                                                                               ","No","Surgery","Surgery","Curative","None","n.a.","Complete response",3.1,null,"Lamina propria","Non-cohesive","No","No","Poorly differentiated","T2","T2","pT_stage","N0","N0","pN_stage","Mx","Stage II","Stage II","Stage I-II","pDisease",0,null,"No","Involved (<1 mm)","0       ","Dead",73,0,60,"Non-cohesive"]
["939","Yes",19,5,"CNA_other","No",{"$nulls":15},"CNA_other",{"$nulls":34},2012,68,"Male","Current","Cigarettes",30,33,50,"Current",8,51,408,"Edendate ","C04.0 anterior floor of mouth","Floor of mouth","Midline","T4a","N3b","Stage IVB","Stage III-IV","Bilateral","2                                                                                                                                                                                                                                                              ","2;3                                                                                                                                                                                                                                                            ","Yes","Surgery + RT","Surgery + RT","Curative","IMRT","Postoperative","Complete response",10,null,"Bone","Non-cohesive","Yes","No","Poorly differentiated","T4a","T4a","pT_stage","N3b","N3b","pN_stage","Mx","Stage IVB","Stage IVB","Stage III-IV","pDisease",5,5,"Yes","Involved (<1 mm)","0       ","Dead",12,1,12]
["941","Yes",9,1,"CNA_quiet_candidate","Yes",0.05,0.153,35,7,"CNA_other",{"$nulls":10},"CNA_other",0.153,0.05,7,{"$nulls":31},2008,78,"Male","Former","Cigarettes",20,30,30,"Current",2,60,120,"Dentate","C02.1 border of tongue","Mobile tongue","Right","T4a","N2b","Stage IVA","Stage III-IV","Ipsilateral","2                                                                                                                                                                                                                                                              ","                                                                                                                                                                                                                                                               ","No","None","None","Palliative","None","n.a.","Not applicable",null,null,"Unknown","Unknown","Unknown","Unknown","Unknown","n.a. (no surgery)","T4a","cT_stage","n.a. (no neck dissection)","N2b","cN_stage","77",77,"Stage IVA","Stage III-IV","cDisease",null,null,"n.a. (no neck dissection)","n.a. (no surgery)","        ","Dead",6,1,6]
["942","Yes",12,3,"CNA_other","No",{"$nulls":15},"CNA_other",{"$nulls":34},2013,45,"Female","Never","n.a.",0,0,0,"Never",0,0,0,"Dentate","C03.0 upper gum","Vestibule of the mouth ","Right","Tis","N0","Stage 0 (CIS)",null,"n.a.","                                                                                                                                                                                                                                                               ","                                                                                                                                                                                                                                                               ","No","Surgery","Surgery","Curative","None","n.a.","Complete response",null,null,"Unknown","Unknown","Unknown","Unknown","Unknown","T1","T1","pT_stage","n.a. (no neck dissection)","N0","cN_stage","Mx","Stage I","Stage I","Stage I-II","pDisease",null,null,"n.a. (no neck dissection)","Clear (>5 mm)","        ","Alive",32,0,32]
["943","Yes",2,0,"CNA_quiet_candidate","Yes",1,0,22,0,"CNA_quiet_candidate","Yes",1,2,0,0,1,0,1,"Exclude","No_evidence_of_tumor","Exclude",0,1,0,{"$nulls":31},2013,68,"Female","Never","n.a.",0,0,0,"Current",1,51,51,"Edendate ","C03.1 lower gum","Vestibule of the mouth ","Right","T4a","N0","Stage IVA","Stage III-IV","n.a.","                                                                                                                                                                                                                                                               ","                                                                                                                                                                                                                                                               ","No","Surgery + RT","Surgery + RT","Curative","IMRT","Postoperative","Complete response",6,null,"Bone","Non-cohesive","No","Yes","Moderately differentiated","T4a","T4a","pT_stage","N0","N0","pN_stage","Mx","Stage IVA","Stage IVA","Stage III-IV","pDisease",0,null,"No","Involved (<1 mm)","0       ","Dead",31,1,31,"Non-cohesive"]
["944","Yes",15,3,"CNA_other","No",{"$nulls":15},"CNA_other",{"$nulls":34},2013,66,"Male","Former","Cigarettes",40,50,100,"Current",6,48,288,"Dentate","C06.0 cheek mucosa","Cheek mucosa","Left","T4a","N1","Stage IVA","Stage III-IV","Ipsilateral","                                                                                                                                                                                                                                                               ","2                                                                                                                                                                                                                                                              ","No","None","None","Palliative","None","n.a.","Not applicable",null,null,"Unknown","Non-cohesive","No","No","Poorly differentiated","n.a. (no surgery)","T4a","cT_stage","n.a. (no neck dissection)","N1","cN_stage","77",77,"Stage IVA","Stage III-IV","cDisease",null,null,"n.a. (no neck dissection)","n.a. (no surgery)","        ","Dead",1,1,1]
["945","Yes",0,0,"CNA_quiet_candidate","Yes",1,0,22,0,"CNA_quiet_candidate","Yes",0.045,2,0,0,0,1,0.056,"Exclude","Power_too_low_both","Exclude",0,0.045,0,{"$nulls":31},2013,59,"Male","Never","n.a.",0,0,0,"Current",0.5714285714285714,42,42,null,"C02.1 border of tongue","Mobile tongue","Right","Tis","N0","Stage 0 (CIS)",null,"n.a.","                                                                                                                                                                                                                                                               ","                                                                                                                                                                                                                                                               ","No","Surgery","Surgery","Curative","None","n.a.","Complete response",null,null,"Unknown","Unknown","Unknown","Unknown","Unknown","T1","T1","pT_stage","n.a. (no neck dissection)","N0","cN_stage","Mx","Stage I","Stage I","Stage I-II","pDisease",null,null,"n.a. (no neck dissection)","Clear (>5 mm)","        ","Alive",20,0,20]
["946","Yes",8,2,"CNA_quiet_candidate","Yes",0.4,0.283,34,15,"CNA_other","Yes",0.66,2.01,0.284,16,1,7,1,"CNA_other",null,"CNA_other",0.284,0.66,15,"Mutated","Mutated","Mutated","WT","Mutated","Mutated","WT","WT","WT","WT","WT","WT","Mutated","WT","WT","Mutated","WT","WT","WT","WT","WT","WT","WT","WT","WT","WT","WT","WT","WT","CASP8,FAT1,TERT,CDKN2A,HRAS,TP53,ASXL1",null,2013,68,"Male","Former","Cigarettes",33,25,41,"Current",3,50,150,"Edendate ","C02.1 border of tongue","Mobile tongue","Left","T2","N0","Stage II","Stage I-II","n.a.","                                                                                                                                                                                                                                                               ","                                                                                                                                                                                                                                                               ","No","Surgery + RT","Surgery + RT","Curative","IMRT","Postoperative","Complete response",2.6,1.1,"Lamina propria","Non-cohesive","No","Yes","Poorly differentiated","T3","T3","pT_stage","N2b","N2b","pN_stage","Mx","Stage IVA","Stage IVA","Stage III-IV","pDisease",null,3,"No","Close (1-5 mm)","4,5     ","Alive",68,0,60]
["949","Yes",3,0,"CNA_quiet_candidate","Yes",1,0,22,0,"CNA_quiet_candidate","Yes",0.2,2,0,0,0.998,4,0.048,"Exclude","Power_too_low_muts","Exclude",0,0.2,0,{"$nulls":31},2010,53,"Female","Never","n.a.",0,0,0,"Never",0,0,0,"Dentate","C02.1 border of tongue","Mobile tongue","Right","T1","N0","Stage I","Stage I-II","n.a.","                                                                                                                                                                                                                                                               ","                                                                                                                                                                                                                                                               ","No","Surgery","Surgery","Curative","None","n.a.","Complete response",1,null,"Muscle","Non-cohesive","Yes","No","Moderately differentiated","T1","T1","pT_stage","N0","N0","pN_stage","Mx","Stage I","Stage I","Stage I-II","pDisease",0,null,"No","Clear (>5 mm)","        ","Alive",106,0,60]
["951","Yes",16,4,"CNA_other","No",{"$nulls":15},"CNA_other",{"$nulls":34},2014,70,"Female","Current","Cigarettes",30,51,77,"Current",2,53,106,"Edendate ","C02.1 border of tongue","Mobile tongue","Right","T1","N0","Stage I","Stage I-II","n.a.","                                                                                                                                                                                                                                                               ","                                                                                                                                                                                                                                                               ","No","Surgery + RT","Surgery + RT","Curative","IMRT","Postoperative","Complete response",1.7,0.7,"Lamina propria","Non-cohesive","No","No","Moderately differentiated","T2","T2","pT_stage","N0","N0","pN_stage",null,"Stage II","Stage II","Stage I-II","pDisease",0,null,"No","Close (1-5 mm)","3,5     ","Alive",48,0,48,"Non-cohesive"]
["952","Yes",20,5,"CNA_other","No",{"$nulls":15},"CNA_other",{"$nulls":34},2010,50,"Male","Current","Cigarettes",25,35,44,"Current",12.42857142857143,32,384,"Dentate","C04.0 anterior floor of mouth","Floor of mouth","Left","T2","N0","Stage II","Stage I-II","n.a.","                                                                                                                                                                                                                                                               ","                                                                                                                                                                                                                                                               ","No","Surgery + RT","Surgery + RT","Curative","IMRT","Postoperative","Complete response",1.5,null,"Lamina propria","Cohesive","Unknown","No","Moderately differentiated","T1","T1","pT_stage","N0","N0","pN_stage","Mx","Stage I","Stage I","Stage I-II","pDisease",null,0,"No","Close (1-5 mm)","2       ","Dead",58,1,58]
["953","Yes",8,1,"CNA_quiet_candidate","Yes",0.1,0.248,33,11,"CNA_other",{"$nulls":10},"CNA_other",0.248,0.1,11,{"$nulls":31},2014,67,"Female","Former","Cigarettes",1,21,1,"Current",1,49,49,"Edendate ","C02.1 border of tongue","Mobile tongue","Left","T4a","N2b","Stage IVA","Stage III-IV","Ipsilateral","                                                                                                                                                                                                                                                               ","1;2                                                                                                                                                                                                                                                            ","No","Surgery + CRT","Surgery + CRT","Curative","IMRT","Postoperative","Complete response",3.8,2.2,"Lamina propria","Non-cohesive","No","No","Poorly differentiated","T3","T3","pT_stage","N2b","N2b","pN_stage",null,"Stage IVA","Stage IVA","Stage III-IV","pDisease",0,2,"No","Involved (<1 mm)","0       ","Alive",40,0,40,"Non-cohesive"]
["954","Yes",0,0,"CNA_quiet_candidate","Yes",0.08,0.049,24,1,"CNA_quiet_candidate","Yes",0.08,2.04,0.049,1,0.915,3,0.19,"Exclude","Power_too_low_muts","Exclude",0.049,0.08,1,{"$nulls":31},2010,71,"Male","Current","Cigarettes",25,25,31,"Current",3,54,162,"Edendate ","C04.0 anterior floor of mouth","Floor of mouth","Midline","T2","N0","Stage II","Stage I-II","n.a.","                                                                                                                                                                                                                                                               ","                                                                                                                                                                                                                                                               ","No","Surgery + RT","Surgery + RT","Curative","IMRT","Postoperative","Complete response",4.8,null,"Submucosa","Non-cohesive","Yes","Yes","Poorly differentiated","T3","T3","pT_stage","N1","N1","pN_stage","Mx","Stage III","Stage III","Stage III-IV","pDisease",0,1,"No","Involved (<1 mm)","0       ","Dead",34,1,34]
["956","Yes",1,0,"CNA_quiet_candidate","Yes",0.05,0,28,0,"Exclude",{"$nulls":10},"Exclude",0,0.05,0,{"$nulls":31},2013,43,"Female","Never","n.a.",0,0,0,"Current",0.2857142857142857,26,8,"Dentate","C02.1 border of tongue","Mobile tongue","Left","T2","N0","Stage II","Stage I-II","n.a.","                                                                                                                                                                                                                                                               ","                                                                                                                                                                                                                                                               ","No","Surgery + RT","Surgery + RT","Curative","IMRT","Postoperative","Complete response",2.3,0.3,"Lamina propria","Non-cohesive","No","Yes","Poorly differentiated","T2","T2","pT_stage","N2b","N2b","pN_stage","Mx","Stage IVA","Stage IVA","Stage III-IV","pDisease",null,2,"No","Close (1-5 mm)","2       ","Alive",66,0,60,"Non-cohesive"]
["957","Yes",13,2,"CNA_quiet_candidate","Yes",0.33,0.62,50,34,"CNA_other",{"$nulls":10},"CNA_other",0.62,0.33,34,{"$nulls":31},2009,53,"Female","Current","Cigarettes",20,41,41,"Never",0,0,0,"Edendate ","C06.2 retromolar area","Retromolar trigone","Right","T4a","N0","Stage IVA","Stage III-IV","n.a.","                                                                                                                                                                                                                                                               ","                                                                                                                                                                                                                                                               ","No","None","None","Palliative","None","n.a.","Not applicable",null,null,"Unknown","Unknown","Unknown","Unknown","Unknown","n.a. (no surgery)","T4a","cT_stage","n.a. (no neck dissection)","N0","cN_stage","77",77,"Stage IVA","Stage III-IV","cDisease",null,null,"n.a. (no neck dissection)","n.a. (no surgery)","        ","Dead",3,1,3]
["958","Yes",16,2,"CNA_quiet_candidate","Yes",1,0,22,0,"CNA_quiet_candidate","Yes",1,2,0,0,1,1,0.999,"Exclude","No_evidence_of_tumor","Exclude",0,1,0,{"$nulls":31},2012,55,"Female","Former","Cigarettes",30,40,60,"Never",0,0,0,"Dentate","C02.1 border of tongue","Mobile tongue","Right","T1","N0","Stage I","Stage I-II","n.a.","                                                                                                                                                                                                                                                               ","                                                                                                                                                                                                                                                               ","No","Surgery","Surgery","Curative","None","n.a.","Complete response",1.2,0.3,"Lamina propria","Non-cohesive","Yes","No","Moderately differentiated","T1","T1","pT_stage","n.a. (no neck dissection)","N0","cN_stage","Mx","Stage I","Stage I","Stage I-II","pDisease",null,null,"n.a. (no neck dissection)","Close (1-5 mm)","2       ","Dead",21,1,21]
["959","Yes",6,1,"CNA_quiet_candidate","Yes",0.2,0.163,35,11,"CNA_other",{"$nulls":10},"CNA_other",0.163,0.2,11,{"$nulls":31},2008,73,"Male","Never","n.a.",0,0,0,"Current",1,56,56,"Dentate","C03.0 upper gum","Vestibule of the mouth ","Left","T4a","N1","Stage IVA","Stage III-IV","Ipsilateral","                                                                                                                                                                                                                                                               ","1                                                                                                                                                                                                                                                              ","No","Surgery + RT","Surgery + RT","Curative","IMRT","Postoperative","Partial response",4.7,null,"Bone","Non-cohesive","Unknown","Unknown","Moderately differentiated","T4a","T4a","pT_stage","N2b","N2b","pN_stage","Mx","Stage IVA","Stage IVA","Stage III-IV","pDisease",null,5,"No","Involved (<1 mm)","0       ","Dead",9,1,9]
["960","Yes",17,4,"CNA_other","No",{"$nulls":15},"CNA_other",{"$nulls":34},2011,81,"Male","Current","Cigarettes",33,65,107,"Current",5,64,320,"Edendate ","C04.0 anterior floor of mouth","Floor of mouth","Right","T2","N0","Stage II","Stage I-II","n.a.","                                                                                                                                                                                                                                                               ","                                                                                                                                                                                                                                                               ","No","Surgery","Surgery","Curative","None","n.a.","Complete response",2.2,null,"Lamina propria","Non-cohesive","No","Yes","Moderately differentiated","T2","T2","pT_stage","N0","N0","pN_stage","Mx","Stage II","Stage II","Stage I-II","pDisease",0,null,"No","Close (1-5 mm)","2       ","Dead",9,1,9]
["962","Yes",18,4,"CNA_other","No",{"$nulls":15},"CNA_other",{"$nulls":34},2009,78,"Male","Former","Cigarettes",20,35,35,"Never",0,0,0,"Edendate ","C06.0 cheek mucosa","Cheek mucosa","Left","T2","N0","Stage II","Stage I-II","n.a.","                                                                                                                                                                                                                                                               ","                                                                                                                                                                                                                                                               ","No","Surgery + RT","Surgery + RT","Curative","IMRT","Postoperative","Complete response",2.2,null,"Lamina propria","Non-cohesive","No","No","Moderately differentiated","T2","T2","pT_stage","N0","N0","pN_stage","Mx","Stage II","Stage II","Stage I-II","pDisease",null,0,"No","Clear (>5 mm)","5       ","Dead",51,1,51,"Non-cohesive"]
["963","Yes",8,2,"CNA_quiet_candidate","Yes",0.2,0.619,44,27,"CNA_other",{"$nulls":10},"CNA_other",0.619,0.2,27,{"$nulls":31},2010,83,"Male","Never","n.a.",0,0,0,"Never",0,0,0,"Edendate ","C02.1 border of tongue","Mobile tongue","Left","T2","N0","Stage II","Stage I-II","n.a.","                                                                                                                                                                                                                                                               ","                                                                                                                                                                                                                                                               ","No","Surgery","Surgery","Curative","None","n.a.","Complete response",1.5,0.49,"Lamina propria","Cohesive","No","Yes","Poorly differentiated","T1","T1","pT_stage","N0","N0","pN_stage","Mx","Stage I","Stage I","Stage I-II","pDisease",null,0,"No","Clear (>5 mm)","6       ","Alive",64,0,60]
["964","Yes",2,0,"CNA_quiet_candidate","Yes",0.45,0.362,45,21,"CNA_other",{"$nulls":10},"CNA_other",0.362,0.45,21,{"$nulls":31},2012,37,"Male","Former","Cigarettes",15,3,2,"Current",1,19,19,"Dentate","C02.1 border of tongue","Mobile tongue","Right","T1","N0","Stage I","Stage I-II","n.a.","                                                                                                                                                                                                                                                               ","                                                                                                                                                                                                                                                               ","No","Surgery + RT","Surgery + RT","Curative","IMRT","Postoperative","Complete response",1.7,1.7,"Lamina propria","Non-cohesive","No","Yes","Moderately differentiated","T3","T3","pT_stage","N0","N0","pN_stage","Mx","Stage III","Stage III","Stage III-IV","pDisease",null,0,"No","Close (1-5 mm)","2       ","Alive",79,0,60]
["966","Yes",16,4,"CNA_other","No",{"$nulls":15},"CNA_other",{"$nulls":34},2008,76,"Male","Current","Cigarettes",20,60,60,"Current",1,58,58,"Edendate ","C03.1 lower gum","Vestibule of the mouth ","Left","T4a","N2b","Stage IVA","Stage III-IV","Ipsilateral","                                                                                                                                                                                                                                                               ","1;2                                                                                                                                                                                                                                                            ","No","Radiotherapy","Radiotherapy","Curative","IMRT","Definitive","Complete response",null,null,"Unknown","Unknown","Unknown","Unknown","Unknown","n.a. (no surgery)","T4a","cT_stage","n.a. (no neck dissection)","N2b","cN_stage","77",77,"Stage IVA","Stage III-IV","cDisease",null,null,"n.a. (no neck dissection)","n.a. (no surgery)","        ","Dead",7,1,7]
["967","Yes",12,3,"CNA_other","No",{"$nulls":15},"CNA_other",{"$nulls":34},2009,75,"Male","Former","Cigarettes",20,60,60,"Current",2,57,114,"Edendate ","C04.0 anterior floor of mouth","Floor of mouth","Left","T1","N0","Stage I","Stage I-II","n.a.","                                                                                                                                                                                                                                                               ","                                                                                                                                                                                                                                                               ","No","Surgery + RT","Surgery + RT","Curative","IMRT","Postoperative","Complete response",1,null,"Lamina propria","Cohesive","No","Yes","Poorly differentiated","T1","T1","pT_stage","N0","N0","pN_stage","Mx","Stage I","Stage I","Stage I-II","pDisease",0,null,"No","Involved (<1 mm)","0       ","Alive",62,0,60]
["968","Yes",24,6,"CNA_other","No",{"$nulls":15},"CNA_other",{"$nulls":34},2009,55,"Male","Current","Cigarettes",15,41,31,"Current",4,38,152,"Dentate","C03.1 lower gum","Vestibule of the mouth ","Midline","T4a","N0","Stage IVA","Stage III-IV","n.a.","                                                                                                                                                                                                                                                               ","                                                                                                                                                                                                                                                               ","No","Surgery + RT","Surgery + RT","Curative","IMRT","Postoperative","Complete response",3.5,null,"Bone","Non-cohesive","Yes","Yes","Moderately differentiated","T4a","T4a","pT_stage","N1","N1","pN_stage","Mx","Stage IVA","Stage IVA","Stage III-IV","pDisease",1,0,"No","Close (1-5 mm)","3       ","Dead",25,1,25]
["969","Yes",8,2,"CNA_quiet_candidate","Yes",1,0,22,0,"CNA_quiet_candidate","Yes",1,2,0,0,1,1,0.998,"Exclude","No_evidence_of_tumor","Exclude",0,1,0,{"$nulls":31},2013,48,"Female","Never","n.a.",0,0,0,"Current",1.571428571428571,31,62,"Dentate","C02.2 ventral surface of tongue","Mobile tongue","Left","T1","N0","Stage I","Stage I-II","n.a.","                                                                                                                                                                                                                                                               ","                                                                                                                                                                                                                                                               ","No","Surgery","Surgery","Curative","None","n.a.","Complete response",0.2,0.027,"Lamina propria","Cohesive","No","No","Moderately differentiated","T1","T1","pT_stage","n.a. (no neck dissection)","N0","cN_stage","Mx","Stage I","Stage I","Stage I-II","pDisease",null,null,"n.a. (no neck dissection)","Close (1-5 mm)","2       ","Alive",67,0,60,"Cohesive"]
["970","Yes",5,1,"CNA_quiet_candidate","Yes",0.13,0.211,35,13,"CNA_other",{"$nulls":10},"CNA_other",0.211,0.13,13,{"$nulls":31},2009,55,"Male","Current","Cigarettes",36,40,56,"Current",6,37,222,null,"C04.0 anterior floor of mouth","Floor of mouth","Midline","T4a","N0","Stage IVA","Stage III-IV","n.a.","                                                                                                                                                                                                                                                               ","                                                                                                                                                                                                                                                               ","No","Surgery + RT","Surgery + RT","Curative","IMRT","Postoperative","Complete response",2,null,"Lamina propria","Cohesive","No","No","Moderately differentiated","T4a","T4a","pT_stage","N0","N0","pN_stage","Mx","Stage IVA","Stage IVA","Stage III-IV","pDisease",0,0,"No","Close (1-5 mm)","2       ","Alive",117,0,60]
["971","Yes",19,4,"CNA_other","No",{"$nulls":15},"CNA_other",{"$nulls":34},2010,71,"Male","Current","Cigarettes",28,40,56,"Current",6,56,336,"Edendate ","C06.2 retromolar area","Retromolar trigone","Left","T4a","N0","Stage IVA","Stage III-IV","n.a.","                                                                                                                                                                                                                                                               ","                                                                                                                                                                                                                                                               ","No","Surgery + RT","Surgery + RT","Curative","IMRT","Postoperative","Complete response",3.3,null,"Lamina propria","Cohesive","No","No","Well differentiated","T2","T2","pT_stage","N0","N0","pN_stage","Mx","Stage II","Stage II","Stage I-II","pDisease",null,0,"No","Involved (<1 mm)","0       ","Dead",52,1,52]
["972","Yes",17,3,"CNA_other","No",{"$nulls":15},"CNA_other",{"$nulls":34},2011,76,"Male","Current","Cigarettes",2,70,7,"Current",2,58,116,"Edendate ","C02.1 border of tongue","Mobile tongue","Left","T3","N0","Stage III","Stage III-IV","n.a.","                                                                                                                                                                                                                                                               ","                                                                                                                                                                                                                                                               ","No","Surgery","Surgery","Curative","None","n.a.","Complete response",3.3,null,"Lamina propria","Non-cohesive","No","No","Moderately differentiated","T2","T2","pT_stage","N1","N1","pN_stage","Mx","Stage III","Stage III","Stage III-IV","pDisease",null,1,"No","Clear (>5 mm)","5       ","Dead",38,1,38,"Non-cohesive"]
["973","Yes",5,1,"CNA_quiet_candidate","Yes",0.35,0.599,33,22,"CNA_other","Yes",0.26,1.99,0.602,22,0.999,4,0.998,"CNA_other",null,"CNA_other",0.602,0.26,22,"Mutated","WT","WT","WT","Mutated","WT","WT","WT","WT","WT","WT","WT","WT","WT","Mutated","WT","WT","WT","WT","WT","WT","WT","WT","WT","Mutated","WT","WT","WT","WT","NFE2L2,CDKN2A,KMT2D,TP53",null,2009,82,"Male","Former","Cigarettes",65,40,130,"Current",1,64,64,"Edendate ","C06.0 cheek mucosa","Cheek mucosa","Right","T2","N2b","Stage IVA","Stage III-IV","Ipsilateral","2                                                                                                                                                                                                                                                              ","                                                                                                                                                                                                                                                               ","No","Surgery + RT","Surgery + RT","Curative","IMRT","Postoperative","Complete response",2.8,null,"Muscle","Non-cohesive","Yes","Yes","Moderately differentiated","T2","T2","pT_stage","N1","N1","pN_stage","Mx","Stage III","Stage III","Stage III-IV","pDisease",1,null,"No","Involved (<1 mm)","0,4     ","Dead",26,1,26,"Non-cohesive"]
["974","Yes",7,2,"CNA_quiet_candidate","Yes",0.16,0.498,29,17,"CNA_other",{"$nulls":10},"CNA_other",0.498,0.16,17,{"$nulls":31},2010,73,"Female","Former","Cigarettes",20,20,20,"Current",2,30,60,"Dentate","C03.0 upper gum","Vestibule of the mouth ","Right","T1","N0","Stage I","Stage I-II","n.a.","                                                                                                                                                                                                                                                               ","                                                                                                                                                                                                                                                               ","No","Surgery","Surgery","Curative","None","n.a.","Complete response",1.8,0.6,"Lamina propria","Cohesive","No","No","Well differentiated","T2","T2","pT_stage","n.a. (no neck dissection)","N0","cN_stage","Mx","Stage II","Stage II","Stage I-II","pDisease",null,null,"n.a. (no neck dissection)","Clear (>5 mm)","        ","Alive",104,0,60]
["975","Yes",0,0,"CNA_quiet_candidate","Yes",0.19,0.231,25,6,"CNA_other",{"$nulls":10},"CNA_other",0.231,0.19,6,{"$nulls":31},2011,46,"Female","Current","Cigarettes",4,10,2,"Current",1,29,29,"Dentate","C06.0 cheek mucosa","Cheek mucosa","Right","T2","N2b","Stage IVA","Stage III-IV","Ipsilateral","1                                                                                                                                                                                                                                                              ","                                                                                                                                                                                                                                                               ","No","Surgery + RT","Surgery + RT","Curative","IMRT","Postoperative","Complete response",2.5,1.3,"Lamina propria","Non-cohesive","No","No","Well differentiated","T3","T3","pT_stage","N2b","N2b","pN_stage","Mx","Stage IVA","Stage IVA","Stage III-IV","pDisease",2,null,"No","Involved (<1 mm)","0,9     ","Alive",92,0,60,"Non-cohesive"]
["976","Yes",19,5,"CNA_other","No",{"$nulls":15},"CNA_other",{"$nulls":34},2013,55,"Female","Never","n.a.",0,0,0,"Never",0,0,0,null,"C02.1 border of tongue","Mobile tongue","Right","T1","N0","Stage I","Stage I-II","n.a.","                                                                                                                                                                                                                                                               ","                                                                                                                                                                                                                                                               ","No","Surgery","Surgery","Curative","None","n.a.","Complete response",0.3,0.4,"Lamina propria","Cohesive","No","No","Moderately differentiated","T1","T1","pT_stage","n.a. (no neck dissection)","N0","cN_stage","Mx","Stage I","Stage I","Stage I-II","pDisease",null,null,"n.a. (no neck dissection)","Clear (>5 mm)","        ","Alive",61,0,60,"Cohesive"]
["977","Yes",1,0,"CNA_quiet_candidate","Yes",0.05,0.006,26,1,"Exclude",{"$nulls":10},"Exclude",0.006,0.05,1,{"$nulls":31},2011,78,"Male","Current","Cigars/pipe",20,25,75,"Current",3,61,183,"Edendate ","C04.0 anterior floor of mouth","Floor of mouth","Left","T2","N0","Stage II","Stage I-II","n.a.","                                                                                                                                                                                                                                                               ","                                                                                                                                                                                                                                                               ","No","Surgery + RT","Surgery + RT","Curative","IMRT","Postoperative","Complete response",3,1.4,"Lamina propria","Cohesive","No","No","Moderately differentiated","T3","T3","pT_stage","N2b","N2b","pN_stage","Mx","Stage IVA","Stage IVA","Stage III-IV","pDisease",null,2,"No","Close (1-5 mm)","2       ","Dead",73,0,60]
["978","Yes",17,3,"CNA_other","No",{"$nulls":15},"CNA_other",{"$nulls":34},2011,77,"Male","Former","Cigarettes",20,40,40,"Former",30,null,null,"Edendate ","C02.1 border of tongue","Mobile tongue","Midline","T4a","N2b","Stage IVC",null,"Ipsilateral","                                                                                                                                                                                                                                                               ","2;5                                                                                                                                                                                                                                                            ","No","None","None","Palliative","None","n.a.","Not applicable",null,null,"Muscle","Unknown","Unknown","Unknown","Unknown","n.a. (no surgery)","T4a","cT_stage","n.a. (no neck dissection)","N2b","cN_stage","77",77,"Stage IVC","Stage III-IV","cDisease",null,null,"n.a. (no neck dissection)","n.a. (no surgery)","        ","Dead",3,1,3]
["979","Yes",0,0,"CNA_quiet_candidate","Yes",0.07,0.369,29,11,"CNA_other",{"$nulls":10},"CNA_other",0.369,0.07,11,{"$nulls":31},2008,56,"Female","Current","Cigarettes",20,20,20,"Former",10,37,370,"Dentate","C02.1 border of tongue","Mobile tongue","Right","T1","N0","Stage I","Stage I-II","n.a.","                                                                                                                                                                                                                                                               ","                                                                                                                                                                                                                                                               ","No","Surgery + RT","Surgery + RT","Curative","IMRT","Postoperative","Complete response",0.8,null,"Muscle","Non-cohesive","No","Yes","Well differentiated","T1","T1","pT_stage","N0","N0","pN_stage","Mx","Stage I","Stage I","Stage I-II","pDisease",0,null,"No","Clear (>5 mm)","        ","Dead",38,1,38]
["981","Yes",14,4,"CNA_other","No",{"$nulls":15},"CNA_other",{"$nulls":34},2012,53,"Male","Current","Cigarettes",20,35,35,"Current",12,36,432,"Edendate ","C04.0 anterior floor of mouth","Floor of mouth","Midline","T2","N0","Stage II","Stage I-II","n.a.","                                                                                                                                                                                                                                                               ","                                                                                                                                                                                                                                                               ","No","Surgery","Surgery","Curative","None","n.a.","Complete response",2.2,1.8,"Lamina propria","Cohesive","Unknown","Unknown","Well differentiated","T3","T3","pT_stage","N1","N1","pN_stage","Mx","Stage III","Stage III","Stage III-IV","pDisease",1,0,"No","Close (1-5 mm)","1       ","Dead",27,1,27]
["982","Yes",0,0,"CNA_quiet_candidate","Yes",1,0,22,0,"CNA_quiet_candidate","Yes",0.5,2,0,0,1,2,0.999,"Exclude","No_evidence_of_tumor","Exclude",0,0.5,0,{"$nulls":31},2011,39,"Female","Former","Cigarettes",1.4,26,2,"Current",0.5714285714285714,22,22,"Dentate","C02.1 border of tongue","Mobile tongue","Right","T1","N0","Stage I","Stage I-II","n.a.","                                                                                                                                                                                                                                                               ","                                                                                                                                                                                                                                                               ","No","Surgery","Surgery","Curative","None","n.a.","Complete response",1.1,null,"Muscle","Cohesive","No","No","Moderately differentiated","T1","T1","pT_stage","N0","N0","pN_stage","Mx","Stage I","Stage I","Stage I-II","pDisease",0,null,"No","Close (1-5 mm)","3       ","Alive",77,0,60,"Cohesive"]
["983","Yes",0,0,"CNA_quiet_candidate","Yes",0.14,0.2,34,11,"CNA_other",{"$nulls":10},"CNA_other",0.2,0.14,11,{"$nulls":31},2012,68,"Female","Never","n.a.",0,0,0,"Current",0.1428571428571428,51,7,"Dentate","C02.1 border of tongue","Mobile tongue","Right","T2","N0","Stage II","Stage I-II","n.a.","                                                                                                                                                                                                                                                               ","                                                                                                                                                                                                                                                               ","No","Surgery","Surgery","Curative","None","n.a.","Complete response",1,0.3,"Lamina propria","Cohesive","No","No","Moderately differentiated","T1","T1","pT_stage","N0","N0","pN_stage","Mx","Stage I","Stage I","Stage I-II","pDisease",0,null,"No","Clear (>5 mm)","5       ","Dead",9,1,9]
["984","Yes",19,4,"CNA_other","No",{"$nulls":15},"CNA_other",{"$nulls":34},2012,76,"Male","Former","Cigarettes",20,50,50,"Current",4,59,236,"Dentate","C04.0 anterior floor of mouth","Floor of mouth","Midline","T2","N0","Stage II","Stage I-II","n.a.","                                                                                                                                                                                                                                                               ","                                                                                                                                                                                                                                                               ","No","Surgery + RT","Surgery + RT","Curative","IMRT","Postoperative","Complete response",2.8,1.7,"Lamina propria","Cohesive","No","No","Moderately differentiated","T3","T3","pT_stage","N0","N0","pN_stage","Mx","Stage III","Stage III","Stage III-IV","pDisease",0,0,"No","Involved (<1 mm)","0       ","Alive",79,0,60]
["985","Yes",10,3,"CNA_other","No",{"$nulls":15},"CNA_other",{"$nulls":34},2012,52,"Male","Current","Cigarettes",20,40,40,"Current",5,34,170,"Dentate","C04.0 anterior floor of mouth","Floor of mouth","Midline","T4a","N0","Stage IVA","Stage III-IV","n.a.","                                                                                                                                                                                                                                                               ","                                                                                                                                                                                                                                                               ","No","Surgery + RT","Surgery + RT","Curative","IMRT","Postoperative","Complete response",3,null,"Bone","Non-cohesive","No","Yes","Moderately differentiated","T4a","T4a","pT_stage","N0","N0","pN_stage","Mx","Stage IVA","Stage IVA","Stage III-IV","pDisease",0,0,"No","Involved (<1 mm)","0       ","Dead",8,1,8]
["986","Yes",15,3,"CNA_other","No",{"$nulls":15},"CNA_other",{"$nulls":34},2012,87,"Female","Never","n.a.",0,0,0,"Never",0,0,0,"Dentate","C02.1 border of tongue","Mobile tongue","Left","T2","N0","Stage II","Stage I-II","n.a.","                                                                                                                                                                                                                                                               ","                                                                                                                                                                                                                                                               ","No","Surgery","Surgery","Curative","None","n.a.","Complete response",4.5,1.1,"Lamina propria","Non-cohesive","No","Yes","Poorly differentiated","T3","T3","pT_stage","N0","N0","pN_stage","Mx","Stage III","Stage III","Stage III-IV","pDisease",null,0,"No","Close (1-5 mm)","1,6     ","Dead",30,1,30]
["987","Yes",15,3,"CNA_other","No",{"$nulls":15},"CNA_other",{"$nulls":34},2012,68,"Male","Current","Cigarettes",30,49,74,"Current",5,50,250,"Dentate","C02.8 overlapping lesion of tongue","Mobile tongue","Left","T4a","N0","Stage IVA","Stage III-IV","n.a.","                                                                                                                                                                                                                                                               ","                                                                                                                                                                                                                                                               ","No","Surgery + RT","Surgery + RT","Curative","IMRT","Postoperative","Complete response",14,null,"Muscle","Non-cohesive","Yes","Yes","Poorly differentiated","T4a","T4a","pT_stage","N0","N0","pN_stage","Mx","Stage IVA","Stage IVA","Stage III-IV","pDisease",0,0,"No","Involved (<1 mm)","0,25    ","Dead",16,1,16]
["988","Yes",10,2,"CNA_quiet_candidate","Yes",0.32,0.565,50,33,"CNA_other","Yes",0.33,2.22,0.569,34,0.997,4,1,"CNA_other",null,"CNA_other",0.569,0.33,33,"Mutated","WT","WT","WT","WT","Mutated","WT","WT","WT","Mutated","WT","WT","WT","WT","WT","WT","WT","WT","WT","WT","WT","WT","WT","WT","WT","WT","WT","WT","WT","TERT,NOTCH1,TP53",null,2013,62,"Female","Never","n.a.",0,0,0,"Never",0,0,0,"Dentate","C03.0 upper gum","Vestibule of the mouth ","Right","T3","N0","Stage III","Stage III-IV","n.a.","                                                                                                                                                                                                                                                               ","                                                                                                                                                                                                                                                               ","No","Surgery + RT","Surgery + RT","Curative","IMRT","Postoperative","Complete response",3.7,0.8,"Bone","Non-cohesive","Yes","No","Poorly differentiated","T4a","T4a","pT_stage","N0","N0","pN_stage","Mx","Stage IVA","Stage IVA","Stage III-IV","pDisease",0,null,"No","Involved (<1 mm)","0       ","Alive",71,0,60,"Non-cohesive"]
["989","Yes",0,0,"CNA_quiet_candidate","Yes",0.23,0.207,29,9,"CNA_other","Yes",0.23,2.01,0.222,9,0.998,6,0.999,"CNA_other",null,"CNA_other",0.222,0.23,9,"Mutated","Mutated","WT","WT","Mutated","Mutated","WT","WT","WT","WT","WT","WT","WT","WT","Mutated","Mutated","WT","WT","WT","WT","WT","WT","WT","WT","WT","WT","WT","WT","WT","CASP8,TERT,CDKN2A,KMT2D,TP53,ASXL1",null,2013,55,"Female","Never","n.a.",0,0,0,"Never",0,0,0,"Dentate","C02.1 border of tongue","Mobile tongue","Right","T1","N0","Stage I","Stage I-II","n.a.","                                                                                                                                                                                                                                                               ","                                                                                                                                                                                                                                                               ","No","Surgery","Surgery","Curative","None","n.a.","Complete response",0.6,0.25,"Lamina propria","Non-cohesive","No","No","Poorly differentiated","T1","T1","pT_stage","n.a. (no neck dissection)","N0","cN_stage","Mx","Stage I","Stage I","Stage I-II","pDisease",null,null,"n.a. (no neck dissection)","Close (1-5 mm)","3       ","Dead",24,1,24]
["990","Yes",12,3,"CNA_other","No",{"$nulls":15},"CNA_other",{"$nulls":34},2013,67,"Male","Current","Cigarettes",20,35,35,"Current",3,49,147,null,"C03.0 upper gum","Vestibule of the mouth ","Left","T2","N0","Stage II","Stage I-II","n.a.","                                                                                                                                                                                                                                                               ","                                                                                                                                                                                                                                                               ","No","Surgery","Surgery","Curative","None","n.a.","Complete response",1.8,null,null,"Non-cohesive","No","No","Poorly differentiated","T1","T1","pT_stage","N0","N0","pN_stage",null,"Stage I","Stage I","Stage I-II","pDisease",null,0,"No","Close (1-5 mm)","4       ","Alive",49,0,49,"Non-cohesive"]
["991","Yes",0,0,"CNA_quiet_candidate","Yes",0.05,0.008,24,1,"Exclude",{"$nulls":10},"Exclude",0.008,0.05,1,{"$nulls":31},2012,62,"Male","Former","Cigarettes",20,20,20,"Current",1,45,45,"Dentate","C02.1 border of tongue","Mobile tongue","Left","T1","N0","Stage I","Stage I-II","n.a.","                                                                                                                                                                                                                                                               ","                                                                                                                                                                                                                                                               ","No","Surgery","Surgery","Curative","None","n.a.","Complete response",null,null,"Muscle","Non-cohesive","No","No","Moderately differentiated","T1","T1","pT_stage","N1","N1","pN_stage","Mx","Stage III","Stage III","Stage III-IV","pDisease",null,1,"No","Clear (>5 mm)","        ","Alive",58,0,58]
["992","Yes",0,0,"CNA_quiet_candidate","Yes",0.51,0.051,23,1,"CNA_quiet_candidate","Yes",0.51,2.01,0.042,1,1,7,0.999,"CNA_quiet",null,"CNA_quiet",0.042,0.51,1,"WT","Mutated","Mutated","WT","WT","Mutated","WT","WT","WT","Mutated","WT","WT","Mutated","WT","WT","WT","WT","WT","WT","WT","WT","Mutated","WT","WT","WT","WT","WT","WT","Mutated","CASP8,TP63,FAT1,TERT,NOTCH1,HRAS,KDM6A",null,2013,86,"Female","Former","Cigarettes",5,43,11,"Current",1,68,68,"Edendate ","C02.1 border of tongue","Mobile tongue","Right","T1","N0","Stage I","Stage I-II","n.a.","                                                                                                                                                                                                                                                               ","                                                                                                                                                                                                                                                               ","No","Surgery","Surgery","Curative","None","n.a.","Complete response",1.5,0.7,"Lamina propria","Cohesive","No","No","Well differentiated","T2","T2","pT_stage","n.a. (no neck dissection)","N0","cN_stage","Mx","Stage II","Stage II","Stage I-II","pDisease",null,null,"n.a. (no neck dissection)","Close (1-5 mm)","3       ","Dead",64,0,60,"Cohesive"]
["993","Yes",0,0,"CNA_quiet_candidate","Yes",0.29,0.183,31,11,"CNA_other",{"$nulls":10},"CNA_other",0.183,0.29,11,{"$nulls":31},2014,56,"Male","Current","Cigarettes",40,45,90,"Current",5,39,195,"Edendate ","C04.0 anterior floor of mouth","Floor of mouth","Right","T2","N1","Stage III","Stage III-IV","Ipsilateral","1                                                                                                                                                                                                                                                              ","                                                                                                                                                                                                                                                               ","No","Surgery + RT","Surgery + RT","Curative","IMRT","Postoperative","Complete response",0.8,0.5,"Lamina propria","Non-cohesive","No","Yes","Moderately differentiated","T1","T1","pT_stage","N1","N1","pN_stage",null,"Stage III","Stage III","Stage III-IV","pDisease",1,null,"No","Involved (<1 mm)","0,4     ","Alive",46,0,46,"Non-cohesive"]
["994","Yes",0,0,"CNA_quiet_candidate","Yes",0.09,0.056,27,3,"CNA_quiet_candidate","Yes",0.26,2,0.057,4,1,6,0.997,"CNA_quiet",null,"CNA_quiet",0.057,0.26,3,"Mutated","Mutated","WT","WT","Mutated","Mutated","WT","WT","WT","WT","WT","WT","WT","WT","WT","WT","WT","WT","WT","WT","WT","WT","WT","WT","WT","WT","WT","WT","WT","CASP8,TERT,CDKN2A,TP53",null,2013,64,"Female","Current","Cigarettes",20,46,46,"Current",0.14285714285,46,7,"Dentate","C02.1 border of tongue","Mobile tongue","Right","T1","N1","Stage III","Stage III-IV","Ipsilateral","2                                                                                                                                                                                                                                                              ","                                                                                                                                                                                                                                                               ","No","Surgery + RT","Surgery + RT","Curative","IMRT","Postoperative","Complete response",0.8,0.2,"Lamina propria","Non-cohesive","Yes","Yes","Moderately differentiated","T1","T1","pT_stage","N1","N1","pN_stage","Mx","Stage III","Stage III","Stage III-IV","pDisease",1,null,"No","Close (1-5 mm)","2       ","Alive",57,0,57]
["995","Yes",9,1,"CNA_quiet_candidate","Yes",0.11,0.509,38,22,"CNA_other",{"$nulls":10},"CNA_other",0.509,0.11,22,{"$nulls":31},2014,72,"Male","Current","Cigarettes",50,60,150,"Former",5,35,175,"Edendate ","C04.0 anterior floor of mouth","Floor of mouth","Left","T2","N0","Stage II","Stage I-II","n.a.","                                                                                                                                                                                                                                                               ","                                                                                                                                                                                                                                                               ","No","Surgery","Surgery","Curative","None","n.a.","Complete response",2.2,1.2,"Lamina propria","Non-cohesive","No","No","Moderately differentiated","T3","T3","pT_stage","N0","N0","pN_stage",null,"Stage III","Stage III","Stage III-IV","pDisease",null,0,"No","Clear (>5 mm)","5,4     ","Dead",14,1,14,"Non-cohesive"]
["996","Yes",10,2,"CNA_quiet_candidate","Yes",0.21,0.387,37,17,"CNA_other",{"$nulls":10},"CNA_other",0.387,0.21,17,{"$nulls":31},2009,61,"Male","Current","Cigarettes",7,43,15,"Current",1,43,43,null,"C02.1 border of tongue","Mobile tongue","Right","T3","N0","Stage III","Stage III-IV","n.a.","                                                                                                                                                                                                                                                               ","                                                                                                                                                                                                                                                               ","No","Surgery + RT","Surgery + RT","Curative","IMRT","Postoperative","Complete response",4.2,2.7,"Lamina propria","Non-cohesive","No","Yes","Moderately differentiated","T3","T3","pT_stage","N2b","N2b","pN_stage","Mx","Stage IVA","Stage IVA","Stage III-IV","pDisease",4,null,"No","Unknown (not assessable)","        ","Dead",11,1,11,"Non-cohesive"]
["998","Yes",7,1,"CNA_quiet_candidate","Yes",0.24,0.19,32,10,"CNA_other",{"$nulls":10},"CNA_other",0.19,0.24,10,{"$nulls":31},2008,77,"Female","Current","Cigarettes",10,59,30,"Never",0,0,0,"Edendate ","C02.1 border of tongue","Mobile tongue","Left","T2","N0","Stage II","Stage I-II","n.a.","                                                                                                                                                                                                                                                               ","                                                                                                                                                                                                                                                               ","No","Surgery","Surgery","Curative","None","n.a.","Complete response",2.5,0.7,"Lamina propria","Non-cohesive","Unknown","No","Moderately differentiated","T2","T2","pT_stage","N0","N0","pN_stage","Mx","Stage II","Stage II","Stage I-II","pDisease",null,0,"No","Clear (>5 mm)","5       ","Dead",60,1,60]
["999","Yes",5,1,"CNA_quiet_candidate","Yes",0.05,0.168,28,6,"CNA_other",{"$nulls":10},"CNA_other",0.168,0.05,6,{"$nulls":31},2010,72,"Male","Current","Cigarettes",14,43,30,"Current",1,54,54,"Edendate ","C02.1 border of tongue","Mobile tongue","Left","T2","N0","Stage II","Stage I-II","n.a.","                                                                                                                                                                                                                                                               ","                                                                                                                                                                                                                                                               ","No","Surgery + RT","Surgery + RT","Curative","IMRT","Postoperative","Complete response",2.1,1.3,"Lamina propria","Cohesive","No","Yes","Poorly differentiated","T3","T3","pT_stage","N2a","N2a","pN_stage","Mx","Stage IVA","Stage IVA","Stage III-IV","pDisease",null,1,"Yes","Close (1-5 mm)","3       ","Alive",94,0,60]
["1000","Yes",14,4,"CNA_other","No",{"$nulls":15},"CNA_other",{"$nulls":34},2009,42,"Female","Former","Cigarettes",3,25,4,"Current",1,25,25,"Dentate","C02.1 border of tongue","Mobile tongue","Left","T1","N0","Stage I","Stage I-II","n.a.","                                                                                                                                                                                                                                                               ","                                                                                                                                                                                                                                                               ","No","Surgery","Surgery","Curative","None","n.a.","Complete response",0.4,0.3,"Lamina propria","Cohesive","No","No","Moderately differentiated","T1","T1","pT_stage","N0","N0","pN_stage","Mx","Stage I","Stage I","Stage I-II","pDisease",null,0,"No","Clear (>5 mm)","5       ","Alive",122,0,60]
["1001","Yes",1,0,"CNA_quiet_candidate","Yes",0.25,0.361,55,26,"CNA_other","Yes",0.25,2,0.365,26,0.993,4,0.996,"CNA_other",null,"CNA_other",0.365,0.25,26,"Mutated","WT","WT","WT","Mutated","WT","WT","WT","WT","WT","WT","WT","WT","WT","WT","WT","WT","WT","WT","WT","WT","WT","WT","WT","WT","WT","WT","WT","Mutated","TP63,CDKN2A,TP53",null,2013,63,"Male","Current","Cigarettes",20,45,45,"Current",5,46,230,"Dentate","C02.2 ventral surface of tongue","Mobile tongue","Right","T1","N0","Stage I","Stage I-II","n.a.","                                                                                                                                                                                                                                                               ","                                                                                                                                                                                                                                                               ","No","Surgery","Surgery","Curative","None","n.a.","Complete response",1.2,0.5,"Lamina propria","Non-cohesive","No","No","Poorly differentiated","T1","T1","pT_stage","n.a. (no neck dissection)","N0","cN_stage","Mx","Stage I","Stage I","Stage I-II","pDisease",null,null,"n.a. (no neck dissection)","Clear (>5 mm)","        ","Alive",55,0,55]
["1002","Yes",2,0,"CNA_quiet_candidate","Yes",0.06,0.171,34,8,"CNA_other",{"$nulls":10},"CNA_other",0.171,0.06,8,{"$nulls":31},2014,82,"Female","Current","Cigarettes",20,64,64,"Current",1,64,64,"Dentate","C02.1 border of tongue","Mobile tongue","Left","T1","N0","Stage I","Stage I-II","n.a.","                                                                                                                                                                                                                                                               ","                                                                                                                                                                                                                                                               ","No","Surgery","Surgery","Curative","None","n.a.","Complete response",2.6,null,"Lamina propria","Non-cohesive","Yes","Yes","Poorly differentiated","T2","T2","pT_stage","N2b","N2b","pN_stage",null,"Stage IVA","Stage IVA","Stage III-IV","pDisease",null,2,"No","Clear (>5 mm)","5,5     ","Dead",8,1,8,"Non-cohesive"]
["1003","Yes",5,1,"CNA_quiet_candidate","Yes",0.17,0.422,45,24,"CNA_other","Yes",0.35,1.98,0.452,29,1,4,0.996,"CNA_other",null,"CNA_other",0.452,0.35,24,"Mutated","WT","WT","WT","Mutated","Mutated","WT","WT","WT","WT","WT","WT","WT","WT","WT","WT","WT","WT","WT","WT","WT","WT","WT","WT","WT","WT","WT","WT","WT","TERT,CDKN2A,TP53",null,2014,60,"Female","Former","Cigarettes",6,26,8,"Current",1,43,43,"Dentate","C02.1 border of tongue","Mobile tongue","Left","T2","N0","Stage II","Stage I-II","n.a.","                                                                                                                                                                                                                                                               ","                                                                                                                                                                                                                                                               ","No","Surgery + RT","Surgery + RT","Curative","IMRT","Postoperative","Complete response",2.6,0.65,"Lamina propria","Non-cohesive","No","No","Moderately differentiated","T2","T2","pT_stage","N0","N0","pN_stage",null,"Stage II","Stage II","Stage I-II","pDisease",null,0,"No","Close (1-5 mm)","3       ","Alive",48,0,48,"Non-cohesive"]
["1004","Yes",9,1,"CNA_quiet_candidate","Yes",0.24,0.685,55,38,"CNA_other","Yes",0.24,2.69,0.687,40,0.997,2,0.997,"CNA_other",null,"CNA_other",0.687,0.24,38,"Mutated","WT","WT","WT","WT","WT","WT","WT","WT","Mutated","WT","WT","WT","WT","WT","WT","WT","WT","WT","WT","WT","WT","WT","WT","WT","WT","WT","WT","WT","NOTCH1,TP53",null,2010,75,"Male","Current","Cigarettes",8,58,23,"Never",0,0,0,"Edendate ","C02.1 border of tongue","Mobile tongue","Left","T1","N1","Stage III","Stage III-IV","Ipsilateral","                                                                                                                                                                                                                                                               ","2                                                                                                                                                                                                                                                              ","No","Surgery","Surgery","Curative","None","n.a.","Not applicable",0.6,null,"Lamina propria","Cohesive","Yes","No","Moderately differentiated","T1","T1","pT_stage","N2b","N2b","pN_stage","Mx","Stage IVA","Stage IVA","Stage III-IV","pDisease",null,2,"No","Clear (>5 mm)","6       ","Dead",3,1,3]
["1005","Yes",11,3,"CNA_other","No",{"$nulls":15},"CNA_other",{"$nulls":34},2010,76,"Male","Current","Cigarettes",20,55,55,"Current",3,58,174,"Edendate ","C02.1 border of tongue","Mobile tongue","Left","T4a","N0","Stage IVA","Stage III-IV","n.a.","                                                                                                                                                                                                                                                               ","                                                                                                                                                                                                                                                               ","No","Surgery","Surgery","Curative","None","n.a.","Complete response",null,1.7,"Unknown","Unknown","No","Yes","Moderately differentiated","T3","T3","pT_stage","N1","N1","pN_stage","Mx","Stage III","Stage III","Stage III-IV","pDisease",null,1,"No","Close (1-5 mm)","2       ","Dead",11,1,11]
["1007","Yes",1,0,"CNA_quiet_candidate","Yes",1,0,22,0,"CNA_quiet_candidate","Yes",1,2,0,0,1,0,0.998,"Exclude","No_evidence_of_tumor","Exclude",0,1,0,{"$nulls":31},2010,85,"Female","Never","n.a.",0,0,0,"Current",0.2857142857142857,67,19,"Edendate ","C02.2 ventral surface of tongue","Mobile tongue","Right","T1","N0","Stage I","Stage I-II","n.a.","                                                                                                                                                                                                                                                               ","                                                                                                                                                                                                                                                               ","No","Surgery","Surgery","Curative","None","n.a.","Complete response",0.5,0.3,"Lamina propria","Non-cohesive","No","No","Moderately differentiated","T1","T1","pT_stage","n.a. (no neck dissection)","N0","cN_stage","Mx","Stage I","Stage I","Stage I-II","pDisease",null,null,"n.a. (no neck dissection)","Involved (<1 mm)","0       ","Dead",67,0,60]
["1008","Yes",11,3,"CNA_other","No",{"$nulls":15},"CNA_other",{"$nulls":34},2010,79,"Male","Former","Cigarettes",65,15,49,"Current",1,61,61,"Edendate ","C03.1 lower gum","Vestibule of the mouth ","Right","T2","N1","Stage III","Stage III-IV","Ipsilateral","1                                                                                                                                                                                                                                                              ","                                                                                                                                                                                                                                                               ","No","Surgery + RT","Surgery + RT","Curative","IMRT","Postoperative","Partial response",4.1,null,"Bone","Non-cohesive","Yes","Yes","Moderately differentiated","T4a","T4a","pT_stage","N3b","N3b","pN_stage","Mx","Stage IVB","Stage IVB","Stage III-IV","pDisease",10,3,"Yes","Involved (<1 mm)","0,5     ","Dead",6,1,6]
["1010","Yes",0,0,"CNA_quiet_candidate","Yes",0.45,0.011,26,1,"CNA_quiet_candidate","Yes",0.45,2,0.012,1,1,0,1,"CNA_quiet",null,"CNA_quiet",0.012,0.45,1,"WT","WT","WT","WT","WT","WT","WT","WT","WT","WT","WT","WT","WT","WT","WT","WT","WT","WT","WT","WT","WT","WT","WT","WT","WT","WT","WT","WT","WT","NA",null,2014,58,"Male","Former","Cigarettes",10,37,19,"Former",3,37,111,"Dentate","C02.0 dorsal surface of tongue","Mobile tongue","Left","T4a","N0","Stage IVA","Stage III-IV","n.a.","                                                                                                                                                                                                                                                               ","                                                                                                                                                                                                                                                               ","No","Surgery","Surgery","Curative","None","n.a.","Complete response",0.4,0.11,"Lamina propria","Unknown","No","No","Well differentiated","T1","T1","pT_stage","N0","N0","pN_stage",null,"Stage I","Stage I","Stage I-II","pDisease",0,0,"No","Clear (>5 mm)","9       ","Alive",47,0,47]
["1011","Yes",9,2,"CNA_quiet_candidate","Yes",0.14,0.069,28,2,"CNA_quiet_candidate","Yes",0.08,2,0.068,2,0.895,2,1E-3,"Exclude","Power_too_low_muts","Exclude",0.068,0.08,2,{"$nulls":31},2013,87,"Female","Never","n.a.",0,0,0,"Never",0,0,0,"Edendate ","C03.1 lower gum","Vestibule of the mouth ","Left","T4a","N1","Stage IVA","Stage III-IV","Ipsilateral","                                                                                                                                                                                                                                                               ","1                                                                                                                                                                                                                                                              ","No","None","None","Palliative","None","n.a.","Complete response",null,null,"Unknown","Cohesive","No","No","Moderately differentiated","n.a. (no surgery)","T4a","cT_stage","n.a. (no neck dissection)","N1","cN_stage","77",77,"Stage IVA","Stage III-IV","cDisease",null,null,"n.a. (no neck dissection)","n.a. (no surgery)","        ","Dead",18,1,18]
["1013","Yes",8,2,"CNA_quiet_candidate","Yes",0.13,0.462,34,18,"CNA_other",{"$nulls":10},"CNA_other",0.462,0.13,18,{"$nulls":31},2009,86,"Female","Never","n.a.",0,0,0,"Never",0,0,0,"Edendate ","C06.2 retromolar area","Retromolar trigone","Right","T2","N0","Stage II","Stage I-II","n.a.","                                                                                                                                                                                                                                                               ","                                                                                                                                                                                                                                                               ","No","Surgery","Surgery","Curative","None","n.a.","Complete response",1.2,0.8,"Lamina propria","Cohesive","No","No","Well differentiated","T2","T2","pT_stage","N0","N0","pN_stage","Mx","Stage II","Stage II","Stage I-II","pDisease",0,null,"No","Close (1-5 mm)","4       ","Dead",101,0,60]
["1014","Yes",1,0,"CNA_quiet_candidate","Yes",0.09,0.116,22,2,"CNA_quiet_candidate","Yes",0.26,2,0.11,2,1,3,0.994,"CNA_quiet",null,"CNA_quiet",0.11,0.26,2,"WT","WT","WT","WT","WT","Mutated","WT","WT","WT","Mutated","WT","WT","WT","WT","Mutated","WT","WT","WT","WT","WT","WT","WT","WT","WT","WT","WT","WT","WT","WT","TERT,NOTCH1,KMT2D",null,2009,79,"Male","Former","Cigarettes",20,12,12,"Current",5,62,310,"Edendate ","C02.1 border of tongue","Mobile tongue","Right","T3","N0","Stage III","Stage III-IV","n.a.","                                                                                                                                                                                                                                                               ","                                                                                                                                                                                                                                                               ","No","Surgery + RT","Surgery + RT","Curative","IMRT","Postoperative","Complete response",5.2,null,"Muscle","Cohesive","No","No","Well differentiated","T3","T3","pT_stage","N0","N0","pN_stage","Mx","Stage III","Stage III","Stage III-IV","pDisease",0,null,"No","Clear (>5 mm)","5       ","Dead",17,1,17]
["1015","Yes",14,2,"CNA_quiet_candidate","Yes",0.05,0.237,25,5,"CNA_other",{"$nulls":10},"CNA_other",0.237,0.05,5,{"$nulls":31},2014,81,"Female","Former","Cigarettes",20,27,27,"Current",1,63,63,"Edendate ","C04.0 anterior floor of mouth","Floor of mouth","Left","T1","N0","Stage I","Stage I-II","n.a.","                                                                                                                                                                                                                                                               ","                                                                                                                                                                                                                                                               ","No","Surgery","Surgery","Curative","None","n.a.","Complete response",0.13,0.8,"Lamina propria","Unknown","No","No","Moderately differentiated","T2","T2","pT_stage","n.a. (no neck dissection)","N0","cN_stage","Mx","Stage II","Stage II","Stage I-II","pDisease",null,null,"n.a. (no neck dissection)","Involved (<1 mm)","0,7     ","Alive",45,0,45]
["1016","Yes",13,3,"CNA_other","No",{"$nulls":15},"CNA_other",{"$nulls":34},2011,72,"Male","Never","n.a.",0,0,0,"Current",1,55,55,"Edendate ","C06.0 cheek mucosa","Cheek mucosa","Left","T4a","N0","Stage IVA","Stage III-IV","n.a.","                                                                                                                                                                                                                                                               ","                                                                                                                                                                                                                                                               ","No","PDT","Other","Curative","None","n.a.","Complete response",null,null,"Lamina propria","Cohesive","No","No","Well differentiated","n.a. (no surgery)","T4a","cT_stage","n.a. (no neck dissection)","N0","cN_stage","77",77,"Stage IVA","Stage III-IV","cDisease",null,null,"n.a. (no neck dissection)","n.a. (no surgery)","        ","Dead",36,1,36]
["1017","Yes",8,1,"CNA_quiet_candidate","Yes",0.24,0.409,61,31,"CNA_other",{"$nulls":10},"CNA_other",0.409,0.24,31,{"$nulls":31},2008,57,"Female","Current","Cigarettes",20,40,40,"Current",2,39,78,"Dentate","C04.0 anterior floor of mouth","Floor of mouth","Right","T1","N0","Stage I","Stage I-II","n.a.","                                                                                                                                                                                                                                                               ","                                                                                                                                                                                                                                                               ","No","Surgery","Surgery","Curative","None","n.a.","Complete response",null,0.25,"Lamina propria","Cohesive","Unknown","Unknown","Moderately differentiated","T1","T1","pT_stage","N0","N0","pN_stage","Mx","Stage I","Stage I","Stage I-II","pDisease",0,null,"No","Close (1-5 mm)","2,5     ","Alive",125,0,60]
["1018","Yes",7,1,"CNA_quiet_candidate","Yes",0.16,0.636,46,30,"CNA_other",{"$nulls":10},"CNA_other",0.636,0.16,30,{"$nulls":31},2008,53,"Male","Current","Cigarettes",20,37,37,"Never",0,0,0,"Dentate","C05.0 hard palate","Hard palate","Right","T4b","N0","Stage IVB","Stage III-IV","n.a.","                                                                                                                                                                                                                                                               ","                                                                                                                                                                                                                                                               ","No","None","None","Palliative","None","n.a.","Not applicable",null,null,"Unknown","Unknown","Unknown","Unknown","Moderately differentiated","n.a. (no surgery)","T4b","cT_stage","n.a. (no neck dissection)","N0","cN_stage","77",77,"Stage IVB","Stage III-IV","cDisease",null,null,"n.a. (no neck dissection)","n.a. (no surgery)","        ","Dead",2,1,2]
["1019","Yes",2,0,"CNA_quiet_candidate","Yes",0.14,0.45,46,25,"CNA_other",{"$nulls":10},"CNA_other",0.45,0.14,25,{"$nulls":31},2008,57,"Male","Current","Cigarettes",65,40,130,"Current",7,40,280,"Dentate","C04.0 anterior floor of mouth","Floor of mouth","Right","T1","N0","Stage I","Stage I-II","n.a.","                                                                                                                                                                                                                                                               ","                                                                                                                                                                                                                                                               ","No","Surgery","Surgery","Curative","None","n.a.","Complete response",null,null,"Submucosa","Unknown","Unknown","Unknown","Moderately differentiated","T1","T1","pT_stage","n.a. (no neck dissection)","N0","cN_stage","Mx","Stage I","Stage I","Stage I-II","pDisease",null,null,"n.a. (no neck dissection)","Unknown (not assessable)","        ","Dead",87,0,60]
["1020","Yes",22,2,"CNA_quiet_candidate","Yes",0.3,0.165,35,12,"CNA_other",{"$nulls":10},"CNA_other",0.165,0.3,12,{"$nulls":31},2008,51,"Male","Current","Cigarettes",20,40,40,"Current",8,40,320,"Edendate ","C02.1 border of tongue","Mobile tongue","Right","T2","N0","Stage II","Stage I-II","n.a.","                                                                                                                                                                                                                                                               ","                                                                                                                                                                                                                                                               ","No","Surgery","Surgery","Curative","None","n.a.","Partial response",2.3,null,"Muscle","Non-cohesive","Unknown","Yes","Moderately differentiated","T2","T2","pT_stage","N0","N0","pN_stage","Mx","Stage II","Stage II","Stage I-II","pDisease",0,null,"No","Clear (>5 mm)","5       ","Dead",11,1,11]
["1021","Yes",17,4,"CNA_other","No",{"$nulls":15},"CNA_other",{"$nulls":34},2008,85,"Male","Former","Cigarettes",20,50,50,"Current",2,67,134,null,"C02.1 border of tongue","Mobile tongue","Right","T3","N1","Stage III","Stage III-IV","Ipsilateral","2                                                                                                                                                                                                                                                              ","                                                                                                                                                                                                                                                               ","No","Surgery + RT","Surgery + RT","Curative","IMRT","Postoperative","Complete response",4.2,null,"Lamina propria","Non-cohesive","No","No","Moderately differentiated","T3","T3","pT_stage","N1","N1","pN_stage","Mx","Stage III","Stage III","Stage III-IV","pDisease",1,null,"No","Close (1-5 mm)","3       ","Dead",18,1,18]
["1022","Yes",14,2,"CNA_quiet_candidate","Yes",0.77,0.402,39,21,"CNA_other","Yes",0.77,2,0.396,21,0.998,4,1,"CNA_other",null,"CNA_other",0.396,0.77,21,"Mutated","WT","WT","WT","WT","WT","WT","WT","WT","Mutated","WT","WT","WT","WT","Mutated","WT","WT","WT","WT","WT","WT","WT","WT","WT","Mutated","WT","WT","WT","WT","NFE2L2,NOTCH1,KMT2D,TP53",null,2009,52,"Male","Current","Cigarettes",20,40,40,"Current",5,34,136,null,"C03.1 lower gum","Vestibule of the mouth ","Left","T4a","N2c","Stage IVA","Stage III-IV","Bilateral","2                                                                                                                                                                                                                                                              ","2                                                                                                                                                                                                                                                              ","No","Surgery + RT","Surgery + RT","Curative","IMRT","Postoperative","Complete response",5.5,null,"Bone","Non-cohesive","Yes","Yes","Moderately differentiated","T4a","T4a","pT_stage","N3b","N3b","pN_stage",null,"Stage IVB","Stage IVB","Stage III-IV","pDisease",1,3,"Yes","Involved (<1 mm)","        ","Dead",19,1,19,"Non-cohesive"]
["1023","Yes",0,0,"CNA_quiet_candidate","Yes",0.05,0.183,36,6,"CNA_other",{"$nulls":10},"CNA_other",0.183,0.05,6,{"$nulls":31},2009,21,"Male","Current","Cigarettes",15,7,5,"Current",0.8571428571428571,4,4,null,"C02.1 border of tongue","Mobile tongue","Right","T1","N0","Stage I","Stage I-II","n.a.","                                                                                                                                                                                                                                                               ","                                                                                                                                                                                                                                                               ","No","Surgery + RT","Surgery + RT","Curative","IMRT","Postoperative","Complete response",2.1,1.9,"Muscle","Non-cohesive","No","Yes","Moderately differentiated","T3","T3","pT_stage","N0","N0","pN_stage","Mx","Stage III","Stage III","Stage III-IV","pDisease",0,null,"No","Close (1-5 mm)","1       ","Alive",120,0,60]
["1024","Yes",3,0,"CNA_quiet_candidate","Yes",0.25,0.54,46,26,"CNA_other","Yes",0.25,2.2,0.53,26,0.998,5,0.999,"CNA_other",null,"CNA_other",0.53,0.25,26,"Mutated","WT","WT","WT","Mutated","WT","WT","WT","WT","WT","WT","WT","Mutated","WT","WT","WT","WT","WT","WT","WT","WT","WT","WT","WT","WT","WT","WT","WT","WT","FAT1,CDKN2A,TP53",null,2011,75,"Male","Former","Cigarettes",35,49,85,"Current",8,57,456,"Edendate ","C04.0 anterior floor of mouth","Floor of mouth","Right","T2","N0","Stage II","Stage I-II","n.a.","                                                                                                                                                                                                                                                               ","                                                                                                                                                                                                                                                               ","No","Surgery + RT","Surgery + RT","Curative","IMRT","Postoperative","Complete response",3,0.7,"Lamina propria","Non-cohesive","No","Yes","Poorly differentiated","T2","T2","pT_stage","N2a","N2a","pN_stage","Mx","Stage IVA","Stage IVA","Stage III-IV","pDisease",1,null,"Yes","Close (1-5 mm)","2       ","Alive",95,0,60]
["1025","Yes",2,0,"CNA_quiet_candidate","Yes",0.57,0.712,51,29,"CNA_other","Yes",0.45,2.78,0.72,36,0.997,3,0.998,"CNA_other",null,"CNA_other",0.72,0.45,29,"Mutated","WT","WT","WT","WT","WT","WT","WT","WT","Mutated","WT","WT","WT","WT","WT","WT","WT","WT","WT","Mutated","WT","WT","WT","WT","WT","WT","WT","WT","WT","NOTCH1,RB1,TP53",null,2011,65,"Female","Current","Cigarettes",20,47,47,"Current",3,47,141,null,"C02.1 border of tongue","Mobile tongue","Right","T2","N0","Stage II","Stage I-II","n.a.","                                                                                                                                                                                                                                                               ","                                                                                                                                                                                                                                                               ","No","Surgery","Surgery","Curative","None","n.a.","Complete response",2.3,null,"Lamina propria","Non-cohesive","No","Yes","Moderately differentiated","T2","T2","pT_stage","n.a. (no neck dissection)","N0","cN_stage",null,"Stage II","Stage II","Stage I-II","pDisease",null,null,"n.a. (no neck dissection)","Close (1-5 mm)","3       ","Dead",35,1,35,"Non-cohesive"]
["1026","Yes",2,0,"CNA_quiet_candidate","Yes",0.07,0.399,28,12,"CNA_other",{"$nulls":10},"CNA_other",0.399,0.07,12,{"$nulls":31},2009,59,"Male","Current","Cigarettes",20,50,50,"Current",10,41,410,null,"C03.1 lower gum","Vestibule of the mouth ","Right","T4a","N0","Stage IVA","Stage III-IV","n.a.","                                                                                                                                                                                                                                                               ","                                                                                                                                                                                                                                                               ","No","Surgery + RT","Surgery + RT","Curative","IMRT","Postoperative","Complete response",3,null,"Bone","Cohesive","No","No","Well differentiated","T4a","T4a","pT_stage","N0","N0","pN_stage","Mx","Stage IVA","Stage IVA","Stage III-IV","pDisease",0,null,"No","Close (1-5 mm)","4       ","Alive",97,0,60]
["1027","Yes",2,0,"CNA_quiet_candidate","Yes",0.07,0.3,40,17,"CNA_other",{"$nulls":10},"CNA_other",0.3,0.07,17,{"$nulls":31},2009,73,"Male","Current","Cigarettes",14,57,40,"Current",2,56,112,"Edendate ","C06.2 retromolar area","Retromolar trigone","Left","T4a","N0","Stage IVA","Stage III-IV","n.a.","                                                                                                                                                                                                                                                               ","                                                                                                                                                                                                                                                               ","No","Surgery + RT","Surgery + RT","Curative","IMRT","Postoperative","Complete response",2.2,null,"Muscle","Non-cohesive","No","No","Moderately differentiated","T2","T2","pT_stage","N0","N0","pN_stage","Mx","Stage II","Stage II","Stage I-II","pDisease",null,0,"No","Close (1-5 mm)","1       ","Dead",122,0,60]
["1028","Yes",24,7,"CNA_other","No",{"$nulls":15},"CNA_other",{"$nulls":34},2012,61,"Male","Current","Cigarettes",17,43,37,"Former",6,42,252,"Dentate","C04.0 anterior floor of mouth","Floor of mouth","Left","T1","N0","Stage I","Stage I-II","n.a.","                                                                                                                                                                                                                                                               ","                                                                                                                                                                                                                                                               ","No","Surgery","Surgery","Curative","None","n.a.","Complete response",0.1,0.08,"Lamina propria","Cohesive","No","No","Moderately differentiated","T1","T1","pT_stage","n.a. (no neck dissection)","N0","cN_stage","Mx","Stage I","Stage I","Stage I-II","pDisease",null,null,"n.a. (no neck dissection)","Close (1-5 mm)","2,2     ","Dead",68,0,60]
["1029","Yes",10,1,"CNA_quiet_candidate","Yes",0.08,0.294,27,8,"CNA_other",{"$nulls":10},"CNA_other",0.294,0.08,8,{"$nulls":31},2009,89,"Female","Never","n.a.",0,0,0,"Current",2,71,142,"Dentate","C02.1 border of tongue","Mobile tongue","Left","T2","N0","Stage II","Stage I-II","n.a.","                                                                                                                                                                                                                                                               ","                                                                                                                                                                                                                                                               ","No","Surgery","Surgery","Curative","None","n.a.","Complete response",1.5,0.9,"Lamina propria","Cohesive","No","No","Moderately differentiated","T2","T2","pT_stage","N0","N0","pN_stage","Mx","Stage II","Stage II","Stage I-II","pDisease",null,0,"No","Close (1-5 mm)","2       ","Dead",41,1,41]
["1030","Yes",21,4,"CNA_other","No",{"$nulls":15},"CNA_other",{"$nulls":34},2011,56,"Male","Current","Cigarettes",15,39,29,"Current",3,39,117,null,"C04.0 anterior floor of mouth","Floor of mouth","Midline","T1","N0","Stage I","Stage I-II","n.a.","                                                                                                                                                                                                                                                               ","                                                                                                                                                                                                                                                               ","No","Surgery","Surgery","Curative","None","n.a.","Complete response",0.9,0.45,"Lamina propria","Non-cohesive","No","No","Poorly differentiated","T1","T1","pT_stage","n.a. (no neck dissection)","N0","cN_stage","Mx","Stage I","Stage I","Stage I-II","pDisease",null,null,"n.a. (no neck dissection)","Involved (<1 mm)","0       ","Alive",17,0,17]
["1031","Yes",1,0,"CNA_quiet_candidate","Yes",0.05,0.5,30,15,"CNA_other",{"$nulls":10},"CNA_other",0.5,0.05,15,{"$nulls":31},2009,66,"Male","Former","Cigarettes",20,8,8,"Current",2,48,96,null,"C03.1 lower gum","Vestibule of the mouth ","Left","T1","N1","Stage III","Stage III-IV","Ipsilateral","                                                                                                                                                                                                                                                               ","4                                                                                                                                                                                                                                                              ","No","Surgery + RT","Surgery + RT","Curative","IMRT","Postoperative","Complete response",0.6,null,"Lamina propria","Cohesive","No","Yes","Moderately differentiated","T1","T1","pT_stage","N3b","N3b","pN_stage","Mx","Stage IVB","Stage IVB","Stage III-IV","pDisease",null,5,"Yes","Involved (<1 mm)","0       ","Alive",75,0,60]
["1033","Yes",9,1,"CNA_quiet_candidate","Yes",0.19,0.502,32,19,"CNA_other",{"$nulls":10},"CNA_other",0.502,0.19,19,{"$nulls":31},2009,66,"Male","Current",null,15,null,29,"Current",4,48,192,null,"C02.1 border of tongue","Mobile tongue","Left","T2","N1","Stage III","Stage III-IV","Ipsilateral","                                                                                                                                                                                                                                                               ","2                                                                                                                                                                                                                                                              ","No","Surgery","Surgery","Curative","None","n.a.","Complete response",3,null,"Lamina propria","Non-cohesive","No","No","Moderately differentiated","T2","T2","pT_stage","N1","N1","pN_stage","M0","Stage III","Stage III","Stage III-IV","pDisease",null,1,"No","Clear (>5 mm)","        ","Alive",70,0,60,"Non-cohesive"]
["1034","Yes",14,3,"CNA_other","No",{"$nulls":15},"CNA_other",{"$nulls":34},2010,78,"Male","Current","Cigarettes",15,61,46,"Current",2,61,122,"Edendate ","C04.0 anterior floor of mouth","Floor of mouth","Midline","T2","N0","Stage II","Stage I-II","n.a.","                                                                                                                                                                                                                                                               ","                                                                                                                                                                                                                                                               ","No","Surgery","Surgery","Curative","None","n.a.","Complete response",1.8,0.3,"Lamina propria","Non-cohesive","Yes","No","Moderately differentiated","T1","T1","pT_stage","N0","N0","pN_stage","Mx","Stage I","Stage I","Stage I-II","pDisease",0,0,"No","Involved (<1 mm)","0,9     ","Dead",85,0,60]
["1035","Yes",9,2,"CNA_quiet_candidate","Yes",0.12,0.552,42,23,"CNA_other",{"$nulls":10},"CNA_other",0.552,0.12,23,{"$nulls":31},2010,68,"Male","Current","Cigarettes",20,50,50,"Current",5,50,250,"Edendate ","C04.0 anterior floor of mouth","Floor of mouth","Midline","T4a","N0","Stage IVA","Stage III-IV","n.a.","                                                                                                                                                                                                                                                               ","                                                                                                                                                                                                                                                               ","No","Surgery","Surgery","Curative","None","n.a.","Complete response",2.8,null,"Bone","Non-cohesive","No","No","Moderately differentiated","T4a","T4a","pT_stage","N0","N0","pN_stage","Mx","Stage IVA","Stage IVA","Stage III-IV","pDisease",0,0,"No","Close (1-5 mm)","2       ","Dead",2,1,2]
["1036","Yes",16,5,"CNA_other","No",{"$nulls":15},"CNA_other",{"$nulls":34},2014,57,"Male","Current","Cigars/pipe",14,39,84,"Current",14,39,557,"Dentate","C06.2 retromolar area","Retromolar trigone","Left","T4b","N1","Stage IVB","Stage III-IV","Ipsilateral","                                                                                                                                                                                                                                                               ","1                                                                                                                                                                                                                                                              ","No","Radiotherapy","Radiotherapy","Palliative","IMRT","Definitive","Not applicable",null,null,"Unknown","Cohesive","No","No","Moderately differentiated","n.a. (no surgery)","T4b","cT_stage","n.a. (no neck dissection)","N1","cN_stage","77",77,"Stage IVB","Stage III-IV","cDisease",null,null,"n.a. (no neck dissection)","n.a. (no surgery)","        ","Dead",9,1,9,"Cohesive"]
["1037","Yes",11,1,"CNA_quiet_candidate","Yes",0.18,0.503,40,21,"CNA_other",{"$nulls":10},"CNA_other",0.503,0.18,21,{"$nulls":31},2010,65,"Male","Current","Cigarettes",7,50,50,"Former",8,48,384,"Dentate","C02.1 border of tongue","Mobile tongue","Left","T2","N0","Stage II","Stage I-II","n.a.","                                                                                                                                                                                                                                                               ","                                                                                                                                                                                                                                                               ","No","Surgery + RT","Surgery + RT","Curative","3D-RT","Postoperative","Complete response",3.3,1.3,"Muscle","Non-cohesive","Yes","Yes","Moderately differentiated","T3","T3","pT_stage","N2b","N2b","pN_stage","Mx","Stage IVA","Stage IVA","Stage III-IV","pDisease",null,3,"No","Close (1-5 mm)","4       ","Dead",57,1,57]
["1038","Yes",8,2,"CNA_quiet_candidate","Yes",0.27,0.251,23,5,"CNA_other","Yes",0.27,2.04,0.252,5,1,4,0.997,"CNA_other",null,"CNA_other",0.252,0.27,5,"Mutated","WT","WT","WT","WT","WT","Mutated","WT","WT","WT","WT","WT","WT","WT","WT","WT","WT","WT","WT","WT","WT","WT","WT","WT","WT","Mutated","WT","WT","WT","NSD1,RAC1,TP53",null,2010,73,"Female","Never","n.a.",0,0,0,"Current",1,56,56,"Edendate ","C06.0 cheek mucosa","Cheek mucosa","Right","T2","N0","Stage II","Stage I-II","n.a.","                                                                                                                                                                                                                                                               ","                                                                                                                                                                                                                                                               ","No","Surgery","Surgery","Curative","None","n.a.","Complete response",3,0.5,"Lamina propria","Cohesive","No","No","Well differentiated","T2","T2","pT_stage","N0","N0","pN_stage","Mx","Stage II","Stage II","Stage I-II","pDisease",0,null,"No","Close (1-5 mm)","2       ","Alive",105,0,60]
["1039","Yes",0,0,"CNA_quiet_candidate","Yes",0.14,0.153,31,10,"CNA_other",{"$nulls":10},"CNA_other",0.153,0.14,10,{"$nulls":31},2010,84,"Female","Never","n.a.",0,0,0,"Never",0,0,0,"Edendate ","C06.0 cheek mucosa","Cheek mucosa","Right","T2","N0","Stage II","Stage I-II","n.a.","                                                                                                                                                                                                                                                               ","                                                                                                                                                                                                                                                               ","No","Surgery","Surgery","Curative","None","n.a.","Complete response",1.5,null,"Lamina propria","Cohesive","No","No","Well differentiated","T1","T1","pT_stage","N1","N1","pN_stage","Mx","Stage III","Stage III","Stage III-IV","pDisease",1,null,"No","Involved (<1 mm)","0,2     ","Dead",67,0,60]
["1040","Yes",18,4,"CNA_other","No",{"$nulls":15},"CNA_other",{"$nulls":34},2010,65,"Male","Former","Cigarettes",20,40,40,"Current",8,47,376,"Edendate ","C04.0 anterior floor of mouth","Floor of mouth","Left","T2","N0","Stage II","Stage I-II","n.a.","                                                                                                                                                                                                                                                               ","                                                                                                                                                                                                                                                               ","No","Surgery + RT","Surgery + RT","Curative","IMRT","Postoperative","Complete response",3.2,1.2,"Lamina propria","Non-cohesive","Yes","Yes","Moderately differentiated","T3","T3","pT_stage","N2b","N2b","pN_stage","Mx","Stage IVA","Stage IVA","Stage III-IV","pDisease",null,2,"No","Close (1-5 mm)","1       ","Dead",11,1,11]
["1041","Yes",3,1,"CNA_quiet_candidate","Yes",0.17,0.449,30,14,"CNA_other",{"$nulls":10},"CNA_other",0.449,0.17,14,{"$nulls":31},2010,84,"Female","Never","n.a.",0,0,0,"Never",0,0,0,"Edendate ","C06.0 cheek mucosa","Cheek mucosa","Right","T2","N0","Stage II","Stage I-II","n.a.","                                                                                                                                                                                                                                                               ","                                                                                                                                                                                                                                                               ","No","Radiotherapy","Radiotherapy","Curative","IMRT","Definitive","Complete response",null,null,"Lamina propria","Non-cohesive","Unknown","Unknown","Moderately differentiated","n.a. (no surgery)","T2","cT_stage","n.a. (no neck dissection)","N0","cN_stage","77",77,"Stage II","Stage I-II","cDisease",null,null,"n.a. (no neck dissection)","n.a. (no surgery)","        ","Alive",105,0,60]
["1042","Yes",13,3,"CNA_other","No",{"$nulls":15},"CNA_other",{"$nulls":34},2010,57,"Male","Current","Cigarettes",20,43,43,"Current",5,39,195,"Edendate ","C06.2 retromolar area","Retromolar trigone","Right","T4a","N0","Stage IVA","Stage III-IV","n.a.","                                                                                                                                                                                                                                                               ","                                                                                                                                                                                                                                                               ","No","Surgery + RT","Surgery + RT","Curative","IMRT","Postoperative","Complete response",4.2,null,"Bone","Non-cohesive","No","No","Moderately differentiated","T4a","T4a","pT_stage","N0","N0","pN_stage","Mx","Stage IVA","Stage IVA","Stage III-IV","pDisease",0,null,"No","Close (1-5 mm)","2       ","Dead",28,1,28]
["1044","Yes",18,4,"CNA_other","No",{"$nulls":15},"CNA_other",{"$nulls":34},2011,64,"Male","Current","Cigarettes",25,46,58,"Former",{"$nulls":3},"Dentate","C04.0 anterior floor of mouth","Floor of mouth","Midline","T4a","N2c","Stage IVA","Stage III-IV","Bilateral","1;2;3                                                                                                                                                                                                                                                          ","1;2;3                                                                                                                                                                                                                                                          ","No","None","None","Palliative","None","n.a.","Not applicable",null,null,"Unknown","Non-cohesive","Unknown","Unknown","Moderately differentiated","n.a. (no surgery)","T4a","cT_stage","n.a. (no neck dissection)","N2c","cN_stage","77",77,"Stage IVA","Stage III-IV","cDisease",null,null,"n.a. (no neck dissection)","n.a. (no surgery)","        ","Dead",9,1,9]
["1046","Yes",7,2,"CNA_quiet_candidate","Yes",0.19,0.388,46,22,"CNA_other",{"$nulls":10},"CNA_other",0.388,0.19,22,{"$nulls":31},2011,66,"Male","Current","Cigarettes",50,55,138,"Current",10,55,550,"Edendate ","C04.0 anterior floor of mouth","Floor of mouth","Right","T2","N0","Stage II","Stage I-II","n.a.","                                                                                                                                                                                                                                                               ","                                                                                                                                                                                                                                                               ","No","Surgery","Surgery","Curative","None","n.a.","Complete response",1,null,"Lamina propria","Non-cohesive","No","No","Moderately differentiated","T1","T1","pT_stage","N0","N0","pN_stage","Mx","Stage I","Stage I","Stage I-II","pDisease",0,null,"No","Clear (>5 mm)","5       ","Alive",98,0,60]
["1047","Yes",10,3,"Unclear","Yes",0.1,0.5,31,16,"CNA_other",{"$nulls":10},"CNA_other",0.5,0.1,16,{"$nulls":31},2013,35,"Female","Current","Cigarettes",8,15,7,"Current",1,17,17,"Dentate","C02.1 border of tongue","Mobile tongue","Right","T2","N0","Stage II","Stage I-II","n.a.","                                                                                                                                                                                                                                                               ","                                                                                                                                                                                                                                                               ","No","Surgery","Surgery","Curative","None","n.a.","Complete response",2.7,0.6,"Muscle","Non-cohesive","No","No","Moderately differentiated","T2","T2","pT_stage","N0","N0","pN_stage","Mx","Stage II","Stage II","Stage I-II","pDisease",0,null,"No","Close (1-5 mm)","3       ","Alive",68,0,60,"Non-cohesive"]
["1048","Yes",22,5,"CNA_other","No",{"$nulls":15},"CNA_other",{"$nulls":34},2011,44,"Female","Former","Cigarettes",15,15,11,"Current",2,26,52,null,"C02.1 border of tongue","Mobile tongue","Right","T1","N0","Stage I","Stage I-II","n.a.","                                                                                                                                                                                                                                                               ","                                                                                                                                                                                                                                                               ","No","Surgery + RT","Surgery + RT","Curative","IMRT","Postoperative","Complete response",1.7,0.7,"Muscle","Non-cohesive","Yes","Yes","Poorly differentiated","T2","T2","pT_stage","N1","N1","pN_stage","Mx","Stage III","Stage III","Stage III-IV","pDisease",1,null,"No","Close (1-5 mm)","4       ","Dead",8,1,8,"Non-cohesive"]
["1049","Yes",4,0,"CNA_quiet_candidate","Yes",0.3,0.125,27,6,"CNA_other",{"$nulls":10},"CNA_other",0.125,0.3,6,{"$nulls":31},2011,66,"Male","Former","Cigarettes",20,47,47,"Current",6,48,288,"Dentate","C02.2 ventral surface of tongue","Mobile tongue","Right","T2","N0","Stage II","Stage I-II","n.a.","                                                                                                                                                                                                                                                               ","                                                                                                                                                                                                                                                               ","No","Surgery","Surgery","Curative","None","n.a.","Complete response",1.5,null,"Lamina propria","Cohesive","No","No","Well differentiated","T1","T1","pT_stage","N0","N0","pN_stage","Mx","Stage I","Stage I","Stage I-II","pDisease",0,null,"No","Close (1-5 mm)","3       ","Dead",43,1,43]
["1050","Yes",13,4,"CNA_other","No",{"$nulls":15},"CNA_other",{"$nulls":34},2014,68,"Male","Current","Cigarettes",18,50,48,"Current",6,50,300,"Edendate ","C02.1 border of tongue","Mobile tongue","Left","Tis","N0","Stage 0 (CIS)",null,"n.a.","                                                                                                                                                                                                                                                               ","                                                                                                                                                                                                                                                               ","No","Surgery","Surgery","Curative","None","n.a.","Complete response",0.8,0.21,"Lamina propria","Non-cohesive","Yes","No","Moderately differentiated","T1","T1","pT_stage","n.a. (no neck dissection)","N0","cN_stage",null,"Stage I","Stage I","Stage I-II","pDisease",null,null,"n.a. (no neck dissection)","Clear (>5 mm)","5,5     ","Dead",14,1,14,"Non-cohesive"]
["1051","Yes",15,2,"CNA_quiet_candidate","Yes",0.4,0.833,64,47,"CNA_other","Yes",0.7,3.58,0.835,45,0.996,3,1,"CNA_other",null,"CNA_other",0.835,0.7,47,"Mutated","WT","WT","WT","WT","WT","WT","WT","WT","WT","WT","WT","Mutated","WT","WT","WT","WT","WT","WT","WT","WT","WT","WT","WT","WT","Mutated","WT","WT","WT","FAT1,NSD1,TP53",null,2011,68,"Female","Current","Cigarettes",20,50,50,"Current",6,51,306,"Edendate ","C02.1 border of tongue","Mobile tongue","Right","T4a","N0","Stage IVA","Stage III-IV","n.a.","                                                                                                                                                                                                                                                               ","                                                                                                                                                                                                                                                               ","No","Surgery + RT","Surgery + RT","Curative","IMRT","Postoperative","Complete response",3.5,null,"Muscle","Non-cohesive","No","Yes","Moderately differentiated","T4a","T4a","pT_stage","N0","N0","pN_stage","Mx","Stage IVA","Stage IVA","Stage III-IV","pDisease",0,null,"No","Clear (>5 mm)","5       ","Dead",27,1,27,"Non-cohesive"]
["1052","Yes",9,1,"CNA_quiet_candidate","Yes",0.13,0.592,41,23,"CNA_other",{"$nulls":10},"CNA_other",0.592,0.13,23,{"$nulls":31},2012,70,"Male","Current","Cigarettes",25,55,69,"Current",8,53,424,"Edendate ","C02.1 border of tongue","Mobile tongue","Right","T2","N0","Stage II","Stage I-II","n.a.","                                                                                                                                                                                                                                                               ","                                                                                                                                                                                                                                                               ","No","Surgery + RT","Surgery + RT","Curative","IMRT","Postoperative","Complete response",3.5,2.4,"Muscle","Non-cohesive","No","Yes","Poorly differentiated","T3","T3","pT_stage","N0","N0","pN_stage","Mx","Stage III","Stage III","Stage III-IV","pDisease",0,null,"No","Close (1-5 mm)","2       ","Alive",76,0,60]
["1054","Yes",4,0,"CNA_quiet_candidate","Yes",0.07,0.396,46,19,"CNA_other",{"$nulls":10},"CNA_other",0.396,0.07,19,{"$nulls":31},2010,83,"Male","Never","n.a.",0,0,0,"Current",1,66,66,"Dentate","C02.1 border of tongue","Mobile tongue","Right","T3","N0","Stage III","Stage III-IV","n.a.","                                                                                                                                                                                                                                                               ","                                                                                                                                                                                                                                                               ","No","Surgery + RT","Surgery + RT","Curative","IMRT","Postoperative","Complete response",3.5,null,"Lamina propria","Non-cohesive","Yes","Yes","Moderately differentiated","T2","T2","pT_stage","N2a","N2a","pN_stage","Mx","Stage IVA","Stage IVA","Stage III-IV","pDisease",1,null,"Yes","Clear (>5 mm)","12      ","Dead",26,1,26]
["1055","Yes",21,5,"CNA_other","No",{"$nulls":15},"CNA_other",{"$nulls":34},2012,67,"Female","Never","n.a.",0,0,0,"Never",0,0,0,"Dentate","C02.3 anterior two-third of tongue, part NOS","Mobile tongue","Right","T2","N0","Stage II","Stage I-II","n.a.","                                                                                                                                                                                                                                                               ","                                                                                                                                                                                                                                                               ","No","Surgery","Surgery","Curative","None","n.a.","Complete response",3.3,0.7,"Lamina propria","Cohesive","No","No","Moderately differentiated","T2","T2","pT_stage","N0","N0","pN_stage","Mx","Stage II","Stage II","Stage I-II","pDisease",0,0,"No","Close (1-5 mm)","3,5     ","Dead",37,1,37]
["1056","Yes",5,1,"CNA_quiet_candidate","Yes",0.3,0.581,42,29,"CNA_other","Yes",0.3,3.08,0.591,29,1,6,0.998,"CNA_other",null,"CNA_other",0.591,0.3,29,"Mutated","WT","WT","Mutated","Mutated","Mutated","WT","WT","WT","WT","WT","WT","WT","WT","WT","WT","Mutated","WT","WT","WT","WT","WT","WT","WT","WT","WT","WT","WT","WT","PIK3CA,TERT,CDKN2A,AJUBA,TP53",null,2014,53,"Male","Current","Cigarettes",20,30,30,"Current",1,36,36,"Dentate","C02.1 border of tongue","Mobile tongue","Left","T2","N0","Stage II","Stage I-II","n.a.","                                                                                                                                                                                                                                                               ","                                                                                                                                                                                                                                                               ","No","Surgery","Surgery","Curative","None","n.a.","Complete response",4.2,1.8,"Lamina propria","Non-cohesive","No","Yes","Moderately differentiated","T3","T3","pT_stage","N0","N0","pN_stage",null,"Stage III","Stage III","Stage III-IV","pDisease",null,0,"No","Clear (>5 mm)","5       ","Dead",48,1,48,"Non-cohesive"]
["1057","Yes",15,4,"CNA_other","No",{"$nulls":15},"CNA_other",{"$nulls":34},2012,63,"Female","Former","Cigarettes",20,30,30,"Never",0,0,0,"Edendate ","C06.0 cheek mucosa","Cheek mucosa","Left","T2","N2b","Stage IVA","Stage III-IV","Ipsilateral","                                                                                                                                                                                                                                                               ","1;2;3                                                                                                                                                                                                                                                          ","No","Surgery + RT","Surgery + RT","Curative","IMRT","Postoperative","Partial response",3.8,null,"Lamina propria","Non-cohesive","Yes","Yes","Poorly differentiated","T2","T2","pT_stage","N3b","N3b","pN_stage","Mx","Stage IVB","Stage IVB","Stage III-IV","pDisease",null,9,"Yes","Involved (<1 mm)","0,1     ","Dead",7,1,7]
["1058","Yes",19,5,"CNA_other","No",{"$nulls":15},"CNA_other",{"$nulls":34},2013,73,"Male","Current","Cigarettes",20,45,45,"Former",5,55,275,null,"C04.0 anterior floor of mouth","Floor of mouth","Midline","T2","N1","Stage III","Stage III-IV","Ipsilateral","2                                                                                                                                                                                                                                                              ","                                                                                                                                                                                                                                                               ","No","Surgery","Surgery","Curative","None","n.a.","Complete response",3,null,null,"Non-cohesive","Yes","No","Moderately differentiated","T2","T2","pT_stage","N3b","N3b","pN_stage",null,"Stage IVB","Stage IVB","Stage III-IV","pDisease",2,7,"Yes","Close (1-5 mm)","4       ","Dead",12,1,12,"Non-cohesive"]
["1059","Yes",0,0,"CNA_quiet_candidate","Yes",0.05,0.073,26,3,"CNA_quiet_candidate","Yes",0.05,1.93,0.078,3,0.628,2,0.01,"Exclude","Power_too_low_both","Exclude",0.078,0.05,3,{"$nulls":31},2013,49,"Male","Former","Cigarettes",5,null,null,"Current",2,31,62,"Dentate","C02.1 border of tongue","Mobile tongue","Left","T1","N0","Stage I","Stage I-II","n.a.","                                                                                                                                                                                                                                                               ","                                                                                                                                                                                                                                                               ","No","Surgery","Surgery","Curative","None","n.a.","Complete response",0.8,0.11,"Lamina propria","Non-cohesive","No","No","Moderately differentiated","T1","T1","pT_stage","n.a. (no neck dissection)","N0","cN_stage","Mx","Stage I","Stage I","Stage I-II","pDisease",null,null,"n.a. (no neck dissection)","Involved (<1 mm)","1       ","Alive",61,0,60]
["1060","Yes",7,1,"CNA_quiet_candidate","Yes",0.26,0.592,61,42,"CNA_other","Yes",0.26,1.99,0.581,40,0.996,3,0.998,"CNA_other",null,"CNA_other",0.581,0.26,42,"Mutated","WT","WT","WT","WT","WT","WT","WT","WT","WT","WT","WT","WT","WT","Mutated","Mutated","WT","WT","WT","WT","WT","WT","WT","WT","WT","WT","WT","WT","WT","KMT2D,TP53,ASXL1",null,2013,67,"Female","Former","Cigarettes",20,20,20,"Current",4,50,200,"Edendate ","C02.1 border of tongue","Mobile tongue","Left","T2","N2c","Stage IVA","Stage III-IV","Bilateral","1                                                                                                                                                                                                                                                              ","1;3                                                                                                                                                                                                                                                            ","No","Surgery","Surgery","Curative","None","n.a.","Partial response",2.2,2,"Lamina propria","Non-cohesive","No","No","Poorly differentiated","T3","T3","pT_stage","N3b","N3b","pN_stage","Mx","Stage IVB","Stage IVB","Stage III-IV","pDisease",1,2,"Yes","Involved (<1 mm)","0,1     ","Dead",10,1,10]
["1061","Yes",18,3,"CNA_other","No",{"$nulls":15},"CNA_other",{"$nulls":34},2011,67,"Male","Current","Cigarettes",20,50,50,"Current",6,49,294,"Dentate","C06.2 retromolar area","Retromolar trigone","Left","T4a","N2b","Stage IVA","Stage III-IV","Ipsilateral","                                                                                                                                                                                                                                                               ","1;2                                                                                                                                                                                                                                                            ","No","Surgery + RT","Surgery + RT","Curative","IMRT","Postoperative","Complete response",5,0.7,"Lamina propria","Non-cohesive","Yes","No","Moderately differentiated","T3","T3","pT_stage","N2b","N2b","pN_stage","Mx","Stage IVA","Stage IVA","Stage III-IV","pDisease",null,2,"No","Close (1-5 mm)","3       ","Dead",84,0,60]
["1062","Yes",11,2,"CNA_quiet_candidate","Yes",0.14,0.487,42,21,"CNA_other",{"$nulls":10},"CNA_other",0.487,0.14,21,{"$nulls":31},2009,69,"Female","Never","n.a.",0,0,0,"Current",3,51,153,"Dentate","C02.1 border of tongue","Mobile tongue","Left","T4a","N0","Stage IVA","Stage III-IV","n.a.","                                                                                                                                                                                                                                                               ","                                                                                                                                                                                                                                                               ","No","Surgery","Surgery","Curative","None","n.a.","Complete response",1.9,null,"Bone","Non-cohesive","No","Yes","Moderately differentiated","T4a","T4a","pT_stage","N0","N0","pN_stage","Mx","Stage IVA","Stage IVA","Stage III-IV","pDisease",0,0,"No","Clear (>5 mm)","5       ","Dead",2,1,2]
["1063","Yes",16,5,"CNA_other","No",{"$nulls":15},"CNA_other",{"$nulls":34},2012,87,"Female","Never","n.a.",0,0,0,"Never",0,0,0,"Dentate","C03.0 upper gum","Vestibule of the mouth ","Left","T4a","N0","Stage IVA","Stage III-IV","n.a.","                                                                                                                                                                                                                                                               ","                                                                                                                                                                                                                                                               ","No","Radiotherapy","Radiotherapy","Palliative","IMRT","Definitive","Complete response",null,null,"Unknown","Unknown","Unknown","Unknown","Well differentiated","n.a. (no surgery)","T4a","cT_stage","n.a. (no neck dissection)","N0","cN_stage","77",77,"Stage IVA","Stage III-IV","cDisease",null,null,"n.a. (no neck dissection)","n.a. (no surgery)","        ","Dead",16,1,16]
["1064","Yes",20,5,"CNA_other","No",{"$nulls":15},"CNA_other",{"$nulls":34},2013,83,"Female","Never","n.a.",0,0,0,"Never",0,0,0,null,"C03.0 upper gum","Vestibule of the mouth ","Right","T4b","N0","Stage IVB","Stage III-IV","n.a.","                                                                                                                                                                                                                                                               ","                                                                                                                                                                                                                                                               ","No","Surgery + RT","Surgery + RT","Curative","IMRT","Postoperative","Partial response",5,null,"Bone","Non-cohesive","No","No","Poorly differentiated","T4b","T4b","pT_stage","n.a. (no neck dissection)","N0","cN_stage","Mx","Stage IVB","Stage IVB","Stage III-IV","pDisease",null,null,"n.a. (no neck dissection)","Involved (<1 mm)","        ","Dead",11,1,11,"Non-cohesive"]
["1065","Yes",6,2,"CNA_quiet_candidate","Yes",0.44,0.445,40,24,"CNA_other","Yes",0.43,2.03,0.449,24,1,4,1,"CNA_other",null,"CNA_other",0.449,0.43,24,"Mutated","WT","WT","WT","WT","Mutated","WT","WT","WT","WT","Mutated","WT","Mutated","WT","WT","WT","WT","WT","WT","WT","WT","WT","WT","WT","WT","WT","WT","WT","WT","FAT1,TERT,TP53,ZNF750",null,2011,48,"Male","Former","Cigarettes",1,5,0.25,"Current",1,30,30,"Dentate","C02.1 border of tongue","Mobile tongue","Left","T1","N0","Stage I","Stage I-II","n.a.","                                                                                                                                                                                                                                                               ","                                                                                                                                                                                                                                                               ","No","Surgery","Surgery","Curative","None","n.a.","Complete response",1.2,0.4,"Lamina propria","Cohesive","No","No","Poorly differentiated","T1","T1","pT_stage","n.a. (no neck dissection)","N0","cN_stage","Mx","Stage I","Stage I","Stage I-II","pDisease",null,null,"n.a. (no neck dissection)","Clear (>5 mm)","        ","Alive",50,0,50]
["1066","Yes",6,1,"CNA_quiet_candidate","Yes",0.15,0.646,43,27,"CNA_other",{"$nulls":10},"CNA_other",0.646,0.15,27,{"$nulls":31},2009,43,"Male","Never","n.a.",0,0,0,"Never",0,0,0,null,"C02.1 border of tongue","Mobile tongue","Right","T2","N0","Stage II","Stage I-II","n.a.","                                                                                                                                                                                                                                                               ","                                                                                                                                                                                                                                                               ","No","Surgery + RT","Surgery + RT","Curative","IMRT","Postoperative","Complete response",2.1,0.6,"Muscle","Non-cohesive","No","Yes","Poorly differentiated","T2","T2","pT_stage","N0","N0","pN_stage",null,"Stage II","Stage II","Stage I-II","pDisease",0,null,"No","Involved (<1 mm)","        ","Alive",102,0,60,"Non-cohesive"]
[1067,"Yes",16,3,"CNA_other","No",{"$nulls":15},"CNA_other",{"$nulls":34},2013,73,"Female","Never","n.a.",0,0,0,"Never",0,0,0,"Edendate ","C06.0 cheek mucosa","Cheek mucosa","Left","T1","N0","Stage I","Stage I-II","n.a.","                                                                                                                                                                                                                                                               ","                                                                                                                                                                                                                                                               ","No","None","None","Palliative","None","n.a.","Complete response",null,null,"Lamina propria","Cohesive","Unknown","Unknown","Unknown","n.a. (no surgery)","T1","cT_stage","n.a. (no neck dissection)","N0","cN_stage","77",77,"Stage I","Stage I-II","cDisease",null,null,"n.a. (no neck dissection)","n.a. (no surgery)","        ","Dead",64,0,60]
["1068","Yes",1,0,"CNA_quiet_candidate","Yes",0.1,0.469,48,26,"CNA_other",{"$nulls":10},"CNA_other",0.469,0.1,26,{"$nulls":31},2014,62,"Female","Former","Cigarettes",20,40,40,"Current",4,44,176,"Dentate","C02.1 border of tongue","Mobile tongue","Left","T1","N0","Stage I","Stage I-II","n.a.","                                                                                                                                                                                                                                                               ","                                                                                                                                                                                                                                                               ","No","Surgery","Surgery","Curative","None","n.a.","Complete response",1.4,null,"Muscle","Non-cohesive","No","No","Moderately differentiated","T1","T1","pT_stage","N0","N0","pN_stage",null,"Stage I","Stage I","Stage I-II","pDisease",null,0,"No","Clear (>5 mm)","14      ","Alive",38,0,38,"Non-cohesive"]
["1069","Yes",15,2,"CNA_quiet_candidate","Yes",0.11,0.646,29,19,"CNA_other",{"$nulls":10},"CNA_other",0.646,0.11,19,{"$nulls":31},2012,79,"Female","Never","n.a.",0,0,0,"Never",0,0,0,"Dentate","C03.0 upper gum","Vestibule of the mouth ","Right","T2","N0","Stage II","Stage I-II","n.a.","                                                                                                                                                                                                                                                               ","                                                                                                                                                                                                                                                               ","No","Surgery","Surgery","Curative","None","n.a.","Complete response",2,0.25,"Lamina propria","Unknown","No","No","Moderately differentiated","T1","T1","pT_stage","n.a. (no neck dissection)","N0","cN_stage","Mx","Stage I","Stage I","Stage I-II","pDisease",null,null,"n.a. (no neck dissection)","Close (1-5 mm)","1,5     ","Alive",87,0,60]
["1070","Yes",3,0,"CNA_quiet_candidate","Yes",0.32,0.634,53,32,"CNA_other",{"$nulls":10},"CNA_other",0.634,0.32,32,{"$nulls":31},2013,65,"Female","Current","Cigarettes",20,49,49,"Current",4,47,188,"Edendate ","C02.1 border of tongue","Mobile tongue","Left","T1","N0","Stage I","Stage I-II","n.a.","                                                                                                                                                                                                                                                               ","                                                                                                                                                                                                                                                               ","No","Surgery","Surgery","Curative","None","n.a.","Complete response",1,0.43,"Muscle","Non-cohesive","No","No","Poorly differentiated","T1","T1","pT_stage","n.a. (no neck dissection)","N0","cN_stage","Mx","Stage I","Stage I","Stage I-II","pDisease",null,null,"n.a. (no neck dissection)","Close (1-5 mm)","4,5     ","Alive",37,0,37,"Non-cohesive"]
["1071","Yes",26,6,"CNA_other","No",{"$nulls":15},"CNA_other",{"$nulls":34},2008,60,"Male","Current","Cigarettes",20,20,20,"Current",8,43,344,"Dentate","C04.0 anterior floor of mouth","Floor of mouth","Midline","T4a","N2c","Stage IVA","Stage III-IV","Bilateral","1                                                                                                                                                                                                                                                              ","1                                                                                                                                                                                                                                                              ","No","Surgery + RT","Surgery + RT","Curative","IMRT","Postoperative","Complete response",2.5,null,"Muscle","Cohesive","Yes","No","Well differentiated","T4a","T4a","pT_stage","N3b","N3b","pN_stage","Mx","Stage IVB","Stage IVB","Stage III-IV","pDisease",3,1,"Yes","Involved (<1 mm)","0,9     ","Dead",22,1,22]
["1072","Yes",3,0,"CNA_quiet_candidate","Yes",0.25,0.509,51,29,"CNA_other",{"$nulls":10},"CNA_other",0.509,0.25,29,{"$nulls":31},2009,45,"Female","Never","n.a.",0,0,0,"Never",0,0,0,null,"C02.1 border of tongue","Mobile tongue","Left","T3","N0","Stage III","Stage III-IV","n.a.","                                                                                                                                                                                                                                                               ","                                                                                                                                                                                                                                                               ","No","Surgery + RT","Surgery + RT","Curative","IMRT","Postoperative","Complete response",2.5,2.3,"Muscle","Unknown","No","Yes","Moderately differentiated","T3","T3","pT_stage","N0","N0","pN_stage","Mx","Stage III","Stage III","Stage III-IV","pDisease",null,0,"No","Clear (>5 mm)","5       ","Alive",123,0,60]
["1074","Yes",8,2,"CNA_quiet_candidate","Yes",0.08,0.558,46,26,"CNA_other",{"$nulls":10},"CNA_other",0.558,0.08,26,{"$nulls":31},2011,56,"Male","Former","Cigarettes",20,20,20,"Current",7,38,266,null,"C02.1 border of tongue","Mobile tongue","Right","T2","N0","Stage II","Stage I-II","n.a.","                                                                                                                                                                                                                                                               ","                                                                                                                                                                                                                                                               ","No","Surgery","Surgery","Curative","None","n.a.","Complete response",null,1,"Lamina propria","Non-cohesive","No","No","Moderately differentiated","T2","T2","pT_stage","n.a. (no neck dissection)","N0","cN_stage","Mx","Stage II","Stage II","Stage I-II","pDisease",null,null,"n.a. (no neck dissection)","Unknown (not assessable)","        ","Dead",30,1,30]
["1076","Yes",10,1,"CNA_quiet_candidate","Yes",0.42,0.708,42,31,"CNA_other",{"$nulls":10},"CNA_other",0.708,0.42,31,{"$nulls":31},2010,52,"Female","Never","n.a.",0,0,0,"Current",2,34,68,null,"C02.1 border of tongue","Mobile tongue","Left","T2","N0","Stage II","Stage I-II","n.a.","                                                                                                                                                                                                                                                               ","                                                                                                                                                                                                                                                               ","No","Surgery","Surgery","Curative","None","n.a.","Complete response",2.5,1.9,"Lamina propria","Non-cohesive","No","No","Moderately differentiated","T3","T3","pT_stage","N0","N0","pN_stage","Mx","Stage III","Stage III","Stage III-IV","pDisease",null,0,"No","Clear (>5 mm)","7       ","Alive",102,0,60]
["1077","Yes",15,4,"CNA_other","No",{"$nulls":15},"CNA_other",{"$nulls":34},2008,72,"Male","Current","Cigarettes",20,30,30,"Current",4,55,220,"Dentate","C03.1 lower gum","Vestibule of the mouth ","Left","T2","N0","Stage II","Stage I-II","n.a.","                                                                                                                                                                                                                                                               ","                                                                                                                                                                                                                                                               ","No","Surgery","Surgery","Curative","None","n.a.","Partial response",null,null,"Lamina propria","Unknown","No","No","Well differentiated","T2","T2","pT_stage","N1","N1","pN_stage","Mx","Stage III","Stage III","Stage III-IV","pDisease",null,1,"No","Clear (>5 mm)","        ","Dead",20,1,20]
["1078","Yes",14,3,"CNA_other","No",{"$nulls":15},"CNA_other",{"$nulls":34},2008,54,"Female","Current","Cigarettes",15,37,28,"Former",{"$nulls":3},"Edendate ","C04.1 lateral floor of mouth","Floor of mouth","Right","T4a","N0","Stage IVA","Stage III-IV","n.a.","                                                                                                                                                                                                                                                               ","                                                                                                                                                                                                                                                               ","No","Surgery + RT","Surgery + RT","Curative","IMRT","Postoperative","Stable disease",5.3,null,"Muscle","Cohesive","Yes","Yes","Moderately differentiated","T4a","T4a","pT_stage","N1","N1","pN_stage","Mx","Stage IVA","Stage IVA","Stage III-IV","pDisease",1,null,"No","Close (1-5 mm)","2       ","Dead",11,1,11]
["1079","Yes",16,3,"CNA_other","No",{"$nulls":15},"CNA_other",{"$nulls":34},2010,62,"Male","Current","Cigarettes",7,45,16,"Current",5,46,230,"Edendate ","C04.0 anterior floor of mouth","Floor of mouth","Right","T4a","N0","Stage IVA","Stage III-IV","n.a.","                                                                                                                                                                                                                                                               ","                                                                                                                                                                                                                                                               ","No","Surgery + RT","Surgery + RT","Curative","IMRT","Postoperative","Complete response",3.5,null,"Lamina propria","Non-cohesive","Yes","Yes","Poorly differentiated","T2","T2","pT_stage","N3b","N3b","pN_stage","Mx","Stage IVB","Stage IVB","Stage III-IV","pDisease",3,null,"Yes","Involved (<1 mm)","0       ","Dead",18,1,18]
["1080","Yes",28,8,"CNA_other","No",{"$nulls":15},"CNA_other",{"$nulls":34},2008,60,"Female","Current","Cigarettes",20,50,50,"Current",6,46,276,"Dentate","C06.2 retromolar area","Retromolar trigone","Left","T1","N0","Stage I","Stage I-II","n.a.","                                                                                                                                                                                                                                                               ","                                                                                                                                                                                                                                                               ","No","Surgery","Surgery","Curative","None","n.a.","Complete response",null,null,"Lamina propria","Cohesive","No","No","Moderately differentiated","T1","T1","pT_stage","N0","N0","pN_stage","Mx","Stage I","Stage I","Stage I-II","pDisease",null,0,"No","Clear (>5 mm)","        ","Dead",61,0,60]
["1081","Yes",9,3,"CNA_other","No",{"$nulls":15},"CNA_other",{"$nulls":34},2008,62,"Male","Current","Cigarettes",15,46,35,"Current",1,44,44,"Dentate","C02.1 border of tongue","Mobile tongue","Right","T1","N0","Stage I","Stage I-II","n.a.","                                                                                                                                                                                                                                                               ","                                                                                                                                                                                                                                                               ","No","Surgery","Surgery","Curative","None","n.a.","Complete response",0.8,0.35,"Lamina propria","Non-cohesive","Unknown","No","Moderately differentiated","T1","T1","pT_stage","N0","N0","pN_stage","Mx","Stage I","Stage I","Stage I-II","pDisease",0,null,"No","Clear (>5 mm)","5,5     ","Alive",125,0,60]
["1082","Yes",0,0,"CNA_quiet_candidate","Yes",0.26,0.263,44,20,"CNA_other",{"$nulls":10},"CNA_other",0.263,0.26,20,{"$nulls":31},2013,79,"Male","Former","Cigarettes",20,60,60,"Former",{"$nulls":3},"Dentate","C02.1 border of tongue","Mobile tongue","Right","T2","N0","Stage II","Stage I-II","n.a.","                                                                                                                                                                                                                                                               ","                                                                                                                                                                                                                                                               ","No","Surgery + RT","Surgery + RT","Curative","IMRT","Postoperative","Complete response",2.9,1.3,"Lamina propria","Cohesive","No","Yes","Moderately differentiated","T3","T3","pT_stage","N0","N0","pN_stage","Mx","Stage III","Stage III","Stage III-IV","pDisease",0,null,"No","Close (1-5 mm)","1       ","Dead",8,1,8,"Cohesive"]
["1083","Yes",10,1,"CNA_quiet_candidate","Yes",0.05,0.059,24,2,"Exclude",{"$nulls":10},"Exclude",0.059,0.05,2,{"$nulls":31},2012,44,"Female","Current","Cigarettes",15,15,11,"Current",2,26,52,"Dentate","C06.0 cheek mucosa","Cheek mucosa","Left","T1","N0","Stage I","Stage I-II","n.a.","                                                                                                                                                                                                                                                               ","                                                                                                                                                                                                                                                               ","No","Surgery","Surgery","Curative","None","n.a.","Complete response",null,0.12,"Lamina propria","Non-cohesive","No","No","Moderately differentiated","T1","T1","pT_stage","N0","N0","pN_stage","Mx","Stage I","Stage I","Stage I-II","pDisease",null,0,"No","Close (1-5 mm)","3       ","Alive",76,0,60]
["1084","Yes",4,0,"CNA_quiet_candidate","Yes",0.17,0.177,31,9,"CNA_other",{"$nulls":10},"CNA_other",0.177,0.17,9,{"$nulls":31},2010,63,"Male","Current","Cigarettes",5,46,21,"Current",3,46,138,null,"C02.1 border of tongue","Mobile tongue","Right","T1","N0","Stage I","Stage I-II","n.a.","                                                                                                                                                                                                                                                               ","                                                                                                                                                                                                                                                               ","No","Surgery","Surgery","Curative","None","n.a.","Complete response",1,0.25,"Lamina propria","Cohesive","No","No","Well differentiated","T1","T1","pT_stage","n.a. (no neck dissection)","N0","cN_stage","Mx","Stage I","Stage I","Stage I-II","pDisease",null,null,"n.a. (no neck dissection)","Close (1-5 mm)","3       ","Dead",61,0,60]
["1085","Yes",23,6,"CNA_other","No",{"$nulls":15},"CNA_other",{"$nulls":34},2013,68,"Female","Former","Cigarettes",20,30,30,"Current",3,51,153,"Edendate ","C02.1 border of tongue","Mobile tongue","Right","T1","N0","Stage I","Stage I-II","n.a.","                                                                                                                                                                                                                                                               ","                                                                                                                                                                                                                                                               ","No","None","None","Palliative","None","n.a.","Complete response",null,null,"Muscle","Unknown","No","No","Unknown","n.a. (no surgery)","T1","cT_stage","n.a. (no neck dissection)","N0","cN_stage","77",77,"Stage I","Stage I-II","cDisease",null,null,"n.a. (no neck dissection)","n.a. (no surgery)","        ","Dead",3,1,3]
["1087","Yes",12,3,"CNA_other","No",{"$nulls":15},"CNA_other",{"$nulls":34},2012,37,"Female","Former","Cigarettes",15,13,10,"Former",4,19,76,"Dentate","C02.1 border of tongue","Mobile tongue","Right","T2","N0","Stage II","Stage I-II","n.a.","                                                                                                                                                                                                                                                               ","                                                                                                                                                                                                                                                               ","No","Surgery","Surgery","Curative","None","n.a.","Complete response",3.5,null,"Lamina propria","Cohesive","No","No","Moderately differentiated","T2","T2","pT_stage","N1","N1","pN_stage","Mx","Stage III","Stage III","Stage III-IV","pDisease",1,null,"No","Clear (>5 mm)","7       ","Alive",23,0,23]
["1088","Yes",1,0,"CNA_quiet_candidate","Yes",0.13,0.353,36,14,"CNA_other",{"$nulls":10},"CNA_other",0.353,0.13,14,{"$nulls":31},2009,83,"Female","Former","Cigarettes",7,46,16,"Former",1,41,41,"Edendate ","C04.0 anterior floor of mouth","Floor of mouth","Left","T2","N0","Stage II","Stage I-II","n.a.","                                                                                                                                                                                                                                                               ","                                                                                                                                                                                                                                                               ","No","Surgery + RT","Surgery + RT","Curative","IMRT","Postoperative",null,6.5,null,"Muscle","Non-cohesive","Yes","Yes","Poorly differentiated","T4a","T4a","pT_stage","N0","N0","pN_stage","Mx","Stage IVA","Stage IVA","Stage III-IV","pDisease",0,0,"No","Involved (<1 mm)","0       ","Dead",5,1,5,"Non-cohesive"]
["1091","Yes",1,0,"CNA_quiet_candidate","Yes",0.11,0.445,32,16,"CNA_other",{"$nulls":10},"CNA_other",0.445,0.11,16,{"$nulls":31},2010,73,"Male","Never","n.a.",0,0,0,"Current",0.2857142857142857,55,16,"Dentate","C03.1 lower gum","Vestibule of the mouth ","Left","T4a","N2a","Stage IVA","Stage III-IV","Ipsilateral","                                                                                                                                                                                                                                                               ","1                                                                                                                                                                                                                                                              ","No","Surgery + RT","Surgery + RT","Curative","IMRT","Postoperative","Complete response",2.9,null,"Bone","Non-cohesive","No","Yes","Moderately differentiated","T4a","T4a","pT_stage","N1","N1","pN_stage","Mx","Stage IVA","Stage IVA","Stage III-IV","pDisease",null,1,"No","Involved (<1 mm)","0,9     ","Alive",66,0,60]
["1092","Yes",10,1,"CNA_quiet_candidate","Yes",0.27,0.584,75,46,"CNA_other","Yes",0.27,3.95,0.584,45,1,2,0.998,"CNA_other",null,"CNA_other",0.584,0.27,46,"Mutated","WT","WT","WT","WT","WT","WT","WT","WT","Mutated","WT","WT","WT","WT","WT","WT","WT","WT","WT","WT","WT","WT","WT","WT","WT","WT","WT","WT","WT","NOTCH1,TP53",null,2010,63,"Female","Former","Cigarettes",15,44,33,"Current",2,45,90,"Edendate ","C02.1 border of tongue","Mobile tongue","Right","T2","N0","Stage II","Stage I-II","n.a.","                                                                                                                                                                                                                                                               ","                                                                                                                                                                                                                                                               ","No","Surgery + RT","Surgery + RT","Curative","IMRT","Postoperative","Complete response",1.5,0.6,"Lamina propria","Non-cohesive","No","No","Moderately differentiated","T2","T2","pT_stage","N3b","N3b","pN_stage","Mx","Stage IVB","Stage IVB","Stage III-IV","pDisease",2,null,"Yes","Close (1-5 mm)","4       ","Dead",91,0,60]
["1093","Yes",6,1,"CNA_quiet_candidate","Yes",0.12,0.362,39,20,"CNA_other",{"$nulls":10},"CNA_other",0.362,0.12,20,{"$nulls":31},2010,62,"Female","Never","n.a.",0,0,0,"Never",0,0,0,"Dentate","C02.1 border of tongue","Mobile tongue","Left","T1","N0","Stage I","Stage I-II","n.a.","                                                                                                                                                                                                                                                               ","                                                                                                                                                                                                                                                               ","No","Surgery","Surgery","Curative","None","n.a.","Complete response",1.5,0.5,"Lamina propria","Non-cohesive","No","No","Poorly differentiated","T1","T1","pT_stage","N1","N1","pN_stage","Mx","Stage III","Stage III","Stage III-IV","pDisease",null,1,"No","Clear (>5 mm)","5       ","Alive",58,0,58]
["1094","Yes",6,0,"CNA_quiet_candidate","Yes",0.07,0.199,27,7,"CNA_other",{"$nulls":10},"CNA_other",0.199,0.07,7,{"$nulls":31},2014,81,"Female","Never","n.a.",0,0,0,"Never",0,0,0,"Edendate ","C02.1 border of tongue","Mobile tongue","Right","T1","N0","Stage I","Stage I-II","n.a.","                                                                                                                                                                                                                                                               ","                                                                                                                                                                                                                                                               ","No","Surgery","Surgery","Curative","None","n.a.","Complete response",2.5,0.7,"Lamina propria","Non-cohesive","No","No","Poorly differentiated","T2","T2","pT_stage","N0","N0","pN_stage",null,"Stage II","Stage II","Stage I-II","pDisease",0,null,"No","Clear (>5 mm)","5,1     ","Alive",47,0,47,"Non-cohesive"]
["1095","Yes",9,2,"CNA_quiet_candidate","Yes",0.34,0.418,44,27,"CNA_other","Yes",0.34,2,0.425,26,1,4,0.997,"CNA_other",null,"CNA_other",0.425,0.34,27,"Mutated","WT","WT","WT","WT","WT","WT","Mutated","WT","Mutated","WT","WT","WT","WT","WT","WT","WT","WT","WT","WT","Mutated","WT","WT","WT","WT","WT","WT","WT","WT","FGFR3,FBXW7,NOTCH1,TP53",null,2011,54,"Male","Current","Cigarettes",30,40,60,"Current",6,37,222,"Dentate","C04.0 anterior floor of mouth","Floor of mouth","Left","T1","N0","Stage I","Stage I-II","n.a.","                                                                                                                                                                                                                                                               ","                                                                                                                                                                                                                                                               ","No","Surgery","Surgery","Curative","None","n.a.","Complete response",1.1,null,"Lamina propria","Cohesive","No","No","Moderately differentiated","T1","T1","pT_stage","n.a. (no neck dissection)","N0","cN_stage","Mx","Stage I","Stage I","Stage I-II","pDisease",null,null,"n.a. (no neck dissection)","Unknown (not assessable)","        ","Alive",78,0,60]
["1096","Yes",15,3,"CNA_other","No",{"$nulls":15},"CNA_other",{"$nulls":34},2011,55,"Male","Current","Cigarettes",25,38,48,"Current",5,38,190,null,"C04.0 anterior floor of mouth","Floor of mouth","Right","T2","N0","Stage II","Stage I-II","n.a.","                                                                                                                                                                                                                                                               ","                                                                                                                                                                                                                                                               ","No","Surgery + RT","Surgery + RT","Curative","IMRT","Postoperative","Complete response",1.9,null,"Lamina propria","Non-cohesive","No","No","Moderately differentiated","T1","T1","pT_stage","N0","N0","pN_stage","Mx","Stage I","Stage I","Stage I-II","pDisease",0,0,"No","Involved (<1 mm)","0       ","Dead",46,1,46]
["1097","Yes",20,4,"CNA_other","No",{"$nulls":15},"CNA_other",{"$nulls":34},2011,38,"Male","Current","Cigarettes",3,25,4,"Current",2.142857142857143,20,40,"Dentate","C02.1 border of tongue","Mobile tongue","Right","T4a","N0","Stage IVA","Stage III-IV","n.a.","                                                                                                                                                                                                                                                               ","                                                                                                                                                                                                                                                               ","No","Surgery + RT","Surgery + RT","Curative","IMRT","Postoperative","Complete response",3.9,1.5,"Unknown","Non-cohesive","No","Yes","Poorly differentiated","T4a","T4a","pT_stage","N0","N0","pN_stage","Mx","Stage IVA","Stage IVA","Stage III-IV","pDisease",0,null,"No","Close (1-5 mm)","4       ","Alive",97,0,60]
["1098","Yes",16,4,"CNA_other","No",{"$nulls":15},"CNA_other",{"$nulls":34},2011,69,"Male","Former","Cigarettes",20,35,35,"Current",0.7142857142857143,51,36,"Edendate ","C02.1 border of tongue","Mobile tongue","Right","T4a","N0","Stage IVA","Stage III-IV","n.a.","                                                                                                                                                                                                                                                               ","                                                                                                                                                                                                                                                               ","No","Surgery + RT","Surgery + RT","Curative","IMRT","Postoperative","Complete response",3.2,2.1,"Muscle","Non-cohesive","Yes","Yes","Poorly differentiated","T3","T3","pT_stage","N3b","N3b","pN_stage","Mx","Stage IVB","Stage IVB","Stage III-IV","pDisease",2,null,"Yes","Clear (>5 mm)","5       ","Dead",14,1,14]
["1099","Yes",17,4,"CNA_other","No",{"$nulls":15},"CNA_other",{"$nulls":34},2011,81,"Female","Former","Cigarettes",20,65,65,"Current",4,64,256,"Dentate","C04.0 anterior floor of mouth","Floor of mouth","Midline","T4a","N2b","Stage IVA","Stage III-IV","Ipsilateral","1                                                                                                                                                                                                                                                              ","3                                                                                                                                                                                                                                                              ","No","None","None","Palliative","None","n.a.","Not applicable",null,0.6,"Lamina propria","Unknown","No","No","Poorly differentiated","n.a. (no surgery)","T4a","cT_stage","n.a. (no neck dissection)","N2b","cN_stage","77",77,"Stage IVA","Stage III-IV","cDisease",null,null,"n.a. (no neck dissection)","n.a. (no surgery)","        ","Dead",5,1,5]
["1100","Yes",9,1,"CNA_quiet_candidate","Yes",0.05,0.093,26,3,"Exclude",{"$nulls":10},"Exclude",0.093,0.05,3,{"$nulls":31},2014,57,"Female",{"$nulls":9},"Dentate","C02.1 border of tongue","Mobile tongue","Left","T1","N0","Stage I","Stage I-II","n.a.","                                                                                                                                                                                                                                                               ","                                                                                                                                                                                                                                                               ","No","Surgery","Surgery","Curative","None","n.a.","Complete response",0.3,0.1,"Lamina propria","Non-cohesive","No","No","Moderately differentiated","T1","T1","pT_stage","n.a. (no neck dissection)","N0","cN_stage","Mx","Stage I","Stage I","Stage I-II","pDisease",null,null,"n.a. (no neck dissection)","Clear (>5 mm)","        ","Alive",59,0,59,"Non-cohesive"]
["1101","Yes",14,4,"CNA_other","No",{"$nulls":15},"CNA_other",{"$nulls":34},2008,71,"Male","Former","Cigarettes",20,56,56,"Former",{"$nulls":3},"Edendate ","C04.0 anterior floor of mouth","Floor of mouth","Right","T1","N0","Stage I","Stage I-II","n.a.","                                                                                                                                                                                                                                                               ","                                                                                                                                                                                                                                                               ","No","Surgery + RT","Surgery + RT","Curative","IMRT","Postoperative","Complete response",1.9,null,"Lamina propria","Non-cohesive","Yes","Yes","Well differentiated","T1","T1","pT_stage","N2a","N2a","pN_stage","Mx","Stage IVA","Stage IVA","Stage III-IV","pDisease",1,null,"Yes","Involved (<1 mm)","0,09    ","Dead",31,1,31]
["1102","Yes",20,5,"CNA_other","No",{"$nulls":15},"CNA_other",{"$nulls":34},2012,55,"Male","Current","Cigars/pipe",12,20,36,"Current",10.57142857142857,38,418,"Dentate","C06.2 retromolar area","Retromolar trigone","Right","T2","N0","Stage II","Stage I-II","n.a.","                                                                                                                                                                                                                                                               ","                                                                                                                                                                                                                                                               ","No","Surgery + RT","Surgery + RT","Curative","IMRT","Postoperative","Complete response",1.5,0.26,"Submucosa","Non-cohesive","No","No","Poorly differentiated","T1","T1","pT_stage","N0","N0","pN_stage","Mx","Stage I","Stage I","Stage I-II","pDisease",0,null,"No","Close (1-5 mm)","1,2     ","Alive",85,0,60]
["1104","Yes",3,0,"CNA_quiet_candidate","Yes",0.06,0.037,26,2,"Exclude",{"$nulls":10},"Exclude",0.037,0.06,2,{"$nulls":31},2009,89,"Female","Former","Cigarettes",20,32,32,"Never",0,0,0,"Edendate ","C06.0 cheek mucosa","Cheek mucosa","Left","T4a","N0","Stage IVA","Stage III-IV","n.a.","                                                                                                                                                                                                                                                               ","                                                                                                                                                                                                                                                               ","No","Radiotherapy","Radiotherapy","Curative","IMRT","Definitive","Complete response",null,null,"Unknown","Cohesive","No","No","Moderately differentiated","n.a. (no surgery)","T4a","cT_stage","n.a. (no neck dissection)","N0","cN_stage","77",77,"Stage IVA","Stage III-IV","cDisease",null,null,"n.a. (no neck dissection)","n.a. (no surgery)","        ","Alive",6,0,6]
["1105","Yes",16,4,"CNA_other","No",{"$nulls":15},"CNA_other",{"$nulls":34},2012,68,"Male","Never","n.a.",0,0,0,"Current",7,51,357,"Dentate","C03.1 lower gum","Vestibule of the mouth ","Left","T4a","N2b","Stage IVA","Stage III-IV","Ipsilateral","                                                                                                                                                                                                                                                               ","1;2;3                                                                                                                                                                                                                                                          ","No","Surgery + RT","Surgery + RT","Curative","IMRT","Postoperative","Disease progression",3.5,3.7,"Bone","Non-cohesive","No","Yes","Poorly differentiated","T4a","T4a","pT_stage","N2a","N2a","pN_stage","Mx","Stage IVA","Stage IVA","Stage III-IV","pDisease",null,1,"No","Involved (<1 mm)","0       ","Dead",6,1,6]
["1106","Yes",10,2,"CNA_quiet_candidate","Yes",0.24,0.66,66,41,"CNA_other","Yes",0.55,2,0.665,41,1,3,1,"CNA_other",null,"CNA_other",0.665,0.55,41,"Mutated","WT","WT","WT","WT","WT","WT","WT","WT","Mutated","WT","WT","WT","WT","WT","WT","Mutated","WT","WT","WT","WT","WT","WT","WT","WT","WT","WT","WT","WT","NOTCH1,AJUBA,TP53",null,2013,68,"Male","Former","Cigarettes",20,54,54,"Current",7.571428571428571,51,408,"Edendate ","C02.1 border of tongue","Mobile tongue","Left","T2","N0","Stage II","Stage I-II","n.a.","                                                                                                                                                                                                                                                               ","                                                                                                                                                                                                                                                               ","No","Surgery","Surgery","Curative","None","n.a.","Complete response",1,0.6,"Muscle","Non-cohesive","No","No","Poorly differentiated","T2","T2","pT_stage","N2b","N2b","pN_stage","Mx","Stage IVA","Stage IVA","Stage III-IV","pDisease",null,2,"No","Close (1-5 mm)","4,5     ","Dead",14,1,14]
["1107","Yes",14,4,"CNA_other","No",{"$nulls":15},"CNA_other",{"$nulls":34},2013,68,"Female","Former","Cigarettes",14,43,30,"Current",3,51,153,"Dentate","C02.1 border of tongue","Mobile tongue","Right","T1","N0","Stage I","Stage I-II","n.a.","                                                                                                                                                                                                                                                               ","                                                                                                                                                                                                                                                               ","No","Surgery","Surgery","Curative","None","n.a.","Complete response",0.6,0.26,"Lamina propria","Cohesive","No","No","Moderately differentiated","T1","T1","pT_stage","n.a. (no neck dissection)","N0","cN_stage","Mx","Stage I","Stage I","Stage I-II","pDisease",null,null,"n.a. (no neck dissection)","Clear (>5 mm)","        ","Alive",72,0,60]
["1108","Yes",1,0,"CNA_quiet_candidate","Yes",0.13,0.594,34,19,"CNA_other",{"$nulls":10},"CNA_other",0.594,0.13,19,{"$nulls":31},2009,51,"Female","Current","Cigarettes",25,33,41,"Never",0,0,0,null,"C03.1 lower gum","Vestibule of the mouth ","Right","T4b","N0","Stage IVB","Stage III-IV","n.a.","                                                                                                                                                                                                                                                               ","                                                                                                                                                                                                                                                               ","No","Surgery + RT","Surgery + RT","Curative","IMRT","Postoperative","Complete response",1.6,null,"Lamina propria","Unknown","No","No","Well differentiated","T1","T1","pT_stage","N0","N0","pN_stage","Mx","Stage I","Stage I","Stage I-II","pDisease",0,null,"No","Involved (<1 mm)","0,9     ","Alive",64,0,60]
["1110","Yes",0,0,"CNA_quiet_candidate","Yes",0.64,2E-3,26,1,"CNA_quiet_candidate","Yes",0.09,2,2E-3,1,0.928,2,0,"Exclude","Too_low_cellularity","Exclude",2E-3,0.09,1,{"$nulls":31},2013,61,"Female","Former","Cigarettes",15,40,30,"Current",0.2857142857142857,44,13,"Dentate","C02.1 border of tongue","Mobile tongue","Right","T1","N0","Stage I","Stage I-II","n.a.","                                                                                                                                                                                                                                                               ","                                                                                                                                                                                                                                                               ","No","Surgery","Surgery","Curative","None","n.a.","Complete response",0.3,0.1,"Lamina propria","Cohesive","No","No","Well differentiated","T1","T1","pT_stage","N0","N0","pN_stage","Mx","Stage I","Stage I","Stage I-II","pDisease",0,null,"No","Clear (>5 mm)","6       ","Alive",70,0,60]
["1111","Yes",13,2,"CNA_quiet_candidate","Yes",0.4,0.255,38,14,"CNA_other",{"$nulls":10},"CNA_other",0.255,0.4,14,{"$nulls":31},2011,70,"Male","Current","Cigarettes",40,56,112,"Current",2,53,106,"Dentate","C06.2 retromolar area","Retromolar trigone","Left","T4a","N2b","Stage IVA","Stage III-IV","Ipsilateral","                                                                                                                                                                                                                                                               ","1;2                                                                                                                                                                                                                                                            ","No","Surgery + RT","Surgery + RT","Curative","IMRT","Postoperative","Complete response",3.5,null,"Bone","Non-cohesive","No","No","Moderately differentiated","T4a","T4a","pT_stage","N3b","N3b","pN_stage","Mx","Stage IVB","Stage IVB","Stage III-IV","pDisease",null,2,"Yes","Involved (<1 mm)","0       ","Dead",18,1,18]
["1113","Yes",1,0,"CNA_quiet_candidate","Yes",0.11,0.369,34,14,"CNA_other",{"$nulls":10},"CNA_other",0.369,0.11,14,{"$nulls":31},2013,63,"Female","Current","Cigarettes",20,43,43,"Never",0,0,0,"Edendate ","C02.1 border of tongue","Mobile tongue","Left","T2","N0","Stage II","Stage I-II","n.a.","                                                                                                                                                                                                                                                               ","                                                                                                                                                                                                                                                               ","No","Surgery","Surgery","Curative","None","n.a.","Complete response",3.5,null,"Lamina propria","Non-cohesive","No","No","Moderately differentiated","T2","T2","pT_stage","N0","N0","pN_stage","Mx","Stage II","Stage II","Stage I-II","pDisease",null,0,"No","Clear (>5 mm)","5       ","Alive",68,0,60]
["1114","Yes",25,4,"Unclear","Yes",0.3,0.905,66,52,"CNA_other",{"$nulls":10},"CNA_other",0.905,0.3,52,{"$nulls":31},2014,65,"Female","Current","Cigarettes",25,51,64,"Former",4,47,188,"Edendate ","C02.2 ventral surface of tongue","Mobile tongue","Right","T1","N3b","Stage IVB","Stage III-IV","Bilateral","4                                                                                                                                                                                                                                                              ","2                                                                                                                                                                                                                                                              ","Yes","Chemoradiation","Chemoradiotherapy","Curative","IMRT","Definitive","Partial response",null,null,"Unknown","Unknown","No","No","Poorly differentiated","n.a. (no surgery)","T1","cT_stage","n.a. (no neck dissection)","N3b","cN_stage","77",77,"Stage IVB","Stage III-IV","cDisease",null,null,"n.a. (no neck dissection)","n.a. (no surgery)","        ","Dead",8,1,8]
["1115","Yes",5,2,"CNA_quiet_candidate","Yes",0.17,0.686,42,28,"CNA_other",{"$nulls":10},"CNA_other",0.686,0.17,28,{"$nulls":31},2014,64,"Male","Never","n.a.",0,0,0,"Current",2,46,92,"Edendate ","C04.0 anterior floor of mouth","Floor of mouth","Right","T4a","N0","Stage IVA","Stage III-IV","n.a.","                                                                                                                                                                                                                                                               ","                                                                                                                                                                                                                                                               ","No","Surgery","Surgery","Curative","None","n.a.","Complete response",0.11,0.14,"Lamina propria","Unknown","No","No","Well differentiated","T1","T1","pT_stage","N0","N0","pN_stage",null,"Stage I","Stage I","Stage I-II","pDisease",0,null,"No","Clear (>5 mm)","6       ","Alive",45,0,45]
["1116","Yes",1,0,"CNA_quiet_candidate","Yes",0.05,0.024,28,2,"Exclude",{"$nulls":10},"Exclude",0.024,0.05,2,{"$nulls":31},2014,66,"Male","Former","Cigarettes",20,48,48,"Current",2,48,96,"Edendate ","C04.0 anterior floor of mouth","Floor of mouth","Right","T4a","N0","Stage IVA","Stage III-IV","n.a.","                                                                                                                                                                                                                                                               ","                                                                                                                                                                                                                                                               ","No","Surgery + RT","Surgery + RT","Curative","IMRT","Postoperative","Complete response",3,0.9,"Lamina propria","Non-cohesive","No","Yes","Moderately differentiated","T2","T2","pT_stage","N1","N1","pN_stage",null,"Stage III","Stage III","Stage III-IV","pDisease",1,null,"No","Involved (<1 mm)","0,9     ","Alive",43,0,43,"Non-cohesive"]
["1117","Yes",5,1,"CNA_quiet_candidate","Yes",0.07,0.214,32,10,"CNA_other",{"$nulls":10},"CNA_other",0.214,0.07,10,{"$nulls":31},2008,61,"Female","Current","Cigarettes",40,44,88,"Current",5.142857142857143,44,220,"Dentate","C02.1 border of tongue","Mobile tongue","Left","T2","N2c","Stage IVA","Stage III-IV","Bilateral","3                                                                                                                                                                                                                                                              ","2                                                                                                                                                                                                                                                              ","No","Surgery","Surgery","Curative","None","n.a.","Partial response",1.9,1.1,"Lamina propria","Non-cohesive","No","No","Moderately differentiated","T3","T3","pT_stage","N2a","N2a","pN_stage","Mx","Stage IVA","Stage IVA","Stage III-IV","pDisease",null,1,"Yes","Close (1-5 mm)","2       ","Dead",8,1,8]
["1119","Yes",14,3,"CNA_other","No",{"$nulls":15},"CNA_other",{"$nulls":34},2014,83,"Male","Former","Cigarettes",20,41,41,"Current",2,65,130,"Edendate ","C02.1 border of tongue","Mobile tongue","Left","T4a","N0","Stage IVA","Stage III-IV","n.a.","                                                                                                                                                                                                                                                               ","                                                                                                                                                                                                                                                               ","No","Radiotherapy","Radiotherapy","Palliative","IMRT","Definitive","Partial response",null,null,"Muscle","Cohesive","Yes","No","Moderately differentiated","n.a. (no surgery)","T4a","cT_stage","n.a. (no neck dissection)","N0","cN_stage","77",77,"Stage IVA","Stage III-IV","cDisease",null,null,"n.a. (no neck dissection)","n.a. (no surgery)","        ","Dead",32,1,32,"Cohesive"]
["1120","Yes",4,1,"CNA_quiet_candidate","Yes",0.14,0.28,34,10,"CNA_other",{"$nulls":10},"CNA_other",0.28,0.14,10,{"$nulls":31},2014,84,"Female","Current","Cigarettes",20,64,64,"Current",1,66,66,"Edendate ","C03.0 upper gum","Vestibule of the mouth ","Left","T4a","N0","Stage IVA","Stage III-IV","n.a.","                                                                                                                                                                                                                                                               ","                                                                                                                                                                                                                                                               ","No","Surgery + RT","Surgery + RT","Curative","IMRT","Postoperative","Complete response",3,1.1,"Lamina propria","Cohesive","No","Yes","Poorly differentiated","T3","T3","pT_stage","N1","N1","pN_stage","Mx","Stage III","Stage III","Stage III-IV","pDisease",null,1,"No","Close (1-5 mm)","1       ","Dead",6,1,6,"Cohesive"]
["1121","Yes",1,0,"CNA_quiet_candidate","Yes",1,0.007,26,1,"CNA_quiet_candidate","Yes",1,2,0.006,1,1,0,1,"Exclude","No_evidence_of_tumor","Exclude",0.006,1,1,{"$nulls":31},2014,81,"Female","Current","Cigarettes",22,63,69,"Former",1,61,61,"Edendate ","C02.1 border of tongue","Mobile tongue","Left","T1","N0","Stage I","Stage I-II","n.a.","                                                                                                                                                                                                                                                               ","                                                                                                                                                                                                                                                               ","No","Surgery","Surgery","Curative","None","n.a.","Complete response",1.2,0.6,"Lamina propria","Non-cohesive","Yes","No","Poorly differentiated","T2","T2","pT_stage","N1","N1","pN_stage",null,"Stage III","Stage III","Stage III-IV","pDisease",null,1,"No","Clear (>5 mm)","7       ","Dead",6,1,6,"Non-cohesive"]
["1123","Yes",23,7,"CNA_other","No",{"$nulls":15},"CNA_other",{"$nulls":34},2014,81,"Female","Never","n.a.",0,0,0,"Never",0,0,0,"Edendate ","C03.1 lower gum","Vestibule of the mouth ","Left","T4a","N0","Stage IVA","Stage III-IV","n.a.","                                                                                                                                                                                                                                                               ","                                                                                                                                                                                                                                                               ","No","Surgery + RT","Surgery + RT","Curative","IMRT","Postoperative","Complete response",3.8,0.8,"Bone","Non-cohesive","No","No","Moderately differentiated","T4a","T4a","pT_stage","N0","N0","pN_stage","Mx","Stage IVA","Stage IVA","Stage III-IV","pDisease",null,0,"No","Clear (>5 mm)","5       ","Dead",28,1,28]
["1124","Yes",14,3,"CNA_other","No",{"$nulls":15},"CNA_other",{"$nulls":34},2014,46,"Female","Current","Cigarettes",30,31,47,"Current",5,28,140,"Dentate","C02.2 ventral surface of tongue","Mobile tongue","Right","T1","N0","Stage I","Stage I-II","n.a.","                                                                                                                                                                                                                                                               ","                                                                                                                                                                                                                                                               ","No","Surgery","Surgery","Curative","None","n.a.","Complete response",0.9,0.3,"Lamina propria","Non-cohesive","No","No","Poorly differentiated","T1","T1","pT_stage","N0","N0","pN_stage","Mx","Stage I","Stage I","Stage I-II","pDisease",0,null,"No","Close (1-5 mm)","2,5     ","Alive",49,0,49]
["1125","Yes",3,0,"CNA_quiet_candidate","Yes",1,0,22,0,"CNA_quiet_candidate","Yes",0.5,2,0,0,1,1,0.998,"CNA_quiet",null,"CNA_quiet",0,0.5,0,"WT","WT","WT","WT","WT","WT","WT","WT","WT","Mutated","WT","WT","WT","WT","WT","WT","WT","WT","WT","WT","WT","WT","WT","WT","WT","WT","WT","WT","WT","NOTCH1",null,2014,81,"Female","Current","Cigarettes",5,50,13,"Never",0,0,0,null,"C02.0 dorsal surface of tongue","Mobile tongue","Midline","T1","N0","Stage I","Stage I-II","n.a.","                                                                                                                                                                                                                                                               ","                                                                                                                                                                                                                                                               ","No","Surgery","Surgery","Curative","None","n.a.","Complete response",0.5,0.4,"Lamina propria","Cohesive","No","No","Well differentiated","T1","T1","pT_stage","n.a. (no neck dissection)","N0","cN_stage","Mx","Stage I","Stage I","Stage I-II","pDisease",null,null,"n.a. (no neck dissection)","Clear (>5 mm)","        ","Alive",53,0,53]
["1128","Yes",9,1,"CNA_quiet_candidate","Yes",0.05,0.12,24,3,"Exclude",{"$nulls":10},"Exclude",0.12,0.05,3,{"$nulls":31},2011,71,"Male","Former","Cigarettes",20,25,25,"Current",5,53,265,"Edendate ","C03.1 lower gum","Vestibule of the mouth ","Left","T1","N0","Stage I","Stage I-II","n.a.","                                                                                                                                                                                                                                                               ","                                                                                                                                                                                                                                                               ","No","Surgery","Surgery","Curative","None","n.a.","Complete response",1.1,0.4,"Lamina propria","Non-cohesive","No","Yes","Moderately differentiated","T1","T1","pT_stage","n.a. (no neck dissection)","N0","cN_stage","Mx","Stage I","Stage I","Stage I-II","pDisease",null,null,"n.a. (no neck dissection)","Involved (<1 mm)","0,4     ","Dead",17,1,17]
["1129","Yes",25,6,"CNA_other","No",{"$nulls":15},"CNA_other",{"$nulls":34},2008,65,"Male","Current","Cigarettes",28,48,67,"Current",10,48,480,"Edendate ","C04.1 lateral floor of mouth","Floor of mouth","Right","T2","N1","Stage III","Stage III-IV","Ipsilateral","2                                                                                                                                                                                                                                                              ","                                                                                                                                                                                                                                                               ","No","Surgery","Surgery","Curative","None","n.a.","Complete response",2.2,null,"Muscle","Non-cohesive","No","No","Moderately differentiated","T2","T2","pT_stage","N1","N1","pN_stage","Mx","Stage III","Stage III","Stage III-IV","pDisease",1,null,"No","Clear (>5 mm)","        ","Dead",12,1,12]
["1130","Yes",6,1,"CNA_quiet_candidate","Yes",0.15,0.329,45,22,"CNA_other",{"$nulls":10},"CNA_other",0.329,0.15,22,{"$nulls":31},2011,71,"Male","Former","Cigarettes",20,50,50,"Current",6,54,324,"Dentate","C02.1 border of tongue","Mobile tongue","Left","T2","N0","Stage II","Stage I-II","n.a.","                                                                                                                                                                                                                                                               ","                                                                                                                                                                                                                                                               ","No","Surgery","Surgery","Curative","None","n.a.","Complete response",2.1,null,"Lamina propria","Non-cohesive","Yes","Yes","Poorly differentiated","T2","T2","pT_stage","N0","N0","pN_stage","Mx","Stage II","Stage II","Stage I-II","pDisease",null,0,"No","Involved (<1 mm)","0       ","Dead",67,0,60]
["1131","Yes",18,4,"CNA_other","No",{"$nulls":15},"CNA_other",{"$nulls":34},2010,58,"Female","Current","Cigarettes",10,50,25,"Current",2,40,80,"Edendate ","C06.2 retromolar area","Retromolar trigone","Right","T4a","N0","Stage IVA","Stage III-IV","n.a.","                                                                                                                                                                                                                                                               ","                                                                                                                                                                                                                                                               ","No","Surgery + RT","Surgery + RT","Curative","IMRT","Postoperative","Complete response",2.7,null,"Bone","Non-cohesive","No","Yes","Poorly differentiated","T4a","T4a","pT_stage","N0","N0","pN_stage","Mx","Stage IVA","Stage IVA","Stage III-IV","pDisease",0,null,"No","Involved (<1 mm)","0       ","Dead",16,1,16]
["1132","Yes",4,0,"CNA_quiet_candidate","Yes",0.11,0.337,30,13,"CNA_other",{"$nulls":10},"CNA_other",0.337,0.11,13,{"$nulls":31},2011,75,"Female","Never","n.a.",0,0,0,"Never",0,0,0,"Dentate","C02.1 border of tongue","Mobile tongue","Right","T1","N0","Stage I","Stage I-II","n.a.","                                                                                                                                                                                                                                                               ","                                                                                                                                                                                                                                                               ","No","Surgery","Surgery","Curative","None","n.a.","Complete response",1,0.11,"Lamina propria","Non-cohesive","Unknown","Unknown","Moderately differentiated","T1","T1","pT_stage","n.a. (no neck dissection)","N0","cN_stage","Mx","Stage I","Stage I","Stage I-II","pDisease",null,null,"n.a. (no neck dissection)","Clear (>5 mm)","        ","Dead",82,0,60]
["1133","Yes",5,0,"CNA_quiet_candidate","Yes",1,0,22,0,"CNA_quiet_candidate","Yes",1,2,0,0,1,0,0.999,"Exclude","No_evidence_of_tumor","Exclude",0,1,0,{"$nulls":31},2011,61,"Male","Never","n.a.",0,0,0,"Current",7,43,301,"Dentate","C02.1 border of tongue","Mobile tongue","Right","Tis","N0","Stage 0 (CIS)",null,"n.a.","                                                                                                                                                                                                                                                               ","                                                                                                                                                                                                                                                               ","No","Surgery","Surgery","Curative","None","n.a.","Complete response",1,0.1,"Lamina propria","Cohesive","Unknown","Unknown","Well differentiated","T1","T1","pT_stage","n.a. (no neck dissection)","N0","cN_stage","Mx","Stage I","Stage I","Stage I-II","pDisease",null,null,"n.a. (no neck dissection)","Unknown (not assessable)","        ","Alive",90,0,60]
[1134,"Yes",13,3,"CNA_other","No",{"$nulls":15},"CNA_other",{"$nulls":34},2014,81,"Female","Never","n.a.",0,0,0,"Never",0,0,0,"Edendate ","C03.1 lower gum","Vestibule of the mouth ","Right","T1","N0","Stage I","Stage I-II","n.a.","                                                                                                                                                                                                                                                               ","                                                                                                                                                                                                                                                               ","No","Surgery","Surgery","Curative","None","n.a.","Complete response",1.8,0.7,"Lamina propria","Non-cohesive","No","No","Moderately differentiated","T2","T2","pT_stage","N0","N0","pN_stage","Mx","Stage II","Stage II","Stage I-II","pDisease",0,null,"No","Clear (>5 mm)","5,1     ","Dead",24,1,24]
["1135","Yes",18,4,"CNA_other","No",{"$nulls":15},"CNA_other",{"$nulls":34},2014,74,"Male","Current","Cigarettes",15,50,38,"Current",6,56,336,"Edendate ","C06.0 cheek mucosa","Cheek mucosa","Left","T1","N0","Stage I","Stage I-II","n.a.","                                                                                                                                                                                                                                                               ","                                                                                                                                                                                                                                                               ","No","Surgery","Surgery","Curative","None","n.a.","Complete response",1.2,0.2,"Lamina propria","Non-cohesive","No","No","Poorly differentiated","T1","T1","pT_stage","n.a. (no neck dissection)","N0","cN_stage","Mx","Stage I","Stage I","Stage I-II","pDisease",null,null,"n.a. (no neck dissection)","Close (1-5 mm)","1       ","Dead",10,1,10]
["1136","Yes",0,0,"CNA_quiet_candidate","Yes",1,0,22,0,"CNA_quiet_candidate","Yes",1,2,0,0,1,0,1,"Exclude","No_evidence_of_tumor","Exclude",0,1,0,{"$nulls":31},2014,77,"Male","Current","Cigarettes",6,59,18,"Current",5,59,295,"Edendate ","C05.0 hard palate","Hard palate","Left","T1","N0","Stage I","Stage I-II","n.a.","                                                                                                                                                                                                                                                               ","                                                                                                                                                                                                                                                               ","No","Surgery + RT","Surgery + RT","Curative","IMRT","Postoperative","Complete response",0.15,null,"Lamina propria","Cohesive","No","No","Moderately differentiated","T1","T1","pT_stage","n.a. (no neck dissection)","N0","cN_stage","Mx","Stage I","Stage I","Stage I-II","pDisease",null,null,"n.a. (no neck dissection)","Unknown (not assessable)","        ","Dead",23,1,23]
["1137","Yes",10,1,"CNA_quiet_candidate","Yes",0.05,0.069,25,1,"Exclude",{"$nulls":10},"Exclude",0.069,0.05,1,{"$nulls":31},2012,67,"Female","Current","Cigarettes",30,51,77,"Current",4,49,196,"Dentate","C02.1 border of tongue","Mobile tongue","Left","T1","N0","Stage I","Stage I-II","n.a.","                                                                                                                                                                                                                                                               ","                                                                                                                                                                                                                                                               ","No","Surgery","Surgery","Curative","None","n.a.","Complete response",1.1,0.1,"Lamina propria","Cohesive","No","No","Moderately differentiated","T1","T1","pT_stage","n.a. (no neck dissection)","N0","cN_stage","Mx","Stage I","Stage I","Stage I-II","pDisease",null,null,"n.a. (no neck dissection)","Close (1-5 mm)","4       ","Dead",22,1,22]
["1138","Yes",7,2,"CNA_quiet_candidate","Yes",0.14,0.661,46,29,"CNA_other",{"$nulls":10},"CNA_other",0.661,0.14,29,{"$nulls":31},2011,80,"Female","Never","n.a.",0,0,0,"Never",0,0,0,"Edendate ","C02.1 border of tongue","Mobile tongue","Left","T2","N0","Stage II","Stage I-II","n.a.","                                                                                                                                                                                                                                                               ","                                                                                                                                                                                                                                                               ","No","Surgery","Surgery","Curative","None","n.a.","Complete response",4.5,null,"Lamina propria","Cohesive","No","No","Poorly differentiated","T3","T3","pT_stage","N0","N0","pN_stage","Mx","Stage III","Stage III","Stage III-IV","pDisease",null,0,"No","Close (1-5 mm)","4       ","Dead",26,1,26]
["1139","Yes",1,0,"CNA_quiet_candidate","Yes",0.14,0.446,30,13,"CNA_other",{"$nulls":10},"CNA_other",0.446,0.14,13,{"$nulls":31},2014,76,"Male","Former","Cigarettes",25,37,46,"Current",2,59,118,"Edendate ","C06.0 cheek mucosa","Cheek mucosa","Left","Tis","N0","Stage 0 (CIS)",null,"n.a.","                                                                                                                                                                                                                                                               ","                                                                                                                                                                                                                                                               ","No","Surgery","Surgery","Curative","None","n.a.","Complete response",0.1,0.1,"Lamina propria","Cohesive","No","No","Unknown","T1","T1","pT_stage","n.a. (no neck dissection)","N0","cN_stage","Mx","Stage I","Stage I","Stage I-II","pDisease",null,null,"n.a. (no neck dissection)","Close (1-5 mm)","4       ","Alive",51,0,51]
["1140","Yes",6,2,"CNA_quiet_candidate","Yes",0.06,0.229,28,5,"CNA_other",{"$nulls":10},"CNA_other",0.229,0.06,5,{"$nulls":31},2011,67,"Male","Current","Cigarettes",3,50,50,"Current",3,50,150,"Dentate","C04.0 anterior floor of mouth","Floor of mouth","Left","T4a","N2c","Stage IVA","Stage III-IV","Bilateral","1;2;3                                                                                                                                                                                                                                                          ","2;4                                                                                                                                                                                                                                                            ","No","Surgery + CRT","Surgery + CRT","Curative","IMRT","Postoperative","Complete response",2.5,0.8,"Bone","Cohesive","Yes","Yes","Moderately differentiated","T4a","T4a","pT_stage","N3b","N3b","pN_stage","Mx","Stage IVB","Stage IVB","Stage III-IV","pDisease",13,4,"Yes","Close (1-5 mm)","2       ","Dead",77,0,60]
["1143","Yes",6,1,"CNA_quiet_candidate","Yes",0.05,0.125,26,4,"Exclude",{"$nulls":10},"Exclude",0.125,0.05,4,{"$nulls":31},2009,63,"Male","Former","Cigarettes",5,18,5,"Current",4,45,180,"Dentate","C02.1 border of tongue","Mobile tongue","Right","T1","N0","Stage I","Stage I-II","n.a.","                                                                                                                                                                                                                                                               ","                                                                                                                                                                                                                                                               ","No","Surgery + RT","Surgery + RT","Curative","IMRT","Postoperative","Complete response",1.2,0.25,"Muscle","Non-cohesive","No","Yes","Poorly differentiated","T1","T1","pT_stage","N0","N0","pN_stage","Mx","Stage I","Stage I","Stage I-II","pDisease",0,null,"No","Unknown (not assessable)","        ","Alive",121,0,60]
["1144","Yes",9,1,"CNA_quiet_candidate","Yes",0.06,0.174,31,6,"CNA_other",{"$nulls":10},"CNA_other",0.174,0.06,6,{"$nulls":31},2009,58,"Male","Current","Cigarettes",12,37,22,"Current",2,40,80,"Edendate ","C04.0 anterior floor of mouth","Floor of mouth","Left","T4a","N0","Stage IVA","Stage III-IV","n.a.","                                                                                                                                                                                                                                                               ","                                                                                                                                                                                                                                                               ","No","Surgery + RT","Surgery + RT","Curative","IMRT","Postoperative","Complete response",4.4,null,"Lamina propria","Cohesive","No","Yes","Moderately differentiated","T3","T3","pT_stage","N2a","N2a","pN_stage","Mx","Stage IVA","Stage IVA","Stage III-IV","pDisease",0,1,"Yes","Close (1-5 mm)","3       ","Alive",118,0,60]
["1145","Yes",14,3,"CNA_other","No",{"$nulls":15},"CNA_other",{"$nulls":34},2009,75,"Male","Current","Cigarettes",20,55,55,"Current",3,57,171,"Dentate","C02.1 border of tongue","Mobile tongue","Left","T2","N0","Stage II","Stage I-II","n.a.","                                                                                                                                                                                                                                                               ","                                                                                                                                                                                                                                                               ","No","Surgery + RT","Surgery + RT","Curative","IMRT","Postoperative","Complete response",2.6,null,"Lamina propria","Non-cohesive","No","No","Moderately differentiated","T2","T2","pT_stage","N0","N0","pN_stage","Mx","Stage II","Stage II","Stage I-II","pDisease",null,0,"No","Clear (>5 mm)","7       ","Dead",56,1,56]
["1146","Yes",2,0,"CNA_quiet_candidate","Yes",0.36,0.179,30,9,"CNA_other",{"$nulls":10},"CNA_other",0.179,0.36,9,{"$nulls":31},2010,78,"Female","Former","Cigarettes",20,55,55,"Current",0.2857142857142857,60,17,"Edendate ","C02.1 border of tongue","Mobile tongue","Right","T2","N0","Stage II","Stage I-II","n.a.","                                                                                                                                                                                                                                                               ","                                                                                                                                                                                                                                                               ","No","Surgery","Surgery","Curative","None","n.a.","Complete response",1.1,0.6,"Lamina propria","Non-cohesive","No","No","Moderately differentiated","T2","T2","pT_stage","N0","N0","pN_stage","Mx","Stage II","Stage II","Stage I-II","pDisease",0,null,"No","Clear (>5 mm)","7       ","Dead",79,0,60]
["1148","Yes",5,0,"CNA_quiet_candidate","Yes",1,0,22,0,"CNA_quiet_candidate","Yes",0.053,2,0,0,0.735,1,0.053,"Exclude","Too_low_cellularity","Exclude",0,0.053,0,{"$nulls":31},2008,49,"Male","Current","Cigarettes",3,31,20,"Current",0.2857142857142857,31,9,"Dentate","C02.1 border of tongue","Mobile tongue","Left","T4a","N3b","Stage IVB","Stage III-IV","Bilateral","2                                                                                                                                                                                                                                                              ","1;2                                                                                                                                                                                                                                                            ","Yes","Surgery + RT","Surgery + RT","Curative","IMRT","Postoperative",null,4.5,null,"Muscle","Cohesive","Yes","Yes","Moderately differentiated","T4a","T4a","pT_stage","N3b","N3b","pN_stage","Mx","Stage IVB","Stage IVB","Stage III-IV","pDisease",2,7,"Yes","Close (1-5 mm)","1       ","Dead",5,1,5]
["1150","Yes",10,3,"CNA_other","No",{"$nulls":15},"CNA_other",{"$nulls":34},2010,68,"Male","Current","Cigarettes",10,50,25,"Current",2,50,100,"Edendate ","C02.1 border of tongue","Mobile tongue","Left","T4a","N0","Stage IVA","Stage III-IV","n.a.","                                                                                                                                                                                                                                                               ","                                                                                                                                                                                                                                                               ","No","Surgery + RT","Surgery + RT","Curative","IMRT","Postoperative","Complete response",5.1,1.3,"Muscle","Non-cohesive","No","Yes","Moderately differentiated","T4a","T4a","pT_stage","N2b","N2b","pN_stage","Mx","Stage IVA","Stage IVA","Stage III-IV","pDisease",0,2,"No","Close (1-5 mm)","2       ","Dead",25,1,25]
["1151","Yes",11,0,"CNA_quiet_candidate","Yes",0.39,0.135,26,6,"CNA_other","Yes",0.76,2,0.148,6,1,5,0.994,"CNA_other",null,"CNA_other",0.148,0.76,6,"Mutated","WT","WT","Mutated","Mutated","WT","WT","Mutated","WT","WT","WT","Mutated","WT","WT","WT","WT","WT","WT","WT","WT","WT","WT","WT","WT","WT","WT","WT","WT","WT","NOTCH2,PIK3CA,FBXW7,CDKN2A,TP53",null,2012,59,"Female","Former","Cigarettes",20,29,29,"Current",3,42,126,"Edendate ","C02.1 border of tongue","Mobile tongue","Right","T3","N2c","Stage IVA","Stage III-IV","Bilateral","2;3;5;6                                                                                                                                                                                                                                                        ","2                                                                                                                                                                                                                                                              ","No","Surgery + RT","Surgery + RT","Curative","IMRT","Postoperative","Complete response",4.5,null,"Lamina propria","Non-cohesive","Yes","Yes","Poorly differentiated","T3","T3","pT_stage","N2b","N2b","pN_stage","Mx","Stage IVA","Stage IVA","Stage III-IV","pDisease",4,null,"No","Involved (<1 mm)","0       ","Dead",25,1,25]
["1152","Yes",16,2,"CNA_quiet_candidate","Yes",0.27,0.555,37,23,"CNA_other","Yes",0.32,3.85,0.565,23,0.999,3,0.998,"CNA_other",null,"CNA_other",0.565,0.32,23,"Mutated","WT","WT","WT","Mutated","WT","WT","WT","WT","WT","WT","WT","WT","WT","WT","WT","WT","WT","WT","WT","WT","WT","WT","WT","WT","WT","WT","WT","WT","CDKN2A,TP53",null,2010,56,"Female","Current","Cigarettes",25,40,50,"Current",4,38,152,null,"C02.1 border of tongue","Mobile tongue","Right","T3","N2b","Stage IVA","Stage III-IV","Ipsilateral","2;3                                                                                                                                                                                                                                                            ","                                                                                                                                                                                                                                                               ","No","Surgery + RT","Surgery + RT","Curative","IMRT","Postoperative","Complete response",2.5,null,"Muscle","Non-cohesive","No","Yes","Moderately differentiated","T2","T2","pT_stage","N3b","N3b","pN_stage","Mx","Stage IVB","Stage IVB","Stage III-IV","pDisease",5,null,"Yes","Involved (<1 mm)","0,4     ","Alive",108,0,60]
["1153","Yes",12,0,"CNA_quiet_candidate","Yes",1,0,22,0,"CNA_quiet_candidate","Yes",0.4,2,0,0,1,8,0.998,"CNA_quiet",null,"CNA_quiet",0,0.4,0,"WT","Mutated","Mutated","WT","WT","Mutated","WT","Mutated","WT","Mutated","WT","WT","WT","WT","WT","Mutated","Mutated","WT","WT","WT","WT","Mutated","WT","WT","WT","WT","WT","WT","WT","CASP8,FBXW7,TERT,NOTCH1,HRAS,AJUBA,ASXL1,KDM6A",null,2014,95,"Female","Never","n.a.",0,0,0,"Never",0,0,0,"Edendate ","C03.1 lower gum","Vestibule of the mouth ","Left","T4a","N0","Stage IVA","Stage III-IV","n.a.","                                                                                                                                                                                                                                                               ","                                                                                                                                                                                                                                                               ","No","Surgery","Surgery","Curative","None","n.a.","Complete response",2.5,null,"Bone","Cohesive","No","No","Moderately differentiated","T4a","T4a","pT_stage","n.a. (no neck dissection)","N0","cN_stage","Mx","Stage IVA","Stage IVA","Stage III-IV","pDisease",null,null,"n.a. (no neck dissection)","Involved (<1 mm)","0       ","Alive",24,0,24]
["1154","Yes",27,7,"CNA_other","No",{"$nulls":15},"CNA_other",{"$nulls":34},2014,67,"Male","Current","Cigarettes",10,50,25,"Current",3,50,150,"Edendate ","C04.0 anterior floor of mouth","Floor of mouth","Midline","T2","N2c","Stage IVA","Stage III-IV","Bilateral","1                                                                                                                                                                                                                                                              ","3                                                                                                                                                                                                                                                              ","No","Surgery + RT","Surgery + RT","Curative","IMRT","Postoperative","Complete response",3.2,1.6,"Lamina propria","Non-cohesive","Unknown","Yes","Poorly differentiated","T3","T3","pT_stage","N2c","N2c","pN_stage","Mx","Stage IVA","Stage IVA","Stage III-IV","pDisease",3,3,"No","Clear (>5 mm)","6       ","Alive",60,0,60]
["1155","Yes",14,2,"CNA_quiet_candidate","Yes",0.37,0.341,38,19,"CNA_other","Yes",0.37,1.99,0.343,19,0.998,1,0.999,"CNA_other",null,"CNA_other",0.343,0.37,19,"Mutated","WT","WT","WT","WT","WT","WT","WT","WT","WT","WT","WT","WT","WT","WT","WT","WT","WT","WT","WT","WT","WT","WT","WT","WT","WT","WT","WT","WT","TP53",null,2011,63,"Male","Current","Cigarettes",25,45,56,"Current",1,45,45,"Dentate","C04.0 anterior floor of mouth","Floor of mouth","Right","T2","N2b","Stage IVA","Stage III-IV","Ipsilateral","1;2;3                                                                                                                                                                                                                                                          ","                                                                                                                                                                                                                                                               ","No","Surgery + RT","Surgery + RT","Curative","IMRT","Postoperative","Complete response",3.5,null,"Lamina propria","Non-cohesive","No","Yes","Poorly differentiated","T2","T2","pT_stage","N3b","N3b","pN_stage","Mx","Stage IVB","Stage IVB","Stage III-IV","pDisease",3,0,"Yes","Close (1-5 mm)","1       ","Dead",54,1,54]
["1156","Yes",16,3,"CNA_other","No",{"$nulls":15},"CNA_other",{"$nulls":34},2008,51,"Male","Current","Cigarettes",25,33,41,"Current",7.571428571428571,33,264,"Dentate","C04.0 anterior floor of mouth","Floor of mouth","Right","T2","N1","Stage III","Stage III-IV","Ipsilateral","1                                                                                                                                                                                                                                                              ","                                                                                                                                                                                                                                                               ","No","Surgery + RT","Surgery + RT","Curative","IMRT","Postoperative","Complete response",2.8,null,"Lamina propria","Non-cohesive","No","Yes","Well differentiated","T2","T2","pT_stage","N0","N0","pN_stage","Mx","Stage II","Stage II","Stage I-II","pDisease",0,0,"No","Clear (>5 mm)","6       ","Dead",74,0,60]
["1157","Yes",0,0,"CNA_quiet_candidate","Yes",0.08,0.259,25,6,"CNA_other",{"$nulls":10},"CNA_other",0.259,0.08,6,{"$nulls":31},2011,64,"Male","Current","Cigars/pipe",1,46,2,"Current",3,46,138,"Edendate ","C03.1 lower gum","Vestibule of the mouth ","Right","T4a","N1","Stage IVA","Stage III-IV","Ipsilateral","1                                                                                                                                                                                                                                                              ","                                                                                                                                                                                                                                                               ","No","Surgery + RT","Surgery + RT","Curative","IMRT","Postoperative","Complete response",2.4,null,"Lamina propria","Cohesive","No","No","Well differentiated","T4a","T4a","pT_stage","N3b","N3b","pN_stage","Mx","Stage IVB","Stage IVB","Stage III-IV","pDisease",3,null,"Yes","Close (1-5 mm)","1,8     ","Dead",12,1,12]
["1159","Yes",18,4,"CNA_other","No",{"$nulls":15},"CNA_other",{"$nulls":34},2011,46,"Male","Current","Cigarettes",25,33,41,"Current",4,28,260,"Dentate","C02.1 border of tongue","Mobile tongue","Right","T2","N0","Stage II","Stage I-II","n.a.","                                                                                                                                                                                                                                                               ","                                                                                                                                                                                                                                                               ","No","Surgery","Surgery","Curative","None","n.a.","Complete response",2.5,1.7,"Lamina propria","Cohesive","Yes","No","Well differentiated","T3","T3","pT_stage","N1","N1","pN_stage","Mx","Stage III","Stage III","Stage III-IV","pDisease",1,null,"No","Clear (>5 mm)","5       ","Alive",88,0,60]
["1160","Yes",2,0,"CNA_quiet_candidate","Yes",0.27,0.217,34,12,"CNA_other",{"$nulls":10},"CNA_other",0.217,0.27,12,{"$nulls":31},2008,53,"Female","Current","Cigarettes",40,36,72,"Current",5,36,180,null,"C04.0 anterior floor of mouth","Floor of mouth","Left","T1","N0","Stage I","Stage I-II","n.a.","                                                                                                                                                                                                                                                               ","                                                                                                                                                                                                                                                               ","No","Surgery","Surgery","Curative","None","n.a.","Complete response",0.7,null,"Lamina propria","Cohesive","No","No","Moderately differentiated","T1","T1","pT_stage","N0","N0","pN_stage","Mx","Stage I","Stage I","Stage I-II","pDisease",0,0,"No","Unknown (not assessable)","        ","Dead",116,0,60]
["1163","Yes",13,2,"CNA_quiet_candidate","Yes",0.51,0.551,58,36,"CNA_other","Yes",0.51,3.03,0.555,35,1,5,1,"CNA_other",null,"CNA_other",0.555,0.51,36,"Mutated","WT","WT","WT","Mutated","Mutated","WT","WT","WT","Mutated","WT","WT","WT","WT","WT","WT","Mutated","WT","WT","WT","WT","WT","WT","WT","WT","WT","WT","WT","WT","TERT,CDKN2A,NOTCH1,AJUBA,TP53",null,2011,72,"Male","Former","Cigarettes",20,25,25,"Current",1,55,55,"Dentate","C02.1 border of tongue","Mobile tongue","Right","T2","N0","Stage II","Stage I-II","n.a.","                                                                                                                                                                                                                                                               ","                                                                                                                                                                                                                                                               ","No","Surgery","Surgery","Curative","None","n.a.","Complete response",2.7,null,"Lamina propria","Cohesive","No","No","Moderately differentiated","T2","T2","pT_stage","N0","N0","pN_stage","Mx","Stage II","Stage II","Stage I-II","pDisease",0,null,"No","Involved (<1 mm)","0,9     ","Alive",102,0,60]
["1164","Yes",14,3,"CNA_other","No",{"$nulls":15},"CNA_other",{"$nulls":34},2011,66,"Female","Current","Cigarettes",20,51,51,"Never",0,0,0,"Edendate ","C04.0 anterior floor of mouth","Floor of mouth","Left","T2","N0","Stage II","Stage I-II","n.a.","                                                                                                                                                                                                                                                               ","                                                                                                                                                                                                                                                               ","No","Surgery + RT","Surgery + RT","Curative","IMRT","Postoperative","Complete response",1.5,null,"Lamina propria","Non-cohesive","No","No","Moderately differentiated","T1","T1","pT_stage","N0","N0","pN_stage","Mx","Stage I","Stage I","Stage I-II","pDisease",null,0,"No","Involved (<1 mm)","0       ","Dead",91,0,60]
["1165","Yes",1,0,"CNA_quiet_candidate","Yes",0.56,0.082,23,3,"CNA_quiet_candidate","Yes",0.56,2,0.088,3,1,5,0.999,"CNA_quiet",null,"CNA_quiet",0.088,0.56,3,"Mutated","WT","WT","Mutated","WT","Mutated","Mutated","WT","WT","WT","WT","WT","WT","WT","WT","WT","WT","WT","WT","WT","WT","WT","WT","WT","WT","Mutated","WT","WT","WT","PIK3CA,TERT,NSD1,RAC1,TP53",null,2013,75,"Male","Former","Cigarettes",20,37,37,"Current",5,57,285,"Dentate","C02.1 border of tongue","Mobile tongue","Right","T2","N0","Stage II","Stage I-II","n.a.","                                                                                                                                                                                                                                                               ","                                                                                                                                                                                                                                                               ","No","Surgery","Surgery","Curative","None","n.a.","Complete response",2.5,0.9,"Lamina propria","Cohesive","No","No","Moderately differentiated","T2","T2","pT_stage","N0","N0","pN_stage","Mx","Stage II","Stage II","Stage I-II","pDisease",0,null,"No","Close (1-5 mm)","4       ","Dead",21,1,21]
["1166","Yes",8,3,"CNA_other","No",{"$nulls":15},"CNA_other",{"$nulls":34},2012,42,"Female","Current","Cigarettes",25,20,25,"Current",1,25,25,"Dentate","C02.1 border of tongue","Mobile tongue","Right","T1","N0","Stage I","Stage I-II","n.a.","                                                                                                                                                                                                                                                               ","                                                                                                                                                                                                                                                               ","No","Surgery","Surgery","Curative","None","n.a.","Partial response",0.6,null,"Muscle","Non-cohesive","No","No","Well differentiated","T1","T1","pT_stage","n.a. (no neck dissection)","N0","cN_stage","Mx","Stage I","Stage I","Stage I-II","pDisease",null,null,"n.a. (no neck dissection)","Clear (>5 mm)","        ","Alive",17,0,17]
["1167","Yes",3,0,"CNA_quiet_candidate","Yes",0.05,0.069,31,4,"Exclude",{"$nulls":10},"Exclude",0.069,0.05,4,{"$nulls":31},2010,69,"Male","Former","Cigarettes",10,40,20,"Current",0.2857142857142857,51,15,"Edendate ","C02.1 border of tongue","Mobile tongue","Left","T1","N0","Stage I","Stage I-II","n.a.","                                                                                                                                                                                                                                                               ","                                                                                                                                                                                                                                                               ","No","Surgery","Surgery","Curative","None","n.a.","Complete response",null,0.1,"Lamina propria","Non-cohesive","No","No","Poorly differentiated","T1","T1","pT_stage","n.a. (no neck dissection)","N0","cN_stage","Mx","Stage I","Stage I","Stage I-II","pDisease",null,null,"n.a. (no neck dissection)","Unknown (not assessable)","        ","Alive",108,0,60]
["1168","Yes",27,8,"CNA_other","No",{"$nulls":15},"CNA_other",{"$nulls":34},2012,59,"Male","Current","Cigarettes",30,45,68,"Current",10,45,450,"Dentate","C02.1 border of tongue","Mobile tongue","Right","T2","N0","Stage II","Stage I-II","n.a.","                                                                                                                                                                                                                                                               ","                                                                                                                                                                                                                                                               ","No","Surgery + RT","Surgery + RT","Curative","IMRT","Postoperative","Complete response",2,1.2,"Lamina propria","Non-cohesive","No","Yes","Moderately differentiated","T3","T3","pT_stage","N0","N0","pN_stage","Mx","Stage III","Stage III","Stage III-IV","pDisease",0,null,"No","Close (1-5 mm)","1       ","Alive",84,0,60]
["1169","Yes",17,4,"CNA_other","No",{"$nulls":15},"CNA_other",{"$nulls":34},2012,42,"Male","Former","Cigarettes",3,25,4,"Current",4,25,100,"Dentate","C03.0 upper gum","Vestibule of the mouth ","Right","T4a","N0","Stage IVA","Stage III-IV","n.a.","                                                                                                                                                                                                                                                               ","                                                                                                                                                                                                                                                               ","No","Surgery + RT","Surgery + RT","Curative","IMRT","Postoperative","Complete response",2.5,1.1,"Bone","Cohesive","No","No","Moderately differentiated","T4a","T4a","pT_stage","n.a. (no neck dissection)","N0","cN_stage","Mx","Stage IVA","Stage IVA","Stage III-IV","pDisease",null,null,"n.a. (no neck dissection)","Involved (<1 mm)","0       ","Dead",29,1,29]
["1171","Yes",4,1,"CNA_quiet_candidate","Yes",0.09,0.385,37,16,"CNA_other",{"$nulls":10},"CNA_other",0.385,0.09,16,{"$nulls":31},2009,48,"Male","Never","n.a.",0,0,0,"Current",0.29,31,9,"Dentate","C02.1 border of tongue","Mobile tongue","Left","T2","N0","Stage II","Stage I-II","n.a.","                                                                                                                                                                                                                                                               ","                                                                                                                                                                                                                                                               ","No","Surgery + RT","Surgery + RT","Curative","IMRT","Postoperative","Partial response",1.9,null,"Muscle","Non-cohesive","Yes","Yes","Moderately differentiated","T1","T1","pT_stage","N0","N0","pN_stage","Mx","Stage I","Stage I","Stage I-II","pDisease",null,0,"No","Clear (>5 mm)","9       ","Dead",13,1,13]
["1172","Yes",27,7,"CNA_other","No",{"$nulls":15},"CNA_other",{"$nulls":34},2013,75,"Male","Former","Cigarettes",20,18,18,"Current",3,58,174,"Dentate","C03.0 upper gum","Vestibule of the mouth ","Right","T4a","N0","Stage IVA","Stage III-IV","n.a.","                                                                                                                                                                                                                                                               ","                                                                                                                                                                                                                                                               ","No","Surgery + RT","Surgery + RT","Curative","IMRT","Postoperative","Partial response",3.5,1.1,"Bone","Non-cohesive","No","No","Poorly differentiated","T4a","T4a","pT_stage","n.a. (no neck dissection)","N0","cN_stage","Mx","Stage IVA","Stage IVA","Stage III-IV","pDisease",null,null,"n.a. (no neck dissection)","Involved (<1 mm)","0,15    ","Dead",8,1,8]
["1173","Yes",14,4,"CNA_other","No",{"$nulls":15},"CNA_other",{"$nulls":34},2013,40,"Male","Current","Cigarettes",15,22,17,"Current",12,22,264,"Dentate","C02.1 border of tongue","Mobile tongue","Right","T2","N0","Stage II","Stage I-II","n.a.","                                                                                                                                                                                                                                                               ","                                                                                                                                                                                                                                                               ","No","Surgery + RT","Surgery + RT","Curative","IMRT","Postoperative","Complete response",3.5,1.7,"Lamina propria","Non-cohesive","No","No","Moderately differentiated","T3","T3","pT_stage","N1","N1","pN_stage","Mx","Stage III","Stage III","Stage III-IV","pDisease",1,null,"No","Involved (<1 mm)","0       ","Alive",77,0,60]
["1174","Yes",3,0,"CNA_quiet_candidate","Yes",0.13,0.547,39,23,"CNA_other",{"$nulls":10},"CNA_other",0.547,0.13,23,{"$nulls":31},2011,64,"Male","Current","Cigarettes",24,52,62,"Current",12,45,540,"Dentate","C03.0 upper gum","Vestibule of the mouth ","Left","T4a","N0","Stage IVA","Stage III-IV","n.a.","                                                                                                                                                                                                                                                               ","                                                                                                                                                                                                                                                               ","No","None","None","Palliative","None","n.a.","Complete response",null,null,"Unknown","Unknown","Unknown","Unknown","Moderately differentiated","n.a. (no surgery)","T4a","cT_stage","n.a. (no neck dissection)","N0","cN_stage","77",77,"Stage IVA","Stage III-IV","cDisease",null,null,"n.a. (no neck dissection)","n.a. (no surgery)","        ","Dead",10,1,10]
["1176","Yes",10,2,"CNA_quiet_candidate","Yes",0.11,0.446,44,22,"CNA_other",{"$nulls":10},"CNA_other",0.446,0.11,22,{"$nulls":31},2013,24,"Male","Never","n.a.",0,0,0,"Never",0,0,0,"Dentate","C02.1 border of tongue","Mobile tongue","Left","T2","N0","Stage II","Stage I-II","n.a.","                                                                                                                                                                                                                                                               ","                                                                                                                                                                                                                                                               ","No","Surgery + RT","Surgery + RT","Curative","IMRT","Postoperative","Complete response",0.9,null,"Lamina propria","Non-cohesive","Yes","Yes","Moderately differentiated","T1","T1","pT_stage","N0","N0","pN_stage","Mx","Stage I","Stage I","Stage I-II","pDisease",null,0,"No","Close (1-5 mm)","4       ","Alive",68,0,60]
["1177","Yes",22,4,"CNA_other","No",{"$nulls":15},"CNA_other",{"$nulls":34},2013,62,"Female","Current","Cigarettes",18,48,43,"Current",0.2857142857142857,45,13,"Dentate","C04.0 anterior floor of mouth","Floor of mouth","Left","T1","N0","Stage I","Stage I-II","n.a.","                                                                                                                                                                                                                                                               ","                                                                                                                                                                                                                                                               ","No","Radiotherapy","Radiotherapy","Curative","IMRT","Definitive","Complete response",null,0.3,"Unknown","Unknown","No","No","Moderately differentiated","n.a. (no surgery)","T1","cT_stage","n.a. (no neck dissection)","N0","cN_stage","77",77,"Stage I","Stage I-II","cDisease",null,null,"n.a. (no neck dissection)","n.a. (no surgery)","        ","Dead",30,1,30]
["1178","Yes",25,6,"CNA_other","No",{"$nulls":15},"CNA_other",{"$nulls":34},2014,69,"Female","Current","Cigarettes",15,20,15,"Current",2,52,104,"Edendate ","C04.0 anterior floor of mouth","Floor of mouth","Midline","T4a","N0","Stage IVA","Stage III-IV","n.a.","                                                                                                                                                                                                                                                               ","                                                                                                                                                                                                                                                               ","No","Surgery","Surgery","Curative","None","n.a.","Complete response",2.1,null,"Lamina propria","Non-cohesive","No","No","Moderately differentiated","T2","T2","pT_stage","N0","N0","pN_stage","Mx","Stage II","Stage II","Stage I-II","pDisease",0,0,"No","Involved (<1 mm)","0,1     ","Alive",66,0,60]
["1179","Yes",7,2,"CNA_quiet_candidate","Yes",0.26,0.379,33,13,"CNA_other","Yes",0.6,2.01,0.396,13,1,8,1,"CNA_other",null,"CNA_other",0.396,0.6,13,"Mutated","Mutated","WT","Mutated","Mutated","Mutated","WT","WT","WT","WT","WT","WT","Mutated","WT","WT","WT","WT","WT","WT","WT","WT","WT","WT","WT","Mutated","WT","WT","WT","WT","NFE2L2,CASP8,PIK3CA,FAT1,TERT,CDKN2A,TP53",null,2014,82,"Female","Former","Cigarettes",5,19,5,"Never",0,0,0,"Dentate","C06.0 cheek mucosa","Cheek mucosa","Left","T1","N1","Stage III","Stage III-IV","Ipsilateral","                                                                                                                                                                                                                                                               ","1                                                                                                                                                                                                                                                              ","No","Surgery + RT","Surgery + RT","Curative","IMRT","Postoperative","Complete response",1.6,0.7,"Muscle","Non-cohesive","No","No","Poorly differentiated","T2","T2","pT_stage","N2b","N2b","pN_stage","Mx","Stage IVA","Stage IVA","Stage III-IV","pDisease",null,2,"No","Involved (<1 mm)","0       ","Dead",12,1,12]
["1180","Yes",8,1,"CNA_quiet_candidate","Yes",0.08,0.389,30,12,"CNA_other",{"$nulls":10},"CNA_other",0.389,0.08,12,{"$nulls":31},2014,64,"Female","Current","Cigarettes",10,47,24,"Former",{"$nulls":3},"Edendate ","C02.1 border of tongue","Mobile tongue","Left","T2","N0","Stage II","Stage I-II","n.a.","                                                                                                                                                                                                                                                               ","                                                                                                                                                                                                                                                               ","No","Surgery + RT","Surgery + RT","Curative","IMRT","Postoperative","Complete response",2,1,"Lamina propria","Non-cohesive","No","Yes","Poorly differentiated","T2","T2","pT_stage","N3b","N3b","pN_stage","Mx","Stage IVB","Stage IVB","Stage III-IV","pDisease",null,2,"Yes","Close (1-5 mm)","3       ","Dead",20,1,20]
["1181","Yes",0,0,"CNA_quiet_candidate","Yes",1,0,22,0,"CNA_quiet_candidate","Yes",1,2.01,0,0,1,0,0.999,"Exclude","No_evidence_of_tumor","Exclude",0,1,0,{"$nulls":31},2009,63,"Female","Current","Cigarettes",20,54,54,"Current",4,46,184,"Edendate ","C03.1 lower gum","Vestibule of the mouth ","Midline","T4a","N0","Stage IVA","Stage III-IV","n.a.","                                                                                                                                                                                                                                                               ","                                                                                                                                                                                                                                                               ","No","Surgery","Surgery","Curative","None","n.a.","Complete response",4.2,null,"Bone","Cohesive","No","No","Well differentiated","T4a","T4a","pT_stage","N0","N0","pN_stage","Mx","Stage IVA","Stage IVA","Stage III-IV","pDisease",0,0,"No","Clear (>5 mm)","6       ","Dead",89,0,60]
["1183","Yes",21,6,"CNA_other","No",{"$nulls":15},"CNA_other",{"$nulls":34},2014,50,"Female","Never","n.a.",0,0,0,"Current",3,32,96,"Dentate","C02.1 border of tongue","Mobile tongue","Left","T1","N0","Stage I","Stage I-II","n.a.","                                                                                                                                                                                                                                                               ","                                                                                                                                                                                                                                                               ","No","Surgery","Surgery","Curative","None","n.a.","Complete response",0.9,0.18,"Lamina propria","Cohesive","No","No","Moderately differentiated","T1","T1","pT_stage","n.a. (no neck dissection)","N0","cN_stage","Mx","Stage I","Stage I","Stage I-II","pDisease",null,null,"n.a. (no neck dissection)","Close (1-5 mm)","3       ","Alive",50,0,50]
["1184","Yes",17,3,"CNA_other","No",{"$nulls":15},"CNA_other",{"$nulls":34},2014,63,"Male","Current","Cigarettes",20,50,50,"Former",6,45,270,"Edendate ","C03.1 lower gum","Vestibule of the mouth ","Left","T2","N0","Stage II","Stage I-II","n.a.","                                                                                                                                                                                                                                                               ","                                                                                                                                                                                                                                                               ","No","Surgery","Surgery","Curative","None","n.a.","Complete response",3,0.7,"Lamina propria","Cohesive","No","No","Moderately differentiated","T2","T2","pT_stage","N0","N0","pN_stage","Mx","Stage II","Stage II","Stage I-II","pDisease",null,0,"No","Clear (>5 mm)","5,5     ","Alive",62,0,60]
["1185","Yes",10,3,"Unclear","Yes",0.47,1E-3,23,1,"CNA_quiet_candidate","Yes",0.36,2,1E-3,1,1,9,0.999,"CNA_quiet",null,"CNA_quiet",1E-3,0.36,1,"Mutated","WT","WT","Mutated","Mutated","Mutated","Mutated","WT","WT","Mutated","WT","WT","Mutated","WT","WT","WT","WT","WT","WT","WT","WT","WT","WT","Mutated","WT","WT","WT","WT","WT","PIK3CA,FAT1,TERT,RAC1,CDKN2A,NOTCH1,KRAS,TP53",null,2008,83,"Male","Former","Cigarettes",20,30,30,"Never",0.2857142857142857,0,0,"Edendate ","C02.1 border of tongue","Mobile tongue","Right","T2","N0","Stage II","Stage I-II","n.a.","                                                                                                                                                                                                                                                               ","                                                                                                                                                                                                                                                               ","No","Surgery","Surgery","Curative","None","n.a.","Complete response",1.5,0.5,"Lamina propria","Cohesive","No","No","Well differentiated","T1","T1","pT_stage","N0","N0","pN_stage","M0","Stage I","Stage I","Stage I-II","pDisease",0,null,"No","Clear (>5 mm)","5       ","Alive",75,0,60]
["1186","Yes",14,2,"CNA_quiet_candidate","Yes",0.3,0.204,25,7,"CNA_other",{"$nulls":10},"CNA_other",0.204,0.3,7,{"$nulls":31},2011,54,"Female","Current","Cigarettes",20,37,37,"Current",2,37,74,"Dentate","C04.0 anterior floor of mouth","Floor of mouth","Midline","T1","N0","Stage I","Stage I-II","n.a.","                                                                                                                                                                                                                                                               ","                                                                                                                                                                                                                                                               ","No","Surgery","Surgery","Curative","None","n.a.","Complete response",1.2,0.25,"Lamina propria","Unknown","No","No","Moderately differentiated","T1","T1","pT_stage","n.a. (no neck dissection)","N0","cN_stage","Mx","Stage I","Stage I","Stage I-II","pDisease",null,null,"n.a. (no neck dissection)","Clear (>5 mm)","6       ","Alive",45,0,45]
["1187","Yes",0,0,"CNA_quiet_candidate","Yes",0.55,0,24,0,"CNA_quiet_candidate","Yes",0.5,2,{"$nulls":3},3,0.998,"CNA_quiet",null,"CNA_quiet",0,0.5,0,"WT","WT","WT","WT","Mutated","Mutated","WT","WT","WT","Mutated","WT","WT","WT","WT","WT","WT","WT","WT","WT","WT","WT","WT","WT","WT","WT","WT","WT","WT","WT","TERT,CDKN2A,NOTCH1",null,2008,72,"Female","Former","Cigarettes",20,15,15,"Never",0,0,0,"Edendate ","C03.1 lower gum","Vestibule of the mouth ","Left","T2","N1","Stage III","Stage III-IV","Ipsilateral","                                                                                                                                                                                                                                                               ","2                                                                                                                                                                                                                                                              ","No","Surgery","Surgery","Curative","None","n.a.","Partial response",4.5,null,"Lamina propria","Unknown","No","Yes","Well differentiated","T3","T3","pT_stage","N2b","N2b","pN_stage","Mx","Stage IVA","Stage IVA","Stage III-IV","pDisease",null,5,"No","Involved (<1 mm)","0,5     ","Dead",15,1,15]
["1188","Yes",0,0,"CNA_quiet_candidate","Yes",1,0,24,0,"CNA_quiet_candidate","Yes",1,2,0,0,1,0,1,"Exclude","No_evidence_of_tumor","Exclude",0,1,0,{"$nulls":31},2013,43,"Male","Current","Cigarettes",15,24,18,"Never",0,0,0,"Dentate","C04.0 anterior floor of mouth","Floor of mouth","Right","T1","N0","Stage I","Stage I-II","n.a.","                                                                                                                                                                                                                                                               ","                                                                                                                                                                                                                                                               ","No","Surgery + RT","Surgery + RT","Curative","IMRT","Postoperative","Complete response",1.2,0.9,"Muscle","Non-cohesive","Yes","No","Poorly differentiated","T2","T2","pT_stage","N1","N1","pN_stage","Mx","Stage III","Stage III","Stage III-IV","pDisease",1,null,"No","Close (1-5 mm)","1,5     ","Dead",32,1,32,"Non-cohesive"]
["1189","Yes",10,3,"CNA_other","No",{"$nulls":15},"CNA_other",{"$nulls":34},2009,56,"Male","Former","Cigarettes",20,40,40,"Current",6,38,228,"Dentate","C02.1 border of tongue","Mobile tongue","Left","T1","N0","Stage I","Stage I-II","n.a.","                                                                                                                                                                                                                                                               ","                                                                                                                                                                                                                                                               ","No","Surgery","Surgery","Curative","None","n.a.","Complete response",1,0.3,"Submucosa","Cohesive","No","No","Well differentiated","T1","T1","pT_stage","n.a. (no neck dissection)","N0","cN_stage","Mx","Stage I","Stage I","Stage I-II","pDisease",null,null,"n.a. (no neck dissection)","Close (1-5 mm)","2       ","Dead",89,0,60,"Cohesive"]
["1190","Yes",22,5,"CNA_other","No",{"$nulls":15},"CNA_other",{"$nulls":34},2011,46,"Male","Current","Cigarettes",20,16,16,"Current",10,29,290,"Dentate","C04.0 anterior floor of mouth","Floor of mouth","Midline","T4a","N0","Stage IVA","Stage III-IV","n.a.","                                                                                                                                                                                                                                                               ","                                                                                                                                                                                                                                                               ","No","Surgery + RT","Surgery + RT","Curative","IMRT","Postoperative","Complete response",5,3,"Muscle","Non-cohesive","No","No","Moderately differentiated","T3","T3","pT_stage","N0","N0","pN_stage","Mx","Stage III","Stage III","Stage III-IV","pDisease",0,0,"No","Clear (>5 mm)","8       ","Alive",94,0,60,"Non-cohesive"]
["1191","Yes",11,2,"CNA_quiet_candidate","Yes",1,0,24,0,"CNA_quiet_candidate","Yes",1,2,0,0,1,1,0.999,"Exclude","No_evidence_of_tumor","Exclude",0,1,0,{"$nulls":31},2011,64,"Female","Current","Cigarettes",10,46,23,"Current",1,46,1,"Dentate","C04.0 anterior floor of mouth","Floor of mouth","Left","T1","N0","Stage I","Stage I-II","n.a.","                                                                                                                                                                                                                                                               ","                                                                                                                                                                                                                                                               ","No","Surgery","Surgery","Curative","None","n.a.","Complete response",null,null,"Lamina propria","Unknown","Unknown","Unknown","Unknown","T1","T1","pT_stage","n.a. (no neck dissection)","N0","cN_stage","Mx","Stage I","Stage I","Stage I-II","pDisease",null,null,"n.a. (no neck dissection)","Clear (>5 mm)","        ","Alive",86,0,60]
["1194","Yes",21,2,"CNA_quiet_candidate","Yes",0.12,0.302,32,13,"CNA_other",{"$nulls":10},"CNA_other",0.302,0.12,13,{"$nulls":31},2014,50,"Female","Former","Cigarettes",10,28,14,"Former",1,32,32,"Edendate ","C04.0 anterior floor of mouth","Floor of mouth","Midline","T4a","N0","Stage IVA","Stage III-IV","n.a.","                                                                                                                                                                                                                                                               ","                                                                                                                                                                                                                                                               ","No","Surgery","Surgery","Curative","None","n.a.","Complete response",1.4,null,"Bone","Non-cohesive","No","Yes","Poorly differentiated","T4a","T4a","pT_stage","N0","N0","pN_stage","Mx","Stage IVA","Stage IVA","Stage III-IV","pDisease",null,0,"No","Close (1-5 mm)","1       ","Alive",61,0,60,"Non-cohesive"]